{"text_format":"3","workbook":"xlsx","n_sheets":2,"sheets":["Info","Data"],"read":"whole","date_system":"1900"}

{"sheet":"Info","index":0,"n_rows":42,"n_cols":2,"rows_kept":42}
["Информация о файле"]
[]
["Часть","1 из 1"]
["Строк в этой части","36,959"]
["Всего строк","36,959"]
["Столбцов","31"]
["Создано","2025-12-17 15:23:52"]
["Размер исходного файла","0.29 MB"]
[]
["Структура данных"]
["Название столбца","Тип данных"]
["KEY","BYTE_ARRAY"]
["FREQ","BYTE_ARRAY"]
["REF_AREA","BYTE_ARRAY"]
["COUNT_AREA","BYTE_ARRAY"]
["RL_TRNSCTN","INT64"]
["INTTN_CHNNL","BYTE_ARRAY"]
["PYMNT_SCHM","BYTE_ARRAY"]
["CHNNL_CNSNT","BYTE_ARRAY"]
["FRD_TYP","BYTE_ARRAY"]
["TRANSFORMATION","BYTE_ARRAY"]
["UNIT_MEASURE","BYTE_ARRAY"]
["TIME_PERIOD","BYTE_ARRAY"]
["OBS_VALUE","DOUBLE"]
["OBS_STATUS","BYTE_ARRAY"]
["CONF_STATUS","BOOLEAN"]
["PRE_BREAK_VALUE","BYTE_ARRAY"]
["COMMENT_OBS","BYTE_ARRAY"]
["TIME_FORMAT","BYTE_ARRAY"]
["BREAKS","BYTE_ARRAY"]
["COMMENT_TS","BYTE_ARRAY"]
["COMPILING_ORG","BYTE_ARRAY"]
["DISS_ORG","BYTE_ARRAY"]
["TIME_PER_COLLECT","BYTE_ARRAY"]
["COVERAGE","BYTE_ARRAY"]
["DATA_COMP","BYTE_ARRAY"]
["DECIMALS","INT64"]
["METHOD_REF","BYTE_ARRAY"]
["TITLE","BYTE_ARRAY"]
["TITLE_COMPL","BYTE_ARRAY"]
["UNIT","BYTE_ARRAY"]
["UNIT_MULT","INT64"]

{"sheet":"Data","index":1,"n_rows":36960,"n_cols":31,"rows_kept":2250,"cut":true,"bounds":{"rows_first":1000,"rows_last":250,"rows_between":1000,"halvings":1}}
["KEY","FREQ","REF_AREA","COUNT_AREA","RL_TRNSCTN","INTTN_CHNNL","PYMNT_SCHM","CHNNL_CNSNT","FRD_TYP","TRANSFORMATION","UNIT_MEASURE","TIME_PERIOD","OBS_VALUE","OBS_STATUS","CONF_STATUS","PRE_BREAK_VALUE","COMMENT_OBS","TIME_FORMAT","BREAKS","COMMENT_TS","COMPILING_ORG","DISS_ORG","TIME_PER_COLLECT","COVERAGE","DATA_COMP","DECIMALS","METHOD_REF","TITLE","TITLE_COMPL","UNIT","UNIT_MULT"]
["PDD.A.AT.BE.1._T.DDS_ALL._T._Z.N.EUR","A","AT","BE",1,"_T","DDS_ALL","_T","_Z","N","EUR","2022",1770.66137281,"A",false,null,null,"P1Y",{"$nulls":4},"S",null,null,3,null,"Value of Direct debits received - from: Austria to: Belgium, All","Value of Direct debits received - from: Austria to: Belgium, All","EUR",6]
["PDD.A.AT.BE.1._T.DDS_ALL._T._Z.N.PN","A","AT","BE",1,"_T","DDS_ALL","_T","_Z","N","PN","2022",0.356012,"A",false,null,null,"P1Y",{"$nulls":4},"S",null,null,3,null,"Number of Direct debits received - from: Austria to: Belgium, All","Number of Direct debits received - from: Austria to: Belgium, All","PN",6]
["PDD.A.AT.BE.2.2100.DDS_ALL._T._Z.N.EUR","A","AT","BE",2,"2100","DDS_ALL","_T","_Z","N","EUR","2022",50.29678155000001,"A",false,null,null,"P1Y",{"$nulls":4},"S",null,null,3,null,"Value of Direct debits initiated in a file/batch, sent - from: Austria to: Belgium, All","Value of Direct debits initiated in a file/batch, sent - from: Austria to: Belgium, All","EUR",6]
["PDD.A.AT.BE.2.2100.DDS_ALL._T._Z.N.PN","A","AT","BE",2,"2100","DDS_ALL","_T","_Z","N","PN","2022",0.04212200000000001,"A",false,null,null,"P1Y",{"$nulls":4},"S",null,null,3,null,"Number of Direct debits initiated in a file/batch, sent - from: Austria to: Belgium, All","Number of Direct debits initiated in a file/batch, sent - from: Austria to: Belgium, All","PN",6]
["PDD.A.AT.BE.2.2200.DDS_ALL._T._Z.N.EUR","A","AT","BE",2,"2200","DDS_ALL","_T","_Z","N","EUR","2022",2.29639928,"A",false,null,null,"P1Y",{"$nulls":4},"S",null,null,3,null,"Value of Direct debits initiated on a single payment basis, sent - from: Austria to: Belgium, All","Value of Direct debits initiated on a single payment basis, sent - from: Austria to: Belgium, All","EUR",6]
["PDD.A.AT.BE.2.2200.DDS_ALL._T._Z.N.PN","A","AT","BE",2,"2200","DDS_ALL","_T","_Z","N","PN","2022",0.000926,"A",false,null,null,"P1Y",{"$nulls":4},"S",null,null,3,null,"Number of Direct debits initiated on a single payment basis, sent - from: Austria to: Belgium, All","Number of Direct debits initiated on a single payment basis, sent - from: Austria to: Belgium, All","PN",6]
["PDD.A.AT.BE.2._T.DDS_ALL._T._Z.N.EUR","A","AT","BE",2,"_T","DDS_ALL","_T","_Z","N","EUR","2014",37.855,"A",false,null,null,"P1Y",{"$nulls":4},"S",null,null,3,null,"Value of Direct debits sent - from: Austria to: Belgium, All","Value of Direct debits sent - from: Austria to: Belgium, All","EUR",6]
["PDD.A.AT.BE.2._T.DDS_ALL._T._Z.N.EUR","A","AT","BE",2,"_T","DDS_ALL","_T","_Z","N","EUR","2015",40.978,"A",false,null,null,"P1Y",{"$nulls":4},"S",null,null,3,null,"Value of Direct debits sent - from: Austria to: Belgium, All","Value of Direct debits sent - from: Austria to: Belgium, All","EUR",6]
["PDD.A.AT.BE.2._T.DDS_ALL._T._Z.N.EUR","A","AT","BE",2,"_T","DDS_ALL","_T","_Z","N","EUR","2016",39.568,"A",false,null,null,"P1Y",{"$nulls":4},"S",null,null,3,null,"Value of Direct debits sent - from: Austria to: Belgium, All","Value of Direct debits sent - from: Austria to: Belgium, All","EUR",6]
["PDD.A.AT.BE.2._T.DDS_ALL._T._Z.N.EUR","A","AT","BE",2,"_T","DDS_ALL","_T","_Z","N","EUR","2017",37.204,"A",false,null,null,"P1Y",{"$nulls":4},"S",null,null,3,null,"Value of Direct debits sent - from: Austria to: Belgium, All","Value of Direct debits sent - from: Austria to: Belgium, All","EUR",6]
["PDD.A.AT.BE.2._T.DDS_ALL._T._Z.N.EUR","A","AT","BE",2,"_T","DDS_ALL","_T","_Z","N","EUR","2018",40.613,"A",false,null,null,"P1Y",{"$nulls":4},"S",null,null,3,null,"Value of Direct debits sent - from: Austria to: Belgium, All","Value of Direct debits sent - from: Austria to: Belgium, All","EUR",6]
["PDD.A.AT.BE.2._T.DDS_ALL._T._Z.N.EUR","A","AT","BE",2,"_T","DDS_ALL","_T","_Z","N","EUR","2019",47.12,"A",false,null,null,"P1Y",{"$nulls":4},"S",null,null,3,null,"Value of Direct debits sent - from: Austria to: Belgium, All","Value of Direct debits sent - from: Austria to: Belgium, All","EUR",6]
["PDD.A.AT.BE.2._T.DDS_ALL._T._Z.N.EUR","A","AT","BE",2,"_T","DDS_ALL","_T","_Z","N","EUR","2020",51.844,"A",false,null,null,"P1Y",{"$nulls":4},"S",null,null,3,null,"Value of Direct debits sent - from: Austria to: Belgium, All","Value of Direct debits sent - from: Austria to: Belgium, All","EUR",6]
["PDD.A.AT.BE.2._T.DDS_ALL._T._Z.N.EUR","A","AT","BE",2,"_T","DDS_ALL","_T","_Z","N","EUR","2021",65.91,"A",false,null,null,"P1Y",{"$nulls":4},"S",null,null,3,null,"Value of Direct debits sent - from: Austria to: Belgium, All","Value of Direct debits sent - from: Austria to: Belgium, All","EUR",6]
["PDD.A.AT.BE.2._T.DDS_ALL._T._Z.N.EUR","A","AT","BE",2,"_T","DDS_ALL","_T","_Z","N","EUR","2022",52.59318083,"A",false,null,null,"P1Y",{"$nulls":4},"S",null,null,3,null,"Value of Direct debits sent - from: Austria to: Belgium, All","Value of Direct debits sent - from: Austria to: Belgium, All","EUR",6]
["PDD.A.AT.BE.2._T.DDS_ALL._T._Z.N.PN","A","AT","BE",2,"_T","DDS_ALL","_T","_Z","N","PN","2014",0.013,"A",false,null,null,"P1Y",{"$nulls":4},"S",null,null,3,null,"Number of Direct debits sent - from: Austria to: Belgium, All","Number of Direct debits sent - from: Austria to: Belgium, All","PN",6]
["PDD.A.AT.BE.2._T.DDS_ALL._T._Z.N.PN","A","AT","BE",2,"_T","DDS_ALL","_T","_Z","N","PN","2015",0.015,"A",false,null,null,"P1Y",{"$nulls":4},"S",null,null,3,null,"Number of Direct debits sent - from: Austria to: Belgium, All","Number of Direct debits sent - from: Austria to: Belgium, All","PN",6]
["PDD.A.AT.BE.2._T.DDS_ALL._T._Z.N.PN","A","AT","BE",2,"_T","DDS_ALL","_T","_Z","N","PN","2016",0.016,"A",false,null,null,"P1Y",{"$nulls":4},"S",null,null,3,null,"Number of Direct debits sent - from: Austria to: Belgium, All","Number of Direct debits sent - from: Austria to: Belgium, All","PN",6]
["PDD.A.AT.BE.2._T.DDS_ALL._T._Z.N.PN","A","AT","BE",2,"_T","DDS_ALL","_T","_Z","N","PN","2017",0.012,"A",false,null,null,"P1Y",{"$nulls":4},"S",null,null,3,null,"Number of Direct debits sent - from: Austria to: Belgium, All","Number of Direct debits sent - from: Austria to: Belgium, All","PN",6]
["PDD.A.AT.BE.2._T.DDS_ALL._T._Z.N.PN","A","AT","BE",2,"_T","DDS_ALL","_T","_Z","N","PN","2018",0.016,"A",false,null,null,"P1Y",{"$nulls":4},"S",null,null,3,null,"Number of Direct debits sent - from: Austria to: Belgium, All","Number of Direct debits sent - from: Austria to: Belgium, All","PN",6]
["PDD.A.AT.BE.2._T.DDS_ALL._T._Z.N.PN","A","AT","BE",2,"_T","DDS_ALL","_T","_Z","N","PN","2019",0.021,"A",false,null,null,"P1Y",{"$nulls":4},"S",null,null,3,null,"Number of Direct debits sent - from: Austria to: Belgium, All","Number of Direct debits sent - from: Austria to: Belgium, All","PN",6]
["PDD.A.AT.BE.2._T.DDS_ALL._T._Z.N.PN","A","AT","BE",2,"_T","DDS_ALL","_T","_Z","N","PN","2020",0.058,"A",false,null,null,"P1Y",{"$nulls":4},"S",null,null,3,null,"Number of Direct debits sent - from: Austria to: Belgium, All","Number of Direct debits sent - from: Austria to: Belgium, All","PN",6]
["PDD.A.AT.BE.2._T.DDS_ALL._T._Z.N.PN","A","AT","BE",2,"_T","DDS_ALL","_T","_Z","N","PN","2021",0.091,"A",false,null,null,"P1Y",{"$nulls":4},"S",null,null,3,null,"Number of Direct debits sent - from: Austria to: Belgium, All","Number of Direct debits sent - from: Austria to: Belgium, All","PN",6]
["PDD.A.AT.BE.2._T.DDS_ALL._T._Z.N.PN","A","AT","BE",2,"_T","DDS_ALL","_T","_Z","N","PN","2022",0.043048,"A",false,null,null,"P1Y",{"$nulls":4},"S",null,null,3,null,"Number of Direct debits sent - from: Austria to: Belgium, All","Number of Direct debits sent - from: Austria to: Belgium, All","PN",6]
["PDD.A.AT.BG.1._T.DDS_ALL._T._Z.N.EUR","A","AT","BG",1,"_T","DDS_ALL","_T","_Z","N","EUR","2022",0.59368765,"A",false,null,null,"P1Y",{"$nulls":4},"S",null,null,3,null,"Value of Direct debits received - from: Austria to: Bulgaria, All","Value of Direct debits received - from: Austria to: Bulgaria, All","EUR",6]
["PDD.A.AT.BG.1._T.DDS_ALL._T._Z.N.PN","A","AT","BG",1,"_T","DDS_ALL","_T","_Z","N","PN","2022",0.005317,"A",false,null,null,"P1Y",{"$nulls":4},"S",null,null,3,null,"Number of Direct debits received - from: Austria to: Bulgaria, All","Number of Direct debits received - from: Austria to: Bulgaria, All","PN",6]
["PDD.A.AT.BG.2.2100.DDS_ALL._T._Z.N.EUR","A","AT","BG",2,"2100","DDS_ALL","_T","_Z","N","EUR","2022",0.69583419,"A",false,null,null,"P1Y",{"$nulls":4},"S",null,null,3,null,"Value of Direct debits initiated in a file/batch, sent - from: Austria to: Bulgaria, All","Value of Direct debits initiated in a file/batch, sent - from: Austria to: Bulgaria, All","EUR",6]
["PDD.A.AT.BG.2.2100.DDS_ALL._T._Z.N.PN","A","AT","BG",2,"2100","DDS_ALL","_T","_Z","N","PN","2022",0.000169,"A",false,null,null,"P1Y",{"$nulls":4},"S",null,null,3,null,"Number of Direct debits initiated in a file/batch, sent - from: Austria to: Bulgaria, All","Number of Direct debits initiated in a file/batch, sent - from: Austria to: Bulgaria, All","PN",6]
["PDD.A.AT.BG.2.2200.DDS_ALL._T._Z.N.EUR","A","AT","BG",2,"2200","DDS_ALL","_T","_Z","N","EUR","2022",null,"Q",false,null,null,"P1Y",{"$nulls":4},"S",null,null,3,null,"Value of Direct debits initiated on a single payment basis, sent - from: Austria to: Bulgaria, All","Value of Direct debits initiated on a single payment basis, sent - from: Austria to: Bulgaria, All","EUR",6]
["PDD.A.AT.BG.2.2200.DDS_ALL._T._Z.N.PN","A","AT","BG",2,"2200","DDS_ALL","_T","_Z","N","PN","2022",null,"Q",false,null,null,"P1Y",{"$nulls":4},"S",null,null,3,null,"Number of Direct debits initiated on a single payment basis, sent - from: Austria to: Bulgaria, All","Number of Direct debits initiated on a single payment basis, sent - from: Austria to: Bulgaria, All","PN",6]
["PDD.A.AT.BG.2._T.DDS_ALL._T._Z.N.EUR","A","AT","BG",2,"_T","DDS_ALL","_T","_Z","N","EUR","2014",0.072,"A",false,null,null,"P1Y",{"$nulls":4},"S",null,null,3,null,"Value of Direct debits sent - from: Austria to: Bulgaria, All","Value of Direct debits sent - from: Austria to: Bulgaria, All","EUR",6]
["PDD.A.AT.BG.2._T.DDS_ALL._T._Z.N.EUR","A","AT","BG",2,"_T","DDS_ALL","_T","_Z","N","EUR","2015",null,"Q",false,null,null,"P1Y",{"$nulls":4},"S",null,null,3,null,"Value of Direct debits sent - from: Austria to: Bulgaria, All","Value of Direct debits sent - from: Austria to: Bulgaria, All","EUR",6]
["PDD.A.AT.BG.2._T.DDS_ALL._T._Z.N.EUR","A","AT","BG",2,"_T","DDS_ALL","_T","_Z","N","EUR","2016",null,"Q",false,null,null,"P1Y",{"$nulls":4},"S",null,null,3,null,"Value of Direct debits sent - from: Austria to: Bulgaria, All","Value of Direct debits sent - from: Austria to: Bulgaria, All","EUR",6]
["PDD.A.AT.BG.2._T.DDS_ALL._T._Z.N.EUR","A","AT","BG",2,"_T","DDS_ALL","_T","_Z","N","EUR","2017",0.02,"A",false,null,null,"P1Y",{"$nulls":4},"S",null,null,3,null,"Value of Direct debits sent - from: Austria to: Bulgaria, All","Value of Direct debits sent - from: Austria to: Bulgaria, All","EUR",6]
["PDD.A.AT.BG.2._T.DDS_ALL._T._Z.N.EUR","A","AT","BG",2,"_T","DDS_ALL","_T","_Z","N","EUR","2018",0.036,"A",false,null,null,"P1Y",{"$nulls":4},"S",null,null,3,null,"Value of Direct debits sent - from: Austria to: Bulgaria, All","Value of Direct debits sent - from: Austria to: Bulgaria, All","EUR",6]
["PDD.A.AT.BG.2._T.DDS_ALL._T._Z.N.EUR","A","AT","BG",2,"_T","DDS_ALL","_T","_Z","N","EUR","2019",0.386,"A",false,null,null,"P1Y",{"$nulls":4},"S",null,null,3,null,"Value of Direct debits sent - from: Austria to: Bulgaria, All","Value of Direct debits sent - from: Austria to: Bulgaria, All","EUR",6]
["PDD.A.AT.BG.2._T.DDS_ALL._T._Z.N.EUR","A","AT","BG",2,"_T","DDS_ALL","_T","_Z","N","EUR","2020",0.546,"A",false,null,null,"P1Y",{"$nulls":4},"S",null,null,3,null,"Value of Direct debits sent - from: Austria to: Bulgaria, All","Value of Direct debits sent - from: Austria to: Bulgaria, All","EUR",6]
["PDD.A.AT.BG.2._T.DDS_ALL._T._Z.N.EUR","A","AT","BG",2,"_T","DDS_ALL","_T","_Z","N","EUR","2021",0.697,"A",false,null,null,"P1Y",{"$nulls":4},"S",null,null,3,null,"Value of Direct debits sent - from: Austria to: Bulgaria, All","Value of Direct debits sent - from: Austria to: Bulgaria, All","EUR",6]
["PDD.A.AT.BG.2._T.DDS_ALL._T._Z.N.EUR","A","AT","BG",2,"_T","DDS_ALL","_T","_Z","N","EUR","2022",0.81298301,"A",false,null,null,"P1Y",{"$nulls":4},"S",null,null,3,null,"Value of Direct debits sent - from: Austria to: Bulgaria, All","Value of Direct debits sent - from: Austria to: Bulgaria, All","EUR",6]
["PDD.A.AT.BG.2._T.DDS_ALL._T._Z.N.PN","A","AT","BG",2,"_T","DDS_ALL","_T","_Z","N","PN","2014",0,"A",false,null,null,"P1Y",{"$nulls":4},"S",null,null,3,null,"Number of Direct debits sent - from: Austria to: Bulgaria, All","Number of Direct debits sent - from: Austria to: Bulgaria, All","PN",6]
["PDD.A.AT.BG.2._T.DDS_ALL._T._Z.N.PN","A","AT","BG",2,"_T","DDS_ALL","_T","_Z","N","PN","2015",null,"Q",false,null,null,"P1Y",{"$nulls":4},"S",null,null,3,null,"Number of Direct debits sent - from: Austria to: Bulgaria, All","Number of Direct debits sent - from: Austria to: Bulgaria, All","PN",6]
["PDD.A.AT.BG.2._T.DDS_ALL._T._Z.N.PN","A","AT","BG",2,"_T","DDS_ALL","_T","_Z","N","PN","2016",null,"Q",false,null,null,"P1Y",{"$nulls":4},"S",null,null,3,null,"Number of Direct debits sent - from: Austria to: Bulgaria, All","Number of Direct debits sent - from: Austria to: Bulgaria, All","PN",6]
["PDD.A.AT.BG.2._T.DDS_ALL._T._Z.N.PN","A","AT","BG",2,"_T","DDS_ALL","_T","_Z","N","PN","2017",0,"A",false,null,null,"P1Y",{"$nulls":4},"S",null,null,3,null,"Number of Direct debits sent - from: Austria to: Bulgaria, All","Number of Direct debits sent - from: Austria to: Bulgaria, All","PN",6]
["PDD.A.AT.BG.2._T.DDS_ALL._T._Z.N.PN","A","AT","BG",2,"_T","DDS_ALL","_T","_Z","N","PN","2018",0,"A",false,null,null,"P1Y",{"$nulls":4},"S",null,null,3,null,"Number of Direct debits sent - from: Austria to: Bulgaria, All","Number of Direct debits sent - from: Austria to: Bulgaria, All","PN",6]
["PDD.A.AT.BG.2._T.DDS_ALL._T._Z.N.PN","A","AT","BG",2,"_T","DDS_ALL","_T","_Z","N","PN","2019",0,"A",false,null,null,"P1Y",{"$nulls":4},"S",null,null,3,null,"Number of Direct debits sent - from: Austria to: Bulgaria, All","Number of Direct debits sent - from: Austria to: Bulgaria, All","PN",6]
["PDD.A.AT.BG.2._T.DDS_ALL._T._Z.N.PN","A","AT","BG",2,"_T","DDS_ALL","_T","_Z","N","PN","2020",0,"A",false,null,null,"P1Y",{"$nulls":4},"S",null,null,3,null,"Number of Direct debits sent - from: Austria to: Bulgaria, All","Number of Direct debits sent - from: Austria to: Bulgaria, All","PN",6]
["PDD.A.AT.BG.2._T.DDS_ALL._T._Z.N.PN","A","AT","BG",2,"_T","DDS_ALL","_T","_Z","N","PN","2021",0,"A",false,null,null,"P1Y",{"$nulls":4},"S",null,null,3,null,"Number of Direct debits sent - from: Austria to: Bulgaria, All","Number of Direct debits sent - from: Austria to: Bulgaria, All","PN",6]
["PDD.A.AT.BG.2._T.DDS_ALL._T._Z.N.PN","A","AT","BG",2,"_T","DDS_ALL","_T","_Z","N","PN","2022",0.000194,"A",false,null,null,"P1Y",{"$nulls":4},"S",null,null,3,null,"Number of Direct debits sent - from: Austria to: Bulgaria, All","Number of Direct debits sent - from: Austria to: Bulgaria, All","PN",6]
["PDD.A.AT.CY.1._T.DDS_ALL._T._Z.N.EUR","A","AT","CY",1,"_T","DDS_ALL","_T","_Z","N","EUR","2022",2.88033618,"A",false,null,null,"P1Y",{"$nulls":4},"S",null,null,3,null,"Value of Direct debits received - from: Austria to: Cyprus, All","Value of Direct debits received - from: Austria to: Cyprus, All","EUR",6]
["PDD.A.AT.CY.1._T.DDS_ALL._T._Z.N.PN","A","AT","CY",1,"_T","DDS_ALL","_T","_Z","N","PN","2022",0.05108,"A",false,null,null,"P1Y",{"$nulls":4},"S",null,null,3,null,"Number of Direct debits received - from: Austria to: Cyprus, All","Number of Direct debits received - from: Austria to: Cyprus, All","PN",6]
["PDD.A.AT.CY.2.2100.DDS_ALL._T._Z.N.EUR","A","AT","CY",2,"2100","DDS_ALL","_T","_Z","N","EUR","2022",0.66830131,"A",false,null,null,"P1Y",{"$nulls":4},"S",null,null,3,null,"Value of Direct debits initiated in a file/batch, sent - from: Austria to: Cyprus, All","Value of Direct debits initiated in a file/batch, sent - from: Austria to: Cyprus, All","EUR",6]
["PDD.A.AT.CY.2.2100.DDS_ALL._T._Z.N.PN","A","AT","CY",2,"2100","DDS_ALL","_T","_Z","N","PN","2022",0.000829,"A",false,null,null,"P1Y",{"$nulls":4},"S",null,null,3,null,"Number of Direct debits initiated in a file/batch, sent - from: Austria to: Cyprus, All","Number of Direct debits initiated in a file/batch, sent - from: Austria to: Cyprus, All","PN",6]
["PDD.A.AT.CY.2.2200.DDS_ALL._T._Z.N.EUR","A","AT","CY",2,"2200","DDS_ALL","_T","_Z","N","EUR","2022",null,"Q",false,null,null,"P1Y",{"$nulls":4},"S",null,null,3,null,"Value of Direct debits initiated on a single payment basis, sent - from: Austria to: Cyprus, All","Value of Direct debits initiated on a single payment basis, sent - from: Austria to: Cyprus, All","EUR",6]
["PDD.A.AT.CY.2.2200.DDS_ALL._T._Z.N.PN","A","AT","CY",2,"2200","DDS_ALL","_T","_Z","N","PN","2022",null,"Q",false,null,null,"P1Y",{"$nulls":4},"S",null,null,3,null,"Number of Direct debits initiated on a single payment basis, sent - from: Austria to: Cyprus, All","Number of Direct debits initiated on a single payment basis, sent - from: Austria to: Cyprus, All","PN",6]
["PDD.A.AT.CY.2._T.DDS_ALL._T._Z.N.EUR","A","AT","CY",2,"_T","DDS_ALL","_T","_Z","N","EUR","2014",0.01,"A",false,null,null,"P1Y",{"$nulls":4},"S",null,null,3,null,"Value of Direct debits sent - from: Austria to: Cyprus, All","Value of Direct debits sent - from: Austria to: Cyprus, All","EUR",6]
["PDD.A.AT.CY.2._T.DDS_ALL._T._Z.N.EUR","A","AT","CY",2,"_T","DDS_ALL","_T","_Z","N","EUR","2015",0.01,"A",false,null,null,"P1Y",{"$nulls":4},"S",null,null,3,null,"Value of Direct debits sent - from: Austria to: Cyprus, All","Value of Direct debits sent - from: Austria to: Cyprus, All","EUR",6]
["PDD.A.AT.CY.2._T.DDS_ALL._T._Z.N.EUR","A","AT","CY",2,"_T","DDS_ALL","_T","_Z","N","EUR","2016",0.053,"A",false,null,null,"P1Y",{"$nulls":4},"S",null,null,3,null,"Value of Direct debits sent - from: Austria to: Cyprus, All","Value of Direct debits sent - from: Austria to: Cyprus, All","EUR",6]
["PDD.A.AT.CY.2._T.DDS_ALL._T._Z.N.EUR","A","AT","CY",2,"_T","DDS_ALL","_T","_Z","N","EUR","2017",0.335,"A",false,null,null,"P1Y",{"$nulls":4},"S",null,null,3,null,"Value of Direct debits sent - from: Austria to: Cyprus, All","Value of Direct debits sent - from: Austria to: Cyprus, All","EUR",6]
["PDD.A.AT.CY.2._T.DDS_ALL._T._Z.N.EUR","A","AT","CY",2,"_T","DDS_ALL","_T","_Z","N","EUR","2018",0.835,"A",false,null,null,"P1Y",{"$nulls":4},"S",null,null,3,null,"Value of Direct debits sent - from: Austria to: Cyprus, All","Value of Direct debits sent - from: Austria to: Cyprus, All","EUR",6]
["PDD.A.AT.CY.2._T.DDS_ALL._T._Z.N.EUR","A","AT","CY",2,"_T","DDS_ALL","_T","_Z","N","EUR","2019",0.769,"A",false,null,null,"P1Y",{"$nulls":4},"S",null,null,3,null,"Value of Direct debits sent - from: Austria to: Cyprus, All","Value of Direct debits sent - from: Austria to: Cyprus, All","EUR",6]
["PDD.A.AT.CY.2._T.DDS_ALL._T._Z.N.EUR","A","AT","CY",2,"_T","DDS_ALL","_T","_Z","N","EUR","2020",0.625,"A",false,null,null,"P1Y",{"$nulls":4},"S",null,null,3,null,"Value of Direct debits sent - from: Austria to: Cyprus, All","Value of Direct debits sent - from: Austria to: Cyprus, All","EUR",6]
["PDD.A.AT.CY.2._T.DDS_ALL._T._Z.N.EUR","A","AT","CY",2,"_T","DDS_ALL","_T","_Z","N","EUR","2021",0.634,"A",false,null,null,"P1Y",{"$nulls":4},"S",null,null,3,null,"Value of Direct debits sent - from: Austria to: Cyprus, All","Value of Direct debits sent - from: Austria to: Cyprus, All","EUR",6]
["PDD.A.AT.CY.2._T.DDS_ALL._T._Z.N.EUR","A","AT","CY",2,"_T","DDS_ALL","_T","_Z","N","EUR","2022",1.07643931,"A",false,null,null,"P1Y",{"$nulls":4},"S",null,null,3,null,"Value of Direct debits sent - from: Austria to: Cyprus, All","Value of Direct debits sent - from: Austria to: Cyprus, All","EUR",6]
["PDD.A.AT.CY.2._T.DDS_ALL._T._Z.N.PN","A","AT","CY",2,"_T","DDS_ALL","_T","_Z","N","PN","2014",0,"A",false,null,null,"P1Y",{"$nulls":4},"S",null,null,3,null,"Number of Direct debits sent - from: Austria to: Cyprus, All","Number of Direct debits sent - from: Austria to: Cyprus, All","PN",6]
["PDD.A.AT.CY.2._T.DDS_ALL._T._Z.N.PN","A","AT","CY",2,"_T","DDS_ALL","_T","_Z","N","PN","2015",0,"A",false,null,null,"P1Y",{"$nulls":4},"S",null,null,3,null,"Number of Direct debits sent - from: Austria to: Cyprus, All","Number of Direct debits sent - from: Austria to: Cyprus, All","PN",6]
["PDD.A.AT.CY.2._T.DDS_ALL._T._Z.N.PN","A","AT","CY",2,"_T","DDS_ALL","_T","_Z","N","PN","2016",0,"A",false,null,null,"P1Y",{"$nulls":4},"S",null,null,3,null,"Number of Direct debits sent - from: Austria to: Cyprus, All","Number of Direct debits sent - from: Austria to: Cyprus, All","PN",6]
["PDD.A.AT.CY.2._T.DDS_ALL._T._Z.N.PN","A","AT","CY",2,"_T","DDS_ALL","_T","_Z","N","PN","2017",0,"A",false,null,null,"P1Y",{"$nulls":4},"S",null,null,3,null,"Number of Direct debits sent - from: Austria to: Cyprus, All","Number of Direct debits sent - from: Austria to: Cyprus, All","PN",6]
["PDD.A.AT.CY.2._T.DDS_ALL._T._Z.N.PN","A","AT","CY",2,"_T","DDS_ALL","_T","_Z","N","PN","2018",0,"A",false,null,null,"P1Y",{"$nulls":4},"S",null,null,3,null,"Number of Direct debits sent - from: Austria to: Cyprus, All","Number of Direct debits sent - from: Austria to: Cyprus, All","PN",6]
["PDD.A.AT.CY.2._T.DDS_ALL._T._Z.N.PN","A","AT","CY",2,"_T","DDS_ALL","_T","_Z","N","PN","2019",0,"A",false,null,null,"P1Y",{"$nulls":4},"S",null,null,3,null,"Number of Direct debits sent - from: Austria to: Cyprus, All","Number of Direct debits sent - from: Austria to: Cyprus, All","PN",6]
["PDD.A.AT.CY.2._T.DDS_ALL._T._Z.N.PN","A","AT","CY",2,"_T","DDS_ALL","_T","_Z","N","PN","2020",0.001,"A",false,null,null,"P1Y",{"$nulls":4},"S",null,null,3,null,"Number of Direct debits sent - from: Austria to: Cyprus, All","Number of Direct debits sent - from: Austria to: Cyprus, All","PN",6]
["PDD.A.AT.CY.2._T.DDS_ALL._T._Z.N.PN","A","AT","CY",2,"_T","DDS_ALL","_T","_Z","N","PN","2021",0.001,"A",false,null,null,"P1Y",{"$nulls":4},"S",null,null,3,null,"Number of Direct debits sent - from: Austria to: Cyprus, All","Number of Direct debits sent - from: Austria to: Cyprus, All","PN",6]
["PDD.A.AT.CY.2._T.DDS_ALL._T._Z.N.PN","A","AT","CY",2,"_T","DDS_ALL","_T","_Z","N","PN","2022",0.0009059999999999999,"A",false,null,null,"P1Y",{"$nulls":4},"S",null,null,3,null,"Number of Direct debits sent - from: Austria to: Cyprus, All","Number of Direct debits sent - from: Austria to: Cyprus, All","PN",6]
["PDD.A.AT.CZ.1._T.DDS_ALL._T._Z.N.EUR","A","AT","CZ",1,"_T","DDS_ALL","_T","_Z","N","EUR","2022",35.75787635,"A",false,null,null,"P1Y",{"$nulls":4},"S",null,null,3,null,"Value of Direct debits received - from: Austria to: Czech Republic, All","Value of Direct debits received - from: Austria to: Czech Republic, All","EUR",6]
["PDD.A.AT.CZ.1._T.DDS_ALL._T._Z.N.PN","A","AT","CZ",1,"_T","DDS_ALL","_T","_Z","N","PN","2022",0.222499,"A",false,null,null,"P1Y",{"$nulls":4},"S",null,null,3,null,"Number of Direct debits received - from: Austria to: Czech Republic, All","Number of Direct debits received - from: Austria to: Czech Republic, All","PN",6]
["PDD.A.AT.CZ.2.2100.DDS_ALL._T._Z.N.EUR","A","AT","CZ",2,"2100","DDS_ALL","_T","_Z","N","EUR","2022",750.26475093,"A",false,null,null,"P1Y",{"$nulls":4},"S",null,null,3,null,"Value of Direct debits initiated in a file/batch, sent - from: Austria to: Czech Republic, All","Value of Direct debits initiated in a file/batch, sent - from: Austria to: Czech Republic, All","EUR",6]
["PDD.A.AT.CZ.2.2100.DDS_ALL._T._Z.N.PN","A","AT","CZ",2,"2100","DDS_ALL","_T","_Z","N","PN","2022",0.004117,"A",false,null,null,"P1Y",{"$nulls":4},"S",null,null,3,null,"Number of Direct debits initiated in a file/batch, sent - from: Austria to: Czech Republic, All","Number of Direct debits initiated in a file/batch, sent - from: Austria to: Czech Republic, All","PN",6]
["PDD.A.AT.CZ.2.2200.DDS_ALL._T._Z.N.EUR","A","AT","CZ",2,"2200","DDS_ALL","_T","_Z","N","EUR","2022",0.5267127300000001,"A",false,null,null,"P1Y",{"$nulls":4},"S",null,null,3,null,"Value of Direct debits initiated on a single payment basis, sent - from: Austria to: Czech Republic, All","Value of Direct debits initiated on a single payment basis, sent - from: Austria to: Czech Republic, All","EUR",6]
["PDD.A.AT.CZ.2.2200.DDS_ALL._T._Z.N.PN","A","AT","CZ",2,"2200","DDS_ALL","_T","_Z","N","PN","2022",0.000155,"A",false,null,null,"P1Y",{"$nulls":4},"S",null,null,3,null,"Number of Direct debits initiated on a single payment basis, sent - from: Austria to: Czech Republic, All","Number of Direct debits initiated on a single payment basis, sent - from: Austria to: Czech Republic, All","PN",6]
["PDD.A.AT.CZ.2._T.DDS_ALL._T._Z.N.EUR","A","AT","CZ",2,"_T","DDS_ALL","_T","_Z","N","EUR","2014",0.748,"A",false,null,null,"P1Y",{"$nulls":4},"S",null,null,3,null,"Value of Direct debits sent - from: Austria to: Czech Republic, All","Value of Direct debits sent - from: Austria to: Czech Republic, All","EUR",6]
["PDD.A.AT.CZ.2._T.DDS_ALL._T._Z.N.EUR","A","AT","CZ",2,"_T","DDS_ALL","_T","_Z","N","EUR","2015",0.601,"A",false,null,null,"P1Y",{"$nulls":4},"S",null,null,3,null,"Value of Direct debits sent - from: Austria to: Czech Republic, All","Value of Direct debits sent - from: Austria to: Czech Republic, All","EUR",6]
["PDD.A.AT.CZ.2._T.DDS_ALL._T._Z.N.EUR","A","AT","CZ",2,"_T","DDS_ALL","_T","_Z","N","EUR","2016",2.371,"A",false,null,null,"P1Y",{"$nulls":4},"S",null,null,3,null,"Value of Direct debits sent - from: Austria to: Czech Republic, All","Value of Direct debits sent - from: Austria to: Czech Republic, All","EUR",6]
["PDD.A.AT.CZ.2._T.DDS_ALL._T._Z.N.EUR","A","AT","CZ",2,"_T","DDS_ALL","_T","_Z","N","EUR","2017",4.579,"A",false,null,null,"P1Y",{"$nulls":4},"S",null,null,3,null,"Value of Direct debits sent - from: Austria to: Czech Republic, All","Value of Direct debits sent - from: Austria to: Czech Republic, All","EUR",6]
["PDD.A.AT.CZ.2._T.DDS_ALL._T._Z.N.EUR","A","AT","CZ",2,"_T","DDS_ALL","_T","_Z","N","EUR","2018",6.252,"A",false,null,null,"P1Y",{"$nulls":4},"S",null,null,3,null,"Value of Direct debits sent - from: Austria to: Czech Republic, All","Value of Direct debits sent - from: Austria to: Czech Republic, All","EUR",6]
["PDD.A.AT.CZ.2._T.DDS_ALL._T._Z.N.EUR","A","AT","CZ",2,"_T","DDS_ALL","_T","_Z","N","EUR","2019",15.942,"A",false,null,null,"P1Y",{"$nulls":4},"S",null,null,3,null,"Value of Direct debits sent - from: Austria to: Czech Republic, All","Value of Direct debits sent - from: Austria to: Czech Republic, All","EUR",6]
["PDD.A.AT.CZ.2._T.DDS_ALL._T._Z.N.EUR","A","AT","CZ",2,"_T","DDS_ALL","_T","_Z","N","EUR","2020",8.964,"A",false,null,null,"P1Y",{"$nulls":4},"S",null,null,3,null,"Value of Direct debits sent - from: Austria to: Czech Republic, All","Value of Direct debits sent - from: Austria to: Czech Republic, All","EUR",6]
["PDD.A.AT.CZ.2._T.DDS_ALL._T._Z.N.EUR","A","AT","CZ",2,"_T","DDS_ALL","_T","_Z","N","EUR","2021",429.626,"A",false,null,null,"P1Y",{"$nulls":4},"S",null,null,3,null,"Value of Direct debits sent - from: Austria to: Czech Republic, All","Value of Direct debits sent - from: Austria to: Czech Republic, All","EUR",6]
["PDD.A.AT.CZ.2._T.DDS_ALL._T._Z.N.EUR","A","AT","CZ",2,"_T","DDS_ALL","_T","_Z","N","EUR","2022",750.7914636600001,"A",false,null,null,"P1Y",{"$nulls":4},"S",null,null,3,null,"Value of Direct debits sent - from: Austria to: Czech Republic, All","Value of Direct debits sent - from: Austria to: Czech Republic, All","EUR",6]
["PDD.A.AT.CZ.2._T.DDS_ALL._T._Z.N.PN","A","AT","CZ",2,"_T","DDS_ALL","_T","_Z","N","PN","2014",0,"A",false,null,null,"P1Y",{"$nulls":4},"S",null,null,3,null,"Number of Direct debits sent - from: Austria to: Czech Republic, All","Number of Direct debits sent - from: Austria to: Czech Republic, All","PN",6]
["PDD.A.AT.CZ.2._T.DDS_ALL._T._Z.N.PN","A","AT","CZ",2,"_T","DDS_ALL","_T","_Z","N","PN","2015",0.001,"A",false,null,null,"P1Y",{"$nulls":4},"S",null,null,3,null,"Number of Direct debits sent - from: Austria to: Czech Republic, All","Number of Direct debits sent - from: Austria to: Czech Republic, All","PN",6]
["PDD.A.AT.CZ.2._T.DDS_ALL._T._Z.N.PN","A","AT","CZ",2,"_T","DDS_ALL","_T","_Z","N","PN","2016",0.001,"A",false,null,null,"P1Y",{"$nulls":4},"S",null,null,3,null,"Number of Direct debits sent - from: Austria to: Czech Republic, All","Number of Direct debits sent - from: Austria to: Czech Republic, All","PN",6]
["PDD.A.AT.CZ.2._T.DDS_ALL._T._Z.N.PN","A","AT","CZ",2,"_T","DDS_ALL","_T","_Z","N","PN","2017",0.001,"A",false,null,null,"P1Y",{"$nulls":4},"S",null,null,3,null,"Number of Direct debits sent - from: Austria to: Czech Republic, All","Number of Direct debits sent - from: Austria to: Czech Republic, All","PN",6]
["PDD.A.AT.CZ.2._T.DDS_ALL._T._Z.N.PN","A","AT","CZ",2,"_T","DDS_ALL","_T","_Z","N","PN","2018",0.002,"A",false,null,null,"P1Y",{"$nulls":4},"S",null,null,3,null,"Number of Direct debits sent - from: Austria to: Czech Republic, All","Number of Direct debits sent - from: Austria to: Czech Republic, All","PN",6]
["PDD.A.AT.CZ.2._T.DDS_ALL._T._Z.N.PN","A","AT","CZ",2,"_T","DDS_ALL","_T","_Z","N","PN","2019",0.002,"A",false,null,null,"P1Y",{"$nulls":4},"S",null,null,3,null,"Number of Direct debits sent - from: Austria to: Czech Republic, All","Number of Direct debits sent - from: Austria to: Czech Republic, All","PN",6]
["PDD.A.AT.CZ.2._T.DDS_ALL._T._Z.N.PN","A","AT","CZ",2,"_T","DDS_ALL","_T","_Z","N","PN","2020",0.002,"A",false,null,null,"P1Y",{"$nulls":4},"S",null,null,3,null,"Number of Direct debits sent - from: Austria to: Czech Republic, All","Number of Direct debits sent - from: Austria to: Czech Republic, All","PN",6]
["PDD.A.AT.CZ.2._T.DDS_ALL._T._Z.N.PN","A","AT","CZ",2,"_T","DDS_ALL","_T","_Z","N","PN","2021",0.003,"A",false,null,null,"P1Y",{"$nulls":4},"S",null,null,3,null,"Number of Direct debits sent - from: Austria to: Czech Republic, All","Number of Direct debits sent - from: Austria to: Czech Republic, All","PN",6]
["PDD.A.AT.CZ.2._T.DDS_ALL._T._Z.N.PN","A","AT","CZ",2,"_T","DDS_ALL","_T","_Z","N","PN","2022",0.004272,"A",false,null,null,"P1Y",{"$nulls":4},"S",null,null,3,null,"Number of Direct debits sent - from: Austria to: Czech Republic, All","Number of Direct debits sent - from: Austria to: Czech Republic, All","PN",6]
["PDD.A.AT.DE.1._T.DDS_ALL._T._Z.N.EUR","A","AT","DE",1,"_T","DDS_ALL","_T","_Z","N","EUR","2022",21807.06923035,"A",false,null,null,"P1Y",{"$nulls":4},"S",null,null,3,null,"Value of Direct debits received - from: Austria to: Germany, All","Value of Direct debits received - from: Austria to: Germany, All","EUR",6]
["PDD.A.AT.DE.1._T.DDS_ALL._T._Z.N.PN","A","AT","DE",1,"_T","DDS_ALL","_T","_Z","N","PN","2022",149.372097,"A",false,null,null,"P1Y",{"$nulls":4},"S",null,null,3,null,"Number of Direct debits received - from: Austria to: Germany, All","Number of Direct debits received - from: Austria to: Germany, All","PN",6]
["PDD.A.AT.DE.2.2100.DDS_ALL._T._Z.N.EUR","A","AT","DE",2,"2100","DDS_ALL","_T","_Z","N","EUR","2022",4765.64669069,"A",false,null,null,"P1Y",{"$nulls":4},"S",null,null,3,null,"Value of Direct debits initiated in a file/batch, sent - from: Austria to: Germany, All","Value of Direct debits initiated in a file/batch, sent - from: Austria to: Germany, All","EUR",6]
["PDD.A.AT.DE.2.2100.DDS_ALL._T._Z.N.PN","A","AT","DE",2,"2100","DDS_ALL","_T","_Z","N","PN","2022",6.374052000000001,"A",false,null,null,"P1Y",{"$nulls":4},"S",null,null,3,null,"Number of Direct debits initiated in a file/batch, sent - from: Austria to: Germany, All","Number of Direct debits initiated in a file/batch, sent - from: Austria to: Germany, All","PN",6]
["PDD.A.AT.DE.2.2200.DDS_ALL._T._Z.N.EUR","A","AT","DE",2,"2200","DDS_ALL","_T","_Z","N","EUR","2022",463.10225155,"A",false,null,null,"P1Y",{"$nulls":4},"S",null,null,3,null,"Value of Direct debits initiated on a single payment basis, sent - from: Austria to: Germany, All","Value of Direct debits initiated on a single payment basis, sent - from: Austria to: Germany, All","EUR",6]
["PDD.A.AT.DE.2.2200.DDS_ALL._T._Z.N.PN","A","AT","DE",2,"2200","DDS_ALL","_T","_Z","N","PN","2022",0.133088,"A",false,null,null,"P1Y",{"$nulls":4},"S",null,null,3,null,"Number of Direct debits initiated on a single payment basis, sent - from: Austria to: Germany, All","Number of Direct debits initiated on a single payment basis, sent - from: Austria to: Germany, All","PN",6]
["PDD.A.AT.DE.2._T.DDS_ALL._T._Z.N.EUR","A","AT","DE",2,"_T","DDS_ALL","_T","_Z","N","EUR","2014",2143.718,"A",false,null,null,"P1Y",{"$nulls":4},"S",null,null,3,null,"Value of Direct debits sent - from: Austria to: Germany, All","Value of Direct debits sent - from: Austria to: Germany, All","EUR",6]
["PDD.A.AT.DE.2._T.DDS_ALL._T._Z.N.EUR","A","AT","DE",2,"_T","DDS_ALL","_T","_Z","N","EUR","2015",2976.462,"A",false,null,null,"P1Y",{"$nulls":4},"S",null,null,3,null,"Value of Direct debits sent - from: Austria to: Germany, All","Value of Direct debits sent - from: Austria to: Germany, All","EUR",6]
["PDD.A.AT.DE.2._T.DDS_ALL._T._Z.N.EUR","A","AT","DE",2,"_T","DDS_ALL","_T","_Z","N","EUR","2016",2175.253,"A",false,null,null,"P1Y",{"$nulls":4},"S",null,null,3,null,"Value of Direct debits sent - from: Austria to: Germany, All","Value of Direct debits sent - from: Austria to: Germany, All","EUR",6]
["PDD.A.AT.DE.2._T.DDS_ALL._T._Z.N.EUR","A","AT","DE",2,"_T","DDS_ALL","_T","_Z","N","EUR","2017",2535.187,"A",false,null,null,"P1Y",{"$nulls":4},"S",null,null,3,null,"Value of Direct debits sent - from: Austria to: Germany, All","Value of Direct debits sent - from: Austria to: Germany, All","EUR",6]
["PDD.A.AT.DE.2._T.DDS_ALL._T._Z.N.EUR","A","AT","DE",2,"_T","DDS_ALL","_T","_Z","N","EUR","2018",2930.88,"A",false,null,null,"P1Y",{"$nulls":4},"S",null,null,3,null,"Value of Direct debits sent - from: Austria to: Germany, All","Value of Direct debits sent - from: Austria to: Germany, All","EUR",6]
["PDD.A.AT.DE.2._T.DDS_ALL._T._Z.N.EUR","A","AT","DE",2,"_T","DDS_ALL","_T","_Z","N","EUR","2019",3274.169,"A",false,null,null,"P1Y",{"$nulls":4},"S",null,null,3,null,"Value of Direct debits sent - from: Austria to: Germany, All","Value of Direct debits sent - from: Austria to: Germany, All","EUR",6]
["PDD.A.AT.DE.2._T.DDS_ALL._T._Z.N.EUR","A","AT","DE",2,"_T","DDS_ALL","_T","_Z","N","EUR","2020",3383.343,"A",false,null,null,"P1Y",{"$nulls":4},"S",null,null,3,null,"Value of Direct debits sent - from: Austria to: Germany, All","Value of Direct debits sent - from: Austria to: Germany, All","EUR",6]
["PDD.A.AT.DE.2._T.DDS_ALL._T._Z.N.EUR","A","AT","DE",2,"_T","DDS_ALL","_T","_Z","N","EUR","2021",4242.223,"A",false,null,null,"P1Y",{"$nulls":4},"S",null,null,3,null,"Value of Direct debits sent - from: Austria to: Germany, All","Value of Direct debits sent - from: Austria to: Germany, All","EUR",6]
["PDD.A.AT.DE.2._T.DDS_ALL._T._Z.N.EUR","A","AT","DE",2,"_T","DDS_ALL","_T","_Z","N","EUR","2022",5228.74894224,"A",false,null,null,"P1Y",{"$nulls":4},"S",null,null,3,null,"Value of Direct debits sent - from: Austria to: Germany, All","Value of Direct debits sent - from: Austria to: Germany, All","EUR",6]
["PDD.A.AT.DE.2._T.DDS_ALL._T._Z.N.PN","A","AT","DE",2,"_T","DDS_ALL","_T","_Z","N","PN","2014",2.997,"A",false,null,null,"P1Y",{"$nulls":4},"S",null,null,3,null,"Number of Direct debits sent - from: Austria to: Germany, All","Number of Direct debits sent - from: Austria to: Germany, All","PN",6]
["PDD.A.AT.DE.2._T.DDS_ALL._T._Z.N.PN","A","AT","DE",2,"_T","DDS_ALL","_T","_Z","N","PN","2015",4.217,"A",false,null,null,"P1Y",{"$nulls":4},"S",null,null,3,null,"Number of Direct debits sent - from: Austria to: Germany, All","Number of Direct debits sent - from: Austria to: Germany, All","PN",6]
["PDD.A.AT.DE.2._T.DDS_ALL._T._Z.N.PN","A","AT","DE",2,"_T","DDS_ALL","_T","_Z","N","PN","2016",2.521,"A",false,null,null,"P1Y",{"$nulls":4},"S",null,null,3,null,"Number of Direct debits sent - from: Austria to: Germany, All","Number of Direct debits sent - from: Austria to: Germany, All","PN",6]
["PDD.A.AT.DE.2._T.DDS_ALL._T._Z.N.PN","A","AT","DE",2,"_T","DDS_ALL","_T","_Z","N","PN","2017",2.623,"A",false,null,null,"P1Y",{"$nulls":4},"S",null,null,3,null,"Number of Direct debits sent - from: Austria to: Germany, All","Number of Direct debits sent - from: Austria to: Germany, All","PN",6]
["PDD.A.AT.DE.2._T.DDS_ALL._T._Z.N.PN","A","AT","DE",2,"_T","DDS_ALL","_T","_Z","N","PN","2018",4.309,"A",false,null,null,"P1Y",{"$nulls":4},"S",null,null,3,null,"Number of Direct debits sent - from: Austria to: Germany, All","Number of Direct debits sent - from: Austria to: Germany, All","PN",6]
["PDD.A.AT.DE.2._T.DDS_ALL._T._Z.N.PN","A","AT","DE",2,"_T","DDS_ALL","_T","_Z","N","PN","2019",4.313,"A",false,null,null,"P1Y",{"$nulls":4},"S",null,null,3,null,"Number of Direct debits sent - from: Austria to: Germany, All","Number of Direct debits sent - from: Austria to: Germany, All","PN",6]
["PDD.A.AT.DE.2._T.DDS_ALL._T._Z.N.PN","A","AT","DE",2,"_T","DDS_ALL","_T","_Z","N","PN","2020",4.815,"A",false,null,null,"P1Y",{"$nulls":4},"S",null,null,3,null,"Number of Direct debits sent - from: Austria to: Germany, All","Number of Direct debits sent - from: Austria to: Germany, All","PN",6]
["PDD.A.AT.DE.2._T.DDS_ALL._T._Z.N.PN","A","AT","DE",2,"_T","DDS_ALL","_T","_Z","N","PN","2021",6.794,"A",false,null,null,"P1Y",{"$nulls":4},"S",null,null,3,null,"Number of Direct debits sent - from: Austria to: Germany, All","Number of Direct debits sent - from: Austria to: Germany, All","PN",6]
["PDD.A.AT.DE.2._T.DDS_ALL._T._Z.N.PN","A","AT","DE",2,"_T","DDS_ALL","_T","_Z","N","PN","2022",6.50714,"A",false,null,null,"P1Y",{"$nulls":4},"S",null,null,3,null,"Number of Direct debits sent - from: Austria to: Germany, All","Number of Direct debits sent - from: Austria to: Germany, All","PN",6]
["PDD.A.AT.DK.1._T.DDS_ALL._T._Z.N.EUR","A","AT","DK",1,"_T","DDS_ALL","_T","_Z","N","EUR","2022",77.60499856999999,"A",false,null,null,"P1Y",{"$nulls":4},"S",null,null,3,null,"Value of Direct debits received - from: Austria to: Denmark, All","Value of Direct debits received - from: Austria to: Denmark, All","EUR",6]
["PDD.A.AT.DK.1._T.DDS_ALL._T._Z.N.PN","A","AT","DK",1,"_T","DDS_ALL","_T","_Z","N","PN","2022",0.044011,"A",false,null,null,"P1Y",{"$nulls":4},"S",null,null,3,null,"Number of Direct debits received - from: Austria to: Denmark, All","Number of Direct debits received - from: Austria to: Denmark, All","PN",6]
["PDD.A.AT.DK.2.2100.DDS_ALL._T._Z.N.EUR","A","AT","DK",2,"2100","DDS_ALL","_T","_Z","N","EUR","2022",92.29146483,"A",false,null,null,"P1Y",{"$nulls":4},"S",null,null,3,null,"Value of Direct debits initiated in a file/batch, sent - from: Austria to: Denmark, All","Value of Direct debits initiated in a file/batch, sent - from: Austria to: Denmark, All","EUR",6]
["PDD.A.AT.DK.2.2100.DDS_ALL._T._Z.N.PN","A","AT","DK",2,"2100","DDS_ALL","_T","_Z","N","PN","2022",0.002233,"A",false,null,null,"P1Y",{"$nulls":4},"S",null,null,3,null,"Number of Direct debits initiated in a file/batch, sent - from: Austria to: Denmark, All","Number of Direct debits initiated in a file/batch, sent - from: Austria to: Denmark, All","PN",6]
["PDD.A.AT.DK.2.2200.DDS_ALL._T._Z.N.EUR","A","AT","DK",2,"2200","DDS_ALL","_T","_Z","N","EUR","2022",0.01469971,"A",false,null,null,"P1Y",{"$nulls":4},"S",null,null,3,null,"Value of Direct debits initiated on a single payment basis, sent - from: Austria to: Denmark, All","Value of Direct debits initiated on a single payment basis, sent - from: Austria to: Denmark, All","EUR",6]
["PDD.A.AT.DK.2.2200.DDS_ALL._T._Z.N.PN","A","AT","DK",2,"2200","DDS_ALL","_T","_Z","N","PN","2022",3.4E-05,"A",false,null,null,"P1Y",{"$nulls":4},"S",null,null,3,null,"Number of Direct debits initiated on a single payment basis, sent - from: Austria to: Denmark, All","Number of Direct debits initiated on a single payment basis, sent - from: Austria to: Denmark, All","PN",6]
["PDD.A.AT.DK.2._T.DDS_ALL._T._Z.N.EUR","A","AT","DK",2,"_T","DDS_ALL","_T","_Z","N","EUR","2014",0.046,"A",false,null,null,"P1Y",{"$nulls":4},"S",null,null,3,null,"Value of Direct debits sent - from: Austria to: Denmark, All","Value of Direct debits sent - from: Austria to: Denmark, All","EUR",6]
["PDD.A.AT.DK.2._T.DDS_ALL._T._Z.N.EUR","A","AT","DK",2,"_T","DDS_ALL","_T","_Z","N","EUR","2015",1.352,"A",false,null,null,"P1Y",{"$nulls":4},"S",null,null,3,null,"Value of Direct debits sent - from: Austria to: Denmark, All","Value of Direct debits sent - from: Austria to: Denmark, All","EUR",6]
["PDD.A.AT.DK.2._T.DDS_ALL._T._Z.N.EUR","A","AT","DK",2,"_T","DDS_ALL","_T","_Z","N","EUR","2016",1.987,"A",false,null,null,"P1Y",{"$nulls":4},"S",null,null,3,null,"Value of Direct debits sent - from: Austria to: Denmark, All","Value of Direct debits sent - from: Austria to: Denmark, All","EUR",6]
["PDD.A.AT.DK.2._T.DDS_ALL._T._Z.N.EUR","A","AT","DK",2,"_T","DDS_ALL","_T","_Z","N","EUR","2017",23.281,"A",false,null,null,"P1Y",{"$nulls":4},"S",null,null,3,null,"Value of Direct debits sent - from: Austria to: Denmark, All","Value of Direct debits sent - from: Austria to: Denmark, All","EUR",6]
["PDD.A.AT.DK.2._T.DDS_ALL._T._Z.N.EUR","A","AT","DK",2,"_T","DDS_ALL","_T","_Z","N","EUR","2018",6.389,"A",false,null,null,"P1Y",{"$nulls":4},"S",null,null,3,null,"Value of Direct debits sent - from: Austria to: Denmark, All","Value of Direct debits sent - from: Austria to: Denmark, All","EUR",6]
["PDD.A.AT.DK.2._T.DDS_ALL._T._Z.N.EUR","A","AT","DK",2,"_T","DDS_ALL","_T","_Z","N","EUR","2019",11.865,"A",false,null,null,"P1Y",{"$nulls":4},"S",null,null,3,null,"Value of Direct debits sent - from: Austria to: Denmark, All","Value of Direct debits sent - from: Austria to: Denmark, All","EUR",6]
["PDD.A.AT.DK.2._T.DDS_ALL._T._Z.N.EUR","A","AT","DK",2,"_T","DDS_ALL","_T","_Z","N","EUR","2020",12.905,"A",false,null,null,"P1Y",{"$nulls":4},"S",null,null,3,null,"Value of Direct debits sent - from: Austria to: Denmark, All","Value of Direct debits sent - from: Austria to: Denmark, All","EUR",6]
["PDD.A.AT.DK.2._T.DDS_ALL._T._Z.N.EUR","A","AT","DK",2,"_T","DDS_ALL","_T","_Z","N","EUR","2021",74.64,"A",false,null,null,"P1Y",{"$nulls":4},"S",null,null,3,null,"Value of Direct debits sent - from: Austria to: Denmark, All","Value of Direct debits sent - from: Austria to: Denmark, All","EUR",6]
["PDD.A.AT.DK.2._T.DDS_ALL._T._Z.N.EUR","A","AT","DK",2,"_T","DDS_ALL","_T","_Z","N","EUR","2022",92.30616454,"A",false,null,null,"P1Y",{"$nulls":4},"S",null,null,3,null,"Value of Direct debits sent - from: Austria to: Denmark, All","Value of Direct debits sent - from: Austria to: Denmark, All","EUR",6]
["PDD.A.AT.DK.2._T.DDS_ALL._T._Z.N.PN","A","AT","DK",2,"_T","DDS_ALL","_T","_Z","N","PN","2014",0,"A",false,null,null,"P1Y",{"$nulls":4},"S",null,null,3,null,"Number of Direct debits sent - from: Austria to: Denmark, All","Number of Direct debits sent - from: Austria to: Denmark, All","PN",6]
["PDD.A.AT.DK.2._T.DDS_ALL._T._Z.N.PN","A","AT","DK",2,"_T","DDS_ALL","_T","_Z","N","PN","2015",0,"A",false,null,null,"P1Y",{"$nulls":4},"S",null,null,3,null,"Number of Direct debits sent - from: Austria to: Denmark, All","Number of Direct debits sent - from: Austria to: Denmark, All","PN",6]
["PDD.A.AT.DK.2._T.DDS_ALL._T._Z.N.PN","A","AT","DK",2,"_T","DDS_ALL","_T","_Z","N","PN","2016",0,"A",false,null,null,"P1Y",{"$nulls":4},"S",null,null,3,null,"Number of Direct debits sent - from: Austria to: Denmark, All","Number of Direct debits sent - from: Austria to: Denmark, All","PN",6]
["PDD.A.AT.DK.2._T.DDS_ALL._T._Z.N.PN","A","AT","DK",2,"_T","DDS_ALL","_T","_Z","N","PN","2017",0.001,"A",false,null,null,"P1Y",{"$nulls":4},"S",null,null,3,null,"Number of Direct debits sent - from: Austria to: Denmark, All","Number of Direct debits sent - from: Austria to: Denmark, All","PN",6]
["PDD.A.AT.DK.2._T.DDS_ALL._T._Z.N.PN","A","AT","DK",2,"_T","DDS_ALL","_T","_Z","N","PN","2018",0.001,"A",false,null,null,"P1Y",{"$nulls":4},"S",null,null,3,null,"Number of Direct debits sent - from: Austria to: Denmark, All","Number of Direct debits sent - from: Austria to: Denmark, All","PN",6]
["PDD.A.AT.DK.2._T.DDS_ALL._T._Z.N.PN","A","AT","DK",2,"_T","DDS_ALL","_T","_Z","N","PN","2019",0.001,"A",false,null,null,"P1Y",{"$nulls":4},"S",null,null,3,null,"Number of Direct debits sent - from: Austria to: Denmark, All","Number of Direct debits sent - from: Austria to: Denmark, All","PN",6]
["PDD.A.AT.DK.2._T.DDS_ALL._T._Z.N.PN","A","AT","DK",2,"_T","DDS_ALL","_T","_Z","N","PN","2020",0.001,"A",false,null,null,"P1Y",{"$nulls":4},"S",null,null,3,null,"Number of Direct debits sent - from: Austria to: Denmark, All","Number of Direct debits sent - from: Austria to: Denmark, All","PN",6]
["PDD.A.AT.DK.2._T.DDS_ALL._T._Z.N.PN","A","AT","DK",2,"_T","DDS_ALL","_T","_Z","N","PN","2021",0.001,"A",false,null,null,"P1Y",{"$nulls":4},"S",null,null,3,null,"Number of Direct debits sent - from: Austria to: Denmark, All","Number of Direct debits sent - from: Austria to: Denmark, All","PN",6]
["PDD.A.AT.DK.2._T.DDS_ALL._T._Z.N.PN","A","AT","DK",2,"_T","DDS_ALL","_T","_Z","N","PN","2022",0.002267,"A",false,null,null,"P1Y",{"$nulls":4},"S",null,null,3,null,"Number of Direct debits sent - from: Austria to: Denmark, All","Number of Direct debits sent - from: Austria to: Denmark, All","PN",6]
["PDD.A.AT.EE.1._T.DDS_ALL._T._Z.N.EUR","A","AT","EE",1,"_T","DDS_ALL","_T","_Z","N","EUR","2022",0.56400319,"A",false,null,null,"P1Y",{"$nulls":4},"S",null,null,3,null,"Value of Direct debits received - from: Austria to: Estonia, All","Value of Direct debits received - from: Austria to: Estonia, All","EUR",6]
["PDD.A.AT.EE.1._T.DDS_ALL._T._Z.N.PN","A","AT","EE",1,"_T","DDS_ALL","_T","_Z","N","PN","2022",0.02491,"A",false,null,null,"P1Y",{"$nulls":4},"S",null,null,3,null,"Number of Direct debits received - from: Austria to: Estonia, All","Number of Direct debits received - from: Austria to: Estonia, All","PN",6]
["PDD.A.AT.EE.2.2100.DDS_ALL._T._Z.N.EUR","A","AT","EE",2,"2100","DDS_ALL","_T","_Z","N","EUR","2022",0.10277408,"A",false,null,null,"P1Y",{"$nulls":4},"S",null,null,3,null,"Value of Direct debits initiated in a file/batch, sent - from: Austria to: Estonia, All","Value of Direct debits initiated in a file/batch, sent - from: Austria to: Estonia, All","EUR",6]
["PDD.A.AT.EE.2.2100.DDS_ALL._T._Z.N.PN","A","AT","EE",2,"2100","DDS_ALL","_T","_Z","N","PN","2022",7e-05,"A",false,null,null,"P1Y",{"$nulls":4},"S",null,null,3,null,"Number of Direct debits initiated in a file/batch, sent - from: Austria to: Estonia, All","Number of Direct debits initiated in a file/batch, sent - from: Austria to: Estonia, All","PN",6]
["PDD.A.AT.EE.2.2200.DDS_ALL._T._Z.N.EUR","A","AT","EE",2,"2200","DDS_ALL","_T","_Z","N","EUR","2022",null,"Q",false,null,null,"P1Y",{"$nulls":4},"S",null,null,3,null,"Value of Direct debits initiated on a single payment basis, sent - from: Austria to: Estonia, All","Value of Direct debits initiated on a single payment basis, sent - from: Austria to: Estonia, All","EUR",6]
["PDD.A.AT.EE.2.2200.DDS_ALL._T._Z.N.PN","A","AT","EE",2,"2200","DDS_ALL","_T","_Z","N","PN","2022",null,"Q",false,null,null,"P1Y",{"$nulls":4},"S",null,null,3,null,"Number of Direct debits initiated on a single payment basis, sent - from: Austria to: Estonia, All","Number of Direct debits initiated on a single payment basis, sent - from: Austria to: Estonia, All","PN",6]
["PDD.A.AT.EE.2._T.DDS_ALL._T._Z.N.EUR","A","AT","EE",2,"_T","DDS_ALL","_T","_Z","N","EUR","2014",null,"Q",false,null,null,"P1Y",{"$nulls":4},"S",null,null,3,null,"Value of Direct debits sent - from: Austria to: Estonia, All","Value of Direct debits sent - from: Austria to: Estonia, All","EUR",6]
["PDD.A.AT.EE.2._T.DDS_ALL._T._Z.N.EUR","A","AT","EE",2,"_T","DDS_ALL","_T","_Z","N","EUR","2015",0.024,"A",false,null,null,"P1Y",{"$nulls":4},"S",null,null,3,null,"Value of Direct debits sent - from: Austria to: Estonia, All","Value of Direct debits sent - from: Austria to: Estonia, All","EUR",6]
["PDD.A.AT.EE.2._T.DDS_ALL._T._Z.N.EUR","A","AT","EE",2,"_T","DDS_ALL","_T","_Z","N","EUR","2016",0.013,"A",false,null,null,"P1Y",{"$nulls":4},"S",null,null,3,null,"Value of Direct debits sent - from: Austria to: Estonia, All","Value of Direct debits sent - from: Austria to: Estonia, All","EUR",6]
["PDD.A.AT.EE.2._T.DDS_ALL._T._Z.N.EUR","A","AT","EE",2,"_T","DDS_ALL","_T","_Z","N","EUR","2017",0.004,"A",false,null,null,"P1Y",{"$nulls":4},"S",null,null,3,null,"Value of Direct debits sent - from: Austria to: Estonia, All","Value of Direct debits sent - from: Austria to: Estonia, All","EUR",6]
["PDD.A.AT.EE.2._T.DDS_ALL._T._Z.N.EUR","A","AT","EE",2,"_T","DDS_ALL","_T","_Z","N","EUR","2018",0.005,"A",false,null,null,"P1Y",{"$nulls":4},"S",null,null,3,null,"Value of Direct debits sent - from: Austria to: Estonia, All","Value of Direct debits sent - from: Austria to: Estonia, All","EUR",6]
["PDD.A.AT.EE.2._T.DDS_ALL._T._Z.N.EUR","A","AT","EE",2,"_T","DDS_ALL","_T","_Z","N","EUR","2019",0.006,"A",false,null,null,"P1Y",{"$nulls":4},"S",null,null,3,null,"Value of Direct debits sent - from: Austria to: Estonia, All","Value of Direct debits sent - from: Austria to: Estonia, All","EUR",6]
["PDD.A.AT.EE.2._T.DDS_ALL._T._Z.N.EUR","A","AT","EE",2,"_T","DDS_ALL","_T","_Z","N","EUR","2020",null,"Q",false,null,null,"P1Y",{"$nulls":4},"S",null,null,3,null,"Value of Direct debits sent - from: Austria to: Estonia, All","Value of Direct debits sent - from: Austria to: Estonia, All","EUR",6]
["PDD.A.AT.EE.2._T.DDS_ALL._T._Z.N.EUR","A","AT","EE",2,"_T","DDS_ALL","_T","_Z","N","EUR","2021",0.01,"A",false,null,null,"P1Y",{"$nulls":4},"S",null,null,3,null,"Value of Direct debits sent - from: Austria to: Estonia, All","Value of Direct debits sent - from: Austria to: Estonia, All","EUR",6]
["PDD.A.AT.EE.2._T.DDS_ALL._T._Z.N.EUR","A","AT","EE",2,"_T","DDS_ALL","_T","_Z","N","EUR","2022",0.10410948,"A",false,null,null,"P1Y",{"$nulls":4},"S",null,null,3,null,"Value of Direct debits sent - from: Austria to: Estonia, All","Value of Direct debits sent - from: Austria to: Estonia, All","EUR",6]
["PDD.A.AT.EE.2._T.DDS_ALL._T._Z.N.PN","A","AT","EE",2,"_T","DDS_ALL","_T","_Z","N","PN","2014",null,"Q",false,null,null,"P1Y",{"$nulls":4},"S",null,null,3,null,"Number of Direct debits sent - from: Austria to: Estonia, All","Number of Direct debits sent - from: Austria to: Estonia, All","PN",6]
["PDD.A.AT.EE.2._T.DDS_ALL._T._Z.N.PN","A","AT","EE",2,"_T","DDS_ALL","_T","_Z","N","PN","2015",0,"A",false,null,null,"P1Y",{"$nulls":4},"S",null,null,3,null,"Number of Direct debits sent - from: Austria to: Estonia, All","Number of Direct debits sent - from: Austria to: Estonia, All","PN",6]
["PDD.A.AT.EE.2._T.DDS_ALL._T._Z.N.PN","A","AT","EE",2,"_T","DDS_ALL","_T","_Z","N","PN","2016",0,"A",false,null,null,"P1Y",{"$nulls":4},"S",null,null,3,null,"Number of Direct debits sent - from: Austria to: Estonia, All","Number of Direct debits sent - from: Austria to: Estonia, All","PN",6]
["PDD.A.AT.EE.2._T.DDS_ALL._T._Z.N.PN","A","AT","EE",2,"_T","DDS_ALL","_T","_Z","N","PN","2017",0,"A",false,null,null,"P1Y",{"$nulls":4},"S",null,null,3,null,"Number of Direct debits sent - from: Austria to: Estonia, All","Number of Direct debits sent - from: Austria to: Estonia, All","PN",6]
["PDD.A.AT.EE.2._T.DDS_ALL._T._Z.N.PN","A","AT","EE",2,"_T","DDS_ALL","_T","_Z","N","PN","2018",0,"A",false,null,null,"P1Y",{"$nulls":4},"S",null,null,3,null,"Number of Direct debits sent - from: Austria to: Estonia, All","Number of Direct debits sent - from: Austria to: Estonia, All","PN",6]
["PDD.A.AT.EE.2._T.DDS_ALL._T._Z.N.PN","A","AT","EE",2,"_T","DDS_ALL","_T","_Z","N","PN","2019",0,"A",false,null,null,"P1Y",{"$nulls":4},"S",null,null,3,null,"Number of Direct debits sent - from: Austria to: Estonia, All","Number of Direct debits sent - from: Austria to: Estonia, All","PN",6]
["PDD.A.AT.EE.2._T.DDS_ALL._T._Z.N.PN","A","AT","EE",2,"_T","DDS_ALL","_T","_Z","N","PN","2020",null,"Q",false,null,null,"P1Y",{"$nulls":4},"S",null,null,3,null,"Number of Direct debits sent - from: Austria to: Estonia, All","Number of Direct debits sent - from: Austria to: Estonia, All","PN",6]
["PDD.A.AT.EE.2._T.DDS_ALL._T._Z.N.PN","A","AT","EE",2,"_T","DDS_ALL","_T","_Z","N","PN","2021",0,"A",false,null,null,"P1Y",{"$nulls":4},"S",null,null,3,null,"Number of Direct debits sent - from: Austria to: Estonia, All","Number of Direct debits sent - from: Austria to: Estonia, All","PN",6]
["PDD.A.AT.EE.2._T.DDS_ALL._T._Z.N.PN","A","AT","EE",2,"_T","DDS_ALL","_T","_Z","N","PN","2022",7.3E-05,"A",false,null,null,"P1Y",{"$nulls":4},"S",null,null,3,null,"Number of Direct debits sent - from: Austria to: Estonia, All","Number of Direct debits sent - from: Austria to: Estonia, All","PN",6]
["PDD.A.AT.ES.1._T.DDS_ALL._T._Z.N.EUR","A","AT","ES",1,"_T","DDS_ALL","_T","_Z","N","EUR","2022",91.30166650999999,"A",false,null,null,"P1Y",{"$nulls":4},"S",null,null,3,null,"Value of Direct debits received - from: Austria to: Spain, All","Value of Direct debits received - from: Austria to: Spain, All","EUR",6]
["PDD.A.AT.ES.1._T.DDS_ALL._T._Z.N.PN","A","AT","ES",1,"_T","DDS_ALL","_T","_Z","N","PN","2022",1.197127,"A",false,null,null,"P1Y",{"$nulls":4},"S",null,null,3,null,"Number of Direct debits received - from: Austria to: Spain, All","Number of Direct debits received - from: Austria to: Spain, All","PN",6]
["PDD.A.AT.ES.2.2100.DDS_ALL._T._Z.N.EUR","A","AT","ES",2,"2100","DDS_ALL","_T","_Z","N","EUR","2022",148.02740536,"A",false,null,null,"P1Y",{"$nulls":4},"S",null,null,3,null,"Value of Direct debits initiated in a file/batch, sent - from: Austria to: Spain, All","Value of Direct debits initiated in a file/batch, sent - from: Austria to: Spain, All","EUR",6]
["PDD.A.AT.ES.2.2100.DDS_ALL._T._Z.N.PN","A","AT","ES",2,"2100","DDS_ALL","_T","_Z","N","PN","2022",0.052812,"A",false,null,null,"P1Y",{"$nulls":4},"S",null,null,3,null,"Number of Direct debits initiated in a file/batch, sent - from: Austria to: Spain, All","Number of Direct debits initiated in a file/batch, sent - from: Austria to: Spain, All","PN",6]
["PDD.A.AT.ES.2.2200.DDS_ALL._T._Z.N.EUR","A","AT","ES",2,"2200","DDS_ALL","_T","_Z","N","EUR","2022",24.38959321,"A",false,null,null,"P1Y",{"$nulls":4},"S",null,null,3,null,"Value of Direct debits initiated on a single payment basis, sent - from: Austria to: Spain, All","Value of Direct debits initiated on a single payment basis, sent - from: Austria to: Spain, All","EUR",6]
["PDD.A.AT.ES.2.2200.DDS_ALL._T._Z.N.PN","A","AT","ES",2,"2200","DDS_ALL","_T","_Z","N","PN","2022",0.002056,"A",false,null,null,"P1Y",{"$nulls":4},"S",null,null,3,null,"Number of Direct debits initiated on a single payment basis, sent - from: Austria to: Spain, All","Number of Direct debits initiated on a single payment basis, sent - from: Austria to: Spain, All","PN",6]
["PDD.A.AT.ES.2._T.DDS_ALL._T._Z.N.EUR","A","AT","ES",2,"_T","DDS_ALL","_T","_Z","N","EUR","2014",94.747,"A",false,null,null,"P1Y",{"$nulls":4},"S",null,null,3,null,"Value of Direct debits sent - from: Austria to: Spain, All","Value of Direct debits sent - from: Austria to: Spain, All","EUR",6]
["PDD.A.AT.ES.2._T.DDS_ALL._T._Z.N.EUR","A","AT","ES",2,"_T","DDS_ALL","_T","_Z","N","EUR","2015",166.239,"A",false,null,null,"P1Y",{"$nulls":4},"S",null,null,3,null,"Value of Direct debits sent - from: Austria to: Spain, All","Value of Direct debits sent - from: Austria to: Spain, All","EUR",6]
["PDD.A.AT.ES.2._T.DDS_ALL._T._Z.N.EUR","A","AT","ES",2,"_T","DDS_ALL","_T","_Z","N","EUR","2016",64.663,"A",false,null,null,"P1Y",{"$nulls":4},"S",null,null,3,null,"Value of Direct debits sent - from: Austria to: Spain, All","Value of Direct debits sent - from: Austria to: Spain, All","EUR",6]
["PDD.A.AT.ES.2._T.DDS_ALL._T._Z.N.EUR","A","AT","ES",2,"_T","DDS_ALL","_T","_Z","N","EUR","2017",84.51,"A",false,null,null,"P1Y",{"$nulls":4},"S",null,null,3,null,"Value of Direct debits sent - from: Austria to: Spain, All","Value of Direct debits sent - from: Austria to: Spain, All","EUR",6]
["PDD.A.AT.ES.2._T.DDS_ALL._T._Z.N.EUR","A","AT","ES",2,"_T","DDS_ALL","_T","_Z","N","EUR","2018",98.86,"A",false,null,null,"P1Y",{"$nulls":4},"S",null,null,3,null,"Value of Direct debits sent - from: Austria to: Spain, All","Value of Direct debits sent - from: Austria to: Spain, All","EUR",6]
["PDD.A.AT.ES.2._T.DDS_ALL._T._Z.N.EUR","A","AT","ES",2,"_T","DDS_ALL","_T","_Z","N","EUR","2019",105.02,"A",false,null,null,"P1Y",{"$nulls":4},"S",null,null,3,null,"Value of Direct debits sent - from: Austria to: Spain, All","Value of Direct debits sent - from: Austria to: Spain, All","EUR",6]
["PDD.A.AT.ES.2._T.DDS_ALL._T._Z.N.EUR","A","AT","ES",2,"_T","DDS_ALL","_T","_Z","N","EUR","2020",78.412,"A",false,null,null,"P1Y",{"$nulls":4},"S",null,null,3,null,"Value of Direct debits sent - from: Austria to: Spain, All","Value of Direct debits sent - from: Austria to: Spain, All","EUR",6]
["PDD.A.AT.ES.2._T.DDS_ALL._T._Z.N.EUR","A","AT","ES",2,"_T","DDS_ALL","_T","_Z","N","EUR","2021",136.249,"A",false,null,null,"P1Y",{"$nulls":4},"S",null,null,3,null,"Value of Direct debits sent - from: Austria to: Spain, All","Value of Direct debits sent - from: Austria to: Spain, All","EUR",6]
["PDD.A.AT.ES.2._T.DDS_ALL._T._Z.N.EUR","A","AT","ES",2,"_T","DDS_ALL","_T","_Z","N","EUR","2022",172.41699857,"A",false,null,null,"P1Y",{"$nulls":4},"S",null,null,3,null,"Value of Direct debits sent - from: Austria to: Spain, All","Value of Direct debits sent - from: Austria to: Spain, All","EUR",6]
["PDD.A.AT.ES.2._T.DDS_ALL._T._Z.N.PN","A","AT","ES",2,"_T","DDS_ALL","_T","_Z","N","PN","2014",0.245,"A",false,null,null,"P1Y",{"$nulls":4},"S",null,null,3,null,"Number of Direct debits sent - from: Austria to: Spain, All","Number of Direct debits sent - from: Austria to: Spain, All","PN",6]
["PDD.A.AT.ES.2._T.DDS_ALL._T._Z.N.PN","A","AT","ES",2,"_T","DDS_ALL","_T","_Z","N","PN","2015",0.401,"A",false,null,null,"P1Y",{"$nulls":4},"S",null,null,3,null,"Number of Direct debits sent - from: Austria to: Spain, All","Number of Direct debits sent - from: Austria to: Spain, All","PN",6]
["PDD.A.AT.ES.2._T.DDS_ALL._T._Z.N.PN","A","AT","ES",2,"_T","DDS_ALL","_T","_Z","N","PN","2016",0.023,"A",false,null,null,"P1Y",{"$nulls":4},"S",null,null,3,null,"Number of Direct debits sent - from: Austria to: Spain, All","Number of Direct debits sent - from: Austria to: Spain, All","PN",6]
["PDD.A.AT.ES.2._T.DDS_ALL._T._Z.N.PN","A","AT","ES",2,"_T","DDS_ALL","_T","_Z","N","PN","2017",0.027,"A",false,null,null,"P1Y",{"$nulls":4},"S",null,null,3,null,"Number of Direct debits sent - from: Austria to: Spain, All","Number of Direct debits sent - from: Austria to: Spain, All","PN",6]
["PDD.A.AT.ES.2._T.DDS_ALL._T._Z.N.PN","A","AT","ES",2,"_T","DDS_ALL","_T","_Z","N","PN","2018",0.032,"A",false,null,null,"P1Y",{"$nulls":4},"S",null,null,3,null,"Number of Direct debits sent - from: Austria to: Spain, All","Number of Direct debits sent - from: Austria to: Spain, All","PN",6]
["PDD.A.AT.ES.2._T.DDS_ALL._T._Z.N.PN","A","AT","ES",2,"_T","DDS_ALL","_T","_Z","N","PN","2019",0.032,"A",false,null,null,"P1Y",{"$nulls":4},"S",null,null,3,null,"Number of Direct debits sent - from: Austria to: Spain, All","Number of Direct debits sent - from: Austria to: Spain, All","PN",6]
["PDD.A.AT.ES.2._T.DDS_ALL._T._Z.N.PN","A","AT","ES",2,"_T","DDS_ALL","_T","_Z","N","PN","2020",0.037,"A",false,null,null,"P1Y",{"$nulls":4},"S",null,null,3,null,"Number of Direct debits sent - from: Austria to: Spain, All","Number of Direct debits sent - from: Austria to: Spain, All","PN",6]
["PDD.A.AT.ES.2._T.DDS_ALL._T._Z.N.PN","A","AT","ES",2,"_T","DDS_ALL","_T","_Z","N","PN","2021",0.049,"A",false,null,null,"P1Y",{"$nulls":4},"S",null,null,3,null,"Number of Direct debits sent - from: Austria to: Spain, All","Number of Direct debits sent - from: Austria to: Spain, All","PN",6]
["PDD.A.AT.ES.2._T.DDS_ALL._T._Z.N.PN","A","AT","ES",2,"_T","DDS_ALL","_T","_Z","N","PN","2022",0.054868,"A",false,null,null,"P1Y",{"$nulls":4},"S",null,null,3,null,"Number of Direct debits sent - from: Austria to: Spain, All","Number of Direct debits sent - from: Austria to: Spain, All","PN",6]
["PDD.A.AT.FI.1._T.DDS_ALL._T._Z.N.EUR","A","AT","FI",1,"_T","DDS_ALL","_T","_Z","N","EUR","2022",21.58794401,"A",false,null,null,"P1Y",{"$nulls":4},"S",null,null,3,null,"Value of Direct debits received - from: Austria to: Finland, All","Value of Direct debits received - from: Austria to: Finland, All","EUR",6]
["PDD.A.AT.FI.1._T.DDS_ALL._T._Z.N.PN","A","AT","FI",1,"_T","DDS_ALL","_T","_Z","N","PN","2022",0.097118,"A",false,null,null,"P1Y",{"$nulls":4},"S",null,null,3,null,"Number of Direct debits received - from: Austria to: Finland, All","Number of Direct debits received - from: Austria to: Finland, All","PN",6]
["PDD.A.AT.FI.2.2100.DDS_ALL._T._Z.N.EUR","A","AT","FI",2,"2100","DDS_ALL","_T","_Z","N","EUR","2022",28.94014019,"A",false,null,null,"P1Y",{"$nulls":4},"S",null,null,3,null,"Value of Direct debits initiated in a file/batch, sent - from: Austria to: Finland, All","Value of Direct debits initiated in a file/batch, sent - from: Austria to: Finland, All","EUR",6]
["PDD.A.AT.FI.2.2100.DDS_ALL._T._Z.N.PN","A","AT","FI",2,"2100","DDS_ALL","_T","_Z","N","PN","2022",0.01679,"A",false,null,null,"P1Y",{"$nulls":4},"S",null,null,3,null,"Number of Direct debits initiated in a file/batch, sent - from: Austria to: Finland, All","Number of Direct debits initiated in a file/batch, sent - from: Austria to: Finland, All","PN",6]
["PDD.A.AT.FI.2.2200.DDS_ALL._T._Z.N.EUR","A","AT","FI",2,"2200","DDS_ALL","_T","_Z","N","EUR","2022",0.34789443,"A",false,null,null,"P1Y",{"$nulls":4},"S",null,null,3,null,"Value of Direct debits initiated on a single payment basis, sent - from: Austria to: Finland, All","Value of Direct debits initiated on a single payment basis, sent - from: Austria to: Finland, All","EUR",6]
["PDD.A.AT.FI.2.2200.DDS_ALL._T._Z.N.PN","A","AT","FI",2,"2200","DDS_ALL","_T","_Z","N","PN","2022",0.000159,"A",false,null,null,"P1Y",{"$nulls":4},"S",null,null,3,null,"Number of Direct debits initiated on a single payment basis, sent - from: Austria to: Finland, All","Number of Direct debits initiated on a single payment basis, sent - from: Austria to: Finland, All","PN",6]
["PDD.A.AT.FI.2._T.DDS_ALL._T._Z.N.EUR","A","AT","FI",2,"_T","DDS_ALL","_T","_Z","N","EUR","2014",1.15,"A",false,null,null,"P1Y",{"$nulls":4},"S",null,null,3,null,"Value of Direct debits sent - from: Austria to: Finland, All","Value of Direct debits sent - from: Austria to: Finland, All","EUR",6]
["PDD.A.AT.FI.2._T.DDS_ALL._T._Z.N.EUR","A","AT","FI",2,"_T","DDS_ALL","_T","_Z","N","EUR","2015",1.877,"A",false,null,null,"P1Y",{"$nulls":4},"S",null,null,3,null,"Value of Direct debits sent - from: Austria to: Finland, All","Value of Direct debits sent - from: Austria to: Finland, All","EUR",6]
["PDD.A.AT.FI.2._T.DDS_ALL._T._Z.N.EUR","A","AT","FI",2,"_T","DDS_ALL","_T","_Z","N","EUR","2016",10.087,"A",false,null,null,"P1Y",{"$nulls":4},"S",null,null,3,null,"Value of Direct debits sent - from: Austria to: Finland, All","Value of Direct debits sent - from: Austria to: Finland, All","EUR",6]
["PDD.A.AT.FI.2._T.DDS_ALL._T._Z.N.EUR","A","AT","FI",2,"_T","DDS_ALL","_T","_Z","N","EUR","2017",14.108,"A",false,null,null,"P1Y",{"$nulls":4},"S",null,null,3,null,"Value of Direct debits sent - from: Austria to: Finland, All","Value of Direct debits sent - from: Austria to: Finland, All","EUR",6]
["PDD.A.AT.FI.2._T.DDS_ALL._T._Z.N.EUR","A","AT","FI",2,"_T","DDS_ALL","_T","_Z","N","EUR","2018",16.47,"A",false,null,null,"P1Y",{"$nulls":4},"S",null,null,3,null,"Value of Direct debits sent - from: Austria to: Finland, All","Value of Direct debits sent - from: Austria to: Finland, All","EUR",6]
["PDD.A.AT.FI.2._T.DDS_ALL._T._Z.N.EUR","A","AT","FI",2,"_T","DDS_ALL","_T","_Z","N","EUR","2019",93.751,"A",false,null,null,"P1Y",{"$nulls":4},"S",null,null,3,null,"Value of Direct debits sent - from: Austria to: Finland, All","Value of Direct debits sent - from: Austria to: Finland, All","EUR",6]
["PDD.A.AT.FI.2._T.DDS_ALL._T._Z.N.EUR","A","AT","FI",2,"_T","DDS_ALL","_T","_Z","N","EUR","2020",20.079,"A",false,null,null,"P1Y",{"$nulls":4},"S",null,null,3,null,"Value of Direct debits sent - from: Austria to: Finland, All","Value of Direct debits sent - from: Austria to: Finland, All","EUR",6]
["PDD.A.AT.FI.2._T.DDS_ALL._T._Z.N.EUR","A","AT","FI",2,"_T","DDS_ALL","_T","_Z","N","EUR","2021",28.534,"A",false,null,null,"P1Y",{"$nulls":4},"S",null,null,3,null,"Value of Direct debits sent - from: Austria to: Finland, All","Value of Direct debits sent - from: Austria to: Finland, All","EUR",6]
["PDD.A.AT.FI.2._T.DDS_ALL._T._Z.N.EUR","A","AT","FI",2,"_T","DDS_ALL","_T","_Z","N","EUR","2022",29.28803462,"A",false,null,null,"P1Y",{"$nulls":4},"S",null,null,3,null,"Value of Direct debits sent - from: Austria to: Finland, All","Value of Direct debits sent - from: Austria to: Finland, All","EUR",6]
["PDD.A.AT.FI.2._T.DDS_ALL._T._Z.N.PN","A","AT","FI",2,"_T","DDS_ALL","_T","_Z","N","PN","2014",0,"A",false,null,null,"P1Y",{"$nulls":4},"S",null,null,3,null,"Number of Direct debits sent - from: Austria to: Finland, All","Number of Direct debits sent - from: Austria to: Finland, All","PN",6]
["PDD.A.AT.FI.2._T.DDS_ALL._T._Z.N.PN","A","AT","FI",2,"_T","DDS_ALL","_T","_Z","N","PN","2015",0.001,"A",false,null,null,"P1Y",{"$nulls":4},"S",null,null,3,null,"Number of Direct debits sent - from: Austria to: Finland, All","Number of Direct debits sent - from: Austria to: Finland, All","PN",6]
["PDD.A.AT.FI.2._T.DDS_ALL._T._Z.N.PN","A","AT","FI",2,"_T","DDS_ALL","_T","_Z","N","PN","2016",0.002,"A",false,null,null,"P1Y",{"$nulls":4},"S",null,null,3,null,"Number of Direct debits sent - from: Austria to: Finland, All","Number of Direct debits sent - from: Austria to: Finland, All","PN",6]
["PDD.A.AT.FI.2._T.DDS_ALL._T._Z.N.PN","A","AT","FI",2,"_T","DDS_ALL","_T","_Z","N","PN","2017",0.004,"A",false,null,null,"P1Y",{"$nulls":4},"S",null,null,3,null,"Number of Direct debits sent - from: Austria to: Finland, All","Number of Direct debits sent - from: Austria to: Finland, All","PN",6]
["PDD.A.AT.FI.2._T.DDS_ALL._T._Z.N.PN","A","AT","FI",2,"_T","DDS_ALL","_T","_Z","N","PN","2018",0.007,"A",false,null,null,"P1Y",{"$nulls":4},"S",null,null,3,null,"Number of Direct debits sent - from: Austria to: Finland, All","Number of Direct debits sent - from: Austria to: Finland, All","PN",6]
["PDD.A.AT.FI.2._T.DDS_ALL._T._Z.N.PN","A","AT","FI",2,"_T","DDS_ALL","_T","_Z","N","PN","2019",0.01,"A",false,null,null,"P1Y",{"$nulls":4},"S",null,null,3,null,"Number of Direct debits sent - from: Austria to: Finland, All","Number of Direct debits sent - from: Austria to: Finland, All","PN",6]
["PDD.A.AT.FI.2._T.DDS_ALL._T._Z.N.PN","A","AT","FI",2,"_T","DDS_ALL","_T","_Z","N","PN","2020",0.012,"A",false,null,null,"P1Y",{"$nulls":4},"S",null,null,3,null,"Number of Direct debits sent - from: Austria to: Finland, All","Number of Direct debits sent - from: Austria to: Finland, All","PN",6]
["PDD.A.AT.FI.2._T.DDS_ALL._T._Z.N.PN","A","AT","FI",2,"_T","DDS_ALL","_T","_Z","N","PN","2021",0.017,"A",false,null,null,"P1Y",{"$nulls":4},"S",null,null,3,null,"Number of Direct debits sent - from: Austria to: Finland, All","Number of Direct debits sent - from: Austria to: Finland, All","PN",6]
["PDD.A.AT.FI.2._T.DDS_ALL._T._Z.N.PN","A","AT","FI",2,"_T","DDS_ALL","_T","_Z","N","PN","2022",0.016949,"A",false,null,null,"P1Y",{"$nulls":4},"S",null,null,3,null,"Number of Direct debits sent - from: Austria to: Finland, All","Number of Direct debits sent - from: Austria to: Finland, All","PN",6]
["PDD.A.AT.FR.1._T.DDS_ALL._T._Z.N.EUR","A","AT","FR",1,"_T","DDS_ALL","_T","_Z","N","EUR","2022",1275.37583772,"A",false,null,null,"P1Y",{"$nulls":4},"S",null,null,3,null,"Value of Direct debits received - from: Austria to: France, All","Value of Direct debits received - from: Austria to: France, All","EUR",6]
["PDD.A.AT.FR.1._T.DDS_ALL._T._Z.N.PN","A","AT","FR",1,"_T","DDS_ALL","_T","_Z","N","PN","2022",9.056722,"A",false,null,null,"P1Y",{"$nulls":4},"S",null,null,3,null,"Number of Direct debits received - from: Austria to: France, All","Number of Direct debits received - from: Austria to: France, All","PN",6]
["PDD.A.AT.FR.2.2100.DDS_ALL._T._Z.N.EUR","A","AT","FR",2,"2100","DDS_ALL","_T","_Z","N","EUR","2022",228.90314588,"A",false,null,null,"P1Y",{"$nulls":4},"S",null,null,3,null,"Value of Direct debits initiated in a file/batch, sent - from: Austria to: France, All","Value of Direct debits initiated in a file/batch, sent - from: Austria to: France, All","EUR",6]
["PDD.A.AT.FR.2.2100.DDS_ALL._T._Z.N.PN","A","AT","FR",2,"2100","DDS_ALL","_T","_Z","N","PN","2022",0.087489,"A",false,null,null,"P1Y",{"$nulls":4},"S",null,null,3,null,"Number of Direct debits initiated in a file/batch, sent - from: Austria to: France, All","Number of Direct debits initiated in a file/batch, sent - from: Austria to: France, All","PN",6]
["PDD.A.AT.FR.2.2200.DDS_ALL._T._Z.N.EUR","A","AT","FR",2,"2200","DDS_ALL","_T","_Z","N","EUR","2022",24.74314927,"A",false,null,null,"P1Y",{"$nulls":4},"S",null,null,3,null,"Value of Direct debits initiated on a single payment basis, sent - from: Austria to: France, All","Value of Direct debits initiated on a single payment basis, sent - from: Austria to: France, All","EUR",6]
["PDD.A.AT.FR.2.2200.DDS_ALL._T._Z.N.PN","A","AT","FR",2,"2200","DDS_ALL","_T","_Z","N","PN","2022",0.001925,"A",false,null,null,"P1Y",{"$nulls":4},"S",null,null,3,null,"Number of Direct debits initiated on a single payment basis, sent - from: Austria to: France, All","Number of Direct debits initiated on a single payment basis, sent - from: Austria to: France, All","PN",6]
["PDD.A.AT.FR.2._T.DDS_ALL._T._Z.N.EUR","A","AT","FR",2,"_T","DDS_ALL","_T","_Z","N","EUR","2014",197.224,"A",false,null,null,"P1Y",{"$nulls":4},"S",null,null,3,null,"Value of Direct debits sent - from: Austria to: France, All","Value of Direct debits sent - from: Austria to: France, All","EUR",6]
["PDD.A.AT.FR.2._T.DDS_ALL._T._Z.N.EUR","A","AT","FR",2,"_T","DDS_ALL","_T","_Z","N","EUR","2015",285.062,"A",false,null,null,"P1Y",{"$nulls":4},"S",null,null,3,null,"Value of Direct debits sent - from: Austria to: France, All","Value of Direct debits sent - from: Austria to: France, All","EUR",6]
["PDD.A.AT.FR.2._T.DDS_ALL._T._Z.N.EUR","A","AT","FR",2,"_T","DDS_ALL","_T","_Z","N","EUR","2016",94.105,"A",false,null,null,"P1Y",{"$nulls":4},"S",null,null,3,null,"Value of Direct debits sent - from: Austria to: France, All","Value of Direct debits sent - from: Austria to: France, All","EUR",6]
["PDD.A.AT.FR.2._T.DDS_ALL._T._Z.N.EUR","A","AT","FR",2,"_T","DDS_ALL","_T","_Z","N","EUR","2017",115.551,"A",false,null,null,"P1Y",{"$nulls":4},"S",null,null,3,null,"Value of Direct debits sent - from: Austria to: France, All","Value of Direct debits sent - from: Austria to: France, All","EUR",6]
["PDD.A.AT.FR.2._T.DDS_ALL._T._Z.N.EUR","A","AT","FR",2,"_T","DDS_ALL","_T","_Z","N","EUR","2018",135.968,"A",false,null,null,"P1Y",{"$nulls":4},"S",null,null,3,null,"Value of Direct debits sent - from: Austria to: France, All","Value of Direct debits sent - from: Austria to: France, All","EUR",6]
["PDD.A.AT.FR.2._T.DDS_ALL._T._Z.N.EUR","A","AT","FR",2,"_T","DDS_ALL","_T","_Z","N","EUR","2019",162.863,"A",false,null,null,"P1Y",{"$nulls":4},"S",null,null,3,null,"Value of Direct debits sent - from: Austria to: France, All","Value of Direct debits sent - from: Austria to: France, All","EUR",6]
["PDD.A.AT.FR.2._T.DDS_ALL._T._Z.N.EUR","A","AT","FR",2,"_T","DDS_ALL","_T","_Z","N","EUR","2020",160.706,"A",false,null,null,"P1Y",{"$nulls":4},"S",null,null,3,null,"Value of Direct debits sent - from: Austria to: France, All","Value of Direct debits sent - from: Austria to: France, All","EUR",6]
["PDD.A.AT.FR.2._T.DDS_ALL._T._Z.N.EUR","A","AT","FR",2,"_T","DDS_ALL","_T","_Z","N","EUR","2021",226.864,"A",false,null,null,"P1Y",{"$nulls":4},"S",null,null,3,null,"Value of Direct debits sent - from: Austria to: France, All","Value of Direct debits sent - from: Austria to: France, All","EUR",6]
["PDD.A.AT.FR.2._T.DDS_ALL._T._Z.N.EUR","A","AT","FR",2,"_T","DDS_ALL","_T","_Z","N","EUR","2022",253.64629515,"A",false,null,null,"P1Y",{"$nulls":4},"S",null,null,3,null,"Value of Direct debits sent - from: Austria to: France, All","Value of Direct debits sent - from: Austria to: France, All","EUR",6]
["PDD.A.AT.FR.2._T.DDS_ALL._T._Z.N.PN","A","AT","FR",2,"_T","DDS_ALL","_T","_Z","N","PN","2014",0.297,"A",false,null,null,"P1Y",{"$nulls":4},"S",null,null,3,null,"Number of Direct debits sent - from: Austria to: France, All","Number of Direct debits sent - from: Austria to: France, All","PN",6]
["PDD.A.AT.FR.2._T.DDS_ALL._T._Z.N.PN","A","AT","FR",2,"_T","DDS_ALL","_T","_Z","N","PN","2015",0.494,"A",false,null,null,"P1Y",{"$nulls":4},"S",null,null,3,null,"Number of Direct debits sent - from: Austria to: France, All","Number of Direct debits sent - from: Austria to: France, All","PN",6]
["PDD.A.AT.FR.2._T.DDS_ALL._T._Z.N.PN","A","AT","FR",2,"_T","DDS_ALL","_T","_Z","N","PN","2016",0.027,"A",false,null,null,"P1Y",{"$nulls":4},"S",null,null,3,null,"Number of Direct debits sent - from: Austria to: France, All","Number of Direct debits sent - from: Austria to: France, All","PN",6]
["PDD.A.AT.FR.2._T.DDS_ALL._T._Z.N.PN","A","AT","FR",2,"_T","DDS_ALL","_T","_Z","N","PN","2017",0.039,"A",false,null,null,"P1Y",{"$nulls":4},"S",null,null,3,null,"Number of Direct debits sent - from: Austria to: France, All","Number of Direct debits sent - from: Austria to: France, All","PN",6]
["PDD.A.AT.FR.2._T.DDS_ALL._T._Z.N.PN","A","AT","FR",2,"_T","DDS_ALL","_T","_Z","N","PN","2018",0.052,"A",false,null,null,"P1Y",{"$nulls":4},"S",null,null,3,null,"Number of Direct debits sent - from: Austria to: France, All","Number of Direct debits sent - from: Austria to: France, All","PN",6]
["PDD.A.AT.FR.2._T.DDS_ALL._T._Z.N.PN","A","AT","FR",2,"_T","DDS_ALL","_T","_Z","N","PN","2019",0.062,"A",false,null,null,"P1Y",{"$nulls":4},"S",null,null,3,null,"Number of Direct debits sent - from: Austria to: France, All","Number of Direct debits sent - from: Austria to: France, All","PN",6]
["PDD.A.AT.FR.2._T.DDS_ALL._T._Z.N.PN","A","AT","FR",2,"_T","DDS_ALL","_T","_Z","N","PN","2020",0.067,"A",false,null,null,"P1Y",{"$nulls":4},"S",null,null,3,null,"Number of Direct debits sent - from: Austria to: France, All","Number of Direct debits sent - from: Austria to: France, All","PN",6]
["PDD.A.AT.FR.2._T.DDS_ALL._T._Z.N.PN","A","AT","FR",2,"_T","DDS_ALL","_T","_Z","N","PN","2021",0.109,"A",false,null,null,"P1Y",{"$nulls":4},"S",null,null,3,null,"Number of Direct debits sent - from: Austria to: France, All","Number of Direct debits sent - from: Austria to: France, All","PN",6]
["PDD.A.AT.FR.2._T.DDS_ALL._T._Z.N.PN","A","AT","FR",2,"_T","DDS_ALL","_T","_Z","N","PN","2022",0.089414,"A",false,null,null,"P1Y",{"$nulls":4},"S",null,null,3,null,"Number of Direct debits sent - from: Austria to: France, All","Number of Direct debits sent - from: Austria to: France, All","PN",6]
["PDD.A.AT.G1.1._T.DDS_ALL._T._Z.N.EUR","A","AT","G1",1,"_T","DDS_ALL","_T","_Z","N","EUR","2022",78.91359584,"A",false,null,null,"P1Y",{"$nulls":4},"S",null,null,3,null,"Value of Direct debits received - from: Austria to: Extra EEA, All","Value of Direct debits received - from: Austria to: Extra EEA, All","EUR",6]
["PDD.A.AT.G1.1._T.DDS_ALL._T._Z.N.PN","A","AT","G1",1,"_T","DDS_ALL","_T","_Z","N","PN","2022",0.322035,"A",false,null,null,"P1Y",{"$nulls":4},"S",null,null,3,null,"Number of Direct debits received - from: Austria to: Extra EEA, All","Number of Direct debits received - from: Austria to: Extra EEA, All","PN",6]
["PDD.A.AT.G1.2.2100.DDS_ALL._T._Z.N.EUR","A","AT","G1",2,"2100","DDS_ALL","_T","_Z","N","EUR","2022",34.05092026,"A",false,null,null,"P1Y",{"$nulls":4},"S",null,null,3,null,"Value of Direct debits initiated in a file/batch, sent - from: Austria to: Extra EEA, All","Value of Direct debits initiated in a file/batch, sent - from: Austria to: Extra EEA, All","EUR",6]
["PDD.A.AT.G1.2.2100.DDS_ALL._T._Z.N.PN","A","AT","G1",2,"2100","DDS_ALL","_T","_Z","N","PN","2022",0.020155,"A",false,null,null,"P1Y",{"$nulls":4},"S",null,null,3,null,"Number of Direct debits initiated in a file/batch, sent - from: Austria to: Extra EEA, All","Number of Direct debits initiated in a file/batch, sent - from: Austria to: Extra EEA, All","PN",6]
["PDD.A.AT.G1.2.2200.DDS_ALL._T._Z.N.EUR","A","AT","G1",2,"2200","DDS_ALL","_T","_Z","N","EUR","2022",93.81427344,"A",false,null,null,"P1Y",{"$nulls":4},"S",null,null,3,null,"Value of Direct debits initiated on a single payment basis, sent - from: Austria to: Extra EEA, All","Value of Direct debits initiated on a single payment basis, sent - from: Austria to: Extra EEA, All","EUR",6]
["PDD.A.AT.G1.2.2200.DDS_ALL._T._Z.N.PN","A","AT","G1",2,"2200","DDS_ALL","_T","_Z","N","PN","2022",0.003702,"A",false,null,null,"P1Y",{"$nulls":4},"S",null,null,3,null,"Number of Direct debits initiated on a single payment basis, sent - from: Austria to: Extra EEA, All","Number of Direct debits initiated on a single payment basis, sent - from: Austria to: Extra EEA, All","PN",6]
["PDD.A.AT.G1.2._T.DDS_ALL._T._Z.N.EUR","A","AT","G1",2,"_T","DDS_ALL","_T","_Z","N","EUR","2014",103.963,"A",false,null,null,"P1Y",{"$nulls":4},"S",null,null,3,null,"Value of Direct debits sent - from: Austria to: Extra EEA, All","Value of Direct debits sent - from: Austria to: Extra EEA, All","EUR",6]
["PDD.A.AT.G1.2._T.DDS_ALL._T._Z.N.EUR","A","AT","G1",2,"_T","DDS_ALL","_T","_Z","N","EUR","2015",92.011,"A",false,null,null,"P1Y",{"$nulls":4},"S",null,null,3,null,"Value of Direct debits sent - from: Austria to: Extra EEA, All","Value of Direct debits sent - from: Austria to: Extra EEA, All","EUR",6]
["PDD.A.AT.G1.2._T.DDS_ALL._T._Z.N.EUR","A","AT","G1",2,"_T","DDS_ALL","_T","_Z","N","EUR","2016",104.421,"A",false,null,null,"P1Y",{"$nulls":4},"S",null,null,3,null,"Value of Direct debits sent - from: Austria to: Extra EEA, All","Value of Direct debits sent - from: Austria to: Extra EEA, All","EUR",6]
["PDD.A.AT.G1.2._T.DDS_ALL._T._Z.N.EUR","A","AT","G1",2,"_T","DDS_ALL","_T","_Z","N","EUR","2017",116.323,"A",false,null,null,"P1Y",{"$nulls":4},"S",null,null,3,null,"Value of Direct debits sent - from: Austria to: Extra EEA, All","Value of Direct debits sent - from: Austria to: Extra EEA, All","EUR",6]
["PDD.A.AT.G1.2._T.DDS_ALL._T._Z.N.EUR","A","AT","G1",2,"_T","DDS_ALL","_T","_Z","N","EUR","2018",103.755,"A",false,null,null,"P1Y",{"$nulls":4},"S",null,null,3,null,"Value of Direct debits sent - from: Austria to: Extra EEA, All","Value of Direct debits sent - from: Austria to: Extra EEA, All","EUR",6]
["PDD.A.AT.G1.2._T.DDS_ALL._T._Z.N.EUR","A","AT","G1",2,"_T","DDS_ALL","_T","_Z","N","EUR","2019",67.785,"A",false,null,null,"P1Y",{"$nulls":4},"S",null,null,3,null,"Value of Direct debits sent - from: Austria to: Extra EEA, All","Value of Direct debits sent - from: Austria to: Extra EEA, All","EUR",6]
["PDD.A.AT.G1.2._T.DDS_ALL._T._Z.N.EUR","A","AT","G1",2,"_T","DDS_ALL","_T","_Z","N","EUR","2020",65.991,"A",false,null,null,"P1Y",{"$nulls":4},"S",null,null,3,null,"Value of Direct debits sent - from: Austria to: Extra EEA, All","Value of Direct debits sent - from: Austria to: Extra EEA, All","EUR",6]
["PDD.A.AT.G1.2._T.DDS_ALL._T._Z.N.EUR","A","AT","G1",2,"_T","DDS_ALL","_T","_Z","N","EUR","2021",102.51,"A",false,null,null,"P1Y",{"$nulls":4},"S",null,null,3,null,"Value of Direct debits sent - from: Austria to: Extra EEA, All","Value of Direct debits sent - from: Austria to: Extra EEA, All","EUR",6]
["PDD.A.AT.G1.2._T.DDS_ALL._T._Z.N.EUR","A","AT","G1",2,"_T","DDS_ALL","_T","_Z","N","EUR","2022",127.8651937,"A",false,null,null,"P1Y",{"$nulls":4},"S",null,null,3,null,"Value of Direct debits sent - from: Austria to: Extra EEA, All","Value of Direct debits sent - from: Austria to: Extra EEA, All","EUR",6]
["PDD.A.AT.G1.2._T.DDS_ALL._T._Z.N.PN","A","AT","G1",2,"_T","DDS_ALL","_T","_Z","N","PN","2014",0.007,"A",false,null,null,"P1Y",{"$nulls":4},"S",null,null,3,null,"Number of Direct debits sent - from: Austria to: Extra EEA, All","Number of Direct debits sent - from: Austria to: Extra EEA, All","PN",6]
["PDD.A.AT.G1.2._T.DDS_ALL._T._Z.N.PN","A","AT","G1",2,"_T","DDS_ALL","_T","_Z","N","PN","2015",0.004,"A",false,null,null,"P1Y",{"$nulls":4},"S",null,null,3,null,"Number of Direct debits sent - from: Austria to: Extra EEA, All","Number of Direct debits sent - from: Austria to: Extra EEA, All","PN",6]
["PDD.A.AT.G1.2._T.DDS_ALL._T._Z.N.PN","A","AT","G1",2,"_T","DDS_ALL","_T","_Z","N","PN","2016",0.005,"A",false,null,null,"P1Y",{"$nulls":4},"S",null,null,3,null,"Number of Direct debits sent - from: Austria to: Extra EEA, All","Number of Direct debits sent - from: Austria to: Extra EEA, All","PN",6]
["PDD.A.AT.G1.2._T.DDS_ALL._T._Z.N.PN","A","AT","G1",2,"_T","DDS_ALL","_T","_Z","N","PN","2017",0.007,"A",false,null,null,"P1Y",{"$nulls":4},"S",null,null,3,null,"Number of Direct debits sent - from: Austria to: Extra EEA, All","Number of Direct debits sent - from: Austria to: Extra EEA, All","PN",6]
["PDD.A.AT.G1.2._T.DDS_ALL._T._Z.N.PN","A","AT","G1",2,"_T","DDS_ALL","_T","_Z","N","PN","2018",0.009,"A",false,null,null,"P1Y",{"$nulls":4},"S",null,null,3,null,"Number of Direct debits sent - from: Austria to: Extra EEA, All","Number of Direct debits sent - from: Austria to: Extra EEA, All","PN",6]
["PDD.A.AT.G1.2._T.DDS_ALL._T._Z.N.PN","A","AT","G1",2,"_T","DDS_ALL","_T","_Z","N","PN","2019",0.017,"A",false,null,null,"P1Y",{"$nulls":4},"S",null,null,3,null,"Number of Direct debits sent - from: Austria to: Extra EEA, All","Number of Direct debits sent - from: Austria to: Extra EEA, All","PN",6]
["PDD.A.AT.G1.2._T.DDS_ALL._T._Z.N.PN","A","AT","G1",2,"_T","DDS_ALL","_T","_Z","N","PN","2020",0.04,"A",false,null,null,"P1Y",{"$nulls":4},"S",null,null,3,null,"Number of Direct debits sent - from: Austria to: Extra EEA, All","Number of Direct debits sent - from: Austria to: Extra EEA, All","PN",6]
["PDD.A.AT.G1.2._T.DDS_ALL._T._Z.N.PN","A","AT","G1",2,"_T","DDS_ALL","_T","_Z","N","PN","2021",0.041,"A",false,null,null,"P1Y",{"$nulls":4},"S",null,null,3,null,"Number of Direct debits sent - from: Austria to: Extra EEA, All","Number of Direct debits sent - from: Austria to: Extra EEA, All","PN",6]
["PDD.A.AT.G1.2._T.DDS_ALL._T._Z.N.PN","A","AT","G1",2,"_T","DDS_ALL","_T","_Z","N","PN","2022",0.023857,"A",false,null,null,"P1Y",{"$nulls":4},"S",null,null,3,null,"Number of Direct debits sent - from: Austria to: Extra EEA, All","Number of Direct debits sent - from: Austria to: Extra EEA, All","PN",6]
["PDD.A.AT.G3.1._T.DDS_ALL._T._Z.N.EUR","A","AT","G3",1,"_T","DDS_ALL","_T","_Z","N","EUR","2022",27491.42676587999,"A",false,null,null,"P1Y",{"$nulls":4},"S",null,null,3,null,"Value of Direct debits received - from: Austria to: Other EEA countries, All","Value of Direct debits received - from: Austria to: Other EEA countries, All","EUR",6]
["PDD.A.AT.G3.1._T.DDS_ALL._T._Z.N.PN","A","AT","G3",1,"_T","DDS_ALL","_T","_Z","N","PN","2022",180.364607,"A",false,null,null,"P1Y",{"$nulls":4},"S",null,null,3,null,"Number of Direct debits received - from: Austria to: Other EEA countries, All","Number of Direct debits received - from: Austria to: Other EEA countries, All","PN",6]
["PDD.A.AT.G3.2.2100.DDS_ALL._T._Z.N.EUR","A","AT","G3",2,"2100","DDS_ALL","_T","_Z","N","EUR","2022",6775.40914812,"A",false,null,null,"P1Y",{"$nulls":4},"S",null,null,3,null,"Value of Direct debits initiated in a file/batch, sent - from: Austria to: Other EEA countries, All","Value of Direct debits initiated in a file/batch, sent - from: Austria to: Other EEA countries, All","EUR",6]
["PDD.A.AT.G3.2.2100.DDS_ALL._T._Z.N.PN","A","AT","G3",2,"2100","DDS_ALL","_T","_Z","N","PN","2022",7.495292,"A",false,null,null,"P1Y",{"$nulls":4},"S",null,null,3,null,"Number of Direct debits initiated in a file/batch, sent - from: Austria to: Other EEA countries, All","Number of Direct debits initiated in a file/batch, sent - from: Austria to: Other EEA countries, All","PN",6]
["PDD.A.AT.G3.2.2200.DDS_ALL._T._Z.N.EUR","A","AT","G3",2,"2200","DDS_ALL","_T","_Z","N","EUR","2022",623.1855904900001,"A",false,null,null,"P1Y",{"$nulls":4},"S",null,null,3,null,"Value of Direct debits initiated on a single payment basis, sent - from: Austria to: Other EEA countries, All","Value of Direct debits initiated on a single payment basis, sent - from: Austria to: Other EEA countries, All","EUR",6]
["PDD.A.AT.G3.2.2200.DDS_ALL._T._Z.N.PN","A","AT","G3",2,"2200","DDS_ALL","_T","_Z","N","PN","2022",0.156809,"A",false,null,null,"P1Y",{"$nulls":4},"S",null,null,3,null,"Number of Direct debits initiated on a single payment basis, sent - from: Austria to: Other EEA countries, All","Number of Direct debits initiated on a single payment basis, sent - from: Austria to: Other EEA countries, All","PN",6]
["PDD.A.AT.G3.2._T.DDS_ALL._T._Z.N.EUR","A","AT","G3",2,"_T","DDS_ALL","_T","_Z","N","EUR","2022",7398.594738610001,"A",false,null,null,"P1Y",{"$nulls":4},"S",null,null,3,null,"Value of Direct debits sent - from: Austria to: Other EEA countries, All","Value of Direct debits sent - from: Austria to: Other EEA countries, All","EUR",6]
["PDD.A.AT.G3.2._T.DDS_ALL._T._Z.N.PN","A","AT","G3",2,"_T","DDS_ALL","_T","_Z","N","PN","2022",7.652101,"A",false,null,null,"P1Y",{"$nulls":4},"S",null,null,3,null,"Number of Direct debits sent - from: Austria to: Other EEA countries, All","Number of Direct debits sent - from: Austria to: Other EEA countries, All","PN",6]
["PDD.A.AT.GR.1._T.DDS_ALL._T._Z.N.EUR","A","AT","GR",1,"_T","DDS_ALL","_T","_Z","N","EUR","2022",14.00371651,"A",false,null,null,"P1Y",{"$nulls":4},"S",null,null,3,null,"Value of Direct debits received - from: Austria to: Greece, All","Value of Direct debits received - from: Austria to: Greece, All","EUR",6]
["PDD.A.AT.GR.1._T.DDS_ALL._T._Z.N.PN","A","AT","GR",1,"_T","DDS_ALL","_T","_Z","N","PN","2022",0.315548,"A",false,null,null,"P1Y",{"$nulls":4},"S",null,null,3,null,"Number of Direct debits received - from: Austria to: Greece, All","Number of Direct debits received - from: Austria to: Greece, All","PN",6]
["PDD.A.AT.GR.2.2100.DDS_ALL._T._Z.N.EUR","A","AT","GR",2,"2100","DDS_ALL","_T","_Z","N","EUR","2022",0.31371477,"A",false,null,null,"P1Y",{"$nulls":4},"S",null,null,3,null,"Value of Direct debits initiated in a file/batch, sent - from: Austria to: Greece, All","Value of Direct debits initiated in a file/batch, sent - from: Austria to: Greece, All","EUR",6]
["PDD.A.AT.GR.2.2100.DDS_ALL._T._Z.N.PN","A","AT","GR",2,"2100","DDS_ALL","_T","_Z","N","PN","2022",0.001568,"A",false,null,null,"P1Y",{"$nulls":4},"S",null,null,3,null,"Number of Direct debits initiated in a file/batch, sent - from: Austria to: Greece, All","Number of Direct debits initiated in a file/batch, sent - from: Austria to: Greece, All","PN",6]
["PDD.A.AT.GR.2.2200.DDS_ALL._T._Z.N.EUR","A","AT","GR",2,"2200","DDS_ALL","_T","_Z","N","EUR","2022",0.06974882,"A",false,null,null,"P1Y",{"$nulls":4},"S",null,null,3,null,"Value of Direct debits initiated on a single payment basis, sent - from: Austria to: Greece, All","Value of Direct debits initiated on a single payment basis, sent - from: Austria to: Greece, All","EUR",6]
["PDD.A.AT.GR.2.2200.DDS_ALL._T._Z.N.PN","A","AT","GR",2,"2200","DDS_ALL","_T","_Z","N","PN","2022",1.4E-05,"A",false,null,null,"P1Y",{"$nulls":4},"S",null,null,3,null,"Number of Direct debits initiated on a single payment basis, sent - from: Austria to: Greece, All","Number of Direct debits initiated on a single payment basis, sent - from: Austria to: Greece, All","PN",6]
["PDD.A.AT.GR.2._T.DDS_ALL._T._Z.N.EUR","A","AT","GR",2,"_T","DDS_ALL","_T","_Z","N","EUR","2014",0.027,"A",false,null,null,"P1Y",{"$nulls":4},"S",null,null,3,null,"Value of Direct debits sent - from: Austria to: Greece, All","Value of Direct debits sent - from: Austria to: Greece, All","EUR",6]
["PDD.A.AT.GR.2._T.DDS_ALL._T._Z.N.EUR","A","AT","GR",2,"_T","DDS_ALL","_T","_Z","N","EUR","2015",0.035,"A",false,null,null,"P1Y",{"$nulls":4},"S",null,null,3,null,"Value of Direct debits sent - from: Austria to: Greece, All","Value of Direct debits sent - from: Austria to: Greece, All","EUR",6]
["PDD.A.AT.GR.2._T.DDS_ALL._T._Z.N.EUR","A","AT","GR",2,"_T","DDS_ALL","_T","_Z","N","EUR","2016",0.016,"A",false,null,null,"P1Y",{"$nulls":4},"S",null,null,3,null,"Value of Direct debits sent - from: Austria to: Greece, All","Value of Direct debits sent - from: Austria to: Greece, All","EUR",6]
["PDD.A.AT.GR.2._T.DDS_ALL._T._Z.N.EUR","A","AT","GR",2,"_T","DDS_ALL","_T","_Z","N","EUR","2017",0.048,"A",false,null,null,"P1Y",{"$nulls":4},"S",null,null,3,null,"Value of Direct debits sent - from: Austria to: Greece, All","Value of Direct debits sent - from: Austria to: Greece, All","EUR",6]
["PDD.A.AT.GR.2._T.DDS_ALL._T._Z.N.EUR","A","AT","GR",2,"_T","DDS_ALL","_T","_Z","N","EUR","2018",0.055,"A",false,null,null,"P1Y",{"$nulls":4},"S",null,null,3,null,"Value of Direct debits sent - from: Austria to: Greece, All","Value of Direct debits sent - from: Austria to: Greece, All","EUR",6]
["PDD.A.AT.GR.2._T.DDS_ALL._T._Z.N.EUR","A","AT","GR",2,"_T","DDS_ALL","_T","_Z","N","EUR","2019",0.13,"A",false,null,null,"P1Y",{"$nulls":4},"S",null,null,3,null,"Value of Direct debits sent - from: Austria to: Greece, All","Value of Direct debits sent - from: Austria to: Greece, All","EUR",6]
["PDD.A.AT.GR.2._T.DDS_ALL._T._Z.N.EUR","A","AT","GR",2,"_T","DDS_ALL","_T","_Z","N","EUR","2020",0.143,"A",false,null,null,"P1Y",{"$nulls":4},"S",null,null,3,null,"Value of Direct debits sent - from: Austria to: Greece, All","Value of Direct debits sent - from: Austria to: Greece, All","EUR",6]
["PDD.A.AT.GR.2._T.DDS_ALL._T._Z.N.EUR","A","AT","GR",2,"_T","DDS_ALL","_T","_Z","N","EUR","2021",0.267,"A",false,null,null,"P1Y",{"$nulls":4},"S",null,null,3,null,"Value of Direct debits sent - from: Austria to: Greece, All","Value of Direct debits sent - from: Austria to: Greece, All","EUR",6]
["PDD.A.AT.GR.2._T.DDS_ALL._T._Z.N.EUR","A","AT","GR",2,"_T","DDS_ALL","_T","_Z","N","EUR","2022",0.38346359,"A",false,null,null,"P1Y",{"$nulls":4},"S",null,null,3,null,"Value of Direct debits sent - from: Austria to: Greece, All","Value of Direct debits sent - from: Austria to: Greece, All","EUR",6]
["PDD.A.AT.GR.2._T.DDS_ALL._T._Z.N.PN","A","AT","GR",2,"_T","DDS_ALL","_T","_Z","N","PN","2014",0,"A",false,null,null,"P1Y",{"$nulls":4},"S",null,null,3,null,"Number of Direct debits sent - from: Austria to: Greece, All","Number of Direct debits sent - from: Austria to: Greece, All","PN",6]
["PDD.A.AT.GR.2._T.DDS_ALL._T._Z.N.PN","A","AT","GR",2,"_T","DDS_ALL","_T","_Z","N","PN","2015",0,"A",false,null,null,"P1Y",{"$nulls":4},"S",null,null,3,null,"Number of Direct debits sent - from: Austria to: Greece, All","Number of Direct debits sent - from: Austria to: Greece, All","PN",6]
["PDD.A.AT.GR.2._T.DDS_ALL._T._Z.N.PN","A","AT","GR",2,"_T","DDS_ALL","_T","_Z","N","PN","2016",0,"A",false,null,null,"P1Y",{"$nulls":4},"S",null,null,3,null,"Number of Direct debits sent - from: Austria to: Greece, All","Number of Direct debits sent - from: Austria to: Greece, All","PN",6]
["PDD.A.AT.GR.2._T.DDS_ALL._T._Z.N.PN","A","AT","GR",2,"_T","DDS_ALL","_T","_Z","N","PN","2017",0,"A",false,null,null,"P1Y",{"$nulls":4},"S",null,null,3,null,"Number of Direct debits sent - from: Austria to: Greece, All","Number of Direct debits sent - from: Austria to: Greece, All","PN",6]
["PDD.A.AT.GR.2._T.DDS_ALL._T._Z.N.PN","A","AT","GR",2,"_T","DDS_ALL","_T","_Z","N","PN","2018",0,"A",false,null,null,"P1Y",{"$nulls":4},"S",null,null,3,null,"Number of Direct debits sent - from: Austria to: Greece, All","Number of Direct debits sent - from: Austria to: Greece, All","PN",6]
["PDD.A.AT.GR.2._T.DDS_ALL._T._Z.N.PN","A","AT","GR",2,"_T","DDS_ALL","_T","_Z","N","PN","2019",0,"A",false,null,null,"P1Y",{"$nulls":4},"S",null,null,3,null,"Number of Direct debits sent - from: Austria to: Greece, All","Number of Direct debits sent - from: Austria to: Greece, All","PN",6]
["PDD.A.AT.GR.2._T.DDS_ALL._T._Z.N.PN","A","AT","GR",2,"_T","DDS_ALL","_T","_Z","N","PN","2020",0.001,"A",false,null,null,"P1Y",{"$nulls":4},"S",null,null,3,null,"Number of Direct debits sent - from: Austria to: Greece, All","Number of Direct debits sent - from: Austria to: Greece, All","PN",6]
["PDD.A.AT.GR.2._T.DDS_ALL._T._Z.N.PN","A","AT","GR",2,"_T","DDS_ALL","_T","_Z","N","PN","2021",0.001,"A",false,null,null,"P1Y",{"$nulls":4},"S",null,null,3,null,"Number of Direct debits sent - from: Austria to: Greece, All","Number of Direct debits sent - from: Austria to: Greece, All","PN",6]
["PDD.A.AT.GR.2._T.DDS_ALL._T._Z.N.PN","A","AT","GR",2,"_T","DDS_ALL","_T","_Z","N","PN","2022",0.001582,"A",false,null,null,"P1Y",{"$nulls":4},"S",null,null,3,null,"Number of Direct debits sent - from: Austria to: Greece, All","Number of Direct debits sent - from: Austria to: Greece, All","PN",6]
["PDD.A.AT.HR.1._T.DDS_ALL._T._Z.N.EUR","A","AT","HR",1,"_T","DDS_ALL","_T","_Z","N","EUR","2022",9.08949062,"A",false,null,null,"P1Y",{"$nulls":4},"S",null,null,3,null,"Value of Direct debits received - from: Austria to: Croatia, All","Value of Direct debits received - from: Austria to: Croatia, All","EUR",6]
["PDD.A.AT.HR.1._T.DDS_ALL._T._Z.N.PN","A","AT","HR",1,"_T","DDS_ALL","_T","_Z","N","PN","2022",0.129869,"A",false,null,null,"P1Y",{"$nulls":4},"S",null,null,3,null,"Number of Direct debits received - from: Austria to: Croatia, All","Number of Direct debits received - from: Austria to: Croatia, All","PN",6]
["PDD.A.AT.HR.2.2100.DDS_ALL._T._Z.N.EUR","A","AT","HR",2,"2100","DDS_ALL","_T","_Z","N","EUR","2022",0.04402341,"A",false,null,null,"P1Y",{"$nulls":4},"S",null,null,3,null,"Value of Direct debits initiated in a file/batch, sent - from: Austria to: Croatia, All","Value of Direct debits initiated in a file/batch, sent - from: Austria to: Croatia, All","EUR",6]
["PDD.A.AT.HR.2.2100.DDS_ALL._T._Z.N.PN","A","AT","HR",2,"2100","DDS_ALL","_T","_Z","N","PN","2022",7.4E-05,"A",false,null,null,"P1Y",{"$nulls":4},"S",null,null,3,null,"Number of Direct debits initiated in a file/batch, sent - from: Austria to: Croatia, All","Number of Direct debits initiated in a file/batch, sent - from: Austria to: Croatia, All","PN",6]
["PDD.A.AT.HR.2.2200.DDS_ALL._T._Z.N.EUR","A","AT","HR",2,"2200","DDS_ALL","_T","_Z","N","EUR","2022",null,"Q",false,null,null,"P1Y",{"$nulls":4},"S",null,null,3,null,"Value of Direct debits initiated on a single payment basis, sent - from: Austria to: Croatia, All","Value of Direct debits initiated on a single payment basis, sent - from: Austria to: Croatia, All","EUR",6]
["PDD.A.AT.HR.2.2200.DDS_ALL._T._Z.N.PN","A","AT","HR",2,"2200","DDS_ALL","_T","_Z","N","PN","2022",null,"Q",false,null,null,"P1Y",{"$nulls":4},"S",null,null,3,null,"Number of Direct debits initiated on a single payment basis, sent - from: Austria to: Croatia, All","Number of Direct debits initiated on a single payment basis, sent - from: Austria to: Croatia, All","PN",6]
["PDD.A.AT.HR.2._T.DDS_ALL._T._Z.N.EUR","A","AT","HR",2,"_T","DDS_ALL","_T","_Z","N","EUR","2014",0.005,"A",false,null,null,"P1Y",{"$nulls":4},"S",null,null,3,null,"Value of Direct debits sent - from: Austria to: Croatia, All","Value of Direct debits sent - from: Austria to: Croatia, All","EUR",6]
["PDD.A.AT.HR.2._T.DDS_ALL._T._Z.N.EUR","A","AT","HR",2,"_T","DDS_ALL","_T","_Z","N","EUR","2015",0.036,"A",false,null,null,"P1Y",{"$nulls":4},"S",null,null,3,null,"Value of Direct debits sent - from: Austria to: Croatia, All","Value of Direct debits sent - from: Austria to: Croatia, All","EUR",6]
["PDD.A.AT.HR.2._T.DDS_ALL._T._Z.N.EUR","A","AT","HR",2,"_T","DDS_ALL","_T","_Z","N","EUR","2016",0.048,"A",false,null,null,"P1Y",{"$nulls":4},"S",null,null,3,null,"Value of Direct debits sent - from: Austria to: Croatia, All","Value of Direct debits sent - from: Austria to: Croatia, All","EUR",6]
["PDD.A.AT.HR.2._T.DDS_ALL._T._Z.N.EUR","A","AT","HR",2,"_T","DDS_ALL","_T","_Z","N","EUR","2017",0.004,"A",false,null,null,"P1Y",{"$nulls":4},"S",null,null,3,null,"Value of Direct debits sent - from: Austria to: Croatia, All","Value of Direct debits sent - from: Austria to: Croatia, All","EUR",6]
["PDD.A.AT.HR.2._T.DDS_ALL._T._Z.N.EUR","A","AT","HR",2,"_T","DDS_ALL","_T","_Z","N","EUR","2018",0.021,"A",false,null,null,"P1Y",{"$nulls":4},"S",null,null,3,null,"Value of Direct debits sent - from: Austria to: Croatia, All","Value of Direct debits sent - from: Austria to: Croatia, All","EUR",6]
["PDD.A.AT.HR.2._T.DDS_ALL._T._Z.N.EUR","A","AT","HR",2,"_T","DDS_ALL","_T","_Z","N","EUR","2019",0.037,"A",false,null,null,"P1Y",{"$nulls":4},"S",null,null,3,null,"Value of Direct debits sent - from: Austria to: Croatia, All","Value of Direct debits sent - from: Austria to: Croatia, All","EUR",6]
["PDD.A.AT.HR.2._T.DDS_ALL._T._Z.N.EUR","A","AT","HR",2,"_T","DDS_ALL","_T","_Z","N","EUR","2020",0.042,"A",false,null,null,"P1Y",{"$nulls":4},"S",null,null,3,null,"Value of Direct debits sent - from: Austria to: Croatia, All","Value of Direct debits sent - from: Austria to: Croatia, All","EUR",6]
["PDD.A.AT.HR.2._T.DDS_ALL._T._Z.N.EUR","A","AT","HR",2,"_T","DDS_ALL","_T","_Z","N","EUR","2021",0.092,"A",false,null,null,"P1Y",{"$nulls":4},"S",null,null,3,null,"Value of Direct debits sent - from: Austria to: Croatia, All","Value of Direct debits sent - from: Austria to: Croatia, All","EUR",6]
["PDD.A.AT.HR.2._T.DDS_ALL._T._Z.N.EUR","A","AT","HR",2,"_T","DDS_ALL","_T","_Z","N","EUR","2022",0.05263274,"A",false,null,null,"P1Y",{"$nulls":4},"S",null,null,3,null,"Value of Direct debits sent - from: Austria to: Croatia, All","Value of Direct debits sent - from: Austria to: Croatia, All","EUR",6]
["PDD.A.AT.HR.2._T.DDS_ALL._T._Z.N.PN","A","AT","HR",2,"_T","DDS_ALL","_T","_Z","N","PN","2014",0,"A",false,null,null,"P1Y",{"$nulls":4},"S",null,null,3,null,"Number of Direct debits sent - from: Austria to: Croatia, All","Number of Direct debits sent - from: Austria to: Croatia, All","PN",6]
["PDD.A.AT.HR.2._T.DDS_ALL._T._Z.N.PN","A","AT","HR",2,"_T","DDS_ALL","_T","_Z","N","PN","2015",0,"A",false,null,null,"P1Y",{"$nulls":4},"S",null,null,3,null,"Number of Direct debits sent - from: Austria to: Croatia, All","Number of Direct debits sent - from: Austria to: Croatia, All","PN",6]
["PDD.A.AT.HR.2._T.DDS_ALL._T._Z.N.PN","A","AT","HR",2,"_T","DDS_ALL","_T","_Z","N","PN","2016",0,"A",false,null,null,"P1Y",{"$nulls":4},"S",null,null,3,null,"Number of Direct debits sent - from: Austria to: Croatia, All","Number of Direct debits sent - from: Austria to: Croatia, All","PN",6]
["PDD.A.AT.HR.2._T.DDS_ALL._T._Z.N.PN","A","AT","HR",2,"_T","DDS_ALL","_T","_Z","N","PN","2017",0,"A",false,null,null,"P1Y",{"$nulls":4},"S",null,null,3,null,"Number of Direct debits sent - from: Austria to: Croatia, All","Number of Direct debits sent - from: Austria to: Croatia, All","PN",6]
["PDD.A.AT.HR.2._T.DDS_ALL._T._Z.N.PN","A","AT","HR",2,"_T","DDS_ALL","_T","_Z","N","PN","2018",0,"A",false,null,null,"P1Y",{"$nulls":4},"S",null,null,3,null,"Number of Direct debits sent - from: Austria to: Croatia, All","Number of Direct debits sent - from: Austria to: Croatia, All","PN",6]
["PDD.A.AT.HR.2._T.DDS_ALL._T._Z.N.PN","A","AT","HR",2,"_T","DDS_ALL","_T","_Z","N","PN","2019",0,"A",false,null,null,"P1Y",{"$nulls":4},"S",null,null,3,null,"Number of Direct debits sent - from: Austria to: Croatia, All","Number of Direct debits sent - from: Austria to: Croatia, All","PN",6]
["PDD.A.AT.HR.2._T.DDS_ALL._T._Z.N.PN","A","AT","HR",2,"_T","DDS_ALL","_T","_Z","N","PN","2020",0,"A",false,null,null,"P1Y",{"$nulls":4},"S",null,null,3,null,"Number of Direct debits sent - from: Austria to: Croatia, All","Number of Direct debits sent - from: Austria to: Croatia, All","PN",6]
["PDD.A.AT.HR.2._T.DDS_ALL._T._Z.N.PN","A","AT","HR",2,"_T","DDS_ALL","_T","_Z","N","PN","2021",0,"A",false,null,null,"P1Y",{"$nulls":4},"S",null,null,3,null,"Number of Direct debits sent - from: Austria to: Croatia, All","Number of Direct debits sent - from: Austria to: Croatia, All","PN",6]
["PDD.A.AT.HR.2._T.DDS_ALL._T._Z.N.PN","A","AT","HR",2,"_T","DDS_ALL","_T","_Z","N","PN","2022",8.199999999999999E-05,"A",false,null,null,"P1Y",{"$nulls":4},"S",null,null,3,null,"Number of Direct debits sent - from: Austria to: Croatia, All","Number of Direct debits sent - from: Austria to: Croatia, All","PN",6]
["PDD.A.AT.HU.1._T.DDS_ALL._T._Z.N.EUR","A","AT","HU",1,"_T","DDS_ALL","_T","_Z","N","EUR","2022",12.43805849,"A",false,null,null,"P1Y",{"$nulls":4},"S",null,null,3,null,"Value of Direct debits received - from: Austria to: Hungary, All","Value of Direct debits received - from: Austria to: Hungary, All","EUR",6]
["PDD.A.AT.HU.1._T.DDS_ALL._T._Z.N.PN","A","AT","HU",1,"_T","DDS_ALL","_T","_Z","N","PN","2022",0.188384,"A",false,null,null,"P1Y",{"$nulls":4},"S",null,null,3,null,"Number of Direct debits received - from: Austria to: Hungary, All","Number of Direct debits received - from: Austria to: Hungary, All","PN",6]
["PDD.A.AT.HU.2.2100.DDS_ALL._T._Z.N.EUR","A","AT","HU",2,"2100","DDS_ALL","_T","_Z","N","EUR","2022",0.9366664,"A",false,null,null,"P1Y",{"$nulls":4},"S",null,null,3,null,"Value of Direct debits initiated in a file/batch, sent - from: Austria to: Hungary, All","Value of Direct debits initiated in a file/batch, sent - from: Austria to: Hungary, All","EUR",6]
["PDD.A.AT.HU.2.2100.DDS_ALL._T._Z.N.PN","A","AT","HU",2,"2100","DDS_ALL","_T","_Z","N","PN","2022",0.001476,"A",false,null,null,"P1Y",{"$nulls":4},"S",null,null,3,null,"Number of Direct debits initiated in a file/batch, sent - from: Austria to: Hungary, All","Number of Direct debits initiated in a file/batch, sent - from: Austria to: Hungary, All","PN",6]
["PDD.A.AT.HU.2.2200.DDS_ALL._T._Z.N.EUR","A","AT","HU",2,"2200","DDS_ALL","_T","_Z","N","EUR","2022",0.10704428,"A",false,null,null,"P1Y",{"$nulls":4},"S",null,null,3,null,"Value of Direct debits initiated on a single payment basis, sent - from: Austria to: Hungary, All","Value of Direct debits initiated on a single payment basis, sent - from: Austria to: Hungary, All","EUR",6]
["PDD.A.AT.HU.2.2200.DDS_ALL._T._Z.N.PN","A","AT","HU",2,"2200","DDS_ALL","_T","_Z","N","PN","2022",6.500000000000001E-05,"A",false,null,null,"P1Y",{"$nulls":4},"S",null,null,3,null,"Number of Direct debits initiated on a single payment basis, sent - from: Austria to: Hungary, All","Number of Direct debits initiated on a single payment basis, sent - from: Austria to: Hungary, All","PN",6]
["PDD.A.AT.HU.2._T.DDS_ALL._T._Z.N.EUR","A","AT","HU",2,"_T","DDS_ALL","_T","_Z","N","EUR","2014",0.572,"A",false,null,null,"P1Y",{"$nulls":4},"S",null,null,3,null,"Value of Direct debits sent - from: Austria to: Hungary, All","Value of Direct debits sent - from: Austria to: Hungary, All","EUR",6]
["PDD.A.AT.HU.2._T.DDS_ALL._T._Z.N.EUR","A","AT","HU",2,"_T","DDS_ALL","_T","_Z","N","EUR","2015",0.966,"A",false,null,null,"P1Y",{"$nulls":4},"S",null,null,3,null,"Value of Direct debits sent - from: Austria to: Hungary, All","Value of Direct debits sent - from: Austria to: Hungary, All","EUR",6]
["PDD.A.AT.HU.2._T.DDS_ALL._T._Z.N.EUR","A","AT","HU",2,"_T","DDS_ALL","_T","_Z","N","EUR","2016",0.154,"A",false,null,null,"P1Y",{"$nulls":4},"S",null,null,3,null,"Value of Direct debits sent - from: Austria to: Hungary, All","Value of Direct debits sent - from: Austria to: Hungary, All","EUR",6]
["PDD.A.AT.HU.2._T.DDS_ALL._T._Z.N.EUR","A","AT","HU",2,"_T","DDS_ALL","_T","_Z","N","EUR","2017",0.55,"A",false,null,null,"P1Y",{"$nulls":4},"S",null,null,3,null,"Value of Direct debits sent - from: Austria to: Hungary, All","Value of Direct debits sent - from: Austria to: Hungary, All","EUR",6]
["PDD.A.AT.HU.2._T.DDS_ALL._T._Z.N.EUR","A","AT","HU",2,"_T","DDS_ALL","_T","_Z","N","EUR","2018",0.936,"A",false,null,null,"P1Y",{"$nulls":4},"S",null,null,3,null,"Value of Direct debits sent - from: Austria to: Hungary, All","Value of Direct debits sent - from: Austria to: Hungary, All","EUR",6]
["PDD.A.AT.HU.2._T.DDS_ALL._T._Z.N.EUR","A","AT","HU",2,"_T","DDS_ALL","_T","_Z","N","EUR","2019",0.989,"A",false,null,null,"P1Y",{"$nulls":4},"S",null,null,3,null,"Value of Direct debits sent - from: Austria to: Hungary, All","Value of Direct debits sent - from: Austria to: Hungary, All","EUR",6]
["PDD.A.AT.HU.2._T.DDS_ALL._T._Z.N.EUR","A","AT","HU",2,"_T","DDS_ALL","_T","_Z","N","EUR","2020",1.976,"A",false,null,null,"P1Y",{"$nulls":4},"S",null,null,3,null,"Value of Direct debits sent - from: Austria to: Hungary, All","Value of Direct debits sent - from: Austria to: Hungary, All","EUR",6]
["PDD.A.AT.HU.2._T.DDS_ALL._T._Z.N.EUR","A","AT","HU",2,"_T","DDS_ALL","_T","_Z","N","EUR","2021",1.125,"A",false,null,null,"P1Y",{"$nulls":4},"S",null,null,3,null,"Value of Direct debits sent - from: Austria to: Hungary, All","Value of Direct debits sent - from: Austria to: Hungary, All","EUR",6]
["PDD.A.AT.HU.2._T.DDS_ALL._T._Z.N.EUR","A","AT","HU",2,"_T","DDS_ALL","_T","_Z","N","EUR","2022",1.04371068,"A",false,null,null,"P1Y",{"$nulls":4},"S",null,null,3,null,"Value of Direct debits sent - from: Austria to: Hungary, All","Value of Direct debits sent - from: Austria to: Hungary, All","EUR",6]
["PDD.A.AT.HU.2._T.DDS_ALL._T._Z.N.PN","A","AT","HU",2,"_T","DDS_ALL","_T","_Z","N","PN","2014",0,"A",false,null,null,"P1Y",{"$nulls":4},"S",null,null,3,null,"Number of Direct debits sent - from: Austria to: Hungary, All","Number of Direct debits sent - from: Austria to: Hungary, All","PN",6]
["PDD.A.AT.HU.2._T.DDS_ALL._T._Z.N.PN","A","AT","HU",2,"_T","DDS_ALL","_T","_Z","N","PN","2015",0,"A",false,null,null,"P1Y",{"$nulls":4},"S",null,null,3,null,"Number of Direct debits sent - from: Austria to: Hungary, All","Number of Direct debits sent - from: Austria to: Hungary, All","PN",6]
["PDD.A.AT.HU.2._T.DDS_ALL._T._Z.N.PN","A","AT","HU",2,"_T","DDS_ALL","_T","_Z","N","PN","2016",0,"A",false,null,null,"P1Y",{"$nulls":4},"S",null,null,3,null,"Number of Direct debits sent - from: Austria to: Hungary, All","Number of Direct debits sent - from: Austria to: Hungary, All","PN",6]
["PDD.A.AT.HU.2._T.DDS_ALL._T._Z.N.PN","A","AT","HU",2,"_T","DDS_ALL","_T","_Z","N","PN","2017",0.001,"A",false,null,null,"P1Y",{"$nulls":4},"S",null,null,3,null,"Number of Direct debits sent - from: Austria to: Hungary, All","Number of Direct debits sent - from: Austria to: Hungary, All","PN",6]
["PDD.A.AT.HU.2._T.DDS_ALL._T._Z.N.PN","A","AT","HU",2,"_T","DDS_ALL","_T","_Z","N","PN","2018",0.001,"A",false,null,null,"P1Y",{"$nulls":4},"S",null,null,3,null,"Number of Direct debits sent - from: Austria to: Hungary, All","Number of Direct debits sent - from: Austria to: Hungary, All","PN",6]
["PDD.A.AT.HU.2._T.DDS_ALL._T._Z.N.PN","A","AT","HU",2,"_T","DDS_ALL","_T","_Z","N","PN","2019",0.001,"A",false,null,null,"P1Y",{"$nulls":4},"S",null,null,3,null,"Number of Direct debits sent - from: Austria to: Hungary, All","Number of Direct debits sent - from: Austria to: Hungary, All","PN",6]
["PDD.A.AT.HU.2._T.DDS_ALL._T._Z.N.PN","A","AT","HU",2,"_T","DDS_ALL","_T","_Z","N","PN","2020",0.001,"A",false,null,null,"P1Y",{"$nulls":4},"S",null,null,3,null,"Number of Direct debits sent - from: Austria to: Hungary, All","Number of Direct debits sent - from: Austria to: Hungary, All","PN",6]
["PDD.A.AT.HU.2._T.DDS_ALL._T._Z.N.PN","A","AT","HU",2,"_T","DDS_ALL","_T","_Z","N","PN","2021",0.002,"A",false,null,null,"P1Y",{"$nulls":4},"S",null,null,3,null,"Number of Direct debits sent - from: Austria to: Hungary, All","Number of Direct debits sent - from: Austria to: Hungary, All","PN",6]
["PDD.A.AT.HU.2._T.DDS_ALL._T._Z.N.PN","A","AT","HU",2,"_T","DDS_ALL","_T","_Z","N","PN","2022",0.001541,"A",false,null,null,"P1Y",{"$nulls":4},"S",null,null,3,null,"Number of Direct debits sent - from: Austria to: Hungary, All","Number of Direct debits sent - from: Austria to: Hungary, All","PN",6]
["PDD.A.AT.IE.1._T.DDS_ALL._T._Z.N.EUR","A","AT","IE",1,"_T","DDS_ALL","_T","_Z","N","EUR","2022",544.85728546,"A",false,null,null,"P1Y",{"$nulls":4},"S",null,null,3,null,"Value of Direct debits received - from: Austria to: Ireland, All","Value of Direct debits received - from: Austria to: Ireland, All","EUR",6]
["PDD.A.AT.IE.1._T.DDS_ALL._T._Z.N.PN","A","AT","IE",1,"_T","DDS_ALL","_T","_Z","N","PN","2022",1.3913,"A",false,null,null,"P1Y",{"$nulls":4},"S",null,null,3,null,"Number of Direct debits received - from: Austria to: Ireland, All","Number of Direct debits received - from: Austria to: Ireland, All","PN",6]
["PDD.A.AT.IE.2.2100.DDS_ALL._T._Z.N.EUR","A","AT","IE",2,"2100","DDS_ALL","_T","_Z","N","EUR","2022",6.21220239,"A",false,null,null,"P1Y",{"$nulls":4},"S",null,null,3,null,"Value of Direct debits initiated in a file/batch, sent - from: Austria to: Ireland, All","Value of Direct debits initiated in a file/batch, sent - from: Austria to: Ireland, All","EUR",6]
["PDD.A.AT.IE.2.2100.DDS_ALL._T._Z.N.PN","A","AT","IE",2,"2100","DDS_ALL","_T","_Z","N","PN","2022",0.007029000000000001,"A",false,null,null,"P1Y",{"$nulls":4},"S",null,null,3,null,"Number of Direct debits initiated in a file/batch, sent - from: Austria to: Ireland, All","Number of Direct debits initiated in a file/batch, sent - from: Austria to: Ireland, All","PN",6]
["PDD.A.AT.IE.2.2200.DDS_ALL._T._Z.N.EUR","A","AT","IE",2,"2200","DDS_ALL","_T","_Z","N","EUR","2022",0.33445532,"A",false,null,null,"P1Y",{"$nulls":4},"S",null,null,3,null,"Value of Direct debits initiated on a single payment basis, sent - from: Austria to: Ireland, All","Value of Direct debits initiated on a single payment basis, sent - from: Austria to: Ireland, All","EUR",6]
["PDD.A.AT.IE.2.2200.DDS_ALL._T._Z.N.PN","A","AT","IE",2,"2200","DDS_ALL","_T","_Z","N","PN","2022",0.000743,"A",false,null,null,"P1Y",{"$nulls":4},"S",null,null,3,null,"Number of Direct debits initiated on a single payment basis, sent - from: Austria to: Ireland, All","Number of Direct debits initiated on a single payment basis, sent - from: Austria to: Ireland, All","PN",6]
["PDD.A.AT.IE.2._T.DDS_ALL._T._Z.N.EUR","A","AT","IE",2,"_T","DDS_ALL","_T","_Z","N","EUR","2014",0.43,"A",false,null,null,"P1Y",{"$nulls":4},"S",null,null,3,null,"Value of Direct debits sent - from: Austria to: Ireland, All","Value of Direct debits sent - from: Austria to: Ireland, All","EUR",6]
["PDD.A.AT.IE.2._T.DDS_ALL._T._Z.N.EUR","A","AT","IE",2,"_T","DDS_ALL","_T","_Z","N","EUR","2015",0.887,"A",false,null,null,"P1Y",{"$nulls":4},"S",null,null,3,null,"Value of Direct debits sent - from: Austria to: Ireland, All","Value of Direct debits sent - from: Austria to: Ireland, All","EUR",6]
["PDD.A.AT.IE.2._T.DDS_ALL._T._Z.N.EUR","A","AT","IE",2,"_T","DDS_ALL","_T","_Z","N","EUR","2016",0.777,"A",false,null,null,"P1Y",{"$nulls":4},"S",null,null,3,null,"Value of Direct debits sent - from: Austria to: Ireland, All","Value of Direct debits sent - from: Austria to: Ireland, All","EUR",6]
["PDD.A.AT.IE.2._T.DDS_ALL._T._Z.N.EUR","A","AT","IE",2,"_T","DDS_ALL","_T","_Z","N","EUR","2017",0.87,"A",false,null,null,"P1Y",{"$nulls":4},"S",null,null,3,null,"Value of Direct debits sent - from: Austria to: Ireland, All","Value of Direct debits sent - from: Austria to: Ireland, All","EUR",6]
["PDD.A.AT.IE.2._T.DDS_ALL._T._Z.N.EUR","A","AT","IE",2,"_T","DDS_ALL","_T","_Z","N","EUR","2018",0.891,"A",false,null,null,"P1Y",{"$nulls":4},"S",null,null,3,null,"Value of Direct debits sent - from: Austria to: Ireland, All","Value of Direct debits sent - from: Austria to: Ireland, All","EUR",6]
["PDD.A.AT.IE.2._T.DDS_ALL._T._Z.N.EUR","A","AT","IE",2,"_T","DDS_ALL","_T","_Z","N","EUR","2019",5.053,"A",false,null,null,"P1Y",{"$nulls":4},"S",null,null,3,null,"Value of Direct debits sent - from: Austria to: Ireland, All","Value of Direct debits sent - from: Austria to: Ireland, All","EUR",6]
["PDD.A.AT.IE.2._T.DDS_ALL._T._Z.N.EUR","A","AT","IE",2,"_T","DDS_ALL","_T","_Z","N","EUR","2020",4.226,"A",false,null,null,"P1Y",{"$nulls":4},"S",null,null,3,null,"Value of Direct debits sent - from: Austria to: Ireland, All","Value of Direct debits sent - from: Austria to: Ireland, All","EUR",6]
["PDD.A.AT.IE.2._T.DDS_ALL._T._Z.N.EUR","A","AT","IE",2,"_T","DDS_ALL","_T","_Z","N","EUR","2021",16.014,"A",false,null,null,"P1Y",{"$nulls":4},"S",null,null,3,null,"Value of Direct debits sent - from: Austria to: Ireland, All","Value of Direct debits sent - from: Austria to: Ireland, All","EUR",6]
["PDD.A.AT.IE.2._T.DDS_ALL._T._Z.N.EUR","A","AT","IE",2,"_T","DDS_ALL","_T","_Z","N","EUR","2022",6.54665771,"A",false,null,null,"P1Y",{"$nulls":4},"S",null,null,3,null,"Value of Direct debits sent - from: Austria to: Ireland, All","Value of Direct debits sent - from: Austria to: Ireland, All","EUR",6]
["PDD.A.AT.IE.2._T.DDS_ALL._T._Z.N.PN","A","AT","IE",2,"_T","DDS_ALL","_T","_Z","N","PN","2014",0,"A",false,null,null,"P1Y",{"$nulls":4},"S",null,null,3,null,"Number of Direct debits sent - from: Austria to: Ireland, All","Number of Direct debits sent - from: Austria to: Ireland, All","PN",6]
["PDD.A.AT.IE.2._T.DDS_ALL._T._Z.N.PN","A","AT","IE",2,"_T","DDS_ALL","_T","_Z","N","PN","2015",0,"A",false,null,null,"P1Y",{"$nulls":4},"S",null,null,3,null,"Number of Direct debits sent - from: Austria to: Ireland, All","Number of Direct debits sent - from: Austria to: Ireland, All","PN",6]
["PDD.A.AT.IE.2._T.DDS_ALL._T._Z.N.PN","A","AT","IE",2,"_T","DDS_ALL","_T","_Z","N","PN","2016",0.001,"A",false,null,null,"P1Y",{"$nulls":4},"S",null,null,3,null,"Number of Direct debits sent - from: Austria to: Ireland, All","Number of Direct debits sent - from: Austria to: Ireland, All","PN",6]
["PDD.A.AT.IE.2._T.DDS_ALL._T._Z.N.PN","A","AT","IE",2,"_T","DDS_ALL","_T","_Z","N","PN","2017",0.001,"A",false,null,null,"P1Y",{"$nulls":4},"S",null,null,3,null,"Number of Direct debits sent - from: Austria to: Ireland, All","Number of Direct debits sent - from: Austria to: Ireland, All","PN",6]
["PDD.A.AT.IE.2._T.DDS_ALL._T._Z.N.PN","A","AT","IE",2,"_T","DDS_ALL","_T","_Z","N","PN","2018",0.002,"A",false,null,null,"P1Y",{"$nulls":4},"S",null,null,3,null,"Number of Direct debits sent - from: Austria to: Ireland, All","Number of Direct debits sent - from: Austria to: Ireland, All","PN",6]
["PDD.A.AT.IE.2._T.DDS_ALL._T._Z.N.PN","A","AT","IE",2,"_T","DDS_ALL","_T","_Z","N","PN","2019",0.004,"A",false,null,null,"P1Y",{"$nulls":4},"S",null,null,3,null,"Number of Direct debits sent - from: Austria to: Ireland, All","Number of Direct debits sent - from: Austria to: Ireland, All","PN",6]
["PDD.A.AT.IE.2._T.DDS_ALL._T._Z.N.PN","A","AT","IE",2,"_T","DDS_ALL","_T","_Z","N","PN","2020",0.006,"A",false,null,null,"P1Y",{"$nulls":4},"S",null,null,3,null,"Number of Direct debits sent - from: Austria to: Ireland, All","Number of Direct debits sent - from: Austria to: Ireland, All","PN",6]
["PDD.A.AT.IE.2._T.DDS_ALL._T._Z.N.PN","A","AT","IE",2,"_T","DDS_ALL","_T","_Z","N","PN","2021",0.016,"A",false,null,null,"P1Y",{"$nulls":4},"S",null,null,3,null,"Number of Direct debits sent - from: Austria to: Ireland, All","Number of Direct debits sent - from: Austria to: Ireland, All","PN",6]
["PDD.A.AT.IE.2._T.DDS_ALL._T._Z.N.PN","A","AT","IE",2,"_T","DDS_ALL","_T","_Z","N","PN","2022",0.007772,"A",false,null,null,"P1Y",{"$nulls":4},"S",null,null,3,null,"Number of Direct debits sent - from: Austria to: Ireland, All","Number of Direct debits sent - from: Austria to: Ireland, All","PN",6]
["PDD.A.AT.IS.1._T.DDS_ALL._T._Z.N.EUR","A","AT","IS",1,"_T","DDS_ALL","_T","_Z","N","EUR","2022",0.19632266,"A",false,null,null,"P1Y",{"$nulls":4},"S",null,null,3,null,"Value of Direct debits received - from: Austria to: Iceland, All","Value of Direct debits received - from: Austria to: Iceland, All","EUR",6]
["PDD.A.AT.IS.1._T.DDS_ALL._T._Z.N.PN","A","AT","IS",1,"_T","DDS_ALL","_T","_Z","N","PN","2022",0.003445,"A",false,null,null,"P1Y",{"$nulls":4},"S",null,null,3,null,"Number of Direct debits received - from: Austria to: Iceland, All","Number of Direct debits received - from: Austria to: Iceland, All","PN",6]
["PDD.A.AT.IS.2.2100.DDS_ALL._T._Z.N.EUR","A","AT","IS",2,"2100","DDS_ALL","_T","_Z","N","EUR","2022",null,"Q",false,null,null,"P1Y",{"$nulls":4},"S",null,null,3,null,"Value of Direct debits initiated in a file/batch, sent - from: Austria to: Iceland, All","Value of Direct debits initiated in a file/batch, sent - from: Austria to: Iceland, All","EUR",6]
["PDD.A.AT.IS.2.2100.DDS_ALL._T._Z.N.PN","A","AT","IS",2,"2100","DDS_ALL","_T","_Z","N","PN","2022",null,"Q",false,null,null,"P1Y",{"$nulls":4},"S",null,null,3,null,"Number of Direct debits initiated in a file/batch, sent - from: Austria to: Iceland, All","Number of Direct debits initiated in a file/batch, sent - from: Austria to: Iceland, All","PN",6]
["PDD.A.AT.IS.2.2200.DDS_ALL._T._Z.N.EUR","A","AT","IS",2,"2200","DDS_ALL","_T","_Z","N","EUR","2022",0,"A",false,null,null,"P1Y",{"$nulls":4},"S",null,null,3,null,"Value of Direct debits initiated on a single payment basis, sent - from: Austria to: Iceland, All","Value of Direct debits initiated on a single payment basis, sent - from: Austria to: Iceland, All","EUR",6]
["PDD.A.AT.IS.2.2200.DDS_ALL._T._Z.N.PN","A","AT","IS",2,"2200","DDS_ALL","_T","_Z","N","PN","2022",0,"A",false,null,null,"P1Y",{"$nulls":4},"S",null,null,3,null,"Number of Direct debits initiated on a single payment basis, sent - from: Austria to: Iceland, All","Number of Direct debits initiated on a single payment basis, sent - from: Austria to: Iceland, All","PN",6]
["PDD.A.AT.IS.2._T.DDS_ALL._T._Z.N.EUR","A","AT","IS",2,"_T","DDS_ALL","_T","_Z","N","EUR","2022",0.00016253,"A",false,null,null,"P1Y",{"$nulls":4},"S",null,null,3,null,"Value of Direct debits sent - from: Austria to: Iceland, All","Value of Direct debits sent - from: Austria to: Iceland, All","EUR",6]
["PDD.A.AT.IS.2._T.DDS_ALL._T._Z.N.PN","A","AT","IS",2,"_T","DDS_ALL","_T","_Z","N","PN","2022",2E-06,"A",false,null,null,"P1Y",{"$nulls":4},"S",null,null,3,null,"Number of Direct debits sent - from: Austria to: Iceland, All","Number of Direct debits sent - from: Austria to: Iceland, All","PN",6]
["PDD.A.AT.IT.1._T.DDS_ALL._T._Z.N.EUR","A","AT","IT",1,"_T","DDS_ALL","_T","_Z","N","EUR","2022",294.37972168,"A",false,null,null,"P1Y",{"$nulls":4},"S",null,null,3,null,"Value of Direct debits received - from: Austria to: Italy, All","Value of Direct debits received - from: Austria to: Italy, All","EUR",6]
["PDD.A.AT.IT.1._T.DDS_ALL._T._Z.N.PN","A","AT","IT",1,"_T","DDS_ALL","_T","_Z","N","PN","2022",2.252682,"A",false,null,null,"P1Y",{"$nulls":4},"S",null,null,3,null,"Number of Direct debits received - from: Austria to: Italy, All","Number of Direct debits received - from: Austria to: Italy, All","PN",6]
["PDD.A.AT.IT.2.2100.DDS_ALL._T._Z.N.EUR","A","AT","IT",2,"2100","DDS_ALL","_T","_Z","N","EUR","2022",308.14279165,"A",false,null,null,"P1Y",{"$nulls":4},"S",null,null,3,null,"Value of Direct debits initiated in a file/batch, sent - from: Austria to: Italy, All","Value of Direct debits initiated in a file/batch, sent - from: Austria to: Italy, All","EUR",6]
["PDD.A.AT.IT.2.2100.DDS_ALL._T._Z.N.PN","A","AT","IT",2,"2100","DDS_ALL","_T","_Z","N","PN","2022",0.253673,"A",false,null,null,"P1Y",{"$nulls":4},"S",null,null,3,null,"Number of Direct debits initiated in a file/batch, sent - from: Austria to: Italy, All","Number of Direct debits initiated in a file/batch, sent - from: Austria to: Italy, All","PN",6]
["PDD.A.AT.IT.2.2200.DDS_ALL._T._Z.N.EUR","A","AT","IT",2,"2200","DDS_ALL","_T","_Z","N","EUR","2022",23.47921149,"A",false,null,null,"P1Y",{"$nulls":4},"S",null,null,3,null,"Value of Direct debits initiated on a single payment basis, sent - from: Austria to: Italy, All","Value of Direct debits initiated on a single payment basis, sent - from: Austria to: Italy, All","EUR",6]
["PDD.A.AT.IT.2.2200.DDS_ALL._T._Z.N.PN","A","AT","IT",2,"2200","DDS_ALL","_T","_Z","N","PN","2022",0.006146,"A",false,null,null,"P1Y",{"$nulls":4},"S",null,null,3,null,"Number of Direct debits initiated on a single payment basis, sent - from: Austria to: Italy, All","Number of Direct debits initiated on a single payment basis, sent - from: Austria to: Italy, All","PN",6]
["PDD.A.AT.IT.2._T.DDS_ALL._T._Z.N.EUR","A","AT","IT",2,"_T","DDS_ALL","_T","_Z","N","EUR","2014",184.812,"A",false,null,null,"P1Y",{"$nulls":4},"S",null,null,3,null,"Value of Direct debits sent - from: Austria to: Italy, All","Value of Direct debits sent - from: Austria to: Italy, All","EUR",6]
["PDD.A.AT.IT.2._T.DDS_ALL._T._Z.N.EUR","A","AT","IT",2,"_T","DDS_ALL","_T","_Z","N","EUR","2015",255.473,"A",false,null,null,"P1Y",{"$nulls":4},"S",null,null,3,null,"Value of Direct debits sent - from: Austria to: Italy, All","Value of Direct debits sent - from: Austria to: Italy, All","EUR",6]
["PDD.A.AT.IT.2._T.DDS_ALL._T._Z.N.EUR","A","AT","IT",2,"_T","DDS_ALL","_T","_Z","N","EUR","2016",243.548,"A",false,null,null,"P1Y",{"$nulls":4},"S",null,null,3,null,"Value of Direct debits sent - from: Austria to: Italy, All","Value of Direct debits sent - from: Austria to: Italy, All","EUR",6]
["PDD.A.AT.IT.2._T.DDS_ALL._T._Z.N.EUR","A","AT","IT",2,"_T","DDS_ALL","_T","_Z","N","EUR","2017",266.907,"A",false,null,null,"P1Y",{"$nulls":4},"S",null,null,3,null,"Value of Direct debits sent - from: Austria to: Italy, All","Value of Direct debits sent - from: Austria to: Italy, All","EUR",6]
["PDD.A.AT.IT.2._T.DDS_ALL._T._Z.N.EUR","A","AT","IT",2,"_T","DDS_ALL","_T","_Z","N","EUR","2018",325.217,"A",false,null,null,"P1Y",{"$nulls":4},"S",null,null,3,null,"Value of Direct debits sent - from: Austria to: Italy, All","Value of Direct debits sent - from: Austria to: Italy, All","EUR",6]
["PDD.A.AT.IT.2._T.DDS_ALL._T._Z.N.EUR","A","AT","IT",2,"_T","DDS_ALL","_T","_Z","N","EUR","2019",337.539,"A",false,null,null,"P1Y",{"$nulls":4},"S",null,null,3,null,"Value of Direct debits sent - from: Austria to: Italy, All","Value of Direct debits sent - from: Austria to: Italy, All","EUR",6]
["PDD.A.AT.IT.2._T.DDS_ALL._T._Z.N.EUR","A","AT","IT",2,"_T","DDS_ALL","_T","_Z","N","EUR","2020",277.094,"A",false,null,null,"P1Y",{"$nulls":4},"S",null,null,3,null,"Value of Direct debits sent - from: Austria to: Italy, All","Value of Direct debits sent - from: Austria to: Italy, All","EUR",6]
["PDD.A.AT.IT.2._T.DDS_ALL._T._Z.N.EUR","A","AT","IT",2,"_T","DDS_ALL","_T","_Z","N","EUR","2021",355.628,"A",false,null,null,"P1Y",{"$nulls":4},"S",null,null,3,null,"Value of Direct debits sent - from: Austria to: Italy, All","Value of Direct debits sent - from: Austria to: Italy, All","EUR",6]
["PDD.A.AT.IT.2._T.DDS_ALL._T._Z.N.EUR","A","AT","IT",2,"_T","DDS_ALL","_T","_Z","N","EUR","2022",331.62200314,"A",false,null,null,"P1Y",{"$nulls":4},"S",null,null,3,null,"Value of Direct debits sent - from: Austria to: Italy, All","Value of Direct debits sent - from: Austria to: Italy, All","EUR",6]
["PDD.A.AT.IT.2._T.DDS_ALL._T._Z.N.PN","A","AT","IT",2,"_T","DDS_ALL","_T","_Z","N","PN","2014",0.124,"A",false,null,null,"P1Y",{"$nulls":4},"S",null,null,3,null,"Number of Direct debits sent - from: Austria to: Italy, All","Number of Direct debits sent - from: Austria to: Italy, All","PN",6]
["PDD.A.AT.IT.2._T.DDS_ALL._T._Z.N.PN","A","AT","IT",2,"_T","DDS_ALL","_T","_Z","N","PN","2015",0.201,"A",false,null,null,"P1Y",{"$nulls":4},"S",null,null,3,null,"Number of Direct debits sent - from: Austria to: Italy, All","Number of Direct debits sent - from: Austria to: Italy, All","PN",6]
["PDD.A.AT.IT.2._T.DDS_ALL._T._Z.N.PN","A","AT","IT",2,"_T","DDS_ALL","_T","_Z","N","PN","2016",0.066,"A",false,null,null,"P1Y",{"$nulls":4},"S",null,null,3,null,"Number of Direct debits sent - from: Austria to: Italy, All","Number of Direct debits sent - from: Austria to: Italy, All","PN",6]
["PDD.A.AT.IT.2._T.DDS_ALL._T._Z.N.PN","A","AT","IT",2,"_T","DDS_ALL","_T","_Z","N","PN","2017",0.082,"A",false,null,null,"P1Y",{"$nulls":4},"S",null,null,3,null,"Number of Direct debits sent - from: Austria to: Italy, All","Number of Direct debits sent - from: Austria to: Italy, All","PN",6]
["PDD.A.AT.IT.2._T.DDS_ALL._T._Z.N.PN","A","AT","IT",2,"_T","DDS_ALL","_T","_Z","N","PN","2018",0.097,"A",false,null,null,"P1Y",{"$nulls":4},"S",null,null,3,null,"Number of Direct debits sent - from: Austria to: Italy, All","Number of Direct debits sent - from: Austria to: Italy, All","PN",6]
["PDD.A.AT.IT.2._T.DDS_ALL._T._Z.N.PN","A","AT","IT",2,"_T","DDS_ALL","_T","_Z","N","PN","2019",0.11,"A",false,null,null,"P1Y",{"$nulls":4},"S",null,null,3,null,"Number of Direct debits sent - from: Austria to: Italy, All","Number of Direct debits sent - from: Austria to: Italy, All","PN",6]
["PDD.A.AT.IT.2._T.DDS_ALL._T._Z.N.PN","A","AT","IT",2,"_T","DDS_ALL","_T","_Z","N","PN","2020",0.13,"A",false,null,null,"P1Y",{"$nulls":4},"S",null,null,3,null,"Number of Direct debits sent - from: Austria to: Italy, All","Number of Direct debits sent - from: Austria to: Italy, All","PN",6]
["PDD.A.AT.IT.2._T.DDS_ALL._T._Z.N.PN","A","AT","IT",2,"_T","DDS_ALL","_T","_Z","N","PN","2021",0.191,"A",false,null,null,"P1Y",{"$nulls":4},"S",null,null,3,null,"Number of Direct debits sent - from: Austria to: Italy, All","Number of Direct debits sent - from: Austria to: Italy, All","PN",6]
["PDD.A.AT.IT.2._T.DDS_ALL._T._Z.N.PN","A","AT","IT",2,"_T","DDS_ALL","_T","_Z","N","PN","2022",0.259819,"A",false,null,null,"P1Y",{"$nulls":4},"S",null,null,3,null,"Number of Direct debits sent - from: Austria to: Italy, All","Number of Direct debits sent - from: Austria to: Italy, All","PN",6]
["PDD.A.AT.LI.1._T.DDS_ALL._T._Z.N.EUR","A","AT","LI",1,"_T","DDS_ALL","_T","_Z","N","EUR","2022",0.6786576799999999,"A",false,null,null,"P1Y",{"$nulls":4},"S",null,null,3,null,"Value of Direct debits received - from: Austria to: Liechtenstein, All","Value of Direct debits received - from: Austria to: Liechtenstein, All","EUR",6]
["PDD.A.AT.LI.1._T.DDS_ALL._T._Z.N.PN","A","AT","LI",1,"_T","DDS_ALL","_T","_Z","N","PN","2022",0.004246,"A",false,null,null,"P1Y",{"$nulls":4},"S",null,null,3,null,"Number of Direct debits received - from: Austria to: Liechtenstein, All","Number of Direct debits received - from: Austria to: Liechtenstein, All","PN",6]
["PDD.A.AT.LI.2.2100.DDS_ALL._T._Z.N.EUR","A","AT","LI",2,"2100","DDS_ALL","_T","_Z","N","EUR","2022",3.75902517,"A",false,null,null,"P1Y",{"$nulls":4},"S",null,null,3,null,"Value of Direct debits initiated in a file/batch, sent - from: Austria to: Liechtenstein, All","Value of Direct debits initiated in a file/batch, sent - from: Austria to: Liechtenstein, All","EUR",6]
["PDD.A.AT.LI.2.2100.DDS_ALL._T._Z.N.PN","A","AT","LI",2,"2100","DDS_ALL","_T","_Z","N","PN","2022",0.005637,"A",false,null,null,"P1Y",{"$nulls":4},"S",null,null,3,null,"Number of Direct debits initiated in a file/batch, sent - from: Austria to: Liechtenstein, All","Number of Direct debits initiated in a file/batch, sent - from: Austria to: Liechtenstein, All","PN",6]
["PDD.A.AT.LI.2.2200.DDS_ALL._T._Z.N.EUR","A","AT","LI",2,"2200","DDS_ALL","_T","_Z","N","EUR","2022",0.03894467,"A",false,null,null,"P1Y",{"$nulls":4},"S",null,null,3,null,"Value of Direct debits initiated on a single payment basis, sent - from: Austria to: Liechtenstein, All","Value of Direct debits initiated on a single payment basis, sent - from: Austria to: Liechtenstein, All","EUR",6]
["PDD.A.AT.LI.2.2200.DDS_ALL._T._Z.N.PN","A","AT","LI",2,"2200","DDS_ALL","_T","_Z","N","PN","2022",0.000114,"A",false,null,null,"P1Y",{"$nulls":4},"S",null,null,3,null,"Number of Direct debits initiated on a single payment basis, sent - from: Austria to: Liechtenstein, All","Number of Direct debits initiated on a single payment basis, sent - from: Austria to: Liechtenstein, All","PN",6]
["PDD.A.AT.LI.2._T.DDS_ALL._T._Z.N.EUR","A","AT","LI",2,"_T","DDS_ALL","_T","_Z","N","EUR","2022",3.79796984,"A",false,null,null,"P1Y",{"$nulls":4},"S",null,null,3,null,"Value of Direct debits sent - from: Austria to: Liechtenstein, All","Value of Direct debits sent - from: Austria to: Liechtenstein, All","EUR",6]
["PDD.A.AT.LI.2._T.DDS_ALL._T._Z.N.PN","A","AT","LI",2,"_T","DDS_ALL","_T","_Z","N","PN","2022",0.005751,"A",false,null,null,"P1Y",{"$nulls":4},"S",null,null,3,null,"Number of Direct debits sent - from: Austria to: Liechtenstein, All","Number of Direct debits sent - from: Austria to: Liechtenstein, All","PN",6]
["PDD.A.AT.LT.1._T.DDS_ALL._T._Z.N.EUR","A","AT","LT",1,"_T","DDS_ALL","_T","_Z","N","EUR","2022",13.66151914,"A",false,null,null,"P1Y",{"$nulls":4},"S",null,null,3,null,"Value of Direct debits received - from: Austria to: Lithuania, All","Value of Direct debits received - from: Austria to: Lithuania, All","EUR",6]
["PDD.A.AT.LT.1._T.DDS_ALL._T._Z.N.PN","A","AT","LT",1,"_T","DDS_ALL","_T","_Z","N","PN","2022",0.322805,"A",false,null,null,"P1Y",{"$nulls":4},"S",null,null,3,null,"Number of Direct debits received - from: Austria to: Lithuania, All","Number of Direct debits received - from: Austria to: Lithuania, All","PN",6]
["PDD.A.AT.LT.2.2100.DDS_ALL._T._Z.N.EUR","A","AT","LT",2,"2100","DDS_ALL","_T","_Z","N","EUR","2022",6.3231649,"A",false,null,null,"P1Y",{"$nulls":4},"S",null,null,3,null,"Value of Direct debits initiated in a file/batch, sent - from: Austria to: Lithuania, All","Value of Direct debits initiated in a file/batch, sent - from: Austria to: Lithuania, All","EUR",6]
["PDD.A.AT.LT.2.2100.DDS_ALL._T._Z.N.PN","A","AT","LT",2,"2100","DDS_ALL","_T","_Z","N","PN","2022",0.044769,"A",false,null,null,"P1Y",{"$nulls":4},"S",null,null,3,null,"Number of Direct debits initiated in a file/batch, sent - from: Austria to: Lithuania, All","Number of Direct debits initiated in a file/batch, sent - from: Austria to: Lithuania, All","PN",6]
["PDD.A.AT.LT.2.2200.DDS_ALL._T._Z.N.EUR","A","AT","LT",2,"2200","DDS_ALL","_T","_Z","N","EUR","2022",0.22137598,"A",false,null,null,"P1Y",{"$nulls":4},"S",null,null,3,null,"Value of Direct debits initiated on a single payment basis, sent - from: Austria to: Lithuania, All","Value of Direct debits initiated on a single payment basis, sent - from: Austria to: Lithuania, All","EUR",6]
["PDD.A.AT.LT.2.2200.DDS_ALL._T._Z.N.PN","A","AT","LT",2,"2200","DDS_ALL","_T","_Z","N","PN","2022",0.001219,"A",false,null,null,"P1Y",{"$nulls":4},"S",null,null,3,null,"Number of Direct debits initiated on a single payment basis, sent - from: Austria to: Lithuania, All","Number of Direct debits initiated on a single payment basis, sent - from: Austria to: Lithuania, All","PN",6]
["PDD.A.AT.LT.2._T.DDS_ALL._T._Z.N.EUR","A","AT","LT",2,"_T","DDS_ALL","_T","_Z","N","EUR","2014",0.001,"A",false,null,null,"P1Y",{"$nulls":4},"S",null,null,3,null,"Value of Direct debits sent - from: Austria to: Lithuania, All","Value of Direct debits sent - from: Austria to: Lithuania, All","EUR",6]
["PDD.A.AT.LT.2._T.DDS_ALL._T._Z.N.EUR","A","AT","LT",2,"_T","DDS_ALL","_T","_Z","N","EUR","2015",null,"Q",false,null,null,"P1Y",{"$nulls":4},"S",null,null,3,null,"Value of Direct debits sent - from: Austria to: Lithuania, All","Value of Direct debits sent - from: Austria to: Lithuania, All","EUR",6]
["PDD.A.AT.LT.2._T.DDS_ALL._T._Z.N.EUR","A","AT","LT",2,"_T","DDS_ALL","_T","_Z","N","EUR","2016",null,"Q",false,null,null,"P1Y",{"$nulls":4},"S",null,null,3,null,"Value of Direct debits sent - from: Austria to: Lithuania, All","Value of Direct debits sent - from: Austria to: Lithuania, All","EUR",6]
["PDD.A.AT.LT.2._T.DDS_ALL._T._Z.N.EUR","A","AT","LT",2,"_T","DDS_ALL","_T","_Z","N","EUR","2017",0.066,"A",false,null,null,"P1Y",{"$nulls":4},"S",null,null,3,null,"Value of Direct debits sent - from: Austria to: Lithuania, All","Value of Direct debits sent - from: Austria to: Lithuania, All","EUR",6]
["PDD.A.AT.LT.2._T.DDS_ALL._T._Z.N.EUR","A","AT","LT",2,"_T","DDS_ALL","_T","_Z","N","EUR","2018",0.09,"A",false,null,null,"P1Y",{"$nulls":4},"S",null,null,3,null,"Value of Direct debits sent - from: Austria to: Lithuania, All","Value of Direct debits sent - from: Austria to: Lithuania, All","EUR",6]
["PDD.A.AT.LT.2._T.DDS_ALL._T._Z.N.EUR","A","AT","LT",2,"_T","DDS_ALL","_T","_Z","N","EUR","2019",0.22,"A",false,null,null,"P1Y",{"$nulls":4},"S",null,null,3,null,"Value of Direct debits sent - from: Austria to: Lithuania, All","Value of Direct debits sent - from: Austria to: Lithuania, All","EUR",6]
["PDD.A.AT.LT.2._T.DDS_ALL._T._Z.N.EUR","A","AT","LT",2,"_T","DDS_ALL","_T","_Z","N","EUR","2020",0.342,"A",false,null,null,"P1Y",{"$nulls":4},"S",null,null,3,null,"Value of Direct debits sent - from: Austria to: Lithuania, All","Value of Direct debits sent - from: Austria to: Lithuania, All","EUR",6]
["PDD.A.AT.LT.2._T.DDS_ALL._T._Z.N.EUR","A","AT","LT",2,"_T","DDS_ALL","_T","_Z","N","EUR","2021",2.75,"A",false,null,null,"P1Y",{"$nulls":4},"S",null,null,3,null,"Value of Direct debits sent - from: Austria to: Lithuania, All","Value of Direct debits sent - from: Austria to: Lithuania, All","EUR",6]
["PDD.A.AT.LT.2._T.DDS_ALL._T._Z.N.EUR","A","AT","LT",2,"_T","DDS_ALL","_T","_Z","N","EUR","2022",6.54454088,"A",false,null,null,"P1Y",{"$nulls":4},"S",null,null,3,null,"Value of Direct debits sent - from: Austria to: Lithuania, All","Value of Direct debits sent - from: Austria to: Lithuania, All","EUR",6]
["PDD.A.AT.LT.2._T.DDS_ALL._T._Z.N.PN","A","AT","LT",2,"_T","DDS_ALL","_T","_Z","N","PN","2014",0,"A",false,null,null,"P1Y",{"$nulls":4},"S",null,null,3,null,"Number of Direct debits sent - from: Austria to: Lithuania, All","Number of Direct debits sent - from: Austria to: Lithuania, All","PN",6]
["PDD.A.AT.LT.2._T.DDS_ALL._T._Z.N.PN","A","AT","LT",2,"_T","DDS_ALL","_T","_Z","N","PN","2015",null,"Q",false,null,null,"P1Y",{"$nulls":4},"S",null,null,3,null,"Number of Direct debits sent - from: Austria to: Lithuania, All","Number of Direct debits sent - from: Austria to: Lithuania, All","PN",6]
["PDD.A.AT.LT.2._T.DDS_ALL._T._Z.N.PN","A","AT","LT",2,"_T","DDS_ALL","_T","_Z","N","PN","2016",null,"Q",false,null,null,"P1Y",{"$nulls":4},"S",null,null,3,null,"Number of Direct debits sent - from: Austria to: Lithuania, All","Number of Direct debits sent - from: Austria to: Lithuania, All","PN",6]
["PDD.A.AT.LT.2._T.DDS_ALL._T._Z.N.PN","A","AT","LT",2,"_T","DDS_ALL","_T","_Z","N","PN","2017",0,"A",false,null,null,"P1Y",{"$nulls":4},"S",null,null,3,null,"Number of Direct debits sent - from: Austria to: Lithuania, All","Number of Direct debits sent - from: Austria to: Lithuania, All","PN",6]
["PDD.A.AT.LT.2._T.DDS_ALL._T._Z.N.PN","A","AT","LT",2,"_T","DDS_ALL","_T","_Z","N","PN","2018",0,"A",false,null,null,"P1Y",{"$nulls":4},"S",null,null,3,null,"Number of Direct debits sent - from: Austria to: Lithuania, All","Number of Direct debits sent - from: Austria to: Lithuania, All","PN",6]
["PDD.A.AT.LT.2._T.DDS_ALL._T._Z.N.PN","A","AT","LT",2,"_T","DDS_ALL","_T","_Z","N","PN","2019",0.001,"A",false,null,null,"P1Y",{"$nulls":4},"S",null,null,3,null,"Number of Direct debits sent - from: Austria to: Lithuania, All","Number of Direct debits sent - from: Austria to: Lithuania, All","PN",6]
["PDD.A.AT.LT.2._T.DDS_ALL._T._Z.N.PN","A","AT","LT",2,"_T","DDS_ALL","_T","_Z","N","PN","2020",0.002,"A",false,null,null,"P1Y",{"$nulls":4},"S",null,null,3,null,"Number of Direct debits sent - from: Austria to: Lithuania, All","Number of Direct debits sent - from: Austria to: Lithuania, All","PN",6]
["PDD.A.AT.LT.2._T.DDS_ALL._T._Z.N.PN","A","AT","LT",2,"_T","DDS_ALL","_T","_Z","N","PN","2021",0.02,"A",false,null,null,"P1Y",{"$nulls":4},"S",null,null,3,null,"Number of Direct debits sent - from: Austria to: Lithuania, All","Number of Direct debits sent - from: Austria to: Lithuania, All","PN",6]
["PDD.A.AT.LT.2._T.DDS_ALL._T._Z.N.PN","A","AT","LT",2,"_T","DDS_ALL","_T","_Z","N","PN","2022",0.045988,"A",false,null,null,"P1Y",{"$nulls":4},"S",null,null,3,null,"Number of Direct debits sent - from: Austria to: Lithuania, All","Number of Direct debits sent - from: Austria to: Lithuania, All","PN",6]
["PDD.A.AT.LU.1._T.DDS_ALL._T._Z.N.EUR","A","AT","LU",1,"_T","DDS_ALL","_T","_Z","N","EUR","2022",408.58708338,"A",false,null,null,"P1Y",{"$nulls":4},"S",null,null,3,null,"Value of Direct debits received - from: Austria to: Luxembourg, All","Value of Direct debits received - from: Austria to: Luxembourg, All","EUR",6]
["PDD.A.AT.LU.1._T.DDS_ALL._T._Z.N.PN","A","AT","LU",1,"_T","DDS_ALL","_T","_Z","N","PN","2022",6.390528,"A",false,null,null,"P1Y",{"$nulls":4},"S",null,null,3,null,"Number of Direct debits received - from: Austria to: Luxembourg, All","Number of Direct debits received - from: Austria to: Luxembourg, All","PN",6]
["PDD.A.AT.LU.2.2100.DDS_ALL._T._Z.N.EUR","A","AT","LU",2,"2100","DDS_ALL","_T","_Z","N","EUR","2022",19.98542084,"A",false,null,null,"P1Y",{"$nulls":4},"S",null,null,3,null,"Value of Direct debits initiated in a file/batch, sent - from: Austria to: Luxembourg, All","Value of Direct debits initiated in a file/batch, sent - from: Austria to: Luxembourg, All","EUR",6]
["PDD.A.AT.LU.2.2100.DDS_ALL._T._Z.N.PN","A","AT","LU",2,"2100","DDS_ALL","_T","_Z","N","PN","2022",0.025732,"A",false,null,null,"P1Y",{"$nulls":4},"S",null,null,3,null,"Number of Direct debits initiated in a file/batch, sent - from: Austria to: Luxembourg, All","Number of Direct debits initiated in a file/batch, sent - from: Austria to: Luxembourg, All","PN",6]
["PDD.A.AT.LU.2.2200.DDS_ALL._T._Z.N.EUR","A","AT","LU",2,"2200","DDS_ALL","_T","_Z","N","EUR","2022",0.21956619,"A",false,null,null,"P1Y",{"$nulls":4},"S",null,null,3,null,"Value of Direct debits initiated on a single payment basis, sent - from: Austria to: Luxembourg, All","Value of Direct debits initiated on a single payment basis, sent - from: Austria to: Luxembourg, All","EUR",6]
["PDD.A.AT.LU.2.2200.DDS_ALL._T._Z.N.PN","A","AT","LU",2,"2200","DDS_ALL","_T","_Z","N","PN","2022",0.000523,"A",false,null,null,"P1Y",{"$nulls":4},"S",null,null,3,null,"Number of Direct debits initiated on a single payment basis, sent - from: Austria to: Luxembourg, All","Number of Direct debits initiated on a single payment basis, sent - from: Austria to: Luxembourg, All","PN",6]
["PDD.A.AT.LU.2._T.DDS_ALL._T._Z.N.EUR","A","AT","LU",2,"_T","DDS_ALL","_T","_Z","N","EUR","2014",0.153,"A",false,null,null,"P1Y",{"$nulls":4},"S",null,null,3,null,"Value of Direct debits sent - from: Austria to: Luxembourg, All","Value of Direct debits sent - from: Austria to: Luxembourg, All","EUR",6]
["PDD.A.AT.LU.2._T.DDS_ALL._T._Z.N.EUR","A","AT","LU",2,"_T","DDS_ALL","_T","_Z","N","EUR","2015",426.926,"A",false,null,null,"P1Y",{"$nulls":4},"S",null,null,3,null,"Value of Direct debits sent - from: Austria to: Luxembourg, All","Value of Direct debits sent - from: Austria to: Luxembourg, All","EUR",6]
["PDD.A.AT.LU.2._T.DDS_ALL._T._Z.N.EUR","A","AT","LU",2,"_T","DDS_ALL","_T","_Z","N","EUR","2016",9.086,"A",false,null,null,"P1Y",{"$nulls":4},"S",null,null,3,null,"Value of Direct debits sent - from: Austria to: Luxembourg, All","Value of Direct debits sent - from: Austria to: Luxembourg, All","EUR",6]
["PDD.A.AT.LU.2._T.DDS_ALL._T._Z.N.EUR","A","AT","LU",2,"_T","DDS_ALL","_T","_Z","N","EUR","2017",5.462,"A",false,null,null,"P1Y",{"$nulls":4},"S",null,null,3,null,"Value of Direct debits sent - from: Austria to: Luxembourg, All","Value of Direct debits sent - from: Austria to: Luxembourg, All","EUR",6]
["PDD.A.AT.LU.2._T.DDS_ALL._T._Z.N.EUR","A","AT","LU",2,"_T","DDS_ALL","_T","_Z","N","EUR","2018",6.205,"A",false,null,null,"P1Y",{"$nulls":4},"S",null,null,3,null,"Value of Direct debits sent - from: Austria to: Luxembourg, All","Value of Direct debits sent - from: Austria to: Luxembourg, All","EUR",6]
["PDD.A.AT.LU.2._T.DDS_ALL._T._Z.N.EUR","A","AT","LU",2,"_T","DDS_ALL","_T","_Z","N","EUR","2019",7.907,"A",false,null,null,"P1Y",{"$nulls":4},"S",null,null,3,null,"Value of Direct debits sent - from: Austria to: Luxembourg, All","Value of Direct debits sent - from: Austria to: Luxembourg, All","EUR",6]
["PDD.A.AT.LU.2._T.DDS_ALL._T._Z.N.EUR","A","AT","LU",2,"_T","DDS_ALL","_T","_Z","N","EUR","2020",28.205,"A",false,null,null,"P1Y",{"$nulls":4},"S",null,null,3,null,"Value of Direct debits sent - from: Austria to: Luxembourg, All","Value of Direct debits sent - from: Austria to: Luxembourg, All","EUR",6]
["PDD.A.AT.LU.2._T.DDS_ALL._T._Z.N.EUR","A","AT","LU",2,"_T","DDS_ALL","_T","_Z","N","EUR","2021",17.158,"A",false,null,null,"P1Y",{"$nulls":4},"S",null,null,3,null,"Value of Direct debits sent - from: Austria to: Luxembourg, All","Value of Direct debits sent - from: Austria to: Luxembourg, All","EUR",6]
["PDD.A.AT.LU.2._T.DDS_ALL._T._Z.N.EUR","A","AT","LU",2,"_T","DDS_ALL","_T","_Z","N","EUR","2022",20.20498703,"A",false,null,null,"P1Y",{"$nulls":4},"S",null,null,3,null,"Value of Direct debits sent - from: Austria to: Luxembourg, All","Value of Direct debits sent - from: Austria to: Luxembourg, All","EUR",6]
["PDD.A.AT.LU.2._T.DDS_ALL._T._Z.N.PN","A","AT","LU",2,"_T","DDS_ALL","_T","_Z","N","PN","2014",0.001,"A",false,null,null,"P1Y",{"$nulls":4},"S",null,null,3,null,"Number of Direct debits sent - from: Austria to: Luxembourg, All","Number of Direct debits sent - from: Austria to: Luxembourg, All","PN",6]
["PDD.A.AT.LU.2._T.DDS_ALL._T._Z.N.PN","A","AT","LU",2,"_T","DDS_ALL","_T","_Z","N","PN","2015",0.002,"A",false,null,null,"P1Y",{"$nulls":4},"S",null,null,3,null,"Number of Direct debits sent - from: Austria to: Luxembourg, All","Number of Direct debits sent - from: Austria to: Luxembourg, All","PN",6]
["PDD.A.AT.LU.2._T.DDS_ALL._T._Z.N.PN","A","AT","LU",2,"_T","DDS_ALL","_T","_Z","N","PN","2016",0.002,"A",false,null,null,"P1Y",{"$nulls":4},"S",null,null,3,null,"Number of Direct debits sent - from: Austria to: Luxembourg, All","Number of Direct debits sent - from: Austria to: Luxembourg, All","PN",6]
["PDD.A.AT.LU.2._T.DDS_ALL._T._Z.N.PN","A","AT","LU",2,"_T","DDS_ALL","_T","_Z","N","PN","2017",0.004,"A",false,null,null,"P1Y",{"$nulls":4},"S",null,null,3,null,"Number of Direct debits sent - from: Austria to: Luxembourg, All","Number of Direct debits sent - from: Austria to: Luxembourg, All","PN",6]
["PDD.A.AT.LU.2._T.DDS_ALL._T._Z.N.PN","A","AT","LU",2,"_T","DDS_ALL","_T","_Z","N","PN","2018",0.006,"A",false,null,null,"P1Y",{"$nulls":4},"S",null,null,3,null,"Number of Direct debits sent - from: Austria to: Luxembourg, All","Number of Direct debits sent - from: Austria to: Luxembourg, All","PN",6]
["PDD.A.AT.LU.2._T.DDS_ALL._T._Z.N.PN","A","AT","LU",2,"_T","DDS_ALL","_T","_Z","N","PN","2019",0.01,"A",false,null,null,"P1Y",{"$nulls":4},"S",null,null,3,null,"Number of Direct debits sent - from: Austria to: Luxembourg, All","Number of Direct debits sent - from: Austria to: Luxembourg, All","PN",6]
["PDD.A.AT.LU.2._T.DDS_ALL._T._Z.N.PN","A","AT","LU",2,"_T","DDS_ALL","_T","_Z","N","PN","2020",0.014,"A",false,null,null,"P1Y",{"$nulls":4},"S",null,null,3,null,"Number of Direct debits sent - from: Austria to: Luxembourg, All","Number of Direct debits sent - from: Austria to: Luxembourg, All","PN",6]
["PDD.A.AT.LU.2._T.DDS_ALL._T._Z.N.PN","A","AT","LU",2,"_T","DDS_ALL","_T","_Z","N","PN","2021",0.022,"A",false,null,null,"P1Y",{"$nulls":4},"S",null,null,3,null,"Number of Direct debits sent - from: Austria to: Luxembourg, All","Number of Direct debits sent - from: Austria to: Luxembourg, All","PN",6]
["PDD.A.AT.LU.2._T.DDS_ALL._T._Z.N.PN","A","AT","LU",2,"_T","DDS_ALL","_T","_Z","N","PN","2022",0.026255,"A",false,null,null,"P1Y",{"$nulls":4},"S",null,null,3,null,"Number of Direct debits sent - from: Austria to: Luxembourg, All","Number of Direct debits sent - from: Austria to: Luxembourg, All","PN",6]
["PDD.A.AT.LV.1._T.DDS_ALL._T._Z.N.EUR","A","AT","LV",1,"_T","DDS_ALL","_T","_Z","N","EUR","2022",0.9307458200000001,"A",false,null,null,"P1Y",{"$nulls":4},"S",null,null,3,null,"Value of Direct debits received - from: Austria to: Latvia, All","Value of Direct debits received - from: Austria to: Latvia, All","EUR",6]
["PDD.A.AT.LV.1._T.DDS_ALL._T._Z.N.PN","A","AT","LV",1,"_T","DDS_ALL","_T","_Z","N","PN","2022",0.028676,"A",false,null,null,"P1Y",{"$nulls":4},"S",null,null,3,null,"Number of Direct debits received - from: Austria to: Latvia, All","Number of Direct debits received - from: Austria to: Latvia, All","PN",6]
["PDD.A.AT.LV.2.2100.DDS_ALL._T._Z.N.EUR","A","AT","LV",2,"2100","DDS_ALL","_T","_Z","N","EUR","2022",0.01597722,"A",false,null,null,"P1Y",{"$nulls":4},"S",null,null,3,null,"Value of Direct debits initiated in a file/batch, sent - from: Austria to: Latvia, All","Value of Direct debits initiated in a file/batch, sent - from: Austria to: Latvia, All","EUR",6]
["PDD.A.AT.LV.2.2100.DDS_ALL._T._Z.N.PN","A","AT","LV",2,"2100","DDS_ALL","_T","_Z","N","PN","2022",7.2E-05,"A",false,null,null,"P1Y",{"$nulls":4},"S",null,null,3,null,"Number of Direct debits initiated in a file/batch, sent - from: Austria to: Latvia, All","Number of Direct debits initiated in a file/batch, sent - from: Austria to: Latvia, All","PN",6]
["PDD.A.AT.LV.2.2200.DDS_ALL._T._Z.N.EUR","A","AT","LV",2,"2200","DDS_ALL","_T","_Z","N","EUR","2022",null,"Q",false,null,null,"P1Y",{"$nulls":4},"S",null,null,3,null,"Value of Direct debits initiated on a single payment basis, sent - from: Austria to: Latvia, All","Value of Direct debits initiated on a single payment basis, sent - from: Austria to: Latvia, All","EUR",6]
["PDD.A.AT.LV.2.2200.DDS_ALL._T._Z.N.PN","A","AT","LV",2,"2200","DDS_ALL","_T","_Z","N","PN","2022",null,"Q",false,null,null,"P1Y",{"$nulls":4},"S",null,null,3,null,"Number of Direct debits initiated on a single payment basis, sent - from: Austria to: Latvia, All","Number of Direct debits initiated on a single payment basis, sent - from: Austria to: Latvia, All","PN",6]
["PDD.A.AT.LV.2._T.DDS_ALL._T._Z.N.EUR","A","AT","LV",2,"_T","DDS_ALL","_T","_Z","N","EUR","2014",null,"Q",false,null,null,"P1Y",{"$nulls":4},"S",null,null,3,null,"Value of Direct debits sent - from: Austria to: Latvia, All","Value of Direct debits sent - from: Austria to: Latvia, All","EUR",6]
["PDD.A.AT.LV.2._T.DDS_ALL._T._Z.N.EUR","A","AT","LV",2,"_T","DDS_ALL","_T","_Z","N","EUR","2015",0.015,"A",false,null,null,"P1Y",{"$nulls":4},"S",null,null,3,null,"Value of Direct debits sent - from: Austria to: Latvia, All","Value of Direct debits sent - from: Austria to: Latvia, All","EUR",6]
["PDD.A.AT.LV.2._T.DDS_ALL._T._Z.N.EUR","A","AT","LV",2,"_T","DDS_ALL","_T","_Z","N","EUR","2016",0.16,"A",false,null,null,"P1Y",{"$nulls":4},"S",null,null,3,null,"Value of Direct debits sent - from: Austria to: Latvia, All","Value of Direct debits sent - from: Austria to: Latvia, All","EUR",6]
["PDD.A.AT.LV.2._T.DDS_ALL._T._Z.N.EUR","A","AT","LV",2,"_T","DDS_ALL","_T","_Z","N","EUR","2017",0.008,"A",false,null,null,"P1Y",{"$nulls":4},"S",null,null,3,null,"Value of Direct debits sent - from: Austria to: Latvia, All","Value of Direct debits sent - from: Austria to: Latvia, All","EUR",6]
["PDD.A.AT.LV.2._T.DDS_ALL._T._Z.N.EUR","A","AT","LV",2,"_T","DDS_ALL","_T","_Z","N","EUR","2018",0.014,"A",false,null,null,"P1Y",{"$nulls":4},"S",null,null,3,null,"Value of Direct debits sent - from: Austria to: Latvia, All","Value of Direct debits sent - from: Austria to: Latvia, All","EUR",6]
["PDD.A.AT.LV.2._T.DDS_ALL._T._Z.N.EUR","A","AT","LV",2,"_T","DDS_ALL","_T","_Z","N","EUR","2019",0.01,"A",false,null,null,"P1Y",{"$nulls":4},"S",null,null,3,null,"Value of Direct debits sent - from: Austria to: Latvia, All","Value of Direct debits sent - from: Austria to: Latvia, All","EUR",6]
["PDD.A.AT.LV.2._T.DDS_ALL._T._Z.N.EUR","A","AT","LV",2,"_T","DDS_ALL","_T","_Z","N","EUR","2020",0.012,"A",false,null,null,"P1Y",{"$nulls":4},"S",null,null,3,null,"Value of Direct debits sent - from: Austria to: Latvia, All","Value of Direct debits sent - from: Austria to: Latvia, All","EUR",6]
["PDD.A.AT.LV.2._T.DDS_ALL._T._Z.N.EUR","A","AT","LV",2,"_T","DDS_ALL","_T","_Z","N","EUR","2021",0.062,"A",false,null,null,"P1Y",{"$nulls":4},"S",null,null,3,null,"Value of Direct debits sent - from: Austria to: Latvia, All","Value of Direct debits sent - from: Austria to: Latvia, All","EUR",6]
["PDD.A.AT.LV.2._T.DDS_ALL._T._Z.N.EUR","A","AT","LV",2,"_T","DDS_ALL","_T","_Z","N","EUR","2022",0.30213522,"A",false,null,null,"P1Y",{"$nulls":4},"S",null,null,3,null,"Value of Direct debits sent - from: Austria to: Latvia, All","Value of Direct debits sent - from: Austria to: Latvia, All","EUR",6]
["PDD.A.AT.LV.2._T.DDS_ALL._T._Z.N.PN","A","AT","LV",2,"_T","DDS_ALL","_T","_Z","N","PN","2014",null,"Q",false,null,null,"P1Y",{"$nulls":4},"S",null,null,3,null,"Number of Direct debits sent - from: Austria to: Latvia, All","Number of Direct debits sent - from: Austria to: Latvia, All","PN",6]
["PDD.A.AT.LV.2._T.DDS_ALL._T._Z.N.PN","A","AT","LV",2,"_T","DDS_ALL","_T","_Z","N","PN","2015",0,"A",false,null,null,"P1Y",{"$nulls":4},"S",null,null,3,null,"Number of Direct debits sent - from: Austria to: Latvia, All","Number of Direct debits sent - from: Austria to: Latvia, All","PN",6]
["PDD.A.AT.LV.2._T.DDS_ALL._T._Z.N.PN","A","AT","LV",2,"_T","DDS_ALL","_T","_Z","N","PN","2016",0,"A",false,null,null,"P1Y",{"$nulls":4},"S",null,null,3,null,"Number of Direct debits sent - from: Austria to: Latvia, All","Number of Direct debits sent - from: Austria to: Latvia, All","PN",6]
["PDD.A.AT.LV.2._T.DDS_ALL._T._Z.N.PN","A","AT","LV",2,"_T","DDS_ALL","_T","_Z","N","PN","2017",0,"A",false,null,null,"P1Y",{"$nulls":4},"S",null,null,3,null,"Number of Direct debits sent - from: Austria to: Latvia, All","Number of Direct debits sent - from: Austria to: Latvia, All","PN",6]
["PDD.A.AT.LV.2._T.DDS_ALL._T._Z.N.PN","A","AT","LV",2,"_T","DDS_ALL","_T","_Z","N","PN","2018",0,"A",false,null,null,"P1Y",{"$nulls":4},"S",null,null,3,null,"Number of Direct debits sent - from: Austria to: Latvia, All","Number of Direct debits sent - from: Austria to: Latvia, All","PN",6]
["PDD.A.AT.LV.2._T.DDS_ALL._T._Z.N.PN","A","AT","LV",2,"_T","DDS_ALL","_T","_Z","N","PN","2019",0,"A",false,null,null,"P1Y",{"$nulls":4},"S",null,null,3,null,"Number of Direct debits sent - from: Austria to: Latvia, All","Number of Direct debits sent - from: Austria to: Latvia, All","PN",6]
["PDD.A.AT.LV.2._T.DDS_ALL._T._Z.N.PN","A","AT","LV",2,"_T","DDS_ALL","_T","_Z","N","PN","2020",0,"A",false,null,null,"P1Y",{"$nulls":4},"S",null,null,3,null,"Number of Direct debits sent - from: Austria to: Latvia, All","Number of Direct debits sent - from: Austria to: Latvia, All","PN",6]
["PDD.A.AT.LV.2._T.DDS_ALL._T._Z.N.PN","A","AT","LV",2,"_T","DDS_ALL","_T","_Z","N","PN","2021",0,"A",false,null,null,"P1Y",{"$nulls":4},"S",null,null,3,null,"Number of Direct debits sent - from: Austria to: Latvia, All","Number of Direct debits sent - from: Austria to: Latvia, All","PN",6]
["PDD.A.AT.LV.2._T.DDS_ALL._T._Z.N.PN","A","AT","LV",2,"_T","DDS_ALL","_T","_Z","N","PN","2022",0.000189,"A",false,null,null,"P1Y",{"$nulls":4},"S",null,null,3,null,"Number of Direct debits sent - from: Austria to: Latvia, All","Number of Direct debits sent - from: Austria to: Latvia, All","PN",6]
["PDD.A.AT.MT.1._T.DDS_ALL._T._Z.N.EUR","A","AT","MT",1,"_T","DDS_ALL","_T","_Z","N","EUR","2022",9.80269326,"A",false,null,null,"P1Y",{"$nulls":4},"S",null,null,3,null,"Value of Direct debits received - from: Austria to: Malta, All","Value of Direct debits received - from: Austria to: Malta, All","EUR",6]
["PDD.A.AT.MT.1._T.DDS_ALL._T._Z.N.PN","A","AT","MT",1,"_T","DDS_ALL","_T","_Z","N","PN","2022",0.083812,"A",false,null,null,"P1Y",{"$nulls":4},"S",null,null,3,null,"Number of Direct debits received - from: Austria to: Malta, All","Number of Direct debits received - from: Austria to: Malta, All","PN",6]
["PDD.A.AT.MT.2.2100.DDS_ALL._T._Z.N.EUR","A","AT","MT",2,"2100","DDS_ALL","_T","_Z","N","EUR","2022",0.027617,"A",false,null,null,"P1Y",{"$nulls":4},"S",null,null,3,null,"Value of Direct debits initiated in a file/batch, sent - from: Austria to: Malta, All","Value of Direct debits initiated in a file/batch, sent - from: Austria to: Malta, All","EUR",6]
["PDD.A.AT.MT.2.2100.DDS_ALL._T._Z.N.PN","A","AT","MT",2,"2100","DDS_ALL","_T","_Z","N","PN","2022",0.000169,"A",false,null,null,"P1Y",{"$nulls":4},"S",null,null,3,null,"Number of Direct debits initiated in a file/batch, sent - from: Austria to: Malta, All","Number of Direct debits initiated in a file/batch, sent - from: Austria to: Malta, All","PN",6]
["PDD.A.AT.MT.2.2200.DDS_ALL._T._Z.N.EUR","A","AT","MT",2,"2200","DDS_ALL","_T","_Z","N","EUR","2022",null,"Q",false,null,null,"P1Y",{"$nulls":4},"S",null,null,3,null,"Value of Direct debits initiated on a single payment basis, sent - from: Austria to: Malta, All","Value of Direct debits initiated on a single payment basis, sent - from: Austria to: Malta, All","EUR",6]
["PDD.A.AT.MT.2.2200.DDS_ALL._T._Z.N.PN","A","AT","MT",2,"2200","DDS_ALL","_T","_Z","N","PN","2022",null,"Q",false,null,null,"P1Y",{"$nulls":4},"S",null,null,3,null,"Number of Direct debits initiated on a single payment basis, sent - from: Austria to: Malta, All","Number of Direct debits initiated on a single payment basis, sent - from: Austria to: Malta, All","PN",6]
["PDD.A.AT.MT.2._T.DDS_ALL._T._Z.N.EUR","A","AT","MT",2,"_T","DDS_ALL","_T","_Z","N","EUR","2014",0.03,"A",false,null,null,"P1Y",{"$nulls":4},"S",null,null,3,null,"Value of Direct debits sent - from: Austria to: Malta, All","Value of Direct debits sent - from: Austria to: Malta, All","EUR",6]
["PDD.A.AT.MT.2._T.DDS_ALL._T._Z.N.EUR","A","AT","MT",2,"_T","DDS_ALL","_T","_Z","N","EUR","2015",0.012,"A",false,null,null,"P1Y",{"$nulls":4},"S",null,null,3,null,"Value of Direct debits sent - from: Austria to: Malta, All","Value of Direct debits sent - from: Austria to: Malta, All","EUR",6]
["PDD.A.AT.MT.2._T.DDS_ALL._T._Z.N.EUR","A","AT","MT",2,"_T","DDS_ALL","_T","_Z","N","EUR","2016",0.01,"A",false,null,null,"P1Y",{"$nulls":4},"S",null,null,3,null,"Value of Direct debits sent - from: Austria to: Malta, All","Value of Direct debits sent - from: Austria to: Malta, All","EUR",6]
["PDD.A.AT.MT.2._T.DDS_ALL._T._Z.N.EUR","A","AT","MT",2,"_T","DDS_ALL","_T","_Z","N","EUR","2017",0.014,"A",false,null,null,"P1Y",{"$nulls":4},"S",null,null,3,null,"Value of Direct debits sent - from: Austria to: Malta, All","Value of Direct debits sent - from: Austria to: Malta, All","EUR",6]
["PDD.A.AT.MT.2._T.DDS_ALL._T._Z.N.EUR","A","AT","MT",2,"_T","DDS_ALL","_T","_Z","N","EUR","2018",0.024,"A",false,null,null,"P1Y",{"$nulls":4},"S",null,null,3,null,"Value of Direct debits sent - from: Austria to: Malta, All","Value of Direct debits sent - from: Austria to: Malta, All","EUR",6]
["PDD.A.AT.MT.2._T.DDS_ALL._T._Z.N.EUR","A","AT","MT",2,"_T","DDS_ALL","_T","_Z","N","EUR","2019",0.021,"A",false,null,null,"P1Y",{"$nulls":4},"S",null,null,3,null,"Value of Direct debits sent - from: Austria to: Malta, All","Value of Direct debits sent - from: Austria to: Malta, All","EUR",6]
["PDD.A.AT.MT.2._T.DDS_ALL._T._Z.N.EUR","A","AT","MT",2,"_T","DDS_ALL","_T","_Z","N","EUR","2020",0.015,"A",false,null,null,"P1Y",{"$nulls":4},"S",null,null,3,null,"Value of Direct debits sent - from: Austria to: Malta, All","Value of Direct debits sent - from: Austria to: Malta, All","EUR",6]
["PDD.A.AT.MT.2._T.DDS_ALL._T._Z.N.EUR","A","AT","MT",2,"_T","DDS_ALL","_T","_Z","N","EUR","2021",0.045,"A",false,null,null,"P1Y",{"$nulls":4},"S",null,null,3,null,"Value of Direct debits sent - from: Austria to: Malta, All","Value of Direct debits sent - from: Austria to: Malta, All","EUR",6]
["PDD.A.AT.MT.2._T.DDS_ALL._T._Z.N.EUR","A","AT","MT",2,"_T","DDS_ALL","_T","_Z","N","EUR","2022",0.08509499999999999,"A",false,null,null,"P1Y",{"$nulls":4},"S",null,null,3,null,"Value of Direct debits sent - from: Austria to: Malta, All","Value of Direct debits sent - from: Austria to: Malta, All","EUR",6]
["PDD.A.AT.MT.2._T.DDS_ALL._T._Z.N.PN","A","AT","MT",2,"_T","DDS_ALL","_T","_Z","N","PN","2014",0,"A",false,null,null,"P1Y",{"$nulls":4},"S",null,null,3,null,"Number of Direct debits sent - from: Austria to: Malta, All","Number of Direct debits sent - from: Austria to: Malta, All","PN",6]
["PDD.A.AT.MT.2._T.DDS_ALL._T._Z.N.PN","A","AT","MT",2,"_T","DDS_ALL","_T","_Z","N","PN","2015",0,"A",false,null,null,"P1Y",{"$nulls":4},"S",null,null,3,null,"Number of Direct debits sent - from: Austria to: Malta, All","Number of Direct debits sent - from: Austria to: Malta, All","PN",6]
["PDD.A.AT.MT.2._T.DDS_ALL._T._Z.N.PN","A","AT","MT",2,"_T","DDS_ALL","_T","_Z","N","PN","2016",0,"A",false,null,null,"P1Y",{"$nulls":4},"S",null,null,3,null,"Number of Direct debits sent - from: Austria to: Malta, All","Number of Direct debits sent - from: Austria to: Malta, All","PN",6]
["PDD.A.AT.MT.2._T.DDS_ALL._T._Z.N.PN","A","AT","MT",2,"_T","DDS_ALL","_T","_Z","N","PN","2017",0,"A",false,null,null,"P1Y",{"$nulls":4},"S",null,null,3,null,"Number of Direct debits sent - from: Austria to: Malta, All","Number of Direct debits sent - from: Austria to: Malta, All","PN",6]
["PDD.A.AT.MT.2._T.DDS_ALL._T._Z.N.PN","A","AT","MT",2,"_T","DDS_ALL","_T","_Z","N","PN","2018",0,"A",false,null,null,"P1Y",{"$nulls":4},"S",null,null,3,null,"Number of Direct debits sent - from: Austria to: Malta, All","Number of Direct debits sent - from: Austria to: Malta, All","PN",6]
["PDD.A.AT.MT.2._T.DDS_ALL._T._Z.N.PN","A","AT","MT",2,"_T","DDS_ALL","_T","_Z","N","PN","2019",0,"A",false,null,null,"P1Y",{"$nulls":4},"S",null,null,3,null,"Number of Direct debits sent - from: Austria to: Malta, All","Number of Direct debits sent - from: Austria to: Malta, All","PN",6]
["PDD.A.AT.MT.2._T.DDS_ALL._T._Z.N.PN","A","AT","MT",2,"_T","DDS_ALL","_T","_Z","N","PN","2020",0,"A",false,null,null,"P1Y",{"$nulls":4},"S",null,null,3,null,"Number of Direct debits sent - from: Austria to: Malta, All","Number of Direct debits sent - from: Austria to: Malta, All","PN",6]
["PDD.A.AT.MT.2._T.DDS_ALL._T._Z.N.PN","A","AT","MT",2,"_T","DDS_ALL","_T","_Z","N","PN","2021",0,"A",false,null,null,"P1Y",{"$nulls":4},"S",null,null,3,null,"Number of Direct debits sent - from: Austria to: Malta, All","Number of Direct debits sent - from: Austria to: Malta, All","PN",6]
["PDD.A.AT.MT.2._T.DDS_ALL._T._Z.N.PN","A","AT","MT",2,"_T","DDS_ALL","_T","_Z","N","PN","2022",0.000224,"A",false,null,null,"P1Y",{"$nulls":4},"S",null,null,3,null,"Number of Direct debits sent - from: Austria to: Malta, All","Number of Direct debits sent - from: Austria to: Malta, All","PN",6]
["PDD.A.AT.NL.1._T.DDS_ALL._T._Z.N.EUR","A","AT","NL",1,"_T","DDS_ALL","_T","_Z","N","EUR","2022",932.64388899,"A",false,null,null,"P1Y",{"$nulls":4},"S",null,null,3,null,"Value of Direct debits received - from: Austria to: Netherlands, All","Value of Direct debits received - from: Austria to: Netherlands, All","EUR",6]
["PDD.A.AT.NL.1._T.DDS_ALL._T._Z.N.PN","A","AT","NL",1,"_T","DDS_ALL","_T","_Z","N","PN","2022",6.66364,"A",false,null,null,"P1Y",{"$nulls":4},"S",null,null,3,null,"Number of Direct debits received - from: Austria to: Netherlands, All","Number of Direct debits received - from: Austria to: Netherlands, All","PN",6]
["PDD.A.AT.NL.2.2100.DDS_ALL._T._Z.N.EUR","A","AT","NL",2,"2100","DDS_ALL","_T","_Z","N","EUR","2022",278.58515881,"A",false,null,null,"P1Y",{"$nulls":4},"S",null,null,3,null,"Value of Direct debits initiated in a file/batch, sent - from: Austria to: Netherlands, All","Value of Direct debits initiated in a file/batch, sent - from: Austria to: Netherlands, All","EUR",6]
["PDD.A.AT.NL.2.2100.DDS_ALL._T._Z.N.PN","A","AT","NL",2,"2100","DDS_ALL","_T","_Z","N","PN","2022",0.094581,"A",false,null,null,"P1Y",{"$nulls":4},"S",null,null,3,null,"Number of Direct debits initiated in a file/batch, sent - from: Austria to: Netherlands, All","Number of Direct debits initiated in a file/batch, sent - from: Austria to: Netherlands, All","PN",6]
["PDD.A.AT.NL.2.2200.DDS_ALL._T._Z.N.EUR","A","AT","NL",2,"2200","DDS_ALL","_T","_Z","N","EUR","2022",16.86177576,"A",false,null,null,"P1Y",{"$nulls":4},"S",null,null,3,null,"Value of Direct debits initiated on a single payment basis, sent - from: Austria to: Netherlands, All","Value of Direct debits initiated on a single payment basis, sent - from: Austria to: Netherlands, All","EUR",6]
["PDD.A.AT.NL.2.2200.DDS_ALL._T._Z.N.PN","A","AT","NL",2,"2200","DDS_ALL","_T","_Z","N","PN","2022",0.004627,"A",false,null,null,"P1Y",{"$nulls":4},"S",null,null,3,null,"Number of Direct debits initiated on a single payment basis, sent - from: Austria to: Netherlands, All","Number of Direct debits initiated on a single payment basis, sent - from: Austria to: Netherlands, All","PN",6]
["PDD.A.AT.NL.2._T.DDS_ALL._T._Z.N.EUR","A","AT","NL",2,"_T","DDS_ALL","_T","_Z","N","EUR","2014",188.084,"A",false,null,null,"P1Y",{"$nulls":4},"S",null,null,3,null,"Value of Direct debits sent - from: Austria to: Netherlands, All","Value of Direct debits sent - from: Austria to: Netherlands, All","EUR",6]
["PDD.A.AT.NL.2._T.DDS_ALL._T._Z.N.EUR","A","AT","NL",2,"_T","DDS_ALL","_T","_Z","N","EUR","2015",390.399,"A",false,null,null,"P1Y",{"$nulls":4},"S",null,null,3,null,"Value of Direct debits sent - from: Austria to: Netherlands, All","Value of Direct debits sent - from: Austria to: Netherlands, All","EUR",6]
["PDD.A.AT.NL.2._T.DDS_ALL._T._Z.N.EUR","A","AT","NL",2,"_T","DDS_ALL","_T","_Z","N","EUR","2016",120.885,"A",false,null,null,"P1Y",{"$nulls":4},"S",null,null,3,null,"Value of Direct debits sent - from: Austria to: Netherlands, All","Value of Direct debits sent - from: Austria to: Netherlands, All","EUR",6]
["PDD.A.AT.NL.2._T.DDS_ALL._T._Z.N.EUR","A","AT","NL",2,"_T","DDS_ALL","_T","_Z","N","EUR","2017",121.855,"A",false,null,null,"P1Y",{"$nulls":4},"S",null,null,3,null,"Value of Direct debits sent - from: Austria to: Netherlands, All","Value of Direct debits sent - from: Austria to: Netherlands, All","EUR",6]
["PDD.A.AT.NL.2._T.DDS_ALL._T._Z.N.EUR","A","AT","NL",2,"_T","DDS_ALL","_T","_Z","N","EUR","2018",145.702,"A",false,null,null,"P1Y",{"$nulls":4},"S",null,null,3,null,"Value of Direct debits sent - from: Austria to: Netherlands, All","Value of Direct debits sent - from: Austria to: Netherlands, All","EUR",6]
["PDD.A.AT.NL.2._T.DDS_ALL._T._Z.N.EUR","A","AT","NL",2,"_T","DDS_ALL","_T","_Z","N","EUR","2019",201.38,"A",false,null,null,"P1Y",{"$nulls":4},"S",null,null,3,null,"Value of Direct debits sent - from: Austria to: Netherlands, All","Value of Direct debits sent - from: Austria to: Netherlands, All","EUR",6]
["PDD.A.AT.NL.2._T.DDS_ALL._T._Z.N.EUR","A","AT","NL",2,"_T","DDS_ALL","_T","_Z","N","EUR","2020",203.952,"A",false,null,null,"P1Y",{"$nulls":4},"S",null,null,3,null,"Value of Direct debits sent - from: Austria to: Netherlands, All","Value of Direct debits sent - from: Austria to: Netherlands, All","EUR",6]
["PDD.A.AT.NL.2._T.DDS_ALL._T._Z.N.EUR","A","AT","NL",2,"_T","DDS_ALL","_T","_Z","N","EUR","2021",250.576,"A",false,null,null,"P1Y",{"$nulls":4},"S",null,null,3,null,"Value of Direct debits sent - from: Austria to: Netherlands, All","Value of Direct debits sent - from: Austria to: Netherlands, All","EUR",6]
["PDD.A.AT.NL.2._T.DDS_ALL._T._Z.N.EUR","A","AT","NL",2,"_T","DDS_ALL","_T","_Z","N","EUR","2022",295.44693457,"A",false,null,null,"P1Y",{"$nulls":4},"S",null,null,3,null,"Value of Direct debits sent - from: Austria to: Netherlands, All","Value of Direct debits sent - from: Austria to: Netherlands, All","EUR",6]
["PDD.A.AT.NL.2._T.DDS_ALL._T._Z.N.PN","A","AT","NL",2,"_T","DDS_ALL","_T","_Z","N","PN","2014",0.534,"A",false,null,null,"P1Y",{"$nulls":4},"S",null,null,3,null,"Number of Direct debits sent - from: Austria to: Netherlands, All","Number of Direct debits sent - from: Austria to: Netherlands, All","PN",6]
["PDD.A.AT.NL.2._T.DDS_ALL._T._Z.N.PN","A","AT","NL",2,"_T","DDS_ALL","_T","_Z","N","PN","2015",0.977,"A",false,null,null,"P1Y",{"$nulls":4},"S",null,null,3,null,"Number of Direct debits sent - from: Austria to: Netherlands, All","Number of Direct debits sent - from: Austria to: Netherlands, All","PN",6]
["PDD.A.AT.NL.2._T.DDS_ALL._T._Z.N.PN","A","AT","NL",2,"_T","DDS_ALL","_T","_Z","N","PN","2016",0.054,"A",false,null,null,"P1Y",{"$nulls":4},"S",null,null,3,null,"Number of Direct debits sent - from: Austria to: Netherlands, All","Number of Direct debits sent - from: Austria to: Netherlands, All","PN",6]
["PDD.A.AT.NL.2._T.DDS_ALL._T._Z.N.PN","A","AT","NL",2,"_T","DDS_ALL","_T","_Z","N","PN","2017",0.065,"A",false,null,null,"P1Y",{"$nulls":4},"S",null,null,3,null,"Number of Direct debits sent - from: Austria to: Netherlands, All","Number of Direct debits sent - from: Austria to: Netherlands, All","PN",6]
["PDD.A.AT.NL.2._T.DDS_ALL._T._Z.N.PN","A","AT","NL",2,"_T","DDS_ALL","_T","_Z","N","PN","2018",0.08,"A",false,null,null,"P1Y",{"$nulls":4},"S",null,null,3,null,"Number of Direct debits sent - from: Austria to: Netherlands, All","Number of Direct debits sent - from: Austria to: Netherlands, All","PN",6]
["PDD.A.AT.NL.2._T.DDS_ALL._T._Z.N.PN","A","AT","NL",2,"_T","DDS_ALL","_T","_Z","N","PN","2019",0.12,"A",false,null,null,"P1Y",{"$nulls":4},"S",null,null,3,null,"Number of Direct debits sent - from: Austria to: Netherlands, All","Number of Direct debits sent - from: Austria to: Netherlands, All","PN",6]
["PDD.A.AT.NL.2._T.DDS_ALL._T._Z.N.PN","A","AT","NL",2,"_T","DDS_ALL","_T","_Z","N","PN","2020",0.155,"A",false,null,null,"P1Y",{"$nulls":4},"S",null,null,3,null,"Number of Direct debits sent - from: Austria to: Netherlands, All","Number of Direct debits sent - from: Austria to: Netherlands, All","PN",6]
["PDD.A.AT.NL.2._T.DDS_ALL._T._Z.N.PN","A","AT","NL",2,"_T","DDS_ALL","_T","_Z","N","PN","2021",0.209,"A",false,null,null,"P1Y",{"$nulls":4},"S",null,null,3,null,"Number of Direct debits sent - from: Austria to: Netherlands, All","Number of Direct debits sent - from: Austria to: Netherlands, All","PN",6]
["PDD.A.AT.NL.2._T.DDS_ALL._T._Z.N.PN","A","AT","NL",2,"_T","DDS_ALL","_T","_Z","N","PN","2022",0.09920799999999999,"A",false,null,null,"P1Y",{"$nulls":4},"S",null,null,3,null,"Number of Direct debits sent - from: Austria to: Netherlands, All","Number of Direct debits sent - from: Austria to: Netherlands, All","PN",6]
["PDD.A.AT.NO.1._T.DDS_ALL._T._Z.N.EUR","A","AT","NO",1,"_T","DDS_ALL","_T","_Z","N","EUR","2022",5.27842674,"A",false,null,null,"P1Y",{"$nulls":4},"S",null,null,3,null,"Value of Direct debits received - from: Austria to: Norway, All","Value of Direct debits received - from: Austria to: Norway, All","EUR",6]
["PDD.A.AT.NO.1._T.DDS_ALL._T._Z.N.PN","A","AT","NO",1,"_T","DDS_ALL","_T","_Z","N","PN","2022",0.016628,"A",false,null,null,"P1Y",{"$nulls":4},"S",null,null,3,null,"Number of Direct debits received - from: Austria to: Norway, All","Number of Direct debits received - from: Austria to: Norway, All","PN",6]
["PDD.A.AT.NO.2.2100.DDS_ALL._T._Z.N.EUR","A","AT","NO",2,"2100","DDS_ALL","_T","_Z","N","EUR","2022",0.00780315,"A",false,null,null,"P1Y",{"$nulls":4},"S",null,null,3,null,"Value of Direct debits initiated in a file/batch, sent - from: Austria to: Norway, All","Value of Direct debits initiated in a file/batch, sent - from: Austria to: Norway, All","EUR",6]
["PDD.A.AT.NO.2.2100.DDS_ALL._T._Z.N.PN","A","AT","NO",2,"2100","DDS_ALL","_T","_Z","N","PN","2022",5.6E-05,"A",false,null,null,"P1Y",{"$nulls":4},"S",null,null,3,null,"Number of Direct debits initiated in a file/batch, sent - from: Austria to: Norway, All","Number of Direct debits initiated in a file/batch, sent - from: Austria to: Norway, All","PN",6]
["PDD.A.AT.NO.2.2200.DDS_ALL._T._Z.N.EUR","A","AT","NO",2,"2200","DDS_ALL","_T","_Z","N","EUR","2022",null,"Q",false,null,null,"P1Y",{"$nulls":4},"S",null,null,3,null,"Value of Direct debits initiated on a single payment basis, sent - from: Austria to: Norway, All","Value of Direct debits initiated on a single payment basis, sent - from: Austria to: Norway, All","EUR",6]
["PDD.A.AT.NO.2.2200.DDS_ALL._T._Z.N.PN","A","AT","NO",2,"2200","DDS_ALL","_T","_Z","N","PN","2022",null,"Q",false,null,null,"P1Y",{"$nulls":4},"S",null,null,3,null,"Number of Direct debits initiated on a single payment basis, sent - from: Austria to: Norway, All","Number of Direct debits initiated on a single payment basis, sent - from: Austria to: Norway, All","PN",6]
["PDD.A.AT.NO.2._T.DDS_ALL._T._Z.N.EUR","A","AT","NO",2,"_T","DDS_ALL","_T","_Z","N","EUR","2022",4.78698395,"A",false,null,null,"P1Y",{"$nulls":4},"S",null,null,3,null,"Value of Direct debits sent - from: Austria to: Norway, All","Value of Direct debits sent - from: Austria to: Norway, All","EUR",6]
["PDD.A.AT.NO.2._T.DDS_ALL._T._Z.N.PN","A","AT","NO",2,"_T","DDS_ALL","_T","_Z","N","PN","2022",6.4E-05,"A",false,null,null,"P1Y",{"$nulls":4},"S",null,null,3,null,"Number of Direct debits sent - from: Austria to: Norway, All","Number of Direct debits sent - from: Austria to: Norway, All","PN",6]
["PDD.A.AT.PL.1._T.DDS_ALL._T._Z.N.EUR","A","AT","PL",1,"_T","DDS_ALL","_T","_Z","N","EUR","2022",3.01562421,"A",false,null,null,"P1Y",{"$nulls":4},"S",null,null,3,null,"Value of Direct debits received - from: Austria to: Poland, All","Value of Direct debits received - from: Austria to: Poland, All","EUR",6]
["PDD.A.AT.PL.1._T.DDS_ALL._T._Z.N.PN","A","AT","PL",1,"_T","DDS_ALL","_T","_Z","N","PN","2022",0.05491799999999999,"A",false,null,null,"P1Y",{"$nulls":4},"S",null,null,3,null,"Number of Direct debits received - from: Austria to: Poland, All","Number of Direct debits received - from: Austria to: Poland, All","PN",6]
["PDD.A.AT.PL.2.2100.DDS_ALL._T._Z.N.EUR","A","AT","PL",2,"2100","DDS_ALL","_T","_Z","N","EUR","2022",0.1376778,"A",false,null,null,"P1Y",{"$nulls":4},"S",null,null,3,null,"Value of Direct debits initiated in a file/batch, sent - from: Austria to: Poland, All","Value of Direct debits initiated in a file/batch, sent - from: Austria to: Poland, All","EUR",6]
["PDD.A.AT.PL.2.2100.DDS_ALL._T._Z.N.PN","A","AT","PL",2,"2100","DDS_ALL","_T","_Z","N","PN","2022",0.000273,"A",false,null,null,"P1Y",{"$nulls":4},"S",null,null,3,null,"Number of Direct debits initiated in a file/batch, sent - from: Austria to: Poland, All","Number of Direct debits initiated in a file/batch, sent - from: Austria to: Poland, All","PN",6]
["PDD.A.AT.PL.2.2200.DDS_ALL._T._Z.N.EUR","A","AT","PL",2,"2200","DDS_ALL","_T","_Z","N","EUR","2022",0.03293491,"A",false,null,null,"P1Y",{"$nulls":4},"S",null,null,3,null,"Value of Direct debits initiated on a single payment basis, sent - from: Austria to: Poland, All","Value of Direct debits initiated on a single payment basis, sent - from: Austria to: Poland, All","EUR",6]
["PDD.A.AT.PL.2.2200.DDS_ALL._T._Z.N.PN","A","AT","PL",2,"2200","DDS_ALL","_T","_Z","N","PN","2022",9.099999999999999E-05,"A",false,null,null,"P1Y",{"$nulls":4},"S",null,null,3,null,"Number of Direct debits initiated on a single payment basis, sent - from: Austria to: Poland, All","Number of Direct debits initiated on a single payment basis, sent - from: Austria to: Poland, All","PN",6]
["PDD.A.AT.PL.2._T.DDS_ALL._T._Z.N.EUR","A","AT","PL",2,"_T","DDS_ALL","_T","_Z","N","EUR","2014",0.121,"A",false,null,null,"P1Y",{"$nulls":4},"S",null,null,3,null,"Value of Direct debits sent - from: Austria to: Poland, All","Value of Direct debits sent - from: Austria to: Poland, All","EUR",6]
["PDD.A.AT.PL.2._T.DDS_ALL._T._Z.N.EUR","A","AT","PL",2,"_T","DDS_ALL","_T","_Z","N","EUR","2015",0.731,"A",false,null,null,"P1Y",{"$nulls":4},"S",null,null,3,null,"Value of Direct debits sent - from: Austria to: Poland, All","Value of Direct debits sent - from: Austria to: Poland, All","EUR",6]
["PDD.A.AT.PL.2._T.DDS_ALL._T._Z.N.EUR","A","AT","PL",2,"_T","DDS_ALL","_T","_Z","N","EUR","2016",0.088,"A",false,null,null,"P1Y",{"$nulls":4},"S",null,null,3,null,"Value of Direct debits sent - from: Austria to: Poland, All","Value of Direct debits sent - from: Austria to: Poland, All","EUR",6]
["PDD.A.AT.PL.2._T.DDS_ALL._T._Z.N.EUR","A","AT","PL",2,"_T","DDS_ALL","_T","_Z","N","EUR","2017",0.815,"A",false,null,null,"P1Y",{"$nulls":4},"S",null,null,3,null,"Value of Direct debits sent - from: Austria to: Poland, All","Value of Direct debits sent - from: Austria to: Poland, All","EUR",6]
["PDD.A.AT.PL.2._T.DDS_ALL._T._Z.N.EUR","A","AT","PL",2,"_T","DDS_ALL","_T","_Z","N","EUR","2018",0.098,"A",false,null,null,"P1Y",{"$nulls":4},"S",null,null,3,null,"Value of Direct debits sent - from: Austria to: Poland, All","Value of Direct debits sent - from: Austria to: Poland, All","EUR",6]
["PDD.A.AT.PL.2._T.DDS_ALL._T._Z.N.EUR","A","AT","PL",2,"_T","DDS_ALL","_T","_Z","N","EUR","2019",0.081,"A",false,null,null,"P1Y",{"$nulls":4},"S",null,null,3,null,"Value of Direct debits sent - from: Austria to: Poland, All","Value of Direct debits sent - from: Austria to: Poland, All","EUR",6]
["PDD.A.AT.PL.2._T.DDS_ALL._T._Z.N.EUR","A","AT","PL",2,"_T","DDS_ALL","_T","_Z","N","EUR","2020",0.374,"A",false,null,null,"P1Y",{"$nulls":4},"S",null,null,3,null,"Value of Direct debits sent - from: Austria to: Poland, All","Value of Direct debits sent - from: Austria to: Poland, All","EUR",6]
["PDD.A.AT.PL.2._T.DDS_ALL._T._Z.N.EUR","A","AT","PL",2,"_T","DDS_ALL","_T","_Z","N","EUR","2021",0.231,"A",false,null,null,"P1Y",{"$nulls":4},"S",null,null,3,null,"Value of Direct debits sent - from: Austria to: Poland, All","Value of Direct debits sent - from: Austria to: Poland, All","EUR",6]
["PDD.A.AT.PL.2._T.DDS_ALL._T._Z.N.EUR","A","AT","PL",2,"_T","DDS_ALL","_T","_Z","N","EUR","2022",0.17061271,"A",false,null,null,"P1Y",{"$nulls":4},"S",null,null,3,null,"Value of Direct debits sent - from: Austria to: Poland, All","Value of Direct debits sent - from: Austria to: Poland, All","EUR",6]
["PDD.A.AT.PL.2._T.DDS_ALL._T._Z.N.PN","A","AT","PL",2,"_T","DDS_ALL","_T","_Z","N","PN","2014",0,"A",false,null,null,"P1Y",{"$nulls":4},"S",null,null,3,null,"Number of Direct debits sent - from: Austria to: Poland, All","Number of Direct debits sent - from: Austria to: Poland, All","PN",6]
["PDD.A.AT.PL.2._T.DDS_ALL._T._Z.N.PN","A","AT","PL",2,"_T","DDS_ALL","_T","_Z","N","PN","2015",0,"A",false,null,null,"P1Y",{"$nulls":4},"S",null,null,3,null,"Number of Direct debits sent - from: Austria to: Poland, All","Number of Direct debits sent - from: Austria to: Poland, All","PN",6]
["PDD.A.AT.PL.2._T.DDS_ALL._T._Z.N.PN","A","AT","PL",2,"_T","DDS_ALL","_T","_Z","N","PN","2016",0,"A",false,null,null,"P1Y",{"$nulls":4},"S",null,null,3,null,"Number of Direct debits sent - from: Austria to: Poland, All","Number of Direct debits sent - from: Austria to: Poland, All","PN",6]
["PDD.A.AT.PL.2._T.DDS_ALL._T._Z.N.PN","A","AT","PL",2,"_T","DDS_ALL","_T","_Z","N","PN","2017",0,"A",false,null,null,"P1Y",{"$nulls":4},"S",null,null,3,null,"Number of Direct debits sent - from: Austria to: Poland, All","Number of Direct debits sent - from: Austria to: Poland, All","PN",6]
["PDD.A.AT.PL.2._T.DDS_ALL._T._Z.N.PN","A","AT","PL",2,"_T","DDS_ALL","_T","_Z","N","PN","2018",0.001,"A",false,null,null,"P1Y",{"$nulls":4},"S",null,null,3,null,"Number of Direct debits sent - from: Austria to: Poland, All","Number of Direct debits sent - from: Austria to: Poland, All","PN",6]
["PDD.A.AT.PL.2._T.DDS_ALL._T._Z.N.PN","A","AT","PL",2,"_T","DDS_ALL","_T","_Z","N","PN","2019",0.001,"A",false,null,null,"P1Y",{"$nulls":4},"S",null,null,3,null,"Number of Direct debits sent - from: Austria to: Poland, All","Number of Direct debits sent - from: Austria to: Poland, All","PN",6]
["PDD.A.AT.PL.2._T.DDS_ALL._T._Z.N.PN","A","AT","PL",2,"_T","DDS_ALL","_T","_Z","N","PN","2020",0.001,"A",false,null,null,"P1Y",{"$nulls":4},"S",null,null,3,null,"Number of Direct debits sent - from: Austria to: Poland, All","Number of Direct debits sent - from: Austria to: Poland, All","PN",6]
["PDD.A.AT.PL.2._T.DDS_ALL._T._Z.N.PN","A","AT","PL",2,"_T","DDS_ALL","_T","_Z","N","PN","2021",0.001,"A",false,null,null,"P1Y",{"$nulls":4},"S",null,null,3,null,"Number of Direct debits sent - from: Austria to: Poland, All","Number of Direct debits sent - from: Austria to: Poland, All","PN",6]
["PDD.A.AT.PL.2._T.DDS_ALL._T._Z.N.PN","A","AT","PL",2,"_T","DDS_ALL","_T","_Z","N","PN","2022",0.000364,"A",false,null,null,"P1Y",{"$nulls":4},"S",null,null,3,null,"Number of Direct debits sent - from: Austria to: Poland, All","Number of Direct debits sent - from: Austria to: Poland, All","PN",6]
["PDD.A.AT.PT.1._T.DDS_ALL._T._Z.N.EUR","A","AT","PT",1,"_T","DDS_ALL","_T","_Z","N","EUR","2022",8.28041974,"A",false,null,null,"P1Y",{"$nulls":4},"S",null,null,3,null,"Value of Direct debits received - from: Austria to: Portugal, All","Value of Direct debits received - from: Austria to: Portugal, All","EUR",6]
["PDD.A.AT.PT.1._T.DDS_ALL._T._Z.N.PN","A","AT","PT",1,"_T","DDS_ALL","_T","_Z","N","PN","2022",0.24519,"A",false,null,null,"P1Y",{"$nulls":4},"S",null,null,3,null,"Number of Direct debits received - from: Austria to: Portugal, All","Number of Direct debits received - from: Austria to: Portugal, All","PN",6]
["PDD.A.AT.PT.2.2100.DDS_ALL._T._Z.N.EUR","A","AT","PT",2,"2100","DDS_ALL","_T","_Z","N","EUR","2022",1.31481114,"A",false,null,null,"P1Y",{"$nulls":4},"S",null,null,3,null,"Value of Direct debits initiated in a file/batch, sent - from: Austria to: Portugal, All","Value of Direct debits initiated in a file/batch, sent - from: Austria to: Portugal, All","EUR",6]
["PDD.A.AT.PT.2.2100.DDS_ALL._T._Z.N.PN","A","AT","PT",2,"2100","DDS_ALL","_T","_Z","N","PN","2022",0.004136,"A",false,null,null,"P1Y",{"$nulls":4},"S",null,null,3,null,"Number of Direct debits initiated in a file/batch, sent - from: Austria to: Portugal, All","Number of Direct debits initiated in a file/batch, sent - from: Austria to: Portugal, All","PN",6]
["PDD.A.AT.PT.2.2200.DDS_ALL._T._Z.N.EUR","A","AT","PT",2,"2200","DDS_ALL","_T","_Z","N","EUR","2022",0.18690953,"A",false,null,null,"P1Y",{"$nulls":4},"S",null,null,3,null,"Value of Direct debits initiated on a single payment basis, sent - from: Austria to: Portugal, All","Value of Direct debits initiated on a single payment basis, sent - from: Austria to: Portugal, All","EUR",6]
["PDD.A.AT.PT.2.2200.DDS_ALL._T._Z.N.PN","A","AT","PT",2,"2200","DDS_ALL","_T","_Z","N","PN","2022",9e-05,"A",false,null,null,"P1Y",{"$nulls":4},"S",null,null,3,null,"Number of Direct debits initiated on a single payment basis, sent - from: Austria to: Portugal, All","Number of Direct debits initiated on a single payment basis, sent - from: Austria to: Portugal, All","PN",6]
["PDD.A.AT.PT.2._T.DDS_ALL._T._Z.N.EUR","A","AT","PT",2,"_T","DDS_ALL","_T","_Z","N","EUR","2014",0.08,"A",false,null,null,"P1Y",{"$nulls":4},"S",null,null,3,null,"Value of Direct debits sent - from: Austria to: Portugal, All","Value of Direct debits sent - from: Austria to: Portugal, All","EUR",6]
["PDD.A.AT.PT.2._T.DDS_ALL._T._Z.N.EUR","A","AT","PT",2,"_T","DDS_ALL","_T","_Z","N","EUR","2015",0.127,"A",false,null,null,"P1Y",{"$nulls":4},"S",null,null,3,null,"Value of Direct debits sent - from: Austria to: Portugal, All","Value of Direct debits sent - from: Austria to: Portugal, All","EUR",6]
["PDD.A.AT.PT.2._T.DDS_ALL._T._Z.N.EUR","A","AT","PT",2,"_T","DDS_ALL","_T","_Z","N","EUR","2016",0.227,"A",false,null,null,"P1Y",{"$nulls":4},"S",null,null,3,null,"Value of Direct debits sent - from: Austria to: Portugal, All","Value of Direct debits sent - from: Austria to: Portugal, All","EUR",6]
["PDD.A.AT.PT.2._T.DDS_ALL._T._Z.N.EUR","A","AT","PT",2,"_T","DDS_ALL","_T","_Z","N","EUR","2017",0.374,"A",false,null,null,"P1Y",{"$nulls":4},"S",null,null,3,null,"Value of Direct debits sent - from: Austria to: Portugal, All","Value of Direct debits sent - from: Austria to: Portugal, All","EUR",6]
["PDD.A.AT.PT.2._T.DDS_ALL._T._Z.N.EUR","A","AT","PT",2,"_T","DDS_ALL","_T","_Z","N","EUR","2018",0.513,"A",false,null,null,"P1Y",{"$nulls":4},"S",null,null,3,null,"Value of Direct debits sent - from: Austria to: Portugal, All","Value of Direct debits sent - from: Austria to: Portugal, All","EUR",6]
["PDD.A.AT.PT.2._T.DDS_ALL._T._Z.N.EUR","A","AT","PT",2,"_T","DDS_ALL","_T","_Z","N","EUR","2019",4.344,"A",false,null,null,"P1Y",{"$nulls":4},"S",null,null,3,null,"Value of Direct debits sent - from: Austria to: Portugal, All","Value of Direct debits sent - from: Austria to: Portugal, All","EUR",6]
["PDD.A.AT.PT.2._T.DDS_ALL._T._Z.N.EUR","A","AT","PT",2,"_T","DDS_ALL","_T","_Z","N","EUR","2020",1.342,"A",false,null,null,"P1Y",{"$nulls":4},"S",null,null,3,null,"Value of Direct debits sent - from: Austria to: Portugal, All","Value of Direct debits sent - from: Austria to: Portugal, All","EUR",6]
["PDD.A.AT.PT.2._T.DDS_ALL._T._Z.N.EUR","A","AT","PT",2,"_T","DDS_ALL","_T","_Z","N","EUR","2021",1.196,"A",false,null,null,"P1Y",{"$nulls":4},"S",null,null,3,null,"Value of Direct debits sent - from: Austria to: Portugal, All","Value of Direct debits sent - from: Austria to: Portugal, All","EUR",6]
["PDD.A.AT.PT.2._T.DDS_ALL._T._Z.N.EUR","A","AT","PT",2,"_T","DDS_ALL","_T","_Z","N","EUR","2022",1.50172067,"A",false,null,null,"P1Y",{"$nulls":4},"S",null,null,3,null,"Value of Direct debits sent - from: Austria to: Portugal, All","Value of Direct debits sent - from: Austria to: Portugal, All","EUR",6]
["PDD.A.AT.PT.2._T.DDS_ALL._T._Z.N.PN","A","AT","PT",2,"_T","DDS_ALL","_T","_Z","N","PN","2014",0,"A",false,null,null,"P1Y",{"$nulls":4},"S",null,null,3,null,"Number of Direct debits sent - from: Austria to: Portugal, All","Number of Direct debits sent - from: Austria to: Portugal, All","PN",6]
["PDD.A.AT.PT.2._T.DDS_ALL._T._Z.N.PN","A","AT","PT",2,"_T","DDS_ALL","_T","_Z","N","PN","2015",0,"A",false,null,null,"P1Y",{"$nulls":4},"S",null,null,3,null,"Number of Direct debits sent - from: Austria to: Portugal, All","Number of Direct debits sent - from: Austria to: Portugal, All","PN",6]
["PDD.A.AT.PT.2._T.DDS_ALL._T._Z.N.PN","A","AT","PT",2,"_T","DDS_ALL","_T","_Z","N","PN","2016",0.001,"A",false,null,null,"P1Y",{"$nulls":4},"S",null,null,3,null,"Number of Direct debits sent - from: Austria to: Portugal, All","Number of Direct debits sent - from: Austria to: Portugal, All","PN",6]
["PDD.A.AT.PT.2._T.DDS_ALL._T._Z.N.PN","A","AT","PT",2,"_T","DDS_ALL","_T","_Z","N","PN","2017",0.001,"A",false,null,null,"P1Y",{"$nulls":4},"S",null,null,3,null,"Number of Direct debits sent - from: Austria to: Portugal, All","Number of Direct debits sent - from: Austria to: Portugal, All","PN",6]
["PDD.A.AT.PT.2._T.DDS_ALL._T._Z.N.PN","A","AT","PT",2,"_T","DDS_ALL","_T","_Z","N","PN","2018",0.001,"A",false,null,null,"P1Y",{"$nulls":4},"S",null,null,3,null,"Number of Direct debits sent - from: Austria to: Portugal, All","Number of Direct debits sent - from: Austria to: Portugal, All","PN",6]
["PDD.A.AT.PT.2._T.DDS_ALL._T._Z.N.PN","A","AT","PT",2,"_T","DDS_ALL","_T","_Z","N","PN","2019",0.002,"A",false,null,null,"P1Y",{"$nulls":4},"S",null,null,3,null,"Number of Direct debits sent - from: Austria to: Portugal, All","Number of Direct debits sent - from: Austria to: Portugal, All","PN",6]
["PDD.A.AT.PT.2._T.DDS_ALL._T._Z.N.PN","A","AT","PT",2,"_T","DDS_ALL","_T","_Z","N","PN","2020",0.003,"A",false,null,null,"P1Y",{"$nulls":4},"S",null,null,3,null,"Number of Direct debits sent - from: Austria to: Portugal, All","Number of Direct debits sent - from: Austria to: Portugal, All","PN",6]
["PDD.A.AT.PT.2._T.DDS_ALL._T._Z.N.PN","A","AT","PT",2,"_T","DDS_ALL","_T","_Z","N","PN","2021",0.004,"A",false,null,null,"P1Y",{"$nulls":4},"S",null,null,3,null,"Number of Direct debits sent - from: Austria to: Portugal, All","Number of Direct debits sent - from: Austria to: Portugal, All","PN",6]
["PDD.A.AT.PT.2._T.DDS_ALL._T._Z.N.PN","A","AT","PT",2,"_T","DDS_ALL","_T","_Z","N","PN","2022",0.004226,"A",false,null,null,"P1Y",{"$nulls":4},"S",null,null,3,null,"Number of Direct debits sent - from: Austria to: Portugal, All","Number of Direct debits sent - from: Austria to: Portugal, All","PN",6]
["PDD.A.AT.RO.1._T.DDS_ALL._T._Z.N.EUR","A","AT","RO",1,"_T","DDS_ALL","_T","_Z","N","EUR","2022",1.21372578,"A",false,null,null,"P1Y",{"$nulls":4},"S",null,null,3,null,"Value of Direct debits received - from: Austria to: Romania, All","Value of Direct debits received - from: Austria to: Romania, All","EUR",6]
["PDD.A.AT.RO.1._T.DDS_ALL._T._Z.N.PN","A","AT","RO",1,"_T","DDS_ALL","_T","_Z","N","PN","2022",0.019833,"A",false,null,null,"P1Y",{"$nulls":4},"S",null,null,3,null,"Number of Direct debits received - from: Austria to: Romania, All","Number of Direct debits received - from: Austria to: Romania, All","PN",6]
["PDD.A.AT.RO.2.2100.DDS_ALL._T._Z.N.EUR","A","AT","RO",2,"2100","DDS_ALL","_T","_Z","N","EUR","2022",4.64042935,"A",false,null,null,"P1Y",{"$nulls":4},"S",null,null,3,null,"Value of Direct debits initiated in a file/batch, sent - from: Austria to: Romania, All","Value of Direct debits initiated in a file/batch, sent - from: Austria to: Romania, All","EUR",6]
["PDD.A.AT.RO.2.2100.DDS_ALL._T._Z.N.PN","A","AT","RO",2,"2100","DDS_ALL","_T","_Z","N","PN","2022",0.000358,"A",false,null,null,"P1Y",{"$nulls":4},"S",null,null,3,null,"Number of Direct debits initiated in a file/batch, sent - from: Austria to: Romania, All","Number of Direct debits initiated in a file/batch, sent - from: Austria to: Romania, All","PN",6]
["PDD.A.AT.RO.2.2200.DDS_ALL._T._Z.N.EUR","A","AT","RO",2,"2200","DDS_ALL","_T","_Z","N","EUR","2022",0.01797757,"A",false,null,null,"P1Y",{"$nulls":4},"S",null,null,3,null,"Value of Direct debits initiated on a single payment basis, sent - from: Austria to: Romania, All","Value of Direct debits initiated on a single payment basis, sent - from: Austria to: Romania, All","EUR",6]
["PDD.A.AT.RO.2.2200.DDS_ALL._T._Z.N.PN","A","AT","RO",2,"2200","DDS_ALL","_T","_Z","N","PN","2022",1.9E-05,"A",false,null,null,"P1Y",{"$nulls":4},"S",null,null,3,null,"Number of Direct debits initiated on a single payment basis, sent - from: Austria to: Romania, All","Number of Direct debits initiated on a single payment basis, sent - from: Austria to: Romania, All","PN",6]
["PDD.A.AT.RO.2._T.DDS_ALL._T._Z.N.EUR","A","AT","RO",2,"_T","DDS_ALL","_T","_Z","N","EUR","2014",0.089,"A",false,null,null,"P1Y",{"$nulls":4},"S",null,null,3,null,"Value of Direct debits sent - from: Austria to: Romania, All","Value of Direct debits sent - from: Austria to: Romania, All","EUR",6]
["PDD.A.AT.RO.2._T.DDS_ALL._T._Z.N.EUR","A","AT","RO",2,"_T","DDS_ALL","_T","_Z","N","EUR","2015",0.551,"A",false,null,null,"P1Y",{"$nulls":4},"S",null,null,3,null,"Value of Direct debits sent - from: Austria to: Romania, All","Value of Direct debits sent - from: Austria to: Romania, All","EUR",6]
["PDD.A.AT.RO.2._T.DDS_ALL._T._Z.N.EUR","A","AT","RO",2,"_T","DDS_ALL","_T","_Z","N","EUR","2016",3.249,"A",false,null,null,"P1Y",{"$nulls":4},"S",null,null,3,null,"Value of Direct debits sent - from: Austria to: Romania, All","Value of Direct debits sent - from: Austria to: Romania, All","EUR",6]
["PDD.A.AT.RO.2._T.DDS_ALL._T._Z.N.EUR","A","AT","RO",2,"_T","DDS_ALL","_T","_Z","N","EUR","2017",3.523,"A",false,null,null,"P1Y",{"$nulls":4},"S",null,null,3,null,"Value of Direct debits sent - from: Austria to: Romania, All","Value of Direct debits sent - from: Austria to: Romania, All","EUR",6]
["PDD.A.AT.RO.2._T.DDS_ALL._T._Z.N.EUR","A","AT","RO",2,"_T","DDS_ALL","_T","_Z","N","EUR","2018",2.696,"A",false,null,null,"P1Y",{"$nulls":4},"S",null,null,3,null,"Value of Direct debits sent - from: Austria to: Romania, All","Value of Direct debits sent - from: Austria to: Romania, All","EUR",6]
["PDD.A.AT.RO.2._T.DDS_ALL._T._Z.N.EUR","A","AT","RO",2,"_T","DDS_ALL","_T","_Z","N","EUR","2019",3.168,"A",false,null,null,"P1Y",{"$nulls":4},"S",null,null,3,null,"Value of Direct debits sent - from: Austria to: Romania, All","Value of Direct debits sent - from: Austria to: Romania, All","EUR",6]
["PDD.A.AT.RO.2._T.DDS_ALL._T._Z.N.EUR","A","AT","RO",2,"_T","DDS_ALL","_T","_Z","N","EUR","2020",2.406,"A",false,null,null,"P1Y",{"$nulls":4},"S",null,null,3,null,"Value of Direct debits sent - from: Austria to: Romania, All","Value of Direct debits sent - from: Austria to: Romania, All","EUR",6]
["PDD.A.AT.RO.2._T.DDS_ALL._T._Z.N.EUR","A","AT","RO",2,"_T","DDS_ALL","_T","_Z","N","EUR","2021",1.885,"A",false,null,null,"P1Y",{"$nulls":4},"S",null,null,3,null,"Value of Direct debits sent - from: Austria to: Romania, All","Value of Direct debits sent - from: Austria to: Romania, All","EUR",6]
["PDD.A.AT.RO.2._T.DDS_ALL._T._Z.N.EUR","A","AT","RO",2,"_T","DDS_ALL","_T","_Z","N","EUR","2022",4.65840692,"A",false,null,null,"P1Y",{"$nulls":4},"S",null,null,3,null,"Value of Direct debits sent - from: Austria to: Romania, All","Value of Direct debits sent - from: Austria to: Romania, All","EUR",6]
["PDD.A.AT.RO.2._T.DDS_ALL._T._Z.N.PN","A","AT","RO",2,"_T","DDS_ALL","_T","_Z","N","PN","2014",0,"A",false,null,null,"P1Y",{"$nulls":4},"S",null,null,3,null,"Number of Direct debits sent - from: Austria to: Romania, All","Number of Direct debits sent - from: Austria to: Romania, All","PN",6]
["PDD.A.AT.RO.2._T.DDS_ALL._T._Z.N.PN","A","AT","RO",2,"_T","DDS_ALL","_T","_Z","N","PN","2015",0,"A",false,null,null,"P1Y",{"$nulls":4},"S",null,null,3,null,"Number of Direct debits sent - from: Austria to: Romania, All","Number of Direct debits sent - from: Austria to: Romania, All","PN",6]
["PDD.A.AT.RO.2._T.DDS_ALL._T._Z.N.PN","A","AT","RO",2,"_T","DDS_ALL","_T","_Z","N","PN","2016",0.001,"A",false,null,null,"P1Y",{"$nulls":4},"S",null,null,3,null,"Number of Direct debits sent - from: Austria to: Romania, All","Number of Direct debits sent - from: Austria to: Romania, All","PN",6]
["PDD.A.AT.RO.2._T.DDS_ALL._T._Z.N.PN","A","AT","RO",2,"_T","DDS_ALL","_T","_Z","N","PN","2017",0,"A",false,null,null,"P1Y",{"$nulls":4},"S",null,null,3,null,"Number of Direct debits sent - from: Austria to: Romania, All","Number of Direct debits sent - from: Austria to: Romania, All","PN",6]
["PDD.A.AT.RO.2._T.DDS_ALL._T._Z.N.PN","A","AT","RO",2,"_T","DDS_ALL","_T","_Z","N","PN","2018",0,"A",false,null,null,"P1Y",{"$nulls":4},"S",null,null,3,null,"Number of Direct debits sent - from: Austria to: Romania, All","Number of Direct debits sent - from: Austria to: Romania, All","PN",6]
["PDD.A.AT.RO.2._T.DDS_ALL._T._Z.N.PN","A","AT","RO",2,"_T","DDS_ALL","_T","_Z","N","PN","2019",0,"A",false,null,null,"P1Y",{"$nulls":4},"S",null,null,3,null,"Number of Direct debits sent - from: Austria to: Romania, All","Number of Direct debits sent - from: Austria to: Romania, All","PN",6]
["PDD.A.AT.RO.2._T.DDS_ALL._T._Z.N.PN","A","AT","RO",2,"_T","DDS_ALL","_T","_Z","N","PN","2020",0,"A",false,null,null,"P1Y",{"$nulls":4},"S",null,null,3,null,"Number of Direct debits sent - from: Austria to: Romania, All","Number of Direct debits sent - from: Austria to: Romania, All","PN",6]
["PDD.A.AT.RO.2._T.DDS_ALL._T._Z.N.PN","A","AT","RO",2,"_T","DDS_ALL","_T","_Z","N","PN","2021",0,"A",false,null,null,"P1Y",{"$nulls":4},"S",null,null,3,null,"Number of Direct debits sent - from: Austria to: Romania, All","Number of Direct debits sent - from: Austria to: Romania, All","PN",6]
["PDD.A.AT.RO.2._T.DDS_ALL._T._Z.N.PN","A","AT","RO",2,"_T","DDS_ALL","_T","_Z","N","PN","2022",0.0003769999999999999,"A",false,null,null,"P1Y",{"$nulls":4},"S",null,null,3,null,"Number of Direct debits sent - from: Austria to: Romania, All","Number of Direct debits sent - from: Austria to: Romania, All","PN",6]
["PDD.A.AT.SE.1._T.DDS_ALL._T._Z.N.EUR","A","AT","SE",1,"_T","DDS_ALL","_T","_Z","N","EUR","2022",15.75582947,"A",false,null,null,"P1Y",{"$nulls":4},"S",null,null,3,null,"Value of Direct debits received - from: Austria to: Sweden, All","Value of Direct debits received - from: Austria to: Sweden, All","EUR",6]
["PDD.A.AT.SE.1._T.DDS_ALL._T._Z.N.PN","A","AT","SE",1,"_T","DDS_ALL","_T","_Z","N","PN","2022",0.060914,"A",false,null,null,"P1Y",{"$nulls":4},"S",null,null,3,null,"Number of Direct debits received - from: Austria to: Sweden, All","Number of Direct debits received - from: Austria to: Sweden, All","PN",6]
["PDD.A.AT.SE.2.2100.DDS_ALL._T._Z.N.EUR","A","AT","SE",2,"2100","DDS_ALL","_T","_Z","N","EUR","2022",1.78517489,"A",false,null,null,"P1Y",{"$nulls":4},"S",null,null,3,null,"Value of Direct debits initiated in a file/batch, sent - from: Austria to: Sweden, All","Value of Direct debits initiated in a file/batch, sent - from: Austria to: Sweden, All","EUR",6]
["PDD.A.AT.SE.2.2100.DDS_ALL._T._Z.N.PN","A","AT","SE",2,"2100","DDS_ALL","_T","_Z","N","PN","2022",0.000738,"A",false,null,null,"P1Y",{"$nulls":4},"S",null,null,3,null,"Number of Direct debits initiated in a file/batch, sent - from: Austria to: Sweden, All","Number of Direct debits initiated in a file/batch, sent - from: Austria to: Sweden, All","PN",6]
["PDD.A.AT.SE.2.2200.DDS_ALL._T._Z.N.EUR","A","AT","SE",2,"2200","DDS_ALL","_T","_Z","N","EUR","2022",0.13612107,"A",false,null,null,"P1Y",{"$nulls":4},"S",null,null,3,null,"Value of Direct debits initiated on a single payment basis, sent - from: Austria to: Sweden, All","Value of Direct debits initiated on a single payment basis, sent - from: Austria to: Sweden, All","EUR",6]
["PDD.A.AT.SE.2.2200.DDS_ALL._T._Z.N.PN","A","AT","SE",2,"2200","DDS_ALL","_T","_Z","N","PN","2022",3.3E-05,"A",false,null,null,"P1Y",{"$nulls":4},"S",null,null,3,null,"Number of Direct debits initiated on a single payment basis, sent - from: Austria to: Sweden, All","Number of Direct debits initiated on a single payment basis, sent - from: Austria to: Sweden, All","PN",6]
["PDD.A.AT.SE.2._T.DDS_ALL._T._Z.N.EUR","A","AT","SE",2,"_T","DDS_ALL","_T","_Z","N","EUR","2014",0.004,"A",false,null,null,"P1Y",{"$nulls":4},"S",null,null,3,null,"Value of Direct debits sent - from: Austria to: Sweden, All","Value of Direct debits sent - from: Austria to: Sweden, All","EUR",6]
["PDD.A.AT.SE.2._T.DDS_ALL._T._Z.N.EUR","A","AT","SE",2,"_T","DDS_ALL","_T","_Z","N","EUR","2015",0.589,"A",false,null,null,"P1Y",{"$nulls":4},"S",null,null,3,null,"Value of Direct debits sent - from: Austria to: Sweden, All","Value of Direct debits sent - from: Austria to: Sweden, All","EUR",6]
["PDD.A.AT.SE.2._T.DDS_ALL._T._Z.N.EUR","A","AT","SE",2,"_T","DDS_ALL","_T","_Z","N","EUR","2016",0.791,"A",false,null,null,"P1Y",{"$nulls":4},"S",null,null,3,null,"Value of Direct debits sent - from: Austria to: Sweden, All","Value of Direct debits sent - from: Austria to: Sweden, All","EUR",6]
["PDD.A.AT.SE.2._T.DDS_ALL._T._Z.N.EUR","A","AT","SE",2,"_T","DDS_ALL","_T","_Z","N","EUR","2017",1.032,"A",false,null,null,"P1Y",{"$nulls":4},"S",null,null,3,null,"Value of Direct debits sent - from: Austria to: Sweden, All","Value of Direct debits sent - from: Austria to: Sweden, All","EUR",6]
["PDD.A.AT.SE.2._T.DDS_ALL._T._Z.N.EUR","A","AT","SE",2,"_T","DDS_ALL","_T","_Z","N","EUR","2018",1.172,"A",false,null,null,"P1Y",{"$nulls":4},"S",null,null,3,null,"Value of Direct debits sent - from: Austria to: Sweden, All","Value of Direct debits sent - from: Austria to: Sweden, All","EUR",6]
["PDD.A.AT.SE.2._T.DDS_ALL._T._Z.N.EUR","A","AT","SE",2,"_T","DDS_ALL","_T","_Z","N","EUR","2019",1.86,"A",false,null,null,"P1Y",{"$nulls":4},"S",null,null,3,null,"Value of Direct debits sent - from: Austria to: Sweden, All","Value of Direct debits sent - from: Austria to: Sweden, All","EUR",6]
["PDD.A.AT.SE.2._T.DDS_ALL._T._Z.N.EUR","A","AT","SE",2,"_T","DDS_ALL","_T","_Z","N","EUR","2020",1.776,"A",false,null,null,"P1Y",{"$nulls":4},"S",null,null,3,null,"Value of Direct debits sent - from: Austria to: Sweden, All","Value of Direct debits sent - from: Austria to: Sweden, All","EUR",6]
["PDD.A.AT.SE.2._T.DDS_ALL._T._Z.N.EUR","A","AT","SE",2,"_T","DDS_ALL","_T","_Z","N","EUR","2021",1.117,"A",false,null,null,"P1Y",{"$nulls":4},"S",null,null,3,null,"Value of Direct debits sent - from: Austria to: Sweden, All","Value of Direct debits sent - from: Austria to: Sweden, All","EUR",6]
["PDD.A.AT.SE.2._T.DDS_ALL._T._Z.N.EUR","A","AT","SE",2,"_T","DDS_ALL","_T","_Z","N","EUR","2022",1.92129596,"A",false,null,null,"P1Y",{"$nulls":4},"S",null,null,3,null,"Value of Direct debits sent - from: Austria to: Sweden, All","Value of Direct debits sent - from: Austria to: Sweden, All","EUR",6]
["PDD.A.AT.SE.2._T.DDS_ALL._T._Z.N.PN","A","AT","SE",2,"_T","DDS_ALL","_T","_Z","N","PN","2014",0,"A",false,null,null,"P1Y",{"$nulls":4},"S",null,null,3,null,"Number of Direct debits sent - from: Austria to: Sweden, All","Number of Direct debits sent - from: Austria to: Sweden, All","PN",6]
["PDD.A.AT.SE.2._T.DDS_ALL._T._Z.N.PN","A","AT","SE",2,"_T","DDS_ALL","_T","_Z","N","PN","2015",0,"A",false,null,null,"P1Y",{"$nulls":4},"S",null,null,3,null,"Number of Direct debits sent - from: Austria to: Sweden, All","Number of Direct debits sent - from: Austria to: Sweden, All","PN",6]
["PDD.A.AT.SE.2._T.DDS_ALL._T._Z.N.PN","A","AT","SE",2,"_T","DDS_ALL","_T","_Z","N","PN","2016",0,"A",false,null,null,"P1Y",{"$nulls":4},"S",null,null,3,null,"Number of Direct debits sent - from: Austria to: Sweden, All","Number of Direct debits sent - from: Austria to: Sweden, All","PN",6]
["PDD.A.AT.SE.2._T.DDS_ALL._T._Z.N.PN","A","AT","SE",2,"_T","DDS_ALL","_T","_Z","N","PN","2017",0,"A",false,null,null,"P1Y",{"$nulls":4},"S",null,null,3,null,"Number of Direct debits sent - from: Austria to: Sweden, All","Number of Direct debits sent - from: Austria to: Sweden, All","PN",6]
["PDD.A.AT.SE.2._T.DDS_ALL._T._Z.N.PN","A","AT","SE",2,"_T","DDS_ALL","_T","_Z","N","PN","2018",0,"A",false,null,null,"P1Y",{"$nulls":4},"S",null,null,3,null,"Number of Direct debits sent - from: Austria to: Sweden, All","Number of Direct debits sent - from: Austria to: Sweden, All","PN",6]
["PDD.A.AT.SE.2._T.DDS_ALL._T._Z.N.PN","A","AT","SE",2,"_T","DDS_ALL","_T","_Z","N","PN","2019",0.001,"A",false,null,null,"P1Y",{"$nulls":4},"S",null,null,3,null,"Number of Direct debits sent - from: Austria to: Sweden, All","Number of Direct debits sent - from: Austria to: Sweden, All","PN",6]
["PDD.A.AT.SE.2._T.DDS_ALL._T._Z.N.PN","A","AT","SE",2,"_T","DDS_ALL","_T","_Z","N","PN","2020",0.001,"A",false,null,null,"P1Y",{"$nulls":4},"S",null,null,3,null,"Number of Direct debits sent - from: Austria to: Sweden, All","Number of Direct debits sent - from: Austria to: Sweden, All","PN",6]
["PDD.A.AT.SE.2._T.DDS_ALL._T._Z.N.PN","A","AT","SE",2,"_T","DDS_ALL","_T","_Z","N","PN","2021",0.001,"A",false,null,null,"P1Y",{"$nulls":4},"S",null,null,3,null,"Number of Direct debits sent - from: Austria to: Sweden, All","Number of Direct debits sent - from: Austria to: Sweden, All","PN",6]
["PDD.A.AT.SE.2._T.DDS_ALL._T._Z.N.PN","A","AT","SE",2,"_T","DDS_ALL","_T","_Z","N","PN","2022",0.000771,"A",false,null,null,"P1Y",{"$nulls":4},"S",null,null,3,null,"Number of Direct debits sent - from: Austria to: Sweden, All","Number of Direct debits sent - from: Austria to: Sweden, All","PN",6]
["PDD.A.AT.SI.1._T.DDS_ALL._T._Z.N.EUR","A","AT","SI",1,"_T","DDS_ALL","_T","_Z","N","EUR","2022",67.66762016,"A",false,null,null,"P1Y",{"$nulls":4},"S",null,null,3,null,"Value of Direct debits received - from: Austria to: Slovenia, All","Value of Direct debits received - from: Austria to: Slovenia, All","EUR",6]
["PDD.A.AT.SI.1._T.DDS_ALL._T._Z.N.PN","A","AT","SI",1,"_T","DDS_ALL","_T","_Z","N","PN","2022",1.095243,"A",false,null,null,"P1Y",{"$nulls":4},"S",null,null,3,null,"Number of Direct debits received - from: Austria to: Slovenia, All","Number of Direct debits received - from: Austria to: Slovenia, All","PN",6]
["PDD.A.AT.SI.2.2100.DDS_ALL._T._Z.N.EUR","A","AT","SI",2,"2100","DDS_ALL","_T","_Z","N","EUR","2022",45.93958773,"A",false,null,null,"P1Y",{"$nulls":4},"S",null,null,3,null,"Value of Direct debits initiated in a file/batch, sent - from: Austria to: Slovenia, All","Value of Direct debits initiated in a file/batch, sent - from: Austria to: Slovenia, All","EUR",6]
["PDD.A.AT.SI.2.2100.DDS_ALL._T._Z.N.PN","A","AT","SI",2,"2100","DDS_ALL","_T","_Z","N","PN","2022",0.443481,"A",false,null,null,"P1Y",{"$nulls":4},"S",null,null,3,null,"Number of Direct debits initiated in a file/batch, sent - from: Austria to: Slovenia, All","Number of Direct debits initiated in a file/batch, sent - from: Austria to: Slovenia, All","PN",6]
["PDD.A.AT.SI.2.2200.DDS_ALL._T._Z.N.EUR","A","AT","SI",2,"2200","DDS_ALL","_T","_Z","N","EUR","2022",20.52841392,"A",false,null,null,"P1Y",{"$nulls":4},"S",null,null,3,null,"Value of Direct debits initiated on a single payment basis, sent - from: Austria to: Slovenia, All","Value of Direct debits initiated on a single payment basis, sent - from: Austria to: Slovenia, All","EUR",6]
["PDD.A.AT.SI.2.2200.DDS_ALL._T._Z.N.PN","A","AT","SI",2,"2200","DDS_ALL","_T","_Z","N","PN","2022",0.002949,"A",false,null,null,"P1Y",{"$nulls":4},"S",null,null,3,null,"Number of Direct debits initiated on a single payment basis, sent - from: Austria to: Slovenia, All","Number of Direct debits initiated on a single payment basis, sent - from: Austria to: Slovenia, All","PN",6]
["PDD.A.AT.SI.2._T.DDS_ALL._T._Z.N.EUR","A","AT","SI",2,"_T","DDS_ALL","_T","_Z","N","EUR","2014",5.167,"A",false,null,null,"P1Y",{"$nulls":4},"S",null,null,3,null,"Value of Direct debits sent - from: Austria to: Slovenia, All","Value of Direct debits sent - from: Austria to: Slovenia, All","EUR",6]
["PDD.A.AT.SI.2._T.DDS_ALL._T._Z.N.EUR","A","AT","SI",2,"_T","DDS_ALL","_T","_Z","N","EUR","2015",8.61,"A",false,null,null,"P1Y",{"$nulls":4},"S",null,null,3,null,"Value of Direct debits sent - from: Austria to: Slovenia, All","Value of Direct debits sent - from: Austria to: Slovenia, All","EUR",6]
["PDD.A.AT.SI.2._T.DDS_ALL._T._Z.N.EUR","A","AT","SI",2,"_T","DDS_ALL","_T","_Z","N","EUR","2016",11.538,"A",false,null,null,"P1Y",{"$nulls":4},"S",null,null,3,null,"Value of Direct debits sent - from: Austria to: Slovenia, All","Value of Direct debits sent - from: Austria to: Slovenia, All","EUR",6]
["PDD.A.AT.SI.2._T.DDS_ALL._T._Z.N.EUR","A","AT","SI",2,"_T","DDS_ALL","_T","_Z","N","EUR","2017",18.978,"A",false,null,null,"P1Y",{"$nulls":4},"S",null,null,3,null,"Value of Direct debits sent - from: Austria to: Slovenia, All","Value of Direct debits sent - from: Austria to: Slovenia, All","EUR",6]
["PDD.A.AT.SI.2._T.DDS_ALL._T._Z.N.EUR","A","AT","SI",2,"_T","DDS_ALL","_T","_Z","N","EUR","2018",25.8,"A",false,null,null,"P1Y",{"$nulls":4},"S",null,null,3,null,"Value of Direct debits sent - from: Austria to: Slovenia, All","Value of Direct debits sent - from: Austria to: Slovenia, All","EUR",6]
["PDD.A.AT.SI.2._T.DDS_ALL._T._Z.N.EUR","A","AT","SI",2,"_T","DDS_ALL","_T","_Z","N","EUR","2019",27.932,"A",false,null,null,"P1Y",{"$nulls":4},"S",null,null,3,null,"Value of Direct debits sent - from: Austria to: Slovenia, All","Value of Direct debits sent - from: Austria to: Slovenia, All","EUR",6]
["PDD.A.AT.SI.2._T.DDS_ALL._T._Z.N.EUR","A","AT","SI",2,"_T","DDS_ALL","_T","_Z","N","EUR","2020",21.88,"A",false,null,null,"P1Y",{"$nulls":4},"S",null,null,3,null,"Value of Direct debits sent - from: Austria to: Slovenia, All","Value of Direct debits sent - from: Austria to: Slovenia, All","EUR",6]
["PDD.A.AT.SI.2._T.DDS_ALL._T._Z.N.EUR","A","AT","SI",2,"_T","DDS_ALL","_T","_Z","N","EUR","2021",36.279,"A",false,null,null,"P1Y",{"$nulls":4},"S",null,null,3,null,"Value of Direct debits sent - from: Austria to: Slovenia, All","Value of Direct debits sent - from: Austria to: Slovenia, All","EUR",6]
["PDD.A.AT.SI.2._T.DDS_ALL._T._Z.N.EUR","A","AT","SI",2,"_T","DDS_ALL","_T","_Z","N","EUR","2022",66.46800165,"A",false,null,null,"P1Y",{"$nulls":4},"S",null,null,3,null,"Value of Direct debits sent - from: Austria to: Slovenia, All","Value of Direct debits sent - from: Austria to: Slovenia, All","EUR",6]
["PDD.A.AT.SI.2._T.DDS_ALL._T._Z.N.PN","A","AT","SI",2,"_T","DDS_ALL","_T","_Z","N","PN","2014",0.082,"A",false,null,null,"P1Y",{"$nulls":4},"S",null,null,3,null,"Number of Direct debits sent - from: Austria to: Slovenia, All","Number of Direct debits sent - from: Austria to: Slovenia, All","PN",6]
["PDD.A.AT.SI.2._T.DDS_ALL._T._Z.N.PN","A","AT","SI",2,"_T","DDS_ALL","_T","_Z","N","PN","2015",0.088,"A",false,null,null,"P1Y",{"$nulls":4},"S",null,null,3,null,"Number of Direct debits sent - from: Austria to: Slovenia, All","Number of Direct debits sent - from: Austria to: Slovenia, All","PN",6]
["PDD.A.AT.SI.2._T.DDS_ALL._T._Z.N.PN","A","AT","SI",2,"_T","DDS_ALL","_T","_Z","N","PN","2016",0.1,"A",false,null,null,"P1Y",{"$nulls":4},"S",null,null,3,null,"Number of Direct debits sent - from: Austria to: Slovenia, All","Number of Direct debits sent - from: Austria to: Slovenia, All","PN",6]
["PDD.A.AT.SI.2._T.DDS_ALL._T._Z.N.PN","A","AT","SI",2,"_T","DDS_ALL","_T","_Z","N","PN","2017",0.128,"A",false,null,null,"P1Y",{"$nulls":4},"S",null,null,3,null,"Number of Direct debits sent - from: Austria to: Slovenia, All","Number of Direct debits sent - from: Austria to: Slovenia, All","PN",6]
["PDD.A.AT.SI.2._T.DDS_ALL._T._Z.N.PN","A","AT","SI",2,"_T","DDS_ALL","_T","_Z","N","PN","2018",0.178,"A",false,null,null,"P1Y",{"$nulls":4},"S",null,null,3,null,"Number of Direct debits sent - from: Austria to: Slovenia, All","Number of Direct debits sent - from: Austria to: Slovenia, All","PN",6]
["PDD.A.AT.SI.2._T.DDS_ALL._T._Z.N.PN","A","AT","SI",2,"_T","DDS_ALL","_T","_Z","N","PN","2019",0.237,"A",false,null,null,"P1Y",{"$nulls":4},"S",null,null,3,null,"Number of Direct debits sent - from: Austria to: Slovenia, All","Number of Direct debits sent - from: Austria to: Slovenia, All","PN",6]
["PDD.A.AT.SI.2._T.DDS_ALL._T._Z.N.PN","A","AT","SI",2,"_T","DDS_ALL","_T","_Z","N","PN","2020",0.268,"A",false,null,null,"P1Y",{"$nulls":4},"S",null,null,3,null,"Number of Direct debits sent - from: Austria to: Slovenia, All","Number of Direct debits sent - from: Austria to: Slovenia, All","PN",6]
["PDD.A.AT.SI.2._T.DDS_ALL._T._Z.N.PN","A","AT","SI",2,"_T","DDS_ALL","_T","_Z","N","PN","2021",0.29,"A",false,null,null,"P1Y",{"$nulls":4},"S",null,null,3,null,"Number of Direct debits sent - from: Austria to: Slovenia, All","Number of Direct debits sent - from: Austria to: Slovenia, All","PN",6]
["PDD.A.AT.SI.2._T.DDS_ALL._T._Z.N.PN","A","AT","SI",2,"_T","DDS_ALL","_T","_Z","N","PN","2022",0.44643,"A",false,null,null,"P1Y",{"$nulls":4},"S",null,null,3,null,"Number of Direct debits sent - from: Austria to: Slovenia, All","Number of Direct debits sent - from: Austria to: Slovenia, All","PN",6]
["PDD.A.AT.SK.1._T.DDS_ALL._T._Z.N.EUR","A","AT","SK",1,"_T","DDS_ALL","_T","_Z","N","EUR","2022",65.54898275,"A",false,null,null,"P1Y",{"$nulls":4},"S",null,null,3,null,"Value of Direct debits received - from: Austria to: Slovakia, All","Value of Direct debits received - from: Austria to: Slovakia, All","EUR",6]
["PDD.A.AT.SK.1._T.DDS_ALL._T._Z.N.PN","A","AT","SK",1,"_T","DDS_ALL","_T","_Z","N","PN","2022",0.670053,"A",false,null,null,"P1Y",{"$nulls":4},"S",null,null,3,null,"Number of Direct debits received - from: Austria to: Slovakia, All","Number of Direct debits received - from: Austria to: Slovakia, All","PN",6]
["PDD.A.AT.SK.2.2100.DDS_ALL._T._Z.N.EUR","A","AT","SK",2,"2100","DDS_ALL","_T","_Z","N","EUR","2022",31.40044996,"A",false,null,null,"P1Y",{"$nulls":4},"S",null,null,3,null,"Value of Direct debits initiated in a file/batch, sent - from: Austria to: Slovakia, All","Value of Direct debits initiated in a file/batch, sent - from: Austria to: Slovakia, All","EUR",6]
["PDD.A.AT.SK.2.2100.DDS_ALL._T._Z.N.PN","A","AT","SK",2,"2100","DDS_ALL","_T","_Z","N","PN","2022",0.030785,"A",false,null,null,"P1Y",{"$nulls":4},"S",null,null,3,null,"Number of Direct debits initiated in a file/batch, sent - from: Austria to: Slovakia, All","Number of Direct debits initiated in a file/batch, sent - from: Austria to: Slovakia, All","PN",6]
["PDD.A.AT.SK.2.2200.DDS_ALL._T._Z.N.EUR","A","AT","SK",2,"2200","DDS_ALL","_T","_Z","N","EUR","2022",39.87236245,"A",false,null,null,"P1Y",{"$nulls":4},"S",null,null,3,null,"Value of Direct debits initiated on a single payment basis, sent - from: Austria to: Slovakia, All","Value of Direct debits initiated on a single payment basis, sent - from: Austria to: Slovakia, All","EUR",6]
["PDD.A.AT.SK.2.2200.DDS_ALL._T._Z.N.PN","A","AT","SK",2,"2200","DDS_ALL","_T","_Z","N","PN","2022",0.00154,"A",false,null,null,"P1Y",{"$nulls":4},"S",null,null,3,null,"Number of Direct debits initiated on a single payment basis, sent - from: Austria to: Slovakia, All","Number of Direct debits initiated on a single payment basis, sent - from: Austria to: Slovakia, All","PN",6]
["PDD.A.AT.SK.2._T.DDS_ALL._T._Z.N.EUR","A","AT","SK",2,"_T","DDS_ALL","_T","_Z","N","EUR","2014",7.175,"A",false,null,null,"P1Y",{"$nulls":4},"S",null,null,3,null,"Value of Direct debits sent - from: Austria to: Slovakia, All","Value of Direct debits sent - from: Austria to: Slovakia, All","EUR",6]
["PDD.A.AT.SK.2._T.DDS_ALL._T._Z.N.EUR","A","AT","SK",2,"_T","DDS_ALL","_T","_Z","N","EUR","2015",20.024,"A",false,null,null,"P1Y",{"$nulls":4},"S",null,null,3,null,"Value of Direct debits sent - from: Austria to: Slovakia, All","Value of Direct debits sent - from: Austria to: Slovakia, All","EUR",6]
["PDD.A.AT.SK.2._T.DDS_ALL._T._Z.N.EUR","A","AT","SK",2,"_T","DDS_ALL","_T","_Z","N","EUR","2016",27.596,"A",false,null,null,"P1Y",{"$nulls":4},"S",null,null,3,null,"Value of Direct debits sent - from: Austria to: Slovakia, All","Value of Direct debits sent - from: Austria to: Slovakia, All","EUR",6]
["PDD.A.AT.SK.2._T.DDS_ALL._T._Z.N.EUR","A","AT","SK",2,"_T","DDS_ALL","_T","_Z","N","EUR","2017",24.151,"A",false,null,null,"P1Y",{"$nulls":4},"S",null,null,3,null,"Value of Direct debits sent - from: Austria to: Slovakia, All","Value of Direct debits sent - from: Austria to: Slovakia, All","EUR",6]
["PDD.A.AT.SK.2._T.DDS_ALL._T._Z.N.EUR","A","AT","SK",2,"_T","DDS_ALL","_T","_Z","N","EUR","2018",26.946,"A",false,null,null,"P1Y",{"$nulls":4},"S",null,null,3,null,"Value of Direct debits sent - from: Austria to: Slovakia, All","Value of Direct debits sent - from: Austria to: Slovakia, All","EUR",6]
["PDD.A.AT.SK.2._T.DDS_ALL._T._Z.N.EUR","A","AT","SK",2,"_T","DDS_ALL","_T","_Z","N","EUR","2019",2921.189,"A",false,null,null,"P1Y",{"$nulls":4},"S",null,null,3,null,"Value of Direct debits sent - from: Austria to: Slovakia, All","Value of Direct debits sent - from: Austria to: Slovakia, All","EUR",6]
["PDD.A.AT.SK.2._T.DDS_ALL._T._Z.N.EUR","A","AT","SK",2,"_T","DDS_ALL","_T","_Z","N","EUR","2020",40.469,"A",false,null,null,"P1Y",{"$nulls":4},"S",null,null,3,null,"Value of Direct debits sent - from: Austria to: Slovakia, All","Value of Direct debits sent - from: Austria to: Slovakia, All","EUR",6]
["PDD.A.AT.SK.2._T.DDS_ALL._T._Z.N.EUR","A","AT","SK",2,"_T","DDS_ALL","_T","_Z","N","EUR","2021",59.986,"A",false,null,null,"P1Y",{"$nulls":4},"S",null,null,3,null,"Value of Direct debits sent - from: Austria to: Slovakia, All","Value of Direct debits sent - from: Austria to: Slovakia, All","EUR",6]
["PDD.A.AT.SK.2._T.DDS_ALL._T._Z.N.EUR","A","AT","SK",2,"_T","DDS_ALL","_T","_Z","N","EUR","2022",71.27281241,"A",false,null,null,"P1Y",{"$nulls":4},"S",null,null,3,null,"Value of Direct debits sent - from: Austria to: Slovakia, All","Value of Direct debits sent - from: Austria to: Slovakia, All","EUR",6]
["PDD.A.AT.SK.2._T.DDS_ALL._T._Z.N.PN","A","AT","SK",2,"_T","DDS_ALL","_T","_Z","N","PN","2014",0.003,"A",false,null,null,"P1Y",{"$nulls":4},"S",null,null,3,null,"Number of Direct debits sent - from: Austria to: Slovakia, All","Number of Direct debits sent - from: Austria to: Slovakia, All","PN",6]
["PDD.A.AT.SK.2._T.DDS_ALL._T._Z.N.PN","A","AT","SK",2,"_T","DDS_ALL","_T","_Z","N","PN","2015",0.01,"A",false,null,null,"P1Y",{"$nulls":4},"S",null,null,3,null,"Number of Direct debits sent - from: Austria to: Slovakia, All","Number of Direct debits sent - from: Austria to: Slovakia, All","PN",6]
["PDD.A.AT.SK.2._T.DDS_ALL._T._Z.N.PN","A","AT","SK",2,"_T","DDS_ALL","_T","_Z","N","PN","2016",0.015,"A",false,null,null,"P1Y",{"$nulls":4},"S",null,null,3,null,"Number of Direct debits sent - from: Austria to: Slovakia, All","Number of Direct debits sent - from: Austria to: Slovakia, All","PN",6]
["PDD.A.AT.SK.2._T.DDS_ALL._T._Z.N.PN","A","AT","SK",2,"_T","DDS_ALL","_T","_Z","N","PN","2017",0.019,"A",false,null,null,"P1Y",{"$nulls":4},"S",null,null,3,null,"Number of Direct debits sent - from: Austria to: Slovakia, All","Number of Direct debits sent - from: Austria to: Slovakia, All","PN",6]
["PDD.A.AT.SK.2._T.DDS_ALL._T._Z.N.PN","A","AT","SK",2,"_T","DDS_ALL","_T","_Z","N","PN","2018",0.025,"A",false,null,null,"P1Y",{"$nulls":4},"S",null,null,3,null,"Number of Direct debits sent - from: Austria to: Slovakia, All","Number of Direct debits sent - from: Austria to: Slovakia, All","PN",6]
["PDD.A.AT.SK.2._T.DDS_ALL._T._Z.N.PN","A","AT","SK",2,"_T","DDS_ALL","_T","_Z","N","PN","2019",0.024,"A",false,null,null,"P1Y",{"$nulls":4},"S",null,null,3,null,"Number of Direct debits sent - from: Austria to: Slovakia, All","Number of Direct debits sent - from: Austria to: Slovakia, All","PN",6]
["PDD.A.AT.SK.2._T.DDS_ALL._T._Z.N.PN","A","AT","SK",2,"_T","DDS_ALL","_T","_Z","N","PN","2020",0.024,"A",false,null,null,"P1Y",{"$nulls":4},"S",null,null,3,null,"Number of Direct debits sent - from: Austria to: Slovakia, All","Number of Direct debits sent - from: Austria to: Slovakia, All","PN",6]
["PDD.A.AT.SK.2._T.DDS_ALL._T._Z.N.PN","A","AT","SK",2,"_T","DDS_ALL","_T","_Z","N","PN","2021",0.028,"A",false,null,null,"P1Y",{"$nulls":4},"S",null,null,3,null,"Number of Direct debits sent - from: Austria to: Slovakia, All","Number of Direct debits sent - from: Austria to: Slovakia, All","PN",6]
["PDD.A.AT.SK.2._T.DDS_ALL._T._Z.N.PN","A","AT","SK",2,"_T","DDS_ALL","_T","_Z","N","PN","2022",0.032325,"A",false,null,null,"P1Y",{"$nulls":4},"S",null,null,3,null,"Number of Direct debits sent - from: Austria to: Slovakia, All","Number of Direct debits sent - from: Austria to: Slovakia, All","PN",6]
["PDD.A.AT.W0.1._T.DDS_ALL.1._Z.N.EUR_R_B1GQ","A","AT","W0",1,"_T","DDS_ALL","1","_Z","N","EUR_R_B1GQ","2022",null,"Q",false,null,null,"P1Y",{"$nulls":4},"S",null,null,3,null,"Euro; ratio to GDP of Direct debits received - from: Austria to: World, Electronic mandate","Euro; ratio to GDP of Direct debits received - from: Austria to: World, Electronic mandate","EUR_R_B1GQ",0]
["PDD.A.AT.W0.1._T.DDS_ALL.2._Z.N.EUR_R_B1GQ","A","AT","W0",1,"_T","DDS_ALL","2","_Z","N","EUR_R_B1GQ","2022",null,"Q",false,null,null,"P1Y",{"$nulls":4},"S",null,null,3,null,"Euro; ratio to GDP of Direct debits received - from: Austria to: World, Other than electronic mandate","Euro; ratio to GDP of Direct debits received - from: Austria to: World, Other than electronic mandate","EUR_R_B1GQ",0]
["PDD.A.AT.W0.1._T.DDS_ALL._T._Z.G1.EUR","A","AT","W0",1,"_T","DDS_ALL","_T","_Z","G1","EUR","2022",null,"M",false,null,null,"P1Y",{"$nulls":4},"S",null,null,3,null,"Value of Direct debits received - from: Austria to: World, All","Value of Direct debits received - from: Austria to: World, All","EUR",0]
["PDD.A.AT.W0.1._T.DDS_ALL._T._Z.G1.PN","A","AT","W0",1,"_T","DDS_ALL","_T","_Z","G1","PN","2022",null,"M",false,null,null,"P1Y",{"$nulls":4},"S",null,null,3,null,"Number of Direct debits received - from: Austria to: World, All","Number of Direct debits received - from: Austria to: World, All","PN",0]
["PDD.A.AT.W0.1._T.DDS_ALL._T._Z.N.EUR","A","AT","W0",1,"_T","DDS_ALL","_T","_Z","N","EUR","2022",365534.60966572,"A",false,null,null,"P1Y",{"$nulls":4},"S",null,null,3,null,"Value of Direct debits received - from: Austria to: World, All","Value of Direct debits received - from: Austria to: World, All","EUR",6]
["PDD.A.AT.W0.1._T.DDS_ALL._T._Z.N.EUR_R_B1GQ","A","AT","W0",1,"_T","DDS_ALL","_T","_Z","N","EUR_R_B1GQ","2022",309.0734237376824,"A",false,null,null,"P1Y",{"$nulls":4},"S",null,null,3,null,"Euro; ratio to GDP of Direct debits received - from: Austria to: World, All","Euro; ratio to GDP of Direct debits received - from: Austria to: World, All","EUR_R_B1GQ",0]
["PDD.A.AT.W0.1._T.DDS_ALL._T._Z.N.EUR_R_PNT","A","AT","W0",1,"_T","DDS_ALL","_T","_Z","N","EUR_R_PNT","2022",358.0284757209063,"A",false,null,null,"P1Y",{"$nulls":4},"S",null,null,3,null,"Euro; ratio to number of transactions of Direct debits received - from: Austria to: World, All","Euro; ratio to number of transactions of Direct debits received - from: Austria to: World, All","EUR_R_PNT",0]
["PDD.A.AT.W0.1._T.DDS_ALL._T._Z.N.EUR_R_POP6","A","AT","W0",1,"_T","DDS_ALL","_T","_Z","N","EUR_R_POP6","2022",40184.39439023888,"A",false,null,null,"P1Y",{"$nulls":4},"S",null,null,3,null,"Euro per million inhabitants of Direct debits received - from: Austria to: World, All","Euro per million inhabitants of Direct debits received - from: Austria to: World, All","EUR_R_POP6",0]
["PDD.A.AT.W0.1._T.DDS_ALL._T._Z.N.EUR_R_TT","A","AT","W0",1,"_T","DDS_ALL","_T","_Z","N","EUR_R_TT","2022",5.21522091653048,"A",false,null,null,"P1Y",{"$nulls":4},"S",null,null,3,null,"Euro; ratio to total value payment transactions of Direct debits received - from: Austria to: World, All","Euro; ratio to total value payment transactions of Direct debits received - from: Austria to: World, All","EUR_R_TT",0]
["PDD.A.AT.W0.1._T.DDS_ALL._T._Z.N.PN","A","AT","W0",1,"_T","DDS_ALL","_T","_Z","N","PN","2022",1020.965187,"A",false,null,null,"P1Y",{"$nulls":4},"S",null,null,3,null,"Number of Direct debits received - from: Austria to: World, All","Number of Direct debits received - from: Austria to: World, All","PN",6]
["PDD.A.AT.W0.1._T.DDS_ALL._T._Z.N.PN_R_POP6","A","AT","W0",1,"_T","DDS_ALL","_T","_Z","N","PN_R_POP6","2022",112.2379841696273,"A",false,null,null,"P1Y",{"$nulls":4},"S",null,null,3,null,"Pure number per million inhabitants of Direct debits received - from: Austria to: World, All","Pure number per million inhabitants of Direct debits received - from: Austria to: World, All","PN_R_POP6",0]
["PDD.A.AT.W0.1._T.DDS_ALL._T._Z.N.PN_R_TT","A","AT","W0",1,"_T","DDS_ALL","_T","_Z","N","PN_R_TT","2022",32.42475858562195,"A",false,null,null,"P1Y",{"$nulls":4},"S",null,null,3,null,"Pure number; ratio to total number payment transactions of Direct debits received - from: Austria to: World, All","Pure number; ratio to total number payment transactions of Direct debits received - from: Austria to: World, All","PN_R_TT",0]
["PDD.A.AT.W0.2.2100.DDS_ALL._T._Z.N.EUR","A","AT","W0",2,"2100","DDS_ALL","_T","_Z","N","EUR","2014",116225.188,"A",false,null,null,"P1Y",{"$nulls":4},"S",null,null,3,null,"Value of Direct debits initiated in a file/batch, sent - from: Austria to: World, All","Value of Direct debits initiated in a file/batch, sent - from: Austria to: World, All","EUR",6]
["PDD.A.AT.W0.2.2100.DDS_ALL._T._Z.N.EUR","A","AT","W0",2,"2100","DDS_ALL","_T","_Z","N","EUR","2015",111121.334,"A",false,null,null,"P1Y",{"$nulls":4},"S",null,null,3,null,"Value of Direct debits initiated in a file/batch, sent - from: Austria to: World, All","Value of Direct debits initiated in a file/batch, sent - from: Austria to: World, All","EUR",6]
["PDD.A.AT.W0.2.2100.DDS_ALL._T._Z.N.EUR","A","AT","W0",2,"2100","DDS_ALL","_T","_Z","N","EUR","2016",106860.93,"A",false,null,null,"P1Y",{"$nulls":4},"S",null,null,3,null,"Value of Direct debits initiated in a file/batch, sent - from: Austria to: World, All","Value of Direct debits initiated in a file/batch, sent - from: Austria to: World, All","EUR",6]
["PDD.A.AT.W0.2.2100.DDS_ALL._T._Z.N.EUR","A","AT","W0",2,"2100","DDS_ALL","_T","_Z","N","EUR","2017",107964.724,"A",false,null,null,"P1Y",{"$nulls":4},"S",null,null,3,null,"Value of Direct debits initiated in a file/batch, sent - from: Austria to: World, All","Value of Direct debits initiated in a file/batch, sent - from: Austria to: World, All","EUR",6]
["PDD.A.AT.W0.2.2100.DDS_ALL._T._Z.N.EUR","A","AT","W0",2,"2100","DDS_ALL","_T","_Z","N","EUR","2018",128690.792,"A",false,null,null,"P1Y",{"$nulls":4},"S",null,null,3,null,"Value of Direct debits initiated in a file/batch, sent - from: Austria to: World, All","Value of Direct debits initiated in a file/batch, sent - from: Austria to: World, All","EUR",6]
["PDD.A.AT.W0.2.2100.DDS_ALL._T._Z.N.EUR","A","AT","W0",2,"2100","DDS_ALL","_T","_Z","N","EUR","2019",148007.521,"A",false,null,null,"P1Y",{"$nulls":4},"S",null,null,3,null,"Value of Direct debits initiated in a file/batch, sent - from: Austria to: World, All","Value of Direct debits initiated in a file/batch, sent - from: Austria to: World, All","EUR",6]
["PDD.A.AT.W0.2.2100.DDS_ALL._T._Z.N.EUR","A","AT","W0",2,"2100","DDS_ALL","_T","_Z","N","EUR","2020",155850.895,"A",false,null,null,"P1Y",{"$nulls":4},"S",null,null,3,null,"Value of Direct debits initiated in a file/batch, sent - from: Austria to: World, All","Value of Direct debits initiated in a file/batch, sent - from: Austria to: World, All","EUR",6]
["PDD.A.AT.W0.2.2100.DDS_ALL._T._Z.N.EUR","A","AT","W0",2,"2100","DDS_ALL","_T","_Z","N","EUR","2021",204936.62,"A",false,null,null,"P1Y",{"$nulls":4},"S",null,null,3,null,"Value of Direct debits initiated in a file/batch, sent - from: Austria to: World, All","Value of Direct debits initiated in a file/batch, sent - from: Austria to: World, All","EUR",6]
["PDD.A.AT.W0.2.2100.DDS_ALL._T._Z.N.EUR","A","AT","W0",2,"2100","DDS_ALL","_T","_Z","N","EUR","2022",286323.16769781,"A",false,null,null,"P1Y",{"$nulls":4},"S",null,null,3,null,"Value of Direct debits initiated in a file/batch, sent - from: Austria to: World, All","Value of Direct debits initiated in a file/batch, sent - from: Austria to: World, All","EUR",6]
["PDD.A.AT.W0.2.2100.DDS_ALL._T._Z.N.PN","A","AT","W0",2,"2100","DDS_ALL","_T","_Z","N","PN","2014",417.794,"A",false,null,null,"P1Y",{"$nulls":4},"S",null,null,3,null,"Number of Direct debits initiated in a file/batch, sent - from: Austria to: World, All","Number of Direct debits initiated in a file/batch, sent - from: Austria to: World, All","PN",6]
["PDD.A.AT.W0.2.2100.DDS_ALL._T._Z.N.PN","A","AT","W0",2,"2100","DDS_ALL","_T","_Z","N","PN","2015",399.268,"A",false,null,null,"P1Y",{"$nulls":4},"S",null,null,3,null,"Number of Direct debits initiated in a file/batch, sent - from: Austria to: World, All","Number of Direct debits initiated in a file/batch, sent - from: Austria to: World, All","PN",6]
["PDD.A.AT.W0.2.2100.DDS_ALL._T._Z.N.PN","A","AT","W0",2,"2100","DDS_ALL","_T","_Z","N","PN","2016",396.625,"A",false,null,null,"P1Y",{"$nulls":4},"S",null,null,3,null,"Number of Direct debits initiated in a file/batch, sent - from: Austria to: World, All","Number of Direct debits initiated in a file/batch, sent - from: Austria to: World, All","PN",6]
["PDD.A.AT.W0.2.2100.DDS_ALL._T._Z.N.PN","A","AT","W0",2,"2100","DDS_ALL","_T","_Z","N","PN","2017",409.131,"A",false,null,null,"P1Y",{"$nulls":4},"S",null,null,3,null,"Number of Direct debits initiated in a file/batch, sent - from: Austria to: World, All","Number of Direct debits initiated in a file/batch, sent - from: Austria to: World, All","PN",6]
["PDD.A.AT.W0.2.2100.DDS_ALL._T._Z.N.PN","A","AT","W0",2,"2100","DDS_ALL","_T","_Z","N","PN","2018",430.953,"A",false,null,null,"P1Y",{"$nulls":4},"S",null,null,3,null,"Number of Direct debits initiated in a file/batch, sent - from: Austria to: World, All","Number of Direct debits initiated in a file/batch, sent - from: Austria to: World, All","PN",6]
["PDD.A.AT.W0.2.2100.DDS_ALL._T._Z.N.PN","A","AT","W0",2,"2100","DDS_ALL","_T","_Z","N","PN","2019",439.166,"A",false,null,null,"P1Y",{"$nulls":4},"S",null,null,3,null,"Number of Direct debits initiated in a file/batch, sent - from: Austria to: World, All","Number of Direct debits initiated in a file/batch, sent - from: Austria to: World, All","PN",6]
["PDD.A.AT.W0.2.2100.DDS_ALL._T._Z.N.PN","A","AT","W0",2,"2100","DDS_ALL","_T","_Z","N","PN","2020",434.924,"A",false,null,null,"P1Y",{"$nulls":4},"S",null,null,3,null,"Number of Direct debits initiated in a file/batch, sent - from: Austria to: World, All","Number of Direct debits initiated in a file/batch, sent - from: Austria to: World, All","PN",6]
["PDD.A.AT.W0.2.2100.DDS_ALL._T._Z.N.PN","A","AT","W0",2,"2100","DDS_ALL","_T","_Z","N","PN","2021",452.471,"A",false,null,null,"P1Y",{"$nulls":4},"S",null,null,3,null,"Number of Direct debits initiated in a file/batch, sent - from: Austria to: World, All","Number of Direct debits initiated in a file/batch, sent - from: Austria to: World, All","PN",6]
["PDD.A.AT.W0.2.2100.DDS_ALL._T._Z.N.PN","A","AT","W0",2,"2100","DDS_ALL","_T","_Z","N","PN","2022",497.3407089999999,"A",false,null,null,"P1Y",{"$nulls":4},"S",null,null,3,null,"Number of Direct debits initiated in a file/batch, sent - from: Austria to: World, All","Number of Direct debits initiated in a file/batch, sent - from: Austria to: World, All","PN",6]
["PDD.A.AT.W0.2.2200.DDS_ALL._T._Z.N.EUR","A","AT","W0",2,"2200","DDS_ALL","_T","_Z","N","EUR","2014",28336.516,"A",false,null,null,"P1Y",{"$nulls":4},"S",null,null,3,null,"Value of Direct debits initiated on a single payment basis, sent - from: Austria to: World, All","Value of Direct debits initiated on a single payment basis, sent - from: Austria to: World, All","EUR",6]
["PDD.A.AT.W0.2.2200.DDS_ALL._T._Z.N.EUR","A","AT","W0",2,"2200","DDS_ALL","_T","_Z","N","EUR","2015",21414.352,"A",false,null,null,"P1Y",{"$nulls":4},"S",null,null,3,null,"Value of Direct debits initiated on a single payment basis, sent - from: Austria to: World, All","Value of Direct debits initiated on a single payment basis, sent - from: Austria to: World, All","EUR",6]
["PDD.A.AT.W0.2.2200.DDS_ALL._T._Z.N.EUR","A","AT","W0",2,"2200","DDS_ALL","_T","_Z","N","EUR","2016",21139.323,"A",false,null,null,"P1Y",{"$nulls":4},"S",null,null,3,null,"Value of Direct debits initiated on a single payment basis, sent - from: Austria to: World, All","Value of Direct debits initiated on a single payment basis, sent - from: Austria to: World, All","EUR",6]
["PDD.A.AT.W0.2.2200.DDS_ALL._T._Z.N.EUR","A","AT","W0",2,"2200","DDS_ALL","_T","_Z","N","EUR","2017",25551.152,"A",false,null,null,"P1Y",{"$nulls":4},"S",null,null,3,null,"Value of Direct debits initiated on a single payment basis, sent - from: Austria to: World, All","Value of Direct debits initiated on a single payment basis, sent - from: Austria to: World, All","EUR",6]
["PDD.A.AT.W0.2.2200.DDS_ALL._T._Z.N.EUR","A","AT","W0",2,"2200","DDS_ALL","_T","_Z","N","EUR","2018",28404.896,"A",false,null,null,"P1Y",{"$nulls":4},"S",null,null,3,null,"Value of Direct debits initiated on a single payment basis, sent - from: Austria to: World, All","Value of Direct debits initiated on a single payment basis, sent - from: Austria to: World, All","EUR",6]
["PDD.A.AT.W0.2.2200.DDS_ALL._T._Z.N.EUR","A","AT","W0",2,"2200","DDS_ALL","_T","_Z","N","EUR","2019",30117.16,"A",false,null,null,"P1Y",{"$nulls":4},"S",null,null,3,null,"Value of Direct debits initiated on a single payment basis, sent - from: Austria to: World, All","Value of Direct debits initiated on a single payment basis, sent - from: Austria to: World, All","EUR",6]
["PDD.A.AT.W0.2.2200.DDS_ALL._T._Z.N.EUR","A","AT","W0",2,"2200","DDS_ALL","_T","_Z","N","EUR","2020",43327.244,"A",false,null,null,"P1Y",{"$nulls":4},"S",null,null,3,null,"Value of Direct debits initiated on a single payment basis, sent - from: Austria to: World, All","Value of Direct debits initiated on a single payment basis, sent - from: Austria to: World, All","EUR",6]
["PDD.A.AT.W0.2.2200.DDS_ALL._T._Z.N.EUR","A","AT","W0",2,"2200","DDS_ALL","_T","_Z","N","EUR","2021",53067.448,"A",false,null,null,"P1Y",{"$nulls":4},"S",null,null,3,null,"Value of Direct debits initiated on a single payment basis, sent - from: Austria to: World, All","Value of Direct debits initiated on a single payment basis, sent - from: Austria to: World, All","EUR",6]
["PDD.A.AT.W0.2.2200.DDS_ALL._T._Z.N.EUR","A","AT","W0",2,"2200","DDS_ALL","_T","_Z","N","EUR","2022",13495.22709985,"A",false,null,null,"P1Y",{"$nulls":4},"S",null,null,3,null,"Value of Direct debits initiated on a single payment basis, sent - from: Austria to: World, All","Value of Direct debits initiated on a single payment basis, sent - from: Austria to: World, All","EUR",6]
["PDD.A.AT.W0.2.2200.DDS_ALL._T._Z.N.PN","A","AT","W0",2,"2200","DDS_ALL","_T","_Z","N","PN","2014",32.409,"A",false,null,null,"P1Y",{"$nulls":4},"S",null,null,3,null,"Number of Direct debits initiated on a single payment basis, sent - from: Austria to: World, All","Number of Direct debits initiated on a single payment basis, sent - from: Austria to: World, All","PN",6]
["PDD.A.AT.W0.2.2200.DDS_ALL._T._Z.N.PN","A","AT","W0",2,"2200","DDS_ALL","_T","_Z","N","PN","2015",28.743,"A",false,null,null,"P1Y",{"$nulls":4},"S",null,null,3,null,"Number of Direct debits initiated on a single payment basis, sent - from: Austria to: World, All","Number of Direct debits initiated on a single payment basis, sent - from: Austria to: World, All","PN",6]
["PDD.A.AT.W0.2.2200.DDS_ALL._T._Z.N.PN","A","AT","W0",2,"2200","DDS_ALL","_T","_Z","N","PN","2016",25.692,"A",false,null,null,"P1Y",{"$nulls":4},"S",null,null,3,null,"Number of Direct debits initiated on a single payment basis, sent - from: Austria to: World, All","Number of Direct debits initiated on a single payment basis, sent - from: Austria to: World, All","PN",6]
["PDD.A.AT.W0.2.2200.DDS_ALL._T._Z.N.PN","A","AT","W0",2,"2200","DDS_ALL","_T","_Z","N","PN","2017",26.245,"A",false,null,null,"P1Y",{"$nulls":4},"S",null,null,3,null,"Number of Direct debits initiated on a single payment basis, sent - from: Austria to: World, All","Number of Direct debits initiated on a single payment basis, sent - from: Austria to: World, All","PN",6]
["PDD.A.AT.W0.2.2200.DDS_ALL._T._Z.N.PN","A","AT","W0",2,"2200","DDS_ALL","_T","_Z","N","PN","2018",26.647,"A",false,null,null,"P1Y",{"$nulls":4},"S",null,null,3,null,"Number of Direct debits initiated on a single payment basis, sent - from: Austria to: World, All","Number of Direct debits initiated on a single payment basis, sent - from: Austria to: World, All","PN",6]
["PDD.A.AT.W0.2.2200.DDS_ALL._T._Z.N.PN","A","AT","W0",2,"2200","DDS_ALL","_T","_Z","N","PN","2019",26.147,"A",false,null,null,"P1Y",{"$nulls":4},"S",null,null,3,null,"Number of Direct debits initiated on a single payment basis, sent - from: Austria to: World, All","Number of Direct debits initiated on a single payment basis, sent - from: Austria to: World, All","PN",6]
["PDD.A.AT.W0.2.2200.DDS_ALL._T._Z.N.PN","A","AT","W0",2,"2200","DDS_ALL","_T","_Z","N","PN","2020",27.65,"A",false,null,null,"P1Y",{"$nulls":4},"S",null,null,3,null,"Number of Direct debits initiated on a single payment basis, sent - from: Austria to: World, All","Number of Direct debits initiated on a single payment basis, sent - from: Austria to: World, All","PN",6]
["PDD.A.AT.W0.2.2200.DDS_ALL._T._Z.N.PN","A","AT","W0",2,"2200","DDS_ALL","_T","_Z","N","PN","2021",22.384,"A",false,null,null,"P1Y",{"$nulls":4},"S",null,null,3,null,"Number of Direct debits initiated on a single payment basis, sent - from: Austria to: World, All","Number of Direct debits initiated on a single payment basis, sent - from: Austria to: World, All","PN",6]
["PDD.A.AT.W0.2.2200.DDS_ALL._T._Z.N.PN","A","AT","W0",2,"2200","DDS_ALL","_T","_Z","N","PN","2022",13.384526,"A",false,null,null,"P1Y",{"$nulls":4},"S",null,null,3,null,"Number of Direct debits initiated on a single payment basis, sent - from: Austria to: World, All","Number of Direct debits initiated on a single payment basis, sent - from: Austria to: World, All","PN",6]
["PDD.A.AT.W0.2._T.DDS_ALL.1._Z.N.EUR_R_B1GQ","A","AT","W0",2,"_T","DDS_ALL","1","_Z","N","EUR_R_B1GQ","2022",null,"M",false,null,null,"P1Y",{"$nulls":4},"S",null,null,3,null,"Euro; ratio to GDP of Direct debits sent - from: Austria to: World, Electronic mandate","Euro; ratio to GDP of Direct debits sent - from: Austria to: World, Electronic mandate","EUR_R_B1GQ",0]
["PDD.A.AT.W0.2._T.DDS_ALL.2._Z.N.EUR_R_B1GQ","A","AT","W0",2,"_T","DDS_ALL","2","_Z","N","EUR_R_B1GQ","2022",null,"Q",false,null,null,"P1Y",{"$nulls":4},"S",null,null,3,null,"Euro; ratio to GDP of Direct debits sent - from: Austria to: World, Other than electronic mandate","Euro; ratio to GDP of Direct debits sent - from: Austria to: World, Other than electronic mandate","EUR_R_B1GQ",0]
["PDD.A.AT.W0.2._T.DDS_ALL._T._Z.G1.EUR","A","AT","W0",2,"_T","DDS_ALL","_T","_Z","G1","EUR","2000",11.18878590282884,"A",false,null,null,"P1Y",{"$nulls":4},"S",null,null,3,null,"Value of Direct debits sent - from: Austria to: World, All","Value of Direct debits sent - from: Austria to: World, All","EUR",0]
["PDD.A.AT.W0.2._T.DDS_ALL._T._Z.G1.EUR","A","AT","W0",2,"_T","DDS_ALL","_T","_Z","G1","EUR","2001",-9.754500295494106,"A",false,null,null,"P1Y",{"$nulls":4},"S",null,null,3,null,"Value of Direct debits sent - from: Austria to: World, All","Value of Direct debits sent - from: Austria to: World, All","EUR",0]
["PDD.A.AT.W0.2._T.DDS_ALL._T._Z.G1.EUR","A","AT","W0",2,"_T","DDS_ALL","_T","_Z","G1","EUR","2002",-22.45880986842169,"A",false,null,null,"P1Y",{"$nulls":4},"S",null,null,3,null,"Value of Direct debits sent - from: Austria to: World, All","Value of Direct debits sent - from: Austria to: World, All","EUR",0]
["PDD.A.AT.W0.2._T.DDS_ALL._T._Z.G1.EUR","A","AT","W0",2,"_T","DDS_ALL","_T","_Z","G1","EUR","2003",36.87400452471981,"A",false,null,null,"P1Y",{"$nulls":4},"S",null,null,3,null,"Value of Direct debits sent - from: Austria to: World, All","Value of Direct debits sent - from: Austria to: World, All","EUR",0]
["PDD.A.AT.W0.2._T.DDS_ALL._T._Z.G1.EUR","A","AT","W0",2,"_T","DDS_ALL","_T","_Z","G1","EUR","2004",76.08352342516234,"A",false,null,null,"P1Y",{"$nulls":4},"S",null,null,3,null,"Value of Direct debits sent - from: Austria to: World, All","Value of Direct debits sent - from: Austria to: World, All","EUR",0]
["PDD.A.AT.W0.2._T.DDS_ALL._T._Z.G1.EUR","A","AT","W0",2,"_T","DDS_ALL","_T","_Z","G1","EUR","2005",25.74707734751032,"A",false,null,null,"P1Y",{"$nulls":4},"S",null,null,3,null,"Value of Direct debits sent - from: Austria to: World, All","Value of Direct debits sent - from: Austria to: World, All","EUR",0]
["PDD.A.AT.W0.2._T.DDS_ALL._T._Z.G1.EUR","A","AT","W0",2,"_T","DDS_ALL","_T","_Z","G1","EUR","2006",4.526821327221686,"A",false,null,null,"P1Y",{"$nulls":4},"S",null,null,3,null,"Value of Direct debits sent - from: Austria to: World, All","Value of Direct debits sent - from: Austria to: World, All","EUR",0]
["PDD.A.AT.W0.2._T.DDS_ALL._T._Z.G1.EUR","A","AT","W0",2,"_T","DDS_ALL","_T","_Z","G1","EUR","2007",-1.612934159298829,"A",false,null,null,"P1Y",{"$nulls":4},"S",null,null,3,null,"Value of Direct debits sent - from: Austria to: World, All","Value of Direct debits sent - from: Austria to: World, All","EUR",0]
["PDD.A.AT.W0.2._T.DDS_ALL._T._Z.G1.EUR","A","AT","W0",2,"_T","DDS_ALL","_T","_Z","G1","EUR","2008",9.586439491662311,"A",false,null,null,"P1Y",{"$nulls":4},"S",null,null,3,null,"Value of Direct debits sent - from: Austria to: World, All","Value of Direct debits sent - from: Austria to: World, All","EUR",0]
["PDD.A.AT.W0.2._T.DDS_ALL._T._Z.G1.EUR","A","AT","W0",2,"_T","DDS_ALL","_T","_Z","G1","EUR","2009",0.3821816186553972,"A",false,null,null,"P1Y",{"$nulls":4},"S",null,null,3,null,"Value of Direct debits sent - from: Austria to: World, All","Value of Direct debits sent - from: Austria to: World, All","EUR",0]
["PDD.A.AT.W0.2._T.DDS_ALL._T._Z.G1.EUR","A","AT","W0",2,"_T","DDS_ALL","_T","_Z","G1","EUR","2010",-3.748438387955155,"A",false,null,null,"P1Y",{"$nulls":4},"S",null,null,3,null,"Value of Direct debits sent - from: Austria to: World, All","Value of Direct debits sent - from: Austria to: World, All","EUR",0]
["PDD.A.AT.W0.2._T.DDS_ALL._T._Z.G1.EUR","A","AT","W0",2,"_T","DDS_ALL","_T","_Z","G1","EUR","2011",-12.59750958236262,"A",false,null,null,"P1Y",{"$nulls":4},"S",null,null,3,null,"Value of Direct debits sent - from: Austria to: World, All","Value of Direct debits sent - from: Austria to: World, All","EUR",0]
["PDD.A.AT.W0.2._T.DDS_ALL._T._Z.G1.EUR","A","AT","W0",2,"_T","DDS_ALL","_T","_Z","G1","EUR","2012",9.182624745684498,"A",false,null,null,"P1Y",{"$nulls":4},"S",null,null,3,null,"Value of Direct debits sent - from: Austria to: World, All","Value of Direct debits sent - from: Austria to: World, All","EUR",0]
["PDD.A.AT.W0.2._T.DDS_ALL._T._Z.G1.EUR","A","AT","W0",2,"_T","DDS_ALL","_T","_Z","G1","EUR","2013",15.16633676170818,"A",false,null,null,"P1Y",{"$nulls":4},"S",null,null,3,null,"Value of Direct debits sent - from: Austria to: World, All","Value of Direct debits sent - from: Austria to: World, All","EUR",0]
["PDD.A.AT.W0.2._T.DDS_ALL._T._Z.G1.EUR","A","AT","W0",2,"_T","DDS_ALL","_T","_Z","G1","EUR","2014",-60.91111335215202,"A",false,null,null,"P1Y",{"$nulls":4},"S",null,null,3,null,"Value of Direct debits sent - from: Austria to: World, All","Value of Direct debits sent - from: Austria to: World, All","EUR",0]
["PDD.A.AT.W0.2._T.DDS_ALL._T._Z.G1.EUR","A","AT","W0",2,"_T","DDS_ALL","_T","_Z","G1","EUR","2015",-9.316470296759826,"A",false,null,null,"P1Y",{"$nulls":4},"S",null,null,3,null,"Value of Direct debits sent - from: Austria to: World, All","Value of Direct debits sent - from: Austria to: World, All","EUR",0]
["PDD.A.AT.W0.2._T.DDS_ALL._T._Z.G1.EUR","A","AT","W0",2,"_T","DDS_ALL","_T","_Z","G1","EUR","2016",-4.942959299088711,"A",false,null,null,"P1Y",{"$nulls":4},"S",null,null,3,null,"Value of Direct debits sent - from: Austria to: World, All","Value of Direct debits sent - from: Austria to: World, All","EUR",0]
["PDD.A.AT.W0.2._T.DDS_ALL._T._Z.G1.EUR","A","AT","W0",2,"_T","DDS_ALL","_T","_Z","G1","EUR","2017",1.963902200977529,"A",false,null,null,"P1Y",{"$nulls":4},"S",null,null,3,null,"Value of Direct debits sent - from: Austria to: World, All","Value of Direct debits sent - from: Austria to: World, All","EUR",0]
["PDD.A.AT.W0.2._T.DDS_ALL._T._Z.G1.EUR","A","AT","W0",2,"_T","DDS_ALL","_T","_Z","G1","EUR","2018",15.69388352355696,"A",false,null,null,"P1Y",{"$nulls":4},"S",null,null,3,null,"Value of Direct debits sent - from: Austria to: World, All","Value of Direct debits sent - from: Austria to: World, All","EUR",0]
["PDD.A.AT.W0.2._T.DDS_ALL._T._Z.G1.EUR","A","AT","W0",2,"_T","DDS_ALL","_T","_Z","G1","EUR","2019",11.38124287504694,"A",false,null,null,"P1Y",{"$nulls":4},"S",null,null,3,null,"Value of Direct debits sent - from: Austria to: World, All","Value of Direct debits sent - from: Austria to: World, All","EUR",0]
["PDD.A.AT.W0.2._T.DDS_ALL._T._Z.G1.EUR","A","AT","W0",2,"_T","DDS_ALL","_T","_Z","G1","EUR","2020",10.71238253491764,"A",false,null,null,"P1Y",{"$nulls":4},"S",null,null,3,null,"Value of Direct debits sent - from: Austria to: World, All","Value of Direct debits sent - from: Austria to: World, All","EUR",0]
["PDD.A.AT.W0.2._T.DDS_ALL._T._Z.G1.EUR","A","AT","W0",2,"_T","DDS_ALL","_T","_Z","G1","EUR","2021",24.79222550118425,"A",false,null,null,"P1Y",{"$nulls":4},"S",null,null,3,null,"Value of Direct debits sent - from: Austria to: World, All","Value of Direct debits sent - from: Austria to: World, All","EUR",0]
["PDD.A.AT.W0.2._T.DDS_ALL._T._Z.G1.EUR","A","AT","W0",2,"_T","DDS_ALL","_T","_Z","G1","EUR","2022",16.20684786941424,"A",false,null,null,"P1Y",{"$nulls":4},"S",null,null,3,null,"Value of Direct debits sent - from: Austria to: World, All","Value of Direct debits sent - from: Austria to: World, All","EUR",0]
["PDD.A.AT.W0.2._T.DDS_ALL._T._Z.G1.PN","A","AT","W0",2,"_T","DDS_ALL","_T","_Z","G1","PN","2000",13.8676844783715,"A",false,null,null,"P1Y",{"$nulls":4},"S",null,null,3,null,"Number of Direct debits sent - from: Austria to: World, All","Number of Direct debits sent - from: Austria to: World, All","PN",0]
["PDD.A.AT.W0.2._T.DDS_ALL._T._Z.G1.PN","A","AT","W0",2,"_T","DDS_ALL","_T","_Z","G1","PN","2001",1.601489757914343,"A",false,null,null,"P1Y",{"$nulls":4},"S",null,null,3,null,"Number of Direct debits sent - from: Austria to: World, All","Number of Direct debits sent - from: Austria to: World, All","PN",0]
["PDD.A.AT.W0.2._T.DDS_ALL._T._Z.G1.PN","A","AT","W0",2,"_T","DDS_ALL","_T","_Z","G1","PN","2002",27.30938416422288,"A",false,null,null,"P1Y",{"$nulls":4},"S",null,null,3,null,"Number of Direct debits sent - from: Austria to: World, All","Number of Direct debits sent - from: Austria to: World, All","PN",0]
["PDD.A.AT.W0.2._T.DDS_ALL._T._Z.G1.PN","A","AT","W0",2,"_T","DDS_ALL","_T","_Z","G1","PN","2003",86.40944428448027,"A",false,null,null,"P1Y",{"$nulls":4},"S",null,null,3,null,"Number of Direct debits sent - from: Austria to: World, All","Number of Direct debits sent - from: Austria to: World, All","PN",0]
["PDD.A.AT.W0.2._T.DDS_ALL._T._Z.G1.PN","A","AT","W0",2,"_T","DDS_ALL","_T","_Z","G1","PN","2004",-4.881062712388018,"A",false,null,null,"P1Y",{"$nulls":4},"S",null,null,3,null,"Number of Direct debits sent - from: Austria to: World, All","Number of Direct debits sent - from: Austria to: World, All","PN",0]
["PDD.A.AT.W0.2._T.DDS_ALL._T._Z.G1.PN","A","AT","W0",2,"_T","DDS_ALL","_T","_Z","G1","PN","2005",8.476778174732068,"A",false,null,null,"P1Y",{"$nulls":4},"S",null,null,3,null,"Number of Direct debits sent - from: Austria to: World, All","Number of Direct debits sent - from: Austria to: World, All","PN",0]
["PDD.A.AT.W0.2._T.DDS_ALL._T._Z.G1.PN","A","AT","W0",2,"_T","DDS_ALL","_T","_Z","G1","PN","2006",2.095808383233533,"A",false,null,null,"P1Y",{"$nulls":4},"S",null,null,3,null,"Number of Direct debits sent - from: Austria to: World, All","Number of Direct debits sent - from: Austria to: World, All","PN",0]
["PDD.A.AT.W0.2._T.DDS_ALL._T._Z.G1.PN","A","AT","W0",2,"_T","DDS_ALL","_T","_Z","G1","PN","2007",5.425219941348969,"A",false,null,null,"P1Y",{"$nulls":4},"S",null,null,3,null,"Number of Direct debits sent - from: Austria to: World, All","Number of Direct debits sent - from: Austria to: World, All","PN",0]
["PDD.A.AT.W0.2._T.DDS_ALL._T._Z.G1.PN","A","AT","W0",2,"_T","DDS_ALL","_T","_Z","G1","PN","2008",10.43115438108484,"A",false,null,null,"P1Y",{"$nulls":4},"S",null,null,3,null,"Number of Direct debits sent - from: Austria to: World, All","Number of Direct debits sent - from: Austria to: World, All","PN",0]
["PDD.A.AT.W0.2._T.DDS_ALL._T._Z.G1.PN","A","AT","W0",2,"_T","DDS_ALL","_T","_Z","G1","PN","2009",5.919395465994959,"A",false,null,null,"P1Y",{"$nulls":4},"S",null,null,3,null,"Number of Direct debits sent - from: Austria to: World, All","Number of Direct debits sent - from: Austria to: World, All","PN",0]
["PDD.A.AT.W0.2._T.DDS_ALL._T._Z.G1.PN","A","AT","W0",2,"_T","DDS_ALL","_T","_Z","G1","PN","2010",0.2378121284185574,"A",false,null,null,"P1Y",{"$nulls":4},"S",null,null,3,null,"Number of Direct debits sent - from: Austria to: World, All","Number of Direct debits sent - from: Austria to: World, All","PN",0]
["PDD.A.AT.W0.2._T.DDS_ALL._T._Z.G1.PN","A","AT","W0",2,"_T","DDS_ALL","_T","_Z","G1","PN","2011",3.321470937129289,"A",false,null,null,"P1Y",{"$nulls":4},"S",null,null,3,null,"Number of Direct debits sent - from: Austria to: World, All","Number of Direct debits sent - from: Austria to: World, All","PN",0]
["PDD.A.AT.W0.2._T.DDS_ALL._T._Z.G1.PN","A","AT","W0",2,"_T","DDS_ALL","_T","_Z","G1","PN","2012",2.525832376578641,"A",false,null,null,"P1Y",{"$nulls":4},"S",null,null,3,null,"Number of Direct debits sent - from: Austria to: World, All","Number of Direct debits sent - from: Austria to: World, All","PN",0]
["PDD.A.AT.W0.2._T.DDS_ALL._T._Z.G1.PN","A","AT","W0",2,"_T","DDS_ALL","_T","_Z","G1","PN","2013",1.007838745800682,"A",false,null,null,"P1Y",{"$nulls":4},"S",null,null,3,null,"Number of Direct debits sent - from: Austria to: World, All","Number of Direct debits sent - from: Austria to: World, All","PN",0]
["PDD.A.AT.W0.2._T.DDS_ALL._T._Z.G1.PN","A","AT","W0",2,"_T","DDS_ALL","_T","_Z","G1","PN","2014",-50.08835920177384,"A",false,null,null,"P1Y",{"$nulls":4},"S",null,null,3,null,"Number of Direct debits sent - from: Austria to: World, All","Number of Direct debits sent - from: Austria to: World, All","PN",0]
["PDD.A.AT.W0.2._T.DDS_ALL._T._Z.G1.PN","A","AT","W0",2,"_T","DDS_ALL","_T","_Z","G1","PN","2015",-4.929331879174514,"A",false,null,null,"P1Y",{"$nulls":4},"S",null,null,3,null,"Number of Direct debits sent - from: Austria to: World, All","Number of Direct debits sent - from: Austria to: World, All","PN",0]
["PDD.A.AT.W0.2._T.DDS_ALL._T._Z.G1.PN","A","AT","W0",2,"_T","DDS_ALL","_T","_Z","G1","PN","2016",-1.330339640803613,"A",false,null,null,"P1Y",{"$nulls":4},"S",null,null,3,null,"Number of Direct debits sent - from: Austria to: World, All","Number of Direct debits sent - from: Austria to: World, All","PN",0]
["PDD.A.AT.W0.2._T.DDS_ALL._T._Z.G1.PN","A","AT","W0",2,"_T","DDS_ALL","_T","_Z","G1","PN","2017",3.091990140108014,"A",false,null,null,"P1Y",{"$nulls":4},"S",null,null,3,null,"Number of Direct debits sent - from: Austria to: World, All","Number of Direct debits sent - from: Austria to: World, All","PN",0]
["PDD.A.AT.W0.2._T.DDS_ALL._T._Z.G1.PN","A","AT","W0",2,"_T","DDS_ALL","_T","_Z","G1","PN","2018",5.104794717197825,"A",false,null,null,"P1Y",{"$nulls":4},"S",null,null,3,null,"Number of Direct debits sent - from: Austria to: World, All","Number of Direct debits sent - from: Austria to: World, All","PN",0]
["PDD.A.AT.W0.2._T.DDS_ALL._T._Z.G1.PN","A","AT","W0",2,"_T","DDS_ALL","_T","_Z","G1","PN","2019",1.685533216783219,"A",false,null,null,"P1Y",{"$nulls":4},"S",null,null,3,null,"Number of Direct debits sent - from: Austria to: World, All","Number of Direct debits sent - from: Austria to: World, All","PN",0]
["PDD.A.AT.W0.2._T.DDS_ALL._T._Z.G1.PN","A","AT","W0",2,"_T","DDS_ALL","_T","_Z","G1","PN","2020",-0.5888509454926028,"A",false,null,null,"P1Y",{"$nulls":4},"S",null,null,3,null,"Number of Direct debits sent - from: Austria to: World, All","Number of Direct debits sent - from: Austria to: World, All","PN",0]
["PDD.A.AT.W0.2._T.DDS_ALL._T._Z.G1.PN","A","AT","W0",2,"_T","DDS_ALL","_T","_Z","G1","PN","2021",2.654932302577118,"A",false,null,null,"P1Y",{"$nulls":4},"S",null,null,3,null,"Number of Direct debits sent - from: Austria to: World, All","Number of Direct debits sent - from: Austria to: World, All","PN",0]
["PDD.A.AT.W0.2._T.DDS_ALL._T._Z.G1.PN","A","AT","W0",2,"_T","DDS_ALL","_T","_Z","G1","PN","2022",7.554160857863683,"A",false,null,null,"P1Y",{"$nulls":4},"S",null,null,3,null,"Number of Direct debits sent - from: Austria to: World, All","Number of Direct debits sent - from: Austria to: World, All","PN",0]
["PDD.A.AT.W0.2._T.DDS_ALL._T._Z.N.EUR","A","AT","W0",2,"_T","DDS_ALL","_T","_Z","N","EUR","2000",110700,"A",false,null,null,"P1Y",{"$nulls":4},"S",null,null,3,null,"Value of Direct debits sent - from: Austria to: World, All","Value of Direct debits sent - from: Austria to: World, All","EUR",6]
["PDD.A.AT.W0.2._T.DDS_ALL._T._Z.N.EUR","A","AT","W0",2,"_T","DDS_ALL","_T","_Z","N","EUR","2001",101700,"A",false,null,null,"P1Y",{"$nulls":4},"S",null,null,3,null,"Value of Direct debits sent - from: Austria to: World, All","Value of Direct debits sent - from: Austria to: World, All","EUR",6]
["PDD.A.AT.W0.2._T.DDS_ALL._T._Z.N.EUR","A","AT","W0",2,"_T","DDS_ALL","_T","_Z","N","EUR","2002",80200,"A",false,null,null,"P1Y",{"$nulls":4},"S",null,null,3,null,"Value of Direct debits sent - from: Austria to: World, All","Value of Direct debits sent - from: Austria to: World, All","EUR",6]
["PDD.A.AT.W0.2._T.DDS_ALL._T._Z.N.EUR","A","AT","W0",2,"_T","DDS_ALL","_T","_Z","N","EUR","2003",111200,"A",false,null,null,"P1Y",{"$nulls":4},"S",null,null,3,null,"Value of Direct debits sent - from: Austria to: World, All","Value of Direct debits sent - from: Austria to: World, All","EUR",6]
["PDD.A.AT.W0.2._T.DDS_ALL._T._Z.N.EUR","A","AT","W0",2,"_T","DDS_ALL","_T","_Z","N","EUR","2004",200700,"A",false,null,null,"P1Y",{"$nulls":4},"S",null,null,3,null,"Value of Direct debits sent - from: Austria to: World, All","Value of Direct debits sent - from: Austria to: World, All","EUR",6]
["PDD.A.AT.W0.2._T.DDS_ALL._T._Z.N.EUR","A","AT","W0",2,"_T","DDS_ALL","_T","_Z","N","EUR","2005",256160,"A",false,null,null,"P1Y",{"$nulls":4},"S",null,null,3,null,"Value of Direct debits sent - from: Austria to: World, All","Value of Direct debits sent - from: Austria to: World, All","EUR",6]
["PDD.A.AT.W0.2._T.DDS_ALL._T._Z.N.EUR","A","AT","W0",2,"_T","DDS_ALL","_T","_Z","N","EUR","2006",272040,"A",false,null,null,"P1Y",{"$nulls":4},"S",null,null,3,null,"Value of Direct debits sent - from: Austria to: World, All","Value of Direct debits sent - from: Austria to: World, All","EUR",6]
["PDD.A.AT.W0.2._T.DDS_ALL._T._Z.N.EUR","A","AT","W0",2,"_T","DDS_ALL","_T","_Z","N","EUR","2007",277020,"A",false,null,null,"P1Y",{"$nulls":4},"S",null,null,3,null,"Value of Direct debits sent - from: Austria to: World, All","Value of Direct debits sent - from: Austria to: World, All","EUR",6]
["PDD.A.AT.W0.2._T.DDS_ALL._T._Z.N.EUR","A","AT","W0",2,"_T","DDS_ALL","_T","_Z","N","EUR","2008",308130,"A",false,null,null,"P1Y",{"$nulls":4},"S",null,null,3,null,"Value of Direct debits sent - from: Austria to: World, All","Value of Direct debits sent - from: Austria to: World, All","EUR",6]
["PDD.A.AT.W0.2._T.DDS_ALL._T._Z.N.EUR","A","AT","W0",2,"_T","DDS_ALL","_T","_Z","N","EUR","2009",312710,"A",false,null,null,"P1Y",{"$nulls":4},"S",null,null,3,null,"Value of Direct debits sent - from: Austria to: World, All","Value of Direct debits sent - from: Austria to: World, All","EUR",6]
["PDD.A.AT.W0.2._T.DDS_ALL._T._Z.N.EUR","A","AT","W0",2,"_T","DDS_ALL","_T","_Z","N","EUR","2010",307610,"A",false,null,null,"P1Y",{"$nulls":4},"S",null,null,3,null,"Value of Direct debits sent - from: Austria to: World, All","Value of Direct debits sent - from: Austria to: World, All","EUR",6]
["PDD.A.AT.W0.2._T.DDS_ALL._T._Z.N.EUR","A","AT","W0",2,"_T","DDS_ALL","_T","_Z","N","EUR","2011",278000,"A",false,null,null,"P1Y",{"$nulls":4},"S",null,null,3,null,"Value of Direct debits sent - from: Austria to: World, All","Value of Direct debits sent - from: Austria to: World, All","EUR",6]
["PDD.A.AT.W0.2._T.DDS_ALL._T._Z.N.EUR","A","AT","W0",2,"_T","DDS_ALL","_T","_Z","N","EUR","2012",312330,"A",false,null,null,"P1Y",{"$nulls":4},"S",null,null,3,null,"Value of Direct debits sent - from: Austria to: World, All","Value of Direct debits sent - from: Austria to: World, All","EUR",6]
["PDD.A.AT.W0.2._T.DDS_ALL._T._Z.N.EUR","A","AT","W0",2,"_T","DDS_ALL","_T","_Z","N","EUR","2013",366893,"A",false,null,null,"P1Y",{"$nulls":4},"S",null,null,3,null,"Value of Direct debits sent - from: Austria to: World, All","Value of Direct debits sent - from: Austria to: World, All","EUR",6]
["PDD.A.AT.W0.2._T.DDS_ALL._T._Z.N.EUR","A","AT","W0",2,"_T","DDS_ALL","_T","_Z","N","EUR","2014",144561.704,"A",false,null,null,"P1Y",{"$nulls":4},"S",null,null,3,null,"Value of Direct debits sent - from: Austria to: World, All","Value of Direct debits sent - from: Austria to: World, All","EUR",6]
["PDD.A.AT.W0.2._T.DDS_ALL._T._Z.N.EUR","A","AT","W0",2,"_T","DDS_ALL","_T","_Z","N","EUR","2015",132535.686,"A",false,null,null,"P1Y",{"$nulls":4},"S",null,null,3,null,"Value of Direct debits sent - from: Austria to: World, All","Value of Direct debits sent - from: Austria to: World, All","EUR",6]
["PDD.A.AT.W0.2._T.DDS_ALL._T._Z.N.EUR","A","AT","W0",2,"_T","DDS_ALL","_T","_Z","N","EUR","2016",128000.253,"A",false,null,null,"P1Y",{"$nulls":4},"S",null,null,3,null,"Value of Direct debits sent - from: Austria to: World, All","Value of Direct debits sent - from: Austria to: World, All","EUR",6]
["PDD.A.AT.W0.2._T.DDS_ALL._T._Z.N.EUR","A","AT","W0",2,"_T","DDS_ALL","_T","_Z","N","EUR","2017",133515.876,"A",false,null,null,"P1Y",{"$nulls":4},"S",null,null,3,null,"Value of Direct debits sent - from: Austria to: World, All","Value of Direct debits sent - from: Austria to: World, All","EUR",6]
["PDD.A.AT.W0.2._T.DDS_ALL._T._Z.N.EUR","A","AT","W0",2,"_T","DDS_ALL","_T","_Z","N","EUR","2018",157095.687,"A",false,null,null,"P1Y",{"$nulls":4},"S",null,null,3,null,"Value of Direct debits sent - from: Austria to: World, All","Value of Direct debits sent - from: Austria to: World, All","EUR",6]
["PDD.A.AT.W0.2._T.DDS_ALL._T._Z.N.EUR","A","AT","W0",2,"_T","DDS_ALL","_T","_Z","N","EUR","2019",178124.681,"A",false,null,null,"P1Y",{"$nulls":4},"S",null,null,3,null,"Value of Direct debits sent - from: Austria to: World, All","Value of Direct debits sent - from: Austria to: World, All","EUR",6]
["PDD.A.AT.W0.2._T.DDS_ALL._T._Z.N.EUR","A","AT","W0",2,"_T","DDS_ALL","_T","_Z","N","EUR","2020",199178.139,"A",false,null,null,"P1Y",{"$nulls":4},"S",null,null,3,null,"Value of Direct debits sent - from: Austria to: World, All","Value of Direct debits sent - from: Austria to: World, All","EUR",6]
["PDD.A.AT.W0.2._T.DDS_ALL._T._Z.N.EUR","A","AT","W0",2,"_T","DDS_ALL","_T","_Z","N","EUR","2021",258004.068,"A",false,null,null,"P1Y",{"$nulls":4},"S",null,null,3,null,"Value of Direct debits sent - from: Austria to: World, All","Value of Direct debits sent - from: Austria to: World, All","EUR",6]
["PDD.A.AT.W0.2._T.DDS_ALL._T._Z.N.EUR","A","AT","W0",2,"_T","DDS_ALL","_T","_Z","N","EUR","2022",299818.3947976601,"A",false,null,null,"P1Y",{"$nulls":4},"S",null,null,3,null,"Value of Direct debits sent - from: Austria to: World, All","Value of Direct debits sent - from: Austria to: World, All","EUR",6]
["PDD.A.AT.W0.2._T.DDS_ALL._T._Z.N.EUR_R_B1GQ","A","AT","W0",2,"_T","DDS_ALL","_T","_Z","N","EUR_R_B1GQ","2000",51.824270499659,"A",false,null,null,"P1Y",{"$nulls":4},"S",null,null,3,null,"Euro; ratio to GDP of Direct debits sent - from: Austria to: World, All","Euro; ratio to GDP of Direct debits sent - from: Austria to: World, All","EUR_R_B1GQ",0]
["PDD.A.AT.W0.2._T.DDS_ALL._T._Z.N.EUR_R_B1GQ","A","AT","W0",2,"_T","DDS_ALL","_T","_Z","N","EUR_R_B1GQ","2001",46.11720353984227,"A",false,null,null,"P1Y",{"$nulls":4},"S",null,null,3,null,"Euro; ratio to GDP of Direct debits sent - from: Austria to: World, All","Euro; ratio to GDP of Direct debits sent - from: Austria to: World, All","EUR_R_B1GQ",0]
["PDD.A.AT.W0.2._T.DDS_ALL._T._Z.N.EUR_R_B1GQ","A","AT","W0",2,"_T","DDS_ALL","_T","_Z","N","EUR_R_B1GQ","2002",35.37165509619547,"A",false,null,null,"P1Y",{"$nulls":4},"S",null,null,3,null,"Euro; ratio to GDP of Direct debits sent - from: Austria to: World, All","Euro; ratio to GDP of Direct debits sent - from: Austria to: World, All","EUR_R_B1GQ",0]
["PDD.A.AT.W0.2._T.DDS_ALL._T._Z.N.EUR_R_B1GQ","A","AT","W0",2,"_T","DDS_ALL","_T","_Z","N","EUR_R_B1GQ","2003",47.95946700470616,"A",false,null,null,"P1Y",{"$nulls":4},"S",null,null,3,null,"Euro; ratio to GDP of Direct debits sent - from: Austria to: World, All","Euro; ratio to GDP of Direct debits sent - from: Austria to: World, All","EUR_R_B1GQ",0]
["PDD.A.AT.W0.2._T.DDS_ALL._T._Z.N.EUR_R_B1GQ","A","AT","W0",2,"_T","DDS_ALL","_T","_Z","N","EUR_R_B1GQ","2004",82.81470640639219,"A",false,null,null,"P1Y",{"$nulls":4},"S",null,null,3,null,"Euro; ratio to GDP of Direct debits sent - from: Austria to: World, All","Euro; ratio to GDP of Direct debits sent - from: Austria to: World, All","EUR_R_B1GQ",0]
["PDD.A.AT.W0.2._T.DDS_ALL._T._Z.N.EUR_R_B1GQ","A","AT","W0",2,"_T","DDS_ALL","_T","_Z","N","EUR_R_B1GQ","2005",100.8206119271146,"A",false,null,null,"P1Y",{"$nulls":4},"S",null,null,3,null,"Euro; ratio to GDP of Direct debits sent - from: Austria to: World, All","Euro; ratio to GDP of Direct debits sent - from: Austria to: World, All","EUR_R_B1GQ",0]
["PDD.A.AT.W0.2._T.DDS_ALL._T._Z.N.EUR_R_B1GQ","A","AT","W0",2,"_T","DDS_ALL","_T","_Z","N","EUR_R_B1GQ","2006",101.5739974449682,"A",false,null,null,"P1Y",{"$nulls":4},"S",null,null,3,null,"Euro; ratio to GDP of Direct debits sent - from: Austria to: World, All","Euro; ratio to GDP of Direct debits sent - from: Austria to: World, All","EUR_R_B1GQ",0]
["PDD.A.AT.W0.2._T.DDS_ALL._T._Z.N.EUR_R_B1GQ","A","AT","W0",2,"_T","DDS_ALL","_T","_Z","N","EUR_R_B1GQ","2007",97.54982050192132,"A",false,null,null,"P1Y",{"$nulls":4},"S",null,null,3,null,"Euro; ratio to GDP of Direct debits sent - from: Austria to: World, All","Euro; ratio to GDP of Direct debits sent - from: Austria to: World, All","EUR_R_B1GQ",0]
["PDD.A.AT.W0.2._T.DDS_ALL._T._Z.N.EUR_R_B1GQ","A","AT","W0",2,"_T","DDS_ALL","_T","_Z","N","EUR_R_B1GQ","2008",104.8910663741259,"A",false,null,null,"P1Y",{"$nulls":4},"S",null,null,3,null,"Euro; ratio to GDP of Direct debits sent - from: Austria to: World, All","Euro; ratio to GDP of Direct debits sent - from: Austria to: World, All","EUR_R_B1GQ",0]
["PDD.A.AT.W0.2._T.DDS_ALL._T._Z.N.EUR_R_B1GQ","A","AT","W0",2,"_T","DDS_ALL","_T","_Z","N","EUR_R_B1GQ","2009",108.5632675172357,"A",false,null,null,"P1Y",{"$nulls":4},"S",null,null,3,null,"Euro; ratio to GDP of Direct debits sent - from: Austria to: World, All","Euro; ratio to GDP of Direct debits sent - from: Austria to: World, All","EUR_R_B1GQ",0]
["PDD.A.AT.W0.2._T.DDS_ALL._T._Z.N.EUR_R_B1GQ","A","AT","W0",2,"_T","DDS_ALL","_T","_Z","N","EUR_R_B1GQ","2010",103.9585985160223,"A",false,null,null,"P1Y",{"$nulls":4},"S",null,null,3,null,"Euro; ratio to GDP of Direct debits sent - from: Austria to: World, All","Euro; ratio to GDP of Direct debits sent - from: Austria to: World, All","EUR_R_B1GQ",0]
["PDD.A.AT.W0.2._T.DDS_ALL._T._Z.N.EUR_R_B1GQ","A","AT","W0",2,"_T","DDS_ALL","_T","_Z","N","EUR_R_B1GQ","2011",89.64021577367278,"A",false,null,null,"P1Y",{"$nulls":4},"S",null,null,3,null,"Euro; ratio to GDP of Direct debits sent - from: Austria to: World, All","Euro; ratio to GDP of Direct debits sent - from: Austria to: World, All","EUR_R_B1GQ",0]
["PDD.A.AT.W0.2._T.DDS_ALL._T._Z.N.EUR_R_B1GQ","A","AT","W0",2,"_T","DDS_ALL","_T","_Z","N","EUR_R_B1GQ","2012",98.01569757501764,"A",false,null,null,"P1Y",{"$nulls":4},"S",null,null,3,null,"Euro; ratio to GDP of Direct debits sent - from: Austria to: World, All","Euro; ratio to GDP of Direct debits sent - from: Austria to: World, All","EUR_R_B1GQ",0]
["PDD.A.AT.W0.2._T.DDS_ALL._T._Z.N.EUR_R_B1GQ","A","AT","W0",2,"_T","DDS_ALL","_T","_Z","N","EUR_R_B1GQ","2013",113.2699742089011,"A",false,null,null,"P1Y",{"$nulls":4},"S",null,null,3,null,"Euro; ratio to GDP of Direct debits sent - from: Austria to: World, All","Euro; ratio to GDP of Direct debits sent - from: Austria to: World, All","EUR_R_B1GQ",0]
["PDD.A.AT.W0.2._T.DDS_ALL._T._Z.N.EUR_R_B1GQ","A","AT","W0",2,"_T","DDS_ALL","_T","_Z","N","EUR_R_B1GQ","2014",43.3928888910501,"A",false,null,null,"P1Y",{"$nulls":4},"S",null,null,3,null,"Euro; ratio to GDP of Direct debits sent - from: Austria to: World, All","Euro; ratio to GDP of Direct debits sent - from: Austria to: World, All","EUR_R_B1GQ",0]
["PDD.A.AT.W0.2._T.DDS_ALL._T._Z.N.EUR_R_B1GQ","A","AT","W0",2,"_T","DDS_ALL","_T","_Z","N","EUR_R_B1GQ","2015",38.49768566304924,"A",false,null,null,"P1Y",{"$nulls":4},"S",null,null,3,null,"Euro; ratio to GDP of Direct debits sent - from: Austria to: World, All","Euro; ratio to GDP of Direct debits sent - from: Austria to: World, All","EUR_R_B1GQ",0]
["PDD.A.AT.W0.2._T.DDS_ALL._T._Z.N.EUR_R_B1GQ","A","AT","W0",2,"_T","DDS_ALL","_T","_Z","N","EUR_R_B1GQ","2016",35.79345845079786,"A",false,null,null,"P1Y",{"$nulls":4},"S",null,null,3,null,"Euro; ratio to GDP of Direct debits sent - from: Austria to: World, All","Euro; ratio to GDP of Direct debits sent - from: Austria to: World, All","EUR_R_B1GQ",0]
["PDD.A.AT.W0.2._T.DDS_ALL._T._Z.N.EUR_R_B1GQ","A","AT","W0",2,"_T","DDS_ALL","_T","_Z","N","EUR_R_B1GQ","2017",36.14771497664337,"A",false,null,null,"P1Y",{"$nulls":4},"S",null,null,3,null,"Euro; ratio to GDP of Direct debits sent - from: Austria to: World, All","Euro; ratio to GDP of Direct debits sent - from: Austria to: World, All","EUR_R_B1GQ",0]
["PDD.A.AT.W0.2._T.DDS_ALL._T._Z.N.EUR_R_B1GQ","A","AT","W0",2,"_T","DDS_ALL","_T","_Z","N","EUR_R_B1GQ","2018",40.77504589005713,"A",false,null,null,"P1Y",{"$nulls":4},"S",null,null,3,null,"Euro; ratio to GDP of Direct debits sent - from: Austria to: World, All","Euro; ratio to GDP of Direct debits sent - from: Austria to: World, All","EUR_R_B1GQ",0]
["PDD.A.AT.W0.2._T.DDS_ALL._T._Z.N.EUR_R_B1GQ","A","AT","W0",2,"_T","DDS_ALL","_T","_Z","N","EUR_R_B1GQ","2019",44.84852514117775,"A",false,null,null,"P1Y",{"$nulls":4},"S",null,null,3,null,"Euro; ratio to GDP of Direct debits sent - from: Austria to: World, All","Euro; ratio to GDP of Direct debits sent - from: Austria to: World, All","EUR_R_B1GQ",0]
["PDD.A.AT.W0.2._T.DDS_ALL._T._Z.N.EUR_R_B1GQ","A","AT","W0",2,"_T","DDS_ALL","_T","_Z","N","EUR_R_B1GQ","2020",52.27189866074775,"A",false,null,null,"P1Y",{"$nulls":4},"S",null,null,3,null,"Euro; ratio to GDP of Direct debits sent - from: Austria to: World, All","Euro; ratio to GDP of Direct debits sent - from: Austria to: World, All","EUR_R_B1GQ",0]
["PDD.A.AT.W0.2._T.DDS_ALL._T._Z.N.EUR_R_B1GQ","A","AT","W0",2,"_T","DDS_ALL","_T","_Z","N","EUR_R_B1GQ","2021",63.5245384405666,"A",false,null,null,"P1Y",{"$nulls":4},"S",null,null,3,null,"Euro; ratio to GDP of Direct debits sent - from: Austria to: World, All","Euro; ratio to GDP of Direct debits sent - from: Austria to: World, All","EUR_R_B1GQ",0]
["PDD.A.AT.W0.2._T.DDS_ALL._T._Z.N.EUR_R_B1GQ","A","AT","W0",2,"_T","DDS_ALL","_T","_Z","N","EUR_R_B1GQ","2022",253.5078630841319,"A",false,null,null,"P1Y",{"$nulls":4},"S",null,null,3,null,"Euro; ratio to GDP of Direct debits sent - from: Austria to: World, All","Euro; ratio to GDP of Direct debits sent - from: Austria to: World, All","EUR_R_B1GQ",0]
["PDD.A.AT.W0.2._T.DDS_ALL._T._Z.N.EUR_R_PNT","A","AT","W0",2,"_T","DDS_ALL","_T","_Z","N","EUR_R_PNT","2000",412.2905027932961,"A",false,null,null,"P1Y",{"$nulls":4},"S",null,null,3,null,"Euro; ratio to number of transactions of Direct debits sent - from: Austria to: World, All","Euro; ratio to number of transactions of Direct debits sent - from: Austria to: World, All","EUR_R_PNT",0]
["PDD.A.AT.W0.2._T.DDS_ALL._T._Z.N.EUR_R_PNT","A","AT","W0",2,"_T","DDS_ALL","_T","_Z","N","EUR_R_PNT","2001",372.800586510264,"A",false,null,null,"P1Y",{"$nulls":4},"S",null,null,3,null,"Euro; ratio to number of transactions of Direct debits sent - from: Austria to: World, All","Euro; ratio to number of transactions of Direct debits sent - from: Austria to: World, All","EUR_R_PNT",0]
["PDD.A.AT.W0.2._T.DDS_ALL._T._Z.N.EUR_R_PNT","A","AT","W0",2,"_T","DDS_ALL","_T","_Z","N","EUR_R_PNT","2002",230.9242729628563,"A",false,null,null,"P1Y",{"$nulls":4},"S",null,null,3,null,"Euro; ratio to number of transactions of Direct debits sent - from: Austria to: World, All","Euro; ratio to number of transactions of Direct debits sent - from: Austria to: World, All","EUR_R_PNT",0]
["PDD.A.AT.W0.2._T.DDS_ALL._T._Z.N.EUR_R_PNT","A","AT","W0",2,"_T","DDS_ALL","_T","_Z","N","EUR_R_PNT","2003",171.7639789928947,"A",false,null,null,"P1Y",{"$nulls":4},"S",null,null,3,null,"Euro; ratio to number of transactions of Direct debits sent - from: Austria to: World, All","Euro; ratio to number of transactions of Direct debits sent - from: Austria to: World, All","EUR_R_PNT",0]
["PDD.A.AT.W0.2._T.DDS_ALL._T._Z.N.EUR_R_PNT","A","AT","W0",2,"_T","DDS_ALL","_T","_Z","N","EUR_R_PNT","2004",325.9175056836635,"A",false,null,null,"P1Y",{"$nulls":4},"S",null,null,3,null,"Euro; ratio to number of transactions of Direct debits sent - from: Austria to: World, All","Euro; ratio to number of transactions of Direct debits sent - from: Austria to: World, All","EUR_R_PNT",0]
["PDD.A.AT.W0.2._T.DDS_ALL._T._Z.N.EUR_R_PNT","A","AT","W0",2,"_T","DDS_ALL","_T","_Z","N","EUR_R_PNT","2005",383.4730538922156,"A",false,null,null,"P1Y",{"$nulls":4},"S",null,null,3,null,"Euro; ratio to number of transactions of Direct debits sent - from: Austria to: World, All","Euro; ratio to number of transactions of Direct debits sent - from: Austria to: World, All","EUR_R_PNT",0]
["PDD.A.AT.W0.2._T.DDS_ALL._T._Z.N.EUR_R_PNT","A","AT","W0",2,"_T","DDS_ALL","_T","_Z","N","EUR_R_PNT","2006",398.8856304985337,"A",false,null,null,"P1Y",{"$nulls":4},"S",null,null,3,null,"Euro; ratio to number of transactions of Direct debits sent - from: Austria to: World, All","Euro; ratio to number of transactions of Direct debits sent - from: Austria to: World, All","EUR_R_PNT",0]
["PDD.A.AT.W0.2._T.DDS_ALL._T._Z.N.EUR_R_PNT","A","AT","W0",2,"_T","DDS_ALL","_T","_Z","N","EUR_R_PNT","2007",385.2851182197497,"A",false,null,null,"P1Y",{"$nulls":4},"S",null,null,3,null,"Euro; ratio to number of transactions of Direct debits sent - from: Austria to: World, All","Euro; ratio to number of transactions of Direct debits sent - from: Austria to: World, All","EUR_R_PNT",0]
["PDD.A.AT.W0.2._T.DDS_ALL._T._Z.N.EUR_R_PNT","A","AT","W0",2,"_T","DDS_ALL","_T","_Z","N","EUR_R_PNT","2008",388.0730478589421,"A",false,null,null,"P1Y",{"$nulls":4},"S",null,null,3,null,"Euro; ratio to number of transactions of Direct debits sent - from: Austria to: World, All","Euro; ratio to number of transactions of Direct debits sent - from: Austria to: World, All","EUR_R_PNT",0]
["PDD.A.AT.W0.2._T.DDS_ALL._T._Z.N.EUR_R_PNT","A","AT","W0",2,"_T","DDS_ALL","_T","_Z","N","EUR_R_PNT","2009",371.8311533888228,"A",false,null,null,"P1Y",{"$nulls":4},"S",null,null,3,null,"Euro; ratio to number of transactions of Direct debits sent - from: Austria to: World, All","Euro; ratio to number of transactions of Direct debits sent - from: Austria to: World, All","EUR_R_PNT",0]
["PDD.A.AT.W0.2._T.DDS_ALL._T._Z.N.EUR_R_PNT","A","AT","W0",2,"_T","DDS_ALL","_T","_Z","N","EUR_R_PNT","2010",364.8991696322657,"A",false,null,null,"P1Y",{"$nulls":4},"S",null,null,3,null,"Euro; ratio to number of transactions of Direct debits sent - from: Austria to: World, All","Euro; ratio to number of transactions of Direct debits sent - from: Austria to: World, All","EUR_R_PNT",0]
["PDD.A.AT.W0.2._T.DDS_ALL._T._Z.N.EUR_R_PNT","A","AT","W0",2,"_T","DDS_ALL","_T","_Z","N","EUR_R_PNT","2011",319.1733639494834,"A",false,null,null,"P1Y",{"$nulls":4},"S",null,null,3,null,"Euro; ratio to number of transactions of Direct debits sent - from: Austria to: World, All","Euro; ratio to number of transactions of Direct debits sent - from: Austria to: World, All","EUR_R_PNT",0]
["PDD.A.AT.W0.2._T.DDS_ALL._T._Z.N.EUR_R_PNT","A","AT","W0",2,"_T","DDS_ALL","_T","_Z","N","EUR_R_PNT","2012",349.7536394176932,"A",false,null,null,"P1Y",{"$nulls":4},"S",null,null,3,null,"Euro; ratio to number of transactions of Direct debits sent - from: Austria to: World, All","Euro; ratio to number of transactions of Direct debits sent - from: Austria to: World, All","EUR_R_PNT",0]
["PDD.A.AT.W0.2._T.DDS_ALL._T._Z.N.EUR_R_PNT","A","AT","W0",2,"_T","DDS_ALL","_T","_Z","N","EUR_R_PNT","2013",406.7549889135255,"A",false,null,null,"P1Y",{"$nulls":4},"S",null,null,3,null,"Euro; ratio to number of transactions of Direct debits sent - from: Austria to: World, All","Euro; ratio to number of transactions of Direct debits sent - from: Austria to: World, All","EUR_R_PNT",0]
["PDD.A.AT.W0.2._T.DDS_ALL._T._Z.N.EUR_R_PNT","A","AT","W0",2,"_T","DDS_ALL","_T","_Z","N","EUR_R_PNT","2014",321.1033778095659,"A",false,null,null,"P1Y",{"$nulls":4},"S",null,null,3,null,"Euro; ratio to number of transactions of Direct debits sent - from: Austria to: World, All","Euro; ratio to number of transactions of Direct debits sent - from: Austria to: World, All","EUR_R_PNT",0]
["PDD.A.AT.W0.2._T.DDS_ALL._T._Z.N.EUR_R_PNT","A","AT","W0",2,"_T","DDS_ALL","_T","_Z","N","EUR_R_PNT","2015",309.6548593377273,"A",false,null,null,"P1Y",{"$nulls":4},"S",null,null,3,null,"Euro; ratio to number of transactions of Direct debits sent - from: Austria to: World, All","Euro; ratio to number of transactions of Direct debits sent - from: Austria to: World, All","EUR_R_PNT",0]
["PDD.A.AT.W0.2._T.DDS_ALL._T._Z.N.EUR_R_PNT","A","AT","W0",2,"_T","DDS_ALL","_T","_Z","N","EUR_R_PNT","2016",303.0904581155862,"A",false,null,null,"P1Y",{"$nulls":4},"S",null,null,3,null,"Euro; ratio to number of transactions of Direct debits sent - from: Austria to: World, All","Euro; ratio to number of transactions of Direct debits sent - from: Austria to: World, All","EUR_R_PNT",0]
["PDD.A.AT.W0.2._T.DDS_ALL._T._Z.N.EUR_R_PNT","A","AT","W0",2,"_T","DDS_ALL","_T","_Z","N","EUR_R_PNT","2017",306.6686787252369,"A",false,null,null,"P1Y",{"$nulls":4},"S",null,null,3,null,"Euro; ratio to number of transactions of Direct debits sent - from: Austria to: World, All","Euro; ratio to number of transactions of Direct debits sent - from: Austria to: World, All","EUR_R_PNT",0]
["PDD.A.AT.W0.2._T.DDS_ALL._T._Z.N.EUR_R_PNT","A","AT","W0",2,"_T","DDS_ALL","_T","_Z","N","EUR_R_PNT","2018",343.3035118006993,"A",false,null,null,"P1Y",{"$nulls":4},"S",null,null,3,null,"Euro; ratio to number of transactions of Direct debits sent - from: Austria to: World, All","Euro; ratio to number of transactions of Direct debits sent - from: Austria to: World, All","EUR_R_PNT",0]
["PDD.A.AT.W0.2._T.DDS_ALL._T._Z.N.EUR_R_PNT","A","AT","W0",2,"_T","DDS_ALL","_T","_Z","N","EUR_R_PNT","2019",382.8061562861988,"A",false,null,null,"P1Y",{"$nulls":4},"S",null,null,3,null,"Euro; ratio to number of transactions of Direct debits sent - from: Austria to: World, All","Euro; ratio to number of transactions of Direct debits sent - from: Austria to: World, All","EUR_R_PNT",0]
["PDD.A.AT.W0.2._T.DDS_ALL._T._Z.N.EUR_R_PNT","A","AT","W0",2,"_T","DDS_ALL","_T","_Z","N","EUR_R_PNT","2020",430.5874726799878,"A",false,null,null,"P1Y",{"$nulls":4},"S",null,null,3,null,"Euro; ratio to number of transactions of Direct debits sent - from: Austria to: World, All","Euro; ratio to number of transactions of Direct debits sent - from: Austria to: World, All","EUR_R_PNT",0]
["PDD.A.AT.W0.2._T.DDS_ALL._T._Z.N.EUR_R_PNT","A","AT","W0",2,"_T","DDS_ALL","_T","_Z","N","EUR_R_PNT","2021",543.3334624958409,"A",false,null,null,"P1Y",{"$nulls":4},"S",null,null,3,null,"Euro; ratio to number of transactions of Direct debits sent - from: Austria to: World, All","Euro; ratio to number of transactions of Direct debits sent - from: Austria to: World, All","EUR_R_PNT",0]
["PDD.A.AT.W0.2._T.DDS_ALL._T._Z.N.EUR_R_PNT","A","AT","W0",2,"_T","DDS_ALL","_T","_Z","N","EUR_R_PNT","2022",587.0444110670585,"A",false,null,null,"P1Y",{"$nulls":4},"S",null,null,3,null,"Euro; ratio to number of transactions of Direct debits sent - from: Austria to: World, All","Euro; ratio to number of transactions of Direct debits sent - from: Austria to: World, All","EUR_R_PNT",0]
["PDD.A.AT.W0.2._T.DDS_ALL._T._Z.N.EUR_R_POP6","A","AT","W0",2,"_T","DDS_ALL","_T","_Z","N","EUR_R_POP6","2000",13817.52331566638,"A",false,null,null,"P1Y",{"$nulls":4},"S",null,null,3,null,"Euro per million inhabitants of Direct debits sent - from: Austria to: World, All","Euro per million inhabitants of Direct debits sent - from: Austria to: World, All","EUR_R_POP6",0]
["PDD.A.AT.W0.2._T.DDS_ALL._T._Z.N.EUR_R_POP6","A","AT","W0",2,"_T","DDS_ALL","_T","_Z","N","EUR_R_POP6","2001",12645.64720534305,"A",false,null,null,"P1Y",{"$nulls":4},"S",null,null,3,null,"Euro per million inhabitants of Direct debits sent - from: Austria to: World, All","Euro per million inhabitants of Direct debits sent - from: Austria to: World, All","EUR_R_POP6",0]
["PDD.A.AT.W0.2._T.DDS_ALL._T._Z.N.EUR_R_POP6","A","AT","W0",2,"_T","DDS_ALL","_T","_Z","N","EUR_R_POP6","2002",9923.137750597894,"A",false,null,null,"P1Y",{"$nulls":4},"S",null,null,3,null,"Euro per million inhabitants of Direct debits sent - from: Austria to: World, All","Euro per million inhabitants of Direct debits sent - from: Austria to: World, All","EUR_R_POP6",0]
["PDD.A.AT.W0.2._T.DDS_ALL._T._Z.N.EUR_R_POP6","A","AT","W0",2,"_T","DDS_ALL","_T","_Z","N","EUR_R_POP6","2003",13697.54177165139,"A",false,null,null,"P1Y",{"$nulls":4},"S",null,null,3,null,"Euro per million inhabitants of Direct debits sent - from: Austria to: World, All","Euro per million inhabitants of Direct debits sent - from: Austria to: World, All","EUR_R_POP6",0]
["PDD.A.AT.W0.2._T.DDS_ALL._T._Z.N.EUR_R_POP6","A","AT","W0",2,"_T","DDS_ALL","_T","_Z","N","EUR_R_POP6","2004",24567.16438737975,"A",false,null,null,"P1Y",{"$nulls":4},"S",null,null,3,null,"Euro per million inhabitants of Direct debits sent - from: Austria to: World, All","Euro per million inhabitants of Direct debits sent - from: Austria to: World, All","EUR_R_POP6",0]
["PDD.A.AT.W0.2._T.DDS_ALL._T._Z.N.EUR_R_POP6","A","AT","W0",2,"_T","DDS_ALL","_T","_Z","N","EUR_R_POP6","2005",31143.02033317293,"A",false,null,null,"P1Y",{"$nulls":4},"S",null,null,3,null,"Euro per million inhabitants of Direct debits sent - from: Austria to: World, All","Euro per million inhabitants of Direct debits sent - from: Austria to: World, All","EUR_R_POP6",0]
["PDD.A.AT.W0.2._T.DDS_ALL._T._Z.N.EUR_R_POP6","A","AT","W0",2,"_T","DDS_ALL","_T","_Z","N","EUR_R_POP6","2006",32902.96455662276,"A",false,null,null,"P1Y",{"$nulls":4},"S",null,null,3,null,"Euro per million inhabitants of Direct debits sent - from: Austria to: World, All","Euro per million inhabitants of Direct debits sent - from: Austria to: World, All","EUR_R_POP6",0]
["PDD.A.AT.W0.2._T.DDS_ALL._T._Z.N.EUR_R_POP6","A","AT","W0",2,"_T","DDS_ALL","_T","_Z","N","EUR_R_POP6","2007",33395.26079514282,"A",false,null,null,"P1Y",{"$nulls":4},"S",null,null,3,null,"Euro per million inhabitants of Direct debits sent - from: Austria to: World, All","Euro per million inhabitants of Direct debits sent - from: Austria to: World, All","EUR_R_POP6",0]
["PDD.A.AT.W0.2._T.DDS_ALL._T._Z.N.EUR_R_POP6","A","AT","W0",2,"_T","DDS_ALL","_T","_Z","N","EUR_R_POP6","2008",37027.99757881383,"A",false,null,null,"P1Y",{"$nulls":4},"S",null,null,3,null,"Euro per million inhabitants of Direct debits sent - from: Austria to: World, All","Euro per million inhabitants of Direct debits sent - from: Austria to: World, All","EUR_R_POP6",0]
["PDD.A.AT.W0.2._T.DDS_ALL._T._Z.N.EUR_R_POP6","A","AT","W0",2,"_T","DDS_ALL","_T","_Z","N","EUR_R_POP6","2009",37488.53770966146,"A",false,null,null,"P1Y",{"$nulls":4},"S",null,null,3,null,"Euro per million inhabitants of Direct debits sent - from: Austria to: World, All","Euro per million inhabitants of Direct debits sent - from: Austria to: World, All","EUR_R_POP6",0]
["PDD.A.AT.W0.2._T.DDS_ALL._T._Z.N.EUR_R_POP6","A","AT","W0",2,"_T","DDS_ALL","_T","_Z","N","EUR_R_POP6","2010",36790.75008231603,"A",false,null,null,"P1Y",{"$nulls":4},"S",null,null,3,null,"Euro per million inhabitants of Direct debits sent - from: Austria to: World, All","Euro per million inhabitants of Direct debits sent - from: Austria to: World, All","EUR_R_POP6",0]
["PDD.A.AT.W0.2._T.DDS_ALL._T._Z.N.EUR_R_POP6","A","AT","W0",2,"_T","DDS_ALL","_T","_Z","N","EUR_R_POP6","2011",33140.47484339934,"A",false,null,null,"P1Y",{"$nulls":4},"S",null,null,3,null,"Euro per million inhabitants of Direct debits sent - from: Austria to: World, All","Euro per million inhabitants of Direct debits sent - from: Austria to: World, All","EUR_R_POP6",0]
["PDD.A.AT.W0.2._T.DDS_ALL._T._Z.N.EUR_R_POP6","A","AT","W0",2,"_T","DDS_ALL","_T","_Z","N","EUR_R_POP6","2012",37066.04230487102,"A",false,null,null,"P1Y",{"$nulls":4},"S",null,null,3,null,"Euro per million inhabitants of Direct debits sent - from: Austria to: World, All","Euro per million inhabitants of Direct debits sent - from: Austria to: World, All","EUR_R_POP6",0]
["PDD.A.AT.W0.2._T.DDS_ALL._T._Z.N.EUR_R_POP6","A","AT","W0",2,"_T","DDS_ALL","_T","_Z","N","EUR_R_POP6","2013",43279.82135674035,"A",false,null,null,"P1Y",{"$nulls":4},"S",null,null,3,null,"Euro per million inhabitants of Direct debits sent - from: Austria to: World, All","Euro per million inhabitants of Direct debits sent - from: Austria to: World, All","EUR_R_POP6",0]
["PDD.A.AT.W0.2._T.DDS_ALL._T._Z.N.EUR_R_POP6","A","AT","W0",2,"_T","DDS_ALL","_T","_Z","N","EUR_R_POP6","2014",16919.80975504018,"A",false,null,null,"P1Y",{"$nulls":4},"S",null,null,3,null,"Euro per million inhabitants of Direct debits sent - from: Austria to: World, All","Euro per million inhabitants of Direct debits sent - from: Austria to: World, All","EUR_R_POP6",0]
["PDD.A.AT.W0.2._T.DDS_ALL._T._Z.N.EUR_R_POP6","A","AT","W0",2,"_T","DDS_ALL","_T","_Z","N","EUR_R_POP6","2015",15358.40943162649,"A",false,null,null,"P1Y",{"$nulls":4},"S",null,null,3,null,"Euro per million inhabitants of Direct debits sent - from: Austria to: World, All","Euro per million inhabitants of Direct debits sent - from: Austria to: World, All","EUR_R_POP6",0]
["PDD.A.AT.W0.2._T.DDS_ALL._T._Z.N.EUR_R_POP6","A","AT","W0",2,"_T","DDS_ALL","_T","_Z","N","EUR_R_POP6","2016",14645.66295865148,"A",false,null,null,"P1Y",{"$nulls":4},"S",null,null,3,null,"Euro per million inhabitants of Direct debits sent - from: Austria to: World, All","Euro per million inhabitants of Direct debits sent - from: Austria to: World, All","EUR_R_POP6",0]
["PDD.A.AT.W0.2._T.DDS_ALL._T._Z.N.EUR_R_POP6","A","AT","W0",2,"_T","DDS_ALL","_T","_Z","N","EUR_R_POP6","2017",15180.75813583355,"A",false,null,null,"P1Y",{"$nulls":4},"S",null,null,3,null,"Euro per million inhabitants of Direct debits sent - from: Austria to: World, All","Euro per million inhabitants of Direct debits sent - from: Austria to: World, All","EUR_R_POP6",0]
["PDD.A.AT.W0.2._T.DDS_ALL._T._Z.N.EUR_R_POP6","A","AT","W0",2,"_T","DDS_ALL","_T","_Z","N","EUR_R_POP6","2018",17775.61611852486,"A",false,null,null,"P1Y",{"$nulls":4},"S",null,null,3,null,"Euro per million inhabitants of Direct debits sent - from: Austria to: World, All","Euro per million inhabitants of Direct debits sent - from: Austria to: World, All","EUR_R_POP6",0]
["PDD.A.AT.W0.2._T.DDS_ALL._T._Z.N.EUR_R_POP6","A","AT","W0",2,"_T","DDS_ALL","_T","_Z","N","EUR_R_POP6","2019",20064.42491397204,"A",false,null,null,"P1Y",{"$nulls":4},"S",null,null,3,null,"Euro per million inhabitants of Direct debits sent - from: Austria to: World, All","Euro per million inhabitants of Direct debits sent - from: Austria to: World, All","EUR_R_POP6",0]
["PDD.A.AT.W0.2._T.DDS_ALL._T._Z.N.EUR_R_POP6","A","AT","W0",2,"_T","DDS_ALL","_T","_Z","N","EUR_R_POP6","2020",22337.28846918389,"A",false,null,null,"P1Y",{"$nulls":4},"S",null,null,3,null,"Euro per million inhabitants of Direct debits sent - from: Austria to: World, All","Euro per million inhabitants of Direct debits sent - from: Austria to: World, All","EUR_R_POP6",0]
["PDD.A.AT.W0.2._T.DDS_ALL._T._Z.N.EUR_R_POP6","A","AT","W0",2,"_T","DDS_ALL","_T","_Z","N","EUR_R_POP6","2021",28822.37519438039,"A",false,null,null,"P1Y",{"$nulls":4},"S",null,null,3,null,"Euro per million inhabitants of Direct debits sent - from: Austria to: World, All","Euro per million inhabitants of Direct debits sent - from: Austria to: World, All","EUR_R_POP6",0]
["PDD.A.AT.W0.2._T.DDS_ALL._T._Z.N.EUR_R_POP6","A","AT","W0",2,"_T","DDS_ALL","_T","_Z","N","EUR_R_POP6","2022",32959.99969200012,"A",false,null,null,"P1Y",{"$nulls":4},"S",null,null,3,null,"Euro per million inhabitants of Direct debits sent - from: Austria to: World, All","Euro per million inhabitants of Direct debits sent - from: Austria to: World, All","EUR_R_POP6",0]
["PDD.A.AT.W0.2._T.DDS_ALL._T._Z.N.EUR_R_TT","A","AT","W0",2,"_T","DDS_ALL","_T","_Z","N","EUR_R_TT","2000",7.890657020154321,"A",false,null,null,"P1Y",{"$nulls":4},"S",null,null,3,null,"Euro; ratio to total value payment transactions of Direct debits sent - from: Austria to: World, All","Euro; ratio to total value payment transactions of Direct debits sent - from: Austria to: World, All","EUR_R_TT",0]
["PDD.A.AT.W0.2._T.DDS_ALL._T._Z.N.EUR_R_TT","A","AT","W0",2,"_T","DDS_ALL","_T","_Z","N","EUR_R_TT","2001",7.423151766593334,"A",false,null,null,"P1Y",{"$nulls":4},"S",null,null,3,null,"Euro; ratio to total value payment transactions of Direct debits sent - from: Austria to: World, All","Euro; ratio to total value payment transactions of Direct debits sent - from: Austria to: World, All","EUR_R_TT",0]
["PDD.A.AT.W0.2._T.DDS_ALL._T._Z.N.EUR_R_TT","A","AT","W0",2,"_T","DDS_ALL","_T","_Z","N","EUR_R_TT","2002",6.601246829014537,"A",false,null,null,"P1Y",{"$nulls":4},"S",null,null,3,null,"Euro; ratio to total value payment transactions of Direct debits sent - from: Austria to: World, All","Euro; ratio to total value payment transactions of Direct debits sent - from: Austria to: World, All","EUR_R_TT",0]
["PDD.A.AT.W0.2._T.DDS_ALL._T._Z.N.EUR_R_TT","A","AT","W0",2,"_T","DDS_ALL","_T","_Z","N","EUR_R_TT","2003",3.643994814516732,"A",false,null,null,"P1Y",{"$nulls":4},"S",null,null,3,null,"Euro; ratio to total value payment transactions of Direct debits sent - from: Austria to: World, All","Euro; ratio to total value payment transactions of Direct debits sent - from: Austria to: World, All","EUR_R_TT",0]
["PDD.A.AT.W0.2._T.DDS_ALL._T._Z.N.EUR_R_TT","A","AT","W0",2,"_T","DDS_ALL","_T","_Z","N","EUR_R_TT","2004",7.220746532368697,"A",false,null,null,"P1Y",{"$nulls":4},"S",null,null,3,null,"Euro; ratio to total value payment transactions of Direct debits sent - from: Austria to: World, All","Euro; ratio to total value payment transactions of Direct debits sent - from: Austria to: World, All","EUR_R_TT",0]
["PDD.A.AT.W0.2._T.DDS_ALL._T._Z.N.EUR_R_TT","A","AT","W0",2,"_T","DDS_ALL","_T","_Z","N","EUR_R_TT","2005",8.262975251718174,"A",false,null,null,"P1Y",{"$nulls":4},"S",null,null,3,null,"Euro; ratio to total value payment transactions of Direct debits sent - from: Austria to: World, All","Euro; ratio to total value payment transactions of Direct debits sent - from: Austria to: World, All","EUR_R_TT",0]
["PDD.A.AT.W0.2._T.DDS_ALL._T._Z.N.EUR_R_TT","A","AT","W0",2,"_T","DDS_ALL","_T","_Z","N","EUR_R_TT","2006",10.01810358669026,"A",false,null,null,"P1Y",{"$nulls":4},"S",null,null,3,null,"Euro; ratio to total value payment transactions of Direct debits sent - from: Austria to: World, All","Euro; ratio to total value payment transactions of Direct debits sent - from: Austria to: World, All","EUR_R_TT",0]
["PDD.A.AT.W0.2._T.DDS_ALL._T._Z.N.EUR_R_TT","A","AT","W0",2,"_T","DDS_ALL","_T","_Z","N","EUR_R_TT","2007",10.05209658169932,"A",false,null,null,"P1Y",{"$nulls":4},"S",null,null,3,null,"Euro; ratio to total value payment transactions of Direct debits sent - from: Austria to: World, All","Euro; ratio to total value payment transactions of Direct debits sent - from: Austria to: World, All","EUR_R_TT",0]
["PDD.A.AT.W0.2._T.DDS_ALL._T._Z.N.EUR_R_TT","A","AT","W0",2,"_T","DDS_ALL","_T","_Z","N","EUR_R_TT","2008",11.199770865039,"A",false,null,null,"P1Y",{"$nulls":4},"S",null,null,3,null,"Euro; ratio to total value payment transactions of Direct debits sent - from: Austria to: World, All","Euro; ratio to total value payment transactions of Direct debits sent - from: Austria to: World, All","EUR_R_TT",0]
["PDD.A.AT.W0.2._T.DDS_ALL._T._Z.N.EUR_R_TT","A","AT","W0",2,"_T","DDS_ALL","_T","_Z","N","EUR_R_TT","2009",13.89475162203929,"A",false,null,null,"P1Y",{"$nulls":4},"S",null,null,3,null,"Euro; ratio to total value payment transactions of Direct debits sent - from: Austria to: World, All","Euro; ratio to total value payment transactions of Direct debits sent - from: Austria to: World, All","EUR_R_TT",0]
["PDD.A.AT.W0.2._T.DDS_ALL._T._Z.N.EUR_R_TT","A","AT","W0",2,"_T","DDS_ALL","_T","_Z","N","EUR_R_TT","2010",11.59160879215293,"A",false,null,null,"P1Y",{"$nulls":4},"S",null,null,3,null,"Euro; ratio to total value payment transactions of Direct debits sent - from: Austria to: World, All","Euro; ratio to total value payment transactions of Direct debits sent - from: Austria to: World, All","EUR_R_TT",0]
["PDD.A.AT.W0.2._T.DDS_ALL._T._Z.N.EUR_R_TT","A","AT","W0",2,"_T","DDS_ALL","_T","_Z","N","EUR_R_TT","2011",9.605527255338064,"A",false,null,null,"P1Y",{"$nulls":4},"S",null,null,3,null,"Euro; ratio to total value payment transactions of Direct debits sent - from: Austria to: World, All","Euro; ratio to total value payment transactions of Direct debits sent - from: Austria to: World, All","EUR_R_TT",0]
["PDD.A.AT.W0.2._T.DDS_ALL._T._Z.N.EUR_R_TT","A","AT","W0",2,"_T","DDS_ALL","_T","_Z","N","EUR_R_TT","2012",10.44613732391186,"A",false,null,null,"P1Y",{"$nulls":4},"S",null,null,3,null,"Euro; ratio to total value payment transactions of Direct debits sent - from: Austria to: World, All","Euro; ratio to total value payment transactions of Direct debits sent - from: Austria to: World, All","EUR_R_TT",0]
["PDD.A.AT.W0.2._T.DDS_ALL._T._Z.N.EUR_R_TT","A","AT","W0",2,"_T","DDS_ALL","_T","_Z","N","EUR_R_TT","2013",12.92853228935234,"A",false,null,null,"P1Y",{"$nulls":4},"S",null,null,3,null,"Euro; ratio to total value payment transactions of Direct debits sent - from: Austria to: World, All","Euro; ratio to total value payment transactions of Direct debits sent - from: Austria to: World, All","EUR_R_TT",0]
["PDD.A.AT.W0.2._T.DDS_ALL._T._Z.N.EUR_R_TT","A","AT","W0",2,"_T","DDS_ALL","_T","_Z","N","EUR_R_TT","2014",4.742006431476415,"A",false,null,null,"P1Y",{"$nulls":4},"S",null,null,3,null,"Euro; ratio to total value payment transactions of Direct debits sent - from: Austria to: World, All","Euro; ratio to total value payment transactions of Direct debits sent - from: Austria to: World, All","EUR_R_TT",0]
["PDD.A.AT.W0.2._T.DDS_ALL._T._Z.N.EUR_R_TT","A","AT","W0",2,"_T","DDS_ALL","_T","_Z","N","EUR_R_TT","2015",4.452177276268558,"A",false,null,null,"P1Y",{"$nulls":4},"S",null,null,3,null,"Euro; ratio to total value payment transactions of Direct debits sent - from: Austria to: World, All","Euro; ratio to total value payment transactions of Direct debits sent - from: Austria to: World, All","EUR_R_TT",0]
["PDD.A.AT.W0.2._T.DDS_ALL._T._Z.N.EUR_R_TT","A","AT","W0",2,"_T","DDS_ALL","_T","_Z","N","EUR_R_TT","2016",4.336971986004202,"A",false,null,null,"P1Y",{"$nulls":4},"S",null,null,3,null,"Euro; ratio to total value payment transactions of Direct debits sent - from: Austria to: World, All","Euro; ratio to total value payment transactions of Direct debits sent - from: Austria to: World, All","EUR_R_TT",0]
["PDD.A.AT.W0.2._T.DDS_ALL._T._Z.N.EUR_R_TT","A","AT","W0",2,"_T","DDS_ALL","_T","_Z","N","EUR_R_TT","2017",4.485738998981229,"A",false,null,null,"P1Y",{"$nulls":4},"S",null,null,3,null,"Euro; ratio to total value payment transactions of Direct debits sent - from: Austria to: World, All","Euro; ratio to total value payment transactions of Direct debits sent - from: Austria to: World, All","EUR_R_TT",0]
["PDD.A.AT.W0.2._T.DDS_ALL._T._Z.N.EUR_R_TT","A","AT","W0",2,"_T","DDS_ALL","_T","_Z","N","EUR_R_TT","2018",4.870154637470799,"A",false,null,null,"P1Y",{"$nulls":4},"S",null,null,3,null,"Euro; ratio to total value payment transactions of Direct debits sent - from: Austria to: World, All","Euro; ratio to total value payment transactions of Direct debits sent - from: Austria to: World, All","EUR_R_TT",0]
["PDD.A.AT.W0.2._T.DDS_ALL._T._Z.N.EUR_R_TT","A","AT","W0",2,"_T","DDS_ALL","_T","_Z","N","EUR_R_TT","2019",5.071423700473721,"A",false,null,null,"P1Y",{"$nulls":4},"S",null,null,3,null,"Euro; ratio to total value payment transactions of Direct debits sent - from: Austria to: World, All","Euro; ratio to total value payment transactions of Direct debits sent - from: Austria to: World, All","EUR_R_TT",0]
["PDD.A.AT.W0.2._T.DDS_ALL._T._Z.N.EUR_R_TT","A","AT","W0",2,"_T","DDS_ALL","_T","_Z","N","EUR_R_TT","2020",5.568992543090973,"A",false,null,null,"P1Y",{"$nulls":4},"S",null,null,3,null,"Euro; ratio to total value payment transactions of Direct debits sent - from: Austria to: World, All","Euro; ratio to total value payment transactions of Direct debits sent - from: Austria to: World, All","EUR_R_TT",0]
["PDD.A.AT.W0.2._T.DDS_ALL._T._Z.N.EUR_R_TT","A","AT","W0",2,"_T","DDS_ALL","_T","_Z","N","EUR_R_TT","2021",6.099768693490998,"A",false,null,null,"P1Y",{"$nulls":4},"S",null,null,3,null,"Euro; ratio to total value payment transactions of Direct debits sent - from: Austria to: World, All","Euro; ratio to total value payment transactions of Direct debits sent - from: Austria to: World, All","EUR_R_TT",0]
["PDD.A.AT.W0.2._T.DDS_ALL._T._Z.N.EUR_R_TT","A","AT","W0",2,"_T","DDS_ALL","_T","_Z","N","EUR_R_TT","2022",5.404877526648406,"A",false,null,null,"P1Y",{"$nulls":4},"S",null,null,3,null,"Euro; ratio to total value payment transactions of Direct debits sent - from: Austria to: World, All","Euro; ratio to total value payment transactions of Direct debits sent - from: Austria to: World, All","EUR_R_TT",0]
["PDD.A.AT.W0.2._T.DDS_ALL._T._Z.N.PN","A","AT","W0",2,"_T","DDS_ALL","_T","_Z","N","PN","2000",268.5,"A",false,null,null,"P1Y",{"$nulls":4},"S",null,null,3,null,"Number of Direct debits sent - from: Austria to: World, All","Number of Direct debits sent - from: Austria to: World, All","PN",6]
["PDD.A.AT.W0.2._T.DDS_ALL._T._Z.N.PN","A","AT","W0",2,"_T","DDS_ALL","_T","_Z","N","PN","2001",272.8,"A",false,null,null,"P1Y",{"$nulls":4},"S",null,null,3,null,"Number of Direct debits sent - from: Austria to: World, All","Number of Direct debits sent - from: Austria to: World, All","PN",6]
["PDD.A.AT.W0.2._T.DDS_ALL._T._Z.N.PN","A","AT","W0",2,"_T","DDS_ALL","_T","_Z","N","PN","2002",347.3,"A",false,null,null,"P1Y",{"$nulls":4},"S",null,null,3,null,"Number of Direct debits sent - from: Austria to: World, All","Number of Direct debits sent - from: Austria to: World, All","PN",6]
["PDD.A.AT.W0.2._T.DDS_ALL._T._Z.N.PN","A","AT","W0",2,"_T","DDS_ALL","_T","_Z","N","PN","2003",647.4,"A",false,null,null,"P1Y",{"$nulls":4},"S",null,null,3,null,"Number of Direct debits sent - from: Austria to: World, All","Number of Direct debits sent - from: Austria to: World, All","PN",6]
["PDD.A.AT.W0.2._T.DDS_ALL._T._Z.N.PN","A","AT","W0",2,"_T","DDS_ALL","_T","_Z","N","PN","2004",615.8,"A",false,null,null,"P1Y",{"$nulls":4},"S",null,null,3,null,"Number of Direct debits sent - from: Austria to: World, All","Number of Direct debits sent - from: Austria to: World, All","PN",6]
["PDD.A.AT.W0.2._T.DDS_ALL._T._Z.N.PN","A","AT","W0",2,"_T","DDS_ALL","_T","_Z","N","PN","2005",668,"A",false,null,null,"P1Y",{"$nulls":4},"S",null,null,3,null,"Number of Direct debits sent - from: Austria to: World, All","Number of Direct debits sent - from: Austria to: World, All","PN",6]
["PDD.A.AT.W0.2._T.DDS_ALL._T._Z.N.PN","A","AT","W0",2,"_T","DDS_ALL","_T","_Z","N","PN","2006",682,"A",false,null,null,"P1Y",{"$nulls":4},"S",null,null,3,null,"Number of Direct debits sent - from: Austria to: World, All","Number of Direct debits sent - from: Austria to: World, All","PN",6]
["PDD.A.AT.W0.2._T.DDS_ALL._T._Z.N.PN","A","AT","W0",2,"_T","DDS_ALL","_T","_Z","N","PN","2007",719,"A",false,null,null,"P1Y",{"$nulls":4},"S",null,null,3,null,"Number of Direct debits sent - from: Austria to: World, All","Number of Direct debits sent - from: Austria to: World, All","PN",6]
["PDD.A.AT.W0.2._T.DDS_ALL._T._Z.N.PN","A","AT","W0",2,"_T","DDS_ALL","_T","_Z","N","PN","2008",794,"A",false,null,null,"P1Y",{"$nulls":4},"S",null,null,3,null,"Number of Direct debits sent - from: Austria to: World, All","Number of Direct debits sent - from: Austria to: World, All","PN",6]
["PDD.A.AT.W0.2._T.DDS_ALL._T._Z.N.PN","A","AT","W0",2,"_T","DDS_ALL","_T","_Z","N","PN","2009",841,"A",false,null,null,"P1Y",{"$nulls":4},"S",null,null,3,null,"Number of Direct debits sent - from: Austria to: World, All","Number of Direct debits sent - from: Austria to: World, All","PN",6]
["PDD.A.AT.W0.2._T.DDS_ALL._T._Z.N.PN","A","AT","W0",2,"_T","DDS_ALL","_T","_Z","N","PN","2010",843,"A",false,null,null,"P1Y",{"$nulls":4},"S",null,null,3,null,"Number of Direct debits sent - from: Austria to: World, All","Number of Direct debits sent - from: Austria to: World, All","PN",6]
["PDD.A.AT.W0.2._T.DDS_ALL._T._Z.N.PN","A","AT","W0",2,"_T","DDS_ALL","_T","_Z","N","PN","2011",871,"A",false,null,null,"P1Y",{"$nulls":4},"S",null,null,3,null,"Number of Direct debits sent - from: Austria to: World, All","Number of Direct debits sent - from: Austria to: World, All","PN",6]
["PDD.A.AT.W0.2._T.DDS_ALL._T._Z.N.PN","A","AT","W0",2,"_T","DDS_ALL","_T","_Z","N","PN","2012",893,"A",false,null,null,"P1Y",{"$nulls":4},"S",null,null,3,null,"Number of Direct debits sent - from: Austria to: World, All","Number of Direct debits sent - from: Austria to: World, All","PN",6]
["PDD.A.AT.W0.2._T.DDS_ALL._T._Z.N.PN","A","AT","W0",2,"_T","DDS_ALL","_T","_Z","N","PN","2013",902,"A",false,null,null,"P1Y",{"$nulls":4},"S",null,null,3,null,"Number of Direct debits sent - from: Austria to: World, All","Number of Direct debits sent - from: Austria to: World, All","PN",6]
["PDD.A.AT.W0.2._T.DDS_ALL._T._Z.N.PN","A","AT","W0",2,"_T","DDS_ALL","_T","_Z","N","PN","2014",450.203,"A",false,null,null,"P1Y",{"$nulls":4},"S",null,null,3,null,"Number of Direct debits sent - from: Austria to: World, All","Number of Direct debits sent - from: Austria to: World, All","PN",6]
["PDD.A.AT.W0.2._T.DDS_ALL._T._Z.N.PN","A","AT","W0",2,"_T","DDS_ALL","_T","_Z","N","PN","2015",428.011,"A",false,null,null,"P1Y",{"$nulls":4},"S",null,null,3,null,"Number of Direct debits sent - from: Austria to: World, All","Number of Direct debits sent - from: Austria to: World, All","PN",6]
["PDD.A.AT.W0.2._T.DDS_ALL._T._Z.N.PN","A","AT","W0",2,"_T","DDS_ALL","_T","_Z","N","PN","2016",422.317,"A",false,null,null,"P1Y",{"$nulls":4},"S",null,null,3,null,"Number of Direct debits sent - from: Austria to: World, All","Number of Direct debits sent - from: Austria to: World, All","PN",6]
["PDD.A.AT.W0.2._T.DDS_ALL._T._Z.N.PN","A","AT","W0",2,"_T","DDS_ALL","_T","_Z","N","PN","2017",435.375,"A",false,null,null,"P1Y",{"$nulls":4},"S",null,null,3,null,"Number of Direct debits sent - from: Austria to: World, All","Number of Direct debits sent - from: Austria to: World, All","PN",6]
["PDD.A.AT.W0.2._T.DDS_ALL._T._Z.N.PN","A","AT","W0",2,"_T","DDS_ALL","_T","_Z","N","PN","2018",457.6,"A",false,null,null,"P1Y",{"$nulls":4},"S",null,null,3,null,"Number of Direct debits sent - from: Austria to: World, All","Number of Direct debits sent - from: Austria to: World, All","PN",6]
["PDD.A.AT.W0.2._T.DDS_ALL._T._Z.N.PN","A","AT","W0",2,"_T","DDS_ALL","_T","_Z","N","PN","2019",465.313,"A",false,null,null,"P1Y",{"$nulls":4},"S",null,null,3,null,"Number of Direct debits sent - from: Austria to: World, All","Number of Direct debits sent - from: Austria to: World, All","PN",6]
["PDD.A.AT.W0.2._T.DDS_ALL._T._Z.N.PN","A","AT","W0",2,"_T","DDS_ALL","_T","_Z","N","PN","2020",462.573,"A",false,null,null,"P1Y",{"$nulls":4},"S",null,null,3,null,"Number of Direct debits sent - from: Austria to: World, All","Number of Direct debits sent - from: Austria to: World, All","PN",6]
["PDD.A.AT.W0.2._T.DDS_ALL._T._Z.N.PN","A","AT","W0",2,"_T","DDS_ALL","_T","_Z","N","PN","2021",474.854,"A",false,null,null,"P1Y",{"$nulls":4},"S",null,null,3,null,"Number of Direct debits sent - from: Austria to: World, All","Number of Direct debits sent - from: Austria to: World, All","PN",6]
["PDD.A.AT.W0.2._T.DDS_ALL._T._Z.N.PN","A","AT","W0",2,"_T","DDS_ALL","_T","_Z","N","PN","2022",510.725235,"A",false,null,null,"P1Y",{"$nulls":4},"S",null,null,3,null,"Number of Direct debits sent - from: Austria to: World, All","Number of Direct debits sent - from: Austria to: World, All","PN",6]
["PDD.A.AT.W0.2._T.DDS_ALL._T._Z.N.PN_R_POP6","A","AT","W0",2,"_T","DDS_ALL","_T","_Z","N","PN_R_POP6","2000",33.51404706645367,"A",false,null,null,"P1Y",{"$nulls":4},"S",null,null,3,null,"Pure number per million inhabitants of Direct debits sent - from: Austria to: World, All","Pure number per million inhabitants of Direct debits sent - from: Austria to: World, All","PN_R_POP6",0]
["PDD.A.AT.W0.2._T.DDS_ALL._T._Z.N.PN_R_POP6","A","AT","W0",2,"_T","DDS_ALL","_T","_Z","N","PN_R_POP6","2001",33.92067411620044,"A",false,null,null,"P1Y",{"$nulls":4},"S",null,null,3,null,"Pure number per million inhabitants of Direct debits sent - from: Austria to: World, All","Pure number per million inhabitants of Direct debits sent - from: Austria to: World, All","PN_R_POP6",0]
["PDD.A.AT.W0.2._T.DDS_ALL._T._Z.N.PN_R_POP6","A","AT","W0",2,"_T","DDS_ALL","_T","_Z","N","PN_R_POP6","2002",42.97139327659163,"A",false,null,null,"P1Y",{"$nulls":4},"S",null,null,3,null,"Pure number per million inhabitants of Direct debits sent - from: Austria to: World, All","Pure number per million inhabitants of Direct debits sent - from: Austria to: World, All","PN_R_POP6",0]
["PDD.A.AT.W0.2._T.DDS_ALL._T._Z.N.PN_R_POP6","A","AT","W0",2,"_T","DDS_ALL","_T","_Z","N","PN_R_POP6","2003",79.7462998468265,"A",false,null,null,"P1Y",{"$nulls":4},"S",null,null,3,null,"Pure number per million inhabitants of Direct debits sent - from: Austria to: World, All","Pure number per million inhabitants of Direct debits sent - from: Austria to: World, All","PN_R_POP6",0]
["PDD.A.AT.W0.2._T.DDS_ALL._T._Z.N.PN_R_POP6","A","AT","W0",2,"_T","DDS_ALL","_T","_Z","N","PN_R_POP6","2004",75.37847448803413,"A",false,null,null,"P1Y",{"$nulls":4},"S",null,null,3,null,"Pure number per million inhabitants of Direct debits sent - from: Austria to: World, All","Pure number per million inhabitants of Direct debits sent - from: Austria to: World, All","PN_R_POP6",0]
["PDD.A.AT.W0.2._T.DDS_ALL._T._Z.N.PN_R_POP6","A","AT","W0",2,"_T","DDS_ALL","_T","_Z","N","PN_R_POP6","2005",81.21306051904871,"A",false,null,null,"P1Y",{"$nulls":4},"S",null,null,3,null,"Pure number per million inhabitants of Direct debits sent - from: Austria to: World, All","Pure number per million inhabitants of Direct debits sent - from: Austria to: World, All","PN_R_POP6",0]
["PDD.A.AT.W0.2._T.DDS_ALL._T._Z.N.PN_R_POP6","A","AT","W0",2,"_T","DDS_ALL","_T","_Z","N","PN_R_POP6","2006",82.48721448175532,"A",false,null,null,"P1Y",{"$nulls":4},"S",null,null,3,null,"Pure number per million inhabitants of Direct debits sent - from: Austria to: World, All","Pure number per million inhabitants of Direct debits sent - from: Austria to: World, All","PN_R_POP6",0]
["PDD.A.AT.W0.2._T.DDS_ALL._T._Z.N.PN_R_POP6","A","AT","W0",2,"_T","DDS_ALL","_T","_Z","N","PN_R_POP6","2007",86.67674720853255,"A",false,null,null,"P1Y",{"$nulls":4},"S",null,null,3,null,"Pure number per million inhabitants of Direct debits sent - from: Austria to: World, All","Pure number per million inhabitants of Direct debits sent - from: Austria to: World, All","PN_R_POP6",0]
["PDD.A.AT.W0.2._T.DDS_ALL._T._Z.N.PN_R_POP6","A","AT","W0",2,"_T","DDS_ALL","_T","_Z","N","PN_R_POP6","2008",95.41501988634076,"A",false,null,null,"P1Y",{"$nulls":4},"S",null,null,3,null,"Pure number per million inhabitants of Direct debits sent - from: Austria to: World, All","Pure number per million inhabitants of Direct debits sent - from: Austria to: World, All","PN_R_POP6",0]
["PDD.A.AT.W0.2._T.DDS_ALL._T._Z.N.PN_R_POP6","A","AT","W0",2,"_T","DDS_ALL","_T","_Z","N","PN_R_POP6","2009",100.8214007029685,"A",false,null,null,"P1Y",{"$nulls":4},"S",null,null,3,null,"Pure number per million inhabitants of Direct debits sent - from: Austria to: World, All","Pure number per million inhabitants of Direct debits sent - from: Austria to: World, All","PN_R_POP6",0]
["PDD.A.AT.W0.2._T.DDS_ALL._T._Z.N.PN_R_POP6","A","AT","W0",2,"_T","DDS_ALL","_T","_Z","N","PN_R_POP6","2010",100.8244280725347,"A",false,null,null,"P1Y",{"$nulls":4},"S",null,null,3,null,"Pure number per million inhabitants of Direct debits sent - from: Austria to: World, All","Pure number per million inhabitants of Direct debits sent - from: Austria to: World, All","PN_R_POP6",0]
["PDD.A.AT.W0.2._T.DDS_ALL._T._Z.N.PN_R_POP6","A","AT","W0",2,"_T","DDS_ALL","_T","_Z","N","PN_R_POP6","2011",103.8322071532404,"A",false,null,null,"P1Y",{"$nulls":4},"S",null,null,3,null,"Pure number per million inhabitants of Direct debits sent - from: Austria to: World, All","Pure number per million inhabitants of Direct debits sent - from: Austria to: World, All","PN_R_POP6",0]
["PDD.A.AT.W0.2._T.DDS_ALL._T._Z.N.PN_R_POP6","A","AT","W0",2,"_T","DDS_ALL","_T","_Z","N","PN_R_POP6","2012",105.9775742908136,"A",false,null,null,"P1Y",{"$nulls":4},"S",null,null,3,null,"Pure number per million inhabitants of Direct debits sent - from: Austria to: World, All","Pure number per million inhabitants of Direct debits sent - from: Austria to: World, All","PN_R_POP6",0]
["PDD.A.AT.W0.2._T.DDS_ALL._T._Z.N.PN_R_POP6","A","AT","W0",2,"_T","DDS_ALL","_T","_Z","N","PN_R_POP6","2013",106.4026810644515,"A",false,null,null,"P1Y",{"$nulls":4},"S",null,null,3,null,"Pure number per million inhabitants of Direct debits sent - from: Austria to: World, All","Pure number per million inhabitants of Direct debits sent - from: Austria to: World, All","PN_R_POP6",0]
["PDD.A.AT.W0.2._T.DDS_ALL._T._Z.N.PN_R_POP6","A","AT","W0",2,"_T","DDS_ALL","_T","_Z","N","PN_R_POP6","2014",52.69271806002202,"A",false,null,null,"P1Y",{"$nulls":4},"S",null,null,3,null,"Pure number per million inhabitants of Direct debits sent - from: Austria to: World, All","Pure number per million inhabitants of Direct debits sent - from: Austria to: World, All","PN_R_POP6",0]
["PDD.A.AT.W0.2._T.DDS_ALL._T._Z.N.PN_R_POP6","A","AT","W0",2,"_T","DDS_ALL","_T","_Z","N","PN_R_POP6","2015",49.59847704142027,"A",false,null,null,"P1Y",{"$nulls":4},"S",null,null,3,null,"Pure number per million inhabitants of Direct debits sent - from: Austria to: World, All","Pure number per million inhabitants of Direct debits sent - from: Austria to: World, All","PN_R_POP6",0]
["PDD.A.AT.W0.2._T.DDS_ALL._T._Z.N.PN_R_POP6","A","AT","W0",2,"_T","DDS_ALL","_T","_Z","N","PN_R_POP6","2016",48.32109545680992,"A",false,null,null,"P1Y",{"$nulls":4},"S",null,null,3,null,"Pure number per million inhabitants of Direct debits sent - from: Austria to: World, All","Pure number per million inhabitants of Direct debits sent - from: Austria to: World, All","PN_R_POP6",0]
["PDD.A.AT.W0.2._T.DDS_ALL._T._Z.N.PN_R_POP6","A","AT","W0",2,"_T","DDS_ALL","_T","_Z","N","PN_R_POP6","2017",49.50214739547926,"A",false,null,null,"P1Y",{"$nulls":4},"S",null,null,3,null,"Pure number per million inhabitants of Direct debits sent - from: Austria to: World, All","Pure number per million inhabitants of Direct debits sent - from: Austria to: World, All","PN_R_POP6",0]
["PDD.A.AT.W0.2._T.DDS_ALL._T._Z.N.PN_R_POP6","A","AT","W0",2,"_T","DDS_ALL","_T","_Z","N","PN_R_POP6","2018",51.77813656868236,"A",false,null,null,"P1Y",{"$nulls":4},"S",null,null,3,null,"Pure number per million inhabitants of Direct debits sent - from: Austria to: World, All","Pure number per million inhabitants of Direct debits sent - from: Austria to: World, All","PN_R_POP6",0]
["PDD.A.AT.W0.2._T.DDS_ALL._T._Z.N.PN_R_POP6","A","AT","W0",2,"_T","DDS_ALL","_T","_Z","N","PN_R_POP6","2019",52.41406018290678,"A",false,null,null,"P1Y",{"$nulls":4},"S",null,null,3,null,"Pure number per million inhabitants of Direct debits sent - from: Austria to: World, All","Pure number per million inhabitants of Direct debits sent - from: Austria to: World, All","PN_R_POP6",0]
["PDD.A.AT.W0.2._T.DDS_ALL._T._Z.N.PN_R_POP6","A","AT","W0",2,"_T","DDS_ALL","_T","_Z","N","PN_R_POP6","2020",51.87630826822716,"A",false,null,null,"P1Y",{"$nulls":4},"S",null,null,3,null,"Pure number per million inhabitants of Direct debits sent - from: Austria to: World, All","Pure number per million inhabitants of Direct debits sent - from: Austria to: World, All","PN_R_POP6",0]
["PDD.A.AT.W0.2._T.DDS_ALL._T._Z.N.PN_R_POP6","A","AT","W0",2,"_T","DDS_ALL","_T","_Z","N","PN_R_POP6","2021",53.04730369814288,"A",false,null,null,"P1Y",{"$nulls":4},"S",null,null,3,null,"Pure number per million inhabitants of Direct debits sent - from: Austria to: World, All","Pure number per million inhabitants of Direct debits sent - from: Austria to: World, All","PN_R_POP6",0]
["PDD.A.AT.W0.2._T.DDS_ALL._T._Z.N.PN_R_POP6","A","AT","W0",2,"_T","DDS_ALL","_T","_Z","N","PN_R_POP6","2022",56.1456664447063,"A",false,null,null,"P1Y",{"$nulls":4},"S",null,null,3,null,"Pure number per million inhabitants of Direct debits sent - from: Austria to: World, All","Pure number per million inhabitants of Direct debits sent - from: Austria to: World, All","PN_R_POP6",0]
["PDD.A.AT.W0.2._T.DDS_ALL._T._Z.N.PN_R_TT","A","AT","W0",2,"_T","DDS_ALL","_T","_Z","N","PN_R_TT","2000",30.2507942945988,"A",false,null,null,"P1Y",{"$nulls":4},"S",null,null,3,null,"Pure number; ratio to total number payment transactions of Direct debits sent - from: Austria to: World, All","Pure number; ratio to total number payment transactions of Direct debits sent - from: Austria to: World, All","PN_R_TT",0]
["PDD.A.AT.W0.2._T.DDS_ALL._T._Z.N.PN_R_TT","A","AT","W0",2,"_T","DDS_ALL","_T","_Z","N","PN_R_TT","2001",28.55826807922616,"A",false,null,null,"P1Y",{"$nulls":4},"S",null,null,3,null,"Pure number; ratio to total number payment transactions of Direct debits sent - from: Austria to: World, All","Pure number; ratio to total number payment transactions of Direct debits sent - from: Austria to: World, All","PN_R_TT",0]
["PDD.A.AT.W0.2._T.DDS_ALL._T._Z.N.PN_R_TT","A","AT","W0",2,"_T","DDS_ALL","_T","_Z","N","PN_R_TT","2002",34.2846424940029,"A",false,null,null,"P1Y",{"$nulls":4},"S",null,null,3,null,"Pure number; ratio to total number payment transactions of Direct debits sent - from: Austria to: World, All","Pure number; ratio to total number payment transactions of Direct debits sent - from: Austria to: World, All","PN_R_TT",0]
["PDD.A.AT.W0.2._T.DDS_ALL._T._Z.N.PN_R_TT","A","AT","W0",2,"_T","DDS_ALL","_T","_Z","N","PN_R_TT","2003",37.07266792647312,"A",false,null,null,"P1Y",{"$nulls":4},"S",null,null,3,null,"Pure number; ratio to total number payment transactions of Direct debits sent - from: Austria to: World, All","Pure number; ratio to total number payment transactions of Direct debits sent - from: Austria to: World, All","PN_R_TT",0]
["PDD.A.AT.W0.2._T.DDS_ALL._T._Z.N.PN_R_TT","A","AT","W0",2,"_T","DDS_ALL","_T","_Z","N","PN_R_TT","2004",34.7860275181316,"A",false,null,null,"P1Y",{"$nulls":4},"S",null,null,3,null,"Pure number; ratio to total number payment transactions of Direct debits sent - from: Austria to: World, All","Pure number; ratio to total number payment transactions of Direct debits sent - from: Austria to: World, All","PN_R_TT",0]
["PDD.A.AT.W0.2._T.DDS_ALL._T._Z.N.PN_R_TT","A","AT","W0",2,"_T","DDS_ALL","_T","_Z","N","PN_R_TT","2005",35.21743073026612,"A",false,null,null,"P1Y",{"$nulls":4},"S",null,null,3,null,"Pure number; ratio to total number payment transactions of Direct debits sent - from: Austria to: World, All","Pure number; ratio to total number payment transactions of Direct debits sent - from: Austria to: World, All","PN_R_TT",0]
["PDD.A.AT.W0.2._T.DDS_ALL._T._Z.N.PN_R_TT","A","AT","W0",2,"_T","DDS_ALL","_T","_Z","N","PN_R_TT","2006",35.71927997892458,"A",false,null,null,"P1Y",{"$nulls":4},"S",null,null,3,null,"Pure number; ratio to total number payment transactions of Direct debits sent - from: Austria to: World, All","Pure number; ratio to total number payment transactions of Direct debits sent - from: Austria to: World, All","PN_R_TT",0]
["PDD.A.AT.W0.2._T.DDS_ALL._T._Z.N.PN_R_TT","A","AT","W0",2,"_T","DDS_ALL","_T","_Z","N","PN_R_TT","2007",35.02620144986066,"A",false,null,null,"P1Y",{"$nulls":4},"S",null,null,3,null,"Pure number; ratio to total number payment transactions of Direct debits sent - from: Austria to: World, All","Pure number; ratio to total number payment transactions of Direct debits sent - from: Austria to: World, All","PN_R_TT",0]
["PDD.A.AT.W0.2._T.DDS_ALL._T._Z.N.PN_R_TT","A","AT","W0",2,"_T","DDS_ALL","_T","_Z","N","PN_R_TT","2008",37.26431144328809,"A",false,null,null,"P1Y",{"$nulls":4},"S",null,null,3,null,"Pure number; ratio to total number payment transactions of Direct debits sent - from: Austria to: World, All","Pure number; ratio to total number payment transactions of Direct debits sent - from: Austria to: World, All","PN_R_TT",0]
["PDD.A.AT.W0.2._T.DDS_ALL._T._Z.N.PN_R_TT","A","AT","W0",2,"_T","DDS_ALL","_T","_Z","N","PN_R_TT","2009",38.37018422250874,"A",false,null,null,"P1Y",{"$nulls":4},"S",null,null,3,null,"Pure number; ratio to total number payment transactions of Direct debits sent - from: Austria to: World, All","Pure number; ratio to total number payment transactions of Direct debits sent - from: Austria to: World, All","PN_R_TT",0]
["PDD.A.AT.W0.2._T.DDS_ALL._T._Z.N.PN_R_TT","A","AT","W0",2,"_T","DDS_ALL","_T","_Z","N","PN_R_TT","2010",37.81398390730147,"A",false,null,null,"P1Y",{"$nulls":4},"S",null,null,3,null,"Pure number; ratio to total number payment transactions of Direct debits sent - from: Austria to: World, All","Pure number; ratio to total number payment transactions of Direct debits sent - from: Austria to: World, All","PN_R_TT",0]
["PDD.A.AT.W0.2._T.DDS_ALL._T._Z.N.PN_R_TT","A","AT","W0",2,"_T","DDS_ALL","_T","_Z","N","PN_R_TT","2011",37.56862420333813,"A",false,null,null,"P1Y",{"$nulls":4},"S",null,null,3,null,"Pure number; ratio to total number payment transactions of Direct debits sent - from: Austria to: World, All","Pure number; ratio to total number payment transactions of Direct debits sent - from: Austria to: World, All","PN_R_TT",0]
["PDD.A.AT.W0.2._T.DDS_ALL._T._Z.N.PN_R_TT","A","AT","W0",2,"_T","DDS_ALL","_T","_Z","N","PN_R_TT","2012",37.58480782504756,"A",false,null,null,"P1Y",{"$nulls":4},"S",null,null,3,null,"Pure number; ratio to total number payment transactions of Direct debits sent - from: Austria to: World, All","Pure number; ratio to total number payment transactions of Direct debits sent - from: Austria to: World, All","PN_R_TT",0]
["PDD.A.AT.W0.2._T.DDS_ALL._T._Z.N.PN_R_TT","A","AT","W0",2,"_T","DDS_ALL","_T","_Z","N","PN_R_TT","2013",37.42353483956838,"A",false,null,null,"P1Y",{"$nulls":4},"S",null,null,3,null,"Pure number; ratio to total number payment transactions of Direct debits sent - from: Austria to: World, All","Pure number; ratio to total number payment transactions of Direct debits sent - from: Austria to: World, All","PN_R_TT",0]
["PDD.A.AT.W0.2._T.DDS_ALL._T._Z.N.PN_R_TT","A","AT","W0",2,"_T","DDS_ALL","_T","_Z","N","PN_R_TT","2014",28.99458625348906,"A",false,null,null,"P1Y",{"$nulls":4},"S",null,null,3,null,"Pure number; ratio to total number payment transactions of Direct debits sent - from: Austria to: World, All","Pure number; ratio to total number payment transactions of Direct debits sent - from: Austria to: World, All","PN_R_TT",0]
["PDD.A.AT.W0.2._T.DDS_ALL._T._Z.N.PN_R_TT","A","AT","W0",2,"_T","DDS_ALL","_T","_Z","N","PN_R_TT","2015",27.53351701405396,"A",false,null,null,"P1Y",{"$nulls":4},"S",null,null,3,null,"Pure number; ratio to total number payment transactions of Direct debits sent - from: Austria to: World, All","Pure number; ratio to total number payment transactions of Direct debits sent - from: Austria to: World, All","PN_R_TT",0]
["PDD.A.AT.W0.2._T.DDS_ALL._T._Z.N.PN_R_TT","A","AT","W0",2,"_T","DDS_ALL","_T","_Z","N","PN_R_TT","2016",25.48073877290716,"A",false,null,null,"P1Y",{"$nulls":4},"S",null,null,3,null,"Pure number; ratio to total number payment transactions of Direct debits sent - from: Austria to: World, All","Pure number; ratio to total number payment transactions of Direct debits sent - from: Austria to: World, All","PN_R_TT",0]
["PDD.A.AT.W0.2._T.DDS_ALL._T._Z.N.PN_R_TT","A","AT","W0",2,"_T","DDS_ALL","_T","_Z","N","PN_R_TT","2017",24.35267880865269,"A",false,null,null,"P1Y",{"$nulls":4},"S",null,null,3,null,"Pure number; ratio to total number payment transactions of Direct debits sent - from: Austria to: World, All","Pure number; ratio to total number payment transactions of Direct debits sent - from: Austria to: World, All","PN_R_TT",0]
["PDD.A.AT.W0.2._T.DDS_ALL._T._Z.N.PN_R_TT","A","AT","W0",2,"_T","DDS_ALL","_T","_Z","N","PN_R_TT","2018",23.44631045968808,"A",false,null,null,"P1Y",{"$nulls":4},"S",null,null,3,null,"Pure number; ratio to total number payment transactions of Direct debits sent - from: Austria to: World, All","Pure number; ratio to total number payment transactions of Direct debits sent - from: Austria to: World, All","PN_R_TT",0]
["PDD.A.AT.W0.2._T.DDS_ALL._T._Z.N.PN_R_TT","A","AT","W0",2,"_T","DDS_ALL","_T","_Z","N","PN_R_TT","2019",21.94217481289785,"A",false,null,null,"P1Y",{"$nulls":4},"S",null,null,3,null,"Pure number; ratio to total number payment transactions of Direct debits sent - from: Austria to: World, All","Pure number; ratio to total number payment transactions of Direct debits sent - from: Austria to: World, All","PN_R_TT",0]
["PDD.A.AT.W0.2._T.DDS_ALL._T._Z.N.PN_R_TT","A","AT","W0",2,"_T","DDS_ALL","_T","_Z","N","PN_R_TT","2020",20.64040758483319,"A",false,null,null,"P1Y",{"$nulls":4},"S",null,null,3,null,"Pure number; ratio to total number payment transactions of Direct debits sent - from: Austria to: World, All","Pure number; ratio to total number payment transactions of Direct debits sent - from: Austria to: World, All","PN_R_TT",0]
["PDD.A.AT.W0.2._T.DDS_ALL._T._Z.N.PN_R_TT","A","AT","W0",2,"_T","DDS_ALL","_T","_Z","N","PN_R_TT","2021",19.36159663632553,"A",false,null,null,"P1Y",{"$nulls":4},"S",null,null,3,null,"Pure number; ratio to total number payment transactions of Direct debits sent - from: Austria to: World, All","Pure number; ratio to total number payment transactions of Direct debits sent - from: Austria to: World, All","PN_R_TT",0]
["PDD.A.AT.W0.2._T.DDS_ALL._T._Z.N.PN_R_TT","A","AT","W0",2,"_T","DDS_ALL","_T","_Z","N","PN_R_TT","2022",18.44178142077704,"A",false,null,null,"P1Y",{"$nulls":4},"S",null,null,3,null,"Pure number; ratio to total number payment transactions of Direct debits sent - from: Austria to: World, All","Pure number; ratio to total number payment transactions of Direct debits sent - from: Austria to: World, All","PN_R_TT",0]
["PDD.A.AT.W1.1._T.DDS_ALL._T._Z.N.EUR","A","AT","W1",1,"_T","DDS_ALL","_T","_Z","N","EUR","2014",7644.767,"A",false,null,null,"P1Y",{"$nulls":4},"S",null,null,3,null,"Value of Direct debits received - from: Austria to: Rest of the World, All","Value of Direct debits received - from: Austria to: Rest of the World, All","EUR",6]
["PDD.A.AT.W1.1._T.DDS_ALL._T._Z.N.EUR","A","AT","W1",1,"_T","DDS_ALL","_T","_Z","N","EUR","2015",8372.101,"A",false,null,null,"P1Y",{"$nulls":4},"S",null,null,3,null,"Value of Direct debits received - from: Austria to: Rest of the World, All","Value of Direct debits received - from: Austria to: Rest of the World, All","EUR",6]
["PDD.A.AT.W1.1._T.DDS_ALL._T._Z.N.EUR","A","AT","W1",1,"_T","DDS_ALL","_T","_Z","N","EUR","2016",10154.009,"A",false,null,null,"P1Y",{"$nulls":4},"S",null,null,3,null,"Value of Direct debits received - from: Austria to: Rest of the World, All","Value of Direct debits received - from: Austria to: Rest of the World, All","EUR",6]
["PDD.A.AT.W1.1._T.DDS_ALL._T._Z.N.EUR","A","AT","W1",1,"_T","DDS_ALL","_T","_Z","N","EUR","2017",11577.38,"A",false,null,null,"P1Y",{"$nulls":4},"S",null,null,3,null,"Value of Direct debits received - from: Austria to: Rest of the World, All","Value of Direct debits received - from: Austria to: Rest of the World, All","EUR",6]
["PDD.A.AT.W1.1._T.DDS_ALL._T._Z.N.EUR","A","AT","W1",1,"_T","DDS_ALL","_T","_Z","N","EUR","2018",13278.759,"A",false,null,null,"P1Y",{"$nulls":4},"S",null,null,3,null,"Value of Direct debits received - from: Austria to: Rest of the World, All","Value of Direct debits received - from: Austria to: Rest of the World, All","EUR",6]
["PDD.A.AT.W1.1._T.DDS_ALL._T._Z.N.EUR","A","AT","W1",1,"_T","DDS_ALL","_T","_Z","N","EUR","2019",15909.828,"A",false,null,null,"P1Y",{"$nulls":4},"S",null,null,3,null,"Value of Direct debits received - from: Austria to: Rest of the World, All","Value of Direct debits received - from: Austria to: Rest of the World, All","EUR",6]
["PDD.A.AT.W1.1._T.DDS_ALL._T._Z.N.EUR","A","AT","W1",1,"_T","DDS_ALL","_T","_Z","N","EUR","2020",14267.842,"A",false,null,null,"P1Y",{"$nulls":4},"S",null,null,3,null,"Value of Direct debits received - from: Austria to: Rest of the World, All","Value of Direct debits received - from: Austria to: Rest of the World, All","EUR",6]
["PDD.A.AT.W1.1._T.DDS_ALL._T._Z.N.EUR","A","AT","W1",1,"_T","DDS_ALL","_T","_Z","N","EUR","2021",17787,"A",false,null,null,"P1Y",{"$nulls":4},"S",null,null,3,null,"Value of Direct debits received - from: Austria to: Rest of the World, All","Value of Direct debits received - from: Austria to: Rest of the World, All","EUR",6]
["PDD.A.AT.W1.1._T.DDS_ALL._T._Z.N.EUR","A","AT","W1",1,"_T","DDS_ALL","_T","_Z","N","EUR","2022",27570.34036171999,"A",false,null,null,"P1Y",{"$nulls":4},"S",null,null,3,null,"Value of Direct debits received - from: Austria to: Rest of the World, All","Value of Direct debits received - from: Austria to: Rest of the World, All","EUR",6]
["PDD.A.AT.W1.1._T.DDS_ALL._T._Z.N.PN","A","AT","W1",1,"_T","DDS_ALL","_T","_Z","N","PN","2014",17.665,"A",false,null,null,"P1Y",{"$nulls":4},"S",null,null,3,null,"Number of Direct debits received - from: Austria to: Rest of the World, All","Number of Direct debits received - from: Austria to: Rest of the World, All","PN",6]
["PDD.A.AT.W1.1._T.DDS_ALL._T._Z.N.PN","A","AT","W1",1,"_T","DDS_ALL","_T","_Z","N","PN","2015",31.403,"A",false,null,null,"P1Y",{"$nulls":4},"S",null,null,3,null,"Number of Direct debits received - from: Austria to: Rest of the World, All","Number of Direct debits received - from: Austria to: Rest of the World, All","PN",6]
["PDD.A.AT.W1.1._T.DDS_ALL._T._Z.N.PN","A","AT","W1",1,"_T","DDS_ALL","_T","_Z","N","PN","2016",42.872,"A",false,null,null,"P1Y",{"$nulls":4},"S",null,null,3,null,"Number of Direct debits received - from: Austria to: Rest of the World, All","Number of Direct debits received - from: Austria to: Rest of the World, All","PN",6]
["PDD.A.AT.W1.1._T.DDS_ALL._T._Z.N.PN","A","AT","W1",1,"_T","DDS_ALL","_T","_Z","N","PN","2017",59.395,"A",false,null,null,"P1Y",{"$nulls":4},"S",null,null,3,null,"Number of Direct debits received - from: Austria to: Rest of the World, All","Number of Direct debits received - from: Austria to: Rest of the World, All","PN",6]
["PDD.A.AT.W1.1._T.DDS_ALL._T._Z.N.PN","A","AT","W1",1,"_T","DDS_ALL","_T","_Z","N","PN","2018",76.194,"A",false,null,null,"P1Y",{"$nulls":4},"S",null,null,3,null,"Number of Direct debits received - from: Austria to: Rest of the World, All","Number of Direct debits received - from: Austria to: Rest of the World, All","PN",6]
["PDD.A.AT.W1.1._T.DDS_ALL._T._Z.N.PN","A","AT","W1",1,"_T","DDS_ALL","_T","_Z","N","PN","2019",94.461,"A",false,null,null,"P1Y",{"$nulls":4},"S",null,null,3,null,"Number of Direct debits received - from: Austria to: Rest of the World, All","Number of Direct debits received - from: Austria to: Rest of the World, All","PN",6]
["PDD.A.AT.W1.1._T.DDS_ALL._T._Z.N.PN","A","AT","W1",1,"_T","DDS_ALL","_T","_Z","N","PN","2020",112.654,"A",false,null,null,"P1Y",{"$nulls":4},"S",null,null,3,null,"Number of Direct debits received - from: Austria to: Rest of the World, All","Number of Direct debits received - from: Austria to: Rest of the World, All","PN",6]
["PDD.A.AT.W1.1._T.DDS_ALL._T._Z.N.PN","A","AT","W1",1,"_T","DDS_ALL","_T","_Z","N","PN","2021",141.852,"A",false,null,null,"P1Y",{"$nulls":4},"S",null,null,3,null,"Number of Direct debits received - from: Austria to: Rest of the World, All","Number of Direct debits received - from: Austria to: Rest of the World, All","PN",6]
["PDD.A.AT.W1.1._T.DDS_ALL._T._Z.N.PN","A","AT","W1",1,"_T","DDS_ALL","_T","_Z","N","PN","2022",180.686642,"A",false,null,null,"P1Y",{"$nulls":4},"S",null,null,3,null,"Number of Direct debits received - from: Austria to: Rest of the World, All","Number of Direct debits received - from: Austria to: Rest of the World, All","PN",6]
["PDD.A.AT.W1.2.2100.DDS_ALL._T._Z.N.EUR","A","AT","W1",2,"2100","DDS_ALL","_T","_Z","N","EUR","2022",6809.46006838,"A",false,null,null,"P1Y",{"$nulls":4},"S",null,null,3,null,"Value of Direct debits initiated in a file/batch, sent - from: Austria to: Rest of the World, All","Value of Direct debits initiated in a file/batch, sent - from: Austria to: Rest of the World, All","EUR",6]
["PDD.A.AT.W1.2.2100.DDS_ALL._T._Z.N.PN","A","AT","W1",2,"2100","DDS_ALL","_T","_Z","N","PN","2022",7.515447,"A",false,null,null,"P1Y",{"$nulls":4},"S",null,null,3,null,"Number of Direct debits initiated in a file/batch, sent - from: Austria to: Rest of the World, All","Number of Direct debits initiated in a file/batch, sent - from: Austria to: Rest of the World, All","PN",6]
["PDD.A.AT.W1.2.2200.DDS_ALL._T._Z.N.EUR","A","AT","W1",2,"2200","DDS_ALL","_T","_Z","N","EUR","2022",716.99986393,"A",false,null,null,"P1Y",{"$nulls":4},"S",null,null,3,null,"Value of Direct debits initiated on a single payment basis, sent - from: Austria to: Rest of the World, All","Value of Direct debits initiated on a single payment basis, sent - from: Austria to: Rest of the World, All","EUR",6]
["PDD.A.AT.W1.2.2200.DDS_ALL._T._Z.N.PN","A","AT","W1",2,"2200","DDS_ALL","_T","_Z","N","PN","2022",0.160511,"A",false,null,null,"P1Y",{"$nulls":4},"S",null,null,3,null,"Number of Direct debits initiated on a single payment basis, sent - from: Austria to: Rest of the World, All","Number of Direct debits initiated on a single payment basis, sent - from: Austria to: Rest of the World, All","PN",6]
["PDD.A.AT.W1.2._T.DDS_ALL._T._Z.N.EUR","A","AT","W1",2,"_T","DDS_ALL","_T","_Z","N","EUR","2014",2971.305,"A",false,null,null,"P1Y",{"$nulls":4},"S",null,null,3,null,"Value of Direct debits sent - from: Austria to: Rest of the World, All","Value of Direct debits sent - from: Austria to: Rest of the World, All","EUR",6]
["PDD.A.AT.W1.2._T.DDS_ALL._T._Z.N.EUR","A","AT","W1",2,"_T","DDS_ALL","_T","_Z","N","EUR","2015",4678.377,"A",false,null,null,"P1Y",{"$nulls":4},"S",null,null,3,null,"Value of Direct debits sent - from: Austria to: Rest of the World, All","Value of Direct debits sent - from: Austria to: Rest of the World, All","EUR",6]
["PDD.A.AT.W1.2._T.DDS_ALL._T._Z.N.EUR","A","AT","W1",2,"_T","DDS_ALL","_T","_Z","N","EUR","2016",2950.927,"A",false,null,null,"P1Y",{"$nulls":4},"S",null,null,3,null,"Value of Direct debits sent - from: Austria to: Rest of the World, All","Value of Direct debits sent - from: Austria to: Rest of the World, All","EUR",6]
["PDD.A.AT.W1.2._T.DDS_ALL._T._Z.N.EUR","A","AT","W1",2,"_T","DDS_ALL","_T","_Z","N","EUR","2017",3410.958,"A",false,null,null,"P1Y",{"$nulls":4},"S",null,null,3,null,"Value of Direct debits sent - from: Austria to: Rest of the World, All","Value of Direct debits sent - from: Austria to: Rest of the World, All","EUR",6]
["PDD.A.AT.W1.2._T.DDS_ALL._T._Z.N.EUR","A","AT","W1",2,"_T","DDS_ALL","_T","_Z","N","EUR","2018",3897.733,"A",false,null,null,"P1Y",{"$nulls":4},"S",null,null,3,null,"Value of Direct debits sent - from: Austria to: Rest of the World, All","Value of Direct debits sent - from: Austria to: Rest of the World, All","EUR",6]
["PDD.A.AT.W1.2._T.DDS_ALL._T._Z.N.EUR","A","AT","W1",2,"_T","DDS_ALL","_T","_Z","N","EUR","2019",7314.005,"A",false,null,null,"P1Y",{"$nulls":4},"S",null,null,3,null,"Value of Direct debits sent - from: Austria to: Rest of the World, All","Value of Direct debits sent - from: Austria to: Rest of the World, All","EUR",6]
["PDD.A.AT.W1.2._T.DDS_ALL._T._Z.N.EUR","A","AT","W1",2,"_T","DDS_ALL","_T","_Z","N","EUR","2020",4367.693,"A",false,null,null,"P1Y",{"$nulls":4},"S",null,null,3,null,"Value of Direct debits sent - from: Austria to: Rest of the World, All","Value of Direct debits sent - from: Austria to: Rest of the World, All","EUR",6]
["PDD.A.AT.W1.2._T.DDS_ALL._T._Z.N.EUR","A","AT","W1",2,"_T","DDS_ALL","_T","_Z","N","EUR","2021",6052.307,"A",false,null,null,"P1Y",{"$nulls":4},"S",null,null,3,null,"Value of Direct debits sent - from: Austria to: Rest of the World, All","Value of Direct debits sent - from: Austria to: Rest of the World, All","EUR",6]
["PDD.A.AT.W1.2._T.DDS_ALL._T._Z.N.EUR","A","AT","W1",2,"_T","DDS_ALL","_T","_Z","N","EUR","2022",7526.459932310001,"A",false,null,null,"P1Y",{"$nulls":4},"S",null,null,3,null,"Value of Direct debits sent - from: Austria to: Rest of the World, All","Value of Direct debits sent - from: Austria to: Rest of the World, All","EUR",6]
["PDD.A.AT.W1.2._T.DDS_ALL._T._Z.N.PN","A","AT","W1",2,"_T","DDS_ALL","_T","_Z","N","PN","2014",4.307,"A",false,null,null,"P1Y",{"$nulls":4},"S",null,null,3,null,"Number of Direct debits sent - from: Austria to: Rest of the World, All","Number of Direct debits sent - from: Austria to: Rest of the World, All","PN",6]
["PDD.A.AT.W1.2._T.DDS_ALL._T._Z.N.PN","A","AT","W1",2,"_T","DDS_ALL","_T","_Z","N","PN","2015",6.417,"A",false,null,null,"P1Y",{"$nulls":4},"S",null,null,3,null,"Number of Direct debits sent - from: Austria to: Rest of the World, All","Number of Direct debits sent - from: Austria to: Rest of the World, All","PN",6]
["PDD.A.AT.W1.2._T.DDS_ALL._T._Z.N.PN","A","AT","W1",2,"_T","DDS_ALL","_T","_Z","N","PN","2016",2.843,"A",false,null,null,"P1Y",{"$nulls":4},"S",null,null,3,null,"Number of Direct debits sent - from: Austria to: Rest of the World, All","Number of Direct debits sent - from: Austria to: Rest of the World, All","PN",6]
["PDD.A.AT.W1.2._T.DDS_ALL._T._Z.N.PN","A","AT","W1",2,"_T","DDS_ALL","_T","_Z","N","PN","2017",3.027,"A",false,null,null,"P1Y",{"$nulls":4},"S",null,null,3,null,"Number of Direct debits sent - from: Austria to: Rest of the World, All","Number of Direct debits sent - from: Austria to: Rest of the World, All","PN",6]
["PDD.A.AT.W1.2._T.DDS_ALL._T._Z.N.PN","A","AT","W1",2,"_T","DDS_ALL","_T","_Z","N","PN","2018",4.831,"A",false,null,null,"P1Y",{"$nulls":4},"S",null,null,3,null,"Number of Direct debits sent - from: Austria to: Rest of the World, All","Number of Direct debits sent - from: Austria to: Rest of the World, All","PN",6]
["PDD.A.AT.W1.2._T.DDS_ALL._T._Z.N.PN","A","AT","W1",2,"_T","DDS_ALL","_T","_Z","N","PN","2019",4.984,"A",false,null,null,"P1Y",{"$nulls":4},"S",null,null,3,null,"Number of Direct debits sent - from: Austria to: Rest of the World, All","Number of Direct debits sent - from: Austria to: Rest of the World, All","PN",6]
["PDD.A.AT.W1.2._T.DDS_ALL._T._Z.N.PN","A","AT","W1",2,"_T","DDS_ALL","_T","_Z","N","PN","2020",5.64,"A",false,null,null,"P1Y",{"$nulls":4},"S",null,null,3,null,"Number of Direct debits sent - from: Austria to: Rest of the World, All","Number of Direct debits sent - from: Austria to: Rest of the World, All","PN",6]
["PDD.A.AT.W1.2._T.DDS_ALL._T._Z.N.PN","A","AT","W1",2,"_T","DDS_ALL","_T","_Z","N","PN","2021",7.892,"A",false,null,null,"P1Y",{"$nulls":4},"S",null,null,3,null,"Number of Direct debits sent - from: Austria to: Rest of the World, All","Number of Direct debits sent - from: Austria to: Rest of the World, All","PN",6]
["PDD.A.B0.W0.1._T.DDS_ALL._T._Z.G1.EUR","A","B0","W0",1,"_T","DDS_ALL","_T","_Z","G1","EUR","2022",null,"M",false,null,null,"P1Y",{"$nulls":4},"S",null,null,3,null,"Value of Direct debits received - from: EU changing composition to: World, All","Value of Direct debits received - from: EU changing composition to: World, All","EUR",0]
["PDD.A.B0.W0.2.2200.DDS_ALL._T._Z.N.EUR","A","B0","W0",2,"2200","DDS_ALL","_T","_Z","N","EUR","2015",1158808.910604548,"A",false,null,null,"P1Y",{"$nulls":4},"S",null,null,3,null,"Value of Direct debits initiated on a single payment basis, sent - from: EU changing composition to: World, All","Value of Direct debits initiated on a single payment basis, sent - from: EU changing composition to: World, All","EUR",6]
["PDD.A.B0.W0.2._T.DDS_ALL._T._Z.G1.EUR","A","B0","W0",2,"_T","DDS_ALL","_T","_Z","G1","EUR","2001",10.54250802070378,"A",false,null,null,"P1Y",{"$nulls":4},"S",null,null,3,null,"Value of Direct debits sent - from: EU changing composition to: World, All","Value of Direct debits sent - from: EU changing composition to: World, All","EUR",0]
["PDD.A.B0.W0.2._T.DDS_ALL._T._Z.N.EUR","A","B0","W0",2,"_T","DDS_ALL","_T","_Z","N","EUR","2006",8015910.075912215,"A",false,null,null,"P1Y",{"$nulls":4},"S",null,null,3,null,"Value of Direct debits sent - from: EU changing composition to: World, All","Value of Direct debits sent - from: EU changing composition to: World, All","EUR",6]
["PDD.A.B0.W0.2._T.DDS_ALL._T._Z.N.EUR_R_B1GQ","A","B0","W0",2,"_T","DDS_ALL","_T","_Z","N","EUR_R_B1GQ","2013",135.4609744555533,"A",false,null,null,"P1Y",{"$nulls":4},"S",null,null,3,null,"Euro; ratio to GDP of Direct debits sent - from: EU changing composition to: World, All","Euro; ratio to GDP of Direct debits sent - from: EU changing composition to: World, All","EUR_R_B1GQ",0]
["PDD.A.B0.W0.2._T.DDS_ALL._T._Z.N.EUR_R_PNT","A","B0","W0",2,"_T","DDS_ALL","_T","_Z","N","EUR_R_PNT","2011",828.3885243249895,"A",false,null,null,"P1Y",{"$nulls":4},"S",null,null,3,null,"Euro; ratio to number of transactions of Direct debits sent - from: EU changing composition to: World, All","Euro; ratio to number of transactions of Direct debits sent - from: EU changing composition to: World, All","EUR_R_PNT",0]
["PDD.A.B0.W0.2._T.DDS_ALL._T._Z.N.EUR_R_TT","A","B0","W0",2,"_T","DDS_ALL","_T","_Z","N","EUR_R_TT","2007",4.768201706060174,"A",false,null,null,"P1Y",{"$nulls":4},"S",null,null,3,null,"Euro; ratio to total value payment transactions of Direct debits sent - from: EU changing composition to: World, All","Euro; ratio to total value payment transactions of Direct debits sent - from: EU changing composition to: World, All","EUR_R_TT",0]
["PDD.A.B0.W0.2._T.DDS_ALL._T._Z.N.PN_R_POP6","A","B0","W0",2,"_T","DDS_ALL","_T","_Z","N","PN_R_POP6","2000",31.6201127635635,"A",false,null,null,"P1Y",{"$nulls":4},"S",null,null,3,null,"Pure number per million inhabitants of Direct debits sent - from: EU changing composition to: World, All","Pure number per million inhabitants of Direct debits sent - from: EU changing composition to: World, All","PN_R_POP6",0]
["PDD.A.B0.W0.2._T.DDS_ALL._T._Z.N.PN_R_TT","A","B0","W0",2,"_T","DDS_ALL","_T","_Z","N","PN_R_TT","2002",23.35920553155409,"A",false,null,null,"P1Y",{"$nulls":4},"S",null,null,3,null,"Pure number; ratio to total number payment transactions of Direct debits sent - from: EU changing composition to: World, All","Pure number; ratio to total number payment transactions of Direct debits sent - from: EU changing composition to: World, All","PN_R_TT",0]
["PDD.A.BE.BG.2._T.DDS_ALL._T._Z.N.EUR","A","BE","BG",2,"_T","DDS_ALL","_T","_Z","N","EUR","2020",1.272,"A",false,null,null,"P1Y",{"$nulls":4},"S",null,null,3,null,"Value of Direct debits sent - from: Belgium to: Bulgaria, All","Value of Direct debits sent - from: Belgium to: Bulgaria, All","EUR",6]
["PDD.A.BE.CY.2._T.DDS_ALL._T._Z.N.EUR","A","BE","CY",2,"_T","DDS_ALL","_T","_Z","N","EUR","2019",0.412,"A",false,null,null,"P1Y",{"$nulls":4},"S",null,null,3,null,"Value of Direct debits sent - from: Belgium to: Cyprus, All","Value of Direct debits sent - from: Belgium to: Cyprus, All","EUR",6]
["PDD.A.BE.DE.2._T.DDS_ALL._T._Z.N.PN","A","BE","DE",2,"_T","DDS_ALL","_T","_Z","N","PN","2020",1.735,"A",false,null,null,"P1Y",{"$nulls":4},"S",null,null,3,null,"Number of Direct debits sent - from: Belgium to: Germany, All","Number of Direct debits sent - from: Belgium to: Germany, All","PN",6]
["PDD.A.BE.DK.2._T.DDS_ALL._T._Z.N.PN","A","BE","DK",2,"_T","DDS_ALL","_T","_Z","N","PN","2017",0,"A",false,null,null,"P1Y",{"$nulls":4},"S",null,null,3,null,"Number of Direct debits sent - from: Belgium to: Denmark, All","Number of Direct debits sent - from: Belgium to: Denmark, All","PN",6]
["PDD.A.BE.ES.2._T.DDS_ALL._T._Z.N.PN","A","BE","ES",2,"_T","DDS_ALL","_T","_Z","N","PN","2018",1.123,"A",false,null,null,"P1Y",{"$nulls":4},"S",null,null,3,null,"Number of Direct debits sent - from: Belgium to: Spain, All","Number of Direct debits sent - from: Belgium to: Spain, All","PN",6]
["PDD.A.BE.FR.2.2100.DDS_ALL._T._Z.N.PN","A","BE","FR",2,"2100","DDS_ALL","_T","_Z","N","PN","2022",null,"Q",false,null,null,"P1Y",{"$nulls":4},"S",null,null,3,null,"Number of Direct debits initiated in a file/batch, sent - from: Belgium to: France, All","Number of Direct debits initiated in a file/batch, sent - from: Belgium to: France, All","PN",6]
["PDD.A.BE.G1.1._T.DDS_ALL._T._Z.N.EUR","A","BE","G1",1,"_T","DDS_ALL","_T","_Z","N","EUR","2022",239.527485,"A",false,null,null,"P1Y",{"$nulls":4},"S",null,null,3,null,"Value of Direct debits received - from: Belgium to: Extra EEA, All","Value of Direct debits received - from: Belgium to: Extra EEA, All","EUR",6]
["PDD.A.BE.G3.1._T.DDS_ALL._T._Z.N.PN","A","BE","G3",1,"_T","DDS_ALL","_T","_Z","N","PN","2022",59.030727,"A",false,null,null,"P1Y",{"$nulls":4},"S",null,null,3,null,"Number of Direct debits received - from: Belgium to: Other EEA countries, All","Number of Direct debits received - from: Belgium to: Other EEA countries, All","PN",6]
["PDD.A.BE.HR.2._T.DDS_ALL._T._Z.N.EUR","A","BE","HR",2,"_T","DDS_ALL","_T","_Z","N","EUR","2019",0,"A",false,null,null,"P1Y",{"$nulls":4},"S",null,null,3,null,"Value of Direct debits sent - from: Belgium to: Croatia, All","Value of Direct debits sent - from: Belgium to: Croatia, All","EUR",6]
["PDD.A.BE.HU.2._T.DDS_ALL._T._Z.N.PN","A","BE","HU",2,"_T","DDS_ALL","_T","_Z","N","PN","2021",0,"A",false,null,null,"P1Y",{"$nulls":4},"S",null,null,3,null,"Number of Direct debits sent - from: Belgium to: Hungary, All","Number of Direct debits sent - from: Belgium to: Hungary, All","PN",6]
["PDD.A.BE.LI.2.2100.DDS_ALL._T._Z.N.PN","A","BE","LI",2,"2100","DDS_ALL","_T","_Z","N","PN","2022",0.000195,"A",false,null,null,"P1Y",{"$nulls":4},"S",null,null,3,null,"Number of Direct debits initiated in a file/batch, sent - from: Belgium to: Liechtenstein, All","Number of Direct debits initiated in a file/batch, sent - from: Belgium to: Liechtenstein, All","PN",6]
["PDD.A.BE.LU.2.2100.DDS_ALL._T._Z.N.PN","A","BE","LU",2,"2100","DDS_ALL","_T","_Z","N","PN","2022",0.9835200000000001,"A",false,null,null,"P1Y",{"$nulls":4},"S",null,null,3,null,"Number of Direct debits initiated in a file/batch, sent - from: Belgium to: Luxembourg, All","Number of Direct debits initiated in a file/batch, sent - from: Belgium to: Luxembourg, All","PN",6]
["PDD.A.BE.LU.2._T.DDS_ALL._T._Z.N.PN","A","BE","LU",2,"_T","DDS_ALL","_T","_Z","N","PN","2015",0.402,"A",false,null,null,"P1Y",{"$nulls":4},"S",null,null,3,null,"Number of Direct debits sent - from: Belgium to: Luxembourg, All","Number of Direct debits sent - from: Belgium to: Luxembourg, All","PN",6]
["PDD.A.BE.NL.1._T.DDS_ALL._T._Z.N.PN","A","BE","NL",1,"_T","DDS_ALL","_T","_Z","N","PN","2022",8.993725,"A",false,null,null,"P1Y",{"$nulls":4},"S",null,null,3,null,"Number of Direct debits received - from: Belgium to: Netherlands, All","Number of Direct debits received - from: Belgium to: Netherlands, All","PN",6]
["PDD.A.BE.NL.2._T.DDS_ALL._T._Z.N.PN","A","BE","NL",2,"_T","DDS_ALL","_T","_Z","N","PN","2021",4.375,"A",false,null,null,"P1Y",{"$nulls":4},"S",null,null,3,null,"Number of Direct debits sent - from: Belgium to: Netherlands, All","Number of Direct debits sent - from: Belgium to: Netherlands, All","PN",6]
["PDD.A.BE.PL.2._T.DDS_ALL._T._Z.N.PN","A","BE","PL",2,"_T","DDS_ALL","_T","_Z","N","PN","2018",0.001,"A",false,null,null,"P1Y",{"$nulls":4},"S",null,null,3,null,"Number of Direct debits sent - from: Belgium to: Poland, All","Number of Direct debits sent - from: Belgium to: Poland, All","PN",6]
["PDD.A.BE.RO.2._T.DDS_ALL._T._Z.N.PN","A","BE","RO",2,"_T","DDS_ALL","_T","_Z","N","PN","2022",0.000482,"A",false,null,null,"P1Y",{"$nulls":4},"S",null,null,3,null,"Number of Direct debits sent - from: Belgium to: Romania, All","Number of Direct debits sent - from: Belgium to: Romania, All","PN",6]
["PDD.A.BE.SE.2._T.DDS_ALL._T._Z.N.PN","A","BE","SE",2,"_T","DDS_ALL","_T","_Z","N","PN","2019",0.002,"A",false,null,null,"P1Y",{"$nulls":4},"S",null,null,3,null,"Number of Direct debits sent - from: Belgium to: Sweden, All","Number of Direct debits sent - from: Belgium to: Sweden, All","PN",6]
["PDD.A.BE.W0.1._T.DDS_ALL._T._Z.G1.PN","A","BE","W0",1,"_T","DDS_ALL","_T","_Z","G1","PN","2022",null,"M",false,null,null,"P1Y",{"$nulls":4},"S",null,null,3,null,"Number of Direct debits received - from: Belgium to: World, All","Number of Direct debits received - from: Belgium to: World, All","PN",0]
["PDD.A.BE.W0.2.2100.DDS_ALL._T._Z.N.PN","A","BE","W0",2,"2100","DDS_ALL","_T","_Z","N","PN","2022",530.7268750000001,"A",false,null,null,"P1Y",{"$nulls":4},"S",null,null,3,null,"Number of Direct debits initiated in a file/batch, sent - from: Belgium to: World, All","Number of Direct debits initiated in a file/batch, sent - from: Belgium to: World, All","PN",6]
["PDD.A.BE.W0.2._T.DDS_ALL._T._Z.G1.EUR","A","BE","W0",2,"_T","DDS_ALL","_T","_Z","G1","EUR","2004",-3.189043125979085,"A",false,null,null,"P1Y",{"$nulls":4},"S",null,null,3,null,"Value of Direct debits sent - from: Belgium to: World, All","Value of Direct debits sent - from: Belgium to: World, All","EUR",0]
["PDD.A.BE.W0.2._T.DDS_ALL._T._Z.N.EUR","A","BE","W0",2,"_T","DDS_ALL","_T","_Z","N","EUR","2016",104616.977,"A",false,null,null,"P1Y",{"$nulls":4},"S",null,null,3,null,"Value of Direct debits sent - from: Belgium to: World, All","Value of Direct debits sent - from: Belgium to: World, All","EUR",6]
["PDD.A.BE.W0.2._T.DDS_ALL._T._Z.N.EUR_R_PNT","A","BE","W0",2,"_T","DDS_ALL","_T","_Z","N","EUR_R_PNT","2006",233.0970084731109,"A",false,null,null,"P1Y",{"$nulls":4},"S",null,null,3,null,"Euro; ratio to number of transactions of Direct debits sent - from: Belgium to: World, All","Euro; ratio to number of transactions of Direct debits sent - from: Belgium to: World, All","EUR_R_PNT",0]
["PDD.A.BE.W0.2._T.DDS_ALL._T._Z.N.EUR_R_PNT","A","BE","W0",2,"_T","DDS_ALL","_T","_Z","N","EUR_R_PNT","2015",245.407604619769,"A",false,null,null,"P1Y",{"$nulls":4},"S",null,null,3,null,"Euro; ratio to number of transactions of Direct debits sent - from: Belgium to: World, All","Euro; ratio to number of transactions of Direct debits sent - from: Belgium to: World, All","EUR_R_PNT",0]
["PDD.A.BE.W0.2._T.DDS_ALL._T._Z.N.PN","A","BE","W0",2,"_T","DDS_ALL","_T","_Z","N","PN","2003",192.35,"A",false,null,null,"P1Y",{"$nulls":4},"S",null,null,3,null,"Number of Direct debits sent - from: Belgium to: World, All","Number of Direct debits sent - from: Belgium to: World, All","PN",6]
["PDD.A.BE.W0.2._T.DDS_ALL._T._Z.N.PN_R_POP6","A","BE","W0",2,"_T","DDS_ALL","_T","_Z","N","PN_R_POP6","2007",22.5841332580463,"A",false,null,null,"P1Y",{"$nulls":4},"S",null,null,3,null,"Pure number per million inhabitants of Direct debits sent - from: Belgium to: World, All","Pure number per million inhabitants of Direct debits sent - from: Belgium to: World, All","PN_R_POP6",0]
["PDD.A.BE.W1.1._T.DDS_ALL._T._Z.N.PN","A","BE","W1",1,"_T","DDS_ALL","_T","_Z","N","PN","2020",48.319,"A",false,null,null,"P1Y",{"$nulls":4},"S",null,null,3,null,"Number of Direct debits received - from: Belgium to: Rest of the World, All","Number of Direct debits received - from: Belgium to: Rest of the World, All","PN",6]
["PDD.A.BE.W1.2._T.DDS_ALL._T._Z.N.PN","A","BE","W1",2,"_T","DDS_ALL","_T","_Z","N","PN","2019",222.168,"A",false,null,null,"P1Y",{"$nulls":4},"S",null,null,3,null,"Number of Direct debits sent - from: Belgium to: Rest of the World, All","Number of Direct debits sent - from: Belgium to: Rest of the World, All","PN",6]
["PDD.A.BG.AT.2._T.DDS_ALL._T._Z.N.EUR","A","BG","AT",2,"_T","DDS_ALL","_T","_Z","N","EUR","2015",0,"A",false,null,null,"P1Y",{"$nulls":4},"S",null,null,3,null,"Value of Direct debits sent - from: Bulgaria to: Austria, All","Value of Direct debits sent - from: Bulgaria to: Austria, All","EUR",6]
["PDD.A.BG.CY.2._T.DDS_ALL._T._Z.N.EUR","A","BG","CY",2,"_T","DDS_ALL","_T","_Z","N","EUR","2019",null,"Q",false,null,null,"P1Y",{"$nulls":4},"S",null,null,3,null,"Value of Direct debits sent - from: Bulgaria to: Cyprus, All","Value of Direct debits sent - from: Bulgaria to: Cyprus, All","EUR",6]
["PDD.A.BG.CZ.2._T.DDS_ALL._T._Z.N.EUR","A","BG","CZ",2,"_T","DDS_ALL","_T","_Z","N","EUR","2016",0,"A",false,null,null,"P1Y",{"$nulls":4},"S",null,null,3,null,"Value of Direct debits sent - from: Bulgaria to: Czech Republic, All","Value of Direct debits sent - from: Bulgaria to: Czech Republic, All","EUR",6]
["PDD.A.BG.DE.2._T.DDS_ALL._T._Z.N.EUR","A","BG","DE",2,"_T","DDS_ALL","_T","_Z","N","EUR","2017",0,"A",false,null,null,"P1Y",{"$nulls":4},"S",null,null,3,null,"Value of Direct debits sent - from: Bulgaria to: Germany, All","Value of Direct debits sent - from: Bulgaria to: Germany, All","EUR",6]
["PDD.A.BG.EE.2._T.DDS_ALL._T._Z.N.EUR","A","BG","EE",2,"_T","DDS_ALL","_T","_Z","N","EUR","2015",0,"A",false,null,null,"P1Y",{"$nulls":4},"S",null,null,3,null,"Value of Direct debits sent - from: Bulgaria to: Estonia, All","Value of Direct debits sent - from: Bulgaria to: Estonia, All","EUR",6]
["PDD.A.BG.ES.2._T.DDS_ALL._T._Z.N.PN","A","BG","ES",2,"_T","DDS_ALL","_T","_Z","N","PN","2018",null,"Q",false,null,null,"P1Y",{"$nulls":4},"S",null,null,3,null,"Number of Direct debits sent - from: Bulgaria to: Spain, All","Number of Direct debits sent - from: Bulgaria to: Spain, All","PN",6]
["PDD.A.BG.FR.2._T.DDS_ALL._T._Z.N.XDF","A","BG","FR",2,"_T","DDS_ALL","_T","_Z","N","XDF","2019",null,"Q",false,null,null,"P1Y",{"$nulls":4},"S",null,null,3,null,"Value of Direct debits sent - from: Bulgaria to: France, All","Value of Direct debits sent - from: Bulgaria to: France, All","XDF",0]
["PDD.A.BG.GR.2._T.DDS_ALL._T._Z.N.EUR","A","BG","GR",2,"_T","DDS_ALL","_T","_Z","N","EUR","2015",0,"A",false,null,null,"P1Y",{"$nulls":4},"S",null,null,3,null,"Value of Direct debits sent - from: Bulgaria to: Greece, All","Value of Direct debits sent - from: Bulgaria to: Greece, All","EUR",6]
["PDD.A.BG.GR.2._T.DDS_ALL._T._Z.N.PN","A","BG","GR",2,"_T","DDS_ALL","_T","_Z","N","PN","2016",0,"A",false,null,null,"P1Y",{"$nulls":4},"S",null,null,3,null,"Number of Direct debits sent - from: Bulgaria to: Greece, All","Number of Direct debits sent - from: Bulgaria to: Greece, All","PN",6]
["PDD.A.BG.HU.2._T.DDS_ALL._T._Z.N.XDF","A","BG","HU",2,"_T","DDS_ALL","_T","_Z","N","XDF","2017",0,"A",false,null,null,"P1Y",{"$nulls":4},"S",null,null,3,null,"Value of Direct debits sent - from: Bulgaria to: Hungary, All","Value of Direct debits sent - from: Bulgaria to: Hungary, All","XDF",0]
["PDD.A.BG.IE.2._T.DDS_ALL._T._Z.N.XDF","A","BG","IE",2,"_T","DDS_ALL","_T","_Z","N","XDF","2014",0,"A",false,null,null,"P1Y",{"$nulls":4},"S",null,null,3,null,"Value of Direct debits sent - from: Bulgaria to: Ireland, All","Value of Direct debits sent - from: Bulgaria to: Ireland, All","XDF",0]
["PDD.A.BG.LT.2._T.DDS_ALL._T._Z.N.EUR","A","BG","LT",2,"_T","DDS_ALL","_T","_Z","N","EUR","2015",0,"A",false,null,null,"P1Y",{"$nulls":4},"S",null,null,3,null,"Value of Direct debits sent - from: Bulgaria to: Lithuania, All","Value of Direct debits sent - from: Bulgaria to: Lithuania, All","EUR",6]
["PDD.A.BG.LV.2._T.DDS_ALL._T._Z.N.EUR","A","BG","LV",2,"_T","DDS_ALL","_T","_Z","N","EUR","2015",0,"A",false,null,null,"P1Y",{"$nulls":4},"S",null,null,3,null,"Value of Direct debits sent - from: Bulgaria to: Latvia, All","Value of Direct debits sent - from: Bulgaria to: Latvia, All","EUR",6]
["PDD.A.BG.MT.2._T.DDS_ALL._T._Z.N.EUR","A","BG","MT",2,"_T","DDS_ALL","_T","_Z","N","EUR","2016",0,"A",false,null,null,"P1Y",{"$nulls":4},"S",null,null,3,null,"Value of Direct debits sent - from: Bulgaria to: Malta, All","Value of Direct debits sent - from: Bulgaria to: Malta, All","EUR",6]
["PDD.A.BG.PL.2._T.DDS_ALL._T._Z.N.PN","A","BG","PL",2,"_T","DDS_ALL","_T","_Z","N","PN","2015",0,"A",false,null,null,"P1Y",{"$nulls":4},"S",null,null,3,null,"Number of Direct debits sent - from: Bulgaria to: Poland, All","Number of Direct debits sent - from: Bulgaria to: Poland, All","PN",6]
["PDD.A.BG.PT.2._T.DDS_ALL._T._Z.N.EUR","A","BG","PT",2,"_T","DDS_ALL","_T","_Z","N","EUR","2021",null,"Q",false,null,null,"P1Y",{"$nulls":4},"S",null,null,3,null,"Value of Direct debits sent - from: Bulgaria to: Portugal, All","Value of Direct debits sent - from: Bulgaria to: Portugal, All","EUR",6]
["PDD.A.BG.RO.2._T.DDS_ALL._T._Z.N.PN","A","BG","RO",2,"_T","DDS_ALL","_T","_Z","N","PN","2014",0,"A",false,null,null,"P1Y",{"$nulls":4},"S",null,null,3,null,"Number of Direct debits sent - from: Bulgaria to: Romania, All","Number of Direct debits sent - from: Bulgaria to: Romania, All","PN",6]
["PDD.A.BG.SI.2._T.DDS_ALL._T._Z.N.XDF","A","BG","SI",2,"_T","DDS_ALL","_T","_Z","N","XDF","2015",0,"A",false,null,null,"P1Y",{"$nulls":4},"S",null,null,3,null,"Value of Direct debits sent - from: Bulgaria to: Slovenia, All","Value of Direct debits sent - from: Bulgaria to: Slovenia, All","XDF",0]
["PDD.A.BG.SK.2._T.DDS_ALL._T._Z.N.PN","A","BG","SK",2,"_T","DDS_ALL","_T","_Z","N","PN","2015",0,"A",false,null,null,"P1Y",{"$nulls":4},"S",null,null,3,null,"Number of Direct debits sent - from: Bulgaria to: Slovakia, All","Number of Direct debits sent - from: Bulgaria to: Slovakia, All","PN",6]
["PDD.A.BG.W0.2.2100.DDS_ALL._T._Z.N.EUR","A","BG","W0",2,"2100","DDS_ALL","_T","_Z","N","EUR","2019",null,"Q",false,null,null,"P1Y",{"$nulls":4},"S",null,null,3,null,"Value of Direct debits initiated in a file/batch, sent - from: Bulgaria to: World, All","Value of Direct debits initiated in a file/batch, sent - from: Bulgaria to: World, All","EUR",6]
["PDD.A.BG.W0.2._T.DDS_ALL._T._Z.G1.PN","A","BG","W0",2,"_T","DDS_ALL","_T","_Z","G1","PN","2010",2388.461538461539,"A",false,null,null,"P1Y",{"$nulls":4},"S",null,null,3,null,"Number of Direct debits sent - from: Bulgaria to: World, All","Number of Direct debits sent - from: Bulgaria to: World, All","PN",0]
["PDD.A.BG.W0.2._T.DDS_ALL._T._Z.N.EUR","A","BG","W0",2,"_T","DDS_ALL","_T","_Z","N","EUR","2006",390.2475108756313,"A",false,null,null,"P1Y",{"$nulls":4},"S",null,null,3,null,"Value of Direct debits sent - from: Bulgaria to: World, All","Value of Direct debits sent - from: Bulgaria to: World, All","EUR",6]
["PDD.A.BG.W0.2._T.DDS_ALL._T._Z.N.EUR_R_B1GQ","A","BG","W0",2,"_T","DDS_ALL","_T","_Z","N","EUR_R_B1GQ","2022",0,"A",false,null,null,"P1Y",{"$nulls":4},"S",null,null,3,null,"Euro; ratio to GDP of Direct debits sent - from: Bulgaria to: World, All","Euro; ratio to GDP of Direct debits sent - from: Bulgaria to: World, All","EUR_R_B1GQ",0]
["PDD.A.BG.W0.2._T.DDS_ALL._T._Z.N.EUR_R_PNT","A","BG","W0",2,"_T","DDS_ALL","_T","_Z","N","EUR_R_PNT","2020",null,"Q",false,null,null,"P1Y",{"$nulls":4},"S",null,null,3,null,"Euro; ratio to number of transactions of Direct debits sent - from: Bulgaria to: World, All","Euro; ratio to number of transactions of Direct debits sent - from: Bulgaria to: World, All","EUR_R_PNT",0]
["PDD.A.BG.W0.2._T.DDS_ALL._T._Z.N.EUR_R_POP6","A","BG","W0",2,"_T","DDS_ALL","_T","_Z","N","EUR_R_POP6","2022",0,"A",false,null,null,"P1Y",{"$nulls":4},"S",null,null,3,null,"Euro per million inhabitants of Direct debits sent - from: Bulgaria to: World, All","Euro per million inhabitants of Direct debits sent - from: Bulgaria to: World, All","EUR_R_POP6",0]
["PDD.A.BG.W0.2._T.DDS_ALL._T._Z.N.PN_R_POP6","A","BG","W0",2,"_T","DDS_ALL","_T","_Z","N","PN_R_POP6","2013",0.7702562175547119,"A",false,null,null,"P1Y",{"$nulls":4},"S",null,null,3,null,"Pure number per million inhabitants of Direct debits sent - from: Bulgaria to: World, All","Pure number per million inhabitants of Direct debits sent - from: Bulgaria to: World, All","PN_R_POP6",0]
["PDD.A.BG.W0.2._T.DDS_ALL._T._Z.N.PN_R_TT","A","BG","W0",2,"_T","DDS_ALL","_T","_Z","N","PN_R_TT","2012",3.064966509375608,"A",false,null,null,"P1Y",{"$nulls":4},"S",null,null,3,null,"Pure number; ratio to total number payment transactions of Direct debits sent - from: Bulgaria to: World, All","Pure number; ratio to total number payment transactions of Direct debits sent - from: Bulgaria to: World, All","PN_R_TT",0]
["PDD.A.BG.W0.2._T.DDS_ALL._T._Z.N.XDF","A","BG","W0",2,"_T","DDS_ALL","_T","_Z","N","XDF","2011",1327.346,"A",false,null,null,"P1Y",{"$nulls":4},"S",null,null,3,null,"Value of Direct debits sent - from: Bulgaria to: World, All","Value of Direct debits sent - from: Bulgaria to: World, All","XDF",6]
["PDD.A.BG.W1.2._T.DDS_ALL._T._Z.N.XDF","A","BG","W1",2,"_T","DDS_ALL","_T","_Z","N","XDF","2016",0,"A",false,null,null,"P1Y",{"$nulls":4},"S",null,null,3,null,"Value of Direct debits sent - from: Bulgaria to: Rest of the World, All","Value of Direct debits sent - from: Bulgaria to: Rest of the World, All","XDF",6]
["PDD.A.CY.AT.1._T.DDS_ALL._T._Z.N.PN","A","CY","AT",1,"_T","DDS_ALL","_T","_Z","N","PN","2022",0.000701,"A",false,null,null,"P1Y",{"$nulls":4},"S",null,null,3,null,"Number of Direct debits received - from: Cyprus to: Austria, All","Number of Direct debits received - from: Cyprus to: Austria, All","PN",6]
["PDD.A.CY.BG.2._T.DDS_ALL._T._Z.N.EUR","A","CY","BG",2,"_T","DDS_ALL","_T","_Z","N","EUR","2018",0,"A",false,null,null,"P1Y",{"$nulls":4},"S",null,null,3,null,"Value of Direct debits sent - from: Cyprus to: Bulgaria, All","Value of Direct debits sent - from: Cyprus to: Bulgaria, All","EUR",6]
["PDD.A.CY.BG.2._T.DDS_ALL._T._Z.N.PN","A","CY","BG",2,"_T","DDS_ALL","_T","_Z","N","PN","2014",0,"A",false,null,null,"P1Y",{"$nulls":4},"S",null,null,3,null,"Number of Direct debits sent - from: Cyprus to: Bulgaria, All","Number of Direct debits sent - from: Cyprus to: Bulgaria, All","PN",6]
["PDD.A.CY.DE.2._T.DDS_ALL._T._Z.N.EUR","A","CY","DE",2,"_T","DDS_ALL","_T","_Z","N","EUR","2015",1.8,"A",false,null,null,"P1Y",{"$nulls":4},"S",null,null,3,null,"Value of Direct debits sent - from: Cyprus to: Germany, All","Value of Direct debits sent - from: Cyprus to: Germany, All","EUR",6]
["PDD.A.CY.EE.2._T.DDS_ALL._T._Z.N.PN","A","CY","EE",2,"_T","DDS_ALL","_T","_Z","N","PN","2015",0,"A",false,null,null,"P1Y",{"$nulls":4},"S",null,null,3,null,"Number of Direct debits sent - from: Cyprus to: Estonia, All","Number of Direct debits sent - from: Cyprus to: Estonia, All","PN",6]
["PDD.A.CY.ES.2._T.DDS_ALL._T._Z.N.PN","A","CY","ES",2,"_T","DDS_ALL","_T","_Z","N","PN","2016",0,"A",false,null,null,"P1Y",{"$nulls":4},"S",null,null,3,null,"Number of Direct debits sent - from: Cyprus to: Spain, All","Number of Direct debits sent - from: Cyprus to: Spain, All","PN",6]
["PDD.A.CY.FR.2.2100.DDS_ALL._T._Z.N.EUR","A","CY","FR",2,"2100","DDS_ALL","_T","_Z","N","EUR","2022",null,"Q",false,null,null,"P1Y",{"$nulls":4},"S",null,null,3,null,"Value of Direct debits initiated in a file/batch, sent - from: Cyprus to: France, All","Value of Direct debits initiated in a file/batch, sent - from: Cyprus to: France, All","EUR",6]
["PDD.A.CY.G1.2._T.DDS_ALL._T._Z.N.PN","A","CY","G1",2,"_T","DDS_ALL","_T","_Z","N","PN","2021",0,"A",false,null,null,"P1Y",{"$nulls":4},"S",null,null,3,null,"Number of Direct debits sent - from: Cyprus to: Extra EEA, All","Number of Direct debits sent - from: Cyprus to: Extra EEA, All","PN",6]
["PDD.A.CY.GR.2._T.DDS_ALL._T._Z.N.PN","A","CY","GR",2,"_T","DDS_ALL","_T","_Z","N","PN","2014",0,"A",false,null,null,"P1Y",{"$nulls":4},"S",null,null,3,null,"Number of Direct debits sent - from: Cyprus to: Greece, All","Number of Direct debits sent - from: Cyprus to: Greece, All","PN",6]
["PDD.A.CY.IE.2.2100.DDS_ALL._T._Z.N.EUR","A","CY","IE",2,"2100","DDS_ALL","_T","_Z","N","EUR","2022",null,"Q",false,null,null,"P1Y",{"$nulls":4},"S",null,null,3,null,"Value of Direct debits initiated in a file/batch, sent - from: Cyprus to: Ireland, All","Value of Direct debits initiated in a file/batch, sent - from: Cyprus to: Ireland, All","EUR",6]
["PDD.A.CY.IS.1._T.DDS_ALL._T._Z.N.EUR","A","CY","IS",1,"_T","DDS_ALL","_T","_Z","N","EUR","2022",0,"A",false,null,null,"P1Y",{"$nulls":4},"S",null,null,3,null,"Value of Direct debits received - from: Cyprus to: Iceland, All","Value of Direct debits received - from: Cyprus to: Iceland, All","EUR",6]
["PDD.A.CY.IT.2._T.DDS_ALL._T._Z.N.EUR","A","CY","IT",2,"_T","DDS_ALL","_T","_Z","N","EUR","2021",0,"A",false,null,null,"P1Y",{"$nulls":4},"S",null,null,3,null,"Value of Direct debits sent - from: Cyprus to: Italy, All","Value of Direct debits sent - from: Cyprus to: Italy, All","EUR",6]
["PDD.A.CY.LU.2._T.DDS_ALL._T._Z.N.EUR","A","CY","LU",2,"_T","DDS_ALL","_T","_Z","N","EUR","2022",null,"Q",false,null,null,"P1Y",{"$nulls":4},"S",null,null,3,null,"Value of Direct debits sent - from: Cyprus to: Luxembourg, All","Value of Direct debits sent - from: Cyprus to: Luxembourg, All","EUR",6]
["PDD.A.CY.LV.2._T.DDS_ALL._T._Z.N.EUR","A","CY","LV",2,"_T","DDS_ALL","_T","_Z","N","EUR","2018",0,"A",false,null,null,"P1Y",{"$nulls":4},"S",null,null,3,null,"Value of Direct debits sent - from: Cyprus to: Latvia, All","Value of Direct debits sent - from: Cyprus to: Latvia, All","EUR",6]
["PDD.A.CY.MT.2._T.DDS_ALL._T._Z.N.EUR","A","CY","MT",2,"_T","DDS_ALL","_T","_Z","N","EUR","2019",0,"A",false,null,null,"P1Y",{"$nulls":4},"S",null,null,3,null,"Value of Direct debits sent - from: Cyprus to: Malta, All","Value of Direct debits sent - from: Cyprus to: Malta, All","EUR",6]
["PDD.A.CY.PL.2._T.DDS_ALL._T._Z.N.EUR","A","CY","PL",2,"_T","DDS_ALL","_T","_Z","N","EUR","2020",0,"A",false,null,null,"P1Y",{"$nulls":4},"S",null,null,3,null,"Value of Direct debits sent - from: Cyprus to: Poland, All","Value of Direct debits sent - from: Cyprus to: Poland, All","EUR",6]
["PDD.A.CY.RO.2._T.DDS_ALL._T._Z.N.EUR","A","CY","RO",2,"_T","DDS_ALL","_T","_Z","N","EUR","2018",0,"A",false,null,null,"P1Y",{"$nulls":4},"S",null,null,3,null,"Value of Direct debits sent - from: Cyprus to: Romania, All","Value of Direct debits sent - from: Cyprus to: Romania, All","EUR",6]
["PDD.A.CY.SE.2._T.DDS_ALL._T._Z.N.PN","A","CY","SE",2,"_T","DDS_ALL","_T","_Z","N","PN","2020",0,"A",false,null,null,"P1Y",{"$nulls":4},"S",null,null,3,null,"Number of Direct debits sent - from: Cyprus to: Sweden, All","Number of Direct debits sent - from: Cyprus to: Sweden, All","PN",6]
["PDD.A.CY.SI.2._T.DDS_ALL._T._Z.N.PN","A","CY","SI",2,"_T","DDS_ALL","_T","_Z","N","PN","2021",0,"A",false,null,null,"P1Y",{"$nulls":4},"S",null,null,3,null,"Number of Direct debits sent - from: Cyprus to: Slovenia, All","Number of Direct debits sent - from: Cyprus to: Slovenia, All","PN",6]
["PDD.A.CY.SK.2._T.DDS_ALL._T._Z.N.PN","A","CY","SK",2,"_T","DDS_ALL","_T","_Z","N","PN","2018",0,"A",false,null,null,"P1Y",{"$nulls":4},"S",null,null,3,null,"Number of Direct debits sent - from: Cyprus to: Slovakia, All","Number of Direct debits sent - from: Cyprus to: Slovakia, All","PN",6]
["PDD.A.CY.W0.2._T.DDS_ALL._T._Z.G1.EUR","A","CY","W0",2,"_T","DDS_ALL","_T","_Z","G1","EUR","2008",-11.37866751709656,"A",false,null,null,"P1Y",{"$nulls":4},"S",null,null,3,null,"Value of Direct debits sent - from: Cyprus to: World, All","Value of Direct debits sent - from: Cyprus to: World, All","EUR",0]
["PDD.A.CY.W0.2._T.DDS_ALL._T._Z.G1.PN","A","CY","W0",2,"_T","DDS_ALL","_T","_Z","G1","PN","2004",31.27819548872179,"A",false,null,null,"P1Y",{"$nulls":4},"S",null,null,3,null,"Number of Direct debits sent - from: Cyprus to: World, All","Number of Direct debits sent - from: Cyprus to: World, All","PN",0]
["PDD.A.CY.W0.2._T.DDS_ALL._T._Z.N.EUR","A","CY","W0",2,"_T","DDS_ALL","_T","_Z","N","EUR","2002",1016.372610789607,"A",false,null,null,"P1Y",{"$nulls":4},"S",null,null,3,null,"Value of Direct debits sent - from: Cyprus to: World, All","Value of Direct debits sent - from: Cyprus to: World, All","EUR",6]
["PDD.A.CY.W0.2._T.DDS_ALL._T._Z.N.EUR_R_PNT","A","CY","W0",2,"_T","DDS_ALL","_T","_Z","N","EUR_R_PNT","2010",331.8310964801216,"A",false,null,null,"P1Y",{"$nulls":4},"S",null,null,3,null,"Euro; ratio to number of transactions of Direct debits sent - from: Cyprus to: World, All","Euro; ratio to number of transactions of Direct debits sent - from: Cyprus to: World, All","EUR_R_PNT",0]
["PDD.A.CY.W0.2._T.DDS_ALL._T._Z.N.EUR_R_POP6","A","CY","W0",2,"_T","DDS_ALL","_T","_Z","N","EUR_R_POP6","2014",917.4385105524432,"A",false,null,null,"P1Y",{"$nulls":4},"S",null,null,3,null,"Euro per million inhabitants of Direct debits sent - from: Cyprus to: World, All","Euro per million inhabitants of Direct debits sent - from: Cyprus to: World, All","EUR_R_POP6",0]
["PDD.A.CY.W0.2._T.DDS_ALL._T._Z.N.PN_R_POP6","A","CY","W0",2,"_T","DDS_ALL","_T","_Z","N","PN_R_POP6","2002",8.370795225546427,"A",false,null,null,"P1Y",{"$nulls":4},"S",null,null,3,null,"Pure number per million inhabitants of Direct debits sent - from: Cyprus to: World, All","Pure number per million inhabitants of Direct debits sent - from: Cyprus to: World, All","PN_R_POP6",0]
["PDD.A.CY.W0.2._T.DDS_ALL._T._Z.N.PN_R_TT","A","CY","W0",2,"_T","DDS_ALL","_T","_Z","N","PN_R_TT","2004",15.0803247538435,"A",false,null,null,"P1Y",{"$nulls":4},"S",null,null,3,null,"Pure number; ratio to total number payment transactions of Direct debits sent - from: Cyprus to: World, All","Pure number; ratio to total number payment transactions of Direct debits sent - from: Cyprus to: World, All","PN_R_TT",0]
["PDD.A.CY.W1.2._T.DDS_ALL._T._Z.N.EUR","A","CY","W1",2,"_T","DDS_ALL","_T","_Z","N","EUR","2019",7.699999999999999,"A",false,null,null,"P1Y",{"$nulls":4},"S",null,null,3,null,"Value of Direct debits sent - from: Cyprus to: Rest of the World, All","Value of Direct debits sent - from: Cyprus to: Rest of the World, All","EUR",6]
["PDD.A.CY.W2.2._T.DDS_ALL._T._Z.N.PN","A","CY","W2",2,"_T","DDS_ALL","_T","_Z","N","PN","2017",9.34,"A",false,null,null,"P1Y",{"$nulls":4},"S",null,null,3,null,"Number of Direct debits sent - from: Cyprus to: Domestic (home or reference area), All","Number of Direct debits sent - from: Cyprus to: Domestic (home or reference area), All","PN",6]
["PDD.A.CZ.AT.2._T.DDS_ALL._T._Z.N.PN","A","CZ","AT",2,"_T","DDS_ALL","_T","_Z","N","PN","2021",0.001,"A",false,null,null,"P1Y",{"$nulls":4},"S",null,null,3,null,"Number of Direct debits sent - from: Czech Republic to: Austria, All","Number of Direct debits sent - from: Czech Republic to: Austria, All","PN",6]
["PDD.A.CZ.BE.2._T.DDS_ALL._T._Z.N.XDF","A","CZ","BE",2,"_T","DDS_ALL","_T","_Z","N","XDF","2021",null,"Q",false,null,null,"P1Y",{"$nulls":4},"S",null,null,3,null,"Value of Direct debits sent - from: Czech Republic to: Belgium, All","Value of Direct debits sent - from: Czech Republic to: Belgium, All","XDF",0]
["PDD.A.CZ.CY.2._T.DDS_ALL._T._Z.N.PN","A","CZ","CY",2,"_T","DDS_ALL","_T","_Z","N","PN","2015",0,"A",false,null,null,"P1Y",{"$nulls":4},"S",null,null,3,null,"Number of Direct debits sent - from: Czech Republic to: Cyprus, All","Number of Direct debits sent - from: Czech Republic to: Cyprus, All","PN",6]
["PDD.A.CZ.DE.2.2200.DDS_ALL._T._Z.N.XDF","A","CZ","DE",2,"2200","DDS_ALL","_T","_Z","N","XDF","2022",null,"Q",false,null,null,"P1Y",{"$nulls":4},"S",null,null,3,null,"Value of Direct debits initiated on a single payment basis, sent - from: Czech Republic to: Germany, All","Value of Direct debits initiated on a single payment basis, sent - from: Czech Republic to: Germany, All","XDF",0]
["PDD.A.CZ.EE.2.2200.DDS_ALL._T._Z.N.PN","A","CZ","EE",2,"2200","DDS_ALL","_T","_Z","N","PN","2022",null,"Q",false,null,null,"P1Y",{"$nulls":4},"S",null,null,3,null,"Number of Direct debits initiated on a single payment basis, sent - from: Czech Republic to: Estonia, All","Number of Direct debits initiated on a single payment basis, sent - from: Czech Republic to: Estonia, All","PN",6]
["PDD.A.CZ.ES.2._T.DDS_ALL._T._Z.N.EUR","A","CZ","ES",2,"_T","DDS_ALL","_T","_Z","N","EUR","2017",null,"Q",false,null,null,"P1Y",{"$nulls":4},"S",null,null,3,null,"Value of Direct debits sent - from: Czech Republic to: Spain, All","Value of Direct debits sent - from: Czech Republic to: Spain, All","EUR",6]
["PDD.A.CZ.ES.2._T.DDS_ALL._T._Z.N.PN","A","CZ","ES",2,"_T","DDS_ALL","_T","_Z","N","PN","2022",0.00023,"A",false,null,null,"P1Y",{"$nulls":4},"S",null,null,3,null,"Number of Direct debits sent - from: Czech Republic to: Spain, All","Number of Direct debits sent - from: Czech Republic to: Spain, All","PN",6]
["PDD.A.CZ.FR.2._T.DDS_ALL._T._Z.N.PN","A","CZ","FR",2,"_T","DDS_ALL","_T","_Z","N","PN","2021",0,"A",false,null,null,"P1Y",{"$nulls":4},"S",null,null,3,null,"Number of Direct debits sent - from: Czech Republic to: France, All","Number of Direct debits sent - from: Czech Republic to: France, All","PN",6]
["PDD.A.CZ.G1.2._T.DDS_ALL._T._Z.N.EUR","A","CZ","G1",2,"_T","DDS_ALL","_T","_Z","N","EUR","2020",null,"Q",false,null,null,"P1Y",{"$nulls":4},"S",null,null,3,null,"Value of Direct debits sent - from: Czech Republic to: Extra EEA, All","Value of Direct debits sent - from: Czech Republic to: Extra EEA, All","EUR",6]
["PDD.A.CZ.G3.1._T.DDS_ALL._T._Z.N.XDF","A","CZ","G3",1,"_T","DDS_ALL","_T","_Z","N","XDF","2022",42930.18328200001,"A",false,null,null,"P1Y",{"$nulls":4},"S",null,null,3,null,"Value of Direct debits received - from: Czech Republic to: Other EEA countries, All","Value of Direct debits received - from: Czech Republic to: Other EEA countries, All","XDF",0]
["PDD.A.CZ.HR.2._T.DDS_ALL._T._Z.N.XDF","A","CZ","HR",2,"_T","DDS_ALL","_T","_Z","N","XDF","2016",0,"A",false,null,null,"P1Y",{"$nulls":4},"S",null,null,3,null,"Value of Direct debits sent - from: Czech Republic to: Croatia, All","Value of Direct debits sent - from: Czech Republic to: Croatia, All","XDF",0]
["PDD.A.CZ.HU.2.2200.DDS_ALL._T._Z.N.PN","A","CZ","HU",2,"2200","DDS_ALL","_T","_Z","N","PN","2022",null,"Q",false,null,null,"P1Y",{"$nulls":4},"S",null,null,3,null,"Number of Direct debits initiated on a single payment basis, sent - from: Czech Republic to: Hungary, All","Number of Direct debits initiated on a single payment basis, sent - from: Czech Republic to: Hungary, All","PN",6]
["PDD.A.CZ.IT.2.2200.DDS_ALL._T._Z.N.PN","A","CZ","IT",2,"2200","DDS_ALL","_T","_Z","N","PN","2022",null,"Q",false,null,null,"P1Y",{"$nulls":4},"S",null,null,3,null,"Number of Direct debits initiated on a single payment basis, sent - from: Czech Republic to: Italy, All","Number of Direct debits initiated on a single payment basis, sent - from: Czech Republic to: Italy, All","PN",6]
["PDD.A.CZ.LI.1._T.DDS_ALL._T._Z.N.PN","A","CZ","LI",1,"_T","DDS_ALL","_T","_Z","N","PN","2022",0,"A",false,null,null,"P1Y",{"$nulls":4},"S",null,null,3,null,"Number of Direct debits received - from: Czech Republic to: Liechtenstein, All","Number of Direct debits received - from: Czech Republic to: Liechtenstein, All","PN",6]
["PDD.A.CZ.LT.2._T.DDS_ALL._T._Z.N.PN","A","CZ","LT",2,"_T","DDS_ALL","_T","_Z","N","PN","2015",0,"A",false,null,null,"P1Y",{"$nulls":4},"S",null,null,3,null,"Number of Direct debits sent - from: Czech Republic to: Lithuania, All","Number of Direct debits sent - from: Czech Republic to: Lithuania, All","PN",6]
["PDD.A.CZ.LU.2._T.DDS_ALL._T._Z.N.XDF","A","CZ","LU",2,"_T","DDS_ALL","_T","_Z","N","XDF","2021",null,"Q",false,null,null,"P1Y",{"$nulls":4},"S",null,null,3,null,"Value of Direct debits sent - from: Czech Republic to: Luxembourg, All","Value of Direct debits sent - from: Czech Republic to: Luxembourg, All","XDF",0]
["PDD.A.CZ.MT.2._T.DDS_ALL._T._Z.N.EUR","A","CZ","MT",2,"_T","DDS_ALL","_T","_Z","N","EUR","2016",0,"A",false,null,null,"P1Y",{"$nulls":4},"S",null,null,3,null,"Value of Direct debits sent - from: Czech Republic to: Malta, All","Value of Direct debits sent - from: Czech Republic to: Malta, All","EUR",6]
["PDD.A.CZ.MT.2._T.DDS_ALL._T._Z.N.XDF","A","CZ","MT",2,"_T","DDS_ALL","_T","_Z","N","XDF","2022",0,"A",false,null,null,"P1Y",{"$nulls":4},"S",null,null,3,null,"Value of Direct debits sent - from: Czech Republic to: Malta, All","Value of Direct debits sent - from: Czech Republic to: Malta, All","XDF",0]
["PDD.A.CZ.PT.2.2100.DDS_ALL._T._Z.N.PN","A","CZ","PT",2,"2100","DDS_ALL","_T","_Z","N","PN","2022",0,"A",false,null,null,"P1Y",{"$nulls":4},"S",null,null,3,null,"Number of Direct debits initiated in a file/batch, sent - from: Czech Republic to: Portugal, All","Number of Direct debits initiated in a file/batch, sent - from: Czech Republic to: Portugal, All","PN",6]
["PDD.A.CZ.PT.2._T.DDS_ALL._T._Z.N.PN","A","CZ","PT",2,"_T","DDS_ALL","_T","_Z","N","PN","2016",0,"A",false,null,null,"P1Y",{"$nulls":4},"S",null,null,3,null,"Number of Direct debits sent - from: Czech Republic to: Portugal, All","Number of Direct debits sent - from: Czech Republic to: Portugal, All","PN",6]
["PDD.A.CZ.SE.2._T.DDS_ALL._T._Z.N.PN","A","CZ","SE",2,"_T","DDS_ALL","_T","_Z","N","PN","2015",0,"A",false,null,null,"P1Y",{"$nulls":4},"S",null,null,3,null,"Number of Direct debits sent - from: Czech Republic to: Sweden, All","Number of Direct debits sent - from: Czech Republic to: Sweden, All","PN",6]
["PDD.A.CZ.SI.2._T.DDS_ALL._T._Z.N.EUR","A","CZ","SI",2,"_T","DDS_ALL","_T","_Z","N","EUR","2018",null,"Q",false,null,null,"P1Y",{"$nulls":4},"S",null,null,3,null,"Value of Direct debits sent - from: Czech Republic to: Slovenia, All","Value of Direct debits sent - from: Czech Republic to: Slovenia, All","EUR",6]
["PDD.A.CZ.SI.2._T.DDS_ALL._T._Z.N.XDF","A","CZ","SI",2,"_T","DDS_ALL","_T","_Z","N","XDF","2018",null,"Q",false,null,null,"P1Y",{"$nulls":4},"S",null,null,3,null,"Value of Direct debits sent - from: Czech Republic to: Slovenia, All","Value of Direct debits sent - from: Czech Republic to: Slovenia, All","XDF",0]
["PDD.A.CZ.W0.2.2100.DDS_ALL._T._Z.N.PN","A","CZ","W0",2,"2100","DDS_ALL","_T","_Z","N","PN","2021",19.423,"A",false,null,null,"P1Y",{"$nulls":4},"S",null,null,3,null,"Number of Direct debits initiated in a file/batch, sent - from: Czech Republic to: World, All","Number of Direct debits initiated in a file/batch, sent - from: Czech Republic to: World, All","PN",6]
["PDD.A.CZ.W0.2.2200.DDS_ALL._T._Z.N.PN","A","CZ","W0",2,"2200","DDS_ALL","_T","_Z","N","PN","2015",37.473,"A",false,null,null,"P1Y",{"$nulls":4},"S",null,null,3,null,"Number of Direct debits initiated on a single payment basis, sent - from: Czech Republic to: World, All","Number of Direct debits initiated on a single payment basis, sent - from: Czech Republic to: World, All","PN",6]
["PDD.A.CZ.W0.2._T.DDS_ALL._T._Z.G1.PN","A","CZ","W0",2,"_T","DDS_ALL","_T","_Z","G1","PN","2022",99.9818387859677,"A",false,null,null,"P1Y",{"$nulls":4},"S",null,null,3,null,"Number of Direct debits sent - from: Czech Republic to: World, All","Number of Direct debits sent - from: Czech Republic to: World, All","PN",0]
["PDD.A.CZ.W0.2._T.DDS_ALL._T._Z.N.EUR","A","CZ","W0",2,"_T","DDS_ALL","_T","_Z","N","EUR","2016",5800.312009737749,"A",false,null,null,"P1Y",{"$nulls":4},"S",null,null,3,null,"Value of Direct debits sent - from: Czech Republic to: World, All","Value of Direct debits sent - from: Czech Republic to: World, All","EUR",6]
["PDD.A.CZ.W0.2._T.DDS_ALL._T._Z.N.EUR_R_B1GQ","A","CZ","W0",2,"_T","DDS_ALL","_T","_Z","N","EUR_R_B1GQ","2014",12.39437845567576,"A",false,null,null,"P1Y",{"$nulls":4},"S",null,null,3,null,"Euro; ratio to GDP of Direct debits sent - from: Czech Republic to: World, All","Euro; ratio to GDP of Direct debits sent - from: Czech Republic to: World, All","EUR_R_B1GQ",0]
["PDD.A.CZ.W0.2._T.DDS_ALL._T._Z.N.EUR_R_TT","A","CZ","W0",2,"_T","DDS_ALL","_T","_Z","N","EUR_R_TT","2002",2.98844438346931,"A",false,null,null,"P1Y",{"$nulls":4},"S",null,null,3,null,"Euro; ratio to total value payment transactions of Direct debits sent - from: Czech Republic to: World, All","Euro; ratio to total value payment transactions of Direct debits sent - from: Czech Republic to: World, All","EUR_R_TT",0]
["PDD.A.CZ.W0.2._T.DDS_ALL._T._Z.N.PN","A","CZ","W0",2,"_T","DDS_ALL","_T","_Z","N","PN","2016",43.412,"A",false,null,null,"P1Y",{"$nulls":4},"S",null,null,3,null,"Number of Direct debits sent - from: Czech Republic to: World, All","Number of Direct debits sent - from: Czech Republic to: World, All","PN",6]
["PDD.A.CZ.W0.2._T.DDS_ALL._T._Z.N.PN_R_POP6","A","CZ","W0",2,"_T","DDS_ALL","_T","_Z","N","PN_R_POP6","2001",19.59079015730534,"A",false,null,null,"P1Y",{"$nulls":4},"S",null,null,3,null,"Pure number per million inhabitants of Direct debits sent - from: Czech Republic to: World, All","Pure number per million inhabitants of Direct debits sent - from: Czech Republic to: World, All","PN_R_POP6",0]
["PDD.A.CZ.W0.2._T.DDS_ALL._T._Z.N.XDF","A","CZ","W0",2,"_T","DDS_ALL","_T","_Z","N","XDF","2016",156807.305,"A",false,null,null,"P1Y",{"$nulls":4},"S",null,null,3,null,"Value of Direct debits sent - from: Czech Republic to: World, All","Value of Direct debits sent - from: Czech Republic to: World, All","XDF",6]
["PDD.A.CZ.W1.1._T.DDS_ALL._T._Z.N.PN","A","CZ","W1",1,"_T","DDS_ALL","_T","_Z","N","PN","2020",0.053,"A",false,null,null,"P1Y",{"$nulls":4},"S",null,null,3,null,"Number of Direct debits received - from: Czech Republic to: Rest of the World, All","Number of Direct debits received - from: Czech Republic to: Rest of the World, All","PN",6]
["PDD.A.CZ.W1.2.2200.DDS_ALL._T._Z.N.XDF","A","CZ","W1",2,"2200","DDS_ALL","_T","_Z","N","XDF","2022",1344.602378,"A",false,null,null,"P1Y",{"$nulls":4},"S",null,null,3,null,"Value of Direct debits initiated on a single payment basis, sent - from: Czech Republic to: Rest of the World, All","Value of Direct debits initiated on a single payment basis, sent - from: Czech Republic to: Rest of the World, All","XDF",0]
["PDD.A.DE.AT.2._T.DDS_ALL._T._Z.N.EUR","A","DE","AT",2,"_T","DDS_ALL","_T","_Z","N","EUR","2022",20924.44435462,"A",false,null,null,"P1Y",{"$nulls":4},"S",null,null,3,null,"Value of Direct debits sent - from: Germany to: Austria, All","Value of Direct debits sent - from: Germany to: Austria, All","EUR",6]
["PDD.A.DE.BE.2._T.DDS_ALL._T._Z.N.EUR","A","DE","BE",2,"_T","DDS_ALL","_T","_Z","N","EUR","2019",4848.083,"A",false,null,null,"P1Y",{"$nulls":4},"S",null,null,3,null,"Value of Direct debits sent - from: Germany to: Belgium, All","Value of Direct debits sent - from: Germany to: Belgium, All","EUR",6]
["PDD.A.DE.CY.2._T.DDS_ALL._T._Z.N.PN","A","DE","CY",2,"_T","DDS_ALL","_T","_Z","N","PN","2018",0.082,"A",false,null,null,"P1Y",{"$nulls":4},"S",null,null,3,null,"Number of Direct debits sent - from: Germany to: Cyprus, All","Number of Direct debits sent - from: Germany to: Cyprus, All","PN",6]
["PDD.A.DE.CZ.2._T.DDS_ALL._T._Z.N.PN","A","DE","CZ",2,"_T","DDS_ALL","_T","_Z","N","PN","2019",0.322,"A",false,null,null,"P1Y",{"$nulls":4},"S",null,null,3,null,"Number of Direct debits sent - from: Germany to: Czech Republic, All","Number of Direct debits sent - from: Germany to: Czech Republic, All","PN",6]
["PDD.A.DE.DK.2._T.DDS_ALL._T._Z.N.PN","A","DE","DK",2,"_T","DDS_ALL","_T","_Z","N","PN","2016",0.032,"A",false,null,null,"P1Y",{"$nulls":4},"S",null,null,3,null,"Number of Direct debits sent - from: Germany to: Denmark, All","Number of Direct debits sent - from: Germany to: Denmark, All","PN",6]
["PDD.A.DE.ES.2._T.DDS_ALL._T._Z.N.PN","A","DE","ES",2,"_T","DDS_ALL","_T","_Z","N","PN","2015",19.856,"A",false,null,null,"P1Y",{"$nulls":4},"S",null,null,3,null,"Number of Direct debits sent - from: Germany to: Spain, All","Number of Direct debits sent - from: Germany to: Spain, All","PN",6]
["PDD.A.DE.FR.2.2100.DDS_ALL._T._Z.N.EUR","A","DE","FR",2,"2100","DDS_ALL","_T","_Z","N","EUR","2022",59755.42217941,"A",false,null,null,"P1Y",{"$nulls":4},"S",null,null,3,null,"Value of Direct debits initiated in a file/batch, sent - from: Germany to: France, All","Value of Direct debits initiated in a file/batch, sent - from: Germany to: France, All","EUR",6]
["PDD.A.DE.FR.2._T.DDS_ALL._T._Z.N.PN","A","DE","FR",2,"_T","DDS_ALL","_T","_Z","N","PN","2022",92.610945,"A",false,null,null,"P1Y",{"$nulls":4},"S",null,null,3,null,"Number of Direct debits sent - from: Germany to: France, All","Number of Direct debits sent - from: Germany to: France, All","PN",6]
["PDD.A.DE.GR.2.2200.DDS_ALL._T._Z.N.PN","A","DE","GR",2,"2200","DDS_ALL","_T","_Z","N","PN","2022",0.5341720000000001,"A",false,null,null,"P1Y",{"$nulls":4},"S",null,null,3,null,"Number of Direct debits initiated on a single payment basis, sent - from: Germany to: Greece, All","Number of Direct debits initiated on a single payment basis, sent - from: Germany to: Greece, All","PN",6]
["PDD.A.DE.HU.1._T.DDS_ALL._T._Z.N.EUR","A","DE","HU",1,"_T","DDS_ALL","_T","_Z","N","EUR","2022",88.79683890999999,"A",false,null,null,"P1Y",{"$nulls":4},"S",null,null,3,null,"Value of Direct debits received - from: Germany to: Hungary, All","Value of Direct debits received - from: Germany to: Hungary, All","EUR",6]
["PDD.A.DE.IE.1._T.DDS_ALL._T._Z.N.PN","A","DE","IE",1,"_T","DDS_ALL","_T","_Z","N","PN","2022",12.143955,"A",false,null,null,"P1Y",{"$nulls":4},"S",null,null,3,null,"Number of Direct debits received - from: Germany to: Ireland, All","Number of Direct debits received - from: Germany to: Ireland, All","PN",6]
["PDD.A.DE.LI.2.2100.DDS_ALL._T._Z.N.EUR","A","DE","LI",2,"2100","DDS_ALL","_T","_Z","N","EUR","2022",16.84475665,"A",false,null,null,"P1Y",{"$nulls":4},"S",null,null,3,null,"Value of Direct debits initiated in a file/batch, sent - from: Germany to: Liechtenstein, All","Value of Direct debits initiated in a file/batch, sent - from: Germany to: Liechtenstein, All","EUR",6]
["PDD.A.DE.LT.2._T.DDS_ALL._T._Z.N.EUR","A","DE","LT",2,"_T","DDS_ALL","_T","_Z","N","EUR","2021",41.52,"A",false,null,null,"P1Y",{"$nulls":4},"S",null,null,3,null,"Value of Direct debits sent - from: Germany to: Lithuania, All","Value of Direct debits sent - from: Germany to: Lithuania, All","EUR",6]
["PDD.A.DE.MT.2.2100.DDS_ALL._T._Z.N.PN","A","DE","MT",2,"2100","DDS_ALL","_T","_Z","N","PN","2022",0.01685,"A",false,null,null,"P1Y",{"$nulls":4},"S",null,null,3,null,"Number of Direct debits initiated in a file/batch, sent - from: Germany to: Malta, All","Number of Direct debits initiated in a file/batch, sent - from: Germany to: Malta, All","PN",6]
["PDD.A.DE.NL.1._T.DDS_ALL._T._Z.N.EUR","A","DE","NL",1,"_T","DDS_ALL","_T","_Z","N","EUR","2022",250970.09771072,"A",false,null,null,"P1Y",{"$nulls":4},"S",null,null,3,null,"Value of Direct debits received - from: Germany to: Netherlands, All","Value of Direct debits received - from: Germany to: Netherlands, All","EUR",6]
["PDD.A.DE.NL.2._T.DDS_ALL._T._Z.N.PN","A","DE","NL",2,"_T","DDS_ALL","_T","_Z","N","PN","2020",46.125,"A",false,null,null,"P1Y",{"$nulls":4},"S",null,null,3,null,"Number of Direct debits sent - from: Germany to: Netherlands, All","Number of Direct debits sent - from: Germany to: Netherlands, All","PN",6]
["PDD.A.DE.RO.1._T.DDS_ALL._T._Z.N.PN","A","DE","RO",1,"_T","DDS_ALL","_T","_Z","N","PN","2022",0.000374,"A",false,null,null,"P1Y",{"$nulls":4},"S",null,null,3,null,"Number of Direct debits received - from: Germany to: Romania, All","Number of Direct debits received - from: Germany to: Romania, All","PN",6]
["PDD.A.DE.RO.2._T.DDS_ALL._T._Z.N.PN","A","DE","RO",2,"_T","DDS_ALL","_T","_Z","N","PN","2021",0.093,"A",false,null,null,"P1Y",{"$nulls":4},"S",null,null,3,null,"Number of Direct debits sent - from: Germany to: Romania, All","Number of Direct debits sent - from: Germany to: Romania, All","PN",6]
["PDD.A.DE.SE.2._T.DDS_ALL._T._Z.N.PN","A","DE","SE",2,"_T","DDS_ALL","_T","_Z","N","PN","2022",0.025289,"A",false,null,null,"P1Y",{"$nulls":4},"S",null,null,3,null,"Number of Direct debits sent - from: Germany to: Sweden, All","Number of Direct debits sent - from: Germany to: Sweden, All","PN",6]
["PDD.A.DE.SK.2._T.DDS_ALL._T._Z.N.EUR","A","DE","SK",2,"_T","DDS_ALL","_T","_Z","N","EUR","2021",223.392,"A",false,null,null,"P1Y",{"$nulls":4},"S",null,null,3,null,"Value of Direct debits sent - from: Germany to: Slovakia, All","Value of Direct debits sent - from: Germany to: Slovakia, All","EUR",6]
["PDD.A.DE.W0.2.2100.DDS_ALL._T._Z.N.PN","A","DE","W0",2,"2100","DDS_ALL","_T","_Z","N","PN","2021",10849.483,"A",false,null,null,"P1Y",{"$nulls":4},"S",null,null,3,null,"Number of Direct debits initiated in a file/batch, sent - from: Germany to: World, All","Number of Direct debits initiated in a file/batch, sent - from: Germany to: World, All","PN",6]
["PDD.A.DE.W0.2._T.DDS_ALL._T._Z.G1.PN","A","DE","W0",2,"_T","DDS_ALL","_T","_Z","G1","PN","2016",0.915613570849505,"A",false,null,null,"P1Y",{"$nulls":4},"S",null,null,3,null,"Number of Direct debits sent - from: Germany to: World, All","Number of Direct debits sent - from: Germany to: World, All","PN",0]
["PDD.A.DE.W0.2._T.DDS_ALL._T._Z.N.EUR","A","DE","W0",2,"_T","DDS_ALL","_T","_Z","N","EUR","2021",3430005.962,"A",false,null,null,"P1Y",{"$nulls":4},"S",null,null,3,null,"Value of Direct debits sent - from: Germany to: World, All","Value of Direct debits sent - from: Germany to: World, All","EUR",6]
["PDD.A.DE.W0.2._T.DDS_ALL._T._Z.N.EUR_R_B1GQ","A","DE","W0",2,"_T","DDS_ALL","_T","_Z","N","EUR_R_B1GQ","2015",118.0904576727095,"A",false,null,null,"P1Y",{"$nulls":4},"S",null,null,3,null,"Euro; ratio to GDP of Direct debits sent - from: Germany to: World, All","Euro; ratio to GDP of Direct debits sent - from: Germany to: World, All","EUR_R_B1GQ",0]
["PDD.A.DE.W0.2._T.DDS_ALL._T._Z.N.EUR_R_TT","A","DE","W0",2,"_T","DDS_ALL","_T","_Z","N","EUR_R_TT","2003",10.2222936583234,"A",false,null,null,"P1Y",{"$nulls":4},"S",null,null,3,null,"Euro; ratio to total value payment transactions of Direct debits sent - from: Germany to: World, All","Euro; ratio to total value payment transactions of Direct debits sent - from: Germany to: World, All","EUR_R_TT",0]
["PDD.A.DE.W0.2._T.DDS_ALL._T._Z.N.PN","A","DE","W0",2,"_T","DDS_ALL","_T","_Z","N","PN","2001",4834.356,"A",false,null,null,"P1Y",{"$nulls":4},"S",null,null,3,null,"Number of Direct debits sent - from: Germany to: World, All","Number of Direct debits sent - from: Germany to: World, All","PN",6]
["PDD.A.DE.W0.2._T.DDS_ALL._T._Z.N.PN_R_POP6","A","DE","W0",2,"_T","DDS_ALL","_T","_Z","N","PN_R_POP6","2003",66.93934934824462,"A",false,null,null,"P1Y",{"$nulls":4},"S",null,null,3,null,"Pure number per million inhabitants of Direct debits sent - from: Germany to: World, All","Pure number per million inhabitants of Direct debits sent - from: Germany to: World, All","PN_R_POP6",0]
["PDD.A.DE.W1.1._T.DDS_ALL._T._Z.N.PN","A","DE","W1",1,"_T","DDS_ALL","_T","_Z","N","PN","2018",120.143,"A",false,null,null,"P1Y",{"$nulls":4},"S",null,null,3,null,"Number of Direct debits received - from: Germany to: Rest of the World, All","Number of Direct debits received - from: Germany to: Rest of the World, All","PN",6]
["PDD.A.DE.W1.2._T.DDS_ALL._T._Z.N.PN","A","DE","W1",2,"_T","DDS_ALL","_T","_Z","N","PN","2015",109.476,"A",false,null,null,"P1Y",{"$nulls":4},"S",null,null,3,null,"Number of Direct debits sent - from: Germany to: Rest of the World, All","Number of Direct debits sent - from: Germany to: Rest of the World, All","PN",6]
["PDD.A.DK.AT.2._T.DDS_ALL._T._Z.N.PN","A","DK","AT",2,"_T","DDS_ALL","_T","_Z","N","PN","2017",null,"M",false,null,null,"P1Y",{"$nulls":4},"S",null,null,3,null,"Number of Direct debits sent - from: Denmark to: Austria, All","Number of Direct debits sent - from: Denmark to: Austria, All","PN",6]
["PDD.A.DK.BE.2._T.DDS_ALL._T._Z.N.PN","A","DK","BE",2,"_T","DDS_ALL","_T","_Z","N","PN","2011",null,"M",false,null,null,"P1Y",{"$nulls":4},"S",null,null,3,null,"Number of Direct debits sent - from: Denmark to: Belgium, All","Number of Direct debits sent - from: Denmark to: Belgium, All","PN",6]
["PDD.A.DK.BG.2._T.DDS_ALL._T._Z.N.EUR","A","DK","BG",2,"_T","DDS_ALL","_T","_Z","N","EUR","2012",null,"M",false,null,null,"P1Y",{"$nulls":4},"S",null,null,3,null,"Value of Direct debits sent - from: Denmark to: Bulgaria, All","Value of Direct debits sent - from: Denmark to: Bulgaria, All","EUR",6]
["PDD.A.DK.CY.2._T.DDS_ALL._T._Z.N.PN","A","DK","CY",2,"_T","DDS_ALL","_T","_Z","N","PN","2021",null,"M",false,null,null,"P1Y",{"$nulls":4},"S",null,null,3,null,"Number of Direct debits sent - from: Denmark to: Cyprus, All","Number of Direct debits sent - from: Denmark to: Cyprus, All","PN",6]
["PDD.A.DK.CZ.2._T.DDS_ALL._T._Z.N.PN","A","DK","CZ",2,"_T","DDS_ALL","_T","_Z","N","PN","2017",null,"M",false,null,null,"P1Y",{"$nulls":4},"S",null,null,3,null,"Number of Direct debits sent - from: Denmark to: Czech Republic, All","Number of Direct debits sent - from: Denmark to: Czech Republic, All","PN",6]
["PDD.A.DK.CZ.2._T.DDS_ALL._T._Z.N.XDF","A","DK","CZ",2,"_T","DDS_ALL","_T","_Z","N","XDF","2018",null,"M",false,null,null,"P1Y",{"$nulls":4},"S",null,null,3,null,"Value of Direct debits sent - from: Denmark to: Czech Republic, All","Value of Direct debits sent - from: Denmark to: Czech Republic, All","XDF",0]
["PDD.A.DK.EE.2._T.DDS_ALL._T._Z.N.PN","A","DK","EE",2,"_T","DDS_ALL","_T","_Z","N","PN","2015",null,"M",false,null,null,"P1Y",{"$nulls":4},"S",null,null,3,null,"Number of Direct debits sent - from: Denmark to: Estonia, All","Number of Direct debits sent - from: Denmark to: Estonia, All","PN",6]
["PDD.A.DK.ES.2._T.DDS_ALL._T._Z.N.PN","A","DK","ES",2,"_T","DDS_ALL","_T","_Z","N","PN","2013",null,"M",false,null,null,"P1Y",{"$nulls":4},"S",null,null,3,null,"Number of Direct debits sent - from: Denmark to: Spain, All","Number of Direct debits sent - from: Denmark to: Spain, All","PN",6]
["PDD.A.DK.FI.2._T.DDS_ALL._T._Z.N.XDF","A","DK","FI",2,"_T","DDS_ALL","_T","_Z","N","XDF","2012",null,"M",false,null,null,"P1Y",{"$nulls":4},"S",null,null,3,null,"Value of Direct debits sent - from: Denmark to: Finland, All","Value of Direct debits sent - from: Denmark to: Finland, All","XDF",0]
["PDD.A.DK.FR.2._T.DDS_ALL._T._Z.N.EUR","A","DK","FR",2,"_T","DDS_ALL","_T","_Z","N","EUR","2021",null,"M",false,null,null,"P1Y",{"$nulls":4},"S",null,null,3,null,"Value of Direct debits sent - from: Denmark to: France, All","Value of Direct debits sent - from: Denmark to: France, All","EUR",6]
["PDD.A.DK.G1.1._T.DDS_ALL._T._Z.N.EUR","A","DK","G1",1,"_T","DDS_ALL","_T","_Z","N","EUR","2022",0,"A",false,null,null,"P1Y",{"$nulls":4},"S",null,null,3,null,"Value of Direct debits received - from: Denmark to: Extra EEA, All","Value of Direct debits received - from: Denmark to: Extra EEA, All","EUR",6]
["PDD.A.DK.GR.2._T.DDS_ALL._T._Z.N.PN","A","DK","GR",2,"_T","DDS_ALL","_T","_Z","N","PN","2010",null,"M",false,null,null,"P1Y",{"$nulls":4},"S",null,null,3,null,"Number of Direct debits sent - from: Denmark to: Greece, All","Number of Direct debits sent - from: Denmark to: Greece, All","PN",6]
["PDD.A.DK.GR.2._T.DDS_ALL._T._Z.N.XDF","A","DK","GR",2,"_T","DDS_ALL","_T","_Z","N","XDF","2019",null,"M",false,null,null,"P1Y",{"$nulls":4},"S",null,null,3,null,"Value of Direct debits sent - from: Denmark to: Greece, All","Value of Direct debits sent - from: Denmark to: Greece, All","XDF",0]
["PDD.A.DK.HR.2._T.DDS_ALL._T._Z.N.PN","A","DK","HR",2,"_T","DDS_ALL","_T","_Z","N","PN","2020",null,"M",false,null,null,"P1Y",{"$nulls":4},"S",null,null,3,null,"Number of Direct debits sent - from: Denmark to: Croatia, All","Number of Direct debits sent - from: Denmark to: Croatia, All","PN",6]
["PDD.A.DK.HU.2._T.DDS_ALL._T._Z.N.XDF","A","DK","HU",2,"_T","DDS_ALL","_T","_Z","N","XDF","2014",null,"M",false,null,null,"P1Y",{"$nulls":4},"S",null,null,3,null,"Value of Direct debits sent - from: Denmark to: Hungary, All","Value of Direct debits sent - from: Denmark to: Hungary, All","XDF",0]
["PDD.A.DK.IE.2._T.DDS_ALL._T._Z.N.XDF","A","DK","IE",2,"_T","DDS_ALL","_T","_Z","N","XDF","2017",null,"M",false,null,null,"P1Y",{"$nulls":4},"S",null,null,3,null,"Value of Direct debits sent - from: Denmark to: Ireland, All","Value of Direct debits sent - from: Denmark to: Ireland, All","XDF",0]
["PDD.A.DK.LT.2._T.DDS_ALL._T._Z.N.PN","A","DK","LT",2,"_T","DDS_ALL","_T","_Z","N","PN","2014",null,"M",false,null,null,"P1Y",{"$nulls":4},"S",null,null,3,null,"Number of Direct debits sent - from: Denmark to: Lithuania, All","Number of Direct debits sent - from: Denmark to: Lithuania, All","PN",6]
["PDD.A.DK.LU.2._T.DDS_ALL._T._Z.N.PN","A","DK","LU",2,"_T","DDS_ALL","_T","_Z","N","PN","2010",null,"M",false,null,null,"P1Y",{"$nulls":4},"S",null,null,3,null,"Number of Direct debits sent - from: Denmark to: Luxembourg, All","Number of Direct debits sent - from: Denmark to: Luxembourg, All","PN",6]
["PDD.A.DK.LU.2._T.DDS_ALL._T._Z.N.XDF","A","DK","LU",2,"_T","DDS_ALL","_T","_Z","N","XDF","2011",null,"M",false,null,null,"P1Y",{"$nulls":4},"S",null,null,3,null,"Value of Direct debits sent - from: Denmark to: Luxembourg, All","Value of Direct debits sent - from: Denmark to: Luxembourg, All","XDF",0]
["PDD.A.DK.MT.2._T.DDS_ALL._T._Z.N.EUR","A","DK","MT",2,"_T","DDS_ALL","_T","_Z","N","EUR","2020",null,"M",false,null,null,"P1Y",{"$nulls":4},"S",null,null,3,null,"Value of Direct debits sent - from: Denmark to: Malta, All","Value of Direct debits sent - from: Denmark to: Malta, All","EUR",6]
["PDD.A.DK.MT.2._T.DDS_ALL._T._Z.N.XDF","A","DK","MT",2,"_T","DDS_ALL","_T","_Z","N","XDF","2017",null,"M",false,null,null,"P1Y",{"$nulls":4},"S",null,null,3,null,"Value of Direct debits sent - from: Denmark to: Malta, All","Value of Direct debits sent - from: Denmark to: Malta, All","XDF",0]
["PDD.A.DK.NL.2._T.DDS_ALL._T._Z.N.XDF","A","DK","NL",2,"_T","DDS_ALL","_T","_Z","N","XDF","2010",null,"M",false,null,null,"P1Y",{"$nulls":4},"S",null,null,3,null,"Value of Direct debits sent - from: Denmark to: Netherlands, All","Value of Direct debits sent - from: Denmark to: Netherlands, All","XDF",0]
["PDD.A.DK.PT.2._T.DDS_ALL._T._Z.N.EUR","A","DK","PT",2,"_T","DDS_ALL","_T","_Z","N","EUR","2014",null,"M",false,null,null,"P1Y",{"$nulls":4},"S",null,null,3,null,"Value of Direct debits sent - from: Denmark to: Portugal, All","Value of Direct debits sent - from: Denmark to: Portugal, All","EUR",6]
["PDD.A.DK.PT.2._T.DDS_ALL._T._Z.N.XDF","A","DK","PT",2,"_T","DDS_ALL","_T","_Z","N","XDF","2015",null,"M",false,null,null,"P1Y",{"$nulls":4},"S",null,null,3,null,"Value of Direct debits sent - from: Denmark to: Portugal, All","Value of Direct debits sent - from: Denmark to: Portugal, All","XDF",0]
["PDD.A.DK.SE.2._T.DDS_ALL._T._Z.N.EUR","A","DK","SE",2,"_T","DDS_ALL","_T","_Z","N","EUR","2018",null,"M",false,null,null,"P1Y",{"$nulls":4},"S",null,null,3,null,"Value of Direct debits sent - from: Denmark to: Sweden, All","Value of Direct debits sent - from: Denmark to: Sweden, All","EUR",6]
["PDD.A.DK.SE.2._T.DDS_ALL._T._Z.N.XDF","A","DK","SE",2,"_T","DDS_ALL","_T","_Z","N","XDF","2020",null,"M",false,null,null,"P1Y",{"$nulls":4},"S",null,null,3,null,"Value of Direct debits sent - from: Denmark to: Sweden, All","Value of Direct debits sent - from: Denmark to: Sweden, All","XDF",0]
["PDD.A.DK.SI.2._T.DDS_ALL._T._Z.N.PN","A","DK","SI",2,"_T","DDS_ALL","_T","_Z","N","PN","2021",null,"M",false,null,null,"P1Y",{"$nulls":4},"S",null,null,3,null,"Number of Direct debits sent - from: Denmark to: Slovenia, All","Number of Direct debits sent - from: Denmark to: Slovenia, All","PN",6]
["PDD.A.DK.W0.1._T.DDS_ALL._T._Z.N.PN_R_POP6","A","DK","W0",1,"_T","DDS_ALL","_T","_Z","N","PN_R_POP6","2022",null,"M",false,null,null,"P1Y",{"$nulls":4},"S",null,null,3,null,"Pure number per million inhabitants of Direct debits received - from: Denmark to: World, All","Pure number per million inhabitants of Direct debits received - from: Denmark to: World, All","PN_R_POP6",0]
["PDD.A.DK.W0.2.2100.DDS_ALL._T._Z.N.PN","A","DK","W0",2,"2100","DDS_ALL","_T","_Z","N","PN","2015",null,"Q",false,null,null,"P1Y",{"$nulls":4},"S",null,null,3,null,"Number of Direct debits initiated in a file/batch, sent - from: Denmark to: World, All","Number of Direct debits initiated in a file/batch, sent - from: Denmark to: World, All","PN",6]
["PDD.A.DK.W0.2.2200.DDS_ALL._T._Z.N.XDF","A","DK","W0",2,"2200","DDS_ALL","_T","_Z","N","XDF","2015",null,"M",false,null,null,"P1Y",{"$nulls":4},"S",null,null,3,null,"Value of Direct debits initiated on a single payment basis, sent - from: Denmark to: World, All","Value of Direct debits initiated on a single payment basis, sent - from: Denmark to: World, All","XDF",0]
["PDD.A.DK.W0.2._T.DDS_ALL._T._Z.N.EUR","A","DK","W0",2,"_T","DDS_ALL","_T","_Z","N","EUR","2002",55251.06609895309,"A",false,null,null,"P1Y",{"$nulls":4},"S",null,null,3,null,"Value of Direct debits sent - from: Denmark to: World, All","Value of Direct debits sent - from: Denmark to: World, All","EUR",6]
["PDD.A.DK.W0.2._T.DDS_ALL._T._Z.N.EUR_R_B1GQ","A","DK","W0",2,"_T","DDS_ALL","_T","_Z","N","EUR_R_B1GQ","2017",null,"Q",false,null,null,"P1Y",{"$nulls":4},"S",null,null,3,null,"Euro; ratio to GDP of Direct debits sent - from: Denmark to: World, All","Euro; ratio to GDP of Direct debits sent - from: Denmark to: World, All","EUR_R_B1GQ",0]
["PDD.A.DK.W0.2._T.DDS_ALL._T._Z.N.EUR_R_POP6","A","DK","W0",2,"_T","DDS_ALL","_T","_Z","N","EUR_R_POP6","2014",16117.87839434582,"A",false,null,null,"P1Y",{"$nulls":4},"S",null,null,3,null,"Euro per million inhabitants of Direct debits sent - from: Denmark to: World, All","Euro per million inhabitants of Direct debits sent - from: Denmark to: World, All","EUR_R_POP6",0]
["PDD.A.DK.W0.2._T.DDS_ALL._T._Z.N.EUR_R_TT","A","DK","W0",2,"_T","DDS_ALL","_T","_Z","N","EUR_R_TT","2012",12.08439645371878,"A",false,null,null,"P1Y",{"$nulls":4},"S",null,null,3,null,"Euro; ratio to total value payment transactions of Direct debits sent - from: Denmark to: World, All","Euro; ratio to total value payment transactions of Direct debits sent - from: Denmark to: World, All","EUR_R_TT",0]
["PDD.A.DK.W0.2._T.DDS_ALL._T._Z.N.PN","A","DK","W0",2,"_T","DDS_ALL","_T","_Z","N","PN","2014",207.09,"A",false,null,null,"P1Y",{"$nulls":4},"S",null,null,3,null,"Number of Direct debits sent - from: Denmark to: World, All","Number of Direct debits sent - from: Denmark to: World, All","PN",6]
["PDD.A.DK.W0.2._T.DDS_ALL._T._Z.N.XDF","A","DK","W0",2,"_T","DDS_ALL","_T","_Z","N","XDF","2001",389349,"A",false,null,null,"P1Y",{"$nulls":4},"S",null,null,3,null,"Value of Direct debits sent - from: Denmark to: World, All","Value of Direct debits sent - from: Denmark to: World, All","XDF",0]
["PDD.A.DK.W1.1._T.DDS_ALL._T._Z.N.EUR","A","DK","W1",1,"_T","DDS_ALL","_T","_Z","N","EUR","2018",null,"M",false,null,null,"P1Y",{"$nulls":4},"S",null,null,3,null,"Value of Direct debits received - from: Denmark to: Rest of the World, All","Value of Direct debits received - from: Denmark to: Rest of the World, All","EUR",6]
["PDD.A.DK.W1.2.2100.DDS_ALL._T._Z.N.EUR","A","DK","W1",2,"2100","DDS_ALL","_T","_Z","N","EUR","2022",0,"A",false,null,null,"P1Y",{"$nulls":4},"S",null,null,3,null,"Value of Direct debits initiated in a file/batch, sent - from: Denmark to: Rest of the World, All","Value of Direct debits initiated in a file/batch, sent - from: Denmark to: Rest of the World, All","EUR",6]
["PDD.A.DK.W2.2._T.DDS_ALL._T._Z.N.PN","A","DK","W2",2,"_T","DDS_ALL","_T","_Z","N","PN","2017",null,"Q",false,null,null,"P1Y",{"$nulls":4},"S",null,null,3,null,"Number of Direct debits sent - from: Denmark to: Domestic (home or reference area), All","Number of Direct debits sent - from: Denmark to: Domestic (home or reference area), All","PN",6]
["PDD.A.EE.AT.2._T.DDS_ALL._T._Z.N.PN","A","EE","AT",2,"_T","DDS_ALL","_T","_Z","N","PN","2017",null,"M",false,null,null,"P1Y",{"$nulls":4},"S",null,null,3,null,"Number of Direct debits sent - from: Estonia to: Austria, All","Number of Direct debits sent - from: Estonia to: Austria, All","PN",6]
["PDD.A.EE.CY.2.2100.DDS_ALL._T._Z.N.PN","A","EE","CY",2,"2100","DDS_ALL","_T","_Z","N","PN","2022",0,"A",false,null,null,"P1Y",{"$nulls":4},"S",null,null,3,null,"Number of Direct debits initiated in a file/batch, sent - from: Estonia to: Cyprus, All","Number of Direct debits initiated in a file/batch, sent - from: Estonia to: Cyprus, All","PN",6]
["PDD.A.EE.CZ.2.2200.DDS_ALL._T._Z.N.EUR","A","EE","CZ",2,"2200","DDS_ALL","_T","_Z","N","EUR","2022",0,"A",false,null,null,"P1Y",{"$nulls":4},"S",null,null,3,null,"Value of Direct debits initiated on a single payment basis, sent - from: Estonia to: Czech Republic, All","Value of Direct debits initiated on a single payment basis, sent - from: Estonia to: Czech Republic, All","EUR",6]
["PDD.A.EE.DE.2._T.DDS_ALL._T._Z.N.PN","A","EE","DE",2,"_T","DDS_ALL","_T","_Z","N","PN","2017",null,"M",false,null,null,"P1Y",{"$nulls":4},"S",null,null,3,null,"Number of Direct debits sent - from: Estonia to: Germany, All","Number of Direct debits sent - from: Estonia to: Germany, All","PN",6]
["PDD.A.EE.ES.2._T.DDS_ALL._T._Z.N.EUR","A","EE","ES",2,"_T","DDS_ALL","_T","_Z","N","EUR","2017",null,"M",false,null,null,"P1Y",{"$nulls":4},"S",null,null,3,null,"Value of Direct debits sent - from: Estonia to: Spain, All","Value of Direct debits sent - from: Estonia to: Spain, All","EUR",6]
["PDD.A.EE.FI.2._T.DDS_ALL._T._Z.N.EUR","A","EE","FI",2,"_T","DDS_ALL","_T","_Z","N","EUR","2018",null,"M",false,null,null,"P1Y",{"$nulls":4},"S",null,null,3,null,"Value of Direct debits sent - from: Estonia to: Finland, All","Value of Direct debits sent - from: Estonia to: Finland, All","EUR",6]
["PDD.A.EE.FR.2._T.DDS_ALL._T._Z.N.PN","A","EE","FR",2,"_T","DDS_ALL","_T","_Z","N","PN","2014",null,"M",false,null,null,"P1Y",{"$nulls":4},"S",null,null,3,null,"Number of Direct debits sent - from: Estonia to: France, All","Number of Direct debits sent - from: Estonia to: France, All","PN",6]
["PDD.A.EE.GR.2._T.DDS_ALL._T._Z.N.EUR","A","EE","GR",2,"_T","DDS_ALL","_T","_Z","N","EUR","2015",null,"M",false,null,null,"P1Y",{"$nulls":4},"S",null,null,3,null,"Value of Direct debits sent - from: Estonia to: Greece, All","Value of Direct debits sent - from: Estonia to: Greece, All","EUR",6]
["PDD.A.EE.HR.2._T.DDS_ALL._T._Z.N.EUR","A","EE","HR",2,"_T","DDS_ALL","_T","_Z","N","EUR","2016",null,"M",false,null,null,"P1Y",{"$nulls":4},"S",null,null,3,null,"Value of Direct debits sent - from: Estonia to: Croatia, All","Value of Direct debits sent - from: Estonia to: Croatia, All","EUR",6]
["PDD.A.EE.IE.2._T.DDS_ALL._T._Z.N.PN","A","EE","IE",2,"_T","DDS_ALL","_T","_Z","N","PN","2014",null,"M",false,null,null,"P1Y",{"$nulls":4},"S",null,null,3,null,"Number of Direct debits sent - from: Estonia to: Ireland, All","Number of Direct debits sent - from: Estonia to: Ireland, All","PN",6]
["PDD.A.EE.IT.2._T.DDS_ALL._T._Z.N.EUR","A","EE","IT",2,"_T","DDS_ALL","_T","_Z","N","EUR","2017",null,"M",false,null,null,"P1Y",{"$nulls":4},"S",null,null,3,null,"Value of Direct debits sent - from: Estonia to: Italy, All","Value of Direct debits sent - from: Estonia to: Italy, All","EUR",6]
["PDD.A.EE.LI.2._T.DDS_ALL._T._Z.N.EUR","A","EE","LI",2,"_T","DDS_ALL","_T","_Z","N","EUR","2022",0,"A",false,null,null,"P1Y",{"$nulls":4},"S",null,null,3,null,"Value of Direct debits sent - from: Estonia to: Liechtenstein, All","Value of Direct debits sent - from: Estonia to: Liechtenstein, All","EUR",6]
["PDD.A.EE.LV.2._T.DDS_ALL._T._Z.N.EUR","A","EE","LV",2,"_T","DDS_ALL","_T","_Z","N","EUR","2015",null,"M",false,null,null,"P1Y",{"$nulls":4},"S",null,null,3,null,"Value of Direct debits sent - from: Estonia to: Latvia, All","Value of Direct debits sent - from: Estonia to: Latvia, All","EUR",6]
["PDD.A.EE.LV.2._T.DDS_ALL._T._Z.N.PN","A","EE","LV",2,"_T","DDS_ALL","_T","_Z","N","PN","2022",0,"A",false,null,null,"P1Y",{"$nulls":4},"S",null,null,3,null,"Number of Direct debits sent - from: Estonia to: Latvia, All","Number of Direct debits sent - from: Estonia to: Latvia, All","PN",6]
["PDD.A.EE.NL.2.2200.DDS_ALL._T._Z.N.EUR","A","EE","NL",2,"2200","DDS_ALL","_T","_Z","N","EUR","2022",0,"A",false,null,null,"P1Y",{"$nulls":4},"S",null,null,3,null,"Value of Direct debits initiated on a single payment basis, sent - from: Estonia to: Netherlands, All","Value of Direct debits initiated on a single payment basis, sent - from: Estonia to: Netherlands, All","EUR",6]
["PDD.A.EE.PT.2.2200.DDS_ALL._T._Z.N.PN","A","EE","PT",2,"2200","DDS_ALL","_T","_Z","N","PN","2022",0,"A",false,null,null,"P1Y",{"$nulls":4},"S",null,null,3,null,"Number of Direct debits initiated on a single payment basis, sent - from: Estonia to: Portugal, All","Number of Direct debits initiated on a single payment basis, sent - from: Estonia to: Portugal, All","PN",6]
["PDD.A.EE.RO.2._T.DDS_ALL._T._Z.N.PN","A","EE","RO",2,"_T","DDS_ALL","_T","_Z","N","PN","2022",0,"A",false,null,null,"P1Y",{"$nulls":4},"S",null,null,3,null,"Number of Direct debits sent - from: Estonia to: Romania, All","Number of Direct debits sent - from: Estonia to: Romania, All","PN",6]
["PDD.A.EE.SI.2._T.DDS_ALL._T._Z.N.EUR","A","EE","SI",2,"_T","DDS_ALL","_T","_Z","N","EUR","2022",0,"A",false,null,null,"P1Y",{"$nulls":4},"S",null,null,3,null,"Value of Direct debits sent - from: Estonia to: Slovenia, All","Value of Direct debits sent - from: Estonia to: Slovenia, All","EUR",6]
["PDD.A.EE.SK.2._T.DDS_ALL._T._Z.N.PN","A","EE","SK",2,"_T","DDS_ALL","_T","_Z","N","PN","2014",null,"M",false,null,null,"P1Y",{"$nulls":4},"S",null,null,3,null,"Number of Direct debits sent - from: Estonia to: Slovakia, All","Number of Direct debits sent - from: Estonia to: Slovakia, All","PN",6]
["PDD.A.EE.W0.2.2100.DDS_ALL._T._Z.N.EUR","A","EE","W0",2,"2100","DDS_ALL","_T","_Z","N","EUR","2014",null,"M",false,null,null,"P1Y",{"$nulls":4},"S",null,null,3,null,"Value of Direct debits initiated in a file/batch, sent - from: Estonia to: World, All","Value of Direct debits initiated in a file/batch, sent - from: Estonia to: World, All","EUR",6]
["PDD.A.EE.W0.2._T.DDS_ALL._T._Z.G1.EUR","A","EE","W0",2,"_T","DDS_ALL","_T","_Z","G1","EUR","2021",null,"M",false,null,null,"P1Y",{"$nulls":4},"S",null,null,3,null,"Value of Direct debits sent - from: Estonia to: World, All","Value of Direct debits sent - from: Estonia to: World, All","EUR",0]
["PDD.A.EE.W0.2._T.DDS_ALL._T._Z.G1.PN","A","EE","W0",2,"_T","DDS_ALL","_T","_Z","G1","PN","2020",null,"M",false,null,null,"P1Y",{"$nulls":4},"S",null,null,3,null,"Number of Direct debits sent - from: Estonia to: World, All","Number of Direct debits sent - from: Estonia to: World, All","PN",0]
["PDD.A.EE.W0.2._T.DDS_ALL._T._Z.N.EUR","A","EE","W0",2,"_T","DDS_ALL","_T","_Z","N","EUR","2018",null,"M",false,null,null,"P1Y",{"$nulls":4},"S",null,null,3,null,"Value of Direct debits sent - from: Estonia to: World, All","Value of Direct debits sent - from: Estonia to: World, All","EUR",6]
["PDD.A.EE.W0.2._T.DDS_ALL._T._Z.N.EUR_R_POP6","A","EE","W0",2,"_T","DDS_ALL","_T","_Z","N","EUR_R_POP6","2010",1403.862381720534,"A",false,null,null,"P1Y",{"$nulls":4},"S",null,null,3,null,"Euro per million inhabitants of Direct debits sent - from: Estonia to: World, All","Euro per million inhabitants of Direct debits sent - from: Estonia to: World, All","EUR_R_POP6",0]
["PDD.A.EE.W0.2._T.DDS_ALL._T._Z.N.EUR_R_TT","A","EE","W0",2,"_T","DDS_ALL","_T","_Z","N","EUR_R_TT","2007",0.7115118491777435,"A",false,null,null,"P1Y",{"$nulls":4},"S",null,null,3,null,"Euro; ratio to total value payment transactions of Direct debits sent - from: Estonia to: World, All","Euro; ratio to total value payment transactions of Direct debits sent - from: Estonia to: World, All","EUR_R_TT",0]
["PDD.A.EE.W0.2._T.DDS_ALL._T._Z.N.PN_R_POP6","A","EE","W0",2,"_T","DDS_ALL","_T","_Z","N","PN_R_POP6","2018",null,"M",false,null,null,"P1Y",{"$nulls":4},"S",null,null,3,null,"Pure number per million inhabitants of Direct debits sent - from: Estonia to: World, All","Pure number per million inhabitants of Direct debits sent - from: Estonia to: World, All","PN_R_POP6",0]
["PDD.A.EE.W0.2._T.DDS_ALL._T._Z.N.PN_R_TT","A","EE","W0",2,"_T","DDS_ALL","_T","_Z","N","PN_R_TT","2020",null,"M",false,null,null,"P1Y",{"$nulls":4},"S",null,null,3,null,"Pure number; ratio to total number payment transactions of Direct debits sent - from: Estonia to: World, All","Pure number; ratio to total number payment transactions of Direct debits sent - from: Estonia to: World, All","PN_R_TT",0]
["PDD.A.EE.W1.2._T.DDS_ALL._T._Z.N.PN","A","EE","W1",2,"_T","DDS_ALL","_T","_Z","N","PN","2022",0,"A",false,null,null,"P1Y",{"$nulls":4},"S",null,null,3,null,"Number of Direct debits sent - from: Estonia to: Rest of the World, All","Number of Direct debits sent - from: Estonia to: Rest of the World, All","PN",6]
["PDD.A.ES.AT.2._T.DDS_ALL._T._Z.N.EUR","A","ES","AT",2,"_T","DDS_ALL","_T","_Z","N","EUR","2018",26.106,"A",false,null,null,"P1Y",{"$nulls":4},"S",null,null,3,null,"Value of Direct debits sent - from: Spain to: Austria, All","Value of Direct debits sent - from: Spain to: Austria, All","EUR",6]
["PDD.A.ES.BE.2._T.DDS_ALL._T._Z.N.EUR","A","ES","BE",2,"_T","DDS_ALL","_T","_Z","N","EUR","2019",53.165,"A",false,null,null,"P1Y",{"$nulls":4},"S",null,null,3,null,"Value of Direct debits sent - from: Spain to: Belgium, All","Value of Direct debits sent - from: Spain to: Belgium, All","EUR",6]
["PDD.A.ES.BG.2._T.DDS_ALL._T._Z.N.PN","A","ES","BG",2,"_T","DDS_ALL","_T","_Z","N","PN","2019",0.002,"A",false,null,null,"P1Y",{"$nulls":4},"S",null,null,3,null,"Number of Direct debits sent - from: Spain to: Bulgaria, All","Number of Direct debits sent - from: Spain to: Bulgaria, All","PN",6]
["PDD.A.ES.CZ.2._T.DDS_ALL._T._Z.N.PN","A","ES","CZ",2,"_T","DDS_ALL","_T","_Z","N","PN","2019",0.002,"A",false,null,null,"P1Y",{"$nulls":4},"S",null,null,3,null,"Number of Direct debits sent - from: Spain to: Czech Republic, All","Number of Direct debits sent - from: Spain to: Czech Republic, All","PN",6]
["PDD.A.ES.DE.2._T.DDS_ALL._T._Z.N.PN","A","ES","DE",2,"_T","DDS_ALL","_T","_Z","N","PN","2016",0.257,"A",false,null,null,"P1Y",{"$nulls":4},"S",null,null,3,null,"Number of Direct debits sent - from: Spain to: Germany, All","Number of Direct debits sent - from: Spain to: Germany, All","PN",6]
["PDD.A.ES.FI.2.2100.DDS_ALL._T._Z.N.EUR","A","ES","FI",2,"2100","DDS_ALL","_T","_Z","N","EUR","2022",null,"Q",false,null,null,"P1Y",{"$nulls":4},"S",null,null,3,null,"Value of Direct debits initiated in a file/batch, sent - from: Spain to: Finland, All","Value of Direct debits initiated in a file/batch, sent - from: Spain to: Finland, All","EUR",6]
["PDD.A.ES.FR.2._T.DDS_ALL._T._Z.N.EUR","A","ES","FR",2,"_T","DDS_ALL","_T","_Z","N","EUR","2015",181.971,"A",false,null,null,"P1Y",{"$nulls":4},"S",null,null,3,null,"Value of Direct debits sent - from: Spain to: France, All","Value of Direct debits sent - from: Spain to: France, All","EUR",6]
["PDD.A.ES.FR.2._T.DDS_ALL._T._Z.N.PN","A","ES","FR",2,"_T","DDS_ALL","_T","_Z","N","PN","2022",4.496128,"A",false,null,null,"P1Y",{"$nulls":4},"S",null,null,3,null,"Number of Direct debits sent - from: Spain to: France, All","Number of Direct debits sent - from: Spain to: France, All","PN",6]
["PDD.A.ES.HR.1._T.DDS_ALL._T._Z.N.EUR","A","ES","HR",1,"_T","DDS_ALL","_T","_Z","N","EUR","2022",null,"Q",false,null,null,"P1Y",{"$nulls":4},"S",null,null,3,null,"Value of Direct debits received - from: Spain to: Croatia, All","Value of Direct debits received - from: Spain to: Croatia, All","EUR",6]
["PDD.A.ES.HR.2._T.DDS_ALL._T._Z.N.PN","A","ES","HR",2,"_T","DDS_ALL","_T","_Z","N","PN","2019",0,"A",false,null,null,"P1Y",{"$nulls":4},"S",null,null,3,null,"Number of Direct debits sent - from: Spain to: Croatia, All","Number of Direct debits sent - from: Spain to: Croatia, All","PN",6]
["PDD.A.ES.HU.2._T.DDS_ALL._T._Z.N.PN","A","ES","HU",2,"_T","DDS_ALL","_T","_Z","N","PN","2020",0,"A",false,null,null,"P1Y",{"$nulls":4},"S",null,null,3,null,"Number of Direct debits sent - from: Spain to: Hungary, All","Number of Direct debits sent - from: Spain to: Hungary, All","PN",6]
["PDD.A.ES.LI.2.2100.DDS_ALL._T._Z.N.EUR","A","ES","LI",2,"2100","DDS_ALL","_T","_Z","N","EUR","2022",0.11101475,"A",false,null,null,"P1Y",{"$nulls":4},"S",null,null,3,null,"Value of Direct debits initiated in a file/batch, sent - from: Spain to: Liechtenstein, All","Value of Direct debits initiated in a file/batch, sent - from: Spain to: Liechtenstein, All","EUR",6]
["PDD.A.ES.LU.2._T.DDS_ALL._T._Z.N.EUR","A","ES","LU",2,"_T","DDS_ALL","_T","_Z","N","EUR","2020",4.869,"A",false,null,null,"P1Y",{"$nulls":4},"S",null,null,3,null,"Value of Direct debits sent - from: Spain to: Luxembourg, All","Value of Direct debits sent - from: Spain to: Luxembourg, All","EUR",6]
["PDD.A.ES.LV.2._T.DDS_ALL._T._Z.N.PN","A","ES","LV",2,"_T","DDS_ALL","_T","_Z","N","PN","2022",0.000252,"A",false,null,null,"P1Y",{"$nulls":4},"S",null,null,3,null,"Number of Direct debits sent - from: Spain to: Latvia, All","Number of Direct debits sent - from: Spain to: Latvia, All","PN",6]
["PDD.A.ES.NL.1._T.DDS_ALL._T._Z.N.EUR","A","ES","NL",1,"_T","DDS_ALL","_T","_Z","N","EUR","2022",2060.9559694,"A",false,null,null,"P1Y",{"$nulls":4},"S",null,null,3,null,"Value of Direct debits received - from: Spain to: Netherlands, All","Value of Direct debits received - from: Spain to: Netherlands, All","EUR",6]
["PDD.A.ES.NL.2._T.DDS_ALL._T._Z.N.PN","A","ES","NL",2,"_T","DDS_ALL","_T","_Z","N","PN","2020",0.125,"A",false,null,null,"P1Y",{"$nulls":4},"S",null,null,3,null,"Number of Direct debits sent - from: Spain to: Netherlands, All","Number of Direct debits sent - from: Spain to: Netherlands, All","PN",6]
["PDD.A.ES.PT.2.2200.DDS_ALL._T._Z.N.EUR","A","ES","PT",2,"2200","DDS_ALL","_T","_Z","N","EUR","2022",null,"Q",false,null,null,"P1Y",{"$nulls":4},"S",null,null,3,null,"Value of Direct debits initiated on a single payment basis, sent - from: Spain to: Portugal, All","Value of Direct debits initiated on a single payment basis, sent - from: Spain to: Portugal, All","EUR",6]
["PDD.A.ES.RO.2._T.DDS_ALL._T._Z.N.PN","A","ES","RO",2,"_T","DDS_ALL","_T","_Z","N","PN","2021",0.002,"A",false,null,null,"P1Y",{"$nulls":4},"S",null,null,3,null,"Number of Direct debits sent - from: Spain to: Romania, All","Number of Direct debits sent - from: Spain to: Romania, All","PN",6]
["PDD.A.ES.SE.2._T.DDS_ALL._T._Z.N.PN","A","ES","SE",2,"_T","DDS_ALL","_T","_Z","N","PN","2018",0.004,"A",false,null,null,"P1Y",{"$nulls":4},"S",null,null,3,null,"Number of Direct debits sent - from: Spain to: Sweden, All","Number of Direct debits sent - from: Spain to: Sweden, All","PN",6]
["PDD.A.ES.W0.2.2100.DDS_ALL._T._Z.N.EUR","A","ES","W0",2,"2100","DDS_ALL","_T","_Z","N","EUR","2014",507647.948,"A",false,null,null,"P1Y",{"$nulls":4},"S",null,null,3,null,"Value of Direct debits initiated in a file/batch, sent - from: Spain to: World, All","Value of Direct debits initiated in a file/batch, sent - from: Spain to: World, All","EUR",6]
["PDD.A.ES.W0.2.2100.DDS_ALL._T._Z.N.PN","A","ES","W0",2,"2100","DDS_ALL","_T","_Z","N","PN","2021",2046.203,"A",false,null,null,"P1Y",{"$nulls":4},"S",null,null,3,null,"Number of Direct debits initiated in a file/batch, sent - from: Spain to: World, All","Number of Direct debits initiated in a file/batch, sent - from: Spain to: World, All","PN",6]
["PDD.A.ES.W0.2._T.DDS_ALL._T._Z.G1.PN","A","ES","W0",2,"_T","DDS_ALL","_T","_Z","G1","PN","2012",6.583930573753127,"A",false,null,null,"P1Y",{"$nulls":4},"S",null,null,3,null,"Number of Direct debits sent - from: Spain to: World, All","Number of Direct debits sent - from: Spain to: World, All","PN",0]
["PDD.A.ES.W0.2._T.DDS_ALL._T._Z.N.EUR","A","ES","W0",2,"_T","DDS_ALL","_T","_Z","N","EUR","2014",529365.435,"A",false,null,null,"P1Y",{"$nulls":4},"S",null,null,3,null,"Value of Direct debits sent - from: Spain to: World, All","Value of Direct debits sent - from: Spain to: World, All","EUR",6]
["PDD.A.ES.W0.2._T.DDS_ALL._T._Z.N.EUR_R_PNT","A","ES","W0",2,"_T","DDS_ALL","_T","_Z","N","EUR_R_PNT","2014",253.2730211693424,"A",false,null,null,"P1Y",{"$nulls":4},"S",null,null,3,null,"Euro; ratio to number of transactions of Direct debits sent - from: Spain to: World, All","Euro; ratio to number of transactions of Direct debits sent - from: Spain to: World, All","EUR_R_PNT",0]
["PDD.A.ES.W0.2._T.DDS_ALL._T._Z.N.EUR_R_TT","A","ES","W0",2,"_T","DDS_ALL","_T","_Z","N","EUR_R_TT","2003",11.19704017915399,"A",false,null,null,"P1Y",{"$nulls":4},"S",null,null,3,null,"Euro; ratio to total value payment transactions of Direct debits sent - from: Spain to: World, All","Euro; ratio to total value payment transactions of Direct debits sent - from: Spain to: World, All","EUR_R_TT",0]
["PDD.A.ES.W0.2._T.DDS_ALL._T._Z.N.PN","A","ES","W0",2,"_T","DDS_ALL","_T","_Z","N","PN","2001",1154.3,"A",false,null,null,"P1Y",{"$nulls":4},"S",null,null,3,null,"Number of Direct debits sent - from: Spain to: World, All","Number of Direct debits sent - from: Spain to: World, All","PN",6]
["PDD.A.ES.W0.2._T.DDS_ALL._T._Z.N.PN_R_POP6","A","ES","W0",2,"_T","DDS_ALL","_T","_Z","N","PN_R_POP6","2015",39.45919242793209,"A",false,null,null,"P1Y",{"$nulls":4},"S",null,null,3,null,"Pure number per million inhabitants of Direct debits sent - from: Spain to: World, All","Pure number per million inhabitants of Direct debits sent - from: Spain to: World, All","PN_R_POP6",0]
["PDD.A.ES.W1.1._T.DDS_ALL._T._Z.N.PN","A","ES","W1",1,"_T","DDS_ALL","_T","_Z","N","PN","2018",409.739,"A",false,null,null,"P1Y",{"$nulls":4},"S",null,null,3,null,"Number of Direct debits received - from: Spain to: Rest of the World, All","Number of Direct debits received - from: Spain to: Rest of the World, All","PN",6]
["PDD.A.ES.W1.2._T.DDS_ALL._T._Z.N.PN","A","ES","W1",2,"_T","DDS_ALL","_T","_Z","N","PN","2017",26.231,"A",false,null,null,"P1Y",{"$nulls":4},"S",null,null,3,null,"Number of Direct debits sent - from: Spain to: Rest of the World, All","Number of Direct debits sent - from: Spain to: Rest of the World, All","PN",6]
["PDD.A.FI.BE.2._T.DDS_ALL._T._Z.N.EUR","A","FI","BE",2,"_T","DDS_ALL","_T","_Z","N","EUR","2015",null,"M",false,null,null,"P1Y",{"$nulls":4},"S",null,null,3,null,"Value of Direct debits sent - from: Finland to: Belgium, All","Value of Direct debits sent - from: Finland to: Belgium, All","EUR",6]
["PDD.A.FI.BG.2._T.DDS_ALL._T._Z.N.EUR","A","FI","BG",2,"_T","DDS_ALL","_T","_Z","N","EUR","2020",null,"Q",false,null,null,"P1Y",{"$nulls":4},"S",null,null,3,null,"Value of Direct debits sent - from: Finland to: Bulgaria, All","Value of Direct debits sent - from: Finland to: Bulgaria, All","EUR",6]
["PDD.A.FI.CY.1._T.DDS_ALL._T._Z.N.EUR","A","FI","CY",1,"_T","DDS_ALL","_T","_Z","N","EUR","2022",null,"Q",false,null,null,"P1Y",{"$nulls":4},"S",null,null,3,null,"Value of Direct debits received - from: Finland to: Cyprus, All","Value of Direct debits received - from: Finland to: Cyprus, All","EUR",6]
["PDD.A.FI.DE.2._T.DDS_ALL._T._Z.N.EUR","A","FI","DE",2,"_T","DDS_ALL","_T","_Z","N","EUR","2021",161.434,"A",false,null,null,"P1Y",{"$nulls":4},"S",null,null,3,null,"Value of Direct debits sent - from: Finland to: Germany, All","Value of Direct debits sent - from: Finland to: Germany, All","EUR",6]
["PDD.A.FI.DK.2._T.DDS_ALL._T._Z.N.EUR","A","FI","DK",2,"_T","DDS_ALL","_T","_Z","N","EUR","2017",null,"M",false,null,null,"P1Y",{"$nulls":4},"S",null,null,3,null,"Value of Direct debits sent - from: Finland to: Denmark, All","Value of Direct debits sent - from: Finland to: Denmark, All","EUR",6]
["PDD.A.FI.EE.2._T.DDS_ALL._T._Z.N.EUR","A","FI","EE",2,"_T","DDS_ALL","_T","_Z","N","EUR","2014",null,"M",false,null,null,"P1Y",{"$nulls":4},"S",null,null,3,null,"Value of Direct debits sent - from: Finland to: Estonia, All","Value of Direct debits sent - from: Finland to: Estonia, All","EUR",6]
["PDD.A.FI.FR.2._T.DDS_ALL._T._Z.N.PN","A","FI","FR",2,"_T","DDS_ALL","_T","_Z","N","PN","2018",0.005,"A",false,null,null,"P1Y",{"$nulls":4},"S",null,null,3,null,"Number of Direct debits sent - from: Finland to: France, All","Number of Direct debits sent - from: Finland to: France, All","PN",6]
["PDD.A.FI.G1.2._T.DDS_ALL._T._Z.N.PN","A","FI","G1",2,"_T","DDS_ALL","_T","_Z","N","PN","2015",null,"M",false,null,null,"P1Y",{"$nulls":4},"S",null,null,3,null,"Number of Direct debits sent - from: Finland to: Extra EEA, All","Number of Direct debits sent - from: Finland to: Extra EEA, All","PN",6]
["PDD.A.FI.HR.2._T.DDS_ALL._T._Z.N.EUR","A","FI","HR",2,"_T","DDS_ALL","_T","_Z","N","EUR","2020",null,"M",false,null,null,"P1Y",{"$nulls":4},"S",null,null,3,null,"Value of Direct debits sent - from: Finland to: Croatia, All","Value of Direct debits sent - from: Finland to: Croatia, All","EUR",6]
["PDD.A.FI.HU.2._T.DDS_ALL._T._Z.N.PN","A","FI","HU",2,"_T","DDS_ALL","_T","_Z","N","PN","2016",null,"M",false,null,null,"P1Y",{"$nulls":4},"S",null,null,3,null,"Number of Direct debits sent - from: Finland to: Hungary, All","Number of Direct debits sent - from: Finland to: Hungary, All","PN",6]
["PDD.A.FI.IE.2._T.DDS_ALL._T._Z.N.EUR","A","FI","IE",2,"_T","DDS_ALL","_T","_Z","N","EUR","2022",0.03549276,"A",false,null,null,"P1Y",{"$nulls":4},"S",null,null,3,null,"Value of Direct debits sent - from: Finland to: Ireland, All","Value of Direct debits sent - from: Finland to: Ireland, All","EUR",6]
["PDD.A.FI.LI.1._T.DDS_ALL._T._Z.N.PN","A","FI","LI",1,"_T","DDS_ALL","_T","_Z","N","PN","2022",0,"A",false,null,null,"P1Y",{"$nulls":4},"S",null,null,3,null,"Number of Direct debits received - from: Finland to: Liechtenstein, All","Number of Direct debits received - from: Finland to: Liechtenstein, All","PN",6]
["PDD.A.FI.LU.2._T.DDS_ALL._T._Z.N.EUR","A","FI","LU",2,"_T","DDS_ALL","_T","_Z","N","EUR","2015",null,"M",false,null,null,"P1Y",{"$nulls":4},"S",null,null,3,null,"Value of Direct debits sent - from: Finland to: Luxembourg, All","Value of Direct debits sent - from: Finland to: Luxembourg, All","EUR",6]
["PDD.A.FI.LV.2.2200.DDS_ALL._T._Z.N.EUR","A","FI","LV",2,"2200","DDS_ALL","_T","_Z","N","EUR","2022",0,"A",false,null,null,"P1Y",{"$nulls":4},"S",null,null,3,null,"Value of Direct debits initiated on a single payment basis, sent - from: Finland to: Latvia, All","Value of Direct debits initiated on a single payment basis, sent - from: Finland to: Latvia, All","EUR",6]
["PDD.A.FI.NO.1._T.DDS_ALL._T._Z.N.PN","A","FI","NO",1,"_T","DDS_ALL","_T","_Z","N","PN","2022",0,"A",false,null,null,"P1Y",{"$nulls":4},"S",null,null,3,null,"Number of Direct debits received - from: Finland to: Norway, All","Number of Direct debits received - from: Finland to: Norway, All","PN",6]
["PDD.A.FI.PL.2.2200.DDS_ALL._T._Z.N.PN","A","FI","PL",2,"2200","DDS_ALL","_T","_Z","N","PN","2022",0,"A",false,null,null,"P1Y",{"$nulls":4},"S",null,null,3,null,"Number of Direct debits initiated on a single payment basis, sent - from: Finland to: Poland, All","Number of Direct debits initiated on a single payment basis, sent - from: Finland to: Poland, All","PN",6]
["PDD.A.FI.RO.2._T.DDS_ALL._T._Z.N.PN","A","FI","RO",2,"_T","DDS_ALL","_T","_Z","N","PN","2017",null,"M",false,null,null,"P1Y",{"$nulls":4},"S",null,null,3,null,"Number of Direct debits sent - from: Finland to: Romania, All","Number of Direct debits sent - from: Finland to: Romania, All","PN",6]
["PDD.A.FI.SE.2._T.DDS_ALL._T._Z.N.PN","A","FI","SE",2,"_T","DDS_ALL","_T","_Z","N","PN","2014",null,"Q",false,null,null,"P1Y",{"$nulls":4},"S",null,null,3,null,"Number of Direct debits sent - from: Finland to: Sweden, All","Number of Direct debits sent - from: Finland to: Sweden, All","PN",6]
["PDD.A.FI.SK.2._T.DDS_ALL._T._Z.N.PN","A","FI","SK",2,"_T","DDS_ALL","_T","_Z","N","PN","2016",null,"M",false,null,null,"P1Y",{"$nulls":4},"S",null,null,3,null,"Number of Direct debits sent - from: Finland to: Slovakia, All","Number of Direct debits sent - from: Finland to: Slovakia, All","PN",6]
["PDD.A.FI.W0.2.2100.DDS_ALL._T._Z.N.PN","A","FI","W0",2,"2100","DDS_ALL","_T","_Z","N","PN","2017",null,"Q",false,null,null,"P1Y",{"$nulls":4},"S",null,null,3,null,"Number of Direct debits initiated in a file/batch, sent - from: Finland to: World, All","Number of Direct debits initiated in a file/batch, sent - from: Finland to: World, All","PN",6]
["PDD.A.FI.W0.2.2200.DDS_ALL._T._Z.N.PN","A","FI","W0",2,"2200","DDS_ALL","_T","_Z","N","PN","2020",0.024,"A",false,null,null,"P1Y",{"$nulls":4},"S",null,null,3,null,"Number of Direct debits initiated on a single payment basis, sent - from: Finland to: World, All","Number of Direct debits initiated on a single payment basis, sent - from: Finland to: World, All","PN",6]
["PDD.A.FI.W0.2._T.DDS_ALL._T._Z.N.EUR","A","FI","W0",2,"_T","DDS_ALL","_T","_Z","N","EUR","2002",26015,"A",false,null,null,"P1Y",{"$nulls":4},"S",null,null,3,null,"Value of Direct debits sent - from: Finland to: World, All","Value of Direct debits sent - from: Finland to: World, All","EUR",6]
["PDD.A.FI.W0.2._T.DDS_ALL._T._Z.N.EUR_R_B1GQ","A","FI","W0",2,"_T","DDS_ALL","_T","_Z","N","EUR_R_B1GQ","2008",23.38969963709366,"A",false,null,null,"P1Y",{"$nulls":4},"S",null,null,3,null,"Euro; ratio to GDP of Direct debits sent - from: Finland to: World, All","Euro; ratio to GDP of Direct debits sent - from: Finland to: World, All","EUR_R_B1GQ",0]
["PDD.A.FI.W0.2._T.DDS_ALL._T._Z.N.EUR_R_PNT","A","FI","W0",2,"_T","DDS_ALL","_T","_Z","N","EUR_R_PNT","2006",567.9055555555556,"A",false,null,null,"P1Y",{"$nulls":4},"S",null,null,3,null,"Euro; ratio to number of transactions of Direct debits sent - from: Finland to: World, All","Euro; ratio to number of transactions of Direct debits sent - from: Finland to: World, All","EUR_R_PNT",0]
["PDD.A.FI.W0.2._T.DDS_ALL._T._Z.N.EUR_R_TT","A","FI","W0",2,"_T","DDS_ALL","_T","_Z","N","EUR_R_TT","2021",0.031624816202767,"A",false,null,null,"P1Y",{"$nulls":4},"S",null,null,3,null,"Euro; ratio to total value payment transactions of Direct debits sent - from: Finland to: World, All","Euro; ratio to total value payment transactions of Direct debits sent - from: Finland to: World, All","EUR_R_TT",0]
["PDD.A.FI.W0.2._T.DDS_ALL._T._Z.N.PN_R_POP6","A","FI","W0",2,"_T","DDS_ALL","_T","_Z","N","PN_R_POP6","2008",15.43267964015508,"A",false,null,null,"P1Y",{"$nulls":4},"S",null,null,3,null,"Pure number per million inhabitants of Direct debits sent - from: Finland to: World, All","Pure number per million inhabitants of Direct debits sent - from: Finland to: World, All","PN_R_POP6",0]
["PDD.A.FI.W0.2._T.DDS_ALL._T._Z.N.PN_R_POP6","A","FI","W0",2,"_T","DDS_ALL","_T","_Z","N","PN_R_POP6","2016",null,"Q",false,null,null,"P1Y",{"$nulls":4},"S",null,null,3,null,"Pure number per million inhabitants of Direct debits sent - from: Finland to: World, All","Pure number per million inhabitants of Direct debits sent - from: Finland to: World, All","PN_R_POP6",0]
["PDD.A.FI.W1.2._T.DDS_ALL._T._Z.N.PN","A","FI","W1",2,"_T","DDS_ALL","_T","_Z","N","PN","2014",null,"Q",false,null,null,"P1Y",{"$nulls":4},"S",null,null,3,null,"Number of Direct debits sent - from: Finland to: Rest of the World, All","Number of Direct debits sent - from: Finland to: Rest of the World, All","PN",6]
["PDD.A.FI.W2.2._T.DDS_ALL._T._Z.N.PN","A","FI","W2",2,"_T","DDS_ALL","_T","_Z","N","PN","2014",null,"Q",false,null,null,"P1Y",{"$nulls":4},"S",null,null,3,null,"Number of Direct debits sent - from: Finland to: Domestic (home or reference area), All","Number of Direct debits sent - from: Finland to: Domestic (home or reference area), All","PN",6]
["PDD.A.FR.AT.2._T.DDS_ALL._T._Z.N.EUR","A","FR","AT",2,"_T","DDS_ALL","_T","_Z","N","EUR","2020",1153.811,"A",false,null,null,"P1Y",{"$nulls":4},"S",null,null,3,null,"Value of Direct debits sent - from: France to: Austria, All","Value of Direct debits sent - from: France to: Austria, All","EUR",6]
["PDD.A.FR.BG.2._T.DDS_ALL._T._Z.N.PN","A","FR","BG",2,"_T","DDS_ALL","_T","_Z","N","PN","2020",0.002,"A",false,null,null,"P1Y",{"$nulls":4},"S",null,null,3,null,"Number of Direct debits sent - from: France to: Bulgaria, All","Number of Direct debits sent - from: France to: Bulgaria, All","PN",6]
["PDD.A.FR.CY.2._T.DDS_ALL._T._Z.N.PN","A","FR","CY",2,"_T","DDS_ALL","_T","_Z","N","PN","2017",0.001,"A",false,null,null,"P1Y",{"$nulls":4},"S",null,null,3,null,"Number of Direct debits sent - from: France to: Cyprus, All","Number of Direct debits sent - from: France to: Cyprus, All","PN",6]
["PDD.A.FR.DK.2.2100.DDS_ALL._T._Z.N.EUR","A","FR","DK",2,"2100","DDS_ALL","_T","_Z","N","EUR","2022",43.03314668,"A",false,null,null,"P1Y",{"$nulls":4},"S",null,null,3,null,"Value of Direct debits initiated in a file/batch, sent - from: France to: Denmark, All","Value of Direct debits initiated in a file/batch, sent - from: France to: Denmark, All","EUR",6]
["PDD.A.FR.EE.2.2100.DDS_ALL._T._Z.N.PN","A","FR","EE",2,"2100","DDS_ALL","_T","_Z","N","PN","2022",0.001401,"A",false,null,null,"P1Y",{"$nulls":4},"S",null,null,3,null,"Number of Direct debits initiated in a file/batch, sent - from: France to: Estonia, All","Number of Direct debits initiated in a file/batch, sent - from: France to: Estonia, All","PN",6]
["PDD.A.FR.ES.2.2200.DDS_ALL._T._Z.N.EUR","A","FR","ES",2,"2200","DDS_ALL","_T","_Z","N","EUR","2022",236.08188177,"A",false,null,null,"P1Y",{"$nulls":4},"S",null,null,3,null,"Value of Direct debits initiated on a single payment basis, sent - from: France to: Spain, All","Value of Direct debits initiated on a single payment basis, sent - from: France to: Spain, All","EUR",6]
["PDD.A.FR.FI.2._T.DDS_ALL._T._Z.N.PN","A","FR","FI",2,"_T","DDS_ALL","_T","_Z","N","PN","2022",0.009829000000000001,"A",false,null,null,"P1Y",{"$nulls":4},"S",null,null,3,null,"Number of Direct debits sent - from: France to: Finland, All","Number of Direct debits sent - from: France to: Finland, All","PN",6]
["PDD.A.FR.GR.1._T.DDS_ALL._T._Z.N.PN","A","FR","GR",1,"_T","DDS_ALL","_T","_Z","N","PN","2022",8.3E-05,"A",false,null,null,"P1Y",{"$nulls":4},"S",null,null,3,null,"Number of Direct debits received - from: France to: Greece, All","Number of Direct debits received - from: France to: Greece, All","PN",6]
["PDD.A.FR.HR.2.2100.DDS_ALL._T._Z.N.EUR","A","FR","HR",2,"2100","DDS_ALL","_T","_Z","N","EUR","2022",4E-06,"A",false,null,null,"P1Y",{"$nulls":4},"S",null,null,3,null,"Value of Direct debits initiated in a file/batch, sent - from: France to: Croatia, All","Value of Direct debits initiated in a file/batch, sent - from: France to: Croatia, All","EUR",6]
["PDD.A.FR.IE.2._T.DDS_ALL._T._Z.N.EUR","A","FR","IE",2,"_T","DDS_ALL","_T","_Z","N","EUR","2019",641.279,"A",false,null,null,"P1Y",{"$nulls":4},"S",null,null,3,null,"Value of Direct debits sent - from: France to: Ireland, All","Value of Direct debits sent - from: France to: Ireland, All","EUR",6]
["PDD.A.FR.IT.2._T.DDS_ALL._T._Z.N.EUR","A","FR","IT",2,"_T","DDS_ALL","_T","_Z","N","EUR","2015",132.22,"A",false,null,null,"P1Y",{"$nulls":4},"S",null,null,3,null,"Value of Direct debits sent - from: France to: Italy, All","Value of Direct debits sent - from: France to: Italy, All","EUR",6]
["PDD.A.FR.LU.2.2200.DDS_ALL._T._Z.N.EUR","A","FR","LU",2,"2200","DDS_ALL","_T","_Z","N","EUR","2022",71.45051382,"A",false,null,null,"P1Y",{"$nulls":4},"S",null,null,3,null,"Value of Direct debits initiated on a single payment basis, sent - from: France to: Luxembourg, All","Value of Direct debits initiated on a single payment basis, sent - from: France to: Luxembourg, All","EUR",6]
["PDD.A.FR.LV.1._T.DDS_ALL._T._Z.N.PN","A","FR","LV",1,"_T","DDS_ALL","_T","_Z","N","PN","2022",0.000439,"A",false,null,null,"P1Y",{"$nulls":4},"S",null,null,3,null,"Number of Direct debits received - from: France to: Latvia, All","Number of Direct debits received - from: France to: Latvia, All","PN",6]
["PDD.A.FR.MT.2._T.DDS_ALL._T._Z.N.EUR","A","FR","MT",2,"_T","DDS_ALL","_T","_Z","N","EUR","2015",0.206,"A",false,null,null,"P1Y",{"$nulls":4},"S",null,null,3,null,"Value of Direct debits sent - from: France to: Malta, All","Value of Direct debits sent - from: France to: Malta, All","EUR",6]
["PDD.A.FR.PL.2.2100.DDS_ALL._T._Z.N.EUR","A","FR","PL",2,"2100","DDS_ALL","_T","_Z","N","EUR","2022",2.79510838,"A",false,null,null,"P1Y",{"$nulls":4},"S",null,null,3,null,"Value of Direct debits initiated in a file/batch, sent - from: France to: Poland, All","Value of Direct debits initiated in a file/batch, sent - from: France to: Poland, All","EUR",6]
["PDD.A.FR.PL.2._T.DDS_ALL._T._Z.N.PN","A","FR","PL",2,"_T","DDS_ALL","_T","_Z","N","PN","2022",0.0007880000000000001,"A",false,null,null,"P1Y",{"$nulls":4},"S",null,null,3,null,"Number of Direct debits sent - from: France to: Poland, All","Number of Direct debits sent - from: France to: Poland, All","PN",6]
["PDD.A.FR.RO.1._T.DDS_ALL._T._Z.N.EUR","A","FR","RO",1,"_T","DDS_ALL","_T","_Z","N","EUR","2022",0,"A",false,null,null,"P1Y",{"$nulls":4},"S",null,null,3,null,"Value of Direct debits received - from: France to: Romania, All","Value of Direct debits received - from: France to: Romania, All","EUR",6]
["PDD.A.FR.SE.2._T.DDS_ALL._T._Z.N.PN","A","FR","SE",2,"_T","DDS_ALL","_T","_Z","N","PN","2022",0.008898999999999999,"A",false,null,null,"P1Y",{"$nulls":4},"S",null,null,3,null,"Number of Direct debits sent - from: France to: Sweden, All","Number of Direct debits sent - from: France to: Sweden, All","PN",6]
["PDD.A.FR.SK.2.2200.DDS_ALL._T._Z.N.PN","A","FR","SK",2,"2200","DDS_ALL","_T","_Z","N","PN","2022",0.000282,"A",false,null,null,"P1Y",{"$nulls":4},"S",null,null,3,null,"Number of Direct debits initiated on a single payment basis, sent - from: France to: Slovakia, All","Number of Direct debits initiated on a single payment basis, sent - from: France to: Slovakia, All","PN",6]
["PDD.A.FR.W0.2.2200.DDS_ALL._T._Z.N.PN","A","FR","W0",2,"2200","DDS_ALL","_T","_Z","N","PN","2018",59.85,"A",false,null,null,"P1Y",{"$nulls":4},"S",null,null,3,null,"Number of Direct debits initiated on a single payment basis, sent - from: France to: World, All","Number of Direct debits initiated on a single payment basis, sent - from: France to: World, All","PN",6]
["PDD.A.FR.W0.2.2200.DDS_ALL._T._Z.N.PN","A","FR","W0",2,"2200","DDS_ALL","_T","_Z","N","PN","2020",61.291,"A",false,null,null,"P1Y",{"$nulls":4},"S",null,null,3,null,"Number of Direct debits initiated on a single payment basis, sent - from: France to: World, All","Number of Direct debits initiated on a single payment basis, sent - from: France to: World, All","PN",6]
["PDD.A.FR.W0.2._T.DDS_ALL._T._Z.G1.PN","A","FR","W0",2,"_T","DDS_ALL","_T","_Z","G1","PN","2015",9.53309409134022,"A",false,null,null,"P1Y",{"$nulls":4},"S",null,null,3,null,"Number of Direct debits sent - from: France to: World, All","Number of Direct debits sent - from: France to: World, All","PN",0]
["PDD.A.FR.W0.2._T.DDS_ALL._T._Z.N.EUR_R_PNT","A","FR","W0",2,"_T","DDS_ALL","_T","_Z","N","EUR_R_PNT","2003",321.0786281412331,"A",false,null,null,"P1Y",{"$nulls":4},"S",null,null,3,null,"Euro; ratio to number of transactions of Direct debits sent - from: France to: World, All","Euro; ratio to number of transactions of Direct debits sent - from: France to: World, All","EUR_R_PNT",0]
["PDD.A.FR.W0.2._T.DDS_ALL._T._Z.N.EUR_R_POP6","A","FR","W0",2,"_T","DDS_ALL","_T","_Z","N","EUR_R_POP6","2008",16379.14067525364,"A",false,null,null,"P1Y",{"$nulls":4},"S",null,null,3,null,"Euro per million inhabitants of Direct debits sent - from: France to: World, All","Euro per million inhabitants of Direct debits sent - from: France to: World, All","EUR_R_POP6",0]
["PDD.A.FR.W0.2._T.DDS_ALL._T._Z.N.EUR_R_TT","A","FR","W0",2,"_T","DDS_ALL","_T","_Z","N","EUR_R_TT","2002",0.7510249719715598,"A",false,null,null,"P1Y",{"$nulls":4},"S",null,null,3,null,"Euro; ratio to total value payment transactions of Direct debits sent - from: France to: World, All","Euro; ratio to total value payment transactions of Direct debits sent - from: France to: World, All","EUR_R_TT",0]
["PDD.A.FR.W0.2._T.DDS_ALL._T._Z.N.PN_R_POP6","A","FR","W0",2,"_T","DDS_ALL","_T","_Z","N","PN_R_POP6","2013",47.09328544801564,"A",false,null,null,"P1Y",{"$nulls":4},"S",null,null,3,null,"Pure number per million inhabitants of Direct debits sent - from: France to: World, All","Pure number per million inhabitants of Direct debits sent - from: France to: World, All","PN_R_POP6",0]
["PDD.A.FR.W0.2._T.DDS_ALL._T._Z.N.PN_R_TT","A","FR","W0",2,"_T","DDS_ALL","_T","_Z","N","PN_R_TT","2015",19.19572961309144,"A",false,null,null,"P1Y",{"$nulls":4},"S",null,null,3,null,"Pure number; ratio to total number payment transactions of Direct debits sent - from: France to: World, All","Pure number; ratio to total number payment transactions of Direct debits sent - from: France to: World, All","PN_R_TT",0]
["PDD.A.FR.W2.2._T.DDS_ALL._T._Z.N.EUR","A","FR","W2",2,"_T","DDS_ALL","_T","_Z","N","EUR","2016",1482696.012,"A",false,null,null,"P1Y",{"$nulls":4},"S",null,null,3,null,"Value of Direct debits sent - from: France to: Domestic (home or reference area), All","Value of Direct debits sent - from: France to: Domestic (home or reference area), All","EUR",6]
["PDD.A.GR.AT.2.2200.DDS_ALL._T._Z.N.PN","A","GR","AT",2,"2200","DDS_ALL","_T","_Z","N","PN","2022",0,"A",false,null,null,"P1Y",{"$nulls":4},"S",null,null,3,null,"Number of Direct debits initiated on a single payment basis, sent - from: Greece to: Austria, All","Number of Direct debits initiated on a single payment basis, sent - from: Greece to: Austria, All","PN",6]
["PDD.A.GR.BE.2._T.DDS_ALL._T._Z.N.EUR","A","GR","BE",2,"_T","DDS_ALL","_T","_Z","N","EUR","2014",0.026,"A",false,null,null,"P1Y",{"$nulls":4},"S",null,null,3,null,"Value of Direct debits sent - from: Greece to: Belgium, All","Value of Direct debits sent - from: Greece to: Belgium, All","EUR",6]
["PDD.A.GR.CY.2.2200.DDS_ALL._T._Z.N.PN","A","GR","CY",2,"2200","DDS_ALL","_T","_Z","N","PN","2022",null,"Q",false,null,null,"P1Y",{"$nulls":4},"S",null,null,3,null,"Number of Direct debits initiated on a single payment basis, sent - from: Greece to: Cyprus, All","Number of Direct debits initiated on a single payment basis, sent - from: Greece to: Cyprus, All","PN",6]
["PDD.A.GR.CZ.2._T.DDS_ALL._T._Z.N.EUR","A","GR","CZ",2,"_T","DDS_ALL","_T","_Z","N","EUR","2019",0,"A",false,null,null,"P1Y",{"$nulls":4},"S",null,null,3,null,"Value of Direct debits sent - from: Greece to: Czech Republic, All","Value of Direct debits sent - from: Greece to: Czech Republic, All","EUR",6]
["PDD.A.GR.DE.2._T.DDS_ALL._T._Z.N.EUR","A","GR","DE",2,"_T","DDS_ALL","_T","_Z","N","EUR","2020",1.286,"A",false,null,null,"P1Y",{"$nulls":4},"S",null,null,3,null,"Value of Direct debits sent - from: Greece to: Germany, All","Value of Direct debits sent - from: Greece to: Germany, All","EUR",6]
["PDD.A.GR.EE.2._T.DDS_ALL._T._Z.N.PN","A","GR","EE",2,"_T","DDS_ALL","_T","_Z","N","PN","2020",0,"A",false,null,null,"P1Y",{"$nulls":4},"S",null,null,3,null,"Number of Direct debits sent - from: Greece to: Estonia, All","Number of Direct debits sent - from: Greece to: Estonia, All","PN",6]
["PDD.A.GR.FI.2._T.DDS_ALL._T._Z.N.PN","A","GR","FI",2,"_T","DDS_ALL","_T","_Z","N","PN","2015",0,"A",false,null,null,"P1Y",{"$nulls":4},"S",null,null,3,null,"Number of Direct debits sent - from: Greece to: Finland, All","Number of Direct debits sent - from: Greece to: Finland, All","PN",6]
["PDD.A.GR.G1.2._T.DDS_ALL._T._Z.N.EUR","A","GR","G1",2,"_T","DDS_ALL","_T","_Z","N","EUR","2014",1.375,"A",false,null,null,"P1Y",{"$nulls":4},"S",null,null,3,null,"Value of Direct debits sent - from: Greece to: Extra EEA, All","Value of Direct debits sent - from: Greece to: Extra EEA, All","EUR",6]
["PDD.A.GR.G3.2.2100.DDS_ALL._T._Z.N.PN","A","GR","G3",2,"2100","DDS_ALL","_T","_Z","N","PN","2022",0.08718499999999998,"A",false,null,null,"P1Y",{"$nulls":4},"S",null,null,3,null,"Number of Direct debits initiated in a file/batch, sent - from: Greece to: Other EEA countries, All","Number of Direct debits initiated in a file/batch, sent - from: Greece to: Other EEA countries, All","PN",6]
["PDD.A.GR.HU.2.2200.DDS_ALL._T._Z.N.PN","A","GR","HU",2,"2200","DDS_ALL","_T","_Z","N","PN","2022",0,"A",false,null,null,"P1Y",{"$nulls":4},"S",null,null,3,null,"Number of Direct debits initiated on a single payment basis, sent - from: Greece to: Hungary, All","Number of Direct debits initiated on a single payment basis, sent - from: Greece to: Hungary, All","PN",6]
["PDD.A.GR.IS.2.2200.DDS_ALL._T._Z.N.EUR","A","GR","IS",2,"2200","DDS_ALL","_T","_Z","N","EUR","2022",0,"A",false,null,null,"P1Y",{"$nulls":4},"S",null,null,3,null,"Value of Direct debits initiated on a single payment basis, sent - from: Greece to: Iceland, All","Value of Direct debits initiated on a single payment basis, sent - from: Greece to: Iceland, All","EUR",6]
["PDD.A.GR.IT.2._T.DDS_ALL._T._Z.N.PN","A","GR","IT",2,"_T","DDS_ALL","_T","_Z","N","PN","2016",0,"A",false,null,null,"P1Y",{"$nulls":4},"S",null,null,3,null,"Number of Direct debits sent - from: Greece to: Italy, All","Number of Direct debits sent - from: Greece to: Italy, All","PN",6]
["PDD.A.GR.LT.2._T.DDS_ALL._T._Z.N.EUR","A","GR","LT",2,"_T","DDS_ALL","_T","_Z","N","EUR","2018",0,"A",false,null,null,"P1Y",{"$nulls":4},"S",null,null,3,null,"Value of Direct debits sent - from: Greece to: Lithuania, All","Value of Direct debits sent - from: Greece to: Lithuania, All","EUR",6]
["PDD.A.GR.LV.2._T.DDS_ALL._T._Z.N.EUR","A","GR","LV",2,"_T","DDS_ALL","_T","_Z","N","EUR","2021",0,"A",false,null,null,"P1Y",{"$nulls":4},"S",null,null,3,null,"Value of Direct debits sent - from: Greece to: Latvia, All","Value of Direct debits sent - from: Greece to: Latvia, All","EUR",6]
["PDD.A.GR.MT.2._T.DDS_ALL._T._Z.N.PN","A","GR","MT",2,"_T","DDS_ALL","_T","_Z","N","PN","2018",0,"A",false,null,null,"P1Y",{"$nulls":4},"S",null,null,3,null,"Number of Direct debits sent - from: Greece to: Malta, All","Number of Direct debits sent - from: Greece to: Malta, All","PN",6]
["PDD.A.GR.PL.2._T.DDS_ALL._T._Z.N.PN","A","GR","PL",2,"_T","DDS_ALL","_T","_Z","N","PN","2019",0,"A",false,null,null,"P1Y",{"$nulls":4},"S",null,null,3,null,"Number of Direct debits sent - from: Greece to: Poland, All","Number of Direct debits sent - from: Greece to: Poland, All","PN",6]
["PDD.A.GR.PT.2.2100.DDS_ALL._T._Z.N.EUR","A","GR","PT",2,"2100","DDS_ALL","_T","_Z","N","EUR","2022",null,"Q",false,null,null,"P1Y",{"$nulls":4},"S",null,null,3,null,"Value of Direct debits initiated in a file/batch, sent - from: Greece to: Portugal, All","Value of Direct debits initiated in a file/batch, sent - from: Greece to: Portugal, All","EUR",6]
["PDD.A.GR.RO.2._T.DDS_ALL._T._Z.N.PN","A","GR","RO",2,"_T","DDS_ALL","_T","_Z","N","PN","2016",0,"A",false,null,null,"P1Y",{"$nulls":4},"S",null,null,3,null,"Number of Direct debits sent - from: Greece to: Romania, All","Number of Direct debits sent - from: Greece to: Romania, All","PN",6]
["PDD.A.GR.SK.2.2100.DDS_ALL._T._Z.N.EUR","A","GR","SK",2,"2100","DDS_ALL","_T","_Z","N","EUR","2022",null,"Q",false,null,null,"P1Y",{"$nulls":4},"S",null,null,3,null,"Value of Direct debits initiated in a file/batch, sent - from: Greece to: Slovakia, All","Value of Direct debits initiated in a file/batch, sent - from: Greece to: Slovakia, All","EUR",6]
["PDD.A.GR.W0.1._T.DDS_ALL._T._Z.G1.PN","A","GR","W0",1,"_T","DDS_ALL","_T","_Z","G1","PN","2022",null,"M",false,null,null,"P1Y",{"$nulls":4},"S",null,null,3,null,"Number of Direct debits received - from: Greece to: World, All","Number of Direct debits received - from: Greece to: World, All","PN",0]
["PDD.A.GR.W0.2.2200.DDS_ALL._T._Z.N.EUR","A","GR","W0",2,"2200","DDS_ALL","_T","_Z","N","EUR","2021",14.674,"A",false,null,null,"P1Y",{"$nulls":4},"S",null,null,3,null,"Value of Direct debits initiated on a single payment basis, sent - from: Greece to: World, All","Value of Direct debits initiated on a single payment basis, sent - from: Greece to: World, All","EUR",6]
["PDD.A.GR.W0.2._T.DDS_ALL._T._Z.G1.PN","A","GR","W0",2,"_T","DDS_ALL","_T","_Z","G1","PN","2008",-31.46614437604925,"A",false,null,null,"P1Y",{"$nulls":4},"S",null,null,3,null,"Number of Direct debits sent - from: Greece to: World, All","Number of Direct debits sent - from: Greece to: World, All","PN",0]
["PDD.A.GR.W0.2._T.DDS_ALL._T._Z.N.EUR","A","GR","W0",2,"_T","DDS_ALL","_T","_Z","N","EUR","2010",7783.932,"A",false,null,null,"P1Y",{"$nulls":4},"S",null,null,3,null,"Value of Direct debits sent - from: Greece to: World, All","Value of Direct debits sent - from: Greece to: World, All","EUR",6]
["PDD.A.GR.W0.2._T.DDS_ALL._T._Z.N.EUR_R_B1GQ","A","GR","W0",2,"_T","DDS_ALL","_T","_Z","N","EUR_R_B1GQ","2012",3.414090283708882,"A",false,null,null,"P1Y",{"$nulls":4},"S",null,null,3,null,"Euro; ratio to GDP of Direct debits sent - from: Greece to: World, All","Euro; ratio to GDP of Direct debits sent - from: Greece to: World, All","EUR_R_B1GQ",0]
["PDD.A.GR.W0.2._T.DDS_ALL._T._Z.N.EUR_R_POP6","A","GR","W0",2,"_T","DDS_ALL","_T","_Z","N","EUR_R_POP6","2018",320.0770678010492,"A",false,null,null,"P1Y",{"$nulls":4},"S",null,null,3,null,"Euro per million inhabitants of Direct debits sent - from: Greece to: World, All","Euro per million inhabitants of Direct debits sent - from: Greece to: World, All","EUR_R_POP6",0]
["PDD.A.GR.W0.2._T.DDS_ALL._T._Z.N.EUR_R_TT","A","GR","W0",2,"_T","DDS_ALL","_T","_Z","N","EUR_R_TT","2020",0.3690765784997863,"A",false,null,null,"P1Y",{"$nulls":4},"S",null,null,3,null,"Euro; ratio to total value payment transactions of Direct debits sent - from: Greece to: World, All","Euro; ratio to total value payment transactions of Direct debits sent - from: Greece to: World, All","EUR_R_TT",0]
["PDD.A.GR.W0.2._T.DDS_ALL._T._Z.N.PN_R_TT","A","GR","W0",2,"_T","DDS_ALL","_T","_Z","N","PN_R_TT","2002",12.8014296967773,"A",false,null,null,"P1Y",{"$nulls":4},"S",null,null,3,null,"Pure number; ratio to total number payment transactions of Direct debits sent - from: Greece to: World, All","Pure number; ratio to total number payment transactions of Direct debits sent - from: Greece to: World, All","PN_R_TT",0]
["PDD.A.GR.W1.1._T.DDS_ALL._T._Z.N.PN","A","GR","W1",1,"_T","DDS_ALL","_T","_Z","N","PN","2014",0.016,"A",false,null,null,"P1Y",{"$nulls":4},"S",null,null,3,null,"Number of Direct debits received - from: Greece to: Rest of the World, All","Number of Direct debits received - from: Greece to: Rest of the World, All","PN",6]
["PDD.A.GR.W1.2._T.DDS_ALL._T._Z.N.EUR","A","GR","W1",2,"_T","DDS_ALL","_T","_Z","N","EUR","2022",16.80063647,"A",false,null,null,"P1Y",{"$nulls":4},"S",null,null,3,null,"Value of Direct debits sent - from: Greece to: Rest of the World, All","Value of Direct debits sent - from: Greece to: Rest of the World, All","EUR",6]
["PDD.A.HR.AT.2._T.DDS_ALL._T._Z.N.XDF","A","HR","AT",2,"_T","DDS_ALL","_T","_Z","N","XDF","2021",null,"M",false,null,null,"P1Y",{"$nulls":4},"S",null,null,3,null,"Value of Direct debits sent - from: Croatia to: Austria, All","Value of Direct debits sent - from: Croatia to: Austria, All","XDF",0]
["PDD.A.HR.BE.2._T.DDS_ALL._T._Z.N.PN","A","HR","BE",2,"_T","DDS_ALL","_T","_Z","N","PN","2017",null,"M",false,null,null,"P1Y",{"$nulls":4},"S",null,null,3,null,"Number of Direct debits sent - from: Croatia to: Belgium, All","Number of Direct debits sent - from: Croatia to: Belgium, All","PN",6]
["PDD.A.HR.CZ.2._T.DDS_ALL._T._Z.N.PN","A","HR","CZ",2,"_T","DDS_ALL","_T","_Z","N","PN","2014",null,"M",false,null,null,"P1Y",{"$nulls":4},"S",null,null,3,null,"Number of Direct debits sent - from: Croatia to: Czech Republic, All","Number of Direct debits sent - from: Croatia to: Czech Republic, All","PN",6]
["PDD.A.HR.DE.2._T.DDS_ALL._T._Z.N.PN","A","HR","DE",2,"_T","DDS_ALL","_T","_Z","N","PN","2015",null,"M",false,null,null,"P1Y",{"$nulls":4},"S",null,null,3,null,"Number of Direct debits sent - from: Croatia to: Germany, All","Number of Direct debits sent - from: Croatia to: Germany, All","PN",6]
["PDD.A.HR.DK.2._T.DDS_ALL._T._Z.N.XDF","A","HR","DK",2,"_T","DDS_ALL","_T","_Z","N","XDF","2017",null,"M",false,null,null,"P1Y",{"$nulls":4},"S",null,null,3,null,"Value of Direct debits sent - from: Croatia to: Denmark, All","Value of Direct debits sent - from: Croatia to: Denmark, All","XDF",0]
["PDD.A.HR.ES.2._T.DDS_ALL._T._Z.N.PN","A","HR","ES",2,"_T","DDS_ALL","_T","_Z","N","PN","2020",null,"M",false,null,null,"P1Y",{"$nulls":4},"S",null,null,3,null,"Number of Direct debits sent - from: Croatia to: Spain, All","Number of Direct debits sent - from: Croatia to: Spain, All","PN",6]
["PDD.A.HR.FI.2._T.DDS_ALL._T._Z.N.PN","A","HR","FI",2,"_T","DDS_ALL","_T","_Z","N","PN","2021",null,"M",false,null,null,"P1Y",{"$nulls":4},"S",null,null,3,null,"Number of Direct debits sent - from: Croatia to: Finland, All","Number of Direct debits sent - from: Croatia to: Finland, All","PN",6]
["PDD.A.HR.FR.2._T.DDS_ALL._T._Z.N.PN","A","HR","FR",2,"_T","DDS_ALL","_T","_Z","N","PN","2018",null,"M",false,null,null,"P1Y",{"$nulls":4},"S",null,null,3,null,"Number of Direct debits sent - from: Croatia to: France, All","Number of Direct debits sent - from: Croatia to: France, All","PN",6]
["PDD.A.HR.GR.2._T.DDS_ALL._T._Z.N.XDF","A","HR","GR",2,"_T","DDS_ALL","_T","_Z","N","XDF","2017",null,"M",false,null,null,"P1Y",{"$nulls":4},"S",null,null,3,null,"Value of Direct debits sent - from: Croatia to: Greece, All","Value of Direct debits sent - from: Croatia to: Greece, All","XDF",0]
["PDD.A.HR.HU.2._T.DDS_ALL._T._Z.N.XDF","A","HR","HU",2,"_T","DDS_ALL","_T","_Z","N","XDF","2019",null,"M",false,null,null,"P1Y",{"$nulls":4},"S",null,null,3,null,"Value of Direct debits sent - from: Croatia to: Hungary, All","Value of Direct debits sent - from: Croatia to: Hungary, All","XDF",0]
["PDD.A.HR.LT.2._T.DDS_ALL._T._Z.N.EUR","A","HR","LT",2,"_T","DDS_ALL","_T","_Z","N","EUR","2020",null,"M",false,null,null,"P1Y",{"$nulls":4},"S",null,null,3,null,"Value of Direct debits sent - from: Croatia to: Lithuania, All","Value of Direct debits sent - from: Croatia to: Lithuania, All","EUR",6]
["PDD.A.HR.LU.2._T.DDS_ALL._T._Z.N.EUR","A","HR","LU",2,"_T","DDS_ALL","_T","_Z","N","EUR","2017",null,"M",false,null,null,"P1Y",{"$nulls":4},"S",null,null,3,null,"Value of Direct debits sent - from: Croatia to: Luxembourg, All","Value of Direct debits sent - from: Croatia to: Luxembourg, All","EUR",6]
["PDD.A.HR.LV.2._T.DDS_ALL._T._Z.N.EUR","A","HR","LV",2,"_T","DDS_ALL","_T","_Z","N","EUR","2017",null,"M",false,null,null,"P1Y",{"$nulls":4},"S",null,null,3,null,"Value of Direct debits sent - from: Croatia to: Latvia, All","Value of Direct debits sent - from: Croatia to: Latvia, All","EUR",6]
["PDD.A.HR.NL.2._T.DDS_ALL._T._Z.N.PN","A","HR","NL",2,"_T","DDS_ALL","_T","_Z","N","PN","2018",null,"M",false,null,null,"P1Y",{"$nulls":4},"S",null,null,3,null,"Number of Direct debits sent - from: Croatia to: Netherlands, All","Number of Direct debits sent - from: Croatia to: Netherlands, All","PN",6]
["PDD.A.HR.PL.2._T.DDS_ALL._T._Z.N.PN","A","HR","PL",2,"_T","DDS_ALL","_T","_Z","N","PN","2019",null,"M",false,null,null,"P1Y",{"$nulls":4},"S",null,null,3,null,"Number of Direct debits sent - from: Croatia to: Poland, All","Number of Direct debits sent - from: Croatia to: Poland, All","PN",6]
["PDD.A.HR.RO.2._T.DDS_ALL._T._Z.N.EUR","A","HR","RO",2,"_T","DDS_ALL","_T","_Z","N","EUR","2017",null,"M",false,null,null,"P1Y",{"$nulls":4},"S",null,null,3,null,"Value of Direct debits sent - from: Croatia to: Romania, All","Value of Direct debits sent - from: Croatia to: Romania, All","EUR",6]
["PDD.A.HR.SE.2._T.DDS_ALL._T._Z.N.XDF","A","HR","SE",2,"_T","DDS_ALL","_T","_Z","N","XDF","2016",null,"M",false,null,null,"P1Y",{"$nulls":4},"S",null,null,3,null,"Value of Direct debits sent - from: Croatia to: Sweden, All","Value of Direct debits sent - from: Croatia to: Sweden, All","XDF",0]
["PDD.A.HR.SI.2._T.DDS_ALL._T._Z.N.XDF","A","HR","SI",2,"_T","DDS_ALL","_T","_Z","N","XDF","2017",null,"M",false,null,null,"P1Y",{"$nulls":4},"S",null,null,3,null,"Value of Direct debits sent - from: Croatia to: Slovenia, All","Value of Direct debits sent - from: Croatia to: Slovenia, All","XDF",0]
["PDD.A.HR.W0.1._T.DDS_ALL.1._Z.N.EUR_R_B1GQ","A","HR","W0",1,"_T","DDS_ALL","1","_Z","N","EUR_R_B1GQ","2022",null,"Q",false,null,null,"P1Y",{"$nulls":4},"S",null,null,3,null,"Euro; ratio to GDP of Direct debits received - from: Croatia to: World, Electronic mandate","Euro; ratio to GDP of Direct debits received - from: Croatia to: World, Electronic mandate","EUR_R_B1GQ",0]
["PDD.A.HR.W0.2.2200.DDS_ALL._T._Z.N.XDF","A","HR","W0",2,"2200","DDS_ALL","_T","_Z","N","XDF","2020",null,"Q",false,null,null,"P1Y",{"$nulls":4},"S",null,null,3,null,"Value of Direct debits initiated on a single payment basis, sent - from: Croatia to: World, All","Value of Direct debits initiated on a single payment basis, sent - from: Croatia to: World, All","XDF",0]
["PDD.A.HR.W0.2._T.DDS_ALL._T._Z.G1.XDF","A","HR","W0",2,"_T","DDS_ALL","_T","_Z","G1","XDF","2008",null,"M",false,null,null,"P1Y",{"$nulls":4},"S",null,null,3,null,"Value of Direct debits sent - from: Croatia to: World, All","Value of Direct debits sent - from: Croatia to: World, All","XDF",0]
["PDD.A.HR.W0.2._T.DDS_ALL._T._Z.N.EUR_R_TT","A","HR","W0",2,"_T","DDS_ALL","_T","_Z","N","EUR_R_TT","2017",0.8184360244810778,"A",false,null,null,"P1Y",{"$nulls":4},"S",null,null,3,null,"Euro; ratio to total value payment transactions of Direct debits sent - from: Croatia to: World, All","Euro; ratio to total value payment transactions of Direct debits sent - from: Croatia to: World, All","EUR_R_TT",0]
["PDD.A.HR.W0.2._T.DDS_ALL._T._Z.N.PN_R_TT","A","HR","W0",2,"_T","DDS_ALL","_T","_Z","N","PN_R_TT","2014",3.069818568134436,"A",false,null,null,"P1Y",{"$nulls":4},"S",null,null,3,null,"Pure number; ratio to total number payment transactions of Direct debits sent - from: Croatia to: World, All","Pure number; ratio to total number payment transactions of Direct debits sent - from: Croatia to: World, All","PN_R_TT",0]
["PDD.A.HR.W1.1._T.DDS_ALL._T._Z.N.EUR","A","HR","W1",1,"_T","DDS_ALL","_T","_Z","N","EUR","2016",0,"A",false,null,null,"P1Y",{"$nulls":4},"S",null,null,3,null,"Value of Direct debits received - from: Croatia to: Rest of the World, All","Value of Direct debits received - from: Croatia to: Rest of the World, All","EUR",6]
["PDD.A.HR.W2.2._T.DDS_ALL._T._Z.N.XDF","A","HR","W2",2,"_T","DDS_ALL","_T","_Z","N","XDF","2021",null,"Q",false,null,null,"P1Y",{"$nulls":4},"S",null,null,3,null,"Value of Direct debits sent - from: Croatia to: Domestic (home or reference area), All","Value of Direct debits sent - from: Croatia to: Domestic (home or reference area), All","XDF",0]
["PDD.A.HU.AT.2._T.DDS_ALL._T._Z.N.EUR","A","HU","AT",2,"_T","DDS_ALL","_T","_Z","N","EUR","2019",0.2674481110279157,"A",false,null,null,"P1Y",{"$nulls":4},"S",null,null,3,null,"Value of Direct debits sent - from: Hungary to: Austria, All","Value of Direct debits sent - from: Hungary to: Austria, All","EUR",6]
["PDD.A.HU.BG.2._T.DDS_ALL._T._Z.N.EUR","A","HU","BG",2,"_T","DDS_ALL","_T","_Z","N","EUR","2020",0,"A",false,null,null,"P1Y",{"$nulls":4},"S",null,null,3,null,"Value of Direct debits sent - from: Hungary to: Bulgaria, All","Value of Direct debits sent - from: Hungary to: Bulgaria, All","EUR",6]
["PDD.A.HU.CY.2.2200.DDS_ALL._T._Z.N.XDF","A","HU","CY",2,"2200","DDS_ALL","_T","_Z","N","XDF","2022",0,"A",false,null,null,"P1Y",{"$nulls":4},"S",null,null,3,null,"Value of Direct debits initiated on a single payment basis, sent - from: Hungary to: Cyprus, All","Value of Direct debits initiated on a single payment basis, sent - from: Hungary to: Cyprus, All","XDF",0]
["PDD.A.HU.CZ.2._T.DDS_ALL._T._Z.N.EUR","A","HU","CZ",2,"_T","DDS_ALL","_T","_Z","N","EUR","2019",0,"A",false,null,null,"P1Y",{"$nulls":4},"S",null,null,3,null,"Value of Direct debits sent - from: Hungary to: Czech Republic, All","Value of Direct debits sent - from: Hungary to: Czech Republic, All","EUR",6]
["PDD.A.HU.DE.2._T.DDS_ALL._T._Z.N.PN","A","HU","DE",2,"_T","DDS_ALL","_T","_Z","N","PN","2018",0,"A",false,null,null,"P1Y",{"$nulls":4},"S",null,null,3,null,"Number of Direct debits sent - from: Hungary to: Germany, All","Number of Direct debits sent - from: Hungary to: Germany, All","PN",6]
["PDD.A.HU.DK.2._T.DDS_ALL._T._Z.N.EUR","A","HU","DK",2,"_T","DDS_ALL","_T","_Z","N","EUR","2019",0,"A",false,null,null,"P1Y",{"$nulls":4},"S",null,null,3,null,"Value of Direct debits sent - from: Hungary to: Denmark, All","Value of Direct debits sent - from: Hungary to: Denmark, All","EUR",6]
["PDD.A.HU.EE.1._T.DDS_ALL._T._Z.N.PN","A","HU","EE",1,"_T","DDS_ALL","_T","_Z","N","PN","2022",0,"A",false,null,null,"P1Y",{"$nulls":4},"S",null,null,3,null,"Number of Direct debits received - from: Hungary to: Estonia, All","Number of Direct debits received - from: Hungary to: Estonia, All","PN",6]
["PDD.A.HU.ES.2.2100.DDS_ALL._T._Z.N.XDF","A","HU","ES",2,"2100","DDS_ALL","_T","_Z","N","XDF","2022",0,"A",false,null,null,"P1Y",{"$nulls":4},"S",null,null,3,null,"Value of Direct debits initiated in a file/batch, sent - from: Hungary to: Spain, All","Value of Direct debits initiated in a file/batch, sent - from: Hungary to: Spain, All","XDF",0]
["PDD.A.HU.FI.2._T.DDS_ALL._T._Z.N.PN","A","HU","FI",2,"_T","DDS_ALL","_T","_Z","N","PN","2017",0,"A",false,null,null,"P1Y",{"$nulls":4},"S",null,null,3,null,"Number of Direct debits sent - from: Hungary to: Finland, All","Number of Direct debits sent - from: Hungary to: Finland, All","PN",6]
["PDD.A.HU.G1.2._T.DDS_ALL._T._Z.N.EUR","A","HU","G1",2,"_T","DDS_ALL","_T","_Z","N","EUR","2015",68.57838719498058,"A",false,null,null,"P1Y",{"$nulls":4},"S",null,null,3,null,"Value of Direct debits sent - from: Hungary to: Extra EEA, All","Value of Direct debits sent - from: Hungary to: Extra EEA, All","EUR",6]
["PDD.A.HU.G1.2._T.DDS_ALL._T._Z.N.XDF","A","HU","G1",2,"_T","DDS_ALL","_T","_Z","N","XDF","2022",2937.703717,"A",false,null,null,"P1Y",{"$nulls":4},"S",null,null,3,null,"Value of Direct debits sent - from: Hungary to: Extra EEA, All","Value of Direct debits sent - from: Hungary to: Extra EEA, All","XDF",6]
["PDD.A.HU.GR.2._T.DDS_ALL._T._Z.N.EUR","A","HU","GR",2,"_T","DDS_ALL","_T","_Z","N","EUR","2015",0,"A",false,null,null,"P1Y",{"$nulls":4},"S",null,null,3,null,"Value of Direct debits sent - from: Hungary to: Greece, All","Value of Direct debits sent - from: Hungary to: Greece, All","EUR",6]
["PDD.A.HU.IE.2.2200.DDS_ALL._T._Z.N.PN","A","HU","IE",2,"2200","DDS_ALL","_T","_Z","N","PN","2022",null,"Q",false,null,null,"P1Y",{"$nulls":4},"S",null,null,3,null,"Number of Direct debits initiated on a single payment basis, sent - from: Hungary to: Ireland, All","Number of Direct debits initiated on a single payment basis, sent - from: Hungary to: Ireland, All","PN",6]
["PDD.A.HU.IE.2._T.DDS_ALL._T._Z.N.XDF","A","HU","IE",2,"_T","DDS_ALL","_T","_Z","N","XDF","2016",0,"A",false,null,null,"P1Y",{"$nulls":4},"S",null,null,3,null,"Value of Direct debits sent - from: Hungary to: Ireland, All","Value of Direct debits sent - from: Hungary to: Ireland, All","XDF",0]
["PDD.A.HU.IT.2._T.DDS_ALL._T._Z.N.XDF","A","HU","IT",2,"_T","DDS_ALL","_T","_Z","N","XDF","2018",24,"A",false,null,null,"P1Y",{"$nulls":4},"S",null,null,3,null,"Value of Direct debits sent - from: Hungary to: Italy, All","Value of Direct debits sent - from: Hungary to: Italy, All","XDF",0]
["PDD.A.HU.LT.2._T.DDS_ALL._T._Z.N.XDF","A","HU","LT",2,"_T","DDS_ALL","_T","_Z","N","XDF","2017",0,"A",false,null,null,"P1Y",{"$nulls":4},"S",null,null,3,null,"Value of Direct debits sent - from: Hungary to: Lithuania, All","Value of Direct debits sent - from: Hungary to: Lithuania, All","XDF",0]
["PDD.A.HU.LU.2._T.DDS_ALL._T._Z.N.PN","A","HU","LU",2,"_T","DDS_ALL","_T","_Z","N","PN","2015",0,"A",false,null,null,"P1Y",{"$nulls":4},"S",null,null,3,null,"Number of Direct debits sent - from: Hungary to: Luxembourg, All","Number of Direct debits sent - from: Hungary to: Luxembourg, All","PN",6]
["PDD.A.HU.LV.2._T.DDS_ALL._T._Z.N.PN","A","HU","LV",2,"_T","DDS_ALL","_T","_Z","N","PN","2016",0,"A",false,null,null,"P1Y",{"$nulls":4},"S",null,null,3,null,"Number of Direct debits sent - from: Hungary to: Latvia, All","Number of Direct debits sent - from: Hungary to: Latvia, All","PN",6]
["PDD.A.HU.NL.1._T.DDS_ALL._T._Z.N.PN","A","HU","NL",1,"_T","DDS_ALL","_T","_Z","N","PN","2022",0,"A",false,null,null,"P1Y",{"$nulls":4},"S",null,null,3,null,"Number of Direct debits received - from: Hungary to: Netherlands, All","Number of Direct debits received - from: Hungary to: Netherlands, All","PN",6]
["PDD.A.HU.NL.2._T.DDS_ALL._T._Z.N.PN","A","HU","NL",2,"_T","DDS_ALL","_T","_Z","N","PN","2021",0.001,"A",false,null,null,"P1Y",{"$nulls":4},"S",null,null,3,null,"Number of Direct debits sent - from: Hungary to: Netherlands, All","Number of Direct debits sent - from: Hungary to: Netherlands, All","PN",6]
["PDD.A.HU.PT.2._T.DDS_ALL._T._Z.N.EUR","A","HU","PT",2,"_T","DDS_ALL","_T","_Z","N","EUR","2018",0,"A",false,null,null,"P1Y",{"$nulls":4},"S",null,null,3,null,"Value of Direct debits sent - from: Hungary to: Portugal, All","Value of Direct debits sent - from: Hungary to: Portugal, All","EUR",6]
["PDD.A.HU.RO.2.2100.DDS_ALL._T._Z.N.XDF","A","HU","RO",2,"2100","DDS_ALL","_T","_Z","N","XDF","2022",0,"A",false,null,null,"P1Y",{"$nulls":4},"S",null,null,3,null,"Value of Direct debits initiated in a file/batch, sent - from: Hungary to: Romania, All","Value of Direct debits initiated in a file/batch, sent - from: Hungary to: Romania, All","XDF",0]
["PDD.A.HU.RO.2._T.DDS_ALL._T._Z.N.PN","A","HU","RO",2,"_T","DDS_ALL","_T","_Z","N","PN","2019",0,"A",false,null,null,"P1Y",{"$nulls":4},"S",null,null,3,null,"Number of Direct debits sent - from: Hungary to: Romania, All","Number of Direct debits sent - from: Hungary to: Romania, All","PN",6]
["PDD.A.HU.SI.2._T.DDS_ALL._T._Z.N.PN","A","HU","SI",2,"_T","DDS_ALL","_T","_Z","N","PN","2016",0,"A",false,null,null,"P1Y",{"$nulls":4},"S",null,null,3,null,"Number of Direct debits sent - from: Hungary to: Slovenia, All","Number of Direct debits sent - from: Hungary to: Slovenia, All","PN",6]
["PDD.A.HU.SK.1._T.DDS_ALL._T._Z.N.PN","A","HU","SK",1,"_T","DDS_ALL","_T","_Z","N","PN","2022",0,"A",false,null,null,"P1Y",{"$nulls":4},"S",null,null,3,null,"Number of Direct debits received - from: Hungary to: Slovakia, All","Number of Direct debits received - from: Hungary to: Slovakia, All","PN",6]
["PDD.A.HU.W0.2.2100.DDS_ALL._T._Z.N.PN","A","HU","W0",2,"2100","DDS_ALL","_T","_Z","N","PN","2018",75.104,"A",false,null,null,"P1Y",{"$nulls":4},"S",null,null,3,null,"Number of Direct debits initiated in a file/batch, sent - from: Hungary to: World, All","Number of Direct debits initiated in a file/batch, sent - from: Hungary to: World, All","PN",6]
["PDD.A.HU.W0.2.2200.DDS_ALL._T._Z.N.PN","A","HU","W0",2,"2200","DDS_ALL","_T","_Z","N","PN","2016",0,"A",false,null,null,"P1Y",{"$nulls":4},"S",null,null,3,null,"Number of Direct debits initiated on a single payment basis, sent - from: Hungary to: World, All","Number of Direct debits initiated on a single payment basis, sent - from: Hungary to: World, All","PN",6]
["PDD.A.HU.W0.2._T.DDS_ALL._T._Z.G1.PN","A","HU","W0",2,"_T","DDS_ALL","_T","_Z","G1","PN","2003",6.8359375,"A",false,null,null,"P1Y",{"$nulls":4},"S",null,null,3,null,"Number of Direct debits sent - from: Hungary to: World, All","Number of Direct debits sent - from: Hungary to: World, All","PN",0]
["PDD.A.HU.W0.2._T.DDS_ALL._T._Z.N.EUR","A","HU","W0",2,"_T","DDS_ALL","_T","_Z","N","EUR","2005",1500.001160784314,"A",false,null,null,"P1Y",{"$nulls":4},"S",null,null,3,null,"Value of Direct debits sent - from: Hungary to: World, All","Value of Direct debits sent - from: Hungary to: World, All","EUR",6]
["PDD.A.HU.W0.2._T.DDS_ALL._T._Z.N.EUR_R_B1GQ","A","HU","W0",2,"_T","DDS_ALL","_T","_Z","N","EUR_R_B1GQ","2015",2.02988615195837,"A",false,null,null,"P1Y",{"$nulls":4},"S",null,null,3,null,"Euro; ratio to GDP of Direct debits sent - from: Hungary to: World, All","Euro; ratio to GDP of Direct debits sent - from: Hungary to: World, All","EUR_R_B1GQ",0]
["PDD.A.HU.W0.2._T.DDS_ALL._T._Z.N.EUR_R_PNT","A","HU","W0",2,"_T","DDS_ALL","_T","_Z","N","EUR_R_PNT","2013",34.21179895650472,"A",false,null,null,"P1Y",{"$nulls":4},"S",null,null,3,null,"Euro; ratio to number of transactions of Direct debits sent - from: Hungary to: World, All","Euro; ratio to number of transactions of Direct debits sent - from: Hungary to: World, All","EUR_R_PNT",0]
["PDD.A.HU.W0.2._T.DDS_ALL._T._Z.N.EUR_R_TT","A","HU","W0",2,"_T","DDS_ALL","_T","_Z","N","EUR_R_TT","2006",0.3093471986629081,"A",false,null,null,"P1Y",{"$nulls":4},"S",null,null,3,null,"Euro; ratio to total value payment transactions of Direct debits sent - from: Hungary to: World, All","Euro; ratio to total value payment transactions of Direct debits sent - from: Hungary to: World, All","EUR_R_TT",0]
["PDD.A.HU.W0.2._T.DDS_ALL._T._Z.N.PN_R_POP6","A","HU","W0",2,"_T","DDS_ALL","_T","_Z","N","PN_R_POP6","2002",5.040060606728797,"A",false,null,null,"P1Y",{"$nulls":4},"S",null,null,3,null,"Pure number per million inhabitants of Direct debits sent - from: Hungary to: World, All","Pure number per million inhabitants of Direct debits sent - from: Hungary to: World, All","PN_R_POP6",0]
["PDD.A.HU.W0.2._T.DDS_ALL._T._Z.N.PN_R_TT","A","HU","W0",2,"_T","DDS_ALL","_T","_Z","N","PN_R_TT","2004",18.21122507367509,"A",false,null,null,"P1Y",{"$nulls":4},"S",null,null,3,null,"Pure number; ratio to total number payment transactions of Direct debits sent - from: Hungary to: World, All","Pure number; ratio to total number payment transactions of Direct debits sent - from: Hungary to: World, All","PN_R_TT",0]
["PDD.A.HU.W1.1._T.DDS_ALL._T._Z.N.PN","A","HU","W1",1,"_T","DDS_ALL","_T","_Z","N","PN","2018",0.007,"A",false,null,null,"P1Y",{"$nulls":4},"S",null,null,3,null,"Number of Direct debits received - from: Hungary to: Rest of the World, All","Number of Direct debits received - from: Hungary to: Rest of the World, All","PN",6]
["PDD.A.HU.W1.2._T.DDS_ALL._T._Z.N.EUR","A","HU","W1",2,"_T","DDS_ALL","_T","_Z","N","EUR","2022",100.1583603585303,"A",false,null,null,"P1Y",{"$nulls":4},"S",null,null,3,null,"Value of Direct debits sent - from: Hungary to: Rest of the World, All","Value of Direct debits sent - from: Hungary to: Rest of the World, All","EUR",6]
["PDD.A.IE.AT.2._T.DDS_ALL._T._Z.N.EUR","A","IE","AT",2,"_T","DDS_ALL","_T","_Z","N","EUR","2018",4.6477,"A",false,null,null,"P1Y",{"$nulls":4},"S",null,null,3,null,"Value of Direct debits sent - from: Ireland to: Austria, All","Value of Direct debits sent - from: Ireland to: Austria, All","EUR",6]
["PDD.A.IE.BE.2._T.DDS_ALL._T._Z.N.EUR","A","IE","BE",2,"_T","DDS_ALL","_T","_Z","N","EUR","2015",70.5366,"A",false,null,null,"P1Y",{"$nulls":4},"S",null,null,3,null,"Value of Direct debits sent - from: Ireland to: Belgium, All","Value of Direct debits sent - from: Ireland to: Belgium, All","EUR",6]
["PDD.A.IE.CY.2.2200.DDS_ALL._T._Z.N.PN","A","IE","CY",2,"2200","DDS_ALL","_T","_Z","N","PN","2022",null,"Q",false,null,null,"P1Y",{"$nulls":4},"S",null,null,3,null,"Number of Direct debits initiated on a single payment basis, sent - from: Ireland to: Cyprus, All","Number of Direct debits initiated on a single payment basis, sent - from: Ireland to: Cyprus, All","PN",6]
["PDD.A.IE.CZ.2._T.DDS_ALL._T._Z.N.PN","A","IE","CZ",2,"_T","DDS_ALL","_T","_Z","N","PN","2015",0,"A",false,null,null,"P1Y",{"$nulls":4},"S",null,null,3,null,"Number of Direct debits sent - from: Ireland to: Czech Republic, All","Number of Direct debits sent - from: Ireland to: Czech Republic, All","PN",6]
["PDD.A.IE.DE.2._T.DDS_ALL._T._Z.N.EUR","A","IE","DE",2,"_T","DDS_ALL","_T","_Z","N","EUR","2021",3204.3479,"A",false,null,null,"P1Y",{"$nulls":4},"S",null,null,3,null,"Value of Direct debits sent - from: Ireland to: Germany, All","Value of Direct debits sent - from: Ireland to: Germany, All","EUR",6]
["PDD.A.IE.EE.2._T.DDS_ALL._T._Z.N.EUR","A","IE","EE",2,"_T","DDS_ALL","_T","_Z","N","EUR","2021",null,"Q",false,null,null,"P1Y",{"$nulls":4},"S",null,null,3,null,"Value of Direct debits sent - from: Ireland to: Estonia, All","Value of Direct debits sent - from: Ireland to: Estonia, All","EUR",6]
["PDD.A.IE.ES.2._T.DDS_ALL._T._Z.N.PN","A","IE","ES",2,"_T","DDS_ALL","_T","_Z","N","PN","2021",4.5307,"A",false,null,null,"P1Y",{"$nulls":4},"S",null,null,3,null,"Number of Direct debits sent - from: Ireland to: Spain, All","Number of Direct debits sent - from: Ireland to: Spain, All","PN",6]
["PDD.A.IE.FI.2._T.DDS_ALL._T._Z.N.PN","A","IE","FI",2,"_T","DDS_ALL","_T","_Z","N","PN","2018",0.0553,"A",false,null,null,"P1Y",{"$nulls":4},"S",null,null,3,null,"Number of Direct debits sent - from: Ireland to: Finland, All","Number of Direct debits sent - from: Ireland to: Finland, All","PN",6]
["PDD.A.IE.GR.1._T.DDS_ALL._T._Z.N.EUR","A","IE","GR",1,"_T","DDS_ALL","_T","_Z","N","EUR","2022",null,"Q",false,null,null,"P1Y",{"$nulls":4},"S",null,null,3,null,"Value of Direct debits received - from: Ireland to: Greece, All","Value of Direct debits received - from: Ireland to: Greece, All","EUR",6]
["PDD.A.IE.HR.2.2200.DDS_ALL._T._Z.N.PN","A","IE","HR",2,"2200","DDS_ALL","_T","_Z","N","PN","2022",null,"Q",false,null,null,"P1Y",{"$nulls":4},"S",null,null,3,null,"Number of Direct debits initiated on a single payment basis, sent - from: Ireland to: Croatia, All","Number of Direct debits initiated on a single payment basis, sent - from: Ireland to: Croatia, All","PN",6]
["PDD.A.IE.HR.2._T.DDS_ALL._T._Z.N.PN","A","IE","HR",2,"_T","DDS_ALL","_T","_Z","N","PN","2016",0,"A",false,null,null,"P1Y",{"$nulls":4},"S",null,null,3,null,"Number of Direct debits sent - from: Ireland to: Croatia, All","Number of Direct debits sent - from: Ireland to: Croatia, All","PN",6]
["PDD.A.IE.IT.2._T.DDS_ALL._T._Z.N.PN","A","IE","IT",2,"_T","DDS_ALL","_T","_Z","N","PN","2021",4.8003,"A",false,null,null,"P1Y",{"$nulls":4},"S",null,null,3,null,"Number of Direct debits sent - from: Ireland to: Italy, All","Number of Direct debits sent - from: Ireland to: Italy, All","PN",6]
["PDD.A.IE.LT.2._T.DDS_ALL._T._Z.N.EUR","A","IE","LT",2,"_T","DDS_ALL","_T","_Z","N","EUR","2018",0.2788,"A",false,null,null,"P1Y",{"$nulls":4},"S",null,null,3,null,"Value of Direct debits sent - from: Ireland to: Lithuania, All","Value of Direct debits sent - from: Ireland to: Lithuania, All","EUR",6]
["PDD.A.IE.LU.2._T.DDS_ALL._T._Z.N.EUR","A","IE","LU",2,"_T","DDS_ALL","_T","_Z","N","EUR","2019",22.5672,"A",false,null,null,"P1Y",{"$nulls":4},"S",null,null,3,null,"Value of Direct debits sent - from: Ireland to: Luxembourg, All","Value of Direct debits sent - from: Ireland to: Luxembourg, All","EUR",6]
["PDD.A.IE.MT.2._T.DDS_ALL._T._Z.N.PN","A","IE","MT",2,"_T","DDS_ALL","_T","_Z","N","PN","2019",0.0015,"A",false,null,null,"P1Y",{"$nulls":4},"S",null,null,3,null,"Number of Direct debits sent - from: Ireland to: Malta, All","Number of Direct debits sent - from: Ireland to: Malta, All","PN",6]
["PDD.A.IE.NL.2._T.DDS_ALL._T._Z.N.PN","A","IE","NL",2,"_T","DDS_ALL","_T","_Z","N","PN","2016",0.0191,"A",false,null,null,"P1Y",{"$nulls":4},"S",null,null,3,null,"Number of Direct debits sent - from: Ireland to: Netherlands, All","Number of Direct debits sent - from: Ireland to: Netherlands, All","PN",6]
["PDD.A.IE.PT.2._T.DDS_ALL._T._Z.N.EUR","A","IE","PT",2,"_T","DDS_ALL","_T","_Z","N","EUR","2021",110.0614,"A",false,null,null,"P1Y",{"$nulls":4},"S",null,null,3,null,"Value of Direct debits sent - from: Ireland to: Portugal, All","Value of Direct debits sent - from: Ireland to: Portugal, All","EUR",6]
["PDD.A.IE.RO.2._T.DDS_ALL._T._Z.N.PN","A","IE","RO",2,"_T","DDS_ALL","_T","_Z","N","PN","2017",null,"Q",false,null,null,"P1Y",{"$nulls":4},"S",null,null,3,null,"Number of Direct debits sent - from: Ireland to: Romania, All","Number of Direct debits sent - from: Ireland to: Romania, All","PN",6]
["PDD.A.IE.SE.2._T.DDS_ALL._T._Z.N.PN","A","IE","SE",2,"_T","DDS_ALL","_T","_Z","N","PN","2018",0.0011,"A",false,null,null,"P1Y",{"$nulls":4},"S",null,null,3,null,"Number of Direct debits sent - from: Ireland to: Sweden, All","Number of Direct debits sent - from: Ireland to: Sweden, All","PN",6]
["PDD.A.IE.SK.2._T.DDS_ALL._T._Z.N.EUR","A","IE","SK",2,"_T","DDS_ALL","_T","_Z","N","EUR","2018",2.1907,"A",false,null,null,"P1Y",{"$nulls":4},"S",null,null,3,null,"Value of Direct debits sent - from: Ireland to: Slovakia, All","Value of Direct debits sent - from: Ireland to: Slovakia, All","EUR",6]
["PDD.A.IE.W0.2.2100.DDS_ALL._T._Z.N.PN","A","IE","W0",2,"2100","DDS_ALL","_T","_Z","N","PN","2017",125.1483,"A",false,null,null,"P1Y",{"$nulls":4},"S",null,null,3,null,"Number of Direct debits initiated in a file/batch, sent - from: Ireland to: World, All","Number of Direct debits initiated in a file/batch, sent - from: Ireland to: World, All","PN",6]
["PDD.A.IE.W0.2._T.DDS_ALL.2._Z.N.EUR_R_B1GQ","A","IE","W0",2,"_T","DDS_ALL","2","_Z","N","EUR_R_B1GQ","2022",null,"Q",false,null,null,"P1Y",{"$nulls":4},"S",null,null,3,null,"Euro; ratio to GDP of Direct debits sent - from: Ireland to: World, Other than electronic mandate","Euro; ratio to GDP of Direct debits sent - from: Ireland to: World, Other than electronic mandate","EUR_R_B1GQ",0]
["PDD.A.IE.W0.2._T.DDS_ALL._T._Z.N.EUR","A","IE","W0",2,"_T","DDS_ALL","_T","_Z","N","EUR","2011",97709.869,"A",false,null,null,"P1Y",{"$nulls":4},"S",null,null,3,null,"Value of Direct debits sent - from: Ireland to: World, All","Value of Direct debits sent - from: Ireland to: World, All","EUR",6]
["PDD.A.IE.W0.2._T.DDS_ALL._T._Z.N.EUR_R_B1GQ","A","IE","W0",2,"_T","DDS_ALL","_T","_Z","N","EUR_R_B1GQ","2012",55.35129913237462,"A",false,null,null,"P1Y",{"$nulls":4},"S",null,null,3,null,"Euro; ratio to GDP of Direct debits sent - from: Ireland to: World, All","Euro; ratio to GDP of Direct debits sent - from: Ireland to: World, All","EUR_R_B1GQ",0]
["PDD.A.IE.W0.2._T.DDS_ALL._T._Z.N.EUR_R_TT","A","IE","W0",2,"_T","DDS_ALL","_T","_Z","N","EUR_R_TT","2000",8.037957019257606,"A",false,null,null,"P1Y",{"$nulls":4},"S",null,null,3,null,"Euro; ratio to total value payment transactions of Direct debits sent - from: Ireland to: World, All","Euro; ratio to total value payment transactions of Direct debits sent - from: Ireland to: World, All","EUR_R_TT",0]
["PDD.A.IE.W0.2._T.DDS_ALL._T._Z.N.EUR_R_TT","A","IE","W0",2,"_T","DDS_ALL","_T","_Z","N","EUR_R_TT","2021",1.684437293989111,"A",false,null,null,"P1Y",{"$nulls":4},"S",null,null,3,null,"Euro; ratio to total value payment transactions of Direct debits sent - from: Ireland to: World, All","Euro; ratio to total value payment transactions of Direct debits sent - from: Ireland to: World, All","EUR_R_TT",0]
["PDD.A.IE.W0.2._T.DDS_ALL._T._Z.N.PN_R_POP6","A","IE","W0",2,"_T","DDS_ALL","_T","_Z","N","PN_R_POP6","2001",12.94064514292296,"A",false,null,null,"P1Y",{"$nulls":4},"S",null,null,3,null,"Pure number per million inhabitants of Direct debits sent - from: Ireland to: World, All","Pure number per million inhabitants of Direct debits sent - from: Ireland to: World, All","PN_R_POP6",0]
["PDD.A.IE.W1.1._T.DDS_ALL._T._Z.N.PN","A","IE","W1",1,"_T","DDS_ALL","_T","_Z","N","PN","2015",4.7439,"A",false,null,null,"P1Y",{"$nulls":4},"S",null,null,3,null,"Number of Direct debits received - from: Ireland to: Rest of the World, All","Number of Direct debits received - from: Ireland to: Rest of the World, All","PN",6]
["PDD.A.IE.W1.2._T.DDS_ALL._T._Z.N.PN","A","IE","W1",2,"_T","DDS_ALL","_T","_Z","N","PN","2014",null,"Q",false,null,null,"P1Y",{"$nulls":4},"S",null,null,3,null,"Number of Direct debits sent - from: Ireland to: Rest of the World, All","Number of Direct debits sent - from: Ireland to: Rest of the World, All","PN",6]
["PDD.A.IE.W2.2._T.DDS_ALL._T._Z.N.PN","A","IE","W2",2,"_T","DDS_ALL","_T","_Z","N","PN","2015",120.3097,"A",false,null,null,"P1Y",{"$nulls":4},"S",null,null,3,null,"Number of Direct debits sent - from: Ireland to: Domestic (home or reference area), All","Number of Direct debits sent - from: Ireland to: Domestic (home or reference area), All","PN",6]
["PDD.A.IT.BE.2._T.DDS_ALL._T._Z.N.EUR","A","IT","BE",2,"_T","DDS_ALL","_T","_Z","N","EUR","2019",106,"A",false,null,null,"P1Y",{"$nulls":4},"S",null,null,3,null,"Value of Direct debits sent - from: Italy to: Belgium, All","Value of Direct debits sent - from: Italy to: Belgium, All","EUR",6]
["PDD.A.IT.CY.1._T.DDS_ALL._T._Z.N.PN","A","IT","CY",1,"_T","DDS_ALL","_T","_Z","N","PN","2022",0.003071,"A",false,null,null,"P1Y",{"$nulls":4},"S",null,null,3,null,"Number of Direct debits received - from: Italy to: Cyprus, All","Number of Direct debits received - from: Italy to: Cyprus, All","PN",6]
["PDD.A.IT.DE.2._T.DDS_ALL._T._Z.N.EUR","A","IT","DE",2,"_T","DDS_ALL","_T","_Z","N","EUR","2018",96.591,"A",false,null,null,"P1Y",{"$nulls":4},"S",null,null,3,null,"Value of Direct debits sent - from: Italy to: Germany, All","Value of Direct debits sent - from: Italy to: Germany, All","EUR",6]
["PDD.A.IT.DK.2._T.DDS_ALL._T._Z.N.PN","A","IT","DK",2,"_T","DDS_ALL","_T","_Z","N","PN","2018",0.007,"A",false,null,null,"P1Y",{"$nulls":4},"S",null,null,3,null,"Number of Direct debits sent - from: Italy to: Denmark, All","Number of Direct debits sent - from: Italy to: Denmark, All","PN",6]
["PDD.A.IT.EE.2._T.DDS_ALL._T._Z.N.EUR","A","IT","EE",2,"_T","DDS_ALL","_T","_Z","N","EUR","2015",0.074,"A",false,null,null,"P1Y",{"$nulls":4},"S",null,null,3,null,"Value of Direct debits sent - from: Italy to: Estonia, All","Value of Direct debits sent - from: Italy to: Estonia, All","EUR",6]
["PDD.A.IT.FI.2._T.DDS_ALL._T._Z.N.PN","A","IT","FI",2,"_T","DDS_ALL","_T","_Z","N","PN","2015",0.001,"A",false,null,null,"P1Y",{"$nulls":4},"S",null,null,3,null,"Number of Direct debits sent - from: Italy to: Finland, All","Number of Direct debits sent - from: Italy to: Finland, All","PN",6]
["PDD.A.IT.FR.2._T.DDS_ALL._T._Z.N.PN","A","IT","FR",2,"_T","DDS_ALL","_T","_Z","N","PN","2015",0.091,"A",false,null,null,"P1Y",{"$nulls":4},"S",null,null,3,null,"Number of Direct debits sent - from: Italy to: France, All","Number of Direct debits sent - from: Italy to: France, All","PN",6]
["PDD.A.IT.G1.2._T.DDS_ALL._T._Z.N.EUR","A","IT","G1",2,"_T","DDS_ALL","_T","_Z","N","EUR","2021",191.602304,"A",false,null,null,"P1Y",{"$nulls":4},"S",null,null,3,null,"Value of Direct debits sent - from: Italy to: Extra EEA, All","Value of Direct debits sent - from: Italy to: Extra EEA, All","EUR",6]
["PDD.A.IT.HR.2._T.DDS_ALL._T._Z.N.EUR","A","IT","HR",2,"_T","DDS_ALL","_T","_Z","N","EUR","2022",0.010051,"A",false,null,null,"P1Y",{"$nulls":4},"S",null,null,3,null,"Value of Direct debits sent - from: Italy to: Croatia, All","Value of Direct debits sent - from: Italy to: Croatia, All","EUR",6]
["PDD.A.IT.HU.2._T.DDS_ALL._T._Z.N.PN","A","IT","HU",2,"_T","DDS_ALL","_T","_Z","N","PN","2014",0,"A",false,null,null,"P1Y",{"$nulls":4},"S",null,null,3,null,"Number of Direct debits sent - from: Italy to: Hungary, All","Number of Direct debits sent - from: Italy to: Hungary, All","PN",6]
["PDD.A.IT.LT.2.2100.DDS_ALL._T._Z.N.PN","A","IT","LT",2,"2100","DDS_ALL","_T","_Z","N","PN","2022",0.016477,"A",false,null,null,"P1Y",{"$nulls":4},"S",null,null,3,null,"Number of Direct debits initiated in a file/batch, sent - from: Italy to: Lithuania, All","Number of Direct debits initiated in a file/batch, sent - from: Italy to: Lithuania, All","PN",6]
["PDD.A.IT.LU.2.2200.DDS_ALL._T._Z.N.EUR","A","IT","LU",2,"2200","DDS_ALL","_T","_Z","N","EUR","2022",0.00234,"A",false,null,null,"P1Y",{"$nulls":4},"S",null,null,3,null,"Value of Direct debits initiated on a single payment basis, sent - from: Italy to: Luxembourg, All","Value of Direct debits initiated on a single payment basis, sent - from: Italy to: Luxembourg, All","EUR",6]
["PDD.A.IT.LV.2.2200.DDS_ALL._T._Z.N.PN","A","IT","LV",2,"2200","DDS_ALL","_T","_Z","N","PN","2022",0,"A",false,null,null,"P1Y",{"$nulls":4},"S",null,null,3,null,"Number of Direct debits initiated on a single payment basis, sent - from: Italy to: Latvia, All","Number of Direct debits initiated on a single payment basis, sent - from: Italy to: Latvia, All","PN",6]
["PDD.A.IT.NL.1._T.DDS_ALL._T._Z.N.EUR","A","IT","NL",1,"_T","DDS_ALL","_T","_Z","N","EUR","2022",754.015932,"A",false,null,null,"P1Y",{"$nulls":4},"S",null,null,3,null,"Value of Direct debits received - from: Italy to: Netherlands, All","Value of Direct debits received - from: Italy to: Netherlands, All","EUR",6]
["PDD.A.IT.PL.2.2100.DDS_ALL._T._Z.N.EUR","A","IT","PL",2,"2100","DDS_ALL","_T","_Z","N","EUR","2022",0.080506,"A",false,null,null,"P1Y",{"$nulls":4},"S",null,null,3,null,"Value of Direct debits initiated in a file/batch, sent - from: Italy to: Poland, All","Value of Direct debits initiated in a file/batch, sent - from: Italy to: Poland, All","EUR",6]
["PDD.A.IT.PT.2.2100.DDS_ALL._T._Z.N.PN","A","IT","PT",2,"2100","DDS_ALL","_T","_Z","N","PN","2022",0.003395,"A",false,null,null,"P1Y",{"$nulls":4},"S",null,null,3,null,"Number of Direct debits initiated in a file/batch, sent - from: Italy to: Portugal, All","Number of Direct debits initiated in a file/batch, sent - from: Italy to: Portugal, All","PN",6]
["PDD.A.IT.SE.2._T.DDS_ALL._T._Z.N.EUR","A","IT","SE",2,"_T","DDS_ALL","_T","_Z","N","EUR","2020",4.011,"A",false,null,null,"P1Y",{"$nulls":4},"S",null,null,3,null,"Value of Direct debits sent - from: Italy to: Sweden, All","Value of Direct debits sent - from: Italy to: Sweden, All","EUR",6]
["PDD.A.IT.SK.2.2100.DDS_ALL._T._Z.N.PN","A","IT","SK",2,"2100","DDS_ALL","_T","_Z","N","PN","2022",0.0008,"A",false,null,null,"P1Y",{"$nulls":4},"S",null,null,3,null,"Number of Direct debits initiated in a file/batch, sent - from: Italy to: Slovakia, All","Number of Direct debits initiated in a file/batch, sent - from: Italy to: Slovakia, All","PN",6]
["PDD.A.IT.W0.2.2100.DDS_ALL._T._Z.N.PN","A","IT","W0",2,"2100","DDS_ALL","_T","_Z","N","PN","2014",462.594,"A",false,null,null,"P1Y",{"$nulls":4},"S",null,null,3,null,"Number of Direct debits initiated in a file/batch, sent - from: Italy to: World, All","Number of Direct debits initiated in a file/batch, sent - from: Italy to: World, All","PN",6]
["PDD.A.IT.W0.2.2200.DDS_ALL._T._Z.N.PN","A","IT","W0",2,"2200","DDS_ALL","_T","_Z","N","PN","2017",220,"A",false,null,null,"P1Y",{"$nulls":4},"S",null,null,3,null,"Number of Direct debits initiated on a single payment basis, sent - from: Italy to: World, All","Number of Direct debits initiated on a single payment basis, sent - from: Italy to: World, All","PN",6]
["PDD.A.IT.W0.2._T.DDS_ALL._T._Z.G1.EUR","A","IT","W0",2,"_T","DDS_ALL","_T","_Z","G1","EUR","2022",-27.84296113764551,"A",false,null,null,"P1Y",{"$nulls":4},"S",null,null,3,null,"Value of Direct debits sent - from: Italy to: World, All","Value of Direct debits sent - from: Italy to: World, All","EUR",0]
["PDD.A.IT.W0.2._T.DDS_ALL._T._Z.N.EUR_R_B1GQ","A","IT","W0",2,"_T","DDS_ALL","_T","_Z","N","EUR_R_B1GQ","2005",19.35358651472685,"A",false,null,null,"P1Y",{"$nulls":4},"S",null,null,3,null,"Euro; ratio to GDP of Direct debits sent - from: Italy to: World, All","Euro; ratio to GDP of Direct debits sent - from: Italy to: World, All","EUR_R_B1GQ",0]
["PDD.A.IT.W0.2._T.DDS_ALL._T._Z.N.EUR_R_PNT","A","IT","W0",2,"_T","DDS_ALL","_T","_Z","N","EUR_R_PNT","2007",653.9306674213925,"A",false,null,null,"P1Y",{"$nulls":4},"S",null,null,3,null,"Euro; ratio to number of transactions of Direct debits sent - from: Italy to: World, All","Euro; ratio to number of transactions of Direct debits sent - from: Italy to: World, All","EUR_R_PNT",0]
["PDD.A.IT.W0.2._T.DDS_ALL._T._Z.N.EUR_R_POP6","A","IT","W0",2,"_T","DDS_ALL","_T","_Z","N","EUR_R_POP6","2005",4969.716349732751,"A",false,null,null,"P1Y",{"$nulls":4},"S",null,null,3,null,"Euro per million inhabitants of Direct debits sent - from: Italy to: World, All","Euro per million inhabitants of Direct debits sent - from: Italy to: World, All","EUR_R_POP6",0]
["PDD.A.IT.W0.2._T.DDS_ALL._T._Z.N.PN","A","IT","W0",2,"_T","DDS_ALL","_T","_Z","N","PN","2006",480.031,"A",false,null,null,"P1Y",{"$nulls":4},"S",null,null,3,null,"Number of Direct debits sent - from: Italy to: World, All","Number of Direct debits sent - from: Italy to: World, All","PN",6]
["PDD.A.IT.W0.2._T.DDS_ALL._T._Z.N.PN_R_POP6","A","IT","W0",2,"_T","DDS_ALL","_T","_Z","N","PN_R_POP6","2017",13.69947485346395,"A",false,null,null,"P1Y",{"$nulls":4},"S",null,null,3,null,"Pure number per million inhabitants of Direct debits sent - from: Italy to: World, All","Pure number per million inhabitants of Direct debits sent - from: Italy to: World, All","PN_R_POP6",0]
["PDD.A.IT.W1.2._T.DDS_ALL._T._Z.N.EUR","A","IT","W1",2,"_T","DDS_ALL","_T","_Z","N","EUR","2020",466.397,"A",false,null,null,"P1Y",{"$nulls":4},"S",null,null,3,null,"Value of Direct debits sent - from: Italy to: Rest of the World, All","Value of Direct debits sent - from: Italy to: Rest of the World, All","EUR",6]
["PDD.A.IT.W1.2._T.DDS_ALL._T._Z.N.EUR","A","IT","W1",2,"_T","DDS_ALL","_T","_Z","N","EUR","2022",1493.895719,"A",false,null,null,"P1Y",{"$nulls":4},"S",null,null,3,null,"Value of Direct debits sent - from: Italy to: Rest of the World, All","Value of Direct debits sent - from: Italy to: Rest of the World, All","EUR",6]
["PDD.A.LT.AT.2._T.DDS_ALL._T._Z.N.EUR","A","LT","AT",2,"_T","DDS_ALL","_T","_Z","N","EUR","2016",null,"M",false,null,null,"P1Y",{"$nulls":4},"S",null,null,3,null,"Value of Direct debits sent - from: Lithuania to: Austria, All","Value of Direct debits sent - from: Lithuania to: Austria, All","EUR",6]
["PDD.A.LT.BG.2._T.DDS_ALL._T._Z.N.EUR","A","LT","BG",2,"_T","DDS_ALL","_T","_Z","N","EUR","2021",0,"A",false,null,null,"P1Y",{"$nulls":4},"S",null,null,3,null,"Value of Direct debits sent - from: Lithuania to: Bulgaria, All","Value of Direct debits sent - from: Lithuania to: Bulgaria, All","EUR",6]
["PDD.A.LT.CY.2._T.DDS_ALL._T._Z.N.EUR","A","LT","CY",2,"_T","DDS_ALL","_T","_Z","N","EUR","2020",null,"Q",false,null,null,"P1Y",{"$nulls":4},"S",null,null,3,null,"Value of Direct debits sent - from: Lithuania to: Cyprus, All","Value of Direct debits sent - from: Lithuania to: Cyprus, All","EUR",6]
["PDD.A.LT.CZ.2._T.DDS_ALL._T._Z.N.PN","A","LT","CZ",2,"_T","DDS_ALL","_T","_Z","N","PN","2014",null,"M",false,null,null,"P1Y",{"$nulls":4},"S",null,null,3,null,"Number of Direct debits sent - from: Lithuania to: Czech Republic, All","Number of Direct debits sent - from: Lithuania to: Czech Republic, All","PN",6]
["PDD.A.LT.DK.2._T.DDS_ALL._T._Z.N.EUR","A","LT","DK",2,"_T","DDS_ALL","_T","_Z","N","EUR","2019",null,"M",false,null,null,"P1Y",{"$nulls":4},"S",null,null,3,null,"Value of Direct debits sent - from: Lithuania to: Denmark, All","Value of Direct debits sent - from: Lithuania to: Denmark, All","EUR",6]
["PDD.A.LT.EE.2._T.DDS_ALL._T._Z.N.EUR","A","LT","EE",2,"_T","DDS_ALL","_T","_Z","N","EUR","2018",null,"M",false,null,null,"P1Y",{"$nulls":4},"S",null,null,3,null,"Value of Direct debits sent - from: Lithuania to: Estonia, All","Value of Direct debits sent - from: Lithuania to: Estonia, All","EUR",6]
["PDD.A.LT.FI.2._T.DDS_ALL._T._Z.N.EUR","A","LT","FI",2,"_T","DDS_ALL","_T","_Z","N","EUR","2022",null,"Q",false,null,null,"P1Y",{"$nulls":4},"S",null,null,3,null,"Value of Direct debits sent - from: Lithuania to: Finland, All","Value of Direct debits sent - from: Lithuania to: Finland, All","EUR",6]
["PDD.A.LT.FR.2._T.DDS_ALL._T._Z.N.EUR","A","LT","FR",2,"_T","DDS_ALL","_T","_Z","N","EUR","2017",null,"M",false,null,null,"P1Y",{"$nulls":4},"S",null,null,3,null,"Value of Direct debits sent - from: Lithuania to: France, All","Value of Direct debits sent - from: Lithuania to: France, All","EUR",6]
["PDD.A.LT.G1.2._T.DDS_ALL._T._Z.N.EUR","A","LT","G1",2,"_T","DDS_ALL","_T","_Z","N","EUR","2016",null,"M",false,null,null,"P1Y",{"$nulls":4},"S",null,null,3,null,"Value of Direct debits sent - from: Lithuania to: Extra EEA, All","Value of Direct debits sent - from: Lithuania to: Extra EEA, All","EUR",6]
["PDD.A.LT.GR.2._T.DDS_ALL._T._Z.N.PN","A","LT","GR",2,"_T","DDS_ALL","_T","_Z","N","PN","2019",null,"M",false,null,null,"P1Y",{"$nulls":4},"S",null,null,3,null,"Number of Direct debits sent - from: Lithuania to: Greece, All","Number of Direct debits sent - from: Lithuania to: Greece, All","PN",6]
["PDD.A.LT.HU.2.2200.DDS_ALL._T._Z.N.EUR","A","LT","HU",2,"2200","DDS_ALL","_T","_Z","N","EUR","2022",null,"Q",false,null,null,"P1Y",{"$nulls":4},"S",null,null,3,null,"Value of Direct debits initiated on a single payment basis, sent - from: Lithuania to: Hungary, All","Value of Direct debits initiated on a single payment basis, sent - from: Lithuania to: Hungary, All","EUR",6]
["PDD.A.LT.HU.2._T.DDS_ALL._T._Z.N.PN","A","LT","HU",2,"_T","DDS_ALL","_T","_Z","N","PN","2022",null,"Q",false,null,null,"P1Y",{"$nulls":4},"S",null,null,3,null,"Number of Direct debits sent - from: Lithuania to: Hungary, All","Number of Direct debits sent - from: Lithuania to: Hungary, All","PN",6]
["PDD.A.LT.IT.2._T.DDS_ALL._T._Z.N.PN","A","LT","IT",2,"_T","DDS_ALL","_T","_Z","N","PN","2019",null,"M",false,null,null,"P1Y",{"$nulls":4},"S",null,null,3,null,"Number of Direct debits sent - from: Lithuania to: Italy, All","Number of Direct debits sent - from: Lithuania to: Italy, All","PN",6]
["PDD.A.LT.LV.2.2200.DDS_ALL._T._Z.N.PN","A","LT","LV",2,"2200","DDS_ALL","_T","_Z","N","PN","2022",0,"A",false,null,null,"P1Y",{"$nulls":4},"S",null,null,3,null,"Number of Direct debits initiated on a single payment basis, sent - from: Lithuania to: Latvia, All","Number of Direct debits initiated on a single payment basis, sent - from: Lithuania to: Latvia, All","PN",6]
["PDD.A.LT.MT.2._T.DDS_ALL._T._Z.N.PN","A","LT","MT",2,"_T","DDS_ALL","_T","_Z","N","PN","2014",null,"M",false,null,null,"P1Y",{"$nulls":4},"S",null,null,3,null,"Number of Direct debits sent - from: Lithuania to: Malta, All","Number of Direct debits sent - from: Lithuania to: Malta, All","PN",6]
["PDD.A.LT.NL.2._T.DDS_ALL._T._Z.N.PN","A","LT","NL",2,"_T","DDS_ALL","_T","_Z","N","PN","2013",null,"M",false,null,null,"P1Y",{"$nulls":4},"S",null,null,3,null,"Number of Direct debits sent - from: Lithuania to: Netherlands, All","Number of Direct debits sent - from: Lithuania to: Netherlands, All","PN",6]
["PDD.A.LT.PL.2._T.DDS_ALL._T._Z.N.EUR","A","LT","PL",2,"_T","DDS_ALL","_T","_Z","N","EUR","2019",null,"M",false,null,null,"P1Y",{"$nulls":4},"S",null,null,3,null,"Value of Direct debits sent - from: Lithuania to: Poland, All","Value of Direct debits sent - from: Lithuania to: Poland, All","EUR",6]
["PDD.A.LT.RO.2._T.DDS_ALL._T._Z.N.EUR","A","LT","RO",2,"_T","DDS_ALL","_T","_Z","N","EUR","2014",null,"M",false,null,null,"P1Y",{"$nulls":4},"S",null,null,3,null,"Value of Direct debits sent - from: Lithuania to: Romania, All","Value of Direct debits sent - from: Lithuania to: Romania, All","EUR",6]
["PDD.A.LT.SE.2._T.DDS_ALL._T._Z.N.EUR","A","LT","SE",2,"_T","DDS_ALL","_T","_Z","N","EUR","2013",null,"M",false,null,null,"P1Y",{"$nulls":4},"S",null,null,3,null,"Value of Direct debits sent - from: Lithuania to: Sweden, All","Value of Direct debits sent - from: Lithuania to: Sweden, All","EUR",6]
["PDD.A.LT.SI.1._T.DDS_ALL._T._Z.N.PN","A","LT","SI",1,"_T","DDS_ALL","_T","_Z","N","PN","2022",0,"A",false,null,null,"P1Y",{"$nulls":4},"S",null,null,3,null,"Number of Direct debits received - from: Lithuania to: Slovenia, All","Number of Direct debits received - from: Lithuania to: Slovenia, All","PN",6]
["PDD.A.LT.W0.1._T.DDS_ALL.1._Z.N.EUR_R_B1GQ","A","LT","W0",1,"_T","DDS_ALL","1","_Z","N","EUR_R_B1GQ","2022",null,"Q",false,null,null,"P1Y",{"$nulls":4},"S",null,null,3,null,"Euro; ratio to GDP of Direct debits received - from: Lithuania to: World, Electronic mandate","Euro; ratio to GDP of Direct debits received - from: Lithuania to: World, Electronic mandate","EUR_R_B1GQ",0]
["PDD.A.LT.W0.2.2100.DDS_ALL._T._Z.N.PN","A","LT","W0",2,"2100","DDS_ALL","_T","_Z","N","PN","2021",0,"A",false,null,null,"P1Y",{"$nulls":4},"S",null,null,3,null,"Number of Direct debits initiated in a file/batch, sent - from: Lithuania to: World, All","Number of Direct debits initiated in a file/batch, sent - from: Lithuania to: World, All","PN",6]
["PDD.A.LT.W0.2._T.DDS_ALL._T._Z.G1.PN","A","LT","W0",2,"_T","DDS_ALL","_T","_Z","G1","PN","2011",6.102545715310148,"A",false,null,null,"P1Y",{"$nulls":4},"S",null,null,3,null,"Number of Direct debits sent - from: Lithuania to: World, All","Number of Direct debits sent - from: Lithuania to: World, All","PN",0]
["PDD.A.LT.W0.2._T.DDS_ALL._T._Z.N.EUR","A","LT","W0",2,"_T","DDS_ALL","_T","_Z","N","EUR","2005",1437.728672216021,"A",false,null,null,"P1Y",{"$nulls":4},"S",null,null,3,null,"Value of Direct debits sent - from: Lithuania to: World, All","Value of Direct debits sent - from: Lithuania to: World, All","EUR",6]
["PDD.A.LT.W0.2._T.DDS_ALL._T._Z.N.EUR_R_B1GQ","A","LT","W0",2,"_T","DDS_ALL","_T","_Z","N","EUR_R_B1GQ","2010",2.259140485538675,"A",false,null,null,"P1Y",{"$nulls":4},"S",null,null,3,null,"Euro; ratio to GDP of Direct debits sent - from: Lithuania to: World, All","Euro; ratio to GDP of Direct debits sent - from: Lithuania to: World, All","EUR_R_B1GQ",0]
["PDD.A.LT.W0.2._T.DDS_ALL._T._Z.N.EUR_R_POP6","A","LT","W0",2,"_T","DDS_ALL","_T","_Z","N","EUR_R_POP6","2021",161.1213582207536,"A",false,null,null,"P1Y",{"$nulls":4},"S",null,null,3,null,"Euro per million inhabitants of Direct debits sent - from: Lithuania to: World, All","Euro per million inhabitants of Direct debits sent - from: Lithuania to: World, All","EUR_R_POP6",0]
["PDD.A.LT.W0.2._T.DDS_ALL._T._Z.N.PN","A","LT","W0",2,"_T","DDS_ALL","_T","_Z","N","PN","2000",0.825,"A",false,null,null,"P1Y",{"$nulls":4},"S",null,null,3,null,"Number of Direct debits sent - from: Lithuania to: World, All","Number of Direct debits sent - from: Lithuania to: World, All","PN",6]
["PDD.A.LT.W0.2._T.DDS_ALL._T._Z.N.PN_R_POP6","A","LT","W0",2,"_T","DDS_ALL","_T","_Z","N","PN_R_POP6","2011",4.886208086548892,"A",false,null,null,"P1Y",{"$nulls":4},"S",null,null,3,null,"Pure number per million inhabitants of Direct debits sent - from: Lithuania to: World, All","Pure number per million inhabitants of Direct debits sent - from: Lithuania to: World, All","PN_R_POP6",0]
["PDD.A.LT.W1.1._T.DDS_ALL._T._Z.N.PN","A","LT","W1",1,"_T","DDS_ALL","_T","_Z","N","PN","2015",null,"M",false,null,null,"P1Y",{"$nulls":4},"S",null,null,3,null,"Number of Direct debits received - from: Lithuania to: Rest of the World, All","Number of Direct debits received - from: Lithuania to: Rest of the World, All","PN",6]
["PDD.A.LT.W1.2._T.DDS_ALL._T._Z.N.EUR","A","LT","W1",2,"_T","DDS_ALL","_T","_Z","N","EUR","2022",359.7524639999999,"A",false,null,null,"P1Y",{"$nulls":4},"S",null,null,3,null,"Value of Direct debits sent - from: Lithuania to: Rest of the World, All","Value of Direct debits sent - from: Lithuania to: Rest of the World, All","EUR",6]
["PDD.A.LT.W2.2._T.DDS_ALL._T._Z.N.EUR","A","LT","W2",2,"_T","DDS_ALL","_T","_Z","N","EUR","2021",0.736,"A",false,null,null,"P1Y",{"$nulls":4},"S",null,null,3,null,"Value of Direct debits sent - from: Lithuania to: Domestic (home or reference area), All","Value of Direct debits sent - from: Lithuania to: Domestic (home or reference area), All","EUR",6]
["PDD.A.LU.BE.2._T.DDS_ALL._T._Z.N.PN","A","LU","BE",2,"_T","DDS_ALL","_T","_Z","N","PN","2019",0.427328,"A",false,null,null,"P1Y",{"$nulls":4},"S",null,null,3,null,"Number of Direct debits sent - from: Luxembourg to: Belgium, All","Number of Direct debits sent - from: Luxembourg to: Belgium, All","PN",6]
["PDD.A.LU.BG.2._T.DDS_ALL._T._Z.N.PN","A","LU","BG",2,"_T","DDS_ALL","_T","_Z","N","PN","2016",0,"A",false,null,null,"P1Y",{"$nulls":4},"S",null,null,3,null,"Number of Direct debits sent - from: Luxembourg to: Bulgaria, All","Number of Direct debits sent - from: Luxembourg to: Bulgaria, All","PN",6]
["PDD.A.LU.DE.2.2100.DDS_ALL._T._Z.N.EUR","A","LU","DE",2,"2100","DDS_ALL","_T","_Z","N","EUR","2022",368.266125,"A",false,null,null,"P1Y",{"$nulls":4},"S",null,null,3,null,"Value of Direct debits initiated in a file/batch, sent - from: Luxembourg to: Germany, All","Value of Direct debits initiated in a file/batch, sent - from: Luxembourg to: Germany, All","EUR",6]
["PDD.A.LU.DE.2._T.DDS_ALL._T._Z.N.PN","A","LU","DE",2,"_T","DDS_ALL","_T","_Z","N","PN","2022",6.089989000000001,"A",false,null,null,"P1Y",{"$nulls":4},"S",null,null,3,null,"Number of Direct debits sent - from: Luxembourg to: Germany, All","Number of Direct debits sent - from: Luxembourg to: Germany, All","PN",6]
["PDD.A.LU.DK.2._T.DDS_ALL._T._Z.N.PN","A","LU","DK",2,"_T","DDS_ALL","_T","_Z","N","PN","2022",0.000257,"A",false,null,null,"P1Y",{"$nulls":4},"S",null,null,3,null,"Number of Direct debits sent - from: Luxembourg to: Denmark, All","Number of Direct debits sent - from: Luxembourg to: Denmark, All","PN",6]
["PDD.A.LU.FI.2._T.DDS_ALL._T._Z.N.EUR","A","LU","FI",2,"_T","DDS_ALL","_T","_Z","N","EUR","2020",0.094413,"A",false,null,null,"P1Y",{"$nulls":4},"S",null,null,3,null,"Value of Direct debits sent - from: Luxembourg to: Finland, All","Value of Direct debits sent - from: Luxembourg to: Finland, All","EUR",6]
["PDD.A.LU.FI.2._T.DDS_ALL._T._Z.N.PN","A","LU","FI",2,"_T","DDS_ALL","_T","_Z","N","PN","2019",0.000344,"A",false,null,null,"P1Y",{"$nulls":4},"S",null,null,3,null,"Number of Direct debits sent - from: Luxembourg to: Finland, All","Number of Direct debits sent - from: Luxembourg to: Finland, All","PN",6]
["PDD.A.LU.GR.2._T.DDS_ALL._T._Z.N.EUR","A","LU","GR",2,"_T","DDS_ALL","_T","_Z","N","EUR","2017",0.000165,"A",false,null,null,"P1Y",{"$nulls":4},"S",null,null,3,null,"Value of Direct debits sent - from: Luxembourg to: Greece, All","Value of Direct debits sent - from: Luxembourg to: Greece, All","EUR",6]
["PDD.A.LU.HR.2._T.DDS_ALL._T._Z.N.EUR","A","LU","HR",2,"_T","DDS_ALL","_T","_Z","N","EUR","2018",0,"A",false,null,null,"P1Y",{"$nulls":4},"S",null,null,3,null,"Value of Direct debits sent - from: Luxembourg to: Croatia, All","Value of Direct debits sent - from: Luxembourg to: Croatia, All","EUR",6]
["PDD.A.LU.HU.2._T.DDS_ALL._T._Z.N.EUR","A","LU","HU",2,"_T","DDS_ALL","_T","_Z","N","EUR","2015",0.000268,"A",false,null,null,"P1Y",{"$nulls":4},"S",null,null,3,null,"Value of Direct debits sent - from: Luxembourg to: Hungary, All","Value of Direct debits sent - from: Luxembourg to: Hungary, All","EUR",6]
["PDD.A.LU.IE.2._T.DDS_ALL._T._Z.N.EUR","A","LU","IE",2,"_T","DDS_ALL","_T","_Z","N","EUR","2020",0.132787,"A",false,null,null,"P1Y",{"$nulls":4},"S",null,null,3,null,"Value of Direct debits sent - from: Luxembourg to: Ireland, All","Value of Direct debits sent - from: Luxembourg to: Ireland, All","EUR",6]
["PDD.A.LU.LT.1._T.DDS_ALL._T._Z.N.EUR","A","LU","LT",1,"_T","DDS_ALL","_T","_Z","N","EUR","2022",0.009835,"A",false,null,null,"P1Y",{"$nulls":4},"S",null,null,3,null,"Value of Direct debits received - from: Luxembourg to: Lithuania, All","Value of Direct debits received - from: Luxembourg to: Lithuania, All","EUR",6]
["PDD.A.LU.LT.2._T.DDS_ALL._T._Z.N.PN","A","LU","LT",2,"_T","DDS_ALL","_T","_Z","N","PN","2020",5.1E-05,"A",false,null,null,"P1Y",{"$nulls":4},"S",null,null,3,null,"Number of Direct debits sent - from: Luxembourg to: Lithuania, All","Number of Direct debits sent - from: Luxembourg to: Lithuania, All","PN",6]
["PDD.A.LU.NL.2._T.DDS_ALL._T._Z.N.PN","A","LU","NL",2,"_T","DDS_ALL","_T","_Z","N","PN","2014",0.00166,"A",false,null,null,"P1Y",{"$nulls":4},"S",null,null,3,null,"Number of Direct debits sent - from: Luxembourg to: Netherlands, All","Number of Direct debits sent - from: Luxembourg to: Netherlands, All","PN",6]
["PDD.A.LU.NO.2._T.DDS_ALL._T._Z.N.EUR","A","LU","NO",2,"_T","DDS_ALL","_T","_Z","N","EUR","2022",1.268326,"A",false,null,null,"P1Y",{"$nulls":4},"S",null,null,3,null,"Value of Direct debits sent - from: Luxembourg to: Norway, All","Value of Direct debits sent - from: Luxembourg to: Norway, All","EUR",6]
["PDD.A.LU.RO.2._T.DDS_ALL._T._Z.N.EUR","A","LU","RO",2,"_T","DDS_ALL","_T","_Z","N","EUR","2015",0,"A",false,null,null,"P1Y",{"$nulls":4},"S",null,null,3,null,"Value of Direct debits sent - from: Luxembourg to: Romania, All","Value of Direct debits sent - from: Luxembourg to: Romania, All","EUR",6]
["PDD.A.LU.SE.2.2200.DDS_ALL._T._Z.N.EUR","A","LU","SE",2,"2200","DDS_ALL","_T","_Z","N","EUR","2022",0,"A",false,null,null,"P1Y",{"$nulls":4},"S",null,null,3,null,"Value of Direct debits initiated on a single payment basis, sent - from: Luxembourg to: Sweden, All","Value of Direct debits initiated on a single payment basis, sent - from: Luxembourg to: Sweden, All","EUR",6]
["PDD.A.LU.SI.2.2200.DDS_ALL._T._Z.N.EUR","A","LU","SI",2,"2200","DDS_ALL","_T","_Z","N","EUR","2022",0,"A",false,null,null,"P1Y",{"$nulls":4},"S",null,null,3,null,"Value of Direct debits initiated on a single payment basis, sent - from: Luxembourg to: Slovenia, All","Value of Direct debits initiated on a single payment basis, sent - from: Luxembourg to: Slovenia, All","EUR",6]
["PDD.A.LU.W0.2.2100.DDS_ALL._T._Z.N.EUR","A","LU","W0",2,"2100","DDS_ALL","_T","_Z","N","EUR","2019",10789.444904,"A",false,null,null,"P1Y",{"$nulls":4},"S",null,null,3,null,"Value of Direct debits initiated in a file/batch, sent - from: Luxembourg to: World, All","Value of Direct debits initiated in a file/batch, sent - from: Luxembourg to: World, All","EUR",6]
["PDD.A.LU.W0.2.2200.DDS_ALL._T._Z.N.EUR","A","LU","W0",2,"2200","DDS_ALL","_T","_Z","N","EUR","2022",10.428739,"A",false,null,null,"P1Y",{"$nulls":4},"S",null,null,3,null,"Value of Direct debits initiated on a single payment basis, sent - from: Luxembourg to: World, All","Value of Direct debits initiated on a single payment basis, sent - from: Luxembourg to: World, All","EUR",6]
["PDD.A.LU.W0.2._T.DDS_ALL._T._Z.G1.PN","A","LU","W0",2,"_T","DDS_ALL","_T","_Z","G1","PN","2004",8.163265306122437,"A",false,null,null,"P1Y",{"$nulls":4},"S",null,null,3,null,"Number of Direct debits sent - from: Luxembourg to: World, All","Number of Direct debits sent - from: Luxembourg to: World, All","PN",0]
["PDD.A.LU.W0.2._T.DDS_ALL._T._Z.N.EUR_R_B1GQ","A","LU","W0",2,"_T","DDS_ALL","_T","_Z","N","EUR_R_B1GQ","2001",2.386945768466512,"A",false,null,null,"P1Y",{"$nulls":4},"S",null,null,3,null,"Euro; ratio to GDP of Direct debits sent - from: Luxembourg to: World, All","Euro; ratio to GDP of Direct debits sent - from: Luxembourg to: World, All","EUR_R_B1GQ",0]
["PDD.A.LU.W0.2._T.DDS_ALL._T._Z.N.EUR_R_B1GQ","A","LU","W0",2,"_T","DDS_ALL","_T","_Z","N","EUR_R_B1GQ","2022",32.76440255358582,"A",false,null,null,"P1Y",{"$nulls":4},"S",null,null,3,null,"Euro; ratio to GDP of Direct debits sent - from: Luxembourg to: World, All","Euro; ratio to GDP of Direct debits sent - from: Luxembourg to: World, All","EUR_R_B1GQ",0]
["PDD.A.LU.W0.2._T.DDS_ALL._T._Z.N.EUR_R_POP6","A","LU","W0",2,"_T","DDS_ALL","_T","_Z","N","EUR_R_POP6","2005",4275.185741893923,"A",false,null,null,"P1Y",{"$nulls":4},"S",null,null,3,null,"Euro per million inhabitants of Direct debits sent - from: Luxembourg to: World, All","Euro per million inhabitants of Direct debits sent - from: Luxembourg to: World, All","EUR_R_POP6",0]
["PDD.A.LU.W0.2._T.DDS_ALL._T._Z.N.PN","A","LU","W0",2,"_T","DDS_ALL","_T","_Z","N","PN","2011",16.715,"A",false,null,null,"P1Y",{"$nulls":4},"S",null,null,3,null,"Number of Direct debits sent - from: Luxembourg to: World, All","Number of Direct debits sent - from: Luxembourg to: World, All","PN",6]
["PDD.A.LU.W0.2._T.DDS_ALL._T._Z.N.PN_R_POP6","A","LU","W0",2,"_T","DDS_ALL","_T","_Z","N","PN_R_POP6","2009",29.94472299274615,"A",false,null,null,"P1Y",{"$nulls":4},"S",null,null,3,null,"Pure number per million inhabitants of Direct debits sent - from: Luxembourg to: World, All","Pure number per million inhabitants of Direct debits sent - from: Luxembourg to: World, All","PN_R_POP6",0]
["PDD.A.LU.W1.2._T.DDS_ALL._T._Z.N.EUR","A","LU","W1",2,"_T","DDS_ALL","_T","_Z","N","EUR","2016",970.030112,"A",false,null,null,"P1Y",{"$nulls":4},"S",null,null,3,null,"Value of Direct debits sent - from: Luxembourg to: Rest of the World, All","Value of Direct debits sent - from: Luxembourg to: Rest of the World, All","EUR",6]
["PDD.A.LU.W2.2.2200.DDS_ALL._T._Z.N.PN","A","LU","W2",2,"2200","DDS_ALL","_T","_Z","N","PN","2022",0.000376,"A",false,null,null,"P1Y",{"$nulls":4},"S",null,null,3,null,"Number of Direct debits initiated on a single payment basis, sent - from: Luxembourg to: Domestic (home or reference area), All","Number of Direct debits initiated on a single payment basis, sent - from: Luxembourg to: Domestic (home or reference area), All","PN",6]
["PDD.A.LV.AT.1._T.DDS_ALL._T._Z.N.PN","A","LV","AT",1,"_T","DDS_ALL","_T","_Z","N","PN","2022",null,"Q",false,null,null,"P1Y",{"$nulls":4},"S",null,null,3,null,"Number of Direct debits received - from: Latvia to: Austria, All","Number of Direct debits received - from: Latvia to: Austria, All","PN",6]
["PDD.A.LV.BG.2._T.DDS_ALL._T._Z.N.EUR","A","LV","BG",2,"_T","DDS_ALL","_T","_Z","N","EUR","2022",0,"A",false,null,null,"P1Y",{"$nulls":4},"S",null,null,3,null,"Value of Direct debits sent - from: Latvia to: Bulgaria, All","Value of Direct debits sent - from: Latvia to: Bulgaria, All","EUR",6]
["PDD.A.LV.CY.2.2100.DDS_ALL._T._Z.N.EUR","A","LV","CY",2,"2100","DDS_ALL","_T","_Z","N","EUR","2022",null,"Q",false,null,null,"P1Y",{"$nulls":4},"S",null,null,3,null,"Value of Direct debits initiated in a file/batch, sent - from: Latvia to: Cyprus, All","Value of Direct debits initiated in a file/batch, sent - from: Latvia to: Cyprus, All","EUR",6]
["PDD.A.LV.CZ.2._T.DDS_ALL._T._Z.N.EUR","A","LV","CZ",2,"_T","DDS_ALL","_T","_Z","N","EUR","2019",0,"A",false,null,null,"P1Y",{"$nulls":4},"S",null,null,3,null,"Value of Direct debits sent - from: Latvia to: Czech Republic, All","Value of Direct debits sent - from: Latvia to: Czech Republic, All","EUR",6]
["PDD.A.LV.DK.2._T.DDS_ALL._T._Z.N.PN","A","LV","DK",2,"_T","DDS_ALL","_T","_Z","N","PN","2019",0,"A",false,null,null,"P1Y",{"$nulls":4},"S",null,null,3,null,"Number of Direct debits sent - from: Latvia to: Denmark, All","Number of Direct debits sent - from: Latvia to: Denmark, All","PN",6]
["PDD.A.LV.EE.2._T.DDS_ALL._T._Z.N.PN","A","LV","EE",2,"_T","DDS_ALL","_T","_Z","N","PN","2016",0,"A",false,null,null,"P1Y",{"$nulls":4},"S",null,null,3,null,"Number of Direct debits sent - from: Latvia to: Estonia, All","Number of Direct debits sent - from: Latvia to: Estonia, All","PN",6]
["PDD.A.LV.FI.2._T.DDS_ALL._T._Z.N.EUR","A","LV","FI",2,"_T","DDS_ALL","_T","_Z","N","EUR","2021",0,"A",false,null,null,"P1Y",{"$nulls":4},"S",null,null,3,null,"Value of Direct debits sent - from: Latvia to: Finland, All","Value of Direct debits sent - from: Latvia to: Finland, All","EUR",6]
["PDD.A.LV.G1.2.2100.DDS_ALL._T._Z.N.EUR","A","LV","G1",2,"2100","DDS_ALL","_T","_Z","N","EUR","2022",null,"Q",false,null,null,"P1Y",{"$nulls":4},"S",null,null,3,null,"Value of Direct debits initiated in a file/batch, sent - from: Latvia to: Extra EEA, All","Value of Direct debits initiated in a file/batch, sent - from: Latvia to: Extra EEA, All","EUR",6]
["PDD.A.LV.G1.2._T.DDS_ALL._T._Z.N.PN","A","LV","G1",2,"_T","DDS_ALL","_T","_Z","N","PN","2022",0,"A",false,null,null,"P1Y",{"$nulls":4},"S",null,null,3,null,"Number of Direct debits sent - from: Latvia to: Extra EEA, All","Number of Direct debits sent - from: Latvia to: Extra EEA, All","PN",6]
["PDD.A.LV.HR.2.2100.DDS_ALL._T._Z.N.EUR","A","LV","HR",2,"2100","DDS_ALL","_T","_Z","N","EUR","2022",null,"Q",false,null,null,"P1Y",{"$nulls":4},"S",null,null,3,null,"Value of Direct debits initiated in a file/batch, sent - from: Latvia to: Croatia, All","Value of Direct debits initiated in a file/batch, sent - from: Latvia to: Croatia, All","EUR",6]
["PDD.A.LV.IE.1._T.DDS_ALL._T._Z.N.EUR","A","LV","IE",1,"_T","DDS_ALL","_T","_Z","N","EUR","2022",null,"Q",false,null,null,"P1Y",{"$nulls":4},"S",null,null,3,null,"Value of Direct debits received - from: Latvia to: Ireland, All","Value of Direct debits received - from: Latvia to: Ireland, All","EUR",6]
["PDD.A.LV.IS.1._T.DDS_ALL._T._Z.N.PN","A","LV","IS",1,"_T","DDS_ALL","_T","_Z","N","PN","2022",null,"Q",false,null,null,"P1Y",{"$nulls":4},"S",null,null,3,null,"Number of Direct debits received - from: Latvia to: Iceland, All","Number of Direct debits received - from: Latvia to: Iceland, All","PN",6]
["PDD.A.LV.LT.2._T.DDS_ALL._T._Z.N.PN","A","LV","LT",2,"_T","DDS_ALL","_T","_Z","N","PN","2017",0,"A",false,null,null,"P1Y",{"$nulls":4},"S",null,null,3,null,"Number of Direct debits sent - from: Latvia to: Lithuania, All","Number of Direct debits sent - from: Latvia to: Lithuania, All","PN",6]
["PDD.A.LV.LU.2._T.DDS_ALL._T._Z.N.EUR","A","LV","LU",2,"_T","DDS_ALL","_T","_Z","N","EUR","2018",0,"A",false,null,null,"P1Y",{"$nulls":4},"S",null,null,3,null,"Value of Direct debits sent - from: Latvia to: Luxembourg, All","Value of Direct debits sent - from: Latvia to: Luxembourg, All","EUR",6]
["PDD.A.LV.NO.2.2100.DDS_ALL._T._Z.N.PN","A","LV","NO",2,"2100","DDS_ALL","_T","_Z","N","PN","2022",null,"Q",false,null,null,"P1Y",{"$nulls":4},"S",null,null,3,null,"Number of Direct debits initiated in a file/batch, sent - from: Latvia to: Norway, All","Number of Direct debits initiated in a file/batch, sent - from: Latvia to: Norway, All","PN",6]
["PDD.A.LV.PL.2._T.DDS_ALL._T._Z.N.PN","A","LV","PL",2,"_T","DDS_ALL","_T","_Z","N","PN","2015",0,"A",false,null,null,"P1Y",{"$nulls":4},"S",null,null,3,null,"Number of Direct debits sent - from: Latvia to: Poland, All","Number of Direct debits sent - from: Latvia to: Poland, All","PN",6]
["PDD.A.LV.RO.2._T.DDS_ALL._T._Z.N.EUR","A","LV","RO",2,"_T","DDS_ALL","_T","_Z","N","EUR","2018",0,"A",false,null,null,"P1Y",{"$nulls":4},"S",null,null,3,null,"Value of Direct debits sent - from: Latvia to: Romania, All","Value of Direct debits sent - from: Latvia to: Romania, All","EUR",6]
["PDD.A.LV.SI.1._T.DDS_ALL._T._Z.N.PN","A","LV","SI",1,"_T","DDS_ALL","_T","_Z","N","PN","2022",null,"Q",false,null,null,"P1Y",{"$nulls":4},"S",null,null,3,null,"Number of Direct debits received - from: Latvia to: Slovenia, All","Number of Direct debits received - from: Latvia to: Slovenia, All","PN",6]
["PDD.A.LV.SI.2._T.DDS_ALL._T._Z.N.PN","A","LV","SI",2,"_T","DDS_ALL","_T","_Z","N","PN","2021",0,"A",false,null,null,"P1Y",{"$nulls":4},"S",null,null,3,null,"Number of Direct debits sent - from: Latvia to: Slovenia, All","Number of Direct debits sent - from: Latvia to: Slovenia, All","PN",6]
["PDD.A.LV.W0.2.2100.DDS_ALL._T._Z.N.EUR","A","LV","W0",2,"2100","DDS_ALL","_T","_Z","N","EUR","2020",0,"A",false,null,null,"P1Y",{"$nulls":4},"S",null,null,3,null,"Value of Direct debits initiated in a file/batch, sent - from: Latvia to: World, All","Value of Direct debits initiated in a file/batch, sent - from: Latvia to: World, All","EUR",6]
["PDD.A.LV.W0.2._T.DDS_ALL._T._Z.G1.EUR","A","LV","W0",2,"_T","DDS_ALL","_T","_Z","G1","EUR","2005",44.18997659771466,"A",false,null,null,"P1Y",{"$nulls":4},"S",null,null,3,null,"Value of Direct debits sent - from: Latvia to: World, All","Value of Direct debits sent - from: Latvia to: World, All","EUR",0]
["PDD.A.LV.W0.2._T.DDS_ALL._T._Z.G1.PN","A","LV","W0",2,"_T","DDS_ALL","_T","_Z","G1","PN","2004",123.5616438356164,"A",false,null,null,"P1Y",{"$nulls":4},"S",null,null,3,null,"Number of Direct debits sent - from: Latvia to: World, All","Number of Direct debits sent - from: Latvia to: World, All","PN",0]
["PDD.A.LV.W0.2._T.DDS_ALL._T._Z.N.EUR_R_B1GQ","A","LV","W0",2,"_T","DDS_ALL","_T","_Z","N","EUR_R_B1GQ","2019",0,"A",false,null,null,"P1Y",{"$nulls":4},"S",null,null,3,null,"Euro; ratio to GDP of Direct debits sent - from: Latvia to: World, All","Euro; ratio to GDP of Direct debits sent - from: Latvia to: World, All","EUR_R_B1GQ",0]
["PDD.A.LV.W0.2._T.DDS_ALL._T._Z.N.EUR_R_PNT","A","LV","W0",2,"_T","DDS_ALL","_T","_Z","N","EUR_R_PNT","2021",null,"M",false,null,null,"P1Y",{"$nulls":4},"S",null,null,3,null,"Euro; ratio to number of transactions of Direct debits sent - from: Latvia to: World, All","Euro; ratio to number of transactions of Direct debits sent - from: Latvia to: World, All","EUR_R_PNT",0]
["PDD.A.LV.W0.2._T.DDS_ALL._T._Z.N.EUR_R_POP6","A","LV","W0",2,"_T","DDS_ALL","_T","_Z","N","EUR_R_POP6","2018",0,"A",false,null,null,"P1Y",{"$nulls":4},"S",null,null,3,null,"Euro per million inhabitants of Direct debits sent - from: Latvia to: World, All","Euro per million inhabitants of Direct debits sent - from: Latvia to: World, All","EUR_R_POP6",0]
["PDD.A.LV.W0.2._T.DDS_ALL._T._Z.N.PN_R_POP6","A","LV","W0",2,"_T","DDS_ALL","_T","_Z","N","PN_R_POP6","2006",1.668572469095126,"A",false,null,null,"P1Y",{"$nulls":4},"S",null,null,3,null,"Pure number per million inhabitants of Direct debits sent - from: Latvia to: World, All","Pure number per million inhabitants of Direct debits sent - from: Latvia to: World, All","PN_R_POP6",0]
["PDD.A.LV.W0.2._T.DDS_ALL._T._Z.N.PN_R_POP6","A","LV","W0",2,"_T","DDS_ALL","_T","_Z","N","PN_R_POP6","2022",0,"A",false,null,null,"P1Y",{"$nulls":4},"S",null,null,3,null,"Pure number per million inhabitants of Direct debits sent - from: Latvia to: World, All","Pure number per million inhabitants of Direct debits sent - from: Latvia to: World, All","PN_R_POP6",0]
["PDD.A.LV.W1.1._T.DDS_ALL._T._Z.N.EUR","A","LV","W1",1,"_T","DDS_ALL","_T","_Z","N","EUR","2019",null,"Q",false,null,null,"P1Y",{"$nulls":4},"S",null,null,3,null,"Value of Direct debits received - from: Latvia to: Rest of the World, All","Value of Direct debits received - from: Latvia to: Rest of the World, All","EUR",6]
["PDD.A.LV.W2.2._T.DDS_ALL._T._Z.N.PN","A","LV","W2",2,"_T","DDS_ALL","_T","_Z","N","PN","2021",0,"A",false,null,null,"P1Y",{"$nulls":4},"S",null,null,3,null,"Number of Direct debits sent - from: Latvia to: Domestic (home or reference area), All","Number of Direct debits sent - from: Latvia to: Domestic (home or reference area), All","PN",6]
["PDD.A.MT.AT.2._T.DDS_ALL._T._Z.N.PN","A","MT","AT",2,"_T","DDS_ALL","_T","_Z","N","PN","2018",null,"Q",false,null,null,"P1Y",{"$nulls":4},"S",null,null,3,null,"Number of Direct debits sent - from: Malta to: Austria, All","Number of Direct debits sent - from: Malta to: Austria, All","PN",6]
["PDD.A.MT.BG.2._T.DDS_ALL._T._Z.N.PN","A","MT","BG",2,"_T","DDS_ALL","_T","_Z","N","PN","2018",null,"Q",false,null,null,"P1Y",{"$nulls":4},"S",null,null,3,null,"Number of Direct debits sent - from: Malta to: Bulgaria, All","Number of Direct debits sent - from: Malta to: Bulgaria, All","PN",6]
["PDD.A.MT.CZ.2.2200.DDS_ALL._T._Z.N.EUR","A","MT","CZ",2,"2200","DDS_ALL","_T","_Z","N","EUR","2022",0,"A",false,null,null,"P1Y",{"$nulls":4},"S",null,null,3,null,"Value of Direct debits initiated on a single payment basis, sent - from: Malta to: Czech Republic, All","Value of Direct debits initiated on a single payment basis, sent - from: Malta to: Czech Republic, All","EUR",6]
["PDD.A.MT.DE.2.2200.DDS_ALL._T._Z.N.PN","A","MT","DE",2,"2200","DDS_ALL","_T","_Z","N","PN","2022",0,"A",false,null,null,"P1Y",{"$nulls":4},"S",null,null,3,null,"Number of Direct debits initiated on a single payment basis, sent - from: Malta to: Germany, All","Number of Direct debits initiated on a single payment basis, sent - from: Malta to: Germany, All","PN",6]
["PDD.A.MT.DK.2._T.DDS_ALL._T._Z.N.PN","A","MT","DK",2,"_T","DDS_ALL","_T","_Z","N","PN","2015",null,"Q",false,null,null,"P1Y",{"$nulls":4},"S",null,null,3,null,"Number of Direct debits sent - from: Malta to: Denmark, All","Number of Direct debits sent - from: Malta to: Denmark, All","PN",6]
["PDD.A.MT.ES.2._T.DDS_ALL._T._Z.N.EUR","A","MT","ES",2,"_T","DDS_ALL","_T","_Z","N","EUR","2018",null,"Q",false,null,null,"P1Y",{"$nulls":4},"S",null,null,3,null,"Value of Direct debits sent - from: Malta to: Spain, All","Value of Direct debits sent - from: Malta to: Spain, All","EUR",6]
["PDD.A.MT.FI.2._T.DDS_ALL._T._Z.N.EUR","A","MT","FI",2,"_T","DDS_ALL","_T","_Z","N","EUR","2019",null,"Q",false,null,null,"P1Y",{"$nulls":4},"S",null,null,3,null,"Value of Direct debits sent - from: Malta to: Finland, All","Value of Direct debits sent - from: Malta to: Finland, All","EUR",6]
["PDD.A.MT.G1.2._T.DDS_ALL._T._Z.N.PN","A","MT","G1",2,"_T","DDS_ALL","_T","_Z","N","PN","2019",null,"Q",false,null,null,"P1Y",{"$nulls":4},"S",null,null,3,null,"Number of Direct debits sent - from: Malta to: Extra EEA, All","Number of Direct debits sent - from: Malta to: Extra EEA, All","PN",6]
["PDD.A.MT.GR.2._T.DDS_ALL._T._Z.N.EUR","A","MT","GR",2,"_T","DDS_ALL","_T","_Z","N","EUR","2016",null,"Q",false,null,null,"P1Y",{"$nulls":4},"S",null,null,3,null,"Value of Direct debits sent - from: Malta to: Greece, All","Value of Direct debits sent - from: Malta to: Greece, All","EUR",6]
["PDD.A.MT.HU.2._T.DDS_ALL._T._Z.N.PN","A","MT","HU",2,"_T","DDS_ALL","_T","_Z","N","PN","2020",0,"A",false,null,null,"P1Y",{"$nulls":4},"S",null,null,3,null,"Number of Direct debits sent - from: Malta to: Hungary, All","Number of Direct debits sent - from: Malta to: Hungary, All","PN",6]
["PDD.A.MT.IE.2._T.DDS_ALL._T._Z.N.PN","A","MT","IE",2,"_T","DDS_ALL","_T","_Z","N","PN","2017",null,"Q",false,null,null,"P1Y",{"$nulls":4},"S",null,null,3,null,"Number of Direct debits sent - from: Malta to: Ireland, All","Number of Direct debits sent - from: Malta to: Ireland, All","PN",6]
["PDD.A.MT.IT.2._T.DDS_ALL._T._Z.N.EUR","A","MT","IT",2,"_T","DDS_ALL","_T","_Z","N","EUR","2016",null,"Q",false,null,null,"P1Y",{"$nulls":4},"S",null,null,3,null,"Value of Direct debits sent - from: Malta to: Italy, All","Value of Direct debits sent - from: Malta to: Italy, All","EUR",6]
["PDD.A.MT.LU.2._T.DDS_ALL._T._Z.N.EUR","A","MT","LU",2,"_T","DDS_ALL","_T","_Z","N","EUR","2019",null,"Q",false,null,null,"P1Y",{"$nulls":4},"S",null,null,3,null,"Value of Direct debits sent - from: Malta to: Luxembourg, All","Value of Direct debits sent - from: Malta to: Luxembourg, All","EUR",6]
["PDD.A.MT.LV.2._T.DDS_ALL._T._Z.N.EUR","A","MT","LV",2,"_T","DDS_ALL","_T","_Z","N","EUR","2016",0,"A",false,null,null,"P1Y",{"$nulls":4},"S",null,null,3,null,"Value of Direct debits sent - from: Malta to: Latvia, All","Value of Direct debits sent - from: Malta to: Latvia, All","EUR",6]
["PDD.A.MT.NL.2._T.DDS_ALL._T._Z.N.EUR","A","MT","NL",2,"_T","DDS_ALL","_T","_Z","N","EUR","2017",null,"Q",false,null,null,"P1Y",{"$nulls":4},"S",null,null,3,null,"Value of Direct debits sent - from: Malta to: Netherlands, All","Value of Direct debits sent - from: Malta to: Netherlands, All","EUR",6]
["PDD.A.MT.PL.2._T.DDS_ALL._T._Z.N.PN","A","MT","PL",2,"_T","DDS_ALL","_T","_Z","N","PN","2015",0,"A",false,null,null,"P1Y",{"$nulls":4},"S",null,null,3,null,"Number of Direct debits sent - from: Malta to: Poland, All","Number of Direct debits sent - from: Malta to: Poland, All","PN",6]
["PDD.A.MT.RO.2._T.DDS_ALL._T._Z.N.EUR","A","MT","RO",2,"_T","DDS_ALL","_T","_Z","N","EUR","2018",0,"A",false,null,null,"P1Y",{"$nulls":4},"S",null,null,3,null,"Value of Direct debits sent - from: Malta to: Romania, All","Value of Direct debits sent - from: Malta to: Romania, All","EUR",6]
["PDD.A.MT.SI.2._T.DDS_ALL._T._Z.N.PN","A","MT","SI",2,"_T","DDS_ALL","_T","_Z","N","PN","2018",null,"Q",false,null,null,"P1Y",{"$nulls":4},"S",null,null,3,null,"Number of Direct debits sent - from: Malta to: Slovenia, All","Number of Direct debits sent - from: Malta to: Slovenia, All","PN",6]
["PDD.A.MT.W0.1._T.DDS_ALL.1._Z.N.EUR_R_B1GQ","A","MT","W0",1,"_T","DDS_ALL","1","_Z","N","EUR_R_B1GQ","2022",null,"Q",false,null,null,"P1Y",{"$nulls":4},"S",null,null,3,null,"Euro; ratio to GDP of Direct debits received - from: Malta to: World, Electronic mandate","Euro; ratio to GDP of Direct debits received - from: Malta to: World, Electronic mandate","EUR_R_B1GQ",0]
["PDD.A.MT.W0.2.2100.DDS_ALL._T._Z.N.EUR","A","MT","W0",2,"2100","DDS_ALL","_T","_Z","N","EUR","2018",null,"Q",false,null,null,"P1Y",{"$nulls":4},"S",null,null,3,null,"Value of Direct debits initiated in a file/batch, sent - from: Malta to: World, All","Value of Direct debits initiated in a file/batch, sent - from: Malta to: World, All","EUR",6]
["PDD.A.MT.W0.2._T.DDS_ALL._T._Z.G1.PN","A","MT","W0",2,"_T","DDS_ALL","_T","_Z","G1","PN","2001",null,"M",false,null,null,"P1Y",{"$nulls":4},"S",null,null,3,null,"Number of Direct debits sent - from: Malta to: World, All","Number of Direct debits sent - from: Malta to: World, All","PN",0]
["PDD.A.MT.W0.2._T.DDS_ALL._T._Z.G1.PN","A","MT","W0",2,"_T","DDS_ALL","_T","_Z","G1","PN","2021",null,"Q",false,null,null,"P1Y",{"$nulls":4},"S",null,null,3,null,"Number of Direct debits sent - from: Malta to: World, All","Number of Direct debits sent - from: Malta to: World, All","PN",0]
["PDD.A.MT.W0.2._T.DDS_ALL._T._Z.N.EUR_R_B1GQ","A","MT","W0",2,"_T","DDS_ALL","_T","_Z","N","EUR_R_B1GQ","2000",null,"M",false,null,null,"P1Y",{"$nulls":4},"S",null,null,3,null,"Euro; ratio to GDP of Direct debits sent - from: Malta to: World, All","Euro; ratio to GDP of Direct debits sent - from: Malta to: World, All","EUR_R_B1GQ",0]
["PDD.A.MT.W0.2._T.DDS_ALL._T._Z.N.EUR_R_POP6","A","MT","W0",2,"_T","DDS_ALL","_T","_Z","N","EUR_R_POP6","2011",2961.712534112311,"A",false,null,null,"P1Y",{"$nulls":4},"S",null,null,3,null,"Euro per million inhabitants of Direct debits sent - from: Malta to: World, All","Euro per million inhabitants of Direct debits sent - from: Malta to: World, All","EUR_R_POP6",0]
["PDD.A.MT.W0.2._T.DDS_ALL._T._Z.N.EUR_R_TT","A","MT","W0",2,"_T","DDS_ALL","_T","_Z","N","EUR_R_TT","2013",0.2507273563331845,"A",false,null,null,"P1Y",{"$nulls":4},"S",null,null,3,null,"Euro; ratio to total value payment transactions of Direct debits sent - from: Malta to: World, All","Euro; ratio to total value payment transactions of Direct debits sent - from: Malta to: World, All","EUR_R_TT",0]
["PDD.A.MT.W0.2._T.DDS_ALL._T._Z.N.PN_R_POP6","A","MT","W0",2,"_T","DDS_ALL","_T","_Z","N","PN_R_POP6","2015",null,"Q",false,null,null,"P1Y",{"$nulls":4},"S",null,null,3,null,"Pure number per million inhabitants of Direct debits sent - from: Malta to: World, All","Pure number per million inhabitants of Direct debits sent - from: Malta to: World, All","PN_R_POP6",0]
["PDD.A.MT.W0.2._T.DDS_ALL._T._Z.N.PN_R_TT","A","MT","W0",2,"_T","DDS_ALL","_T","_Z","N","PN_R_TT","2021",null,"Q",false,null,null,"P1Y",{"$nulls":4},"S",null,null,3,null,"Pure number; ratio to total number payment transactions of Direct debits sent - from: Malta to: World, All","Pure number; ratio to total number payment transactions of Direct debits sent - from: Malta to: World, All","PN_R_TT",0]
["PDD.A.MT.W1.2._T.DDS_ALL._T._Z.N.EUR","A","MT","W1",2,"_T","DDS_ALL","_T","_Z","N","EUR","2015",null,"Q",false,null,null,"P1Y",{"$nulls":4},"S",null,null,3,null,"Value of Direct debits sent - from: Malta to: Rest of the World, All","Value of Direct debits sent - from: Malta to: Rest of the World, All","EUR",6]
["PDD.A.MT.W2.2._T.DDS_ALL._T._Z.N.PN","A","MT","W2",2,"_T","DDS_ALL","_T","_Z","N","PN","2021",null,"Q",false,null,null,"P1Y",{"$nulls":4},"S",null,null,3,null,"Number of Direct debits sent - from: Malta to: Domestic (home or reference area), All","Number of Direct debits sent - from: Malta to: Domestic (home or reference area), All","PN",6]
["PDD.A.NL.BE.2._T.DDS_ALL._T._Z.N.EUR","A","NL","BE",2,"_T","DDS_ALL","_T","_Z","N","EUR","2012",null,"M",false,null,null,"P1Y",{"$nulls":4},"S",null,null,3,null,"Value of Direct debits sent - from: Netherlands to: Belgium, All","Value of Direct debits sent - from: Netherlands to: Belgium, All","EUR",6]
["PDD.A.NL.BE.2._T.DDS_ALL._T._Z.N.PN","A","NL","BE",2,"_T","DDS_ALL","_T","_Z","N","PN","2020",4.694,"A",false,null,null,"P1Y",{"$nulls":4},"S",null,null,3,null,"Number of Direct debits sent - from: Netherlands to: Belgium, All","Number of Direct debits sent - from: Netherlands to: Belgium, All","PN",6]
["PDD.A.NL.CY.2._T.DDS_ALL._T._Z.N.PN","A","NL","CY",2,"_T","DDS_ALL","_T","_Z","N","PN","2013",null,"Q",false,null,null,"P1Y",{"$nulls":4},"S",null,null,3,null,"Number of Direct debits sent - from: Netherlands to: Cyprus, All","Number of Direct debits sent - from: Netherlands to: Cyprus, All","PN",6]
["PDD.A.NL.CZ.2._T.DDS_ALL._T._Z.N.PN","A","NL","CZ",2,"_T","DDS_ALL","_T","_Z","N","PN","2016",0.001,"A",false,null,null,"P1Y",{"$nulls":4},"S",null,null,3,null,"Number of Direct debits sent - from: Netherlands to: Czech Republic, All","Number of Direct debits sent - from: Netherlands to: Czech Republic, All","PN",6]
["PDD.A.NL.DK.2._T.DDS_ALL._T._Z.N.EUR","A","NL","DK",2,"_T","DDS_ALL","_T","_Z","N","EUR","2011",null,"M",false,null,null,"P1Y",{"$nulls":4},"S",null,null,3,null,"Value of Direct debits sent - from: Netherlands to: Denmark, All","Value of Direct debits sent - from: Netherlands to: Denmark, All","EUR",6]
["PDD.A.NL.DK.2._T.DDS_ALL._T._Z.N.PN","A","NL","DK",2,"_T","DDS_ALL","_T","_Z","N","PN","2019",0.006,"A",false,null,null,"P1Y",{"$nulls":4},"S",null,null,3,null,"Number of Direct debits sent - from: Netherlands to: Denmark, All","Number of Direct debits sent - from: Netherlands to: Denmark, All","PN",6]
["PDD.A.NL.EE.2._T.DDS_ALL._T._Z.N.PN","A","NL","EE",2,"_T","DDS_ALL","_T","_Z","N","PN","2013",null,"Q",false,null,null,"P1Y",{"$nulls":4},"S",null,null,3,null,"Number of Direct debits sent - from: Netherlands to: Estonia, All","Number of Direct debits sent - from: Netherlands to: Estonia, All","PN",6]
["PDD.A.NL.FI.2._T.DDS_ALL._T._Z.N.EUR","A","NL","FI",2,"_T","DDS_ALL","_T","_Z","N","EUR","2017",6.347,"A",false,null,null,"P1Y",{"$nulls":4},"S",null,null,3,null,"Value of Direct debits sent - from: Netherlands to: Finland, All","Value of Direct debits sent - from: Netherlands to: Finland, All","EUR",6]
["PDD.A.NL.FR.2._T.DDS_ALL._T._Z.N.EUR","A","NL","FR",2,"_T","DDS_ALL","_T","_Z","N","EUR","2010",null,"M",false,null,null,"P1Y",{"$nulls":4},"S",null,null,3,null,"Value of Direct debits sent - from: Netherlands to: France, All","Value of Direct debits sent - from: Netherlands to: France, All","EUR",6]
["PDD.A.NL.FR.2._T.DDS_ALL._T._Z.N.PN","A","NL","FR",2,"_T","DDS_ALL","_T","_Z","N","PN","2018",6.332,"A",false,null,null,"P1Y",{"$nulls":4},"S",null,null,3,null,"Number of Direct debits sent - from: Netherlands to: France, All","Number of Direct debits sent - from: Netherlands to: France, All","PN",6]
["PDD.A.NL.G3.2._T.DDS_ALL._T._Z.N.EUR","A","NL","G3",2,"_T","DDS_ALL","_T","_Z","N","EUR","2022",42400.93547716999,"A",false,null,null,"P1Y",{"$nulls":4},"S",null,null,3,null,"Value of Direct debits sent - from: Netherlands to: Other EEA countries, All","Value of Direct debits sent - from: Netherlands to: Other EEA countries, All","EUR",6]
["PDD.A.NL.HR.2.2200.DDS_ALL._T._Z.N.EUR","A","NL","HR",2,"2200","DDS_ALL","_T","_Z","N","EUR","2022",0.0005789899999999999,"A",false,null,null,"P1Y",{"$nulls":4},"S",null,null,3,null,"Value of Direct debits initiated on a single payment basis, sent - from: Netherlands to: Croatia, All","Value of Direct debits initiated on a single payment basis, sent - from: Netherlands to: Croatia, All","EUR",6]
["PDD.A.NL.HU.2._T.DDS_ALL._T._Z.N.PN","A","NL","HU",2,"_T","DDS_ALL","_T","_Z","N","PN","2020",0.003,"A",false,null,null,"P1Y",{"$nulls":4},"S",null,null,3,null,"Number of Direct debits sent - from: Netherlands to: Hungary, All","Number of Direct debits sent - from: Netherlands to: Hungary, All","PN",6]
["PDD.A.NL.IE.2._T.DDS_ALL._T._Z.N.PN","A","NL","IE",2,"_T","DDS_ALL","_T","_Z","N","PN","2021",0.781,"A",false,null,null,"P1Y",{"$nulls":4},"S",null,null,3,null,"Number of Direct debits sent - from: Netherlands to: Ireland, All","Number of Direct debits sent - from: Netherlands to: Ireland, All","PN",6]
["PDD.A.NL.IT.2.2100.DDS_ALL._T._Z.N.EUR","A","NL","IT",2,"2100","DDS_ALL","_T","_Z","N","EUR","2022",3262.78725887,"A",false,null,null,"P1Y",{"$nulls":4},"S",null,null,3,null,"Value of Direct debits initiated in a file/batch, sent - from: Netherlands to: Italy, All","Value of Direct debits initiated in a file/batch, sent - from: Netherlands to: Italy, All","EUR",6]
["PDD.A.NL.LT.2._T.DDS_ALL._T._Z.N.PN","A","NL","LT",2,"_T","DDS_ALL","_T","_Z","N","PN","2010",null,"M",false,null,null,"P1Y",{"$nulls":4},"S",null,null,3,null,"Number of Direct debits sent - from: Netherlands to: Lithuania, All","Number of Direct debits sent - from: Netherlands to: Lithuania, All","PN",6]
["PDD.A.NL.LU.2._T.DDS_ALL._T._Z.N.EUR","A","NL","LU",2,"_T","DDS_ALL","_T","_Z","N","EUR","2016",15.365,"A",false,null,null,"P1Y",{"$nulls":4},"S",null,null,3,null,"Value of Direct debits sent - from: Netherlands to: Luxembourg, All","Value of Direct debits sent - from: Netherlands to: Luxembourg, All","EUR",6]
["PDD.A.NL.LV.2._T.DDS_ALL._T._Z.N.EUR","A","NL","LV",2,"_T","DDS_ALL","_T","_Z","N","EUR","2010",null,"M",false,null,null,"P1Y",{"$nulls":4},"S",null,null,3,null,"Value of Direct debits sent - from: Netherlands to: Latvia, All","Value of Direct debits sent - from: Netherlands to: Latvia, All","EUR",6]
["PDD.A.NL.MT.2._T.DDS_ALL._T._Z.N.PN","A","NL","MT",2,"_T","DDS_ALL","_T","_Z","N","PN","2016",0.001,"A",false,null,null,"P1Y",{"$nulls":4},"S",null,null,3,null,"Number of Direct debits sent - from: Netherlands to: Malta, All","Number of Direct debits sent - from: Netherlands to: Malta, All","PN",6]
["PDD.A.NL.PL.2._T.DDS_ALL._T._Z.N.EUR","A","NL","PL",2,"_T","DDS_ALL","_T","_Z","N","EUR","2014",null,"Q",false,null,null,"P1Y",{"$nulls":4},"S",null,null,3,null,"Value of Direct debits sent - from: Netherlands to: Poland, All","Value of Direct debits sent - from: Netherlands to: Poland, All","EUR",6]
["PDD.A.NL.PT.2._T.DDS_ALL._T._Z.N.PN","A","NL","PT",2,"_T","DDS_ALL","_T","_Z","N","PN","2021",0.195,"A",false,null,null,"P1Y",{"$nulls":4},"S",null,null,3,null,"Number of Direct debits sent - from: Netherlands to: Portugal, All","Number of Direct debits sent - from: Netherlands to: Portugal, All","PN",6]
["PDD.A.NL.RO.2._T.DDS_ALL._T._Z.N.PN","A","NL","RO",2,"_T","DDS_ALL","_T","_Z","N","PN","2018",0.002,"A",false,null,null,"P1Y",{"$nulls":4},"S",null,null,3,null,"Number of Direct debits sent - from: Netherlands to: Romania, All","Number of Direct debits sent - from: Netherlands to: Romania, All","PN",6]
["PDD.A.NL.SE.2._T.DDS_ALL._T._Z.N.EUR","A","NL","SE",2,"_T","DDS_ALL","_T","_Z","N","EUR","2020",11.956,"A",false,null,null,"P1Y",{"$nulls":4},"S",null,null,3,null,"Value of Direct debits sent - from: Netherlands to: Sweden, All","Value of Direct debits sent - from: Netherlands to: Sweden, All","EUR",6]
["PDD.A.NL.SK.2._T.DDS_ALL._T._Z.N.EUR","A","NL","SK",2,"_T","DDS_ALL","_T","_Z","N","EUR","2013",null,"Q",false,null,null,"P1Y",{"$nulls":4},"S",null,null,3,null,"Value of Direct debits sent - from: Netherlands to: Slovakia, All","Value of Direct debits sent - from: Netherlands to: Slovakia, All","EUR",6]
["PDD.A.NL.SK.2._T.DDS_ALL._T._Z.N.PN","A","NL","SK",2,"_T","DDS_ALL","_T","_Z","N","PN","2013",null,"Q",false,null,null,"P1Y",{"$nulls":4},"S",null,null,3,null,"Number of Direct debits sent - from: Netherlands to: Slovakia, All","Number of Direct debits sent - from: Netherlands to: Slovakia, All","PN",6]
["PDD.A.NL.W0.2.2100.DDS_ALL._T._Z.N.EUR","A","NL","W0",2,"2100","DDS_ALL","_T","_Z","N","EUR","2020",260487.548,"A",false,null,null,"P1Y",{"$nulls":4},"S",null,null,3,null,"Value of Direct debits initiated in a file/batch, sent - from: Netherlands to: World, All","Value of Direct debits initiated in a file/batch, sent - from: Netherlands to: World, All","EUR",6]
["PDD.A.NL.W0.2._T.DDS_ALL._T._Z.G1.EUR","A","NL","W0",2,"_T","DDS_ALL","_T","_Z","G1","EUR","2019",0.4745734698097026,"A",false,null,null,"P1Y",{"$nulls":4},"S",null,null,3,null,"Value of Direct debits sent - from: Netherlands to: World, All","Value of Direct debits sent - from: Netherlands to: World, All","EUR",0]
["PDD.A.NL.W0.2._T.DDS_ALL._T._Z.N.EUR","A","NL","W0",2,"_T","DDS_ALL","_T","_Z","N","EUR","2013",277946.044,"A",false,null,null,"P1Y",{"$nulls":4},"S",null,null,3,null,"Value of Direct debits sent - from: Netherlands to: World, All","Value of Direct debits sent - from: Netherlands to: World, All","EUR",6]
["PDD.A.NL.W0.2._T.DDS_ALL._T._Z.N.EUR_R_PNT","A","NL","W0",2,"_T","DDS_ALL","_T","_Z","N","EUR_R_PNT","2009",218.2726676733764,"A",false,null,null,"P1Y",{"$nulls":4},"S",null,null,3,null,"Euro; ratio to number of transactions of Direct debits sent - from: Netherlands to: World, All","Euro; ratio to number of transactions of Direct debits sent - from: Netherlands to: World, All","EUR_R_PNT",0]
["PDD.A.NL.W0.2._T.DDS_ALL._T._Z.N.EUR_R_POP6","A","NL","W0",2,"_T","DDS_ALL","_T","_Z","N","EUR_R_POP6","2011",17804.22362666986,"A",false,null,null,"P1Y",{"$nulls":4},"S",null,null,3,null,"Euro per million inhabitants of Direct debits sent - from: Netherlands to: World, All","Euro per million inhabitants of Direct debits sent - from: Netherlands to: World, All","EUR_R_POP6",0]
["PDD.A.NL.W0.2._T.DDS_ALL._T._Z.N.EUR_R_TT","A","NL","W0",2,"_T","DDS_ALL","_T","_Z","N","EUR_R_TT","2014",1.235462507935379,"A",false,null,null,"P1Y",{"$nulls":4},"S",null,null,3,null,"Euro; ratio to total value payment transactions of Direct debits sent - from: Netherlands to: World, All","Euro; ratio to total value payment transactions of Direct debits sent - from: Netherlands to: World, All","EUR_R_TT",0]
["PDD.A.NL.W0.2._T.DDS_ALL._T._Z.N.PN_R_POP6","A","NL","W0",2,"_T","DDS_ALL","_T","_Z","N","PN_R_POP6","2019",84.88561545113866,"A",false,null,null,"P1Y",{"$nulls":4},"S",null,null,3,null,"Pure number per million inhabitants of Direct debits sent - from: Netherlands to: World, All","Pure number per million inhabitants of Direct debits sent - from: Netherlands to: World, All","PN_R_POP6",0]
["PDD.A.NL.W0.2._T.DDS_ALL._T._Z.N.PN_R_TT","A","NL","W0",2,"_T","DDS_ALL","_T","_Z","N","PN_R_TT","2021",16.5976731330428,"A",false,null,null,"P1Y",{"$nulls":4},"S",null,null,3,null,"Pure number; ratio to total number payment transactions of Direct debits sent - from: Netherlands to: World, All","Pure number; ratio to total number payment transactions of Direct debits sent - from: Netherlands to: World, All","PN_R_TT",0]
["PDD.A.NL.W1.1._T.DDS_ALL._T._Z.N.PN","A","NL","W1",1,"_T","DDS_ALL","_T","_Z","N","PN","2016",28.83,"A",false,null,null,"P1Y",{"$nulls":4},"S",null,null,3,null,"Number of Direct debits received - from: Netherlands to: Rest of the World, All","Number of Direct debits received - from: Netherlands to: Rest of the World, All","PN",6]
["PDD.A.NL.W2.2._T.DDS_ALL._T._Z.N.EUR","A","NL","W2",2,"_T","DDS_ALL","_T","_Z","N","EUR","2014",211418.788,"A",false,null,null,"P1Y",{"$nulls":4},"S",null,null,3,null,"Value of Direct debits sent - from: Netherlands to: Domestic (home or reference area), All","Value of Direct debits sent - from: Netherlands to: Domestic (home or reference area), All","EUR",6]
["PDD.A.PL.AT.2._T.DDS_ALL._T._Z.N.EUR","A","PL","AT",2,"_T","DDS_ALL","_T","_Z","N","EUR","2020",null,"M",false,null,null,"P1Y",{"$nulls":4},"S",null,null,3,null,"Value of Direct debits sent - from: Poland to: Austria, All","Value of Direct debits sent - from: Poland to: Austria, All","EUR",6]
["PDD.A.PL.BG.2.2200.DDS_ALL._T._Z.N.XDF","A","PL","BG",2,"2200","DDS_ALL","_T","_Z","N","XDF","2022",0,"A",false,null,null,"P1Y",{"$nulls":4},"S",null,null,3,null,"Value of Direct debits initiated on a single payment basis, sent - from: Poland to: Bulgaria, All","Value of Direct debits initiated on a single payment basis, sent - from: Poland to: Bulgaria, All","XDF",0]
["PDD.A.PL.BG.2._T.DDS_ALL._T._Z.N.PN","A","PL","BG",2,"_T","DDS_ALL","_T","_Z","N","PN","2018",null,"M",false,null,null,"P1Y",{"$nulls":4},"S",null,null,3,null,"Number of Direct debits sent - from: Poland to: Bulgaria, All","Number of Direct debits sent - from: Poland to: Bulgaria, All","PN",6]
["PDD.A.PL.CY.2._T.DDS_ALL._T._Z.N.PN","A","PL","CY",2,"_T","DDS_ALL","_T","_Z","N","PN","2018",null,"M",false,null,null,"P1Y",{"$nulls":4},"S",null,null,3,null,"Number of Direct debits sent - from: Poland to: Cyprus, All","Number of Direct debits sent - from: Poland to: Cyprus, All","PN",6]
["PDD.A.PL.DE.2._T.DDS_ALL._T._Z.N.EUR","A","PL","DE",2,"_T","DDS_ALL","_T","_Z","N","EUR","2019",null,"M",false,null,null,"P1Y",{"$nulls":4},"S",null,null,3,null,"Value of Direct debits sent - from: Poland to: Germany, All","Value of Direct debits sent - from: Poland to: Germany, All","EUR",6]
["PDD.A.PL.DK.2.2200.DDS_ALL._T._Z.N.PN","A","PL","DK",2,"2200","DDS_ALL","_T","_Z","N","PN","2022",0,"A",false,null,null,"P1Y",{"$nulls":4},"S",null,null,3,null,"Number of Direct debits initiated on a single payment basis, sent - from: Poland to: Denmark, All","Number of Direct debits initiated on a single payment basis, sent - from: Poland to: Denmark, All","PN",6]
["PDD.A.PL.EE.2.2100.DDS_ALL._T._Z.N.PN","A","PL","EE",2,"2100","DDS_ALL","_T","_Z","N","PN","2022",0,"A",false,null,null,"P1Y",{"$nulls":4},"S",null,null,3,null,"Number of Direct debits initiated in a file/batch, sent - from: Poland to: Estonia, All","Number of Direct debits initiated in a file/batch, sent - from: Poland to: Estonia, All","PN",6]
["PDD.A.PL.ES.2._T.DDS_ALL._T._Z.N.PN","A","PL","ES",2,"_T","DDS_ALL","_T","_Z","N","PN","2021",null,"M",false,null,null,"P1Y",{"$nulls":4},"S",null,null,3,null,"Number of Direct debits sent - from: Poland to: Spain, All","Number of Direct debits sent - from: Poland to: Spain, All","PN",6]
["PDD.A.PL.FI.2._T.DDS_ALL._T._Z.N.EUR","A","PL","FI",2,"_T","DDS_ALL","_T","_Z","N","EUR","2018",null,"M",false,null,null,"P1Y",{"$nulls":4},"S",null,null,3,null,"Value of Direct debits sent - from: Poland to: Finland, All","Value of Direct debits sent - from: Poland to: Finland, All","EUR",6]
["PDD.A.PL.G1.1._T.DDS_ALL._T._Z.N.XDF","A","PL","G1",1,"_T","DDS_ALL","_T","_Z","N","XDF","2022",0,"A",false,null,null,"P1Y",{"$nulls":4},"S",null,null,3,null,"Value of Direct debits received - from: Poland to: Extra EEA, All","Value of Direct debits received - from: Poland to: Extra EEA, All","XDF",0]
["PDD.A.PL.G1.2._T.DDS_ALL._T._Z.N.XDF","A","PL","G1",2,"_T","DDS_ALL","_T","_Z","N","XDF","2014",null,"M",false,null,null,"P1Y",{"$nulls":4},"S",null,null,3,null,"Value of Direct debits sent - from: Poland to: Extra EEA, All","Value of Direct debits sent - from: Poland to: Extra EEA, All","XDF",6]
["PDD.A.PL.GR.1._T.DDS_ALL._T._Z.N.PN","A","PL","GR",1,"_T","DDS_ALL","_T","_Z","N","PN","2022",0,"A",false,null,null,"P1Y",{"$nulls":4},"S",null,null,3,null,"Number of Direct debits received - from: Poland to: Greece, All","Number of Direct debits received - from: Poland to: Greece, All","PN",6]
["PDD.A.PL.HR.2._T.DDS_ALL._T._Z.N.XDF","A","PL","HR",2,"_T","DDS_ALL","_T","_Z","N","XDF","2016",null,"M",false,null,null,"P1Y",{"$nulls":4},"S",null,null,3,null,"Value of Direct debits sent - from: Poland to: Croatia, All","Value of Direct debits sent - from: Poland to: Croatia, All","XDF",0]
["PDD.A.PL.HU.2._T.DDS_ALL._T._Z.N.EUR","A","PL","HU",2,"_T","DDS_ALL","_T","_Z","N","EUR","2018",null,"M",false,null,null,"P1Y",{"$nulls":4},"S",null,null,3,null,"Value of Direct debits sent - from: Poland to: Hungary, All","Value of Direct debits sent - from: Poland to: Hungary, All","EUR",6]
["PDD.A.PL.IE.2._T.DDS_ALL._T._Z.N.EUR","A","PL","IE",2,"_T","DDS_ALL","_T","_Z","N","EUR","2014",null,"M",false,null,null,"P1Y",{"$nulls":4},"S",null,null,3,null,"Value of Direct debits sent - from: Poland to: Ireland, All","Value of Direct debits sent - from: Poland to: Ireland, All","EUR",6]
["PDD.A.PL.IT.2._T.DDS_ALL._T._Z.N.XDF","A","PL","IT",2,"_T","DDS_ALL","_T","_Z","N","XDF","2018",null,"M",false,null,null,"P1Y",{"$nulls":4},"S",null,null,3,null,"Value of Direct debits sent - from: Poland to: Italy, All","Value of Direct debits sent - from: Poland to: Italy, All","XDF",0]
["PDD.A.PL.LT.2._T.DDS_ALL._T._Z.N.XDF","A","PL","LT",2,"_T","DDS_ALL","_T","_Z","N","XDF","2017",null,"M",false,null,null,"P1Y",{"$nulls":4},"S",null,null,3,null,"Value of Direct debits sent - from: Poland to: Lithuania, All","Value of Direct debits sent - from: Poland to: Lithuania, All","XDF",0]
["PDD.A.PL.LV.1._T.DDS_ALL._T._Z.N.PN","A","PL","LV",1,"_T","DDS_ALL","_T","_Z","N","PN","2022",0,"A",false,null,null,"P1Y",{"$nulls":4},"S",null,null,3,null,"Number of Direct debits received - from: Poland to: Latvia, All","Number of Direct debits received - from: Poland to: Latvia, All","PN",6]
["PDD.A.PL.LV.2._T.DDS_ALL._T._Z.N.XDF","A","PL","LV",2,"_T","DDS_ALL","_T","_Z","N","XDF","2016",null,"M",false,null,null,"P1Y",{"$nulls":4},"S",null,null,3,null,"Value of Direct debits sent - from: Poland to: Latvia, All","Value of Direct debits sent - from: Poland to: Latvia, All","XDF",0]
["PDD.A.PL.MT.2._T.DDS_ALL._T._Z.N.PN","A","PL","MT",2,"_T","DDS_ALL","_T","_Z","N","PN","2014",null,"M",false,null,null,"P1Y",{"$nulls":4},"S",null,null,3,null,"Number of Direct debits sent - from: Poland to: Malta, All","Number of Direct debits sent - from: Poland to: Malta, All","PN",6]
["PDD.A.PL.NL.2._T.DDS_ALL._T._Z.N.PN","A","PL","NL",2,"_T","DDS_ALL","_T","_Z","N","PN","2018",0,"A",false,null,null,"P1Y",{"$nulls":4},"S",null,null,3,null,"Number of Direct debits sent - from: Poland to: Netherlands, All","Number of Direct debits sent - from: Poland to: Netherlands, All","PN",6]
["PDD.A.PL.PT.2._T.DDS_ALL._T._Z.N.XDF","A","PL","PT",2,"_T","DDS_ALL","_T","_Z","N","XDF","2014",null,"M",false,null,null,"P1Y",{"$nulls":4},"S",null,null,3,null,"Value of Direct debits sent - from: Poland to: Portugal, All","Value of Direct debits sent - from: Poland to: Portugal, All","XDF",0]
["PDD.A.PL.RO.2._T.DDS_ALL._T._Z.N.EUR","A","PL","RO",2,"_T","DDS_ALL","_T","_Z","N","EUR","2020",null,"M",false,null,null,"P1Y",{"$nulls":4},"S",null,null,3,null,"Value of Direct debits sent - from: Poland to: Romania, All","Value of Direct debits sent - from: Poland to: Romania, All","EUR",6]
["PDD.A.PL.SI.2._T.DDS_ALL._T._Z.N.EUR","A","PL","SI",2,"_T","DDS_ALL","_T","_Z","N","EUR","2018",null,"M",false,null,null,"P1Y",{"$nulls":4},"S",null,null,3,null,"Value of Direct debits sent - from: Poland to: Slovenia, All","Value of Direct debits sent - from: Poland to: Slovenia, All","EUR",6]
["PDD.A.PL.SI.2._T.DDS_ALL._T._Z.N.XDF","A","PL","SI",2,"_T","DDS_ALL","_T","_Z","N","XDF","2020",null,"M",false,null,null,"P1Y",{"$nulls":4},"S",null,null,3,null,"Value of Direct debits sent - from: Poland to: Slovenia, All","Value of Direct debits sent - from: Poland to: Slovenia, All","XDF",0]
["PDD.A.PL.W0.2.2100.DDS_ALL._T._Z.N.EUR","A","PL","W0",2,"2100","DDS_ALL","_T","_Z","N","EUR","2020",null,"M",false,null,null,"P1Y",{"$nulls":4},"S",null,null,3,null,"Value of Direct debits initiated in a file/batch, sent - from: Poland to: World, All","Value of Direct debits initiated in a file/batch, sent - from: Poland to: World, All","EUR",6]
["PDD.A.PL.W0.2.2100.DDS_ALL._T._Z.N.XDF","A","PL","W0",2,"2100","DDS_ALL","_T","_Z","N","XDF","2019",null,"M",false,null,null,"P1Y",{"$nulls":4},"S",null,null,3,null,"Value of Direct debits initiated in a file/batch, sent - from: Poland to: World, All","Value of Direct debits initiated in a file/batch, sent - from: Poland to: World, All","XDF",0]
["PDD.A.PL.W0.2.2200.DDS_ALL._T._Z.N.XDF","A","PL","W0",2,"2200","DDS_ALL","_T","_Z","N","XDF","2020",null,"M",false,null,null,"P1Y",{"$nulls":4},"S",null,null,3,null,"Value of Direct debits initiated on a single payment basis, sent - from: Poland to: World, All","Value of Direct debits initiated on a single payment basis, sent - from: Poland to: World, All","XDF",0]
["PDD.A.PL.W0.2._T.DDS_ALL._T._Z.N.EUR","A","PL","W0",2,"_T","DDS_ALL","_T","_Z","N","EUR","2010",4659.360320007856,"A",false,null,null,"P1Y",{"$nulls":4},"S",null,null,3,null,"Value of Direct debits sent - from: Poland to: World, All","Value of Direct debits sent - from: Poland to: World, All","EUR",6]
["PDD.A.PL.W0.2._T.DDS_ALL._T._Z.N.EUR_R_B1GQ","A","PL","W0",2,"_T","DDS_ALL","_T","_Z","N","EUR_R_B1GQ","2008",1.368965687016118,"A",false,null,null,"P1Y",{"$nulls":4},"S",null,null,3,null,"Euro; ratio to GDP of Direct debits sent - from: Poland to: World, All","Euro; ratio to GDP of Direct debits sent - from: Poland to: World, All","EUR_R_B1GQ",0]
["PDD.A.PL.W0.2._T.DDS_ALL._T._Z.N.EUR_R_PNT","A","PL","W0",2,"_T","DDS_ALL","_T","_Z","N","EUR_R_PNT","2019",251.3712366214088,"A",false,null,null,"P1Y",{"$nulls":4},"S",null,null,3,null,"Euro; ratio to number of transactions of Direct debits sent - from: Poland to: World, All","Euro; ratio to number of transactions of Direct debits sent - from: Poland to: World, All","EUR_R_PNT",0]
["PDD.A.PL.W0.2._T.DDS_ALL._T._Z.N.EUR_R_TT","A","PL","W0",2,"_T","DDS_ALL","_T","_Z","N","EUR_R_TT","2020",0.0328226975763802,"A",false,null,null,"P1Y",{"$nulls":4},"S",null,null,3,null,"Euro; ratio to total value payment transactions of Direct debits sent - from: Poland to: World, All","Euro; ratio to total value payment transactions of Direct debits sent - from: Poland to: World, All","EUR_R_TT",0]
["PDD.A.PL.W0.2._T.DDS_ALL._T._Z.N.PN","A","PL","W0",2,"_T","DDS_ALL","_T","_Z","N","PN","2018",29.425,"A",false,null,null,"P1Y",{"$nulls":4},"S",null,null,3,null,"Number of Direct debits sent - from: Poland to: World, All","Number of Direct debits sent - from: Poland to: World, All","PN",6]
["PDD.A.PL.W0.2._T.DDS_ALL._T._Z.N.PN_R_POP6","A","PL","W0",2,"_T","DDS_ALL","_T","_Z","N","PN_R_POP6","2020",0.7343171507535069,"A",false,null,null,"P1Y",{"$nulls":4},"S",null,null,3,null,"Pure number per million inhabitants of Direct debits sent - from: Poland to: World, All","Pure number per million inhabitants of Direct debits sent - from: Poland to: World, All","PN_R_POP6",0]
["PDD.A.PL.W1.1._T.DDS_ALL._T._Z.N.EUR","A","PL","W1",1,"_T","DDS_ALL","_T","_Z","N","EUR","2019",null,"M",false,null,null,"P1Y",{"$nulls":4},"S",null,null,3,null,"Value of Direct debits received - from: Poland to: Rest of the World, All","Value of Direct debits received - from: Poland to: Rest of the World, All","EUR",6]
["PDD.A.PL.W1.1._T.DDS_ALL._T._Z.N.XDF","A","PL","W1",1,"_T","DDS_ALL","_T","_Z","N","XDF","2022",0,"A",false,null,null,"P1Y",{"$nulls":4},"S",null,null,3,null,"Value of Direct debits received - from: Poland to: Rest of the World, All","Value of Direct debits received - from: Poland to: Rest of the World, All","XDF",0]
["PDD.A.PT.AT.2.2100.DDS_ALL._T._Z.N.PN","A","PT","AT",2,"2100","DDS_ALL","_T","_Z","N","PN","2022",0.002735,"A",false,null,null,"P1Y",{"$nulls":4},"S",null,null,3,null,"Number of Direct debits initiated in a file/batch, sent - from: Portugal to: Austria, All","Number of Direct debits initiated in a file/batch, sent - from: Portugal to: Austria, All","PN",6]
["PDD.A.PT.AT.2._T.DDS_ALL._T._Z.N.PN","A","PT","AT",2,"_T","DDS_ALL","_T","_Z","N","PN","2017",0.001,"A",false,null,null,"P1Y",{"$nulls":4},"S",null,null,3,null,"Number of Direct debits sent - from: Portugal to: Austria, All","Number of Direct debits sent - from: Portugal to: Austria, All","PN",6]
["PDD.A.PT.BE.2._T.DDS_ALL._T._Z.N.PN","A","PT","BE",2,"_T","DDS_ALL","_T","_Z","N","PN","2015",0.003,"A",false,null,null,"P1Y",{"$nulls":4},"S",null,null,3,null,"Number of Direct debits sent - from: Portugal to: Belgium, All","Number of Direct debits sent - from: Portugal to: Belgium, All","PN",6]
["PDD.A.PT.CZ.1._T.DDS_ALL._T._Z.N.PN","A","PT","CZ",1,"_T","DDS_ALL","_T","_Z","N","PN","2022",0.001879,"A",false,null,null,"P1Y",{"$nulls":4},"S",null,null,3,null,"Number of Direct debits received - from: Portugal to: Czech Republic, All","Number of Direct debits received - from: Portugal to: Czech Republic, All","PN",6]
["PDD.A.PT.DE.2._T.DDS_ALL._T._Z.N.PN","A","PT","DE",2,"_T","DDS_ALL","_T","_Z","N","PN","2015",0.012,"A",false,null,null,"P1Y",{"$nulls":4},"S",null,null,3,null,"Number of Direct debits sent - from: Portugal to: Germany, All","Number of Direct debits sent - from: Portugal to: Germany, All","PN",6]
["PDD.A.PT.DE.2._T.DDS_ALL._T._Z.N.PN","A","PT","DE",2,"_T","DDS_ALL","_T","_Z","N","PN","2017",0.022,"A",false,null,null,"P1Y",{"$nulls":4},"S",null,null,3,null,"Number of Direct debits sent - from: Portugal to: Germany, All","Number of Direct debits sent - from: Portugal to: Germany, All","PN",6]
["PDD.A.PT.EE.2._T.DDS_ALL._T._Z.N.PN","A","PT","EE",2,"_T","DDS_ALL","_T","_Z","N","PN","2022",0.000238,"A",false,null,null,"P1Y",{"$nulls":4},"S",null,null,3,null,"Number of Direct debits sent - from: Portugal to: Estonia, All","Number of Direct debits sent - from: Portugal to: Estonia, All","PN",6]
["PDD.A.PT.ES.2._T.DDS_ALL._T._Z.N.PN","A","PT","ES",2,"_T","DDS_ALL","_T","_Z","N","PN","2017",0.565,"A",false,null,null,"P1Y",{"$nulls":4},"S",null,null,3,null,"Number of Direct debits sent - from: Portugal to: Spain, All","Number of Direct debits sent - from: Portugal to: Spain, All","PN",6]
["PDD.A.PT.FR.2._T.DDS_ALL._T._Z.N.EUR","A","PT","FR",2,"_T","DDS_ALL","_T","_Z","N","EUR","2015",15.13,"A",false,null,null,"P1Y",{"$nulls":4},"S",null,null,3,null,"Value of Direct debits sent - from: Portugal to: France, All","Value of Direct debits sent - from: Portugal to: France, All","EUR",6]
["PDD.A.PT.G1.2._T.DDS_ALL._T._Z.N.PN","A","PT","G1",2,"_T","DDS_ALL","_T","_Z","N","PN","2020",0.047,"A",false,null,null,"P1Y",{"$nulls":4},"S",null,null,3,null,"Number of Direct debits sent - from: Portugal to: Extra EEA, All","Number of Direct debits sent - from: Portugal to: Extra EEA, All","PN",6]
["PDD.A.PT.GR.2._T.DDS_ALL._T._Z.N.EUR","A","PT","GR",2,"_T","DDS_ALL","_T","_Z","N","EUR","2017",0.002,"A",false,null,null,"P1Y",{"$nulls":4},"S",null,null,3,null,"Value of Direct debits sent - from: Portugal to: Greece, All","Value of Direct debits sent - from: Portugal to: Greece, All","EUR",6]
["PDD.A.PT.HU.2._T.DDS_ALL._T._Z.N.PN","A","PT","HU",2,"_T","DDS_ALL","_T","_Z","N","PN","2021",0,"A",false,null,null,"P1Y",{"$nulls":4},"S",null,null,3,null,"Number of Direct debits sent - from: Portugal to: Hungary, All","Number of Direct debits sent - from: Portugal to: Hungary, All","PN",6]
["PDD.A.PT.IE.2._T.DDS_ALL._T._Z.N.EUR","A","PT","IE",2,"_T","DDS_ALL","_T","_Z","N","EUR","2020",1.657,"A",false,null,null,"P1Y",{"$nulls":4},"S",null,null,3,null,"Value of Direct debits sent - from: Portugal to: Ireland, All","Value of Direct debits sent - from: Portugal to: Ireland, All","EUR",6]
["PDD.A.PT.IT.2.2200.DDS_ALL._T._Z.N.EUR","A","PT","IT",2,"2200","DDS_ALL","_T","_Z","N","EUR","2022",0,"A",false,null,null,"P1Y",{"$nulls":4},"S",null,null,3,null,"Value of Direct debits initiated on a single payment basis, sent - from: Portugal to: Italy, All","Value of Direct debits initiated on a single payment basis, sent - from: Portugal to: Italy, All","EUR",6]
["PDD.A.PT.LU.1._T.DDS_ALL._T._Z.N.PN","A","PT","LU",1,"_T","DDS_ALL","_T","_Z","N","PN","2022",0.899167,"A",false,null,null,"P1Y",{"$nulls":4},"S",null,null,3,null,"Number of Direct debits received - from: Portugal to: Luxembourg, All","Number of Direct debits received - from: Portugal to: Luxembourg, All","PN",6]
["PDD.A.PT.LV.2._T.DDS_ALL._T._Z.N.PN","A","PT","LV",2,"_T","DDS_ALL","_T","_Z","N","PN","2019",0,"A",false,null,null,"P1Y",{"$nulls":4},"S",null,null,3,null,"Number of Direct debits sent - from: Portugal to: Latvia, All","Number of Direct debits sent - from: Portugal to: Latvia, All","PN",6]
["PDD.A.PT.NL.2.2200.DDS_ALL._T._Z.N.EUR","A","PT","NL",2,"2200","DDS_ALL","_T","_Z","N","EUR","2022",0,"A",false,null,null,"P1Y",{"$nulls":4},"S",null,null,3,null,"Value of Direct debits initiated on a single payment basis, sent - from: Portugal to: Netherlands, All","Value of Direct debits initiated on a single payment basis, sent - from: Portugal to: Netherlands, All","EUR",6]
["PDD.A.PT.NL.2._T.DDS_ALL._T._Z.N.PN","A","PT","NL",2,"_T","DDS_ALL","_T","_Z","N","PN","2022",0.016228,"A",false,null,null,"P1Y",{"$nulls":4},"S",null,null,3,null,"Number of Direct debits sent - from: Portugal to: Netherlands, All","Number of Direct debits sent - from: Portugal to: Netherlands, All","PN",6]
["PDD.A.PT.RO.2._T.DDS_ALL._T._Z.N.EUR","A","PT","RO",2,"_T","DDS_ALL","_T","_Z","N","EUR","2021",0,"A",false,null,null,"P1Y",{"$nulls":4},"S",null,null,3,null,"Value of Direct debits sent - from: Portugal to: Romania, All","Value of Direct debits sent - from: Portugal to: Romania, All","EUR",6]
["PDD.A.PT.SE.2._T.DDS_ALL._T._Z.N.PN","A","PT","SE",2,"_T","DDS_ALL","_T","_Z","N","PN","2017",0,"A",false,null,null,"P1Y",{"$nulls":4},"S",null,null,3,null,"Number of Direct debits sent - from: Portugal to: Sweden, All","Number of Direct debits sent - from: Portugal to: Sweden, All","PN",6]
["PDD.A.PT.SI.2._T.DDS_ALL._T._Z.N.EUR","A","PT","SI",2,"_T","DDS_ALL","_T","_Z","N","EUR","2022",0.04738143,"A",false,null,null,"P1Y",{"$nulls":4},"S",null,null,3,null,"Value of Direct debits sent - from: Portugal to: Slovenia, All","Value of Direct debits sent - from: Portugal to: Slovenia, All","EUR",6]
["PDD.A.PT.W0.1._T.DDS_ALL._T._Z.G1.PN","A","PT","W0",1,"_T","DDS_ALL","_T","_Z","G1","PN","2022",null,"M",false,null,null,"P1Y",{"$nulls":4},"S",null,null,3,null,"Number of Direct debits received - from: Portugal to: World, All","Number of Direct debits received - from: Portugal to: World, All","PN",0]
["PDD.A.PT.W0.2.2200.DDS_ALL._T._Z.N.PN","A","PT","W0",2,"2200","DDS_ALL","_T","_Z","N","PN","2015",0,"A",false,null,null,"P1Y",{"$nulls":4},"S",null,null,3,null,"Number of Direct debits initiated on a single payment basis, sent - from: Portugal to: World, All","Number of Direct debits initiated on a single payment basis, sent - from: Portugal to: World, All","PN",6]
["PDD.A.PT.W0.2._T.DDS_ALL._T._Z.G1.EUR","A","PT","W0",2,"_T","DDS_ALL","_T","_Z","G1","EUR","2011",0.7334233321476091,"A",false,null,null,"P1Y",{"$nulls":4},"S",null,null,3,null,"Value of Direct debits sent - from: Portugal to: World, All","Value of Direct debits sent - from: Portugal to: World, All","EUR",0]
["PDD.A.PT.W0.2._T.DDS_ALL._T._Z.N.EUR_R_B1GQ","A","PT","W0",2,"_T","DDS_ALL","_T","_Z","N","EUR_R_B1GQ","2004",11.27558145311857,"A",false,null,null,"P1Y",{"$nulls":4},"S",null,null,3,null,"Euro; ratio to GDP of Direct debits sent - from: Portugal to: World, All","Euro; ratio to GDP of Direct debits sent - from: Portugal to: World, All","EUR_R_B1GQ",0]
["PDD.A.PT.W0.2._T.DDS_ALL._T._Z.N.EUR_R_PNT","A","PT","W0",2,"_T","DDS_ALL","_T","_Z","N","EUR_R_PNT","2002",114.4775986769026,"A",false,null,null,"P1Y",{"$nulls":4},"S",null,null,3,null,"Euro; ratio to number of transactions of Direct debits sent - from: Portugal to: World, All","Euro; ratio to number of transactions of Direct debits sent - from: Portugal to: World, All","EUR_R_PNT",0]
["PDD.A.PT.W0.2._T.DDS_ALL._T._Z.N.EUR_R_POP6","A","PT","W0",2,"_T","DDS_ALL","_T","_Z","N","EUR_R_POP6","2003",1594.453283359468,"A",false,null,null,"P1Y",{"$nulls":4},"S",null,null,3,null,"Euro per million inhabitants of Direct debits sent - from: Portugal to: World, All","Euro per million inhabitants of Direct debits sent - from: Portugal to: World, All","EUR_R_POP6",0]
["PDD.A.PT.W0.2._T.DDS_ALL._T._Z.N.PN","A","PT","W0",2,"_T","DDS_ALL","_T","_Z","N","PN","2014",168.76,"A",false,null,null,"P1Y",{"$nulls":4},"S",null,null,3,null,"Number of Direct debits sent - from: Portugal to: World, All","Number of Direct debits sent - from: Portugal to: World, All","PN",6]
["PDD.A.PT.W0.2._T.DDS_ALL._T._Z.N.PN_R_POP6","A","PT","W0",2,"_T","DDS_ALL","_T","_Z","N","PN_R_POP6","2003",13.6769992733392,"A",false,null,null,"P1Y",{"$nulls":4},"S",null,null,3,null,"Pure number per million inhabitants of Direct debits sent - from: Portugal to: World, All","Pure number per million inhabitants of Direct debits sent - from: Portugal to: World, All","PN_R_POP6",0]
["PDD.A.PT.W0.2._T.DDS_ALL._T._Z.N.PN_R_TT","A","PT","W0",2,"_T","DDS_ALL","_T","_Z","N","PN_R_TT","2013",12.21727034635959,"A",false,null,null,"P1Y",{"$nulls":4},"S",null,null,3,null,"Pure number; ratio to total number payment transactions of Direct debits sent - from: Portugal to: World, All","Pure number; ratio to total number payment transactions of Direct debits sent - from: Portugal to: World, All","PN_R_TT",0]
["PDD.A.PT.W2.2.2100.DDS_ALL._T._Z.N.PN","A","PT","W2",2,"2100","DDS_ALL","_T","_Z","N","PN","2022",257.928846,"A",false,null,null,"P1Y",{"$nulls":4},"S",null,null,3,null,"Number of Direct debits initiated in a file/batch, sent - from: Portugal to: Domestic (home or reference area), All","Number of Direct debits initiated in a file/batch, sent - from: Portugal to: Domestic (home or reference area), All","PN",6]
["PDD.A.PT.W2.2._T.DDS_ALL._T._Z.N.PN","A","PT","W2",2,"_T","DDS_ALL","_T","_Z","N","PN","2021",235.301,"A",false,null,null,"P1Y",{"$nulls":4},"S",null,null,3,null,"Number of Direct debits sent - from: Portugal to: Domestic (home or reference area), All","Number of Direct debits sent - from: Portugal to: Domestic (home or reference area), All","PN",6]
["PDD.A.RO.BE.2._T.DDS_ALL._T._Z.N.EUR","A","RO","BE",2,"_T","DDS_ALL","_T","_Z","N","EUR","2018",0,"A",false,null,null,"P1Y",{"$nulls":4},"S",null,null,3,null,"Value of Direct debits sent - from: Romania to: Belgium, All","Value of Direct debits sent - from: Romania to: Belgium, All","EUR",6]
["PDD.A.RO.BG.2._T.DDS_ALL._T._Z.N.PN","A","RO","BG",2,"_T","DDS_ALL","_T","_Z","N","PN","2015",0,"A",false,null,null,"P1Y",{"$nulls":4},"S",null,null,3,null,"Number of Direct debits sent - from: Romania to: Bulgaria, All","Number of Direct debits sent - from: Romania to: Bulgaria, All","PN",6]
["PDD.A.RO.CY.2._T.DDS_ALL._T._Z.N.EUR","A","RO","CY",2,"_T","DDS_ALL","_T","_Z","N","EUR","2016",0,"A",false,null,null,"P1Y",{"$nulls":4},"S",null,null,3,null,"Value of Direct debits sent - from: Romania to: Cyprus, All","Value of Direct debits sent - from: Romania to: Cyprus, All","EUR",6]
["PDD.A.RO.CZ.2._T.DDS_ALL._T._Z.N.EUR","A","RO","CZ",2,"_T","DDS_ALL","_T","_Z","N","EUR","2015",0.0020245581362325,"A",false,null,null,"P1Y",{"$nulls":4},"S",null,null,3,null,"Value of Direct debits sent - from: Romania to: Czech Republic, All","Value of Direct debits sent - from: Romania to: Czech Republic, All","EUR",6]
["PDD.A.RO.DE.2._T.DDS_ALL._T._Z.N.PN","A","RO","DE",2,"_T","DDS_ALL","_T","_Z","N","PN","2021",0,"A",false,null,null,"P1Y",{"$nulls":4},"S",null,null,3,null,"Number of Direct debits sent - from: Romania to: Germany, All","Number of Direct debits sent - from: Romania to: Germany, All","PN",6]
["PDD.A.RO.DK.2._T.DDS_ALL._T._Z.N.PN","A","RO","DK",2,"_T","DDS_ALL","_T","_Z","N","PN","2014",0,"A",false,null,null,"P1Y",{"$nulls":4},"S",null,null,3,null,"Number of Direct debits sent - from: Romania to: Denmark, All","Number of Direct debits sent - from: Romania to: Denmark, All","PN",6]
["PDD.A.RO.ES.2._T.DDS_ALL._T._Z.N.EUR","A","RO","ES",2,"_T","DDS_ALL","_T","_Z","N","EUR","2015",0,"A",false,null,null,"P1Y",{"$nulls":4},"S",null,null,3,null,"Value of Direct debits sent - from: Romania to: Spain, All","Value of Direct debits sent - from: Romania to: Spain, All","EUR",6]
["PDD.A.RO.FI.2.2100.DDS_ALL._T._Z.N.PN","A","RO","FI",2,"2100","DDS_ALL","_T","_Z","N","PN","2022",0,"A",false,null,null,"P1Y",{"$nulls":4},"S",null,null,3,null,"Number of Direct debits initiated in a file/batch, sent - from: Romania to: Finland, All","Number of Direct debits initiated in a file/batch, sent - from: Romania to: Finland, All","PN",6]
["PDD.A.RO.FR.2._T.DDS_ALL._T._Z.N.XDF","A","RO","FR",2,"_T","DDS_ALL","_T","_Z","N","XDF","2015",0,"A",false,null,null,"P1Y",{"$nulls":4},"S",null,null,3,null,"Value of Direct debits sent - from: Romania to: France, All","Value of Direct debits sent - from: Romania to: France, All","XDF",0]
["PDD.A.RO.G1.2._T.DDS_ALL._T._Z.N.EUR","A","RO","G1",2,"_T","DDS_ALL","_T","_Z","N","EUR","2018",0,"A",false,null,null,"P1Y",{"$nulls":4},"S",null,null,3,null,"Value of Direct debits sent - from: Romania to: Extra EEA, All","Value of Direct debits sent - from: Romania to: Extra EEA, All","EUR",6]
["PDD.A.RO.GR.2._T.DDS_ALL._T._Z.N.PN","A","RO","GR",2,"_T","DDS_ALL","_T","_Z","N","PN","2018",0,"A",false,null,null,"P1Y",{"$nulls":4},"S",null,null,3,null,"Number of Direct debits sent - from: Romania to: Greece, All","Number of Direct debits sent - from: Romania to: Greece, All","PN",6]
["PDD.A.RO.HR.2._T.DDS_ALL._T._Z.N.PN","A","RO","HR",2,"_T","DDS_ALL","_T","_Z","N","PN","2014",0,"A",false,null,null,"P1Y",{"$nulls":4},"S",null,null,3,null,"Number of Direct debits sent - from: Romania to: Croatia, All","Number of Direct debits sent - from: Romania to: Croatia, All","PN",6]
["PDD.A.RO.HU.2.2100.DDS_ALL._T._Z.N.XDF","A","RO","HU",2,"2100","DDS_ALL","_T","_Z","N","XDF","2022",0,"A",false,null,null,"P1Y",{"$nulls":4},"S",null,null,3,null,"Value of Direct debits initiated in a file/batch, sent - from: Romania to: Hungary, All","Value of Direct debits initiated in a file/batch, sent - from: Romania to: Hungary, All","XDF",0]
["PDD.A.RO.HU.2._T.DDS_ALL._T._Z.N.XDF","A","RO","HU",2,"_T","DDS_ALL","_T","_Z","N","XDF","2019",0,"A",false,null,null,"P1Y",{"$nulls":4},"S",null,null,3,null,"Value of Direct debits sent - from: Romania to: Hungary, All","Value of Direct debits sent - from: Romania to: Hungary, All","XDF",0]
["PDD.A.RO.IE.2._T.DDS_ALL._T._Z.N.XDF","A","RO","IE",2,"_T","DDS_ALL","_T","_Z","N","XDF","2022",0,"A",false,null,null,"P1Y",{"$nulls":4},"S",null,null,3,null,"Value of Direct debits sent - from: Romania to: Ireland, All","Value of Direct debits sent - from: Romania to: Ireland, All","XDF",0]
["PDD.A.RO.LI.2.2200.DDS_ALL._T._Z.N.XDF","A","RO","LI",2,"2200","DDS_ALL","_T","_Z","N","XDF","2022",0,"A",false,null,null,"P1Y",{"$nulls":4},"S",null,null,3,null,"Value of Direct debits initiated on a single payment basis, sent - from: Romania to: Liechtenstein, All","Value of Direct debits initiated on a single payment basis, sent - from: Romania to: Liechtenstein, All","XDF",0]
["PDD.A.RO.LU.2._T.DDS_ALL._T._Z.N.PN","A","RO","LU",2,"_T","DDS_ALL","_T","_Z","N","PN","2022",0,"A",false,null,null,"P1Y",{"$nulls":4},"S",null,null,3,null,"Number of Direct debits sent - from: Romania to: Luxembourg, All","Number of Direct debits sent - from: Romania to: Luxembourg, All","PN",6]
["PDD.A.RO.LV.2._T.DDS_ALL._T._Z.N.PN","A","RO","LV",2,"_T","DDS_ALL","_T","_Z","N","PN","2015",0,"A",false,null,null,"P1Y",{"$nulls":4},"S",null,null,3,null,"Number of Direct debits sent - from: Romania to: Latvia, All","Number of Direct debits sent - from: Romania to: Latvia, All","PN",6]
["PDD.A.RO.MT.2.2100.DDS_ALL._T._Z.N.XDF","A","RO","MT",2,"2100","DDS_ALL","_T","_Z","N","XDF","2022",0,"A",false,null,null,"P1Y",{"$nulls":4},"S",null,null,3,null,"Value of Direct debits initiated in a file/batch, sent - from: Romania to: Malta, All","Value of Direct debits initiated in a file/batch, sent - from: Romania to: Malta, All","XDF",0]
["PDD.A.RO.NL.2._T.DDS_ALL._T._Z.N.XDF","A","RO","NL",2,"_T","DDS_ALL","_T","_Z","N","XDF","2019",0.003,"A",false,null,null,"P1Y",{"$nulls":4},"S",null,null,3,null,"Value of Direct debits sent - from: Romania to: Netherlands, All","Value of Direct debits sent - from: Romania to: Netherlands, All","XDF",0]
["PDD.A.RO.PL.2._T.DDS_ALL._T._Z.N.EUR","A","RO","PL",2,"_T","DDS_ALL","_T","_Z","N","EUR","2017",0,"A",false,null,null,"P1Y",{"$nulls":4},"S",null,null,3,null,"Value of Direct debits sent - from: Romania to: Poland, All","Value of Direct debits sent - from: Romania to: Poland, All","EUR",6]
["PDD.A.RO.SE.2.2100.DDS_ALL._T._Z.N.PN","A","RO","SE",2,"2100","DDS_ALL","_T","_Z","N","PN","2022",0,"A",false,null,null,"P1Y",{"$nulls":4},"S",null,null,3,null,"Number of Direct debits initiated in a file/batch, sent - from: Romania to: Sweden, All","Number of Direct debits initiated in a file/batch, sent - from: Romania to: Sweden, All","PN",6]
["PDD.A.RO.SE.2._T.DDS_ALL._T._Z.N.XDF","A","RO","SE",2,"_T","DDS_ALL","_T","_Z","N","XDF","2017",0,"A",false,null,null,"P1Y",{"$nulls":4},"S",null,null,3,null,"Value of Direct debits sent - from: Romania to: Sweden, All","Value of Direct debits sent - from: Romania to: Sweden, All","XDF",0]
["PDD.A.RO.SI.2._T.DDS_ALL._T._Z.N.PN","A","RO","SI",2,"_T","DDS_ALL","_T","_Z","N","PN","2019",0,"A",false,null,null,"P1Y",{"$nulls":4},"S",null,null,3,null,"Number of Direct debits sent - from: Romania to: Slovenia, All","Number of Direct debits sent - from: Romania to: Slovenia, All","PN",6]
["PDD.A.RO.SK.2._T.DDS_ALL._T._Z.N.XDF","A","RO","SK",2,"_T","DDS_ALL","_T","_Z","N","XDF","2022",0,"A",false,null,null,"P1Y",{"$nulls":4},"S",null,null,3,null,"Value of Direct debits sent - from: Romania to: Slovakia, All","Value of Direct debits sent - from: Romania to: Slovakia, All","XDF",0]
["PDD.A.RO.W0.2.2100.DDS_ALL._T._Z.N.PN","A","RO","W0",2,"2100","DDS_ALL","_T","_Z","N","PN","2021",null,"Q",false,null,null,"P1Y",{"$nulls":4},"S",null,null,3,null,"Number of Direct debits initiated in a file/batch, sent - from: Romania to: World, All","Number of Direct debits initiated in a file/batch, sent - from: Romania to: World, All","PN",6]
["PDD.A.RO.W0.2.2200.DDS_ALL._T._Z.N.PN","A","RO","W0",2,"2200","DDS_ALL","_T","_Z","N","PN","2019",0.298,"A",false,null,null,"P1Y",{"$nulls":4},"S",null,null,3,null,"Number of Direct debits initiated on a single payment basis, sent - from: Romania to: World, All","Number of Direct debits initiated on a single payment basis, sent - from: Romania to: World, All","PN",6]
["PDD.A.RO.W0.2._T.DDS_ALL._T._Z.G1.PN","A","RO","W0",2,"_T","DDS_ALL","_T","_Z","G1","PN","2020",null,"Q",false,null,null,"P1Y",{"$nulls":4},"S",null,null,3,null,"Number of Direct debits sent - from: Romania to: World, All","Number of Direct debits sent - from: Romania to: World, All","PN",0]
["PDD.A.RO.W0.2._T.DDS_ALL._T._Z.N.EUR","A","RO","W0",2,"_T","DDS_ALL","_T","_Z","N","EUR","2020",2958.620604934498,"A",false,null,null,"P1Y",{"$nulls":4},"S",null,null,3,null,"Value of Direct debits sent - from: Romania to: World, All","Value of Direct debits sent - from: Romania to: World, All","EUR",6]
["PDD.A.RO.W0.2._T.DDS_ALL._T._Z.N.EUR_R_B1GQ","A","RO","W0",2,"_T","DDS_ALL","_T","_Z","N","EUR_R_B1GQ","2018",1.119589410237678,"A",false,null,null,"P1Y",{"$nulls":4},"S",null,null,3,null,"Euro; ratio to GDP of Direct debits sent - from: Romania to: World, All","Euro; ratio to GDP of Direct debits sent - from: Romania to: World, All","EUR_R_B1GQ",0]
["PDD.A.RO.W0.2._T.DDS_ALL._T._Z.N.EUR_R_TT","A","RO","W0",2,"_T","DDS_ALL","_T","_Z","N","EUR_R_TT","2008",0.0399636243832072,"A",false,null,null,"P1Y",{"$nulls":4},"S",null,null,3,null,"Euro; ratio to total value payment transactions of Direct debits sent - from: Romania to: World, All","Euro; ratio to total value payment transactions of Direct debits sent - from: Romania to: World, All","EUR_R_TT",0]
["PDD.A.RO.W0.2._T.DDS_ALL._T._Z.N.PN","A","RO","W0",2,"_T","DDS_ALL","_T","_Z","N","PN","2016",10.766,"A",false,null,null,"P1Y",{"$nulls":4},"S",null,null,3,null,"Number of Direct debits sent - from: Romania to: World, All","Number of Direct debits sent - from: Romania to: World, All","PN",6]
["PDD.A.RO.W0.2._T.DDS_ALL._T._Z.N.PN_R_TT","A","RO","W0",2,"_T","DDS_ALL","_T","_Z","N","PN_R_TT","2022",0.7424848967101345,"A",false,null,null,"P1Y",{"$nulls":4},"S",null,null,3,null,"Pure number; ratio to total number payment transactions of Direct debits sent - from: Romania to: World, All","Pure number; ratio to total number payment transactions of Direct debits sent - from: Romania to: World, All","PN_R_TT",0]
["PDD.A.RO.W0.2._T.DDS_ALL._T._Z.N.XDF","A","RO","W0",2,"_T","DDS_ALL","_T","_Z","N","XDF","2020",14314.625,"A",false,null,null,"P1Y",{"$nulls":4},"S",null,null,3,null,"Value of Direct debits sent - from: Romania to: World, All","Value of Direct debits sent - from: Romania to: World, All","XDF",6]
["PDD.A.RO.W1.1._T.DDS_ALL._T._Z.N.PN","A","RO","W1",1,"_T","DDS_ALL","_T","_Z","N","PN","2022",0.004452999999999999,"A",false,null,null,"P1Y",{"$nulls":4},"S",null,null,3,null,"Number of Direct debits received - from: Romania to: Rest of the World, All","Number of Direct debits received - from: Romania to: Rest of the World, All","PN",6]
["PDD.A.RO.W2.2._T.DDS_ALL._T._Z.N.XDF","A","RO","W2",2,"_T","DDS_ALL","_T","_Z","N","XDF","2015",8309.403,"A",false,null,null,"P1Y",{"$nulls":4},"S",null,null,3,null,"Value of Direct debits sent - from: Romania to: Domestic (home or reference area), All","Value of Direct debits sent - from: Romania to: Domestic (home or reference area), All","XDF",6]
["PDD.A.SE.BE.2.2100.DDS_ALL._T._Z.N.EUR","A","SE","BE",2,"2100","DDS_ALL","_T","_Z","N","EUR","2022",null,"Q",false,null,null,"P1Y",{"$nulls":4},"S",null,null,3,null,"Value of Direct debits initiated in a file/batch, sent - from: Sweden to: Belgium, All","Value of Direct debits initiated in a file/batch, sent - from: Sweden to: Belgium, All","EUR",6]
["PDD.A.SE.BG.2._T.DDS_ALL.1._Z.N.EUR","A","SE","BG",2,"_T","DDS_ALL","1","_Z","N","EUR","2022",null,"Q",false,null,null,"P1Y",{"$nulls":4},"S",null,null,3,null,"Value of Direct debits sent - from: Sweden to: Bulgaria, Electronic mandate","Value of Direct debits sent - from: Sweden to: Bulgaria, Electronic mandate","EUR",6]
["PDD.A.SE.DE.2.2100.DDS_ALL._T._Z.N.EUR","A","SE","DE",2,"2100","DDS_ALL","_T","_Z","N","EUR","2022",null,"Q",false,null,null,"P1Y",{"$nulls":4},"S",null,null,3,null,"Value of Direct debits initiated in a file/batch, sent - from: Sweden to: Germany, All","Value of Direct debits initiated in a file/batch, sent - from: Sweden to: Germany, All","EUR",6]
["PDD.A.SE.EE.2._T.DDS_ALL._T._Z.N.EUR","A","SE","EE",2,"_T","DDS_ALL","_T","_Z","N","EUR","2022",null,"Q",false,null,null,"P1Y",{"$nulls":4},"S",null,null,3,null,"Value of Direct debits sent - from: Sweden to: Estonia, All","Value of Direct debits sent - from: Sweden to: Estonia, All","EUR",6]
["PDD.A.SE.G1.2._T.DDS_ALL.2.F4.N.EUR","A","SE","G1",2,"_T","DDS_ALL","2","F4","N","EUR","2022",null,"Q",false,null,null,"P1Y",{"$nulls":4},"S",null,null,3,null,"Value of Direct debits sent - from: Sweden to: Extra EEA, Other than electronic mandate","Value of Direct debits sent - from: Sweden to: Extra EEA, Other than electronic mandate","EUR",6]
["PDD.A.SE.G3.2.2100.DDS_ALL._T.F.N.EUR","A","SE","G3",2,"2100","DDS_ALL","_T","F","N","EUR","2022",null,"Q",false,null,null,"P1Y",{"$nulls":4},"S",null,null,3,null,"Value of Direct debits initiated in a file/batch, sent - from: Sweden to: Other EEA countries, All","Value of Direct debits initiated in a file/batch, sent - from: Sweden to: Other EEA countries, All","EUR",6]
["PDD.A.SE.HR.2._T.DDS_ALL.2.F4.N.EUR","A","SE","HR",2,"_T","DDS_ALL","2","F4","N","EUR","2022",null,"Q",false,null,null,"P1Y",{"$nulls":4},"S",null,null,3,null,"Value of Direct debits sent - from: Sweden to: Croatia, Other than electronic mandate","Value of Direct debits sent - from: Sweden to: Croatia, Other than electronic mandate","EUR",6]
["PDD.A.SE.IT.2._T.DDS_ALL.1._Z.N.EUR","A","SE","IT",2,"_T","DDS_ALL","1","_Z","N","EUR","2022",null,"Q",false,null,null,"P1Y",{"$nulls":4},"S",null,null,3,null,"Value of Direct debits sent - from: Sweden to: Italy, Electronic mandate","Value of Direct debits sent - from: Sweden to: Italy, Electronic mandate","EUR",6]
["PDD.A.SE.LT.2.2200.DDS_ALL._T.F.N.EUR","A","SE","LT",2,"2200","DDS_ALL","_T","F","N","EUR","2022",null,"Q",false,null,null,"P1Y",{"$nulls":4},"S",null,null,3,null,"Value of Direct debits initiated on a single payment basis, sent - from: Sweden to: Lithuania, All","Value of Direct debits initiated on a single payment basis, sent - from: Sweden to: Lithuania, All","EUR",6]
["PDD.A.SE.LU.2._T.DDS_ALL.2.F3.N.EUR","A","SE","LU",2,"_T","DDS_ALL","2","F3","N","EUR","2022",null,"Q",false,null,null,"P1Y",{"$nulls":4},"S",null,null,3,null,"Value of Direct debits sent - from: Sweden to: Luxembourg, Other than electronic mandate","Value of Direct debits sent - from: Sweden to: Luxembourg, Other than electronic mandate","EUR",6]
["PDD.A.SE.NO.2._T.DDS_ALL.1.F.N.EUR","A","SE","NO",2,"_T","DDS_ALL","1","F","N","EUR","2022",null,"Q",false,null,null,"P1Y",{"$nulls":4},"S",null,null,3,null,"Value of Direct debits sent - from: Sweden to: Norway, Electronic mandate","Value of Direct debits sent - from: Sweden to: Norway, Electronic mandate","EUR",6]
["PDD.A.SE.PT.1._T.DDS_ALL._T._Z.N.EUR","A","SE","PT",1,"_T","DDS_ALL","_T","_Z","N","EUR","2022",null,"Q",false,null,null,"P1Y",{"$nulls":4},"S",null,null,3,null,"Value of Direct debits received - from: Sweden to: Portugal, All","Value of Direct debits received - from: Sweden to: Portugal, All","EUR",6]
["PDD.A.SE.SK.2.2200.DDS_ALL._T.F.N.EUR","A","SE","SK",2,"2200","DDS_ALL","_T","F","N","EUR","2022",null,"Q",false,null,null,"P1Y",{"$nulls":4},"S",null,null,3,null,"Value of Direct debits initiated on a single payment basis, sent - from: Sweden to: Slovakia, All","Value of Direct debits initiated on a single payment basis, sent - from: Sweden to: Slovakia, All","EUR",6]
["PDD.A.SE.W0.2.2100.DDS_ALL._T._Z.N.PN","A","SE","W0",2,"2100","DDS_ALL","_T","_Z","N","PN","2016",301,"A",false,null,null,"P1Y",{"$nulls":4},"S",null,null,3,null,"Number of Direct debits initiated in a file/batch, sent - from: Sweden to: World, All","Number of Direct debits initiated in a file/batch, sent - from: Sweden to: World, All","PN",6]
["PDD.A.SE.W0.2.2200.DDS_ALL._T._Z.N.EUR","A","SE","W0",2,"2200","DDS_ALL","_T","_Z","N","EUR","2018",0,"A",false,null,null,"P1Y",{"$nulls":4},"S",null,null,3,null,"Value of Direct debits initiated on a single payment basis, sent - from: Sweden to: World, All","Value of Direct debits initiated on a single payment basis, sent - from: Sweden to: World, All","EUR",6]
["PDD.A.SE.W0.2._T.DDS_ALL._T._Z.G1.PN","A","SE","W0",2,"_T","DDS_ALL","_T","_Z","G1","PN","2021",5.008372591484522,"A",false,null,null,"P1Y",{"$nulls":4},"S",null,null,3,null,"Number of Direct debits sent - from: Sweden to: World, All","Number of Direct debits sent - from: Sweden to: World, All","PN",0]
["PDD.A.SE.W0.2._T.DDS_ALL._T._Z.G1.XDF","A","SE","W0",2,"_T","DDS_ALL","_T","_Z","G1","XDF","2007",6.888510745572574,"A",false,null,null,"P1Y",{"$nulls":4},"S",null,null,3,null,"Value of Direct debits sent - from: Sweden to: World, All","Value of Direct debits sent - from: Sweden to: World, All","XDF",0]
["PDD.A.SE.W0.2._T.DDS_ALL._T._Z.N.EUR","A","SE","W0",2,"_T","DDS_ALL","_T","_Z","N","EUR","2020",60531.32404674626,"A",false,null,null,"P1Y",{"$nulls":4},"S",null,null,3,null,"Value of Direct debits sent - from: Sweden to: World, All","Value of Direct debits sent - from: Sweden to: World, All","EUR",6]
["PDD.A.SE.W0.2._T.DDS_ALL._T._Z.N.EUR_R_POP6","A","SE","W0",2,"_T","DDS_ALL","_T","_Z","N","EUR_R_POP6","2008",5098.760312732949,"A",false,null,null,"P1Y",{"$nulls":4},"S",null,null,3,null,"Euro per million inhabitants of Direct debits sent - from: Sweden to: World, All","Euro per million inhabitants of Direct debits sent - from: Sweden to: World, All","EUR_R_POP6",0]
["PDD.A.SE.W0.2._T.DDS_ALL._T._Z.N.EUR_R_TT","A","SE","W0",2,"_T","DDS_ALL","_T","_Z","N","EUR_R_TT","2020",3.120971694520571,"A",false,null,null,"P1Y",{"$nulls":4},"S",null,null,3,null,"Euro; ratio to total value payment transactions of Direct debits sent - from: Sweden to: World, All","Euro; ratio to total value payment transactions of Direct debits sent - from: Sweden to: World, All","EUR_R_TT",0]
["PDD.A.SE.W0.2._T.DDS_ALL._T._Z.N.PN_R_POP6","A","SE","W0",2,"_T","DDS_ALL","_T","_Z","N","PN_R_POP6","2020",43.26000956976434,"A",false,null,null,"P1Y",{"$nulls":4},"S",null,null,3,null,"Pure number per million inhabitants of Direct debits sent - from: Sweden to: World, All","Pure number per million inhabitants of Direct debits sent - from: Sweden to: World, All","PN_R_POP6",0]
["PDD.A.SE.W0.2._T.DDS_ALL._T._Z.N.PN_R_TT","A","SE","W0",2,"_T","DDS_ALL","_T","_Z","N","PN_R_TT","2022",null,"Q",false,null,null,"P1Y",{"$nulls":4},"S",null,null,3,null,"Pure number; ratio to total number payment transactions of Direct debits sent - from: Sweden to: World, All","Pure number; ratio to total number payment transactions of Direct debits sent - from: Sweden to: World, All","PN_R_TT",0]
["PDD.A.SE.W0.2._T.DDS_ALL._T._Z.N.XDF","A","SE","W0",2,"_T","DDS_ALL","_T","_Z","N","XDF","2021",700094,"A",false,null,null,"P1Y",{"$nulls":4},"S",null,null,3,null,"Value of Direct debits sent - from: Sweden to: World, All","Value of Direct debits sent - from: Sweden to: World, All","XDF",0]
["PDD.A.SI.AT.2._T.DDS_ALL._T._Z.N.EUR","A","SI","AT",2,"_T","DDS_ALL","_T","_Z","N","EUR","2015",3.19,"A",false,null,null,"P1Y",{"$nulls":4},"S",null,null,3,null,"Value of Direct debits sent - from: Slovenia to: Austria, All","Value of Direct debits sent - from: Slovenia to: Austria, All","EUR",6]
["PDD.A.SI.BE.2._T.DDS_ALL._T._Z.N.EUR","A","SI","BE",2,"_T","DDS_ALL","_T","_Z","N","EUR","2016",0.214,"A",false,null,null,"P1Y",{"$nulls":4},"S",null,null,3,null,"Value of Direct debits sent - from: Slovenia to: Belgium, All","Value of Direct debits sent - from: Slovenia to: Belgium, All","EUR",6]
["PDD.A.SI.BG.2.2200.DDS_ALL._T._Z.N.PN","A","SI","BG",2,"2200","DDS_ALL","_T","_Z","N","PN","2022",0,"A",false,null,null,"P1Y",{"$nulls":4},"S",null,null,3,null,"Number of Direct debits initiated on a single payment basis, sent - from: Slovenia to: Bulgaria, All","Number of Direct debits initiated on a single payment basis, sent - from: Slovenia to: Bulgaria, All","PN",6]
["PDD.A.SI.CZ.2._T.DDS_ALL._T._Z.N.EUR","A","SI","CZ",2,"_T","DDS_ALL","_T","_Z","N","EUR","2019",0.007,"A",false,null,null,"P1Y",{"$nulls":4},"S",null,null,3,null,"Value of Direct debits sent - from: Slovenia to: Czech Republic, All","Value of Direct debits sent - from: Slovenia to: Czech Republic, All","EUR",6]
["PDD.A.SI.DE.2._T.DDS_ALL._T._Z.N.EUR","A","SI","DE",2,"_T","DDS_ALL","_T","_Z","N","EUR","2022",47.40952799999999,"A",false,null,null,"P1Y",{"$nulls":4},"S",null,null,3,null,"Value of Direct debits sent - from: Slovenia to: Germany, All","Value of Direct debits sent - from: Slovenia to: Germany, All","EUR",6]
["PDD.A.SI.EE.2._T.DDS_ALL._T._Z.N.PN","A","SI","EE",2,"_T","DDS_ALL","_T","_Z","N","PN","2022",0,"A",false,null,null,"P1Y",{"$nulls":4},"S",null,null,3,null,"Number of Direct debits sent - from: Slovenia to: Estonia, All","Number of Direct debits sent - from: Slovenia to: Estonia, All","PN",6]
["PDD.A.SI.ES.2._T.DDS_ALL._T._Z.N.EUR","A","SI","ES",2,"_T","DDS_ALL","_T","_Z","N","EUR","2016",0.554,"A",false,null,null,"P1Y",{"$nulls":4},"S",null,null,3,null,"Value of Direct debits sent - from: Slovenia to: Spain, All","Value of Direct debits sent - from: Slovenia to: Spain, All","EUR",6]
["PDD.A.SI.FI.2._T.DDS_ALL._T._Z.N.PN","A","SI","FI",2,"_T","DDS_ALL","_T","_Z","N","PN","2019",0,"A",false,null,null,"P1Y",{"$nulls":4},"S",null,null,3,null,"Number of Direct debits sent - from: Slovenia to: Finland, All","Number of Direct debits sent - from: Slovenia to: Finland, All","PN",6]
["PDD.A.SI.G3.2.2200.DDS_ALL._T._Z.N.PN","A","SI","G3",2,"2200","DDS_ALL","_T","_Z","N","PN","2022",0.008899,"A",false,null,null,"P1Y",{"$nulls":4},"S",null,null,3,null,"Number of Direct debits initiated on a single payment basis, sent - from: Slovenia to: Other EEA countries, All","Number of Direct debits initiated on a single payment basis, sent - from: Slovenia to: Other EEA countries, All","PN",6]
["PDD.A.SI.GR.2._T.DDS_ALL._T._Z.N.PN","A","SI","GR",2,"_T","DDS_ALL","_T","_Z","N","PN","2021",0,"A",false,null,null,"P1Y",{"$nulls":4},"S",null,null,3,null,"Number of Direct debits sent - from: Slovenia to: Greece, All","Number of Direct debits sent - from: Slovenia to: Greece, All","PN",6]
["PDD.A.SI.HU.1._T.DDS_ALL._T._Z.N.EUR","A","SI","HU",1,"_T","DDS_ALL","_T","_Z","N","EUR","2022",0,"A",false,null,null,"P1Y",{"$nulls":4},"S",null,null,3,null,"Value of Direct debits received - from: Slovenia to: Hungary, All","Value of Direct debits received - from: Slovenia to: Hungary, All","EUR",6]
["PDD.A.SI.IS.2._T.DDS_ALL._T._Z.N.PN","A","SI","IS",2,"_T","DDS_ALL","_T","_Z","N","PN","2022",0,"A",false,null,null,"P1Y",{"$nulls":4},"S",null,null,3,null,"Number of Direct debits sent - from: Slovenia to: Iceland, All","Number of Direct debits sent - from: Slovenia to: Iceland, All","PN",6]
["PDD.A.SI.IT.2._T.DDS_ALL._T._Z.N.PN","A","SI","IT",2,"_T","DDS_ALL","_T","_Z","N","PN","2019",0.015,"A",false,null,null,"P1Y",{"$nulls":4},"S",null,null,3,null,"Number of Direct debits sent - from: Slovenia to: Italy, All","Number of Direct debits sent - from: Slovenia to: Italy, All","PN",6]
["PDD.A.SI.LU.2._T.DDS_ALL._T._Z.N.PN","A","SI","LU",2,"_T","DDS_ALL","_T","_Z","N","PN","2015",0,"A",false,null,null,"P1Y",{"$nulls":4},"S",null,null,3,null,"Number of Direct debits sent - from: Slovenia to: Luxembourg, All","Number of Direct debits sent - from: Slovenia to: Luxembourg, All","PN",6]
["PDD.A.SI.LV.2._T.DDS_ALL._T._Z.N.PN","A","SI","LV",2,"_T","DDS_ALL","_T","_Z","N","PN","2020",0,"A",false,null,null,"P1Y",{"$nulls":4},"S",null,null,3,null,"Number of Direct debits sent - from: Slovenia to: Latvia, All","Number of Direct debits sent - from: Slovenia to: Latvia, All","PN",6]
["PDD.A.SI.MT.2._T.DDS_ALL._T._Z.N.PN","A","SI","MT",2,"_T","DDS_ALL","_T","_Z","N","PN","2017",0,"A",false,null,null,"P1Y",{"$nulls":4},"S",null,null,3,null,"Number of Direct debits sent - from: Slovenia to: Malta, All","Number of Direct debits sent - from: Slovenia to: Malta, All","PN",6]
["PDD.A.SI.PL.2._T.DDS_ALL._T._Z.N.PN","A","SI","PL",2,"_T","DDS_ALL","_T","_Z","N","PN","2022",3.8E-05,"A",false,null,null,"P1Y",{"$nulls":4},"S",null,null,3,null,"Number of Direct debits sent - from: Slovenia to: Poland, All","Number of Direct debits sent - from: Slovenia to: Poland, All","PN",6]
["PDD.A.SI.PT.2._T.DDS_ALL._T._Z.N.EUR","A","SI","PT",2,"_T","DDS_ALL","_T","_Z","N","EUR","2016",0.003,"A",false,null,null,"P1Y",{"$nulls":4},"S",null,null,3,null,"Value of Direct debits sent - from: Slovenia to: Portugal, All","Value of Direct debits sent - from: Slovenia to: Portugal, All","EUR",6]
["PDD.A.SI.RO.2._T.DDS_ALL._T._Z.N.PN","A","SI","RO",2,"_T","DDS_ALL","_T","_Z","N","PN","2015",0,"A",false,null,null,"P1Y",{"$nulls":4},"S",null,null,3,null,"Number of Direct debits sent - from: Slovenia to: Romania, All","Number of Direct debits sent - from: Slovenia to: Romania, All","PN",6]
["PDD.A.SI.W0.1._T.DDS_ALL._T._Z.N.EUR_R_B1GQ","A","SI","W0",1,"_T","DDS_ALL","_T","_Z","N","EUR_R_B1GQ","2022",21.68448292578643,"A",false,null,null,"P1Y",{"$nulls":4},"S",null,null,3,null,"Euro; ratio to GDP of Direct debits received - from: Slovenia to: World, All","Euro; ratio to GDP of Direct debits received - from: Slovenia to: World, All","EUR_R_B1GQ",0]
["PDD.A.SI.W0.2.2200.DDS_ALL._T._Z.N.PN","A","SI","W0",2,"2200","DDS_ALL","_T","_Z","N","PN","2015",13.538,"A",false,null,null,"P1Y",{"$nulls":4},"S",null,null,3,null,"Number of Direct debits initiated on a single payment basis, sent - from: Slovenia to: World, All","Number of Direct debits initiated on a single payment basis, sent - from: Slovenia to: World, All","PN",6]
["PDD.A.SI.W0.2._T.DDS_ALL._T._Z.G1.PN","A","SI","W0",2,"_T","DDS_ALL","_T","_Z","G1","PN","2010",7.986351071181752,"A",false,null,null,"P1Y",{"$nulls":4},"S",null,null,3,null,"Number of Direct debits sent - from: Slovenia to: World, All","Number of Direct debits sent - from: Slovenia to: World, All","PN",0]
["PDD.A.SI.W0.2._T.DDS_ALL._T._Z.N.EUR","A","SI","W0",2,"_T","DDS_ALL","_T","_Z","N","EUR","2012",2167.142,"A",false,null,null,"P1Y",{"$nulls":4},"S",null,null,3,null,"Value of Direct debits sent - from: Slovenia to: World, All","Value of Direct debits sent - from: Slovenia to: World, All","EUR",6]
["PDD.A.SI.W0.2._T.DDS_ALL._T._Z.N.EUR_R_B1GQ","A","SI","W0",2,"_T","DDS_ALL","_T","_Z","N","EUR_R_B1GQ","2010",6.581503578074608,"A",false,null,null,"P1Y",{"$nulls":4},"S",null,null,3,null,"Euro; ratio to GDP of Direct debits sent - from: Slovenia to: World, All","Euro; ratio to GDP of Direct debits sent - from: Slovenia to: World, All","EUR_R_B1GQ",0]
["PDD.A.SI.W0.2._T.DDS_ALL._T._Z.N.EUR_R_PNT","A","SI","W0",2,"_T","DDS_ALL","_T","_Z","N","EUR_R_PNT","2019",78.24882607280674,"A",false,null,null,"P1Y",{"$nulls":4},"S",null,null,3,null,"Euro; ratio to number of transactions of Direct debits sent - from: Slovenia to: World, All","Euro; ratio to number of transactions of Direct debits sent - from: Slovenia to: World, All","EUR_R_PNT",0]
["PDD.A.SI.W0.2._T.DDS_ALL._T._Z.N.EUR_R_TT","A","SI","W0",2,"_T","DDS_ALL","_T","_Z","N","EUR_R_TT","2022",1.166750833057585,"A",false,null,null,"P1Y",{"$nulls":4},"S",null,null,3,null,"Euro; ratio to total value payment transactions of Direct debits sent - from: Slovenia to: World, All","Euro; ratio to total value payment transactions of Direct debits sent - from: Slovenia to: World, All","EUR_R_TT",0]
["PDD.A.SI.W0.2._T.DDS_ALL._T._Z.N.PN","A","SI","W0",2,"_T","DDS_ALL","_T","_Z","N","PN","2020",44.309,"A",false,null,null,"P1Y",{"$nulls":4},"S",null,null,3,null,"Number of Direct debits sent - from: Slovenia to: World, All","Number of Direct debits sent - from: Slovenia to: World, All","PN",6]
["PDD.A.SI.W1.1._T.DDS_ALL._T._Z.N.PN","A","SI","W1",1,"_T","DDS_ALL","_T","_Z","N","PN","2014",2.785,"A",false,null,null,"P1Y",{"$nulls":4},"S",null,null,3,null,"Number of Direct debits received - from: Slovenia to: Rest of the World, All","Number of Direct debits received - from: Slovenia to: Rest of the World, All","PN",6]
["PDD.A.SI.W1.2._T.DDS_ALL._T._Z.N.PN","A","SI","W1",2,"_T","DDS_ALL","_T","_Z","N","PN","2015",0.034,"A",false,null,null,"P1Y",{"$nulls":4},"S",null,null,3,null,"Number of Direct debits sent - from: Slovenia to: Rest of the World, All","Number of Direct debits sent - from: Slovenia to: Rest of the World, All","PN",6]
["PDD.A.SK.BE.1._T.DDS_ALL._T._Z.N.PN","A","SK","BE",1,"_T","DDS_ALL","_T","_Z","N","PN","2022",0.002477,"A",false,null,null,"P1Y",{"$nulls":4},"S",null,null,3,null,"Number of Direct debits received - from: Slovakia to: Belgium, All","Number of Direct debits received - from: Slovakia to: Belgium, All","PN",6]
["PDD.A.SK.BE.2._T.DDS_ALL._T._Z.N.EUR","A","SK","BE",2,"_T","DDS_ALL","_T","_Z","N","EUR","2022",0.708377,"A",false,null,null,"P1Y",{"$nulls":4},"S",null,null,3,null,"Value of Direct debits sent - from: Slovakia to: Belgium, All","Value of Direct debits sent - from: Slovakia to: Belgium, All","EUR",6]
["PDD.A.SK.BG.2._T.DDS_ALL._T._Z.N.PN","A","SK","BG",2,"_T","DDS_ALL","_T","_Z","N","PN","2021",0,"A",false,null,null,"P1Y",{"$nulls":4},"S",null,null,3,null,"Number of Direct debits sent - from: Slovakia to: Bulgaria, All","Number of Direct debits sent - from: Slovakia to: Bulgaria, All","PN",6]
["PDD.A.SK.DE.2._T.DDS_ALL._T._Z.N.EUR","A","SK","DE",2,"_T","DDS_ALL","_T","_Z","N","EUR","2019",32.749,"A",false,null,null,"P1Y",{"$nulls":4},"S",null,null,3,null,"Value of Direct debits sent - from: Slovakia to: Germany, All","Value of Direct debits sent - from: Slovakia to: Germany, All","EUR",6]
["PDD.A.SK.DK.2._T.DDS_ALL._T._Z.N.EUR","A","SK","DK",2,"_T","DDS_ALL","_T","_Z","N","EUR","2016",0.164,"A",false,null,null,"P1Y",{"$nulls":4},"S",null,null,3,null,"Value of Direct debits sent - from: Slovakia to: Denmark, All","Value of Direct debits sent - from: Slovakia to: Denmark, All","EUR",6]
["PDD.A.SK.EE.2._T.DDS_ALL._T._Z.N.EUR","A","SK","EE",2,"_T","DDS_ALL","_T","_Z","N","EUR","2022",2.7E-05,"A",false,null,null,"P1Y",{"$nulls":4},"S",null,null,3,null,"Value of Direct debits sent - from: Slovakia to: Estonia, All","Value of Direct debits sent - from: Slovakia to: Estonia, All","EUR",6]
["PDD.A.SK.FI.2._T.DDS_ALL._T._Z.N.PN","A","SK","FI",2,"_T","DDS_ALL","_T","_Z","N","PN","2016",0,"A",false,null,null,"P1Y",{"$nulls":4},"S",null,null,3,null,"Number of Direct debits sent - from: Slovakia to: Finland, All","Number of Direct debits sent - from: Slovakia to: Finland, All","PN",6]
["PDD.A.SK.FR.2._T.DDS_ALL._T._Z.N.EUR","A","SK","FR",2,"_T","DDS_ALL","_T","_Z","N","EUR","2022",5.687819,"A",false,null,null,"P1Y",{"$nulls":4},"S",null,null,3,null,"Value of Direct debits sent - from: Slovakia to: France, All","Value of Direct debits sent - from: Slovakia to: France, All","EUR",6]
["PDD.A.SK.G1.2._T.DDS_ALL._T._Z.N.PN","A","SK","G1",2,"_T","DDS_ALL","_T","_Z","N","PN","2021",0.023,"A",false,null,null,"P1Y",{"$nulls":4},"S",null,null,3,null,"Number of Direct debits sent - from: Slovakia to: Extra EEA, All","Number of Direct debits sent - from: Slovakia to: Extra EEA, All","PN",6]
["PDD.A.SK.HR.2._T.DDS_ALL._T._Z.N.PN","A","SK","HR",2,"_T","DDS_ALL","_T","_Z","N","PN","2014",0,"A",false,null,null,"P1Y",{"$nulls":4},"S",null,null,3,null,"Number of Direct debits sent - from: Slovakia to: Croatia, All","Number of Direct debits sent - from: Slovakia to: Croatia, All","PN",6]
["PDD.A.SK.HU.2._T.DDS_ALL._T._Z.N.EUR","A","SK","HU",2,"_T","DDS_ALL","_T","_Z","N","EUR","2020",385.194,"A",false,null,null,"P1Y",{"$nulls":4},"S",null,null,3,null,"Value of Direct debits sent - from: Slovakia to: Hungary, All","Value of Direct debits sent - from: Slovakia to: Hungary, All","EUR",6]
["PDD.A.SK.IT.2._T.DDS_ALL._T._Z.N.PN","A","SK","IT",2,"_T","DDS_ALL","_T","_Z","N","PN","2016",0.001,"A",false,null,null,"P1Y",{"$nulls":4},"S",null,null,3,null,"Number of Direct debits sent - from: Slovakia to: Italy, All","Number of Direct debits sent - from: Slovakia to: Italy, All","PN",6]
["PDD.A.SK.LI.2._T.DDS_ALL._T._Z.N.EUR","A","SK","LI",2,"_T","DDS_ALL","_T","_Z","N","EUR","2022",0.004599000000000001,"A",false,null,null,"P1Y",{"$nulls":4},"S",null,null,3,null,"Value of Direct debits sent - from: Slovakia to: Liechtenstein, All","Value of Direct debits sent - from: Slovakia to: Liechtenstein, All","EUR",6]
["PDD.A.SK.LU.2.2100.DDS_ALL._T._Z.N.EUR","A","SK","LU",2,"2100","DDS_ALL","_T","_Z","N","EUR","2022",0.251147,"A",false,null,null,"P1Y",{"$nulls":4},"S",null,null,3,null,"Value of Direct debits initiated in a file/batch, sent - from: Slovakia to: Luxembourg, All","Value of Direct debits initiated in a file/batch, sent - from: Slovakia to: Luxembourg, All","EUR",6]
["PDD.A.SK.MT.2._T.DDS_ALL._T._Z.N.PN","A","SK","MT",2,"_T","DDS_ALL","_T","_Z","N","PN","2014",0,"A",false,null,null,"P1Y",{"$nulls":4},"S",null,null,3,null,"Number of Direct debits sent - from: Slovakia to: Malta, All","Number of Direct debits sent - from: Slovakia to: Malta, All","PN",6]
["PDD.A.SK.NO.2._T.DDS_ALL._T._Z.N.EUR","A","SK","NO",2,"_T","DDS_ALL","_T","_Z","N","EUR","2022",0.000304,"A",false,null,null,"P1Y",{"$nulls":4},"S",null,null,3,null,"Value of Direct debits sent - from: Slovakia to: Norway, All","Value of Direct debits sent - from: Slovakia to: Norway, All","EUR",6]
["PDD.A.SK.PL.2.2200.DDS_ALL._T._Z.N.EUR","A","SK","PL",2,"2200","DDS_ALL","_T","_Z","N","EUR","2022",2.084767,"A",false,null,null,"P1Y",{"$nulls":4},"S",null,null,3,null,"Value of Direct debits initiated on a single payment basis, sent - from: Slovakia to: Poland, All","Value of Direct debits initiated on a single payment basis, sent - from: Slovakia to: Poland, All","EUR",6]
["PDD.A.SK.RO.2._T.DDS_ALL._T._Z.N.EUR","A","SK","RO",2,"_T","DDS_ALL","_T","_Z","N","EUR","2021",0.323,"A",false,null,null,"P1Y",{"$nulls":4},"S",null,null,3,null,"Value of Direct debits sent - from: Slovakia to: Romania, All","Value of Direct debits sent - from: Slovakia to: Romania, All","EUR",6]
["PDD.A.SK.SE.2._T.DDS_ALL._T._Z.N.EUR","A","SK","SE",2,"_T","DDS_ALL","_T","_Z","N","EUR","2018",0.616,"A",false,null,null,"P1Y",{"$nulls":4},"S",null,null,3,null,"Value of Direct debits sent - from: Slovakia to: Sweden, All","Value of Direct debits sent - from: Slovakia to: Sweden, All","EUR",6]
["PDD.A.SK.SI.2._T.DDS_ALL._T._Z.N.PN","A","SK","SI",2,"_T","DDS_ALL","_T","_Z","N","PN","2021",0,"A",false,null,null,"P1Y",{"$nulls":4},"S",null,null,3,null,"Number of Direct debits sent - from: Slovakia to: Slovenia, All","Number of Direct debits sent - from: Slovakia to: Slovenia, All","PN",6]
["PDD.A.SK.W0.2.2200.DDS_ALL._T._Z.N.PN","A","SK","W0",2,"2200","DDS_ALL","_T","_Z","N","PN","2018",9.354,"A",false,null,null,"P1Y",{"$nulls":4},"S",null,null,3,null,"Number of Direct debits initiated on a single payment basis, sent - from: Slovakia to: World, All","Number of Direct debits initiated on a single payment basis, sent - from: Slovakia to: World, All","PN",6]
["PDD.A.SK.W0.2._T.DDS_ALL._T._Z.G1.EUR","A","SK","W0",2,"_T","DDS_ALL","_T","_Z","G1","EUR","2014",-97.121008254434,"A",false,null,null,"P1Y",{"$nulls":4},"S",null,null,3,null,"Value of Direct debits sent - from: Slovakia to: World, All","Value of Direct debits sent - from: Slovakia to: World, All","EUR",0]
["PDD.A.SK.W0.2._T.DDS_ALL._T._Z.N.EUR_R_B1GQ","A","SK","W0",2,"_T","DDS_ALL","_T","_Z","N","EUR_R_B1GQ","2008",615.0558266729524,"A",false,null,null,"P1Y",{"$nulls":4},"S",null,null,3,null,"Euro; ratio to GDP of Direct debits sent - from: Slovakia to: World, All","Euro; ratio to GDP of Direct debits sent - from: Slovakia to: World, All","EUR_R_B1GQ",0]
["PDD.A.SK.W0.2._T.DDS_ALL._T._Z.N.EUR_R_PNT","A","SK","W0",2,"_T","DDS_ALL","_T","_Z","N","EUR_R_PNT","2004",359.9195370389975,"A",false,null,null,"P1Y",{"$nulls":4},"S",null,null,3,null,"Euro; ratio to number of transactions of Direct debits sent - from: Slovakia to: World, All","Euro; ratio to number of transactions of Direct debits sent - from: Slovakia to: World, All","EUR_R_PNT",0]
["PDD.A.SK.W0.2._T.DDS_ALL._T._Z.N.EUR_R_POP6","A","SK","W0",2,"_T","DDS_ALL","_T","_Z","N","EUR_R_POP6","2006",58970.42597244783,"A",false,null,null,"P1Y",{"$nulls":4},"S",null,null,3,null,"Euro per million inhabitants of Direct debits sent - from: Slovakia to: World, All","Euro per million inhabitants of Direct debits sent - from: Slovakia to: World, All","EUR_R_POP6",0]
["PDD.A.SK.W0.2._T.DDS_ALL._T._Z.N.PN","A","SK","W0",2,"_T","DDS_ALL","_T","_Z","N","PN","2017",29.942,"A",false,null,null,"P1Y",{"$nulls":4},"S",null,null,3,null,"Number of Direct debits sent - from: Slovakia to: World, All","Number of Direct debits sent - from: Slovakia to: World, All","PN",6]
["PDD.A.SK.W0.2._T.DDS_ALL._T._Z.N.PN_R_TT","A","SK","W0",2,"_T","DDS_ALL","_T","_Z","N","PN_R_TT","2014",4.683117900509205,"A",false,null,null,"P1Y",{"$nulls":4},"S",null,null,3,null,"Pure number; ratio to total number payment transactions of Direct debits sent - from: Slovakia to: World, All","Pure number; ratio to total number payment transactions of Direct debits sent - from: Slovakia to: World, All","PN_R_TT",0]
["PDD.A.SK.W1.2._T.DDS_ALL._T._Z.N.EUR","A","SK","W1",2,"_T","DDS_ALL","_T","_Z","N","EUR","2021",724.1690000000002,"A",false,null,null,"P1Y",{"$nulls":4},"S",null,null,3,null,"Value of Direct debits sent - from: Slovakia to: Rest of the World, All","Value of Direct debits sent - from: Slovakia to: Rest of the World, All","EUR",6]
["PDD.A.SK.W2.2._T.DDS_ALL._T._Z.N.EUR","A","SK","W2",2,"_T","DDS_ALL","_T","_Z","N","EUR","2018",4667.173,"A",false,null,null,"P1Y",{"$nulls":4},"S",null,null,3,null,"Value of Direct debits sent - from: Slovakia to: Domestic (home or reference area), All","Value of Direct debits sent - from: Slovakia to: Domestic (home or reference area), All","EUR",6]
["PDD.A.U2.W0.2.2200.DDS_ALL._T._Z.N.EUR","A","U2","W0",2,"2200","DDS_ALL","_T","_Z","N","EUR","2015",1152259.2874,"A",false,null,null,"P1Y",{"$nulls":4},"S",null,null,3,null,"Value of Direct debits initiated on a single payment basis, sent - from: Euro area changing composition to: World, All","Value of Direct debits initiated on a single payment basis, sent - from: Euro area changing composition to: World, All","EUR",6]
["PDD.A.U2.W0.2._T.DDS_ALL._T._Z.G1.EUR","A","U2","W0",2,"_T","DDS_ALL","_T","_Z","G1","EUR","2017",null,"Q",false,null,null,"P1Y",{"$nulls":4},"S",null,null,3,null,"Value of Direct debits sent - from: Euro area changing composition to: World, All","Value of Direct debits sent - from: Euro area changing composition to: World, All","EUR",0]
["PDD.A.U2.W0.2._T.DDS_ALL._T._Z.G1.PN","A","U2","W0",2,"_T","DDS_ALL","_T","_Z","G1","PN","2015",8.08321120019706,"A",false,null,null,"P1Y",{"$nulls":4},"S",null,null,3,null,"Number of Direct debits sent - from: Euro area changing composition to: World, All","Number of Direct debits sent - from: Euro area changing composition to: World, All","PN",0]
["PDD.A.U2.W0.2._T.DDS_ALL._T._Z.N.EUR","A","U2","W0",2,"_T","DDS_ALL","_T","_Z","N","EUR","2017",null,"Q",false,null,null,"P1Y",{"$nulls":4},"S",null,null,3,null,"Value of Direct debits sent - from: Euro area changing composition to: World, All","Value of Direct debits sent - from: Euro area changing composition to: World, All","EUR",6]
["PDD.A.U2.W0.2._T.DDS_ALL._T._Z.N.EUR_R_POP6","A","U2","W0",2,"_T","DDS_ALL","_T","_Z","N","EUR_R_POP6","2010",45118.03063203541,"A",false,null,null,"P1Y",{"$nulls":4},"S",null,null,3,null,"Euro per million inhabitants of Direct debits sent - from: Euro area changing composition to: World, All","Euro per million inhabitants of Direct debits sent - from: Euro area changing composition to: World, All","EUR_R_POP6",0]
["PDD.A.U2.W0.2._T.DDS_ALL._T._Z.N.EUR_R_TT","A","U2","W0",2,"_T","DDS_ALL","_T","_Z","N","EUR_R_TT","2002",3.682874623649299,"A",false,null,null,"P1Y",{"$nulls":4},"S",null,null,3,null,"Euro; ratio to total value payment transactions of Direct debits sent - from: Euro area changing composition to: World, All","Euro; ratio to total value payment transactions of Direct debits sent - from: Euro area changing composition to: World, All","EUR_R_TT",0]
["PDD.A.U2.W0.2._T.DDS_ALL._T._Z.N.PN_R_POP6","A","U2","W0",2,"_T","DDS_ALL","_T","_Z","N","PN_R_POP6","2017",58.64720717008637,"A",false,null,null,"P1Y",{"$nulls":4},"S",null,null,3,null,"Pure number per million inhabitants of Direct debits sent - from: Euro area changing composition to: World, All","Pure number per million inhabitants of Direct debits sent - from: Euro area changing composition to: World, All","PN_R_POP6",0]
["PDD.A.U2.W0.2._T.DDS_ALL._T._Z.N.PN_R_TT","A","U2","W0",2,"_T","DDS_ALL","_T","_Z","N","PN_R_TT","2011",29.05762992347018,"A",false,null,null,"P1Y",{"$nulls":4},"S",null,null,3,null,"Pure number; ratio to total number payment transactions of Direct debits sent - from: Euro area changing composition to: World, All","Pure number; ratio to total number payment transactions of Direct debits sent - from: Euro area changing composition to: World, All","PN_R_TT",0]
["PDD.H.AT.G1.2.2200.DDS_ALL._T._Z.N.PN","H","AT","G1",2,"2200","DDS_ALL","_T","_Z","N","PN","2022-S2",0.001887,"A",false,null,null,"P6M",{"$nulls":4},"S",null,null,3,null,"Number of Direct debits initiated on a single payment basis, sent - from: Austria to: Extra EEA, All","Number of Direct debits initiated on a single payment basis, sent - from: Austria to: Extra EEA, All","PN",6]
["PDD.H.AT.W0.1._T.DDS_ALL._T._Z.G1.EUR","H","AT","W0",1,"_T","DDS_ALL","_T","_Z","G1","EUR","2022-S2",3.736264350585205,"P",false,null,null,"P6M",{"$nulls":4},"S",null,null,3,null,"Value of Direct debits received - from: Austria to: World, All","Value of Direct debits received - from: Austria to: World, All","EUR",0]
["PDD.H.AT.W0.2._T.DDS_ALL.2._Z.N.EUR","H","AT","W0",2,"_T","DDS_ALL","2","_Z","N","EUR","2023-S1",158124.98672218,"P",false,null,null,"P6M",{"$nulls":4},"S",null,null,3,null,"Value of Direct debits sent - from: Austria to: World, Other than electronic mandate","Value of Direct debits sent - from: Austria to: World, Other than electronic mandate","EUR",6]
["PDD.H.AT.W0.2._T.DDS_ALL.2._Z.N.PN","H","AT","W0",2,"_T","DDS_ALL","2","_Z","N","PN","2022-S2",255.260334,"A",false,null,null,"P6M",{"$nulls":4},"S",null,null,3,null,"Number of Direct debits sent - from: Austria to: World, Other than electronic mandate","Number of Direct debits sent - from: Austria to: World, Other than electronic mandate","PN",6]
["PDD.H.AT.W1.2._T.DDS_ALL._T._Z.N.PN","H","AT","W1",2,"_T","DDS_ALL","_T","_Z","N","PN","2023-S1",3.898668,"P",false,null,null,"P6M",{"$nulls":4},"S",null,null,3,null,"Number of Direct debits sent - from: Austria to: Rest of the World, All","Number of Direct debits sent - from: Austria to: Rest of the World, All","PN",6]
["PDD.H.AT.W2.2._T.DDS_ALL.2._Z.N.EUR","H","AT","W2",2,"_T","DDS_ALL","2","_Z","N","EUR","2022-S1",137998.90961935,"A",false,null,null,"P6M",{"$nulls":4},"S",null,null,3,null,"Value of Direct debits sent - from: Austria to: Domestic (home or reference area), Other than electronic mandate","Value of Direct debits sent - from: Austria to: Domestic (home or reference area), Other than electronic mandate","EUR",6]
["PDD.H.B0.W0.2.2200.DDS_ALL._T._Z.N.EUR","H","B0","W0",2,"2200","DDS_ALL","_T","_Z","N","EUR","2022-S1",478997.699484619,"A",false,null,null,"P6M",{"$nulls":4},"S",null,null,3,null,"Value of Direct debits initiated on a single payment basis, sent - from: EU changing composition to: World, All","Value of Direct debits initiated on a single payment basis, sent - from: EU changing composition to: World, All","EUR",6]
["PDD.H.B0.W0.2._T.DDS_ALL._T._Z.N.PN_R_POP6","H","B0","W0",2,"_T","DDS_ALL","_T","_Z","N","PN_R_POP6","2022-S2",24.06584331692574,"P",false,null,null,"P6M",{"$nulls":4},"S",null,null,3,null,"Pure number per million inhabitants of Direct debits sent - from: EU changing composition to: World, All","Pure number per million inhabitants of Direct debits sent - from: EU changing composition to: World, All","PN_R_POP6",0]
["PDD.H.BE.G1.2._T.DDS_ALL.1._Z.N.PN","H","BE","G1",2,"_T","DDS_ALL","1","_Z","N","PN","2022-S2",0.132315,"A",false,null,null,"P6M",{"$nulls":4},"S",null,null,3,null,"Number of Direct debits sent - from: Belgium to: Extra EEA, Electronic mandate","Number of Direct debits sent - from: Belgium to: Extra EEA, Electronic mandate","PN",6]
["PDD.H.BE.W0.1._T.DDS_ALL._T._Z.N.PN","H","BE","W0",1,"_T","DDS_ALL","_T","_Z","N","PN","2022-S2",174.491924,"A",false,null,null,"P6M",{"$nulls":4},"S",null,null,3,null,"Number of Direct debits received - from: Belgium to: World, All","Number of Direct debits received - from: Belgium to: World, All","PN",6]
["PDD.H.BE.W0.2.2200.DDS_ALL._T._Z.N.PN","H","BE","W0",2,"2200","DDS_ALL","_T","_Z","N","PN","2022-S1",0.4794790000000001,"A",false,null,null,"P6M",{"$nulls":4},"S",null,null,3,null,"Number of Direct debits initiated on a single payment basis, sent - from: Belgium to: World, All","Number of Direct debits initiated on a single payment basis, sent - from: Belgium to: World, All","PN",6]
["PDD.H.BE.W0.2._T.DDS_ALL._T._Z.G1.PN","H","BE","W0",2,"_T","DDS_ALL","_T","_Z","G1","PN","2022-S2",3.263181413363575,"A",false,null,null,"P6M",{"$nulls":4},"S",null,null,3,null,"Number of Direct debits sent - from: Belgium to: World, All","Number of Direct debits sent - from: Belgium to: World, All","PN",0]
["PDD.H.BE.W2.1._T.DDS_ALL._T._Z.N.PN","H","BE","W2",1,"_T","DDS_ALL","_T","_Z","N","PN","2023-S1",146.136542,"P",false,null,null,"P6M",{"$nulls":4},"S",null,null,3,null,"Number of Direct debits received - from: Belgium to: Domestic (home or reference area), All","Number of Direct debits received - from: Belgium to: Domestic (home or reference area), All","PN",6]
["PDD.H.BE.W2.2._T.DDS_ALL.2._Z.N.PN","H","BE","W2",2,"_T","DDS_ALL","2","_Z","N","PN","2022-S2",96.09255300000001,"A",false,null,null,"P6M",{"$nulls":4},"S",null,null,3,null,"Number of Direct debits sent - from: Belgium to: Domestic (home or reference area), Other than electronic mandate","Number of Direct debits sent - from: Belgium to: Domestic (home or reference area), Other than electronic mandate","PN",6]
["PDD.H.BG.W0.2._T.DDS_ALL._T._Z.N.EUR_R_POP6","H","BG","W0",2,"_T","DDS_ALL","_T","_Z","N","EUR_R_POP6","2022-S1",null,"M",false,null,null,"P6M",{"$nulls":4},"S",null,null,3,null,"Euro per million inhabitants of Direct debits sent - from: Bulgaria to: World, All","Euro per million inhabitants of Direct debits sent - from: Bulgaria to: World, All","EUR_R_POP6",0]
["PDD.H.BG.W2.1._T.DDS_ALL._T._Z.N.XDF","H","BG","W2",1,"_T","DDS_ALL","_T","_Z","N","XDF","2023-S1",null,"Q",false,null,null,"P6M",{"$nulls":4},"S",null,null,3,null,"Value of Direct debits received - from: Bulgaria to: Domestic (home or reference area), All","Value of Direct debits received - from: Bulgaria to: Domestic (home or reference area), All","XDF",0]
["PDD.H.CY.G3.1._T.DDS_ALL._T._Z.N.EUR","H","CY","G3",1,"_T","DDS_ALL","_T","_Z","N","EUR","2023-S1",84.044455,"P",false,null,null,"P6M",{"$nulls":4},"S",null,null,3,null,"Value of Direct debits received - from: Cyprus to: Other EEA countries, All","Value of Direct debits received - from: Cyprus to: Other EEA countries, All","EUR",6]
["PDD.H.CY.G3.2._T.DDS_ALL._T._Z.N.PN","H","CY","G3",2,"_T","DDS_ALL","_T","_Z","N","PN","2022-S2",2.556279999999999,"A",false,null,null,"P6M",{"$nulls":4},"S",null,null,3,null,"Number of Direct debits sent - from: Cyprus to: Other EEA countries, All","Number of Direct debits sent - from: Cyprus to: Other EEA countries, All","PN",6]
["PDD.H.CY.W0.2.2100.DDS_ALL._T._Z.N.EUR","H","CY","W0",2,"2100","DDS_ALL","_T","_Z","N","EUR","2022-S2",1649.64249149,"A",false,null,null,"P6M",{"$nulls":4},"S",null,null,3,null,"Value of Direct debits initiated in a file/batch, sent - from: Cyprus to: World, All","Value of Direct debits initiated in a file/batch, sent - from: Cyprus to: World, All","EUR",6]
["PDD.H.CY.W0.2._T.DDS_ALL.2._Z.N.EUR","H","CY","W0",2,"_T","DDS_ALL","2","_Z","N","EUR","2023-S1",1706.29802608,"P",false,null,null,"P6M",{"$nulls":4},"S",null,null,3,null,"Value of Direct debits sent - from: Cyprus to: World, Other than electronic mandate","Value of Direct debits sent - from: Cyprus to: World, Other than electronic mandate","EUR",6]
["PDD.H.CY.W2.2.2100.DDS_ALL._T._Z.N.EUR","H","CY","W2",2,"2100","DDS_ALL","_T","_Z","N","EUR","2022-S1",1407.873336,"A",false,null,null,"P6M",{"$nulls":4},"S",null,null,3,null,"Value of Direct debits initiated in a file/batch, sent - from: Cyprus to: Domestic (home or reference area), All","Value of Direct debits initiated in a file/batch, sent - from: Cyprus to: Domestic (home or reference area), All","EUR",6]
["PDD.H.CY.W2.2._T.DDS_ALL.1._Z.N.PN","H","CY","W2",2,"_T","DDS_ALL","1","_Z","N","PN","2022-S1",null,"Q",false,null,null,"P6M",{"$nulls":4},"S",null,null,3,null,"Number of Direct debits sent - from: Cyprus to: Domestic (home or reference area), Electronic mandate","Number of Direct debits sent - from: Cyprus to: Domestic (home or reference area), Electronic mandate","PN",6]
["PDD.H.CZ.G3.2.2100.DDS_ALL._T._Z.N.XDF","H","CZ","G3",2,"2100","DDS_ALL","_T","_Z","N","XDF","2022-S2",424.433521,"A",false,null,null,"P6M",{"$nulls":4},"S",null,null,3,null,"Value of Direct debits initiated in a file/batch, sent - from: Czech Republic to: Other EEA countries, All","Value of Direct debits initiated in a file/batch, sent - from: Czech Republic to: Other EEA countries, All","XDF",0]
["PDD.H.CZ.G3.2._T.DDS_ALL._T._Z.N.PN","H","CZ","G3",2,"_T","DDS_ALL","_T","_Z","N","PN","2022-S2",0.010874,"A",false,null,null,"P6M",{"$nulls":4},"S",null,null,3,null,"Number of Direct debits sent - from: Czech Republic to: Other EEA countries, All","Number of Direct debits sent - from: Czech Republic to: Other EEA countries, All","PN",6]
["PDD.H.CZ.W0.2.2100.DDS_ALL._T._Z.N.PN","H","CZ","W0",2,"2100","DDS_ALL","_T","_Z","N","PN","2022-S2",7.500747,"A",false,null,null,"P6M",{"$nulls":4},"S",null,null,3,null,"Number of Direct debits initiated in a file/batch, sent - from: Czech Republic to: World, All","Number of Direct debits initiated in a file/batch, sent - from: Czech Republic to: World, All","PN",6]
["PDD.H.CZ.W1.2.2100.DDS_ALL._T._Z.N.PN","H","CZ","W1",2,"2100","DDS_ALL","_T","_Z","N","PN","2023-S1",null,"Q",false,null,null,"P6M",{"$nulls":4},"S",null,null,3,null,"Number of Direct debits initiated in a file/batch, sent - from: Czech Republic to: Rest of the World, All","Number of Direct debits initiated in a file/batch, sent - from: Czech Republic to: Rest of the World, All","PN",6]
["PDD.H.CZ.W1.2._T.DDS_ALL._T._Z.N.XDF","H","CZ","W1",2,"_T","DDS_ALL","_T","_Z","N","XDF","2022-S1",1340.032688,"A",false,null,null,"P6M",{"$nulls":4},"S",null,null,3,null,"Value of Direct debits sent - from: Czech Republic to: Rest of the World, All","Value of Direct debits sent - from: Czech Republic to: Rest of the World, All","XDF",6]
["PDD.H.DE.G1.2.2100.DDS_ALL._T._Z.N.PN","H","DE","G1",2,"2100","DDS_ALL","_T","_Z","N","PN","2022-S2",0.151755,"A",false,null,null,"P6M",{"$nulls":4},"S",null,null,3,null,"Number of Direct debits initiated in a file/batch, sent - from: Germany to: Extra EEA, All","Number of Direct debits initiated in a file/batch, sent - from: Germany to: Extra EEA, All","PN",6]
["PDD.H.DE.G3.1._T.DDS_ALL._T._Z.N.EUR","H","DE","G3",1,"_T","DDS_ALL","_T","_Z","N","EUR","2023-S1",213655.9023466501,"P",false,null,null,"P6M",{"$nulls":4},"S",null,null,3,null,"Value of Direct debits received - from: Germany to: Other EEA countries, All","Value of Direct debits received - from: Germany to: Other EEA countries, All","EUR",6]
["PDD.H.DE.G3.2._T.DDS_ALL.2._Z.N.PN","H","DE","G3",2,"_T","DDS_ALL","2","_Z","N","PN","2022-S1",207.548468,"A",false,null,null,"P6M",{"$nulls":4},"S",null,null,3,null,"Number of Direct debits sent - from: Germany to: Other EEA countries, Other than electronic mandate","Number of Direct debits sent - from: Germany to: Other EEA countries, Other than electronic mandate","PN",6]
["PDD.H.DE.W0.2._T.DDS_ALL.1._Z.N.EUR","H","DE","W0",2,"_T","DDS_ALL","1","_Z","N","EUR","2022-S2",null,"Q",false,null,null,"P6M",{"$nulls":4},"S",null,null,3,null,"Value of Direct debits sent - from: Germany to: World, Electronic mandate","Value of Direct debits sent - from: Germany to: World, Electronic mandate","EUR",6]
["PDD.H.DE.W1.1._T.DDS_ALL._T._Z.N.EUR","H","DE","W1",1,"_T","DDS_ALL","_T","_Z","N","EUR","2022-S1",654272.57978363,"A",false,null,null,"P6M",{"$nulls":4},"S",null,null,3,null,"Value of Direct debits received - from: Germany to: Rest of the World, All","Value of Direct debits received - from: Germany to: Rest of the World, All","EUR",6]
["PDD.H.DE.W1.2._T.DDS_ALL.2._Z.N.EUR","H","DE","W1",2,"_T","DDS_ALL","2","_Z","N","EUR","2022-S2",505574.6709302399,"A",false,null,null,"P6M",{"$nulls":4},"S",null,null,3,null,"Value of Direct debits sent - from: Germany to: Rest of the World, Other than electronic mandate","Value of Direct debits sent - from: Germany to: Rest of the World, Other than electronic mandate","EUR",6]
["PDD.H.DE.W2.2._T.DDS_ALL.1._Z.N.EUR","H","DE","W2",2,"_T","DDS_ALL","1","_Z","N","EUR","2023-S1",null,"Q",false,null,null,"P6M",{"$nulls":4},"S",null,null,3,null,"Value of Direct debits sent - from: Germany to: Domestic (home or reference area), Electronic mandate","Value of Direct debits sent - from: Germany to: Domestic (home or reference area), Electronic mandate","EUR",6]
["PDD.H.EE.G1.2.2200.DDS_ALL._T._Z.N.PN","H","EE","G1",2,"2200","DDS_ALL","_T","_Z","N","PN","2022-S1",null,"M",false,null,null,"P6M",{"$nulls":4},"S",null,null,3,null,"Number of Direct debits initiated on a single payment basis, sent - from: Estonia to: Extra EEA, All","Number of Direct debits initiated on a single payment basis, sent - from: Estonia to: Extra EEA, All","PN",6]
["PDD.H.EE.G3.2.2100.DDS_ALL._T._Z.N.PN","H","EE","G3",2,"2100","DDS_ALL","_T","_Z","N","PN","2022-S2",null,"M",false,null,null,"P6M",{"$nulls":4},"S",null,null,3,null,"Number of Direct debits initiated in a file/batch, sent - from: Estonia to: Other EEA countries, All","Number of Direct debits initiated in a file/batch, sent - from: Estonia to: Other EEA countries, All","PN",6]
["PDD.H.EE.W0.2._T.DDS_ALL._T._Z.N.EUR","H","EE","W0",2,"_T","DDS_ALL","_T","_Z","N","EUR","2022-S1",null,"M",false,null,null,"P6M",{"$nulls":4},"S",null,null,3,null,"Value of Direct debits sent - from: Estonia to: World, All","Value of Direct debits sent - from: Estonia to: World, All","EUR",6]
["PDD.H.EE.W1.2._T.DDS_ALL.1._Z.N.PN","H","EE","W1",2,"_T","DDS_ALL","1","_Z","N","PN","2022-S2",null,"M",false,null,null,"P6M",{"$nulls":4},"S",null,null,3,null,"Number of Direct debits sent - from: Estonia to: Rest of the World, Electronic mandate","Number of Direct debits sent - from: Estonia to: Rest of the World, Electronic mandate","PN",6]
["PDD.H.ES.G1.2._T.DDS_ALL.1._Z.N.PN","H","ES","G1",2,"_T","DDS_ALL","1","_Z","N","PN","2022-S1",0.003584,"A",false,null,null,"P6M",{"$nulls":4},"S",null,null,3,null,"Number of Direct debits sent - from: Spain to: Extra EEA, Electronic mandate","Number of Direct debits sent - from: Spain to: Extra EEA, Electronic mandate","PN",6]
["PDD.H.ES.G3.2.2100.DDS_ALL._T._Z.N.EUR","H","ES","G3",2,"2100","DDS_ALL","_T","_Z","N","EUR","2022-S1",2341.827733,"A",false,null,null,"P6M",{"$nulls":4},"S",null,null,3,null,"Value of Direct debits initiated in a file/batch, sent - from: Spain to: Other EEA countries, All","Value of Direct debits initiated in a file/batch, sent - from: Spain to: Other EEA countries, All","EUR",6]
["PDD.H.ES.W0.2.2100.DDS_ALL._T._Z.N.PN","H","ES","W0",2,"2100","DDS_ALL","_T","_Z","N","PN","2023-S1",1011.418095,"P",false,null,null,"P6M",{"$nulls":4},"S",null,null,3,null,"Number of Direct debits initiated in a file/batch, sent - from: Spain to: World, All","Number of Direct debits initiated in a file/batch, sent - from: Spain to: World, All","PN",6]
["PDD.H.ES.W0.2._T.DDS_ALL._T._Z.G1.PN","H","ES","W0",2,"_T","DDS_ALL","_T","_Z","G1","PN","2022-S1",null,"M",false,null,null,"P6M",{"$nulls":4},"S",null,null,3,null,"Number of Direct debits sent - from: Spain to: World, All","Number of Direct debits sent - from: Spain to: World, All","PN",0]
["PDD.H.ES.W1.2.2100.DDS_ALL._T._Z.N.EUR","H","ES","W1",2,"2100","DDS_ALL","_T","_Z","N","EUR","2023-S1",2707.4551851,"P",false,null,null,"P6M",{"$nulls":4},"S",null,null,3,null,"Value of Direct debits initiated in a file/batch, sent - from: Spain to: Rest of the World, All","Value of Direct debits initiated in a file/batch, sent - from: Spain to: Rest of the World, All","EUR",6]
["PDD.H.ES.W1.2._T.DDS_ALL.2._Z.N.PN","H","ES","W1",2,"_T","DDS_ALL","2","_Z","N","PN","2023-S1",7.125366,"P",false,null,null,"P6M",{"$nulls":4},"S",null,null,3,null,"Number of Direct debits sent - from: Spain to: Rest of the World, Other than electronic mandate","Number of Direct debits sent - from: Spain to: Rest of the World, Other than electronic mandate","PN",6]
["PDD.H.FI.G1.2._T.DDS_ALL._T._Z.N.EUR","H","FI","G1",2,"_T","DDS_ALL","_T","_Z","N","EUR","2022-S2",null,"Q",false,null,null,"P6M",{"$nulls":4},"S",null,null,3,null,"Value of Direct debits sent - from: Finland to: Extra EEA, All","Value of Direct debits sent - from: Finland to: Extra EEA, All","EUR",6]
["PDD.H.FI.G3.2.2100.DDS_ALL._T._Z.N.EUR","H","FI","G3",2,"2100","DDS_ALL","_T","_Z","N","EUR","2022-S1",null,"Q",false,null,null,"P6M",{"$nulls":4},"S",null,null,3,null,"Value of Direct debits initiated in a file/batch, sent - from: Finland to: Other EEA countries, All","Value of Direct debits initiated in a file/batch, sent - from: Finland to: Other EEA countries, All","EUR",6]
["PDD.H.FI.W0.2.2200.DDS_ALL._T._Z.N.PN","H","FI","W0",2,"2200","DDS_ALL","_T","_Z","N","PN","2023-S1",null,"Q",false,null,null,"P6M",{"$nulls":4},"S",null,null,3,null,"Number of Direct debits initiated on a single payment basis, sent - from: Finland to: World, All","Number of Direct debits initiated on a single payment basis, sent - from: Finland to: World, All","PN",6]
["PDD.H.FI.W0.2._T.DDS_ALL._T._Z.N.PN_R_POP6","H","FI","W0",2,"_T","DDS_ALL","_T","_Z","N","PN_R_POP6","2022-S2",null,"Q",false,null,null,"P6M",{"$nulls":4},"S",null,null,3,null,"Pure number per million inhabitants of Direct debits sent - from: Finland to: World, All","Pure number per million inhabitants of Direct debits sent - from: Finland to: World, All","PN_R_POP6",0]
["PDD.H.FI.W1.2.2100.DDS_ALL._T._Z.N.EUR","H","FI","W1",2,"2100","DDS_ALL","_T","_Z","N","EUR","2022-S1",null,"Q",false,null,null,"P6M",{"$nulls":4},"S",null,null,3,null,"Value of Direct debits initiated in a file/batch, sent - from: Finland to: Rest of the World, All","Value of Direct debits initiated in a file/batch, sent - from: Finland to: Rest of the World, All","EUR",6]
["PDD.H.FI.W2.2._T.DDS_ALL.2._Z.N.PN","H","FI","W2",2,"_T","DDS_ALL","2","_Z","N","PN","2023-S1",null,"Q",false,null,null,"P6M",{"$nulls":4},"S",null,null,3,null,"Number of Direct debits sent - from: Finland to: Domestic (home or reference area), Other than electronic mandate","Number of Direct debits sent - from: Finland to: Domestic (home or reference area), Other than electronic mandate","PN",6]
["PDD.H.FR.G1.2._T.DDS_ALL.1._Z.N.EUR","H","FR","G1",2,"_T","DDS_ALL","1","_Z","N","EUR","2022-S1",603.94308326,"A",false,null,null,"P6M",{"$nulls":4},"S",null,null,3,null,"Value of Direct debits sent - from: France to: Extra EEA, Electronic mandate","Value of Direct debits sent - from: France to: Extra EEA, Electronic mandate","EUR",6]
["PDD.H.FR.G3.2._T.DDS_ALL._T._Z.N.PN","H","FR","G3",2,"_T","DDS_ALL","_T","_Z","N","PN","2023-S1",36.638132,"P",false,null,null,"P6M",{"$nulls":4},"S",null,null,3,null,"Number of Direct debits sent - from: France to: Other EEA countries, All","Number of Direct debits sent - from: France to: Other EEA countries, All","PN",6]
["PDD.H.FR.W0.2.2100.DDS_ALL._T._Z.N.PN","H","FR","W0",2,"2100","DDS_ALL","_T","_Z","N","PN","2023-S1",2095.152834,"P",false,null,null,"P6M",{"$nulls":4},"S",null,null,3,null,"Number of Direct debits initiated in a file/batch, sent - from: France to: World, All","Number of Direct debits initiated in a file/batch, sent - from: France to: World, All","PN",6]
["PDD.H.FR.W0.2._T.DDS_ALL._T._Z.G1.EUR","H","FR","W0",2,"_T","DDS_ALL","_T","_Z","G1","EUR","2022-S1",null,"M",false,null,null,"P6M",{"$nulls":4},"S",null,null,3,null,"Value of Direct debits sent - from: France to: World, All","Value of Direct debits sent - from: France to: World, All","EUR",0]
["PDD.H.FR.W1.2._T.DDS_ALL.2._Z.N.EUR","H","FR","W1",2,"_T","DDS_ALL","2","_Z","N","EUR","2022-S1",13904.25450052,"A",false,null,null,"P6M",{"$nulls":4},"S",null,null,3,null,"Value of Direct debits sent - from: France to: Rest of the World, Other than electronic mandate","Value of Direct debits sent - from: France to: Rest of the World, Other than electronic mandate","EUR",6]
["PDD.H.FR.W2.2._T.DDS_ALL.2._Z.N.EUR","H","FR","W2",2,"_T","DDS_ALL","2","_Z","N","EUR","2022-S2",486029.8866833,"A",false,null,null,"P6M",{"$nulls":4},"S",null,null,3,null,"Value of Direct debits sent - from: France to: Domestic (home or reference area), Other than electronic mandate","Value of Direct debits sent - from: France to: Domestic (home or reference area), Other than electronic mandate","EUR",6]
["PDD.H.GR.G1.2.2100.DDS_ALL._T._Z.N.PN","H","GR","G1",2,"2100","DDS_ALL","_T","_Z","N","PN","2022-S2",null,"Q",false,null,null,"P6M",{"$nulls":4},"S",null,null,3,null,"Number of Direct debits initiated in a file/batch, sent - from: Greece to: Extra EEA, All","Number of Direct debits initiated in a file/batch, sent - from: Greece to: Extra EEA, All","PN",6]
["PDD.H.GR.G3.2._T.DDS_ALL._T._Z.N.EUR","H","GR","G3",2,"_T","DDS_ALL","_T","_Z","N","EUR","2022-S2",8.395859510000001,"A",false,null,null,"P6M",{"$nulls":4},"S",null,null,3,null,"Value of Direct debits sent - from: Greece to: Other EEA countries, All","Value of Direct debits sent - from: Greece to: Other EEA countries, All","EUR",6]
["PDD.H.GR.W0.2._T.DDS_ALL.1._Z.N.EUR_R_B1GQ","H","GR","W0",2,"_T","DDS_ALL","1","_Z","N","EUR_R_B1GQ","2023-S1",0.8490914879138967,"P",false,null,null,"P6M",{"$nulls":4},"S",null,null,3,null,"Euro; ratio to GDP of Direct debits sent - from: Greece to: World, Electronic mandate","Euro; ratio to GDP of Direct debits sent - from: Greece to: World, Electronic mandate","EUR_R_B1GQ",0]
["PDD.H.GR.W0.2._T.DDS_ALL.1._Z.N.PN","H","GR","W0",2,"_T","DDS_ALL","1","_Z","N","PN","2022-S2",1.931563,"A",false,null,null,"P6M",{"$nulls":4},"S",null,null,3,null,"Number of Direct debits sent - from: Greece to: World, Electronic mandate","Number of Direct debits sent - from: Greece to: World, Electronic mandate","PN",6]
["PDD.H.GR.W1.2._T.DDS_ALL._T._Z.N.PN","H","GR","W1",2,"_T","DDS_ALL","_T","_Z","N","PN","2022-S1",0.04363299999999998,"A",false,null,null,"P6M",{"$nulls":4},"S",null,null,3,null,"Number of Direct debits sent - from: Greece to: Rest of the World, All","Number of Direct debits sent - from: Greece to: Rest of the World, All","PN",6]
["PDD.H.GR.W2.2._T.DDS_ALL.2._Z.N.EUR","H","GR","W2",2,"_T","DDS_ALL","2","_Z","N","EUR","2022-S1",2479.34732169,"A",false,null,null,"P6M",{"$nulls":4},"S",null,null,3,null,"Value of Direct debits sent - from: Greece to: Domestic (home or reference area), Other than electronic mandate","Value of Direct debits sent - from: Greece to: Domestic (home or reference area), Other than electronic mandate","EUR",6]
["PDD.H.HR.W2.2.2200.DDS_ALL._T._Z.N.PN","H","HR","W2",2,"2200","DDS_ALL","_T","_Z","N","PN","2023-S1",2.669652,"P",false,null,null,"P6M",{"$nulls":4},"S",null,null,3,null,"Number of Direct debits initiated on a single payment basis, sent - from: Croatia to: Domestic (home or reference area), All","Number of Direct debits initiated on a single payment basis, sent - from: Croatia to: Domestic (home or reference area), All","PN",6]
["PDD.H.HU.G1.2._T.DDS_ALL.1._Z.N.XDF","H","HU","G1",2,"_T","DDS_ALL","1","_Z","N","XDF","2022-S1",485.406338,"A",false,null,null,"P6M",{"$nulls":4},"S",null,null,3,null,"Value of Direct debits sent - from: Hungary to: Extra EEA, Electronic mandate","Value of Direct debits sent - from: Hungary to: Extra EEA, Electronic mandate","XDF",0]
["PDD.H.HU.G3.1._T.DDS_ALL._T._Z.N.XDF","H","HU","G3",1,"_T","DDS_ALL","_T","_Z","N","XDF","2022-S1",null,"M",false,null,null,"P6M",{"$nulls":4},"S",null,null,3,null,"Value of Direct debits received - from: Hungary to: Other EEA countries, All","Value of Direct debits received - from: Hungary to: Other EEA countries, All","XDF",0]
["PDD.H.HU.W0.2.2200.DDS_ALL._T._Z.N.PN","H","HU","W0",2,"2200","DDS_ALL","_T","_Z","N","PN","2023-S1",1.505327,"P",false,null,null,"P6M",{"$nulls":4},"S",null,null,3,null,"Number of Direct debits initiated on a single payment basis, sent - from: Hungary to: World, All","Number of Direct debits initiated on a single payment basis, sent - from: Hungary to: World, All","PN",6]
["PDD.H.HU.W0.2._T.DDS_ALL._T._Z.G1.PN","H","HU","W0",2,"_T","DDS_ALL","_T","_Z","G1","PN","2022-S1",null,"M",false,null,null,"P6M",{"$nulls":4},"S",null,null,3,null,"Number of Direct debits sent - from: Hungary to: World, All","Number of Direct debits sent - from: Hungary to: World, All","PN",0]
["PDD.H.HU.W1.1._T.DDS_ALL._T._Z.N.XDF","H","HU","W1",1,"_T","DDS_ALL","_T","_Z","N","XDF","2022-S2",null,"M",false,null,null,"P6M",{"$nulls":4},"S",null,null,3,null,"Value of Direct debits received - from: Hungary to: Rest of the World, All","Value of Direct debits received - from: Hungary to: Rest of the World, All","XDF",0]
["PDD.H.HU.W2.2._T.DDS_ALL.1._Z.N.PN","H","HU","W2",2,"_T","DDS_ALL","1","_Z","N","PN","2022-S1",33.520975,"A",false,null,null,"P6M",{"$nulls":4},"S",null,null,3,null,"Number of Direct debits sent - from: Hungary to: Domestic (home or reference area), Electronic mandate","Number of Direct debits sent - from: Hungary to: Domestic (home or reference area), Electronic mandate","PN",6]
["PDD.H.IE.G1.2.2200.DDS_ALL._T._Z.N.EUR","H","IE","G1",2,"2200","DDS_ALL","_T","_Z","N","EUR","2022-S2",null,"Q",false,null,null,"P6M",{"$nulls":4},"S",null,null,3,null,"Value of Direct debits initiated on a single payment basis, sent - from: Ireland to: Extra EEA, All","Value of Direct debits initiated on a single payment basis, sent - from: Ireland to: Extra EEA, All","EUR",6]
["PDD.H.IE.G3.2._T.DDS_ALL._T._Z.N.PN","H","IE","G3",2,"_T","DDS_ALL","_T","_Z","N","PN","2022-S2",18.458164,"A",false,null,null,"P6M",{"$nulls":4},"S",null,null,3,null,"Number of Direct debits sent - from: Ireland to: Other EEA countries, All","Number of Direct debits sent - from: Ireland to: Other EEA countries, All","PN",6]
["PDD.H.IE.W0.1._T.DDS_ALL._T._Z.G1.PN","H","IE","W0",1,"_T","DDS_ALL","_T","_Z","G1","PN","2022-S2",3.349750872284295,"P",false,null,null,"P6M",{"$nulls":4},"S",null,null,3,null,"Number of Direct debits received - from: Ireland to: World, All","Number of Direct debits received - from: Ireland to: World, All","PN",0]
["PDD.H.IE.W0.2._T.DDS_ALL.2._Z.N.EUR","H","IE","W0",2,"_T","DDS_ALL","2","_Z","N","EUR","2022-S2",17303.05392274,"A",false,null,null,"P6M",{"$nulls":4},"S",null,null,3,null,"Value of Direct debits sent - from: Ireland to: World, Other than electronic mandate","Value of Direct debits sent - from: Ireland to: World, Other than electronic mandate","EUR",6]
["PDD.H.IE.W1.2._T.DDS_ALL._T._Z.N.EUR","H","IE","W1",2,"_T","DDS_ALL","_T","_Z","N","EUR","2023-S1",5722.39488916,"P",false,null,null,"P6M",{"$nulls":4},"S",null,null,3,null,"Value of Direct debits sent - from: Ireland to: Rest of the World, All","Value of Direct debits sent - from: Ireland to: Rest of the World, All","EUR",6]
["PDD.H.IE.W2.2._T.DDS_ALL.1._Z.N.PN","H","IE","W2",2,"_T","DDS_ALL","1","_Z","N","PN","2022-S1",null,"Q",false,null,null,"P6M",{"$nulls":4},"S",null,null,3,null,"Number of Direct debits sent - from: Ireland to: Domestic (home or reference area), Electronic mandate","Number of Direct debits sent - from: Ireland to: Domestic (home or reference area), Electronic mandate","PN",6]
["PDD.H.IT.G1.2.2100.DDS_ALL._T._Z.N.EUR","H","IT","G1",2,"2100","DDS_ALL","_T","_Z","N","EUR","2022-S2",16.176264,"A",false,null,null,"P6M",{"$nulls":4},"S",null,null,3,null,"Value of Direct debits initiated in a file/batch, sent - from: Italy to: Extra EEA, All","Value of Direct debits initiated in a file/batch, sent - from: Italy to: Extra EEA, All","EUR",6]
["PDD.H.IT.G3.2._T.DDS_ALL._T._Z.N.EUR","H","IT","G3",2,"_T","DDS_ALL","_T","_Z","N","EUR","2022-S1",654.1796059999998,"A",false,null,null,"P6M",{"$nulls":4},"S",null,null,3,null,"Value of Direct debits sent - from: Italy to: Other EEA countries, All","Value of Direct debits sent - from: Italy to: Other EEA countries, All","EUR",6]
["PDD.H.IT.W0.1._T.DDS_ALL._T._Z.N.PN_R_POP6","H","IT","W0",1,"_T","DDS_ALL","_T","_Z","N","PN_R_POP6","2022-S2",10.45398358865675,"P",false,null,null,"P6M",{"$nulls":4},"S",null,null,3,null,"Pure number per million inhabitants of Direct debits received - from: Italy to: World, All","Pure number per million inhabitants of Direct debits received - from: Italy to: World, All","PN_R_POP6",0]
["PDD.H.IT.W0.2._T.DDS_ALL._T._Z.N.PN","H","IT","W0",2,"_T","DDS_ALL","_T","_Z","N","PN","2023-S1",340.831587,"P",false,null,null,"P6M",{"$nulls":4},"S",null,null,3,null,"Number of Direct debits sent - from: Italy to: World, All","Number of Direct debits sent - from: Italy to: World, All","PN",6]
["PDD.H.IT.W1.2._T.DDS_ALL.2._Z.N.PN","H","IT","W1",2,"_T","DDS_ALL","2","_Z","N","PN","2022-S2",0.206664,"A",false,null,null,"P6M",{"$nulls":4},"S",null,null,3,null,"Number of Direct debits sent - from: Italy to: Rest of the World, Other than electronic mandate","Number of Direct debits sent - from: Italy to: Rest of the World, Other than electronic mandate","PN",6]
["PDD.H.IT.W2.2.2200.DDS_ALL._T._Z.N.EUR","H","IT","W2",2,"2200","DDS_ALL","_T","_Z","N","EUR","2022-S2",29807.935707,"A",false,null,null,"P6M",{"$nulls":4},"S",null,null,3,null,"Value of Direct debits initiated on a single payment basis, sent - from: Italy to: Domestic (home or reference area), All","Value of Direct debits initiated on a single payment basis, sent - from: Italy to: Domestic (home or reference area), All","EUR",6]
["PDD.H.LT.G3.2.2200.DDS_ALL._T._Z.N.EUR","H","LT","G3",2,"2200","DDS_ALL","_T","_Z","N","EUR","2022-S1",113.568395,"A",false,null,null,"P6M",{"$nulls":4},"S",null,null,3,null,"Value of Direct debits initiated on a single payment basis, sent - from: Lithuania to: Other EEA countries, All","Value of Direct debits initiated on a single payment basis, sent - from: Lithuania to: Other EEA countries, All","EUR",6]
["PDD.H.LT.W0.2.2100.DDS_ALL._T._Z.N.EUR","H","LT","W0",2,"2100","DDS_ALL","_T","_Z","N","EUR","2022-S1",null,"M",false,null,null,"P6M",{"$nulls":4},"S",null,null,3,null,"Value of Direct debits initiated in a file/batch, sent - from: Lithuania to: World, All","Value of Direct debits initiated in a file/batch, sent - from: Lithuania to: World, All","EUR",6]
["PDD.H.LT.W0.2.2100.DDS_ALL._T._Z.N.EUR","H","LT","W0",2,"2100","DDS_ALL","_T","_Z","N","EUR","2022-S2",1.484472,"A",false,null,null,"P6M",{"$nulls":4},"S",null,null,3,null,"Value of Direct debits initiated in a file/batch, sent - from: Lithuania to: World, All","Value of Direct debits initiated in a file/batch, sent - from: Lithuania to: World, All","EUR",6]
["PDD.H.LT.W1.2.2200.DDS_ALL._T._Z.N.PN","H","LT","W1",2,"2200","DDS_ALL","_T","_Z","N","PN","2022-S2",1.456748,"A",false,null,null,"P6M",{"$nulls":4},"S",null,null,3,null,"Number of Direct debits initiated on a single payment basis, sent - from: Lithuania to: Rest of the World, All","Number of Direct debits initiated on a single payment basis, sent - from: Lithuania to: Rest of the World, All","PN",6]
["PDD.H.LT.W2.2.2200.DDS_ALL._T._Z.N.EUR","H","LT","W2",2,"2200","DDS_ALL","_T","_Z","N","EUR","2022-S2",null,"Q",false,null,null,"P6M",{"$nulls":4},"S",null,null,3,null,"Value of Direct debits initiated on a single payment basis, sent - from: Lithuania to: Domestic (home or reference area), All","Value of Direct debits initiated on a single payment basis, sent - from: Lithuania to: Domestic (home or reference area), All","EUR",6]
["PDD.H.LU.G1.2._T.DDS_ALL.2._Z.N.EUR","H","LU","G1",2,"_T","DDS_ALL","2","_Z","N","EUR","2022-S2",7.461533999999999,"A",false,null,null,"P6M",{"$nulls":4},"S",null,null,3,null,"Value of Direct debits sent - from: Luxembourg to: Extra EEA, Other than electronic mandate","Value of Direct debits sent - from: Luxembourg to: Extra EEA, Other than electronic mandate","EUR",6]
["PDD.H.LU.G3.2.2200.DDS_ALL._T._Z.N.EUR","H","LU","G3",2,"2200","DDS_ALL","_T","_Z","N","EUR","2023-S1",1.212539,"P",false,null,null,"P6M",{"$nulls":4},"S",null,null,3,null,"Value of Direct debits initiated on a single payment basis, sent - from: Luxembourg to: Other EEA countries, All","Value of Direct debits initiated on a single payment basis, sent - from: Luxembourg to: Other EEA countries, All","EUR",6]
["PDD.H.LU.G3.2._T.DDS_ALL._T._Z.N.PN","H","LU","G3",2,"_T","DDS_ALL","_T","_Z","N","PN","2023-S1",10.340396,"P",false,null,null,"P6M",{"$nulls":4},"S",null,null,3,null,"Number of Direct debits sent - from: Luxembourg to: Other EEA countries, All","Number of Direct debits sent - from: Luxembourg to: Other EEA countries, All","PN",6]
["PDD.H.LU.W0.2._T.DDS_ALL._T._Z.N.PN","H","LU","W0",2,"_T","DDS_ALL","_T","_Z","N","PN","2022-S2",15.53655,"A",false,null,null,"P6M",{"$nulls":4},"S",null,null,3,null,"Number of Direct debits sent - from: Luxembourg to: World, All","Number of Direct debits sent - from: Luxembourg to: World, All","PN",6]
["PDD.H.LU.W1.2.2200.DDS_ALL._T._Z.N.EUR","H","LU","W1",2,"2200","DDS_ALL","_T","_Z","N","EUR","2022-S1",7.715963,"A",false,null,null,"P6M",{"$nulls":4},"S",null,null,3,null,"Value of Direct debits initiated on a single payment basis, sent - from: Luxembourg to: Rest of the World, All","Value of Direct debits initiated on a single payment basis, sent - from: Luxembourg to: Rest of the World, All","EUR",6]
["PDD.H.LU.W1.2._T.DDS_ALL._T._Z.N.PN","H","LU","W1",2,"_T","DDS_ALL","_T","_Z","N","PN","2022-S1",1.530158,"A",false,null,null,"P6M",{"$nulls":4},"S",null,null,3,null,"Number of Direct debits sent - from: Luxembourg to: Rest of the World, All","Number of Direct debits sent - from: Luxembourg to: Rest of the World, All","PN",6]
["PDD.H.LV.G1.2.2200.DDS_ALL._T._Z.N.PN","H","LV","G1",2,"2200","DDS_ALL","_T","_Z","N","PN","2022-S1",0,"A",false,null,null,"P6M",{"$nulls":4},"S",null,null,3,null,"Number of Direct debits initiated on a single payment basis, sent - from: Latvia to: Extra EEA, All","Number of Direct debits initiated on a single payment basis, sent - from: Latvia to: Extra EEA, All","PN",6]
["PDD.H.LV.G3.2.2100.DDS_ALL._T._Z.N.EUR","H","LV","G3",2,"2100","DDS_ALL","_T","_Z","N","EUR","2022-S1",0,"A",false,null,null,"P6M",{"$nulls":4},"S",null,null,3,null,"Value of Direct debits initiated in a file/batch, sent - from: Latvia to: Other EEA countries, All","Value of Direct debits initiated in a file/batch, sent - from: Latvia to: Other EEA countries, All","EUR",6]
["PDD.H.LV.W0.2._T.DDS_ALL.1._Z.N.EUR","H","LV","W0",2,"_T","DDS_ALL","1","_Z","N","EUR","2022-S2",0,"A",false,null,null,"P6M",{"$nulls":4},"S",null,null,3,null,"Value of Direct debits sent - from: Latvia to: World, Electronic mandate","Value of Direct debits sent - from: Latvia to: World, Electronic mandate","EUR",6]
["PDD.H.LV.W0.2._T.DDS_ALL._T._Z.N.EUR","H","LV","W0",2,"_T","DDS_ALL","_T","_Z","N","EUR","2022-S2",0,"A",false,null,null,"P6M",{"$nulls":4},"S",null,null,3,null,"Value of Direct debits sent - from: Latvia to: World, All","Value of Direct debits sent - from: Latvia to: World, All","EUR",6]
["PDD.H.LV.W1.2._T.DDS_ALL.1._Z.N.PN","H","LV","W1",2,"_T","DDS_ALL","1","_Z","N","PN","2022-S2",0,"A",false,null,null,"P6M",{"$nulls":4},"S",null,null,3,null,"Number of Direct debits sent - from: Latvia to: Rest of the World, Electronic mandate","Number of Direct debits sent - from: Latvia to: Rest of the World, Electronic mandate","PN",6]
["PDD.H.LV.W2.2._T.DDS_ALL._T._Z.N.EUR","H","LV","W2",2,"_T","DDS_ALL","_T","_Z","N","EUR","2023-S1",0,"P",false,null,null,"P6M",{"$nulls":4},"S",null,null,3,null,"Value of Direct debits sent - from: Latvia to: Domestic (home or reference area), All","Value of Direct debits sent - from: Latvia to: Domestic (home or reference area), All","EUR",6]
["PDD.H.MT.G1.2.2200.DDS_ALL._T._Z.N.PN","H","MT","G1",2,"2200","DDS_ALL","_T","_Z","N","PN","2023-S1",0,"P",false,null,null,"P6M",{"$nulls":4},"S",null,null,3,null,"Number of Direct debits initiated on a single payment basis, sent - from: Malta to: Extra EEA, All","Number of Direct debits initiated on a single payment basis, sent - from: Malta to: Extra EEA, All","PN",6]
["PDD.H.MT.G3.2.2100.DDS_ALL._T._Z.N.EUR","H","MT","G3",2,"2100","DDS_ALL","_T","_Z","N","EUR","2022-S2",16.77073169,"A",false,null,null,"P6M",{"$nulls":4},"S",null,null,3,null,"Value of Direct debits initiated in a file/batch, sent - from: Malta to: Other EEA countries, All","Value of Direct debits initiated in a file/batch, sent - from: Malta to: Other EEA countries, All","EUR",6]
["PDD.H.MT.W0.2.2200.DDS_ALL._T._Z.N.EUR","H","MT","W0",2,"2200","DDS_ALL","_T","_Z","N","EUR","2023-S1",0,"P",false,null,null,"P6M",{"$nulls":4},"S",null,null,3,null,"Value of Direct debits initiated on a single payment basis, sent - from: Malta to: World, All","Value of Direct debits initiated on a single payment basis, sent - from: Malta to: World, All","EUR",6]
["PDD.H.MT.W0.2._T.DDS_ALL.2._Z.N.PN","H","MT","W0",2,"_T","DDS_ALL","2","_Z","N","PN","2023-S1",0.7068450000000001,"P",false,null,null,"P6M",{"$nulls":4},"S",null,null,3,null,"Number of Direct debits sent - from: Malta to: World, Other than electronic mandate","Number of Direct debits sent - from: Malta to: World, Other than electronic mandate","PN",6]
["PDD.H.MT.W1.2.2100.DDS_ALL._T._Z.N.EUR","H","MT","W1",2,"2100","DDS_ALL","_T","_Z","N","EUR","2022-S2",16.97604863,"A",false,null,null,"P6M",{"$nulls":4},"S",null,null,3,null,"Value of Direct debits initiated in a file/batch, sent - from: Malta to: Rest of the World, All","Value of Direct debits initiated in a file/batch, sent - from: Malta to: Rest of the World, All","EUR",6]
["PDD.H.MT.W2.2._T.DDS_ALL.2._Z.N.EUR","H","MT","W2",2,"_T","DDS_ALL","2","_Z","N","EUR","2022-S1",null,"Q",false,null,null,"P6M",{"$nulls":4},"S",null,null,3,null,"Value of Direct debits sent - from: Malta to: Domestic (home or reference area), Other than electronic mandate","Value of Direct debits sent - from: Malta to: Domestic (home or reference area), Other than electronic mandate","EUR",6]
["PDD.H.NL.G1.2.2100.DDS_ALL._T._Z.N.PN","H","NL","G1",2,"2100","DDS_ALL","_T","_Z","N","PN","2022-S1",0.045103,"A",false,null,null,"P6M",{"$nulls":4},"S",null,null,3,null,"Number of Direct debits initiated in a file/batch, sent - from: Netherlands to: Extra EEA, All","Number of Direct debits initiated in a file/batch, sent - from: Netherlands to: Extra EEA, All","PN",6]
["PDD.H.NL.G3.2._T.DDS_ALL._T._Z.N.PN","H","NL","G3",2,"_T","DDS_ALL","_T","_Z","N","PN","2022-S2",152.597539,"A",false,null,null,"P6M",{"$nulls":4},"S",null,null,3,null,"Number of Direct debits sent - from: Netherlands to: Other EEA countries, All","Number of Direct debits sent - from: Netherlands to: Other EEA countries, All","PN",6]
["PDD.H.NL.W0.1._T.DDS_ALL._T._Z.N.EUR_R_POP6","H","NL","W0",1,"_T","DDS_ALL","_T","_Z","N","EUR_R_POP6","2022-S1",9.145112107493777,"P",false,null,null,"P6M",{"$nulls":4},"S",null,null,3,null,"Euro per million inhabitants of Direct debits received - from: Netherlands to: World, All","Euro per million inhabitants of Direct debits received - from: Netherlands to: World, All","EUR_R_POP6",0]
["PDD.H.NL.W0.2._T.DDS_ALL.1._Z.N.PN","H","NL","W0",2,"_T","DDS_ALL","1","_Z","N","PN","2022-S1",187.169913,"A",false,null,null,"P6M",{"$nulls":4},"S",null,null,3,null,"Number of Direct debits sent - from: Netherlands to: World, Electronic mandate","Number of Direct debits sent - from: Netherlands to: World, Electronic mandate","PN",6]
["PDD.H.NL.W1.2._T.DDS_ALL._T._Z.N.EUR","H","NL","W1",2,"_T","DDS_ALL","_T","_Z","N","EUR","2023-S1",26056.97229259001,"A",false,null,null,"P6M",{"$nulls":4},"S",null,null,3,null,"Value of Direct debits sent - from: Netherlands to: Rest of the World, All","Value of Direct debits sent - from: Netherlands to: Rest of the World, All","EUR",6]
["PDD.H.NL.W2.2._T.DDS_ALL._T._Z.N.EUR","H","NL","W2",2,"_T","DDS_ALL","_T","_Z","N","EUR","2022-S2",167011.4202805,"A",false,null,null,"P6M",{"$nulls":4},"S",null,null,3,null,"Value of Direct debits sent - from: Netherlands to: Domestic (home or reference area), All","Value of Direct debits sent - from: Netherlands to: Domestic (home or reference area), All","EUR",6]
["PDD.H.PL.G3.2._T.DDS_ALL.2._Z.N.PN","H","PL","G3",2,"_T","DDS_ALL","2","_Z","N","PN","2022-S2",null,"M",false,null,null,"P6M",{"$nulls":4},"S",null,null,3,null,"Number of Direct debits sent - from: Poland to: Other EEA countries, Other than electronic mandate","Number of Direct debits sent - from: Poland to: Other EEA countries, Other than electronic mandate","PN",6]
["PDD.H.PL.W0.1._T.DDS_ALL._T._Z.N.XDF","H","PL","W0",1,"_T","DDS_ALL","_T","_Z","N","XDF","2022-S1",null,"M",false,null,null,"P6M",{"$nulls":4},"S",null,null,3,null,"Value of Direct debits received - from: Poland to: World, All","Value of Direct debits received - from: Poland to: World, All","XDF",0]
["PDD.H.PL.W0.2._T.DDS_ALL.2._Z.N.XDF","H","PL","W0",2,"_T","DDS_ALL","2","_Z","N","XDF","2022-S2",null,"M",false,null,null,"P6M",{"$nulls":4},"S",null,null,3,null,"Value of Direct debits sent - from: Poland to: World, Other than electronic mandate","Value of Direct debits sent - from: Poland to: World, Other than electronic mandate","XDF",0]
["PDD.H.PL.W1.2._T.DDS_ALL.1._Z.N.XDF","H","PL","W1",2,"_T","DDS_ALL","1","_Z","N","XDF","2022-S2",null,"M",false,null,null,"P6M",{"$nulls":4},"S",null,null,3,null,"Value of Direct debits sent - from: Poland to: Rest of the World, Electronic mandate","Value of Direct debits sent - from: Poland to: Rest of the World, Electronic mandate","XDF",0]
["PDD.H.PT.G1.2.2200.DDS_ALL._T._Z.N.PN","H","PT","G1",2,"2200","DDS_ALL","_T","_Z","N","PN","2022-S2",0,"A",false,null,null,"P6M",{"$nulls":4},"S",null,null,3,null,"Number of Direct debits initiated on a single payment basis, sent - from: Portugal to: Extra EEA, All","Number of Direct debits initiated on a single payment basis, sent - from: Portugal to: Extra EEA, All","PN",6]
["PDD.H.PT.G3.1._T.DDS_ALL._T._Z.N.PN","H","PT","G3",1,"_T","DDS_ALL","_T","_Z","N","PN","2023-S1",5.975851,"P",false,null,null,"P6M",{"$nulls":4},"S",null,null,3,null,"Number of Direct debits received - from: Portugal to: Other EEA countries, All","Number of Direct debits received - from: Portugal to: Other EEA countries, All","PN",6]
["PDD.H.PT.W0.2.2100.DDS_ALL._T._Z.N.PN","H","PT","W0",2,"2100","DDS_ALL","_T","_Z","N","PN","2023-S1",121.933608,"P",false,null,null,"P6M",{"$nulls":4},"S",null,null,3,null,"Number of Direct debits initiated in a file/batch, sent - from: Portugal to: World, All","Number of Direct debits initiated in a file/batch, sent - from: Portugal to: World, All","PN",6]
["PDD.H.PT.W0.2._T.DDS_ALL.2._Z.N.PN","H","PT","W0",2,"_T","DDS_ALL","2","_Z","N","PN","2023-S1",121.933753,"P",false,null,null,"P6M",{"$nulls":4},"S",null,null,3,null,"Number of Direct debits sent - from: Portugal to: World, Other than electronic mandate","Number of Direct debits sent - from: Portugal to: World, Other than electronic mandate","PN",6]
["PDD.H.PT.W2.1._T.DDS_ALL._T._Z.N.PN","H","PT","W2",1,"_T","DDS_ALL","_T","_Z","N","PN","2022-S2",138.981688,"A",false,null,null,"P6M",{"$nulls":4},"S",null,null,3,null,"Number of Direct debits received - from: Portugal to: Domestic (home or reference area), All","Number of Direct debits received - from: Portugal to: Domestic (home or reference area), All","PN",6]
["PDD.H.PT.W2.2._T.DDS_ALL.2._Z.N.EUR","H","PT","W2",2,"_T","DDS_ALL","2","_Z","N","EUR","2022-S2",19982.25876723,"A",false,null,null,"P6M",{"$nulls":4},"S",null,null,3,null,"Value of Direct debits sent - from: Portugal to: Domestic (home or reference area), Other than electronic mandate","Value of Direct debits sent - from: Portugal to: Domestic (home or reference area), Other than electronic mandate","EUR",6]
["PDD.H.RO.G1.2._T.DDS_ALL.2._Z.N.XDF","H","RO","G1",2,"_T","DDS_ALL","2","_Z","N","XDF","2022-S2",0,"A",false,null,null,"P6M",{"$nulls":4},"S",null,null,3,null,"Value of Direct debits sent - from: Romania to: Extra EEA, Other than electronic mandate","Value of Direct debits sent - from: Romania to: Extra EEA, Other than electronic mandate","XDF",0]
["PDD.H.RO.G3.2._T.DDS_ALL._T._Z.N.XDF","H","RO","G3",2,"_T","DDS_ALL","_T","_Z","N","XDF","2022-S2",0,"A",false,null,null,"P6M",{"$nulls":4},"S",null,null,3,null,"Value of Direct debits sent - from: Romania to: Other EEA countries, All","Value of Direct debits sent - from: Romania to: Other EEA countries, All","XDF",6]
["PDD.H.RO.W0.2.2100.DDS_ALL._T._Z.N.PN","H","RO","W0",2,"2100","DDS_ALL","_T","_Z","N","PN","2022-S2",5.25859,"A",false,null,null,"P6M",{"$nulls":4},"S",null,null,3,null,"Number of Direct debits initiated in a file/batch, sent - from: Romania to: World, All","Number of Direct debits initiated in a file/batch, sent - from: Romania to: World, All","PN",6]
["PDD.H.RO.W0.2._T.DDS_ALL._T._Z.N.PN","H","RO","W0",2,"_T","DDS_ALL","_T","_Z","N","PN","2023-S1",7.687721,"P",false,null,null,"P6M",{"$nulls":4},"S",null,null,3,null,"Number of Direct debits sent - from: Romania to: World, All","Number of Direct debits sent - from: Romania to: World, All","PN",6]
["PDD.H.RO.W1.2._T.DDS_ALL._T._Z.N.PN","H","RO","W1",2,"_T","DDS_ALL","_T","_Z","N","PN","2023-S1",0,"P",false,null,null,"P6M",{"$nulls":4},"S",null,null,3,null,"Number of Direct debits sent - from: Romania to: Rest of the World, All","Number of Direct debits sent - from: Romania to: Rest of the World, All","PN",6]
["PDD.H.RO.W2.2.2200.DDS_ALL._T._Z.N.XDF","H","RO","W2",2,"2200","DDS_ALL","_T","_Z","N","XDF","2023-S1",3181.684922,"P",false,null,null,"P6M",{"$nulls":4},"S",null,null,3,null,"Value of Direct debits initiated on a single payment basis, sent - from: Romania to: Domestic (home or reference area), All","Value of Direct debits initiated on a single payment basis, sent - from: Romania to: Domestic (home or reference area), All","XDF",0]
["PDD.H.SI.G1.2._T.DDS_ALL.1._Z.N.PN","H","SI","G1",2,"_T","DDS_ALL","1","_Z","N","PN","2022-S2",6.5e-05,"A",false,null,null,"P6M",{"$nulls":4},"S",null,null,3,null,"Number of Direct debits sent - from: Slovenia to: Extra EEA, Electronic mandate","Number of Direct debits sent - from: Slovenia to: Extra EEA, Electronic mandate","PN",6]
["PDD.H.SI.G3.2.2100.DDS_ALL._T._Z.N.EUR","H","SI","G3",2,"2100","DDS_ALL","_T","_Z","N","EUR","2023-S1",59.47454599999999,"P",false,null,null,"P6M",{"$nulls":4},"S",null,null,3,null,"Value of Direct debits initiated in a file/batch, sent - from: Slovenia to: Other EEA countries, All","Value of Direct debits initiated in a file/batch, sent - from: Slovenia to: Other EEA countries, All","EUR",6]
["PDD.H.SI.G3.2._T.DDS_ALL.2._Z.N.PN","H","SI","G3",2,"_T","DDS_ALL","2","_Z","N","PN","2022-S1",0.121234,"A",false,null,null,"P6M",{"$nulls":4},"S",null,null,3,null,"Number of Direct debits sent - from: Slovenia to: Other EEA countries, Other than electronic mandate","Number of Direct debits sent - from: Slovenia to: Other EEA countries, Other than electronic mandate","PN",6]
["PDD.H.SI.W0.2._T.DDS_ALL._T._Z.G1.PN","H","SI","W0",2,"_T","DDS_ALL","_T","_Z","G1","PN","2022-S2",-22.29571619799451,"A",false,null,null,"P6M",{"$nulls":4},"S",null,null,3,null,"Number of Direct debits sent - from: Slovenia to: World, All","Number of Direct debits sent - from: Slovenia to: World, All","PN",0]
["PDD.H.SI.W0.2._T.DDS_ALL._T._Z.N.PN_R_POP6","H","SI","W0",2,"_T","DDS_ALL","_T","_Z","N","PN_R_POP6","2022-S2",0.0101323036160767,"P",false,null,null,"P6M",{"$nulls":4},"S",null,null,3,null,"Pure number per million inhabitants of Direct debits sent - from: Slovenia to: World, All","Pure number per million inhabitants of Direct debits sent - from: Slovenia to: World, All","PN_R_POP6",0]
["PDD.H.SI.W1.2._T.DDS_ALL.2._Z.N.PN","H","SI","W1",2,"_T","DDS_ALL","2","_Z","N","PN","2023-S1",0.07979000000000003,"P",false,null,null,"P6M",{"$nulls":4},"S",null,null,3,null,"Number of Direct debits sent - from: Slovenia to: Rest of the World, Other than electronic mandate","Number of Direct debits sent - from: Slovenia to: Rest of the World, Other than electronic mandate","PN",6]
["PDD.H.SK.G1.2.2200.DDS_ALL._T._Z.N.EUR","H","SK","G1",2,"2200","DDS_ALL","_T","_Z","N","EUR","2023-S1",27.818366,"P",false,null,null,"P6M",{"$nulls":4},"S",null,null,3,null,"Value of Direct debits initiated on a single payment basis, sent - from: Slovakia to: Extra EEA, All","Value of Direct debits initiated on a single payment basis, sent - from: Slovakia to: Extra EEA, All","EUR",6]
["PDD.H.SK.G3.2.2200.DDS_ALL._T._Z.N.PN","H","SK","G3",2,"2200","DDS_ALL","_T","_Z","N","PN","2023-S1",0.7445630000000001,"P",false,null,null,"P6M",{"$nulls":4},"S",null,null,3,null,"Number of Direct debits initiated on a single payment basis, sent - from: Slovakia to: Other EEA countries, All","Number of Direct debits initiated on a single payment basis, sent - from: Slovakia to: Other EEA countries, All","PN",6]
["PDD.H.SK.W0.2.2100.DDS_ALL._T._Z.N.PN","H","SK","W0",2,"2100","DDS_ALL","_T","_Z","N","PN","2023-S1",10.74347,"P",false,null,null,"P6M",{"$nulls":4},"S",null,null,3,null,"Number of Direct debits initiated in a file/batch, sent - from: Slovakia to: World, All","Number of Direct debits initiated in a file/batch, sent - from: Slovakia to: World, All","PN",6]
["PDD.H.SK.W0.2._T.DDS_ALL.2._Z.N.EUR","H","SK","W0",2,"_T","DDS_ALL","2","_Z","N","EUR","2023-S1",2182.09508272,"P",false,null,null,"P6M",{"$nulls":4},"S",null,null,3,null,"Value of Direct debits sent - from: Slovakia to: World, Other than electronic mandate","Value of Direct debits sent - from: Slovakia to: World, Other than electronic mandate","EUR",6]
["PDD.H.SK.W1.1._T.DDS_ALL._T._Z.N.EUR","H","SK","W1",1,"_T","DDS_ALL","_T","_Z","N","EUR","2022-S2",320.72226285,"A",false,null,null,"P6M",{"$nulls":4},"S",null,null,3,null,"Value of Direct debits received - from: Slovakia to: Rest of the World, All","Value of Direct debits received - from: Slovakia to: Rest of the World, All","EUR",6]
["PDD.H.SK.W1.2._T.DDS_ALL._T._Z.N.PN","H","SK","W1",2,"_T","DDS_ALL","_T","_Z","N","PN","2022-S1",0.4184720000000001,"A",false,null,null,"P6M",{"$nulls":4},"S",null,null,3,null,"Number of Direct debits sent - from: Slovakia to: Rest of the World, All","Number of Direct debits sent - from: Slovakia to: Rest of the World, All","PN",6]
["PDD.H.U2.W0.1._T.DDS_ALL._T._Z.N.EUR","H","U2","W0",1,"_T","DDS_ALL","_T","_Z","N","EUR","2023-S1",5682560.601338752,"P",false,null,null,"P6M",{"$nulls":4},"S",null,null,3,null,"Value of Direct debits received - from: Euro area changing composition to: World, All","Value of Direct debits received - from: Euro area changing composition to: World, All","EUR",6]
["PDD.H.U2.W0.2._T.DDS_ALL.1._Z.N.EUR","H","U2","W0",2,"_T","DDS_ALL","1","_Z","N","EUR","2022-S2",738677.0935232601,"A",false,null,null,"P6M",{"$nulls":4},"S",null,null,3,null,"Value of Direct debits sent - from: Euro area changing composition to: World, Electronic mandate","Value of Direct debits sent - from: Euro area changing composition to: World, Electronic mandate","EUR",6]
["PDD.Q.AT.G3.2._T.DDS_ALL._T._Z.N.EUR","Q","AT","G3",2,"_T","DDS_ALL","_T","_Z","N","EUR","2023-Q1",1756.54841713,"A",false,null,null,"P3M",{"$nulls":4},"S",null,null,3,null,"Value of Direct debits sent - from: Austria to: Other EEA countries, All","Value of Direct debits sent - from: Austria to: Other EEA countries, All","EUR",6]
["PDD.Q.AT.W0.2._T.DDS_ALL._T._Z.N.EUR","Q","AT","W0",2,"_T","DDS_ALL","_T","_Z","N","EUR","2023-Q2",82049.61386562999,"A",false,null,null,"P3M",{"$nulls":4},"S",null,null,3,null,"Value of Direct debits sent - from: Austria to: World, All","Value of Direct debits sent - from: Austria to: World, All","EUR",6]
["PDD.Q.B0.W0.2._T.DDS_ALL._T._Z.N.PN","Q","B0","W0",2,"_T","DDS_ALL","_T","_Z","N","PN","2022-Q4",5665.708323,"A",false,null,"Due to partial reporting, EU aggregates do not include national data for Sweden and Denmark.","P3M",{"$nulls":4},"S",null,null,3,null,"Number of Direct debits sent - from: EU changing composition to: World, All","Number of Direct debits sent - from: EU changing composition to: World, All","PN",6]
["PDD.Q.BE.G1.2._T.DDS_ALL._T._Z.N.PN","Q","BE","G1",2,"_T","DDS_ALL","_T","_Z","N","PN","2023-Q3",0.086948,"A",false,null,null,"P3M",{"$nulls":4},"S",null,null,3,null,"Number of Direct debits sent - from: Belgium to: Extra EEA, All","Number of Direct debits sent - from: Belgium to: Extra EEA, All","PN",6]
["PDD.Q.BE.G3.2._T.DDS_ALL._T._Z.N.PN","Q","BE","G3",2,"_T","DDS_ALL","_T","_Z","N","PN","2023-Q4",46.001985,"A",false,null,null,"P3M",{"$nulls":4},"S",null,null,3,null,"Number of Direct debits sent - from: Belgium to: Other EEA countries, All","Number of Direct debits sent - from: Belgium to: Other EEA countries, All","PN",6]
["PDD.Q.BG.G1.2._T.DDS_ALL._T._Z.N.XDF","Q","BG","G1",2,"_T","DDS_ALL","_T","_Z","N","XDF","2023-Q2",0,"A",false,null,null,"P3M",{"$nulls":4},"S",null,null,3,null,"Value of Direct debits sent - from: Bulgaria to: Extra EEA, All","Value of Direct debits sent - from: Bulgaria to: Extra EEA, All","XDF",6]
["PDD.Q.BG.W0.2._T.DDS_ALL._T._Z.N.XDF","Q","BG","W0",2,"_T","DDS_ALL","_T","_Z","N","XDF","2023-Q3",2442.26855343,"A",false,null,null,"P3M",{"$nulls":4},"S",null,null,3,null,"Value of Direct debits sent - from: Bulgaria to: World, All","Value of Direct debits sent - from: Bulgaria to: World, All","XDF",6]
["PDD.Q.CY.G3.2._T.DDS_ALL._T._Z.N.EUR","Q","CY","G3",2,"_T","DDS_ALL","_T","_Z","N","EUR","2023-Q1",89.61436085999998,"A",false,null,null,"P3M",{"$nulls":4},"S",null,null,3,null,"Value of Direct debits sent - from: Cyprus to: Other EEA countries, All","Value of Direct debits sent - from: Cyprus to: Other EEA countries, All","EUR",6]
["PDD.Q.CY.W1.2._T.DDS_ALL._T._Z.N.EUR","Q","CY","W1",2,"_T","DDS_ALL","_T","_Z","N","EUR","2023-Q1",109.51325226,"A",false,null,null,"P3M",{"$nulls":4},"S",null,null,3,null,"Value of Direct debits sent - from: Cyprus to: Rest of the World, All","Value of Direct debits sent - from: Cyprus to: Rest of the World, All","EUR",6]
["PDD.Q.CY.W2.2._T.DDS_ALL._T._Z.N.PN","Q","CY","W2",2,"_T","DDS_ALL","_T","_Z","N","PN","2022-Q3",2.64451,"A",false,null,null,"P3M",{"$nulls":4},"S",null,null,3,null,"Number of Direct debits sent - from: Cyprus to: Domestic (home or reference area), All","Number of Direct debits sent - from: Cyprus to: Domestic (home or reference area), All","PN",6]
["PDD.Q.CZ.W0.2._T.DDS_ALL._T._Z.N.XDF","Q","CZ","W0",2,"_T","DDS_ALL","_T","_Z","N","XDF","2023-Q2",84804.4084495,"A",false,null,null,"P3M",{"$nulls":4},"S",null,null,3,null,"Value of Direct debits sent - from: Czech Republic to: World, All","Value of Direct debits sent - from: Czech Republic to: World, All","XDF",6]
["PDD.Q.CZ.W2.2._T.DDS_ALL._T._Z.N.PN","Q","CZ","W2",2,"_T","DDS_ALL","_T","_Z","N","PN","2023-Q1",17.623764,"A",false,null,null,"P3M",{"$nulls":4},"S",null,null,3,null,"Number of Direct debits sent - from: Czech Republic to: Domestic (home or reference area), All","Number of Direct debits sent - from: Czech Republic to: Domestic (home or reference area), All","PN",6]
["PDD.Q.DE.G1.2._T.DDS_ALL._T._Z.N.EUR","Q","DE","G1",2,"_T","DDS_ALL","_T","_Z","N","EUR","2023-Q2",65110.89386271001,"A",false,null,null,"P3M",{"$nulls":4},"S",null,null,3,null,"Value of Direct debits sent - from: Germany to: Extra EEA, All","Value of Direct debits sent - from: Germany to: Extra EEA, All","EUR",6]
["PDD.Q.DE.W1.2._T.DDS_ALL._T._Z.N.EUR","Q","DE","W1",2,"_T","DDS_ALL","_T","_Z","N","EUR","2024-Q1",556393.1408091199,"P",false,null,null,"P3M",{"$nulls":4},"S",null,null,3,null,"Value of Direct debits sent - from: Germany to: Rest of the World, All","Value of Direct debits sent - from: Germany to: Rest of the World, All","EUR",6]
["PDD.Q.DE.W2.2._T.DDS_ALL._T._Z.N.EUR","Q","DE","W2",2,"_T","DDS_ALL","_T","_Z","N","EUR","2023-Q4",910551.47549769,"A",false,null,null,"P3M",{"$nulls":4},"S",null,null,3,null,"Value of Direct debits sent - from: Germany to: Domestic (home or reference area), All","Value of Direct debits sent - from: Germany to: Domestic (home or reference area), All","EUR",6]
["PDD.Q.EE.G1.2._T.DDS_ALL._T._Z.N.PN","Q","EE","G1",2,"_T","DDS_ALL","_T","_Z","N","PN","2024-Q1",0,"P",false,null,null,"P3M",{"$nulls":4},"S",null,null,3,null,"Number of Direct debits sent - from: Estonia to: Extra EEA, All","Number of Direct debits sent - from: Estonia to: Extra EEA, All","PN",6]
["PDD.Q.EE.W2.2._T.DDS_ALL._T._Z.N.EUR","Q","EE","W2",2,"_T","DDS_ALL","_T","_Z","N","EUR","2022-Q3",0,"A",false,null,null,"P3M",{"$nulls":4},"S",null,null,3,null,"Value of Direct debits sent - from: Estonia to: Domestic (home or reference area), All","Value of Direct debits sent - from: Estonia to: Domestic (home or reference area), All","EUR",6]
["PDD.Q.ES.G1.2._T.DDS_ALL._T._Z.N.PN","Q","ES","G1",2,"_T","DDS_ALL","_T","_Z","N","PN","2022-Q1",0.05678199999999999,"A",false,null,null,"P3M",{"$nulls":4},"S",null,null,3,null,"Number of Direct debits sent - from: Spain to: Extra EEA, All","Number of Direct debits sent - from: Spain to: Extra EEA, All","PN",6]
["PDD.Q.ES.W1.2._T.DDS_ALL._T._Z.N.EUR","Q","ES","W1",2,"_T","DDS_ALL","_T","_Z","N","EUR","2022-Q1",1262.88292645,"A",false,null,null,"P3M",{"$nulls":4},"S",null,null,3,null,"Value of Direct debits sent - from: Spain to: Rest of the World, All","Value of Direct debits sent - from: Spain to: Rest of the World, All","EUR",6]
["PDD.Q.ES.W2.2._T.DDS_ALL._T._Z.N.PN","Q","ES","W2",2,"_T","DDS_ALL","_T","_Z","N","PN","2023-Q2",563.426917,"A",false,null,null,"P3M",{"$nulls":4},"S",null,null,3,null,"Number of Direct debits sent - from: Spain to: Domestic (home or reference area), All","Number of Direct debits sent - from: Spain to: Domestic (home or reference area), All","PN",6]
["PDD.Q.FI.G3.2._T.DDS_ALL._T._Z.N.EUR","Q","FI","G3",2,"_T","DDS_ALL","_T","_Z","N","EUR","2022-Q4",null,"Q",false,null,null,"P3M",{"$nulls":4},"S",null,null,3,null,"Value of Direct debits sent - from: Finland to: Other EEA countries, All","Value of Direct debits sent - from: Finland to: Other EEA countries, All","EUR",6]
["PDD.Q.FI.W1.2._T.DDS_ALL._T._Z.N.EUR","Q","FI","W1",2,"_T","DDS_ALL","_T","_Z","N","EUR","2022-Q4",null,"Q",false,null,null,"P3M",{"$nulls":4},"S",null,null,3,null,"Value of Direct debits sent - from: Finland to: Rest of the World, All","Value of Direct debits sent - from: Finland to: Rest of the World, All","EUR",6]
["PDD.Q.FR.G1.2._T.DDS_ALL._T._Z.N.EUR","Q","FR","G1",2,"_T","DDS_ALL","_T","_Z","N","EUR","2024-Q1",1041.650107,"P",false,null,null,"P3M",{"$nulls":4},"S",null,null,3,null,"Value of Direct debits sent - from: France to: Extra EEA, All","Value of Direct debits sent - from: France to: Extra EEA, All","EUR",6]
["PDD.Q.FR.G3.2._T.DDS_ALL._T._Z.N.PN","Q","FR","G3",2,"_T","DDS_ALL","_T","_Z","N","PN","2023-Q3",20.55860000000001,"A",false,null,null,"P3M",{"$nulls":4},"S",null,null,3,null,"Number of Direct debits sent - from: France to: Other EEA countries, All","Number of Direct debits sent - from: France to: Other EEA countries, All","PN",6]
["PDD.Q.GR.G1.2._T.DDS_ALL._T._Z.N.EUR","Q","GR","G1",2,"_T","DDS_ALL","_T","_Z","N","EUR","2023-Q2",0.0001025,"A",false,null,null,"P3M",{"$nulls":4},"S",null,null,3,null,"Value of Direct debits sent - from: Greece to: Extra EEA, All","Value of Direct debits sent - from: Greece to: Extra EEA, All","EUR",6]
["PDD.Q.GR.G3.2._T.DDS_ALL._T._Z.N.EUR","Q","GR","G3",2,"_T","DDS_ALL","_T","_Z","N","EUR","2023-Q3",3.13001468,"A",false,null,null,"P3M",{"$nulls":4},"S",null,null,3,null,"Value of Direct debits sent - from: Greece to: Other EEA countries, All","Value of Direct debits sent - from: Greece to: Other EEA countries, All","EUR",6]
["PDD.Q.GR.W2.2._T.DDS_ALL._T._Z.N.PN","Q","GR","W2",2,"_T","DDS_ALL","_T","_Z","N","PN","2022-Q1",7.539008,"A",false,null,null,"P3M",{"$nulls":4},"S",null,null,3,null,"Number of Direct debits sent - from: Greece to: Domestic (home or reference area), All","Number of Direct debits sent - from: Greece to: Domestic (home or reference area), All","PN",6]
["PDD.Q.HR.G1.2._T.DDS_ALL._T._Z.N.PN","Q","HR","G1",2,"_T","DDS_ALL","_T","_Z","N","PN","2022-Q4",null,"M",false,null,null,"P3M",{"$nulls":4},"S",null,null,3,null,"Number of Direct debits sent - from: Croatia to: Extra EEA, All","Number of Direct debits sent - from: Croatia to: Extra EEA, All","PN",6]
["PDD.Q.HR.G3.2._T.DDS_ALL._T._Z.N.PN","Q","HR","G3",2,"_T","DDS_ALL","_T","_Z","N","PN","2024-Q1",3.7E-05,"P",false,null,null,"P3M",{"$nulls":4},"S",null,null,3,null,"Number of Direct debits sent - from: Croatia to: Other EEA countries, All","Number of Direct debits sent - from: Croatia to: Other EEA countries, All","PN",6]
["PDD.Q.HU.G1.2._T.DDS_ALL._T._Z.N.PN","Q","HU","G1",2,"_T","DDS_ALL","_T","_Z","N","PN","2022-Q4",3.500000000000001E-05,"A",false,null,null,"P3M",{"$nulls":4},"S",null,null,3,null,"Number of Direct debits sent - from: Hungary to: Extra EEA, All","Number of Direct debits sent - from: Hungary to: Extra EEA, All","PN",6]
["PDD.Q.HU.G3.2._T.DDS_ALL._T._Z.N.XDF","Q","HU","G3",2,"_T","DDS_ALL","_T","_Z","N","XDF","2022-Q2",6116.007481999998,"A",false,null,null,"P3M",{"$nulls":4},"S",null,null,3,null,"Value of Direct debits sent - from: Hungary to: Other EEA countries, All","Value of Direct debits sent - from: Hungary to: Other EEA countries, All","XDF",6]
["PDD.Q.HU.W2.2._T.DDS_ALL._T._Z.N.PN","Q","HU","W2",2,"_T","DDS_ALL","_T","_Z","N","PN","2022-Q2",18.837388,"A",false,null,null,"P3M",{"$nulls":4},"S",null,null,3,null,"Number of Direct debits sent - from: Hungary to: Domestic (home or reference area), All","Number of Direct debits sent - from: Hungary to: Domestic (home or reference area), All","PN",6]
["PDD.Q.IE.G1.2._T.DDS_ALL._T._Z.N.PN","Q","IE","G1",2,"_T","DDS_ALL","_T","_Z","N","PN","2023-Q3",0.052503,"A",false,null,null,"P3M",{"$nulls":4},"S",null,null,3,null,"Number of Direct debits sent - from: Ireland to: Extra EEA, All","Number of Direct debits sent - from: Ireland to: Extra EEA, All","PN",6]
["PDD.Q.IE.W0.2._T.DDS_ALL._T._Z.N.EUR","Q","IE","W0",2,"_T","DDS_ALL","_T","_Z","N","EUR","2023-Q1",46584.35098528,"A",false,null,null,"P3M",{"$nulls":4},"S",null,null,3,null,"Value of Direct debits sent - from: Ireland to: World, All","Value of Direct debits sent - from: Ireland to: World, All","EUR",6]
["PDD.Q.IT.G1.2._T.DDS_ALL._T._Z.N.EUR","Q","IT","G1",2,"_T","DDS_ALL","_T","_Z","N","EUR","2023-Q4",34.1727283,"A",false,null,null,"P3M",{"$nulls":4},"S",null,null,3,null,"Value of Direct debits sent - from: Italy to: Extra EEA, All","Value of Direct debits sent - from: Italy to: Extra EEA, All","EUR",6]
["PDD.Q.IT.W0.2._T.DDS_ALL._T._Z.N.EUR","Q","IT","W0",2,"_T","DDS_ALL","_T","_Z","N","EUR","2022-Q2",139898.26378261,"A",false,null,null,"P3M",{"$nulls":4},"S",null,null,3,null,"Value of Direct debits sent - from: Italy to: World, All","Value of Direct debits sent - from: Italy to: World, All","EUR",6]
["PDD.Q.IT.W0.2._T.DDS_ALL._T._Z.N.PN","Q","IT","W0",2,"_T","DDS_ALL","_T","_Z","N","PN","2023-Q4",336.248386,"A",false,null,null,"P3M",{"$nulls":4},"S",null,null,3,null,"Number of Direct debits sent - from: Italy to: World, All","Number of Direct debits sent - from: Italy to: World, All","PN",6]
["PDD.Q.LT.G3.2._T.DDS_ALL._T._Z.N.EUR","Q","LT","G3",2,"_T","DDS_ALL","_T","_Z","N","EUR","2022-Q2",65.517646,"A",false,null,null,"P3M",{"$nulls":4},"S",null,null,3,null,"Value of Direct debits sent - from: Lithuania to: Other EEA countries, All","Value of Direct debits sent - from: Lithuania to: Other EEA countries, All","EUR",6]
["PDD.Q.LT.W0.2._T.DDS_ALL._T._Z.N.PN","Q","LT","W0",2,"_T","DDS_ALL","_T","_Z","N","PN","2023-Q3",1.10071,"A",false,null,null,"P3M",{"$nulls":4},"S",null,null,3,null,"Number of Direct debits sent - from: Lithuania to: World, All","Number of Direct debits sent - from: Lithuania to: World, All","PN",6]
["PDD.Q.LT.W1.2._T.DDS_ALL._T._Z.N.PN","Q","LT","W1",2,"_T","DDS_ALL","_T","_Z","N","PN","2022-Q2",0.578706,"A",false,null,null,"P3M",{"$nulls":4},"S",null,null,3,null,"Number of Direct debits sent - from: Lithuania to: Rest of the World, All","Number of Direct debits sent - from: Lithuania to: Rest of the World, All","PN",6]
["PDD.Q.LU.G3.2._T.DDS_ALL._T._Z.N.PN","Q","LU","G3",2,"_T","DDS_ALL","_T","_Z","N","PN","2023-Q1",5.36936,"A",false,null,null,"P3M",{"$nulls":4},"S",null,null,3,null,"Number of Direct debits sent - from: Luxembourg to: Other EEA countries, All","Number of Direct debits sent - from: Luxembourg to: Other EEA countries, All","PN",6]
["PDD.Q.LU.W1.2._T.DDS_ALL._T._Z.N.EUR","Q","LU","W1",2,"_T","DDS_ALL","_T","_Z","N","EUR","2022-Q3",461.2263539999999,"A",false,null,null,"P3M",{"$nulls":4},"S",null,null,3,null,"Value of Direct debits sent - from: Luxembourg to: Rest of the World, All","Value of Direct debits sent - from: Luxembourg to: Rest of the World, All","EUR",6]
["PDD.Q.LV.G1.2._T.DDS_ALL._T._Z.N.PN","Q","LV","G1",2,"_T","DDS_ALL","_T","_Z","N","PN","2023-Q3",0,"A",false,null,null,"P3M",{"$nulls":4},"S",null,null,3,null,"Number of Direct debits sent - from: Latvia to: Extra EEA, All","Number of Direct debits sent - from: Latvia to: Extra EEA, All","PN",6]
["PDD.Q.LV.W0.2._T.DDS_ALL._T._Z.N.PN","Q","LV","W0",2,"_T","DDS_ALL","_T","_Z","N","PN","2022-Q3",0,"A",false,null,null,"P3M",{"$nulls":4},"S",null,null,3,null,"Number of Direct debits sent - from: Latvia to: World, All","Number of Direct debits sent - from: Latvia to: World, All","PN",6]
["PDD.Q.LV.W1.2._T.DDS_ALL._T._Z.N.PN","Q","LV","W1",2,"_T","DDS_ALL","_T","_Z","N","PN","2023-Q2",0,"A",false,null,null,"P3M",{"$nulls":4},"S",null,null,3,null,"Number of Direct debits sent - from: Latvia to: Rest of the World, All","Number of Direct debits sent - from: Latvia to: Rest of the World, All","PN",6]
["PDD.Q.MT.G3.2._T.DDS_ALL._T._Z.N.EUR","Q","MT","G3",2,"_T","DDS_ALL","_T","_Z","N","EUR","2022-Q1",45.67494109999999,"A",false,null,null,"P3M",{"$nulls":4},"S",null,null,3,null,"Value of Direct debits sent - from: Malta to: Other EEA countries, All","Value of Direct debits sent - from: Malta to: Other EEA countries, All","EUR",6]
["PDD.Q.MT.W1.2._T.DDS_ALL._T._Z.N.EUR","Q","MT","W1",2,"_T","DDS_ALL","_T","_Z","N","EUR","2023-Q2",9.110942009999999,"A",false,null,null,"P3M",{"$nulls":4},"S",null,null,3,null,"Value of Direct debits sent - from: Malta to: Rest of the World, All","Value of Direct debits sent - from: Malta to: Rest of the World, All","EUR",6]
["PDD.Q.MT.W2.2._T.DDS_ALL._T._Z.N.EUR","Q","MT","W2",2,"_T","DDS_ALL","_T","_Z","N","EUR","2024-Q1",null,"Q",false,null,null,"P3M",{"$nulls":4},"S",null,null,3,null,"Value of Direct debits sent - from: Malta to: Domestic (home or reference area), All","Value of Direct debits sent - from: Malta to: Domestic (home or reference area), All","EUR",6]
["PDD.Q.NL.W0.2._T.DDS_ALL._T._Z.N.PN","Q","NL","W0",2,"_T","DDS_ALL","_T","_Z","N","PN","2022-Q3",552.387534,"A",false,null,null,"P3M",{"$nulls":4},"S",null,null,3,null,"Number of Direct debits sent - from: Netherlands to: World, All","Number of Direct debits sent - from: Netherlands to: World, All","PN",6]
["PDD.Q.NL.W2.2._T.DDS_ALL._T._Z.N.PN","Q","NL","W2",2,"_T","DDS_ALL","_T","_Z","N","PN","2022-Q3",476.804948,"A",false,null,null,"P3M",{"$nulls":4},"S",null,null,3,null,"Number of Direct debits sent - from: Netherlands to: Domestic (home or reference area), All","Number of Direct debits sent - from: Netherlands to: Domestic (home or reference area), All","PN",6]
["PDD.Q.PL.W0.2._T.DDS_ALL._T._Z.N.PN","Q","PL","W0",2,"_T","DDS_ALL","_T","_Z","N","PN","2022-Q3",7.565471,"A",false,null,null,"P3M",{"$nulls":4},"S",null,null,3,null,"Number of Direct debits sent - from: Poland to: World, All","Number of Direct debits sent - from: Poland to: World, All","PN",6]
["PDD.Q.PL.W1.2._T.DDS_ALL._T._Z.N.XDF","Q","PL","W1",2,"_T","DDS_ALL","_T","_Z","N","XDF","2022-Q1",0.00370024,"A",false,null,null,"P3M",{"$nulls":4},"S",null,null,3,null,"Value of Direct debits sent - from: Poland to: Rest of the World, All","Value of Direct debits sent - from: Poland to: Rest of the World, All","XDF",6]
["PDD.Q.PL.W2.2._T.DDS_ALL._T._Z.N.XDF","Q","PL","W2",2,"_T","DDS_ALL","_T","_Z","N","XDF","2023-Q2",11498.96528325,"A",false,null,null,"P3M",{"$nulls":4},"S",null,null,3,null,"Value of Direct debits sent - from: Poland to: Domestic (home or reference area), All","Value of Direct debits sent - from: Poland to: Domestic (home or reference area), All","XDF",6]
["PDD.Q.PT.W0.2._T.DDS_ALL._T._Z.N.PN","Q","PT","W0",2,"_T","DDS_ALL","_T","_Z","N","PN","2023-Q2",61.097083,"A",false,null,null,"P3M",{"$nulls":4},"S",null,null,3,null,"Number of Direct debits sent - from: Portugal to: World, All","Number of Direct debits sent - from: Portugal to: World, All","PN",6]
["PDD.Q.PT.W2.2._T.DDS_ALL._T._Z.N.EUR","Q","PT","W2",2,"_T","DDS_ALL","_T","_Z","N","EUR","2022-Q4",9880.75238057,"A",false,null,null,"P3M",{"$nulls":4},"S",null,null,3,null,"Value of Direct debits sent - from: Portugal to: Domestic (home or reference area), All","Value of Direct debits sent - from: Portugal to: Domestic (home or reference area), All","EUR",6]
["PDD.Q.RO.G1.2._T.DDS_ALL._T._Z.N.PN","Q","RO","G1",2,"_T","DDS_ALL","_T","_Z","N","PN","2023-Q3",0,"A",false,null,null,"P3M",{"$nulls":4},"S",null,null,3,null,"Number of Direct debits sent - from: Romania to: Extra EEA, All","Number of Direct debits sent - from: Romania to: Extra EEA, All","PN",6]
["PDD.Q.RO.W0.2._T.DDS_ALL._T._Z.N.PN","Q","RO","W0",2,"_T","DDS_ALL","_T","_Z","N","PN","2022-Q3",4.361878,"A",false,null,null,"P3M",{"$nulls":4},"S",null,null,3,null,"Number of Direct debits sent - from: Romania to: World, All","Number of Direct debits sent - from: Romania to: World, All","PN",6]
["PDD.Q.RO.W0.2._T.DDS_ALL._T._Z.N.PN","Q","RO","W0",2,"_T","DDS_ALL","_T","_Z","N","PN","2022-Q4",3.689017,"A",false,null,null,"P3M",{"$nulls":4},"S",null,null,3,null,"Number of Direct debits sent - from: Romania to: World, All","Number of Direct debits sent - from: Romania to: World, All","PN",6]
["PDD.Q.RO.W0.2._T.DDS_ALL._T._Z.N.PN","Q","RO","W0",2,"_T","DDS_ALL","_T","_Z","N","PN","2023-Q1",3.858518,"A",false,null,null,"P3M",{"$nulls":4},"S",null,null,3,null,"Number of Direct debits sent - from: Romania to: World, All","Number of Direct debits sent - from: Romania to: World, All","PN",6]
["PDD.Q.RO.W0.2._T.DDS_ALL._T._Z.N.PN","Q","RO","W0",2,"_T","DDS_ALL","_T","_Z","N","PN","2023-Q2",3.851234,"A",false,null,null,"P3M",{"$nulls":4},"S",null,null,3,null,"Number of Direct debits sent - from: Romania to: World, All","Number of Direct debits sent - from: Romania to: World, All","PN",6]
["PDD.Q.RO.W0.2._T.DDS_ALL._T._Z.N.PN","Q","RO","W0",2,"_T","DDS_ALL","_T","_Z","N","PN","2023-Q3",3.687337,"A",false,null,null,"P3M",{"$nulls":4},"S",null,null,3,null,"Number of Direct debits sent - from: Romania to: World, All","Number of Direct debits sent - from: Romania to: World, All","PN",6]
["PDD.Q.RO.W0.2._T.DDS_ALL._T._Z.N.PN","Q","RO","W0",2,"_T","DDS_ALL","_T","_Z","N","PN","2023-Q4",3.743634,"A",false,null,null,"P3M",{"$nulls":4},"S",null,null,3,null,"Number of Direct debits sent - from: Romania to: World, All","Number of Direct debits sent - from: Romania to: World, All","PN",6]
["PDD.Q.RO.W0.2._T.DDS_ALL._T._Z.N.PN","Q","RO","W0",2,"_T","DDS_ALL","_T","_Z","N","PN","2024-Q1",3.667324,"P",false,null,null,"P3M",{"$nulls":4},"S",null,null,3,null,"Number of Direct debits sent - from: Romania to: World, All","Number of Direct debits sent - from: Romania to: World, All","PN",6]
["PDD.Q.RO.W0.2._T.DDS_ALL._T._Z.N.XDF","Q","RO","W0",2,"_T","DDS_ALL","_T","_Z","N","XDF","2022-Q1",14571.103533,"A",false,null,null,"P3M",{"$nulls":4},"S",null,null,3,null,"Value of Direct debits sent - from: Romania to: World, All","Value of Direct debits sent - from: Romania to: World, All","XDF",6]
["PDD.Q.RO.W0.2._T.DDS_ALL._T._Z.N.XDF","Q","RO","W0",2,"_T","DDS_ALL","_T","_Z","N","XDF","2022-Q2",12200.6346,"A",false,null,null,"P3M",{"$nulls":4},"S",null,null,3,null,"Value of Direct debits sent - from: Romania to: World, All","Value of Direct debits sent - from: Romania to: World, All","XDF",6]
["PDD.Q.RO.W0.2._T.DDS_ALL._T._Z.N.XDF","Q","RO","W0",2,"_T","DDS_ALL","_T","_Z","N","XDF","2022-Q3",19854.781934,"A",false,null,null,"P3M",{"$nulls":4},"S",null,null,3,null,"Value of Direct debits sent - from: Romania to: World, All","Value of Direct debits sent - from: Romania to: World, All","XDF",6]
["PDD.Q.RO.W0.2._T.DDS_ALL._T._Z.N.XDF","Q","RO","W0",2,"_T","DDS_ALL","_T","_Z","N","XDF","2022-Q4",10501.053445,"A",false,null,null,"P3M",{"$nulls":4},"S",null,null,3,null,"Value of Direct debits sent - from: Romania to: World, All","Value of Direct debits sent - from: Romania to: World, All","XDF",6]
["PDD.Q.RO.W0.2._T.DDS_ALL._T._Z.N.XDF","Q","RO","W0",2,"_T","DDS_ALL","_T","_Z","N","XDF","2023-Q1",7865.117526,"A",false,null,null,"P3M",{"$nulls":4},"S",null,null,3,null,"Value of Direct debits sent - from: Romania to: World, All","Value of Direct debits sent - from: Romania to: World, All","XDF",6]
["PDD.Q.RO.W0.2._T.DDS_ALL._T._Z.N.XDF","Q","RO","W0",2,"_T","DDS_ALL","_T","_Z","N","XDF","2023-Q2",6481.108862,"A",false,null,null,"P3M",{"$nulls":4},"S",null,null,3,null,"Value of Direct debits sent - from: Romania to: World, All","Value of Direct debits sent - from: Romania to: World, All","XDF",6]
["PDD.Q.RO.W0.2._T.DDS_ALL._T._Z.N.XDF","Q","RO","W0",2,"_T","DDS_ALL","_T","_Z","N","XDF","2023-Q3",6186.86368,"A",false,null,null,"P3M",{"$nulls":4},"S",null,null,3,null,"Value of Direct debits sent - from: Romania to: World, All","Value of Direct debits sent - from: Romania to: World, All","XDF",6]
["PDD.Q.RO.W0.2._T.DDS_ALL._T._Z.N.XDF","Q","RO","W0",2,"_T","DDS_ALL","_T","_Z","N","XDF","2023-Q4",5981.510225,"A",false,null,null,"P3M",{"$nulls":4},"S",null,null,3,null,"Value of Direct debits sent - from: Romania to: World, All","Value of Direct debits sent - from: Romania to: World, All","XDF",6]
["PDD.Q.RO.W0.2._T.DDS_ALL._T._Z.N.XDF","Q","RO","W0",2,"_T","DDS_ALL","_T","_Z","N","XDF","2024-Q1",5960.038486,"P",false,null,null,"P3M",{"$nulls":4},"S",null,null,3,null,"Value of Direct debits sent - from: Romania to: World, All","Value of Direct debits sent - from: Romania to: World, All","XDF",6]
["PDD.Q.RO.W1.2._T.DDS_ALL._T._Z.N.PN","Q","RO","W1",2,"_T","DDS_ALL","_T","_Z","N","PN","2022-Q1",0,"A",false,null,null,"P3M",{"$nulls":4},"S",null,null,3,null,"Number of Direct debits sent - from: Romania to: Rest of the World, All","Number of Direct debits sent - from: Romania to: Rest of the World, All","PN",6]
["PDD.Q.RO.W1.2._T.DDS_ALL._T._Z.N.PN","Q","RO","W1",2,"_T","DDS_ALL","_T","_Z","N","PN","2022-Q2",0,"A",false,null,null,"P3M",{"$nulls":4},"S",null,null,3,null,"Number of Direct debits sent - from: Romania to: Rest of the World, All","Number of Direct debits sent - from: Romania to: Rest of the World, All","PN",6]
["PDD.Q.RO.W1.2._T.DDS_ALL._T._Z.N.PN","Q","RO","W1",2,"_T","DDS_ALL","_T","_Z","N","PN","2022-Q3",0,"A",false,null,null,"P3M",{"$nulls":4},"S",null,null,3,null,"Number of Direct debits sent - from: Romania to: Rest of the World, All","Number of Direct debits sent - from: Romania to: Rest of the World, All","PN",6]
["PDD.Q.RO.W1.2._T.DDS_ALL._T._Z.N.PN","Q","RO","W1",2,"_T","DDS_ALL","_T","_Z","N","PN","2022-Q4",0,"A",false,null,null,"P3M",{"$nulls":4},"S",null,null,3,null,"Number of Direct debits sent - from: Romania to: Rest of the World, All","Number of Direct debits sent - from: Romania to: Rest of the World, All","PN",6]
["PDD.Q.RO.W1.2._T.DDS_ALL._T._Z.N.PN","Q","RO","W1",2,"_T","DDS_ALL","_T","_Z","N","PN","2023-Q1",0,"A",false,null,null,"P3M",{"$nulls":4},"S",null,null,3,null,"Number of Direct debits sent - from: Romania to: Rest of the World, All","Number of Direct debits sent - from: Romania to: Rest of the World, All","PN",6]
["PDD.Q.RO.W1.2._T.DDS_ALL._T._Z.N.PN","Q","RO","W1",2,"_T","DDS_ALL","_T","_Z","N","PN","2023-Q2",0,"A",false,null,null,"P3M",{"$nulls":4},"S",null,null,3,null,"Number of Direct debits sent - from: Romania to: Rest of the World, All","Number of Direct debits sent - from: Romania to: Rest of the World, All","PN",6]
["PDD.Q.RO.W1.2._T.DDS_ALL._T._Z.N.PN","Q","RO","W1",2,"_T","DDS_ALL","_T","_Z","N","PN","2023-Q3",0,"A",false,null,null,"P3M",{"$nulls":4},"S",null,null,3,null,"Number of Direct debits sent - from: Romania to: Rest of the World, All","Number of Direct debits sent - from: Romania to: Rest of the World, All","PN",6]
["PDD.Q.RO.W1.2._T.DDS_ALL._T._Z.N.PN","Q","RO","W1",2,"_T","DDS_ALL","_T","_Z","N","PN","2023-Q4",0,"A",false,null,null,"P3M",{"$nulls":4},"S",null,null,3,null,"Number of Direct debits sent - from: Romania to: Rest of the World, All","Number of Direct debits sent - from: Romania to: Rest of the World, All","PN",6]
["PDD.Q.RO.W1.2._T.DDS_ALL._T._Z.N.PN","Q","RO","W1",2,"_T","DDS_ALL","_T","_Z","N","PN","2024-Q1",0,"P",false,null,null,"P3M",{"$nulls":4},"S",null,null,3,null,"Number of Direct debits sent - from: Romania to: Rest of the World, All","Number of Direct debits sent - from: Romania to: Rest of the World, All","PN",6]
["PDD.Q.RO.W1.2._T.DDS_ALL._T._Z.N.XDF","Q","RO","W1",2,"_T","DDS_ALL","_T","_Z","N","XDF","2022-Q1",0,"A",false,null,null,"P3M",{"$nulls":4},"S",null,null,3,null,"Value of Direct debits sent - from: Romania to: Rest of the World, All","Value of Direct debits sent - from: Romania to: Rest of the World, All","XDF",6]
["PDD.Q.RO.W1.2._T.DDS_ALL._T._Z.N.XDF","Q","RO","W1",2,"_T","DDS_ALL","_T","_Z","N","XDF","2022-Q2",0,"A",false,null,null,"P3M",{"$nulls":4},"S",null,null,3,null,"Value of Direct debits sent - from: Romania to: Rest of the World, All","Value of Direct debits sent - from: Romania to: Rest of the World, All","XDF",6]
["PDD.Q.RO.W1.2._T.DDS_ALL._T._Z.N.XDF","Q","RO","W1",2,"_T","DDS_ALL","_T","_Z","N","XDF","2022-Q3",0,"A",false,null,null,"P3M",{"$nulls":4},"S",null,null,3,null,"Value of Direct debits sent - from: Romania to: Rest of the World, All","Value of Direct debits sent - from: Romania to: Rest of the World, All","XDF",6]
["PDD.Q.RO.W1.2._T.DDS_ALL._T._Z.N.XDF","Q","RO","W1",2,"_T","DDS_ALL","_T","_Z","N","XDF","2022-Q4",0,"A",false,null,null,"P3M",{"$nulls":4},"S",null,null,3,null,"Value of Direct debits sent - from: Romania to: Rest of the World, All","Value of Direct debits sent - from: Romania to: Rest of the World, All","XDF",6]
["PDD.Q.RO.W1.2._T.DDS_ALL._T._Z.N.XDF","Q","RO","W1",2,"_T","DDS_ALL","_T","_Z","N","XDF","2023-Q1",0,"A",false,null,null,"P3M",{"$nulls":4},"S",null,null,3,null,"Value of Direct debits sent - from: Romania to: Rest of the World, All","Value of Direct debits sent - from: Romania to: Rest of the World, All","XDF",6]
["PDD.Q.RO.W1.2._T.DDS_ALL._T._Z.N.XDF","Q","RO","W1",2,"_T","DDS_ALL","_T","_Z","N","XDF","2023-Q2",0,"A",false,null,null,"P3M",{"$nulls":4},"S",null,null,3,null,"Value of Direct debits sent - from: Romania to: Rest of the World, All","Value of Direct debits sent - from: Romania to: Rest of the World, All","XDF",6]
["PDD.Q.RO.W1.2._T.DDS_ALL._T._Z.N.XDF","Q","RO","W1",2,"_T","DDS_ALL","_T","_Z","N","XDF","2023-Q3",0,"A",false,null,null,"P3M",{"$nulls":4},"S",null,null,3,null,"Value of Direct debits sent - from: Romania to: Rest of the World, All","Value of Direct debits sent - from: Romania to: Rest of the World, All","XDF",6]
["PDD.Q.RO.W1.2._T.DDS_ALL._T._Z.N.XDF","Q","RO","W1",2,"_T","DDS_ALL","_T","_Z","N","XDF","2023-Q4",0,"A",false,null,null,"P3M",{"$nulls":4},"S",null,null,3,null,"Value of Direct debits sent - from: Romania to: Rest of the World, All","Value of Direct debits sent - from: Romania to: Rest of the World, All","XDF",6]
["PDD.Q.RO.W1.2._T.DDS_ALL._T._Z.N.XDF","Q","RO","W1",2,"_T","DDS_ALL","_T","_Z","N","XDF","2024-Q1",0,"P",false,null,null,"P3M",{"$nulls":4},"S",null,null,3,null,"Value of Direct debits sent - from: Romania to: Rest of the World, All","Value of Direct debits sent - from: Romania to: Rest of the World, All","XDF",6]
["PDD.Q.RO.W2.2._T.DDS_ALL._T._Z.N.PN","Q","RO","W2",2,"_T","DDS_ALL","_T","_Z","N","PN","2022-Q1",4.305748,"A",false,null,null,"P3M",{"$nulls":4},"S",null,null,3,null,"Number of Direct debits sent - from: Romania to: Domestic (home or reference area), All","Number of Direct debits sent - from: Romania to: Domestic (home or reference area), All","PN",6]
["PDD.Q.RO.W2.2._T.DDS_ALL._T._Z.N.PN","Q","RO","W2",2,"_T","DDS_ALL","_T","_Z","N","PN","2022-Q2",4.300109,"A",false,null,null,"P3M",{"$nulls":4},"S",null,null,3,null,"Number of Direct debits sent - from: Romania to: Domestic (home or reference area), All","Number of Direct debits sent - from: Romania to: Domestic (home or reference area), All","PN",6]
["PDD.Q.RO.W2.2._T.DDS_ALL._T._Z.N.PN","Q","RO","W2",2,"_T","DDS_ALL","_T","_Z","N","PN","2022-Q3",4.361878,"A",false,null,null,"P3M",{"$nulls":4},"S",null,null,3,null,"Number of Direct debits sent - from: Romania to: Domestic (home or reference area), All","Number of Direct debits sent - from: Romania to: Domestic (home or reference area), All","PN",6]
["PDD.Q.RO.W2.2._T.DDS_ALL._T._Z.N.PN","Q","RO","W2",2,"_T","DDS_ALL","_T","_Z","N","PN","2022-Q4",3.689017,"A",false,null,null,"P3M",{"$nulls":4},"S",null,null,3,null,"Number of Direct debits sent - from: Romania to: Domestic (home or reference area), All","Number of Direct debits sent - from: Romania to: Domestic (home or reference area), All","PN",6]
["PDD.Q.RO.W2.2._T.DDS_ALL._T._Z.N.PN","Q","RO","W2",2,"_T","DDS_ALL","_T","_Z","N","PN","2023-Q1",3.858518,"A",false,null,null,"P3M",{"$nulls":4},"S",null,null,3,null,"Number of Direct debits sent - from: Romania to: Domestic (home or reference area), All","Number of Direct debits sent - from: Romania to: Domestic (home or reference area), All","PN",6]
["PDD.Q.RO.W2.2._T.DDS_ALL._T._Z.N.PN","Q","RO","W2",2,"_T","DDS_ALL","_T","_Z","N","PN","2023-Q2",3.851234,"A",false,null,null,"P3M",{"$nulls":4},"S",null,null,3,null,"Number of Direct debits sent - from: Romania to: Domestic (home or reference area), All","Number of Direct debits sent - from: Romania to: Domestic (home or reference area), All","PN",6]
["PDD.Q.RO.W2.2._T.DDS_ALL._T._Z.N.PN","Q","RO","W2",2,"_T","DDS_ALL","_T","_Z","N","PN","2023-Q3",3.687337,"A",false,null,null,"P3M",{"$nulls":4},"S",null,null,3,null,"Number of Direct debits sent - from: Romania to: Domestic (home or reference area), All","Number of Direct debits sent - from: Romania to: Domestic (home or reference area), All","PN",6]
["PDD.Q.RO.W2.2._T.DDS_ALL._T._Z.N.PN","Q","RO","W2",2,"_T","DDS_ALL","_T","_Z","N","PN","2023-Q4",3.743634,"A",false,null,null,"P3M",{"$nulls":4},"S",null,null,3,null,"Number of Direct debits sent - from: Romania to: Domestic (home or reference area), All","Number of Direct debits sent - from: Romania to: Domestic (home or reference area), All","PN",6]
["PDD.Q.RO.W2.2._T.DDS_ALL._T._Z.N.PN","Q","RO","W2",2,"_T","DDS_ALL","_T","_Z","N","PN","2024-Q1",3.667324,"P",false,null,null,"P3M",{"$nulls":4},"S",null,null,3,null,"Number of Direct debits sent - from: Romania to: Domestic (home or reference area), All","Number of Direct debits sent - from: Romania to: Domestic (home or reference area), All","PN",6]
["PDD.Q.RO.W2.2._T.DDS_ALL._T._Z.N.XDF","Q","RO","W2",2,"_T","DDS_ALL","_T","_Z","N","XDF","2022-Q1",14571.103533,"A",false,null,null,"P3M",{"$nulls":4},"S",null,null,3,null,"Value of Direct debits sent - from: Romania to: Domestic (home or reference area), All","Value of Direct debits sent - from: Romania to: Domestic (home or reference area), All","XDF",6]
["PDD.Q.RO.W2.2._T.DDS_ALL._T._Z.N.XDF","Q","RO","W2",2,"_T","DDS_ALL","_T","_Z","N","XDF","2022-Q2",12200.6346,"A",false,null,null,"P3M",{"$nulls":4},"S",null,null,3,null,"Value of Direct debits sent - from: Romania to: Domestic (home or reference area), All","Value of Direct debits sent - from: Romania to: Domestic (home or reference area), All","XDF",6]
["PDD.Q.RO.W2.2._T.DDS_ALL._T._Z.N.XDF","Q","RO","W2",2,"_T","DDS_ALL","_T","_Z","N","XDF","2022-Q3",19854.781934,"A",false,null,null,"P3M",{"$nulls":4},"S",null,null,3,null,"Value of Direct debits sent - from: Romania to: Domestic (home or reference area), All","Value of Direct debits sent - from: Romania to: Domestic (home or reference area), All","XDF",6]
["PDD.Q.RO.W2.2._T.DDS_ALL._T._Z.N.XDF","Q","RO","W2",2,"_T","DDS_ALL","_T","_Z","N","XDF","2022-Q4",10501.053445,"A",false,null,null,"P3M",{"$nulls":4},"S",null,null,3,null,"Value of Direct debits sent - from: Romania to: Domestic (home or reference area), All","Value of Direct debits sent - from: Romania to: Domestic (home or reference area), All","XDF",6]
["PDD.Q.RO.W2.2._T.DDS_ALL._T._Z.N.XDF","Q","RO","W2",2,"_T","DDS_ALL","_T","_Z","N","XDF","2023-Q1",7865.117526,"A",false,null,null,"P3M",{"$nulls":4},"S",null,null,3,null,"Value of Direct debits sent - from: Romania to: Domestic (home or reference area), All","Value of Direct debits sent - from: Romania to: Domestic (home or reference area), All","XDF",6]
["PDD.Q.RO.W2.2._T.DDS_ALL._T._Z.N.XDF","Q","RO","W2",2,"_T","DDS_ALL","_T","_Z","N","XDF","2023-Q2",6481.108862,"A",false,null,null,"P3M",{"$nulls":4},"S",null,null,3,null,"Value of Direct debits sent - from: Romania to: Domestic (home or reference area), All","Value of Direct debits sent - from: Romania to: Domestic (home or reference area), All","XDF",6]
["PDD.Q.RO.W2.2._T.DDS_ALL._T._Z.N.XDF","Q","RO","W2",2,"_T","DDS_ALL","_T","_Z","N","XDF","2023-Q3",6186.86368,"A",false,null,null,"P3M",{"$nulls":4},"S",null,null,3,null,"Value of Direct debits sent - from: Romania to: Domestic (home or reference area), All","Value of Direct debits sent - from: Romania to: Domestic (home or reference area), All","XDF",6]
["PDD.Q.RO.W2.2._T.DDS_ALL._T._Z.N.XDF","Q","RO","W2",2,"_T","DDS_ALL","_T","_Z","N","XDF","2023-Q4",5981.510225,"A",false,null,null,"P3M",{"$nulls":4},"S",null,null,3,null,"Value of Direct debits sent - from: Romania to: Domestic (home or reference area), All","Value of Direct debits sent - from: Romania to: Domestic (home or reference area), All","XDF",6]
["PDD.Q.RO.W2.2._T.DDS_ALL._T._Z.N.XDF","Q","RO","W2",2,"_T","DDS_ALL","_T","_Z","N","XDF","2024-Q1",5960.038486,"P",false,null,null,"P3M",{"$nulls":4},"S",null,null,3,null,"Value of Direct debits sent - from: Romania to: Domestic (home or reference area), All","Value of Direct debits sent - from: Romania to: Domestic (home or reference area), All","XDF",6]
["PDD.Q.SI.G1.2._T.DDS_ALL._T._Z.N.EUR","Q","SI","G1",2,"_T","DDS_ALL","_T","_Z","N","EUR","2022-Q1",0.009311,"A",false,null,null,"P3M",{"$nulls":4},"S",null,null,3,null,"Value of Direct debits sent - from: Slovenia to: Extra EEA, All","Value of Direct debits sent - from: Slovenia to: Extra EEA, All","EUR",6]
["PDD.Q.SI.G1.2._T.DDS_ALL._T._Z.N.EUR","Q","SI","G1",2,"_T","DDS_ALL","_T","_Z","N","EUR","2022-Q2",0.008128999999999999,"A",false,null,null,"P3M",{"$nulls":4},"S",null,null,3,null,"Value of Direct debits sent - from: Slovenia to: Extra EEA, All","Value of Direct debits sent - from: Slovenia to: Extra EEA, All","EUR",6]
["PDD.Q.SI.G1.2._T.DDS_ALL._T._Z.N.EUR","Q","SI","G1",2,"_T","DDS_ALL","_T","_Z","N","EUR","2022-Q3",0.010983,"A",false,null,null,"P3M",{"$nulls":4},"S",null,null,3,null,"Value of Direct debits sent - from: Slovenia to: Extra EEA, All","Value of Direct debits sent - from: Slovenia to: Extra EEA, All","EUR",6]
["PDD.Q.SI.G1.2._T.DDS_ALL._T._Z.N.EUR","Q","SI","G1",2,"_T","DDS_ALL","_T","_Z","N","EUR","2022-Q4",0.012797,"A",false,null,null,"P3M",{"$nulls":4},"S",null,null,3,null,"Value of Direct debits sent - from: Slovenia to: Extra EEA, All","Value of Direct debits sent - from: Slovenia to: Extra EEA, All","EUR",6]
["PDD.Q.SI.G1.2._T.DDS_ALL._T._Z.N.EUR","Q","SI","G1",2,"_T","DDS_ALL","_T","_Z","N","EUR","2023-Q1",0.013627,"A",false,null,null,"P3M",{"$nulls":4},"S",null,null,3,null,"Value of Direct debits sent - from: Slovenia to: Extra EEA, All","Value of Direct debits sent - from: Slovenia to: Extra EEA, All","EUR",6]
["PDD.Q.SI.G1.2._T.DDS_ALL._T._Z.N.EUR","Q","SI","G1",2,"_T","DDS_ALL","_T","_Z","N","EUR","2023-Q2",0.0113,"A",false,null,null,"P3M",{"$nulls":4},"S",null,null,3,null,"Value of Direct debits sent - from: Slovenia to: Extra EEA, All","Value of Direct debits sent - from: Slovenia to: Extra EEA, All","EUR",6]
["PDD.Q.SI.G1.2._T.DDS_ALL._T._Z.N.EUR","Q","SI","G1",2,"_T","DDS_ALL","_T","_Z","N","EUR","2023-Q3",0.012145,"A",false,null,null,"P3M",{"$nulls":4},"S",null,null,3,null,"Value of Direct debits sent - from: Slovenia to: Extra EEA, All","Value of Direct debits sent - from: Slovenia to: Extra EEA, All","EUR",6]
["PDD.Q.SI.G1.2._T.DDS_ALL._T._Z.N.EUR","Q","SI","G1",2,"_T","DDS_ALL","_T","_Z","N","EUR","2023-Q4",0.012087,"A",false,null,null,"P3M",{"$nulls":4},"S",null,null,3,null,"Value of Direct debits sent - from: Slovenia to: Extra EEA, All","Value of Direct debits sent - from: Slovenia to: Extra EEA, All","EUR",6]
["PDD.Q.SI.G1.2._T.DDS_ALL._T._Z.N.EUR","Q","SI","G1",2,"_T","DDS_ALL","_T","_Z","N","EUR","2024-Q1",0.014218,"P",false,null,null,"P3M",{"$nulls":4},"S",null,null,3,null,"Value of Direct debits sent - from: Slovenia to: Extra EEA, All","Value of Direct debits sent - from: Slovenia to: Extra EEA, All","EUR",6]
["PDD.Q.SI.G1.2._T.DDS_ALL._T._Z.N.PN","Q","SI","G1",2,"_T","DDS_ALL","_T","_Z","N","PN","2022-Q1",0.000135,"A",false,null,null,"P3M",{"$nulls":4},"S",null,null,3,null,"Number of Direct debits sent - from: Slovenia to: Extra EEA, All","Number of Direct debits sent - from: Slovenia to: Extra EEA, All","PN",6]
["PDD.Q.SI.G1.2._T.DDS_ALL._T._Z.N.PN","Q","SI","G1",2,"_T","DDS_ALL","_T","_Z","N","PN","2022-Q2",0.000127,"A",false,null,null,"P3M",{"$nulls":4},"S",null,null,3,null,"Number of Direct debits sent - from: Slovenia to: Extra EEA, All","Number of Direct debits sent - from: Slovenia to: Extra EEA, All","PN",6]
["PDD.Q.SI.G1.2._T.DDS_ALL._T._Z.N.PN","Q","SI","G1",2,"_T","DDS_ALL","_T","_Z","N","PN","2022-Q3",0.000135,"A",false,null,null,"P3M",{"$nulls":4},"S",null,null,3,null,"Number of Direct debits sent - from: Slovenia to: Extra EEA, All","Number of Direct debits sent - from: Slovenia to: Extra EEA, All","PN",6]
["PDD.Q.SI.G1.2._T.DDS_ALL._T._Z.N.PN","Q","SI","G1",2,"_T","DDS_ALL","_T","_Z","N","PN","2022-Q4",0.00014,"A",false,null,null,"P3M",{"$nulls":4},"S",null,null,3,null,"Number of Direct debits sent - from: Slovenia to: Extra EEA, All","Number of Direct debits sent - from: Slovenia to: Extra EEA, All","PN",6]
["PDD.Q.SI.G1.2._T.DDS_ALL._T._Z.N.PN","Q","SI","G1",2,"_T","DDS_ALL","_T","_Z","N","PN","2023-Q1",0.000145,"A",false,null,null,"P3M",{"$nulls":4},"S",null,null,3,null,"Number of Direct debits sent - from: Slovenia to: Extra EEA, All","Number of Direct debits sent - from: Slovenia to: Extra EEA, All","PN",6]
["PDD.Q.SI.G1.2._T.DDS_ALL._T._Z.N.PN","Q","SI","G1",2,"_T","DDS_ALL","_T","_Z","N","PN","2023-Q2",0.000148,"A",false,null,null,"P3M",{"$nulls":4},"S",null,null,3,null,"Number of Direct debits sent - from: Slovenia to: Extra EEA, All","Number of Direct debits sent - from: Slovenia to: Extra EEA, All","PN",6]
["PDD.Q.SI.G1.2._T.DDS_ALL._T._Z.N.PN","Q","SI","G1",2,"_T","DDS_ALL","_T","_Z","N","PN","2023-Q3",0.00016,"A",false,null,null,"P3M",{"$nulls":4},"S",null,null,3,null,"Number of Direct debits sent - from: Slovenia to: Extra EEA, All","Number of Direct debits sent - from: Slovenia to: Extra EEA, All","PN",6]
["PDD.Q.SI.G1.2._T.DDS_ALL._T._Z.N.PN","Q","SI","G1",2,"_T","DDS_ALL","_T","_Z","N","PN","2023-Q4",0.000164,"A",false,null,null,"P3M",{"$nulls":4},"S",null,null,3,null,"Number of Direct debits sent - from: Slovenia to: Extra EEA, All","Number of Direct debits sent - from: Slovenia to: Extra EEA, All","PN",6]
["PDD.Q.SI.G1.2._T.DDS_ALL._T._Z.N.PN","Q","SI","G1",2,"_T","DDS_ALL","_T","_Z","N","PN","2024-Q1",0.000175,"P",false,null,null,"P3M",{"$nulls":4},"S",null,null,3,null,"Number of Direct debits sent - from: Slovenia to: Extra EEA, All","Number of Direct debits sent - from: Slovenia to: Extra EEA, All","PN",6]
["PDD.Q.SI.G3.2._T.DDS_ALL._T._Z.N.EUR","Q","SI","G3",2,"_T","DDS_ALL","_T","_Z","N","EUR","2022-Q1",29.947425,"A",false,null,null,"P3M",{"$nulls":4},"S",null,null,3,null,"Value of Direct debits sent - from: Slovenia to: Other EEA countries, All","Value of Direct debits sent - from: Slovenia to: Other EEA countries, All","EUR",6]
["PDD.Q.SI.G3.2._T.DDS_ALL._T._Z.N.EUR","Q","SI","G3",2,"_T","DDS_ALL","_T","_Z","N","EUR","2022-Q2",30.145396,"A",false,null,null,"P3M",{"$nulls":4},"S",null,null,3,null,"Value of Direct debits sent - from: Slovenia to: Other EEA countries, All","Value of Direct debits sent - from: Slovenia to: Other EEA countries, All","EUR",6]
["PDD.Q.SI.G3.2._T.DDS_ALL._T._Z.N.EUR","Q","SI","G3",2,"_T","DDS_ALL","_T","_Z","N","EUR","2022-Q3",31.609457,"A",false,null,null,"P3M",{"$nulls":4},"S",null,null,3,null,"Value of Direct debits sent - from: Slovenia to: Other EEA countries, All","Value of Direct debits sent - from: Slovenia to: Other EEA countries, All","EUR",6]
["PDD.Q.SI.G3.2._T.DDS_ALL._T._Z.N.EUR","Q","SI","G3",2,"_T","DDS_ALL","_T","_Z","N","EUR","2022-Q4",31.916772,"A",false,null,null,"P3M",{"$nulls":4},"S",null,null,3,null,"Value of Direct debits sent - from: Slovenia to: Other EEA countries, All","Value of Direct debits sent - from: Slovenia to: Other EEA countries, All","EUR",6]
["PDD.Q.SI.G3.2._T.DDS_ALL._T._Z.N.EUR","Q","SI","G3",2,"_T","DDS_ALL","_T","_Z","N","EUR","2023-Q1",29.701015,"A",false,null,null,"P3M",{"$nulls":4},"S",null,null,3,null,"Value of Direct debits sent - from: Slovenia to: Other EEA countries, All","Value of Direct debits sent - from: Slovenia to: Other EEA countries, All","EUR",6]
["PDD.Q.SI.G3.2._T.DDS_ALL._T._Z.N.EUR","Q","SI","G3",2,"_T","DDS_ALL","_T","_Z","N","EUR","2023-Q2",30.11232699999999,"A",false,null,null,"P3M",{"$nulls":4},"S",null,null,3,null,"Value of Direct debits sent - from: Slovenia to: Other EEA countries, All","Value of Direct debits sent - from: Slovenia to: Other EEA countries, All","EUR",6]
["PDD.Q.SI.G3.2._T.DDS_ALL._T._Z.N.EUR","Q","SI","G3",2,"_T","DDS_ALL","_T","_Z","N","EUR","2023-Q3",30.268341,"A",false,null,null,"P3M",{"$nulls":4},"S",null,null,3,null,"Value of Direct debits sent - from: Slovenia to: Other EEA countries, All","Value of Direct debits sent - from: Slovenia to: Other EEA countries, All","EUR",6]
["PDD.Q.SI.G3.2._T.DDS_ALL._T._Z.N.EUR","Q","SI","G3",2,"_T","DDS_ALL","_T","_Z","N","EUR","2023-Q4",23.260749,"A",false,null,null,"P3M",{"$nulls":4},"S",null,null,3,null,"Value of Direct debits sent - from: Slovenia to: Other EEA countries, All","Value of Direct debits sent - from: Slovenia to: Other EEA countries, All","EUR",6]
["PDD.Q.SI.G3.2._T.DDS_ALL._T._Z.N.EUR","Q","SI","G3",2,"_T","DDS_ALL","_T","_Z","N","EUR","2024-Q1",24.88703700000001,"P",false,null,null,"P3M",{"$nulls":4},"S",null,null,3,null,"Value of Direct debits sent - from: Slovenia to: Other EEA countries, All","Value of Direct debits sent - from: Slovenia to: Other EEA countries, All","EUR",6]
["PDD.Q.SI.G3.2._T.DDS_ALL._T._Z.N.PN","Q","SI","G3",2,"_T","DDS_ALL","_T","_Z","N","PN","2022-Q1",0.06262500000000001,"A",false,null,null,"P3M",{"$nulls":4},"S",null,null,3,null,"Number of Direct debits sent - from: Slovenia to: Other EEA countries, All","Number of Direct debits sent - from: Slovenia to: Other EEA countries, All","PN",6]
["PDD.Q.SI.G3.2._T.DDS_ALL._T._Z.N.PN","Q","SI","G3",2,"_T","DDS_ALL","_T","_Z","N","PN","2022-Q2",0.055601,"A",false,null,null,"P3M",{"$nulls":4},"S",null,null,3,null,"Number of Direct debits sent - from: Slovenia to: Other EEA countries, All","Number of Direct debits sent - from: Slovenia to: Other EEA countries, All","PN",6]
["PDD.Q.SI.G3.2._T.DDS_ALL._T._Z.N.PN","Q","SI","G3",2,"_T","DDS_ALL","_T","_Z","N","PN","2022-Q3",0.05663199999999999,"A",false,null,null,"P3M",{"$nulls":4},"S",null,null,3,null,"Number of Direct debits sent - from: Slovenia to: Other EEA countries, All","Number of Direct debits sent - from: Slovenia to: Other EEA countries, All","PN",6]
["PDD.Q.SI.G3.2._T.DDS_ALL._T._Z.N.PN","Q","SI","G3",2,"_T","DDS_ALL","_T","_Z","N","PN","2022-Q4",0.05827,"A",false,null,null,"P3M",{"$nulls":4},"S",null,null,3,null,"Number of Direct debits sent - from: Slovenia to: Other EEA countries, All","Number of Direct debits sent - from: Slovenia to: Other EEA countries, All","PN",6]
["PDD.Q.SI.G3.2._T.DDS_ALL._T._Z.N.PN","Q","SI","G3",2,"_T","DDS_ALL","_T","_Z","N","PN","2023-Q1",0.060567,"A",false,null,null,"P3M",{"$nulls":4},"S",null,null,3,null,"Number of Direct debits sent - from: Slovenia to: Other EEA countries, All","Number of Direct debits sent - from: Slovenia to: Other EEA countries, All","PN",6]
["PDD.Q.SI.G3.2._T.DDS_ALL._T._Z.N.PN","Q","SI","G3",2,"_T","DDS_ALL","_T","_Z","N","PN","2023-Q2",0.06278800000000001,"A",false,null,null,"P3M",{"$nulls":4},"S",null,null,3,null,"Number of Direct debits sent - from: Slovenia to: Other EEA countries, All","Number of Direct debits sent - from: Slovenia to: Other EEA countries, All","PN",6]
["PDD.Q.SI.G3.2._T.DDS_ALL._T._Z.N.PN","Q","SI","G3",2,"_T","DDS_ALL","_T","_Z","N","PN","2023-Q3",0.06276000000000001,"A",false,null,null,"P3M",{"$nulls":4},"S",null,null,3,null,"Number of Direct debits sent - from: Slovenia to: Other EEA countries, All","Number of Direct debits sent - from: Slovenia to: Other EEA countries, All","PN",6]
["PDD.Q.SI.G3.2._T.DDS_ALL._T._Z.N.PN","Q","SI","G3",2,"_T","DDS_ALL","_T","_Z","N","PN","2023-Q4",0.04985400000000001,"A",false,null,null,"P3M",{"$nulls":4},"S",null,null,3,null,"Number of Direct debits sent - from: Slovenia to: Other EEA countries, All","Number of Direct debits sent - from: Slovenia to: Other EEA countries, All","PN",6]
["PDD.Q.SI.G3.2._T.DDS_ALL._T._Z.N.PN","Q","SI","G3",2,"_T","DDS_ALL","_T","_Z","N","PN","2024-Q1",0.06584400000000001,"P",false,null,null,"P3M",{"$nulls":4},"S",null,null,3,null,"Number of Direct debits sent - from: Slovenia to: Other EEA countries, All","Number of Direct debits sent - from: Slovenia to: Other EEA countries, All","PN",6]
["PDD.Q.SI.W0.2._T.DDS_ALL._T._Z.N.EUR","Q","SI","W0",2,"_T","DDS_ALL","_T","_Z","N","EUR","2022-Q1",938.354841,"A",false,null,null,"P3M",{"$nulls":4},"S",null,null,3,null,"Value of Direct debits sent - from: Slovenia to: World, All","Value of Direct debits sent - from: Slovenia to: World, All","EUR",6]
["PDD.Q.SI.W0.2._T.DDS_ALL._T._Z.N.EUR","Q","SI","W0",2,"_T","DDS_ALL","_T","_Z","N","EUR","2022-Q2",857.5013220000001,"A",false,null,null,"P3M",{"$nulls":4},"S",null,null,3,null,"Value of Direct debits sent - from: Slovenia to: World, All","Value of Direct debits sent - from: Slovenia to: World, All","EUR",6]
["PDD.Q.SI.W0.2._T.DDS_ALL._T._Z.N.EUR","Q","SI","W0",2,"_T","DDS_ALL","_T","_Z","N","EUR","2022-Q3",891.6690140000001,"A",false,null,null,"P3M",{"$nulls":4},"S",null,null,3,null,"Value of Direct debits sent - from: Slovenia to: World, All","Value of Direct debits sent - from: Slovenia to: World, All","EUR",6]
["PDD.Q.SI.W0.2._T.DDS_ALL._T._Z.N.EUR","Q","SI","W0",2,"_T","DDS_ALL","_T","_Z","N","EUR","2022-Q4",876.78228,"A",false,null,null,"P3M",{"$nulls":4},"S",null,null,3,null,"Value of Direct debits sent - from: Slovenia to: World, All","Value of Direct debits sent - from: Slovenia to: World, All","EUR",6]
["PDD.Q.SI.W0.2._T.DDS_ALL._T._Z.N.EUR","Q","SI","W0",2,"_T","DDS_ALL","_T","_Z","N","EUR","2023-Q1",917.745045,"A",false,null,null,"P3M",{"$nulls":4},"S",null,null,3,null,"Value of Direct debits sent - from: Slovenia to: World, All","Value of Direct debits sent - from: Slovenia to: World, All","EUR",6]
["PDD.Q.SI.W0.2._T.DDS_ALL._T._Z.N.EUR","Q","SI","W0",2,"_T","DDS_ALL","_T","_Z","N","EUR","2023-Q2",924.0668969999999,"A",false,null,null,"P3M",{"$nulls":4},"S",null,null,3,null,"Value of Direct debits sent - from: Slovenia to: World, All","Value of Direct debits sent - from: Slovenia to: World, All","EUR",6]
["PDD.Q.SI.W0.2._T.DDS_ALL._T._Z.N.EUR","Q","SI","W0",2,"_T","DDS_ALL","_T","_Z","N","EUR","2023-Q3",924.929764,"A",false,null,null,"P3M",{"$nulls":4},"S",null,null,3,null,"Value of Direct debits sent - from: Slovenia to: World, All","Value of Direct debits sent - from: Slovenia to: World, All","EUR",6]
["PDD.Q.SI.W0.2._T.DDS_ALL._T._Z.N.EUR","Q","SI","W0",2,"_T","DDS_ALL","_T","_Z","N","EUR","2023-Q4",933.99859,"A",false,null,null,"P3M",{"$nulls":4},"S",null,null,3,null,"Value of Direct debits sent - from: Slovenia to: World, All","Value of Direct debits sent - from: Slovenia to: World, All","EUR",6]
["PDD.Q.SI.W0.2._T.DDS_ALL._T._Z.N.EUR","Q","SI","W0",2,"_T","DDS_ALL","_T","_Z","N","EUR","2024-Q1",907.763537,"P",false,null,null,"P3M",{"$nulls":4},"S",null,null,3,null,"Value of Direct debits sent - from: Slovenia to: World, All","Value of Direct debits sent - from: Slovenia to: World, All","EUR",6]
["PDD.Q.SI.W0.2._T.DDS_ALL._T._Z.N.PN","Q","SI","W0",2,"_T","DDS_ALL","_T","_Z","N","PN","2022-Q1",12.687228,"A",false,null,null,"P3M",{"$nulls":4},"S",null,null,3,null,"Number of Direct debits sent - from: Slovenia to: World, All","Number of Direct debits sent - from: Slovenia to: World, All","PN",6]
["PDD.Q.SI.W0.2._T.DDS_ALL._T._Z.N.PN","Q","SI","W0",2,"_T","DDS_ALL","_T","_Z","N","PN","2022-Q2",10.697531,"A",false,null,null,"P3M",{"$nulls":4},"S",null,null,3,null,"Number of Direct debits sent - from: Slovenia to: World, All","Number of Direct debits sent - from: Slovenia to: World, All","PN",6]
["PDD.Q.SI.W0.2._T.DDS_ALL._T._Z.N.PN","Q","SI","W0",2,"_T","DDS_ALL","_T","_Z","N","PN","2022-Q3",10.691973,"A",false,null,null,"P3M",{"$nulls":4},"S",null,null,3,null,"Number of Direct debits sent - from: Slovenia to: World, All","Number of Direct debits sent - from: Slovenia to: World, All","PN",6]
["PDD.Q.SI.W0.2._T.DDS_ALL._T._Z.N.PN","Q","SI","W0",2,"_T","DDS_ALL","_T","_Z","N","PN","2022-Q4",10.713385,"A",false,null,null,"P3M",{"$nulls":4},"S",null,null,3,null,"Number of Direct debits sent - from: Slovenia to: World, All","Number of Direct debits sent - from: Slovenia to: World, All","PN",6]
["PDD.Q.SI.W0.2._T.DDS_ALL._T._Z.N.PN","Q","SI","W0",2,"_T","DDS_ALL","_T","_Z","N","PN","2023-Q1",10.814303,"A",false,null,null,"P3M",{"$nulls":4},"S",null,null,3,null,"Number of Direct debits sent - from: Slovenia to: World, All","Number of Direct debits sent - from: Slovenia to: World, All","PN",6]
["PDD.Q.SI.W0.2._T.DDS_ALL._T._Z.N.PN","Q","SI","W0",2,"_T","DDS_ALL","_T","_Z","N","PN","2023-Q2",10.899538,"A",false,null,null,"P3M",{"$nulls":4},"S",null,null,3,null,"Number of Direct debits sent - from: Slovenia to: World, All","Number of Direct debits sent - from: Slovenia to: World, All","PN",6]
["PDD.Q.SI.W0.2._T.DDS_ALL._T._Z.N.PN","Q","SI","W0",2,"_T","DDS_ALL","_T","_Z","N","PN","2023-Q3",10.934575,"A",false,null,null,"P3M",{"$nulls":4},"S",null,null,3,null,"Number of Direct debits sent - from: Slovenia to: World, All","Number of Direct debits sent - from: Slovenia to: World, All","PN",6]
["PDD.Q.SI.W0.2._T.DDS_ALL._T._Z.N.PN","Q","SI","W0",2,"_T","DDS_ALL","_T","_Z","N","PN","2023-Q4",10.538623,"A",false,null,null,"P3M",{"$nulls":4},"S",null,null,3,null,"Number of Direct debits sent - from: Slovenia to: World, All","Number of Direct debits sent - from: Slovenia to: World, All","PN",6]
["PDD.Q.SI.W0.2._T.DDS_ALL._T._Z.N.PN","Q","SI","W0",2,"_T","DDS_ALL","_T","_Z","N","PN","2024-Q1",9.43227,"P",false,null,null,"P3M",{"$nulls":4},"S",null,null,3,null,"Number of Direct debits sent - from: Slovenia to: World, All","Number of Direct debits sent - from: Slovenia to: World, All","PN",6]
["PDD.Q.SI.W1.2._T.DDS_ALL._T._Z.N.EUR","Q","SI","W1",2,"_T","DDS_ALL","_T","_Z","N","EUR","2022-Q1",29.956736,"A",false,null,null,"P3M",{"$nulls":4},"S",null,null,3,null,"Value of Direct debits sent - from: Slovenia to: Rest of the World, All","Value of Direct debits sent - from: Slovenia to: Rest of the World, All","EUR",6]
["PDD.Q.SI.W1.2._T.DDS_ALL._T._Z.N.EUR","Q","SI","W1",2,"_T","DDS_ALL","_T","_Z","N","EUR","2022-Q2",30.153525,"A",false,null,null,"P3M",{"$nulls":4},"S",null,null,3,null,"Value of Direct debits sent - from: Slovenia to: Rest of the World, All","Value of Direct debits sent - from: Slovenia to: Rest of the World, All","EUR",6]
["PDD.Q.SI.W1.2._T.DDS_ALL._T._Z.N.EUR","Q","SI","W1",2,"_T","DDS_ALL","_T","_Z","N","EUR","2022-Q3",31.62044,"A",false,null,null,"P3M",{"$nulls":4},"S",null,null,3,null,"Value of Direct debits sent - from: Slovenia to: Rest of the World, All","Value of Direct debits sent - from: Slovenia to: Rest of the World, All","EUR",6]
["PDD.Q.SI.W1.2._T.DDS_ALL._T._Z.N.EUR","Q","SI","W1",2,"_T","DDS_ALL","_T","_Z","N","EUR","2022-Q4",31.929569,"A",false,null,null,"P3M",{"$nulls":4},"S",null,null,3,null,"Value of Direct debits sent - from: Slovenia to: Rest of the World, All","Value of Direct debits sent - from: Slovenia to: Rest of the World, All","EUR",6]
["PDD.Q.SI.W1.2._T.DDS_ALL._T._Z.N.EUR","Q","SI","W1",2,"_T","DDS_ALL","_T","_Z","N","EUR","2023-Q1",29.714642,"A",false,null,null,"P3M",{"$nulls":4},"S",null,null,3,null,"Value of Direct debits sent - from: Slovenia to: Rest of the World, All","Value of Direct debits sent - from: Slovenia to: Rest of the World, All","EUR",6]
["PDD.Q.SI.W1.2._T.DDS_ALL._T._Z.N.EUR","Q","SI","W1",2,"_T","DDS_ALL","_T","_Z","N","EUR","2023-Q2",30.12362699999999,"A",false,null,null,"P3M",{"$nulls":4},"S",null,null,3,null,"Value of Direct debits sent - from: Slovenia to: Rest of the World, All","Value of Direct debits sent - from: Slovenia to: Rest of the World, All","EUR",6]
["PDD.Q.SI.W1.2._T.DDS_ALL._T._Z.N.EUR","Q","SI","W1",2,"_T","DDS_ALL","_T","_Z","N","EUR","2023-Q3",30.280486,"A",false,null,null,"P3M",{"$nulls":4},"S",null,null,3,null,"Value of Direct debits sent - from: Slovenia to: Rest of the World, All","Value of Direct debits sent - from: Slovenia to: Rest of the World, All","EUR",6]
["PDD.Q.SI.W1.2._T.DDS_ALL._T._Z.N.EUR","Q","SI","W1",2,"_T","DDS_ALL","_T","_Z","N","EUR","2023-Q4",23.272836,"A",false,null,null,"P3M",{"$nulls":4},"S",null,null,3,null,"Value of Direct debits sent - from: Slovenia to: Rest of the World, All","Value of Direct debits sent - from: Slovenia to: Rest of the World, All","EUR",6]
["PDD.Q.SI.W1.2._T.DDS_ALL._T._Z.N.EUR","Q","SI","W1",2,"_T","DDS_ALL","_T","_Z","N","EUR","2024-Q1",24.90125500000001,"P",false,null,null,"P3M",{"$nulls":4},"S",null,null,3,null,"Value of Direct debits sent - from: Slovenia to: Rest of the World, All","Value of Direct debits sent - from: Slovenia to: Rest of the World, All","EUR",6]
["PDD.Q.SI.W1.2._T.DDS_ALL._T._Z.N.PN","Q","SI","W1",2,"_T","DDS_ALL","_T","_Z","N","PN","2022-Q1",0.06276000000000001,"A",false,null,null,"P3M",{"$nulls":4},"S",null,null,3,null,"Number of Direct debits sent - from: Slovenia to: Rest of the World, All","Number of Direct debits sent - from: Slovenia to: Rest of the World, All","PN",6]
["PDD.Q.SI.W1.2._T.DDS_ALL._T._Z.N.PN","Q","SI","W1",2,"_T","DDS_ALL","_T","_Z","N","PN","2022-Q2",0.055728,"A",false,null,null,"P3M",{"$nulls":4},"S",null,null,3,null,"Number of Direct debits sent - from: Slovenia to: Rest of the World, All","Number of Direct debits sent - from: Slovenia to: Rest of the World, All","PN",6]
["PDD.Q.SI.W1.2._T.DDS_ALL._T._Z.N.PN","Q","SI","W1",2,"_T","DDS_ALL","_T","_Z","N","PN","2022-Q3",0.056767,"A",false,null,null,"P3M",{"$nulls":4},"S",null,null,3,null,"Number of Direct debits sent - from: Slovenia to: Rest of the World, All","Number of Direct debits sent - from: Slovenia to: Rest of the World, All","PN",6]
["PDD.Q.SI.W1.2._T.DDS_ALL._T._Z.N.PN","Q","SI","W1",2,"_T","DDS_ALL","_T","_Z","N","PN","2022-Q4",0.05841,"A",false,null,null,"P3M",{"$nulls":4},"S",null,null,3,null,"Number of Direct debits sent - from: Slovenia to: Rest of the World, All","Number of Direct debits sent - from: Slovenia to: Rest of the World, All","PN",6]
["PDD.Q.SI.W1.2._T.DDS_ALL._T._Z.N.PN","Q","SI","W1",2,"_T","DDS_ALL","_T","_Z","N","PN","2023-Q1",0.060712,"A",false,null,null,"P3M",{"$nulls":4},"S",null,null,3,null,"Number of Direct debits sent - from: Slovenia to: Rest of the World, All","Number of Direct debits sent - from: Slovenia to: Rest of the World, All","PN",6]
["PDD.Q.SI.W1.2._T.DDS_ALL._T._Z.N.PN","Q","SI","W1",2,"_T","DDS_ALL","_T","_Z","N","PN","2023-Q2",0.062936,"A",false,null,null,"P3M",{"$nulls":4},"S",null,null,3,null,"Number of Direct debits sent - from: Slovenia to: Rest of the World, All","Number of Direct debits sent - from: Slovenia to: Rest of the World, All","PN",6]
["PDD.Q.SI.W1.2._T.DDS_ALL._T._Z.N.PN","Q","SI","W1",2,"_T","DDS_ALL","_T","_Z","N","PN","2023-Q3",0.06292,"A",false,null,null,"P3M",{"$nulls":4},"S",null,null,3,null,"Number of Direct debits sent - from: Slovenia to: Rest of the World, All","Number of Direct debits sent - from: Slovenia to: Rest of the World, All","PN",6]
["PDD.Q.SI.W1.2._T.DDS_ALL._T._Z.N.PN","Q","SI","W1",2,"_T","DDS_ALL","_T","_Z","N","PN","2023-Q4",0.05001800000000001,"A",false,null,null,"P3M",{"$nulls":4},"S",null,null,3,null,"Number of Direct debits sent - from: Slovenia to: Rest of the World, All","Number of Direct debits sent - from: Slovenia to: Rest of the World, All","PN",6]
["PDD.Q.SI.W1.2._T.DDS_ALL._T._Z.N.PN","Q","SI","W1",2,"_T","DDS_ALL","_T","_Z","N","PN","2024-Q1",0.06601900000000001,"P",false,null,null,"P3M",{"$nulls":4},"S",null,null,3,null,"Number of Direct debits sent - from: Slovenia to: Rest of the World, All","Number of Direct debits sent - from: Slovenia to: Rest of the World, All","PN",6]
["PDD.Q.SI.W2.2._T.DDS_ALL._T._Z.N.EUR","Q","SI","W2",2,"_T","DDS_ALL","_T","_Z","N","EUR","2022-Q1",908.398105,"A",false,null,null,"P3M",{"$nulls":4},"S",null,null,3,null,"Value of Direct debits sent - from: Slovenia to: Domestic (home or reference area), All","Value of Direct debits sent - from: Slovenia to: Domestic (home or reference area), All","EUR",6]
["PDD.Q.SI.W2.2._T.DDS_ALL._T._Z.N.EUR","Q","SI","W2",2,"_T","DDS_ALL","_T","_Z","N","EUR","2022-Q2",827.347797,"A",false,null,null,"P3M",{"$nulls":4},"S",null,null,3,null,"Value of Direct debits sent - from: Slovenia to: Domestic (home or reference area), All","Value of Direct debits sent - from: Slovenia to: Domestic (home or reference area), All","EUR",6]
["PDD.Q.SI.W2.2._T.DDS_ALL._T._Z.N.EUR","Q","SI","W2",2,"_T","DDS_ALL","_T","_Z","N","EUR","2022-Q3",860.048574,"A",false,null,null,"P3M",{"$nulls":4},"S",null,null,3,null,"Value of Direct debits sent - from: Slovenia to: Domestic (home or reference area), All","Value of Direct debits sent - from: Slovenia to: Domestic (home or reference area), All","EUR",6]
["PDD.Q.SI.W2.2._T.DDS_ALL._T._Z.N.EUR","Q","SI","W2",2,"_T","DDS_ALL","_T","_Z","N","EUR","2022-Q4",844.852711,"A",false,null,null,"P3M",{"$nulls":4},"S",null,null,3,null,"Value of Direct debits sent - from: Slovenia to: Domestic (home or reference area), All","Value of Direct debits sent - from: Slovenia to: Domestic (home or reference area), All","EUR",6]
["PDD.Q.SI.W2.2._T.DDS_ALL._T._Z.N.EUR","Q","SI","W2",2,"_T","DDS_ALL","_T","_Z","N","EUR","2023-Q1",888.030403,"A",false,null,null,"P3M",{"$nulls":4},"S",null,null,3,null,"Value of Direct debits sent - from: Slovenia to: Domestic (home or reference area), All","Value of Direct debits sent - from: Slovenia to: Domestic (home or reference area), All","EUR",6]
["PDD.Q.SI.W2.2._T.DDS_ALL._T._Z.N.EUR","Q","SI","W2",2,"_T","DDS_ALL","_T","_Z","N","EUR","2023-Q2",893.94327,"A",false,null,null,"P3M",{"$nulls":4},"S",null,null,3,null,"Value of Direct debits sent - from: Slovenia to: Domestic (home or reference area), All","Value of Direct debits sent - from: Slovenia to: Domestic (home or reference area), All","EUR",6]
["PDD.Q.SI.W2.2._T.DDS_ALL._T._Z.N.EUR","Q","SI","W2",2,"_T","DDS_ALL","_T","_Z","N","EUR","2023-Q3",894.649278,"A",false,null,null,"P3M",{"$nulls":4},"S",null,null,3,null,"Value of Direct debits sent - from: Slovenia to: Domestic (home or reference area), All","Value of Direct debits sent - from: Slovenia to: Domestic (home or reference area), All","EUR",6]
["PDD.Q.SI.W2.2._T.DDS_ALL._T._Z.N.EUR","Q","SI","W2",2,"_T","DDS_ALL","_T","_Z","N","EUR","2023-Q4",910.725754,"A",false,null,null,"P3M",{"$nulls":4},"S",null,null,3,null,"Value of Direct debits sent - from: Slovenia to: Domestic (home or reference area), All","Value of Direct debits sent - from: Slovenia to: Domestic (home or reference area), All","EUR",6]
["PDD.Q.SI.W2.2._T.DDS_ALL._T._Z.N.EUR","Q","SI","W2",2,"_T","DDS_ALL","_T","_Z","N","EUR","2024-Q1",882.862282,"P",false,null,null,"P3M",{"$nulls":4},"S",null,null,3,null,"Value of Direct debits sent - from: Slovenia to: Domestic (home or reference area), All","Value of Direct debits sent - from: Slovenia to: Domestic (home or reference area), All","EUR",6]
["PDD.Q.SI.W2.2._T.DDS_ALL._T._Z.N.PN","Q","SI","W2",2,"_T","DDS_ALL","_T","_Z","N","PN","2022-Q1",12.624468,"A",false,null,null,"P3M",{"$nulls":4},"S",null,null,3,null,"Number of Direct debits sent - from: Slovenia to: Domestic (home or reference area), All","Number of Direct debits sent - from: Slovenia to: Domestic (home or reference area), All","PN",6]
["PDD.Q.SI.W2.2._T.DDS_ALL._T._Z.N.PN","Q","SI","W2",2,"_T","DDS_ALL","_T","_Z","N","PN","2022-Q2",10.641803,"A",false,null,null,"P3M",{"$nulls":4},"S",null,null,3,null,"Number of Direct debits sent - from: Slovenia to: Domestic (home or reference area), All","Number of Direct debits sent - from: Slovenia to: Domestic (home or reference area), All","PN",6]
["PDD.Q.SI.W2.2._T.DDS_ALL._T._Z.N.PN","Q","SI","W2",2,"_T","DDS_ALL","_T","_Z","N","PN","2022-Q3",10.635206,"A",false,null,null,"P3M",{"$nulls":4},"S",null,null,3,null,"Number of Direct debits sent - from: Slovenia to: Domestic (home or reference area), All","Number of Direct debits sent - from: Slovenia to: Domestic (home or reference area), All","PN",6]
["PDD.Q.SI.W2.2._T.DDS_ALL._T._Z.N.PN","Q","SI","W2",2,"_T","DDS_ALL","_T","_Z","N","PN","2022-Q4",10.654975,"A",false,null,null,"P3M",{"$nulls":4},"S",null,null,3,null,"Number of Direct debits sent - from: Slovenia to: Domestic (home or reference area), All","Number of Direct debits sent - from: Slovenia to: Domestic (home or reference area), All","PN",6]
["PDD.Q.SI.W2.2._T.DDS_ALL._T._Z.N.PN","Q","SI","W2",2,"_T","DDS_ALL","_T","_Z","N","PN","2023-Q1",10.753591,"A",false,null,null,"P3M",{"$nulls":4},"S",null,null,3,null,"Number of Direct debits sent - from: Slovenia to: Domestic (home or reference area), All","Number of Direct debits sent - from: Slovenia to: Domestic (home or reference area), All","PN",6]
["PDD.Q.SI.W2.2._T.DDS_ALL._T._Z.N.PN","Q","SI","W2",2,"_T","DDS_ALL","_T","_Z","N","PN","2023-Q2",10.836602,"A",false,null,null,"P3M",{"$nulls":4},"S",null,null,3,null,"Number of Direct debits sent - from: Slovenia to: Domestic (home or reference area), All","Number of Direct debits sent - from: Slovenia to: Domestic (home or reference area), All","PN",6]
["PDD.Q.SI.W2.2._T.DDS_ALL._T._Z.N.PN","Q","SI","W2",2,"_T","DDS_ALL","_T","_Z","N","PN","2023-Q3",10.871655,"A",false,null,null,"P3M",{"$nulls":4},"S",null,null,3,null,"Number of Direct debits sent - from: Slovenia to: Domestic (home or reference area), All","Number of Direct debits sent - from: Slovenia to: Domestic (home or reference area), All","PN",6]
["PDD.Q.SI.W2.2._T.DDS_ALL._T._Z.N.PN","Q","SI","W2",2,"_T","DDS_ALL","_T","_Z","N","PN","2023-Q4",10.488605,"A",false,null,null,"P3M",{"$nulls":4},"S",null,null,3,null,"Number of Direct debits sent - from: Slovenia to: Domestic (home or reference area), All","Number of Direct debits sent - from: Slovenia to: Domestic (home or reference area), All","PN",6]
["PDD.Q.SI.W2.2._T.DDS_ALL._T._Z.N.PN","Q","SI","W2",2,"_T","DDS_ALL","_T","_Z","N","PN","2024-Q1",9.366251,"P",false,null,null,"P3M",{"$nulls":4},"S",null,null,3,null,"Number of Direct debits sent - from: Slovenia to: Domestic (home or reference area), All","Number of Direct debits sent - from: Slovenia to: Domestic (home or reference area), All","PN",6]
["PDD.Q.SK.G1.2._T.DDS_ALL._T._Z.N.EUR","Q","SK","G1",2,"_T","DDS_ALL","_T","_Z","N","EUR","2022-Q1",0.049888,"A",false,null,null,"P3M",{"$nulls":4},"S",null,null,3,null,"Value of Direct debits sent - from: Slovakia to: Extra EEA, All","Value of Direct debits sent - from: Slovakia to: Extra EEA, All","EUR",6]
["PDD.Q.SK.G1.2._T.DDS_ALL._T._Z.N.EUR","Q","SK","G1",2,"_T","DDS_ALL","_T","_Z","N","EUR","2022-Q2",0.050545,"A",false,null,null,"P3M",{"$nulls":4},"S",null,null,3,null,"Value of Direct debits sent - from: Slovakia to: Extra EEA, All","Value of Direct debits sent - from: Slovakia to: Extra EEA, All","EUR",6]
["PDD.Q.SK.G1.2._T.DDS_ALL._T._Z.N.EUR","Q","SK","G1",2,"_T","DDS_ALL","_T","_Z","N","EUR","2022-Q3",0.067802,"A",false,null,null,"P3M",{"$nulls":4},"S",null,null,3,null,"Value of Direct debits sent - from: Slovakia to: Extra EEA, All","Value of Direct debits sent - from: Slovakia to: Extra EEA, All","EUR",6]
["PDD.Q.SK.G1.2._T.DDS_ALL._T._Z.N.EUR","Q","SK","G1",2,"_T","DDS_ALL","_T","_Z","N","EUR","2022-Q4",16.819695,"A",false,null,null,"P3M",{"$nulls":4},"S",null,null,3,null,"Value of Direct debits sent - from: Slovakia to: Extra EEA, All","Value of Direct debits sent - from: Slovakia to: Extra EEA, All","EUR",6]
["PDD.Q.SK.G1.2._T.DDS_ALL._T._Z.N.EUR","Q","SK","G1",2,"_T","DDS_ALL","_T","_Z","N","EUR","2023-Q1",27.361681,"A",false,null,null,"P3M",{"$nulls":4},"S",null,null,3,null,"Value of Direct debits sent - from: Slovakia to: Extra EEA, All","Value of Direct debits sent - from: Slovakia to: Extra EEA, All","EUR",6]
["PDD.Q.SK.G1.2._T.DDS_ALL._T._Z.N.EUR","Q","SK","G1",2,"_T","DDS_ALL","_T","_Z","N","EUR","2023-Q2",0.460833,"A",false,null,null,"P3M",{"$nulls":4},"S",null,null,3,null,"Value of Direct debits sent - from: Slovakia to: Extra EEA, All","Value of Direct debits sent - from: Slovakia to: Extra EEA, All","EUR",6]
["PDD.Q.SK.G1.2._T.DDS_ALL._T._Z.N.EUR","Q","SK","G1",2,"_T","DDS_ALL","_T","_Z","N","EUR","2023-Q3",4.161354,"A",false,null,null,"P3M",{"$nulls":4},"S",null,null,3,null,"Value of Direct debits sent - from: Slovakia to: Extra EEA, All","Value of Direct debits sent - from: Slovakia to: Extra EEA, All","EUR",6]
["PDD.Q.SK.G1.2._T.DDS_ALL._T._Z.N.EUR","Q","SK","G1",2,"_T","DDS_ALL","_T","_Z","N","EUR","2023-Q4",0.6395489999999999,"A",false,null,null,"P3M",{"$nulls":4},"S",null,null,3,null,"Value of Direct debits sent - from: Slovakia to: Extra EEA, All","Value of Direct debits sent - from: Slovakia to: Extra EEA, All","EUR",6]
["PDD.Q.SK.G1.2._T.DDS_ALL._T._Z.N.EUR","Q","SK","G1",2,"_T","DDS_ALL","_T","_Z","N","EUR","2024-Q1",0.511644,"P",false,null,null,"P3M",{"$nulls":4},"S",null,null,3,null,"Value of Direct debits sent - from: Slovakia to: Extra EEA, All","Value of Direct debits sent - from: Slovakia to: Extra EEA, All","EUR",6]
["PDD.Q.SK.G1.2._T.DDS_ALL._T._Z.N.PN","Q","SK","G1",2,"_T","DDS_ALL","_T","_Z","N","PN","2022-Q1",0.001084,"A",false,null,null,"P3M",{"$nulls":4},"S",null,null,3,null,"Number of Direct debits sent - from: Slovakia to: Extra EEA, All","Number of Direct debits sent - from: Slovakia to: Extra EEA, All","PN",6]
["PDD.Q.SK.G1.2._T.DDS_ALL._T._Z.N.PN","Q","SK","G1",2,"_T","DDS_ALL","_T","_Z","N","PN","2022-Q2",0.000839,"A",false,null,null,"P3M",{"$nulls":4},"S",null,null,3,null,"Number of Direct debits sent - from: Slovakia to: Extra EEA, All","Number of Direct debits sent - from: Slovakia to: Extra EEA, All","PN",6]
["PDD.Q.SK.G1.2._T.DDS_ALL._T._Z.N.PN","Q","SK","G1",2,"_T","DDS_ALL","_T","_Z","N","PN","2022-Q3",0.003196,"A",false,null,null,"P3M",{"$nulls":4},"S",null,null,3,null,"Number of Direct debits sent - from: Slovakia to: Extra EEA, All","Number of Direct debits sent - from: Slovakia to: Extra EEA, All","PN",6]
["PDD.Q.SK.G1.2._T.DDS_ALL._T._Z.N.PN","Q","SK","G1",2,"_T","DDS_ALL","_T","_Z","N","PN","2022-Q4",0.00673,"A",false,null,null,"P3M",{"$nulls":4},"S",null,null,3,null,"Number of Direct debits sent - from: Slovakia to: Extra EEA, All","Number of Direct debits sent - from: Slovakia to: Extra EEA, All","PN",6]
["PDD.Q.SK.G1.2._T.DDS_ALL._T._Z.N.PN","Q","SK","G1",2,"_T","DDS_ALL","_T","_Z","N","PN","2023-Q1",0.006031999999999999,"A",false,null,null,"P3M",{"$nulls":4},"S",null,null,3,null,"Number of Direct debits sent - from: Slovakia to: Extra EEA, All","Number of Direct debits sent - from: Slovakia to: Extra EEA, All","PN",6]
["PDD.Q.SK.G1.2._T.DDS_ALL._T._Z.N.PN","Q","SK","G1",2,"_T","DDS_ALL","_T","_Z","N","PN","2023-Q2",0.005697000000000001,"A",false,null,null,"P3M",{"$nulls":4},"S",null,null,3,null,"Number of Direct debits sent - from: Slovakia to: Extra EEA, All","Number of Direct debits sent - from: Slovakia to: Extra EEA, All","PN",6]
["PDD.Q.SK.G1.2._T.DDS_ALL._T._Z.N.PN","Q","SK","G1",2,"_T","DDS_ALL","_T","_Z","N","PN","2023-Q3",0.005567,"A",false,null,null,"P3M",{"$nulls":4},"S",null,null,3,null,"Number of Direct debits sent - from: Slovakia to: Extra EEA, All","Number of Direct debits sent - from: Slovakia to: Extra EEA, All","PN",6]
["PDD.Q.SK.G1.2._T.DDS_ALL._T._Z.N.PN","Q","SK","G1",2,"_T","DDS_ALL","_T","_Z","N","PN","2023-Q4",0.00554,"A",false,null,null,"P3M",{"$nulls":4},"S",null,null,3,null,"Number of Direct debits sent - from: Slovakia to: Extra EEA, All","Number of Direct debits sent - from: Slovakia to: Extra EEA, All","PN",6]
["PDD.Q.SK.G1.2._T.DDS_ALL._T._Z.N.PN","Q","SK","G1",2,"_T","DDS_ALL","_T","_Z","N","PN","2024-Q1",0.005513,"P",false,null,null,"P3M",{"$nulls":4},"S",null,null,3,null,"Number of Direct debits sent - from: Slovakia to: Extra EEA, All","Number of Direct debits sent - from: Slovakia to: Extra EEA, All","PN",6]
["PDD.Q.SK.G3.2._T.DDS_ALL._T._Z.N.EUR","Q","SK","G3",2,"_T","DDS_ALL","_T","_Z","N","EUR","2022-Q1",30.40398000000001,"A",false,null,null,"P3M",{"$nulls":4},"S",null,null,3,null,"Value of Direct debits sent - from: Slovakia to: Other EEA countries, All","Value of Direct debits sent - from: Slovakia to: Other EEA countries, All","EUR",6]
["PDD.Q.SK.G3.2._T.DDS_ALL._T._Z.N.EUR","Q","SK","G3",2,"_T","DDS_ALL","_T","_Z","N","EUR","2022-Q2",37.01391100000001,"A",false,null,null,"P3M",{"$nulls":4},"S",null,null,3,null,"Value of Direct debits sent - from: Slovakia to: Other EEA countries, All","Value of Direct debits sent - from: Slovakia to: Other EEA countries, All","EUR",6]
["PDD.Q.SK.G3.2._T.DDS_ALL._T._Z.N.EUR","Q","SK","G3",2,"_T","DDS_ALL","_T","_Z","N","EUR","2022-Q3",37.440549,"A",false,null,null,"P3M",{"$nulls":4},"S",null,null,3,null,"Value of Direct debits sent - from: Slovakia to: Other EEA countries, All","Value of Direct debits sent - from: Slovakia to: Other EEA countries, All","EUR",6]
["PDD.Q.SK.G3.2._T.DDS_ALL._T._Z.N.EUR","Q","SK","G3",2,"_T","DDS_ALL","_T","_Z","N","EUR","2022-Q4",47.990767,"A",false,null,null,"P3M",{"$nulls":4},"S",null,null,3,null,"Value of Direct debits sent - from: Slovakia to: Other EEA countries, All","Value of Direct debits sent - from: Slovakia to: Other EEA countries, All","EUR",6]
["PDD.Q.SK.G3.2._T.DDS_ALL._T._Z.N.EUR","Q","SK","G3",2,"_T","DDS_ALL","_T","_Z","N","EUR","2023-Q1",85.01990699999998,"A",false,null,null,"P3M",{"$nulls":4},"S",null,null,3,null,"Value of Direct debits sent - from: Slovakia to: Other EEA countries, All","Value of Direct debits sent - from: Slovakia to: Other EEA countries, All","EUR",6]
["PDD.Q.SK.G3.2._T.DDS_ALL._T._Z.N.EUR","Q","SK","G3",2,"_T","DDS_ALL","_T","_Z","N","EUR","2023-Q2",81.699111,"A",false,null,null,"P3M",{"$nulls":4},"S",null,null,3,null,"Value of Direct debits sent - from: Slovakia to: Other EEA countries, All","Value of Direct debits sent - from: Slovakia to: Other EEA countries, All","EUR",6]
["PDD.Q.SK.G3.2._T.DDS_ALL._T._Z.N.EUR","Q","SK","G3",2,"_T","DDS_ALL","_T","_Z","N","EUR","2023-Q3",79.46348399999998,"A",false,null,null,"P3M",{"$nulls":4},"S",null,null,3,null,"Value of Direct debits sent - from: Slovakia to: Other EEA countries, All","Value of Direct debits sent - from: Slovakia to: Other EEA countries, All","EUR",6]
["PDD.Q.SK.G3.2._T.DDS_ALL._T._Z.N.EUR","Q","SK","G3",2,"_T","DDS_ALL","_T","_Z","N","EUR","2023-Q4",75.327149,"A",false,null,null,"P3M",{"$nulls":4},"S",null,null,3,null,"Value of Direct debits sent - from: Slovakia to: Other EEA countries, All","Value of Direct debits sent - from: Slovakia to: Other EEA countries, All","EUR",6]
["PDD.Q.SK.G3.2._T.DDS_ALL._T._Z.N.EUR","Q","SK","G3",2,"_T","DDS_ALL","_T","_Z","N","EUR","2024-Q1",83.929134,"P",false,null,null,"P3M",{"$nulls":4},"S",null,null,3,null,"Value of Direct debits sent - from: Slovakia to: Other EEA countries, All","Value of Direct debits sent - from: Slovakia to: Other EEA countries, All","EUR",6]
["PDD.Q.SK.G3.2._T.DDS_ALL._T._Z.N.PN","Q","SK","G3",2,"_T","DDS_ALL","_T","_Z","N","PN","2022-Q1",0.2163849999999999,"A",false,null,null,"P3M",{"$nulls":4},"S",null,null,3,null,"Number of Direct debits sent - from: Slovakia to: Other EEA countries, All","Number of Direct debits sent - from: Slovakia to: Other EEA countries, All","PN",6]
["PDD.Q.SK.G3.2._T.DDS_ALL._T._Z.N.PN","Q","SK","G3",2,"_T","DDS_ALL","_T","_Z","N","PN","2022-Q2",0.200164,"A",false,null,null,"P3M",{"$nulls":4},"S",null,null,3,null,"Number of Direct debits sent - from: Slovakia to: Other EEA countries, All","Number of Direct debits sent - from: Slovakia to: Other EEA countries, All","PN",6]
["PDD.Q.SK.G3.2._T.DDS_ALL._T._Z.N.PN","Q","SK","G3",2,"_T","DDS_ALL","_T","_Z","N","PN","2022-Q3",0.261882,"A",false,null,null,"P3M",{"$nulls":4},"S",null,null,3,null,"Number of Direct debits sent - from: Slovakia to: Other EEA countries, All","Number of Direct debits sent - from: Slovakia to: Other EEA countries, All","PN",6]
["PDD.Q.SK.G3.2._T.DDS_ALL._T._Z.N.PN","Q","SK","G3",2,"_T","DDS_ALL","_T","_Z","N","PN","2022-Q4",0.344312,"A",false,null,null,"P3M",{"$nulls":4},"S",null,null,3,null,"Number of Direct debits sent - from: Slovakia to: Other EEA countries, All","Number of Direct debits sent - from: Slovakia to: Other EEA countries, All","PN",6]
["PDD.Q.SK.G3.2._T.DDS_ALL._T._Z.N.PN","Q","SK","G3",2,"_T","DDS_ALL","_T","_Z","N","PN","2023-Q1",0.34793,"A",false,null,null,"P3M",{"$nulls":4},"S",null,null,3,null,"Number of Direct debits sent - from: Slovakia to: Other EEA countries, All","Number of Direct debits sent - from: Slovakia to: Other EEA countries, All","PN",6]
["PDD.Q.SK.G3.2._T.DDS_ALL._T._Z.N.PN","Q","SK","G3",2,"_T","DDS_ALL","_T","_Z","N","PN","2023-Q2",0.4077639999999998,"A",false,null,null,"P3M",{"$nulls":4},"S",null,null,3,null,"Number of Direct debits sent - from: Slovakia to: Other EEA countries, All","Number of Direct debits sent - from: Slovakia to: Other EEA countries, All","PN",6]
["PDD.Q.SK.G3.2._T.DDS_ALL._T._Z.N.PN","Q","SK","G3",2,"_T","DDS_ALL","_T","_Z","N","PN","2023-Q3",0.447865,"A",false,null,null,"P3M",{"$nulls":4},"S",null,null,3,null,"Number of Direct debits sent - from: Slovakia to: Other EEA countries, All","Number of Direct debits sent - from: Slovakia to: Other EEA countries, All","PN",6]
["PDD.Q.SK.G3.2._T.DDS_ALL._T._Z.N.PN","Q","SK","G3",2,"_T","DDS_ALL","_T","_Z","N","PN","2023-Q4",0.4586460000000001,"A",false,null,null,"P3M",{"$nulls":4},"S",null,null,3,null,"Number of Direct debits sent - from: Slovakia to: Other EEA countries, All","Number of Direct debits sent - from: Slovakia to: Other EEA countries, All","PN",6]
["PDD.Q.SK.G3.2._T.DDS_ALL._T._Z.N.PN","Q","SK","G3",2,"_T","DDS_ALL","_T","_Z","N","PN","2024-Q1",0.4495650000000001,"P",false,null,null,"P3M",{"$nulls":4},"S",null,null,3,null,"Number of Direct debits sent - from: Slovakia to: Other EEA countries, All","Number of Direct debits sent - from: Slovakia to: Other EEA countries, All","PN",6]
["PDD.Q.SK.W0.2._T.DDS_ALL._T._Z.N.EUR","Q","SK","W0",2,"_T","DDS_ALL","_T","_Z","N","EUR","2022-Q1",1206.234798,"A",false,null,null,"P3M",{"$nulls":4},"S",null,null,3,null,"Value of Direct debits sent - from: Slovakia to: World, All","Value of Direct debits sent - from: Slovakia to: World, All","EUR",6]
["PDD.Q.SK.W0.2._T.DDS_ALL._T._Z.N.EUR","Q","SK","W0",2,"_T","DDS_ALL","_T","_Z","N","EUR","2022-Q2",1249.693881,"A",false,null,null,"P3M",{"$nulls":4},"S",null,null,3,null,"Value of Direct debits sent - from: Slovakia to: World, All","Value of Direct debits sent - from: Slovakia to: World, All","EUR",6]
["PDD.Q.SK.W0.2._T.DDS_ALL._T._Z.N.EUR","Q","SK","W0",2,"_T","DDS_ALL","_T","_Z","N","EUR","2022-Q3",1582.62555,"A",false,null,null,"P3M",{"$nulls":4},"S",null,null,3,null,"Value of Direct debits sent - from: Slovakia to: World, All","Value of Direct debits sent - from: Slovakia to: World, All","EUR",6]
["PDD.Q.SK.W0.2._T.DDS_ALL._T._Z.N.EUR","Q","SK","W0",2,"_T","DDS_ALL","_T","_Z","N","EUR","2022-Q4",1313.445032,"A",false,null,null,"P3M",{"$nulls":4},"S",null,null,3,null,"Value of Direct debits sent - from: Slovakia to: World, All","Value of Direct debits sent - from: Slovakia to: World, All","EUR",6]
["PDD.Q.SK.W0.2._T.DDS_ALL._T._Z.N.EUR","Q","SK","W0",2,"_T","DDS_ALL","_T","_Z","N","EUR","2023-Q1",1196.330181,"A",false,null,null,"P3M",{"$nulls":4},"S",null,null,3,null,"Value of Direct debits sent - from: Slovakia to: World, All","Value of Direct debits sent - from: Slovakia to: World, All","EUR",6]
["PDD.Q.SK.W0.2._T.DDS_ALL._T._Z.N.EUR","Q","SK","W0",2,"_T","DDS_ALL","_T","_Z","N","EUR","2023-Q2",1033.574899,"A",false,null,null,"P3M",{"$nulls":4},"S",null,null,3,null,"Value of Direct debits sent - from: Slovakia to: World, All","Value of Direct debits sent - from: Slovakia to: World, All","EUR",6]
["PDD.Q.SK.W0.2._T.DDS_ALL._T._Z.N.EUR","Q","SK","W0",2,"_T","DDS_ALL","_T","_Z","N","EUR","2023-Q3",1054.393223,"A",false,null,null,"P3M",{"$nulls":4},"S",null,null,3,null,"Value of Direct debits sent - from: Slovakia to: World, All","Value of Direct debits sent - from: Slovakia to: World, All","EUR",6]
["PDD.Q.SK.W0.2._T.DDS_ALL._T._Z.N.EUR","Q","SK","W0",2,"_T","DDS_ALL","_T","_Z","N","EUR","2023-Q4",1166.545584,"A",false,null,null,"P3M",{"$nulls":4},"S",null,null,3,null,"Value of Direct debits sent - from: Slovakia to: World, All","Value of Direct debits sent - from: Slovakia to: World, All","EUR",6]
["PDD.Q.SK.W0.2._T.DDS_ALL._T._Z.N.EUR","Q","SK","W0",2,"_T","DDS_ALL","_T","_Z","N","EUR","2024-Q1",1057.03972,"P",false,null,null,"P3M",{"$nulls":4},"S",null,null,3,null,"Value of Direct debits sent - from: Slovakia to: World, All","Value of Direct debits sent - from: Slovakia to: World, All","EUR",6]
["PDD.Q.SK.W0.2._T.DDS_ALL._T._Z.N.PN","Q","SK","W0",2,"_T","DDS_ALL","_T","_Z","N","PN","2022-Q1",8.545553,"A",false,null,null,"P3M",{"$nulls":4},"S",null,null,3,null,"Number of Direct debits sent - from: Slovakia to: World, All","Number of Direct debits sent - from: Slovakia to: World, All","PN",6]
["PDD.Q.SK.W0.2._T.DDS_ALL._T._Z.N.PN","Q","SK","W0",2,"_T","DDS_ALL","_T","_Z","N","PN","2022-Q2",8.551984000000001,"A",false,null,null,"P3M",{"$nulls":4},"S",null,null,3,null,"Number of Direct debits sent - from: Slovakia to: World, All","Number of Direct debits sent - from: Slovakia to: World, All","PN",6]
["PDD.Q.SK.W0.2._T.DDS_ALL._T._Z.N.PN","Q","SK","W0",2,"_T","DDS_ALL","_T","_Z","N","PN","2022-Q3",8.239717,"A",false,null,null,"P3M",{"$nulls":4},"S",null,null,3,null,"Number of Direct debits sent - from: Slovakia to: World, All","Number of Direct debits sent - from: Slovakia to: World, All","PN",6]
["PDD.Q.SK.W0.2._T.DDS_ALL._T._Z.N.PN","Q","SK","W0",2,"_T","DDS_ALL","_T","_Z","N","PN","2022-Q4",8.355156,"A",false,null,null,"P3M",{"$nulls":4},"S",null,null,3,null,"Number of Direct debits sent - from: Slovakia to: World, All","Number of Direct debits sent - from: Slovakia to: World, All","PN",6]
["PDD.Q.SK.W0.2._T.DDS_ALL._T._Z.N.PN","Q","SK","W0",2,"_T","DDS_ALL","_T","_Z","N","PN","2023-Q1",8.302000999999999,"A",false,null,null,"P3M",{"$nulls":4},"S",null,null,3,null,"Number of Direct debits sent - from: Slovakia to: World, All","Number of Direct debits sent - from: Slovakia to: World, All","PN",6]
["PDD.Q.SK.W0.2._T.DDS_ALL._T._Z.N.PN","Q","SK","W0",2,"_T","DDS_ALL","_T","_Z","N","PN","2023-Q2",8.30139,"A",false,null,null,"P3M",{"$nulls":4},"S",null,null,3,null,"Number of Direct debits sent - from: Slovakia to: World, All","Number of Direct debits sent - from: Slovakia to: World, All","PN",6]
["PDD.Q.SK.W0.2._T.DDS_ALL._T._Z.N.PN","Q","SK","W0",2,"_T","DDS_ALL","_T","_Z","N","PN","2023-Q3",7.968487000000001,"A",false,null,null,"P3M",{"$nulls":4},"S",null,null,3,null,"Number of Direct debits sent - from: Slovakia to: World, All","Number of Direct debits sent - from: Slovakia to: World, All","PN",6]
["PDD.Q.SK.W0.2._T.DDS_ALL._T._Z.N.PN","Q","SK","W0",2,"_T","DDS_ALL","_T","_Z","N","PN","2023-Q4",8.062117,"A",false,null,null,"P3M",{"$nulls":4},"S",null,null,3,null,"Number of Direct debits sent - from: Slovakia to: World, All","Number of Direct debits sent - from: Slovakia to: World, All","PN",6]
["PDD.Q.SK.W0.2._T.DDS_ALL._T._Z.N.PN","Q","SK","W0",2,"_T","DDS_ALL","_T","_Z","N","PN","2024-Q1",7.951785,"P",false,null,null,"P3M",{"$nulls":4},"S",null,null,3,null,"Number of Direct debits sent - from: Slovakia to: World, All","Number of Direct debits sent - from: Slovakia to: World, All","PN",6]
["PDD.Q.SK.W1.2._T.DDS_ALL._T._Z.N.EUR","Q","SK","W1",2,"_T","DDS_ALL","_T","_Z","N","EUR","2022-Q1",30.45386800000001,"A",false,null,null,"P3M",{"$nulls":4},"S",null,null,3,null,"Value of Direct debits sent - from: Slovakia to: Rest of the World, All","Value of Direct debits sent - from: Slovakia to: Rest of the World, All","EUR",6]
["PDD.Q.SK.W1.2._T.DDS_ALL._T._Z.N.EUR","Q","SK","W1",2,"_T","DDS_ALL","_T","_Z","N","EUR","2022-Q2",37.06445600000001,"A",false,null,null,"P3M",{"$nulls":4},"S",null,null,3,null,"Value of Direct debits sent - from: Slovakia to: Rest of the World, All","Value of Direct debits sent - from: Slovakia to: Rest of the World, All","EUR",6]
["PDD.Q.SK.W1.2._T.DDS_ALL._T._Z.N.EUR","Q","SK","W1",2,"_T","DDS_ALL","_T","_Z","N","EUR","2022-Q3",37.508351,"A",false,null,null,"P3M",{"$nulls":4},"S",null,null,3,null,"Value of Direct debits sent - from: Slovakia to: Rest of the World, All","Value of Direct debits sent - from: Slovakia to: Rest of the World, All","EUR",6]
["PDD.Q.SK.W1.2._T.DDS_ALL._T._Z.N.EUR","Q","SK","W1",2,"_T","DDS_ALL","_T","_Z","N","EUR","2022-Q4",64.810462,"A",false,null,null,"P3M",{"$nulls":4},"S",null,null,3,null,"Value of Direct debits sent - from: Slovakia to: Rest of the World, All","Value of Direct debits sent - from: Slovakia to: Rest of the World, All","EUR",6]
["PDD.Q.SK.W1.2._T.DDS_ALL._T._Z.N.EUR","Q","SK","W1",2,"_T","DDS_ALL","_T","_Z","N","EUR","2023-Q1",112.381588,"A",false,null,null,"P3M",{"$nulls":4},"S",null,null,3,null,"Value of Direct debits sent - from: Slovakia to: Rest of the World, All","Value of Direct debits sent - from: Slovakia to: Rest of the World, All","EUR",6]
["PDD.Q.SK.W1.2._T.DDS_ALL._T._Z.N.EUR","Q","SK","W1",2,"_T","DDS_ALL","_T","_Z","N","EUR","2023-Q2",82.159944,"A",false,null,null,"P3M",{"$nulls":4},"S",null,null,3,null,"Value of Direct debits sent - from: Slovakia to: Rest of the World, All","Value of Direct debits sent - from: Slovakia to: Rest of the World, All","EUR",6]
["PDD.Q.SK.W1.2._T.DDS_ALL._T._Z.N.EUR","Q","SK","W1",2,"_T","DDS_ALL","_T","_Z","N","EUR","2023-Q3",83.62483799999998,"A",false,null,null,"P3M",{"$nulls":4},"S",null,null,3,null,"Value of Direct debits sent - from: Slovakia to: Rest of the World, All","Value of Direct debits sent - from: Slovakia to: Rest of the World, All","EUR",6]
["PDD.Q.SK.W1.2._T.DDS_ALL._T._Z.N.EUR","Q","SK","W1",2,"_T","DDS_ALL","_T","_Z","N","EUR","2023-Q4",75.96669800000001,"A",false,null,null,"P3M",{"$nulls":4},"S",null,null,3,null,"Value of Direct debits sent - from: Slovakia to: Rest of the World, All","Value of Direct debits sent - from: Slovakia to: Rest of the World, All","EUR",6]
["PDD.Q.SK.W1.2._T.DDS_ALL._T._Z.N.EUR","Q","SK","W1",2,"_T","DDS_ALL","_T","_Z","N","EUR","2024-Q1",84.44077800000001,"P",false,null,null,"P3M",{"$nulls":4},"S",null,null,3,null,"Value of Direct debits sent - from: Slovakia to: Rest of the World, All","Value of Direct debits sent - from: Slovakia to: Rest of the World, All","EUR",6]
["PDD.Q.SK.W1.2._T.DDS_ALL._T._Z.N.PN","Q","SK","W1",2,"_T","DDS_ALL","_T","_Z","N","PN","2022-Q1",0.2174689999999999,"A",false,null,null,"P3M",{"$nulls":4},"S",null,null,3,null,"Number of Direct debits sent - from: Slovakia to: Rest of the World, All","Number of Direct debits sent - from: Slovakia to: Rest of the World, All","PN",6]
["PDD.Q.SK.W1.2._T.DDS_ALL._T._Z.N.PN","Q","SK","W1",2,"_T","DDS_ALL","_T","_Z","N","PN","2022-Q2",0.201003,"A",false,null,null,"P3M",{"$nulls":4},"S",null,null,3,null,"Number of Direct debits sent - from: Slovakia to: Rest of the World, All","Number of Direct debits sent - from: Slovakia to: Rest of the World, All","PN",6]
["PDD.Q.SK.W1.2._T.DDS_ALL._T._Z.N.PN","Q","SK","W1",2,"_T","DDS_ALL","_T","_Z","N","PN","2022-Q3",0.265078,"A",false,null,null,"P3M",{"$nulls":4},"S",null,null,3,null,"Number of Direct debits sent - from: Slovakia to: Rest of the World, All","Number of Direct debits sent - from: Slovakia to: Rest of the World, All","PN",6]
["PDD.Q.SK.W1.2._T.DDS_ALL._T._Z.N.PN","Q","SK","W1",2,"_T","DDS_ALL","_T","_Z","N","PN","2022-Q4",0.351042,"A",false,null,null,"P3M",{"$nulls":4},"S",null,null,3,null,"Number of Direct debits sent - from: Slovakia to: Rest of the World, All","Number of Direct debits sent - from: Slovakia to: Rest of the World, All","PN",6]
["PDD.Q.SK.W1.2._T.DDS_ALL._T._Z.N.PN","Q","SK","W1",2,"_T","DDS_ALL","_T","_Z","N","PN","2023-Q1",0.353962,"A",false,null,null,"P3M",{"$nulls":4},"S",null,null,3,null,"Number of Direct debits sent - from: Slovakia to: Rest of the World, All","Number of Direct debits sent - from: Slovakia to: Rest of the World, All","PN",6]
["PDD.Q.SK.W1.2._T.DDS_ALL._T._Z.N.PN","Q","SK","W1",2,"_T","DDS_ALL","_T","_Z","N","PN","2023-Q2",0.4134609999999998,"A",false,null,null,"P3M",{"$nulls":4},"S",null,null,3,null,"Number of Direct debits sent - from: Slovakia to: Rest of the World, All","Number of Direct debits sent - from: Slovakia to: Rest of the World, All","PN",6]
["PDD.Q.SK.W1.2._T.DDS_ALL._T._Z.N.PN","Q","SK","W1",2,"_T","DDS_ALL","_T","_Z","N","PN","2023-Q3",0.4534319999999999,"A",false,null,null,"P3M",{"$nulls":4},"S",null,null,3,null,"Number of Direct debits sent - from: Slovakia to: Rest of the World, All","Number of Direct debits sent - from: Slovakia to: Rest of the World, All","PN",6]
["PDD.Q.SK.W1.2._T.DDS_ALL._T._Z.N.PN","Q","SK","W1",2,"_T","DDS_ALL","_T","_Z","N","PN","2023-Q4",0.464186,"A",false,null,null,"P3M",{"$nulls":4},"S",null,null,3,null,"Number of Direct debits sent - from: Slovakia to: Rest of the World, All","Number of Direct debits sent - from: Slovakia to: Rest of the World, All","PN",6]
["PDD.Q.SK.W1.2._T.DDS_ALL._T._Z.N.PN","Q","SK","W1",2,"_T","DDS_ALL","_T","_Z","N","PN","2024-Q1",0.4550780000000001,"P",false,null,null,"P3M",{"$nulls":4},"S",null,null,3,null,"Number of Direct debits sent - from: Slovakia to: Rest of the World, All","Number of Direct debits sent - from: Slovakia to: Rest of the World, All","PN",6]
["PDD.Q.SK.W2.2._T.DDS_ALL._T._Z.N.EUR","Q","SK","W2",2,"_T","DDS_ALL","_T","_Z","N","EUR","2022-Q1",1175.78093,"A",false,null,null,"P3M",{"$nulls":4},"S",null,null,3,null,"Value of Direct debits sent - from: Slovakia to: Domestic (home or reference area), All","Value of Direct debits sent - from: Slovakia to: Domestic (home or reference area), All","EUR",6]
["PDD.Q.SK.W2.2._T.DDS_ALL._T._Z.N.EUR","Q","SK","W2",2,"_T","DDS_ALL","_T","_Z","N","EUR","2022-Q2",1212.629425,"A",false,null,null,"P3M",{"$nulls":4},"S",null,null,3,null,"Value of Direct debits sent - from: Slovakia to: Domestic (home or reference area), All","Value of Direct debits sent - from: Slovakia to: Domestic (home or reference area), All","EUR",6]
["PDD.Q.SK.W2.2._T.DDS_ALL._T._Z.N.EUR","Q","SK","W2",2,"_T","DDS_ALL","_T","_Z","N","EUR","2022-Q3",1545.117199,"A",false,null,null,"P3M",{"$nulls":4},"S",null,null,3,null,"Value of Direct debits sent - from: Slovakia to: Domestic (home or reference area), All","Value of Direct debits sent - from: Slovakia to: Domestic (home or reference area), All","EUR",6]
["PDD.Q.SK.W2.2._T.DDS_ALL._T._Z.N.EUR","Q","SK","W2",2,"_T","DDS_ALL","_T","_Z","N","EUR","2022-Q4",1248.63457,"A",false,null,null,"P3M",{"$nulls":4},"S",null,null,3,null,"Value of Direct debits sent - from: Slovakia to: Domestic (home or reference area), All","Value of Direct debits sent - from: Slovakia to: Domestic (home or reference area), All","EUR",6]
["PDD.Q.SK.W2.2._T.DDS_ALL._T._Z.N.EUR","Q","SK","W2",2,"_T","DDS_ALL","_T","_Z","N","EUR","2023-Q1",1083.948593,"A",false,null,null,"P3M",{"$nulls":4},"S",null,null,3,null,"Value of Direct debits sent - from: Slovakia to: Domestic (home or reference area), All","Value of Direct debits sent - from: Slovakia to: Domestic (home or reference area), All","EUR",6]
["PDD.Q.SK.W2.2._T.DDS_ALL._T._Z.N.EUR","Q","SK","W2",2,"_T","DDS_ALL","_T","_Z","N","EUR","2023-Q2",951.414955,"A",false,null,null,"P3M",{"$nulls":4},"S",null,null,3,null,"Value of Direct debits sent - from: Slovakia to: Domestic (home or reference area), All","Value of Direct debits sent - from: Slovakia to: Domestic (home or reference area), All","EUR",6]
["PDD.Q.SK.W2.2._T.DDS_ALL._T._Z.N.EUR","Q","SK","W2",2,"_T","DDS_ALL","_T","_Z","N","EUR","2023-Q3",970.768385,"A",false,null,null,"P3M",{"$nulls":4},"S",null,null,3,null,"Value of Direct debits sent - from: Slovakia to: Domestic (home or reference area), All","Value of Direct debits sent - from: Slovakia to: Domestic (home or reference area), All","EUR",6]
["PDD.Q.SK.W2.2._T.DDS_ALL._T._Z.N.EUR","Q","SK","W2",2,"_T","DDS_ALL","_T","_Z","N","EUR","2023-Q4",1090.578886,"A",false,null,null,"P3M",{"$nulls":4},"S",null,null,3,null,"Value of Direct debits sent - from: Slovakia to: Domestic (home or reference area), All","Value of Direct debits sent - from: Slovakia to: Domestic (home or reference area), All","EUR",6]
["PDD.Q.SK.W2.2._T.DDS_ALL._T._Z.N.EUR","Q","SK","W2",2,"_T","DDS_ALL","_T","_Z","N","EUR","2024-Q1",972.598942,"P",false,null,null,"P3M",{"$nulls":4},"S",null,null,3,null,"Value of Direct debits sent - from: Slovakia to: Domestic (home or reference area), All","Value of Direct debits sent - from: Slovakia to: Domestic (home or reference area), All","EUR",6]
["PDD.Q.SK.W2.2._T.DDS_ALL._T._Z.N.PN","Q","SK","W2",2,"_T","DDS_ALL","_T","_Z","N","PN","2022-Q1",8.328084,"A",false,null,null,"P3M",{"$nulls":4},"S",null,null,3,null,"Number of Direct debits sent - from: Slovakia to: Domestic (home or reference area), All","Number of Direct debits sent - from: Slovakia to: Domestic (home or reference area), All","PN",6]
["PDD.Q.SK.W2.2._T.DDS_ALL._T._Z.N.PN","Q","SK","W2",2,"_T","DDS_ALL","_T","_Z","N","PN","2022-Q2",8.350981,"A",false,null,null,"P3M",{"$nulls":4},"S",null,null,3,null,"Number of Direct debits sent - from: Slovakia to: Domestic (home or reference area), All","Number of Direct debits sent - from: Slovakia to: Domestic (home or reference area), All","PN",6]
["PDD.Q.SK.W2.2._T.DDS_ALL._T._Z.N.PN","Q","SK","W2",2,"_T","DDS_ALL","_T","_Z","N","PN","2022-Q3",7.974639,"A",false,null,null,"P3M",{"$nulls":4},"S",null,null,3,null,"Number of Direct debits sent - from: Slovakia to: Domestic (home or reference area), All","Number of Direct debits sent - from: Slovakia to: Domestic (home or reference area), All","PN",6]
["PDD.Q.SK.W2.2._T.DDS_ALL._T._Z.N.PN","Q","SK","W2",2,"_T","DDS_ALL","_T","_Z","N","PN","2022-Q4",8.004114,"A",false,null,null,"P3M",{"$nulls":4},"S",null,null,3,null,"Number of Direct debits sent - from: Slovakia to: Domestic (home or reference area), All","Number of Direct debits sent - from: Slovakia to: Domestic (home or reference area), All","PN",6]
["PDD.Q.SK.W2.2._T.DDS_ALL._T._Z.N.PN","Q","SK","W2",2,"_T","DDS_ALL","_T","_Z","N","PN","2023-Q1",7.948039,"A",false,null,null,"P3M",{"$nulls":4},"S",null,null,3,null,"Number of Direct debits sent - from: Slovakia to: Domestic (home or reference area), All","Number of Direct debits sent - from: Slovakia to: Domestic (home or reference area), All","PN",6]
["PDD.Q.SK.W2.2._T.DDS_ALL._T._Z.N.PN","Q","SK","W2",2,"_T","DDS_ALL","_T","_Z","N","PN","2023-Q2",7.887929,"A",false,null,null,"P3M",{"$nulls":4},"S",null,null,3,null,"Number of Direct debits sent - from: Slovakia to: Domestic (home or reference area), All","Number of Direct debits sent - from: Slovakia to: Domestic (home or reference area), All","PN",6]
["PDD.Q.SK.W2.2._T.DDS_ALL._T._Z.N.PN","Q","SK","W2",2,"_T","DDS_ALL","_T","_Z","N","PN","2023-Q3",7.515055,"A",false,null,null,"P3M",{"$nulls":4},"S",null,null,3,null,"Number of Direct debits sent - from: Slovakia to: Domestic (home or reference area), All","Number of Direct debits sent - from: Slovakia to: Domestic (home or reference area), All","PN",6]
["PDD.Q.SK.W2.2._T.DDS_ALL._T._Z.N.PN","Q","SK","W2",2,"_T","DDS_ALL","_T","_Z","N","PN","2023-Q4",7.597931,"A",false,null,null,"P3M",{"$nulls":4},"S",null,null,3,null,"Number of Direct debits sent - from: Slovakia to: Domestic (home or reference area), All","Number of Direct debits sent - from: Slovakia to: Domestic (home or reference area), All","PN",6]
["PDD.Q.SK.W2.2._T.DDS_ALL._T._Z.N.PN","Q","SK","W2",2,"_T","DDS_ALL","_T","_Z","N","PN","2024-Q1",7.496707,"P",false,null,null,"P3M",{"$nulls":4},"S",null,null,3,null,"Number of Direct debits sent - from: Slovakia to: Domestic (home or reference area), All","Number of Direct debits sent - from: Slovakia to: Domestic (home or reference area), All","PN",6]
["PDD.Q.U2.W0.2._T.DDS_ALL._T._Z.N.EUR","Q","U2","W0",2,"_T","DDS_ALL","_T","_Z","N","EUR","2022-Q1",1987225.17504689,"A",false,null,null,"P3M",{"$nulls":4},"S",null,null,3,null,"Value of Direct debits sent - from: Euro area changing composition to: World, All","Value of Direct debits sent - from: Euro area changing composition to: World, All","EUR",6]
["PDD.Q.U2.W0.2._T.DDS_ALL._T._Z.N.EUR","Q","U2","W0",2,"_T","DDS_ALL","_T","_Z","N","EUR","2022-Q2",2056674.4397588,"A",false,null,null,"P3M",{"$nulls":4},"S",null,null,3,null,"Value of Direct debits sent - from: Euro area changing composition to: World, All","Value of Direct debits sent - from: Euro area changing composition to: World, All","EUR",6]
["PDD.Q.U2.W0.2._T.DDS_ALL._T._Z.N.EUR","Q","U2","W0",2,"_T","DDS_ALL","_T","_Z","N","EUR","2022-Q3",2187736.01238806,"A",false,null,null,"P3M",{"$nulls":4},"S",null,null,3,null,"Value of Direct debits sent - from: Euro area changing composition to: World, All","Value of Direct debits sent - from: Euro area changing composition to: World, All","EUR",6]
["PDD.Q.U2.W0.2._T.DDS_ALL._T._Z.N.EUR","Q","U2","W0",2,"_T","DDS_ALL","_T","_Z","N","EUR","2022-Q4",2321703.087615231,"A",false,null,null,"P3M",{"$nulls":4},"S",null,null,3,null,"Value of Direct debits sent - from: Euro area changing composition to: World, All","Value of Direct debits sent - from: Euro area changing composition to: World, All","EUR",6]
["PDD.Q.U2.W0.2._T.DDS_ALL._T._Z.N.EUR","Q","U2","W0",2,"_T","DDS_ALL","_T","_Z","N","EUR","2023-Q1",2504717.7970609,"A",false,null,null,"P3M",{"$nulls":4},"S",null,null,3,null,"Value of Direct debits sent - from: Euro area changing composition to: World, All","Value of Direct debits sent - from: Euro area changing composition to: World, All","EUR",6]
["PDD.Q.U2.W0.2._T.DDS_ALL._T._Z.N.EUR","Q","U2","W0",2,"_T","DDS_ALL","_T","_Z","N","EUR","2023-Q2",2526150.864740731,"A",false,null,null,"P3M",{"$nulls":4},"S",null,null,3,null,"Value of Direct debits sent - from: Euro area changing composition to: World, All","Value of Direct debits sent - from: Euro area changing composition to: World, All","EUR",6]
["PDD.Q.U2.W0.2._T.DDS_ALL._T._Z.N.EUR","Q","U2","W0",2,"_T","DDS_ALL","_T","_Z","N","EUR","2023-Q3",2415739.895281689,"A",false,null,null,"P3M",{"$nulls":4},"S",null,null,3,null,"Value of Direct debits sent - from: Euro area changing composition to: World, All","Value of Direct debits sent - from: Euro area changing composition to: World, All","EUR",6]
["PDD.Q.U2.W0.2._T.DDS_ALL._T._Z.N.EUR","Q","U2","W0",2,"_T","DDS_ALL","_T","_Z","N","EUR","2023-Q4",2628836.27681591,"A",false,null,null,"P3M",{"$nulls":4},"S",null,null,3,null,"Value of Direct debits sent - from: Euro area changing composition to: World, All","Value of Direct debits sent - from: Euro area changing composition to: World, All","EUR",6]
["PDD.Q.U2.W0.2._T.DDS_ALL._T._Z.N.EUR","Q","U2","W0",2,"_T","DDS_ALL","_T","_Z","N","EUR","2024-Q1",2599974.84435187,"P",false,null,null,"P3M",{"$nulls":4},"S",null,null,3,null,"Value of Direct debits sent - from: Euro area changing composition to: World, All","Value of Direct debits sent - from: Euro area changing composition to: World, All","EUR",6]
["PDD.Q.U2.W0.2._T.DDS_ALL._T._Z.N.PN","Q","U2","W0",2,"_T","DDS_ALL","_T","_Z","N","PN","2022-Q1",5458.040199999999,"A",false,null,null,"P3M",{"$nulls":4},"S",null,null,3,null,"Number of Direct debits sent - from: Euro area changing composition to: World, All","Number of Direct debits sent - from: Euro area changing composition to: World, All","PN",6]
["PDD.Q.U2.W0.2._T.DDS_ALL._T._Z.N.PN","Q","U2","W0",2,"_T","DDS_ALL","_T","_Z","N","PN","2022-Q2",5672.067413000001,"A",false,null,null,"P3M",{"$nulls":4},"S",null,null,3,null,"Number of Direct debits sent - from: Euro area changing composition to: World, All","Number of Direct debits sent - from: Euro area changing composition to: World, All","PN",6]
["PDD.Q.U2.W0.2._T.DDS_ALL._T._Z.N.PN","Q","U2","W0",2,"_T","DDS_ALL","_T","_Z","N","PN","2022-Q3",5661.537407,"A",false,null,null,"P3M",{"$nulls":4},"S",null,null,3,null,"Number of Direct debits sent - from: Euro area changing composition to: World, All","Number of Direct debits sent - from: Euro area changing composition to: World, All","PN",6]
["PDD.Q.U2.W0.2._T.DDS_ALL._T._Z.N.PN","Q","U2","W0",2,"_T","DDS_ALL","_T","_Z","N","PN","2022-Q4",5615.816621999999,"A",false,null,null,"P3M",{"$nulls":4},"S",null,null,3,null,"Number of Direct debits sent - from: Euro area changing composition to: World, All","Number of Direct debits sent - from: Euro area changing composition to: World, All","PN",6]
["PDD.Q.U2.W0.2._T.DDS_ALL._T._Z.N.PN","Q","U2","W0",2,"_T","DDS_ALL","_T","_Z","N","PN","2023-Q1",5368.894929999999,"A",false,null,null,"P3M",{"$nulls":4},"S",null,null,3,null,"Number of Direct debits sent - from: Euro area changing composition to: World, All","Number of Direct debits sent - from: Euro area changing composition to: World, All","PN",6]
["PDD.Q.U2.W0.2._T.DDS_ALL._T._Z.N.PN","Q","U2","W0",2,"_T","DDS_ALL","_T","_Z","N","PN","2023-Q2",5352.250816999999,"A",false,null,null,"P3M",{"$nulls":4},"S",null,null,3,null,"Number of Direct debits sent - from: Euro area changing composition to: World, All","Number of Direct debits sent - from: Euro area changing composition to: World, All","PN",6]
["PDD.Q.U2.W0.2._T.DDS_ALL._T._Z.N.PN","Q","U2","W0",2,"_T","DDS_ALL","_T","_Z","N","PN","2023-Q3",5344.54576,"A",false,null,null,"P3M",{"$nulls":4},"S",null,null,3,null,"Number of Direct debits sent - from: Euro area changing composition to: World, All","Number of Direct debits sent - from: Euro area changing composition to: World, All","PN",6]
["PDD.Q.U2.W0.2._T.DDS_ALL._T._Z.N.PN","Q","U2","W0",2,"_T","DDS_ALL","_T","_Z","N","PN","2023-Q4",5537.359080000002,"A",false,null,null,"P3M",{"$nulls":4},"S",null,null,3,null,"Number of Direct debits sent - from: Euro area changing composition to: World, All","Number of Direct debits sent - from: Euro area changing composition to: World, All","PN",6]
["PDD.Q.U2.W0.2._T.DDS_ALL._T._Z.N.PN","Q","U2","W0",2,"_T","DDS_ALL","_T","_Z","N","PN","2024-Q1",5416.363361000002,"P",false,null,null,"P3M",{"$nulls":4},"S",null,null,3,null,"Number of Direct debits sent - from: Euro area changing composition to: World, All","Number of Direct debits sent - from: Euro area changing composition to: World, All","PN",6]